{"text_format":"3","workbook":"xls","n_sheets":5,"sheets":["目录","1.1粮油","1.2调味品","1.3调味副食","8月份采购明细"],"not_rendered":{"external_links":2,"defined_names":9},"read":"whole","date_system":"1900","formulas":"cached_only"}

{"sheet":"目录","index":0,"n_rows":8,"n_cols":3,"rows_kept":8,"merged":[[0,0,0,2],[7,0,7,2]],"flags":["formulas_cached_only"]}
["国展宴会中心食材采购项目清单报价汇总表（一标段）"]
["序号","品类","全部综合单价合计（元）"]
[1,"粮油"]
[2,"调味品"]
[3,"调味品副食"]
[null,"总计"]
[]
["注：1）综合单价包含（但不限于）：货物价格、包装费、运输费、上下货力资费、保险费、售后服务费、管理费、规费、利润、市场风险、不可预见费及有关的为完成本采购项目发生的所有费用、不可预见费及其他一切相关费用等（不含税金）。各类风险和政策性调整等风险已包括在结算价中，最终结算时除双方另行约定外，综合单价不作调整，数量按实结算。\n2）每种产品均需报价，且不得为0，不得超过单价限价。\n\n\n                                                                                                 投标人（盖章）：\n                                                                                                       年        月      日 "]

{"sheet":"1.1粮油","index":1,"n_rows":57,"n_cols":6,"rows_kept":57,"merged":[[0,0,0,5]],"flags":["formulas_cached_only"]}
["粮油类清单报价表"]
["序号","存货名称","规格型号","单位","除税综合单价（元）","除税单价限价（元）"]
[1,"白芝麻"," ","斤",null,{"v":13.6,"d":"13.60"}]
[2,"糙米"," ","斤",null,{"v":3.2,"d":"3.20"}]
[3,"大花生米","一级品","斤",null,{"v":8.8,"d":"8.80"}]
[4,"大黄米"," ","斤",null,{"v":6.4,"d":"6.40"}]
[5,"大麦糁子"," ","斤",null,{"v":2.8,"d":"2.80"}]
[6,"高粱米"," ","斤",null,{"v":5.2,"d":"5.20"}]
[7,"黑豆"," ","斤",null,{"v":7.6,"d":"7.60"}]
[8,"黑米"," ","斤",null,{"v":5.3,"d":"5.30"}]
[9,"黑芝麻"," ","斤",null,{"v":13.8,"d":"13.80"}]
[10,"红豆"," ","斤",null,{"v":9.5,"d":"9.50"}]
[11,"红皮花生米（小）"," ","斤",null,{"v":8.8,"d":"8.80"}]
[12,"糯米"," ","斤",null,{"v":3.7,"d":"3.70"}]
[13,"去皮花生米"," ","斤",null,{"v":9.5,"d":"9.50"}]
[14,"射阳大米","25kg","袋",null,{"v":133.1,"d":"133.10"}]
[15,"五彩花生米","1斤","袋",null,{"v":18.7,"d":"18.70"}]
[16,"香米","10斤/袋","袋",null,{"v":107.8,"d":"107.80"}]
[17,"小米"," ","斤",null,{"v":4.8,"d":"4.80"}]
[18,"蟹香园大米","25kg","袋",null,{"v":140.8,"d":"140.80"}]
[19,"血糯米"," ","斤",null,{"v":5.4,"d":"5.40"}]
[20,"燕麦片"," ","斤",null,{"v":4.6,"d":"4.60"}]
[21,"燕麦仁"," ","斤",null,{"v":4.6,"d":"4.60"}]
[22,"薏米仁"," ","斤",null,{"v":16,"d":"16.00"}]
[23,"玉米糁子"," ","斤",null,{"v":3.2,"d":"3.20"}]
[24,"白鹤澄粉","1*40*450g","袋",null,{"v":6.6,"d":"6.60"}]
[25,"嘉禾中筋粉","50斤/袋","袋",null,{"v":138.6,"d":"138.60"}]
[26,"金像高筋粉（B）","22.7KG","袋",null,{"v":164.5,"d":"164.50"}]
[27,"糯米粉（三象）","1*20包","袋",null,{"v":8.7,"d":"8.70"}]
[28,"五得利面粉10斤","10斤","袋",null,{"v":32.8,"d":"32.80"}]
[29,"五得利面粉920","25kg","袋",null,{"v":123,"d":"123.00"}]
[30,"玉米粉"," ","斤",null,{"v":3,"d":"3.00"}]
[31,"芝麻粉"," ","斤",null,{"v":30.3,"d":"30.30"}]
[32,"菜籽油"," ","斤",null,{"v":9.8,"d":"9.80"}]
[33,"纯豆油"," ","斤",null,{"v":13.5,"d":"13.50"}]
[34,"优质菜油"," ","斤",null,{"v":13.2,"d":"13.20"}]
[35,"玉米胚芽油","5L","瓶",null,{"v":98.5,"d":"98.50"}]
[36,"绿豆",null,"斤",null,{"v":5.8,"d":"5.80"}]
[37,"美玫粉","22.7kg","袋",null,{"v":156.8,"d":"156.80"}]
[38,"优质豆油",null,"斤",null,{"v":17.6,"d":"17.60"}]
[39,"黑芝麻粉",null,"斤",null,{"v":30.3,"d":"30.30"}]
[40,"荞面饸饹",null,"斤",null,{"v":11.2,"d":"11.20"}]
[41,"紫米粉",null,"斤",null,{"v":8.4,"d":"8.40"}]
[42,"麦片",null,"斤",null,{"v":3.1,"d":"3.10"}]
[43,"黄豆",null,"斤",null,{"v":5.3,"d":"5.30"}]
[44,"金龙鱼麻油","400ml","瓶",null,{"v":24,"d":"24.00"}]
[45,"黄豆油",null,"斤",null,{"v":9.7,"d":"9.70"}]
[46,"去皮绿豆",null,"斤",null,{"v":8.8,"d":"8.80"}]
[47,"麦仁",null,"斤",null,{"v":2.7,"d":"2.70"}]
[48,"黄豆粉",null,"斤",null,{"v":6.4,"d":"6.40"}]
[49,"红米",null,"斤",null,{"v":6.6,"d":"6.60"}]
[50,"沁雪糯米粉","1kg","袋",null,{"v":8.8,"d":"8.80"}]
[51,"三象粘米粉","500g","袋",null,{"v":7.5,"d":"7.50"}]
[52,"葵花籽仁",null,"斤",null,{"v":9.4,"d":"9.40"}]
[53,"挂面","500g","卷",null,{"v":3.2,"d":"3.20"}]
[54,"干豌豆仁",null,"斤",null,{"v":7.5,"d":"7.50"}]
[null,"合计"]

{"sheet":"1.2调味品","index":2,"n_rows":56,"n_cols":6,"rows_kept":56,"merged":[[0,0,0,5]],"flags":["formulas_cached_only"]}
["调味品类清单报价表"]
["序号","存货名称","规格型号","单位","除税综合单价（元）","除税单价限价（元）"]
[1,"三和四美什锦菜","1*20*375g","瓶",null,{"v":7.7,"d":"7.70"}]
[2,"四美乳黄瓜","1*20*375g","瓶",null,{"v":9.6,"d":"9.60"}]
[3,"海天海鲜酱","7kg","瓶",null,{"v":9.6,"d":"9.60"}]
[4,"海天蚝油6KG","6KG","桶",null,{"v":42.3,"d":"42.30"}]
[5,"海天黄豆酱","800g","瓶",null,{"v":13.8,"d":"13.80"}]
[6,"海天金标生抽","1*6*1.9L","壶",null,{"v":20.4,"d":"20.40"}]
[7,"恒顺白醋","500ml","瓶",null,{"v":3.9,"d":"3.90"}]
[8,"恒顺香醋","500ml","瓶",null,{"v":8.3,"d":"8.30"}]
[9,"家乐海皇爆炒酱","500g","瓶",null,{"v":51.7,"d":"51.70"}]
[10,"家乐鸡精","1*10*900g","袋",null,{"v":24.2,"d":"24.20"}]
[11,"家乐鸡汁","1*6*1kg","瓶",null,{"v":66,"d":"66.00"}]
[12,"李锦记草菇老抽","1.75L","瓶",null,{"v":21.5,"d":"21.50"}]
[13,"李锦记豉油鸡汁","410ml","瓶",null,{"v":12.3,"d":"12.30"}]
[14,"香糟卤（鼎丰）","1*12*450ml","瓶",null,{"v":6.4,"d":"6.40"}]
[15,"蒸鱼豉油","1*12*410ml","瓶",null,{"v":11.7,"d":"11.70"}]
[16,"辣鲜露","1*6*400","瓶",null,{"v":18.2,"d":"18.20"}]
[17,"南乳汁（鼎丰）","1*12*560g","瓶",null,{"v":9.6,"d":"9.60"}]
[18,"家乐鸡粉","1*12*1000g","听",null,{"v":55,"d":"55.00"}]
[19,"三和四美糖醋蒜","1*20*375g","瓶",null,{"v":9.7,"d":"9.70"}]
[20,"海天海鲜酱7kg","7kg","桶",null,{"v":77,"d":"77.00"}]
[21,"李锦记蒜蓉辣椒酱226G/瓶","1*12*226g","瓶",null,{"v":16,"d":"16.00"}]
[22,"家乐牛肉汁","480g","瓶",null,{"v":46.5,"d":"46.50"}]
[23,"李锦记xo酱","80g","瓶",null,{"v":40.6,"d":"40.60"}]
[24,"三和四美香菜心","1*20*375g","瓶",null,{"v":8.6,"d":"8.60"}]
[25,"家乐干锅酱","500g","瓶",null,{"v":39.2,"d":"39.20"}]
[26,"李锦记卤水汁","410ml","瓶",null,{"v":11.3,"d":"11.30"}]
[27,"李锦记排骨酱","240g","瓶",null,{"v":16,"d":"16.00"}]
[28,"财神蚝油","1*12*907ml","瓶",null,{"v":17.3,"d":"17.30"}]
[29,"家乐黑椒汁（2.3KG）","1*6*2.3kg","瓶",null,{"v":41.8,"d":"41.80"}]
[30,"李锦记柱候酱","1*12*240g","瓶",null,{"v":15,"d":"15.00"}]
[31,"家乐酸辣鲜露","468g","瓶",null,{"v":22.6,"d":"22.60"}]
[32,"家乐瑶柱汁","480ml","瓶",null,{"v":48,"d":"48.00"}]
[33,"海天酱油","1.6L","瓶",null,{"v":24.2,"d":"24.20"}]
[34,"李锦记财神蚝油","510g","瓶",null,{"v":13.3,"d":"13.30"}]
[35,"海天黄豆酱6KG","6kg","桶",null,{"v":69.4,"d":"69.40"}]
[36,"李锦记蒸鱼豉油","1.9L","桶",null,{"v":38.3,"d":"38.30"}]
[37,"家乐黄汁粉","800g","听",null,{"v":71.5,"d":"71.50"}]
[38,"李锦记海鲜酱","240g","瓶",null,{"v":18.5,"d":"18.50"}]
[39,"三和辣油香菜丝","375g","瓶",null,{"v":16,"d":"16.00"}]
[40,"古越龙山3年","600ml/12瓶/箱","箱",null,111.65]
[41,"李锦记生抽小瓶","500ml/12瓶/箱","箱",null,145]
[42,"恒顺镇江香醋","500ml/12瓶/箱","箱",null,85]
[43,"美极上汤鸡汁调味料","1kg/6瓶","箱",null,350]
[44,"孜然粉",null,"斤",null,29]
[45,"辣椒面",null,"斤",null,14.56]
[46,"麦芽糖","100g","瓶",null,2.91]
[47,"干花椒",null,"斤",null,93.2]
[48,"淮盐","500g/40袋/箱","箱",null,126.21]
[49,"生粉",null,"斤",null,6.4]
[50,"油辣子","400g","罐",null,21.35]
[51,"老兵剁椒","1kg","瓶",null,6.8]
[52,"晶翔椒汁王","2500g","袋",null,111.65]
[53,"秋葵干","30g","袋",null,7.76]
[null,"合计"]

{"sheet":"1.3调味副食","index":3,"n_rows":642,"n_cols":6,"rows_kept":642,"merged":[[0,0,0,5]],"flags":["formulas_cached_only"]}
["调味品副食类清单报价表"]
["序号","存货名称","规格型号","单位","除税综合单价（元）","除税单价限价（元）"]
[1,"001号米","30斤/袋","斤",null,{"v":13,"d":"13.00"}]
[2,"红曲米","散装","斤",null,{"v":8,"d":"8.00"}]
[3,"安井芝麻大汤圆","500g","袋",null,6.79]
[4,"多彩芋圆","400g","袋",null,19.41]
[5,"风味粉丝（素鱼翅）","400g","袋",null,{"v":90,"d":"90.00"}]
[6,"红糖发糕","350g","袋",null,{"v":7,"d":"7.00"}]
[7,"花蝶茶馓","200g","袋",null,{"v":9.7,"d":"9.70"}]
[8,"黄桥烧饼"," ","个",null,0.67]
[9,"家乐氏玉米片","420g","盒",null,31.09]
[10,"宽粉条",null,"斤",null,7.76]
[11,"榴莲酥","1050g","袋",null,34.95]
[12,"米线"," ","斤",null,7.28]
[13,"蜜果脆圈圈","250g","盒",null,27.91]
[14,"南翔春卷皮","200g","袋",null,3.88]
[15,"葡萄麦维","285g","盒",null,29.12]
[16,"散称年糕"," ","斤",null,{"v":4.5,"d":"4.50"}]
[17,"山芋粉丝"," ","斤",null,7.76]
[18,"生粉","2.5kg","袋",null,32.03]
[19,"手工春卷皮"," ","斤",null,5.23]
[20,"手指年糕"," ","斤",null,{"v":6,"d":"6.00"}]
[21,"双塔龙口粉丝","500g","袋",null,{"v":12.5,"d":"12.50"}]
[22,"优质山芋粉丝"," ","斤",null,7.76]
[23,"安井地瓜丸","420g/20个","袋",null,{"v":6.6,"d":"6.60"}]
[24,"藕粉圆（再华）","468g","袋",null,{"v":19,"d":"19.00"}]
[25,"春卷皮","500g","袋",null,19.41]
[26,"玉米锅巴","625g","袋",null,{"v":28,"d":"28.00"}]
[27,"茶馓"," ","斤",null,{"v":9.7,"d":"9.70"}]
[28,"虾饼","300g","袋",null,{"v":9.7,"d":"9.70"}]
[29,"思念油条","800g","袋",null,16.01]
[30,"葡式蛋挞皮（金万莱）"," ","个",null,0.67]
[31,"紫薯包","800g","袋",null,13.98]
[32,"淮扬米糕","2500g","袋",null,{"v":47.6,"d":"47.60"}]
[33,"莉科手指饼干","200g","袋",null,{"v":15.8,"d":"15.80"}]
[34,"思念葱香味手抓饼","900g","袋",null,19.49]
[35,"朱大师脆皮米糕","340g","袋",null,10.67]
[36,"脆皮香蕉","300g","袋",null,7.85]
[37,"燕香薯仔包","350g","袋",null,14.56]
[38,"麻球","2.25kg","袋",null,29.12]
[39,"鲜手指年糕"," ","斤",null,{"v":5,"d":"5.00"}]
[40,"桂花糕","300g","袋",null,{"v":7.5,"d":"7.50"}]
[41,"葱香饼","420g","袋",null,11.65]
[42,"小鱼饼"," ","个",null,0.67]
[43,"春卷","240g/12只","袋",null,6.79]
[44,"蝴蝶茶馓","12盒/箱","盒",null,{"v":9.7,"d":"9.70"}]
[45,"速冻叉烧酥","960g","袋",null,34.95]
[46,"九千毛肚",null,"斤",null,{"v":28.8,"d":"28.80"}]
[47,"培根"," ","斤",null,28.88]
[48,"安井亲亲肠","2.5kg","袋",null,61.16]
[49,"安井香菇贡丸","2.5kg","袋",null,{"v":65,"d":"65.00"}]
[50,"百倍德培根"," ","斤",null,28.87]
[51,"包心贡丸","2.5kg","袋",null,{"v":65,"d":"65.00"}]
[52,"脆口条","300g","袋",null,16.99]
[53,"大方腿","420g","个",null,29.12]
[54,"刀板香咸肉"," ","斤",null,{"v":40,"d":"40.00"}]
[55,"夫妻肺片","250g","袋",null,{"v":17.6,"d":"17.60"}]
[56,"广东皮肚"," ","斤",null,{"v":86.4,"d":"86.40"}]
[57,"好干肉皮"," ","斤",null,48.54]
[58,"皇上皇腊肠","400g","袋",null,{"v":30,"d":"30.00"}]
[59,"皇上皇腊肉","500g","袋",null,{"v":59,"d":"59.00"}]
[60,"鸡肉早餐肠"," ","斤",null,26.69]
[61,"腊肠","400g","袋",null,27.18]
[62,"腊肉"," ","斤",null,45.63]
[63,"梅菜扣肉","500g","袋",null,{"v":32,"d":"32.00"}]
[64,"名声肉松","5斤","袋",null,82.52]
[65,"牛肉丸（冻品）"," ","斤",null,12.23]
[66,"牛肉早餐肠"," ","斤",null,26.69]
[67,"肉面筋（面筋塞肉）"," ","斤",null,12.16]
[68,"爽口腰花","240g","袋",null,13.39]
[69,"蒜香骨","500g","袋",null,31.08]
[70,"甜不辣","2.5kg","袋",null,58.25]
[71,"王奶奶香肠"," ","斤",null,{"v":58,"d":"58.00"}]
[72,"香菇贡丸"," ","斤",null,67.95]
[73,"香蜜鹅肝","400g","袋",null,11.65]
[74,"小酥肉","1kg","袋",null,{"v":23.3,"d":"23.30"}]
[75,"肴肉","240g","袋",null,17.47]
[76,"雨润方腿(小)","250g/块","块",null,3.88]
[77,"蛋黄鸭卷","300g","袋",null,12.13]
[78,"无骨咸猪头",null,"个",null,{"v":133,"d":"133.00"}]
[79,"有骨咸猪头",null,"个",null,{"v":133,"d":"133.00"}]
[80,"花胶猪肚鸡","1750g","袋",null,{"v":70.9,"d":"70.90"}]
[81,"精品鹅肝（王）"," ","斤",null,{"v":152,"d":"152.00"}]
[82,"凤鹅"," ","斤",null,{"v":18.7,"d":"18.70"}]
[83,"黑椒鸡块","1kg","袋",null,{"v":30,"d":"30.00"}]
[84,"华仔台湾鸡排","1kg","袋",null,29.12]
[85,"鸡米花（王）"," ","斤",null,14.07]
[86,"酱鸭（小来大）"," ","只",null,{"v":27.5,"d":"27.50"}]
[87,"泡椒凤爪","2斤/袋","袋",null,33.98]
[88,"烟熏鸭胸","200g","袋",null,{"v":7,"d":"7.00"}]
[89,"腊鸡",null,"只",null,{"v":41,"d":"41.00"}]
[90,"八爪海蜇"," ","斤",null,36.83]
[91,"鲍鱼卷","200g","袋",null,{"v":10,"d":"10.00"}]
[92,"豆豉鲮鱼","148g","听",null,{"v":9,"d":"9.00"}]
[93,"明虾仁（青虾仁）"," ","斤",null,57.28]
[94,"牡丹虾仁"," ","斤",null,{"v":65,"d":"65.00"}]
[95,"鱿鱼串"," ","斤",null,{"v":31,"d":"31.00"}]
[96,"富贵虾仁","1*20板*15个*1kg","板",null,{"v":291.5,"d":"291.50"}]
[97,"安井鱼豆腐","2.5kg","袋",null,53.39]
[98,"包心鱼丸","2.5kg","袋",null,52.42]
[99,"大开洋"," ","斤",null,77.66]
[100,"干鱼肚（王）"," ","斤",null,122.33]
[101,"海蜇头"," ","斤",null,58.25]
[102,"海之味海草","400g","袋",null,11.65]
[103,"开洋（干）","一级品","斤",null,{"v":29.2,"d":"29.20"}]
[104,"免浆黑鱼片","250g","袋",null,{"v":12,"d":"12.00"}]
[105,"天妇罗鱼","400g","袋",null,{"v":19.9,"d":"19.90"}]
[106,"甜虾皮"," ","斤",null,{"v":32,"d":"32.00"}]
[107,"外婆醉鱼干","1*30","袋",null,{"v":7.6,"d":"7.60"}]
[108,"虾糠"," ","斤",null,{"v":5.4,"d":"5.40"}]
[109,"虾皮"," ","斤",null,20.95]
[110,"鲜带子250G","1*250g","盒",null,{"v":28,"d":"28.00"}]
[111,"小瑶柱（王）"," ","斤",null,237.86]
[112,"油发金钱鱼肚"," ","斤",null,{"v":116,"d":"116.00"}]
[113,"渔师傅醉蟹钳","650g","瓶",null,{"v":19,"d":"19.00"}]
[114,"瑶柱","120头","斤",null,{"v":436.9,"d":"436.90"}]
[115,"大醉螺","500g","瓶",null,166.99]
[116,"大头菜"," ","斤",null,7.06]
[117,"梅干菜（散称）"," ","斤",null,{"v":17.9,"d":"17.90"}]
[118,"鲜铁皮石斛"," ","斤",null,{"v":119,"d":"119.00"}]
[119,"正咸菜"," ","斤",null,{"v":15,"d":"15.00"}]
[120,"翡翠龙须苗","250g","袋",null,10.67]
[121,"保鲜松茸"," ","斤",null,{"v":60,"d":"60.00"}]
[122,"冻板栗仁"," ","斤",null,14.56]
[123,"冻蚕豆"," ","斤",null,{"v":6.5,"d":"6.50"}]
[124,"冻芋仔"," ","斤",null,5.68]
[125,"芡实（鸡头米）","500g","袋",null,52.42]
[126,"青豆（袋）","1kg","袋",null,{"v":9.7,"d":"9.70"}]
[127,"裙带菜","400g","袋",null,{"v":11,"d":"11.00"}]
[128,"辛普劳薯条（袋）","2kg","袋",null,51.78]
[129,"芋头粒","2.5kg","袋",null,{"v":58,"d":"58.00"}]
[130,"贝贝之星裹粉洋葱圈","908g","袋",null,22.48]
[131,"潮州酸菜","220g","袋",null,3.68]
[132,"大香菇","一级品","斤",null,{"v":48.5,"d":"48.50"}]
[133,"东北酸菜","500g","袋",null,{"v":11.1,"d":"11.10"}]
[134,"橄榄菜","160g","瓶",null,4.85]
[135,"干虫草花"," ","斤",null,{"v":65,"d":"65.00"}]
[136,"干盐蒿"," ","斤",null,{"v":23.5,"d":"23.50"}]
[137,"俄式酸青瓜罐头","670g","瓶",null,24.27]
[138,"桂花马蹄","300g","袋",null,7.76]
[139,"红油豆角（酱菜)"," ","斤",null,{"v":9,"d":"9.00"}]
[140,"鸡尾洋葱","227g","瓶",null,19.41]
[141,"金玉满堂"," ","斤",null,{"v":10,"d":"10.00"}]
[142,"金针菇","170g","瓶",null,3.88]
[143,"老坛菜心","389g","盒",null,13.59]
[144,"老坛雪菜笋片","2.5kg","袋",null,{"v":46,"d":"46.00"}]
[145,"莲子"," ","斤",null,{"v":43,"d":"43.00"}]
[146,"马齿菜干"," ","斤",null,{"v":27.9,"d":"27.90"}]
[147,"麦肯笑脸薯饼","1.815kg","袋",null,58.25]
[148,"木耳（袋）","200g","袋",null,28.15]
[149,"泡菜","1kg","袋",null,{"v":16.5,"d":"16.50"}]
[150,"亲亲蒜"," ","斤",null,17.47]
[151,"爽口菜花梗（妈妈菜）","500g","袋",null,{"v":12,"d":"12.00"}]
[152,"爽口菜心","128g","袋",null,1.94]
[153,"爽口萝卜干"," ","斤",null,{"v":10.6,"d":"10.60"}]
[154,"酸菜","200g","袋",null,0.97]
[155,"酸豆角","1kg","袋",null,5.82]
[156,"酸萝卜","500g","瓶",null,{"v":16.5,"d":"16.50"}]
[157,"糖醋蒜"," ","斤",null,{"v":9.7,"d":"9.70"}]
[158,"甜玉米粒","380g","听",null,{"v":4.2,"d":"4.20"}]
[159,"外婆菜","250g","袋",null,3.68]
[160,"莴笋干","500g","袋",null,15.52]
[161,"乌江榨菜","70g","袋",null,{"v":2,"d":"2.00"}]
[162,"五仁酱丁"," ","斤",null,{"v":9.7,"d":"9.70"}]
[163,"香八宝","238g","瓶",null,{"v":8.5,"d":"8.50"}]
[164,"香焖茄汁黄豆184G","1*48","听",null,2.91]
[165,"香糯蜜藕","400g","袋",null,10.67]
[166,"雪菜王（袋）","500g","袋",null,{"v":4.8,"d":"4.80"}]
[167,"雪芽","1kg","袋",null,18.45]
[168,"银耳"," ","斤",null,33.98]
[169,"玉米粒"," ","斤",null,4.85]
[170,"玉米笋","410g","瓶",null,{"v":4.5,"d":"4.50"}]
[171,"榨菜丝"," ","斤",null,7.76]
[172,"整梅干菜"," ","斤",null,17.96]
[173,"纸片笋衣","500g","袋",null,{"v":20,"d":"20.00"}]
[174,"粽叶","50片","袋",null,4.85]
[175,"洋葱鸡肉圈","800g/袋","袋",null,22.48]
[176,"鸡尾洋葱","240g","瓶",null,19.41]
[177,"手剥象牙笋","303g","袋",null,{"v":14.2,"d":"14.20"}]
[178,"薯条","2KG/袋","袋",null,{"v":40,"d":"40.00"}]
[179,"太二酸菜","桶","9kg",null,{"v":113.1,"d":"113.10"}]
[180,"爱护牌植物甜奶油","907g","盒",null,29.12]
[181,"淡奶油","1L","盒",null,{"v":42.6,"d":"42.60"}]
[182,"炼乳","350g","听",null,10.98]
[183,"三花淡奶（雀巢）","410g","听",null,8.73]
[184,"淡奶油（雀巢）","1*12*1L","盒",null,{"v":42.6,"d":"42.60"}]
[185,"安佳黄油","5kg","块",null,330.09]
[186,"北水洋豆腐","1.5kg","盒",null,{"v":25.5,"d":"25.50"}]
[187,"腐竹"," ","斤",null,{"v":14,"d":"14.00"}]
[188,"鸡蛋干","100g","袋",null,3.88]
[189,"水晶大拉皮","200g","袋",null,{"v":6.4,"d":"6.40"}]
[190,"云丝"," ","斤",null,12.42]
[191,"野菌扎干","200g","袋",null,{"v":16.5,"d":"16.50"}]
[192,"面筋串","800g","袋",null,{"v":14.8,"d":"14.80"}]
[193,"蛋饺","165g","袋",null,4.85]
[194,"咸蛋黄"," ","板",null,{"v":12.2,"d":"12.20"}]
[195,"百利黑车厘子","850g","瓶",null,26.21]
[196,"百香果果味酱","2kg","桶",null,45.63]
[197,"桂圆"," ","斤",null,18.44]
[198,"桂圆肉"," ","斤",null,{"v":36.9,"d":"36.90"}]
[199,"红枣","一级品","斤",null,{"v":9.6,"d":"9.60"}]
[200,"黄桃","822g","听",null,11.65]
[201,"蓝莓果蓉","1kg","盒",null,{"v":135,"d":"135.00"}]
[202,"蔓越莓干"," ","斤",null,33.98]
[203,"芒果果蓉","1kg","盒",null,92.23]
[204,"木瓜丝","200g","袋",null,10.19]
[205,"酿水榄（宝鼎）","375g","瓶",null,17.47]
[206,"葡萄干"," ","斤",null,12.62]
[207,"去核红枣"," ","斤",null,11.65]
[208,"椰子果蓉","1kg","盒",null,{"v":124.5,"d":"124.50"}]
[209,"黑水榄（雅莎无核）","425g","瓶",null,17.32]
[210,"咸话梅",null,"斤",null,{"v":16.4,"d":"16.40"}]
[211,"果味爆爆珠","1.2kg","桶",null,{"v":40,"d":"40.00"}]
[212,"红枣","一级品","袋",null,{"v":9.6,"d":"9.60"}]
[213,"松子"," ","斤",null,{"v":105,"d":"105.00"}]
[214,"王中王火腿肠","40g*10支","袋",null,{"v":18.5,"d":"18.50"}]
[215,"正义猪油","15kg","桶",null,{"v":280,"d":"280.00"}]
[216,"安琪酵母","450g","袋",null,{"v":21.5,"d":"21.50"}]
[217,"八角粉"," ","斤",null,31.06]
[218,"白胡椒粉"," ","斤",null,{"v":63.1,"d":"63.10"}]
[219,"白胡椒粒"," ","斤",null,{"v":55,"d":"55.00"}]
[220,"白酱油","410ml","瓶",null,7.76]
[221,"白砂糖"," ","斤",null,4.45]
[222,"百利红腰豆","1*24*432g","听",null,{"v":5.5,"d":"5.50"}]
[223,"焙乐道速溶吉士粉","5kg","袋",null,{"v":266,"d":"266.00"}]
[224,"本地辣椒酱"," ","斤",null,{"v":4.5,"d":"4.50"}]
[225,"草莓果酱（小盒）","140粒","盒",null,126.21]
[226,"川崎醉料","500ml","瓶",null,{"v":9.7,"d":"9.70"}]
[227,"醋精","500ml","瓶",null,6.79]
[228,"大红浙醋","600ml","瓶",null,5.39]
[229,"大辣妹子","1*12*920g","听",null,{"v":20.5,"d":"20.50"}]
[230,"蛋黄酱","3Kg","桶",null,{"v":85,"d":"85.00"}]
[231,"丁点儿干锅酱","500g","瓶",null,28.75]
[232,"顶好芝麻酱","405g","瓶",null,8.73]
[233,"东古一品鲜","500ml","瓶",null,{"v":9.7,"d":"9.70"}]
[234,"剁椒","2300g","瓶",null,7.76]
[235,"风味蘑菇汤","900g","袋",null,77.62]
[236,"广和腐乳","355g","瓶",null,{"v":8.6,"d":"8.60"}]
[237,"桂冠沙拉酱","500g","袋",null,17.47]
[238,"海胆酱","160g","瓶",null,{"v":41.4,"d":"41.40"}]
[239,"海南黄灯笼辣椒酱","1*12*510g","瓶",null,{"v":9,"d":"9.00"}]
[240,"黑松露酱","180g","瓶",null,114.56]
[241,"红九九火锅底料","400g","袋",null,16.01]
[242,"红绿丝"," ","斤",null,13.59]
[243,"红糖（袋）","350g","袋",null,8.35]
[244,"红星二锅头","1*12*500ml","瓶",null,{"v":17,"d":"17.00"}]
[245,"红油豆瓣酱（丹丹）","20斤","筐",null,{"v":114,"d":"114.00"}]
[246,"花姑豆豉","280g","瓶",null,5.59]
[247,"花生酱","1*12*510g","瓶",null,{"v":7.2,"d":"7.20"}]
[248,"鸡饭老抽640ML","640ML","瓶",null,{"v":23.3,"d":"23.30"}]
[249,"鸡酱","655ml","瓶",null,12.62]
[250,"椒汁王","2.5kg","袋",null,82.52]
[251,"芥辣油","60ml","瓶",null,5.82]
[252,"金龙鱼花椒油","330ml","瓶",null,13.59]
[253,"金龙鱼麻油（王琴）","400ml","瓶",null,{"v":21.5,"d":"21.50"}]
[254,"金牌椰浆","410g","听",null,{"v":9.7,"d":"9.70"}]
[255,"精品幼砂糖","25kg","袋",null,{"v":285,"d":"285.00"}]
[256,"卡夫奇妙酱","1*12*947g","瓶",null,22.82]
[257,"科麦抹茶粉","500g","袋",null,184.46]
[258,"辣椒酱","288g","瓶",null,4.85]
[259,"辣油（四川）","160ml","瓶",null,6.79]
[260,"蓝莓果酱（小盒）","140粒","盒",null,{"v":150,"d":"150.00"}]
[261,"老冰糖"," ","斤",null,6.79]
[262,"老干妈","1*24*280g","瓶",null,{"v":9.5,"d":"9.50"}]
[263,"李派林急汁","290ml","瓶",null,19.65]
[264,"六月鲜红烧酱油","500ml","瓶",null,{"v":16,"d":"16.00"}]
[265,"六月鲜特级酱油","500ml","瓶",null,{"v":11.8,"d":"11.80"}]
[266,"麻辣鲜","46g","袋",null,2.91]
[267,"麻油","1*20*500g","瓶",null,17.47]
[268,"梅林番茄沙司","1*24*397g","瓶",null,{"v":6.5,"d":"6.50"}]
[269,"美极火锅丸滑汁","2kg","瓶",null,36.89]
[270,"美极鲜味汁","1*6*800ml","瓶",null,{"v":37.8,"d":"37.80"}]
[271,"绵白糖"," ","斤",null,3.72]
[272,"牛栏山白酒","500ml","瓶",null,{"v":15.9,"d":"15.90"}]
[273,"郫县豆瓣酱","1kg","瓶",null,9.35]
[274,"青椒酱","250g","袋",null,14.65]
[275,"青芥末","43g","支",null,5.82]
[276,"青麦汁","500g","斤",null,{"v":11,"d":"11.00"}]
[277,"丘比凯撒汁","1.5L","瓶",null,43.93]
[278,"丘比沙拉酱","1000g","袋",null,34.92]
[279,"丘比沙拉汁","1.5L","瓶",null,48.54]
[280,"丘比芝麻沙拉汁","1.5L","瓶",null,48.54]
[281,"三五火锅底料","1*60*160g","袋",null,{"v":5.4,"d":"5.40"}]
[282,"山西老陈醋","2.2L","壶",null,14.56]
[283,"山贼烧酱","1.9L","瓶",null,{"v":120,"d":"120.00"}]
[284,"十三香（王守义）","45g","盒",null,{"v":2.2,"d":"2.20"}]
[285,"薯角（袋）","2.27kg","袋",null,62.29]
[286,"双鹤玫瑰露酒","480ml","瓶",null,{"v":24,"d":"24.00"}]
[287,"双桥味精","1*4*2kg","袋",null,{"v":43,"d":"43.00"}]
[288,"双鱼米醋","250g","袋",null,1.94]
[289,"四川红油","140ml","瓶",null,6.79]
[290,"苏打粉","168g","袋",null,{"v":3.9,"d":"3.90"}]
[291,"苏美美味白汤酱油","500ml","瓶",null,7.25]
[292,"酸汤鱼调料","210g","袋",null,15.55]
[293,"太太乐鸡精","1*20*454g","袋",null,{"v":16.8,"d":"16.80"}]
[294,"糖桂花","250g","瓶",null,{"v":7,"d":"7.00"}]
[295,"藤椒捞汁","1.2kg","瓶",null,{"v":35,"d":"35.00"}]
[296,"天巢蜂蜜","1000g","瓶",null,19.41]
[297,"天车牌甜面酱","500g","瓶",null,{"v":11.2,"d":"11.20"}]
[298,"甜面酱","4kg","桶",null,{"v":34,"d":"34.00"}]
[299,"甜面酱","4kg","瓶",null,{"v":11.2,"d":"11.20"}]
[300,"味达美味极鲜","1L","瓶",null,14.56]
[301,"味椒盐","45g","瓶",null,2.91]
[302,"味林牌沙姜粉","500g","袋",null,{"v":16.7,"d":"16.70"}]
[303,"五香粉","500g","袋",null,{"v":23.3,"d":"23.30"}]
[304,"鲜味王","500g","袋",null,15.35]
[305,"咸亨玫瑰腐乳","258g","瓶",null,{"v":9.8,"d":"9.80"}]
[306,"香辣酱","450g","瓶",null,{"v":11.8,"d":"11.80"}]
[307,"湘君府鱼头酱椒","3kg","听",null,{"v":61,"d":"61.00"}]
[308,"销魂青椒酱","250g","袋",null,{"v":30,"d":"30.00"}]
[309,"小米辣","2kg","袋",null,{"v":9,"d":"9.00"}]
[310,"新中红方腐乳","500g","瓶",null,8.54]
[311,"兴淮白胡椒粉","500g","瓶",null,72.81]
[312,"兴淮椒盐","640G","瓶",null,{"v":32.8,"d":"32.80"}]
[313,"盐焗鸡粉","500g","桶",null,{"v":125,"d":"125.00"}]
[314,"阳江豆豉","60g","盒",null,{"v":2.5,"d":"2.50"}]
[315,"优质白胡椒粉"," ","斤",null,{"v":63.1,"d":"63.10"}]
[316,"鱼头酱椒","2.3kg","瓶",null,18.85]
[317,"源意麻虾酱","220g","瓶",null,5.35]
[318,"早苗泡打粉","2.7kg","听",null,{"v":82.5,"d":"82.50"}]
[319,"张氏记湖南辣酱","1*20*288g","瓶",null,4.85]
[320,"孜然粉","1*24*30g","袋",null,{"v":2.8,"d":"2.80"}]
[321,"伊府小菜","500g/袋","袋",null,{"v":36,"d":"36.00"}]
[322,"香其酱","1*40*150g","袋",null,5.95]
[323,"葱伴侣黄豆酱","6kg","桶",null,73.78]
[324,"酸辣酱","160g","瓶",null,5.82]
[325,"八角（干）","一级品","斤",null,{"v":49.8,"d":"49.80"}]
[326,"白芷"," ","斤",null,{"v":17.5,"d":"17.50"}]
[327,"草果","一级品","斤",null,{"v":53.4,"d":"53.40"}]
[328,"陈皮","一级品","斤",null,7.37]
[329,"大红袍花椒","1斤","袋",null,67.96]
[330,"大松子仁"," ","斤",null,{"v":146,"d":"146.00"}]
[331,"党参","一级品","斤",null,{"v":72,"d":"72.00"}]
[332,"罗拔臣明胶（鱼胶粉）","500g","盒",null,{"v":60,"d":"60.00"}]
[333,"丁香","一级品","斤",null,48.25]
[334,"豆扣","一级品","斤",null,{"v":90,"d":"90.00"}]
[335,"丘比特干辣椒",null,"斤",null,{"v":33.8,"d":"33.80"}]
[336,"干海椒（干灯笼椒）"," ","斤",null,30.78]
[337,"干辣椒","散装","斤",null,{"v":16.9,"d":"16.90"}]
[338,"干石斛花"," ","斤",null,{"v":880,"d":"880.00"}]
[339,"干雪莲果（上海）"," ","斤",null,{"v":140,"d":"140.00"}]
[340,"竹炭粉","250g","听",null,{"v":192,"d":"192.00"}]
[341,"干榆耳（云耳）"," ","斤",null,84.46]
[342,"贡菜干"," ","斤",null,40.78]
[343,"桂皮","一级品","斤",null,11.33]
[344,"桂圆干"," ","斤",null,18.44]
[345,"核桃仁"," ","斤",null,{"v":35,"d":"35.00"}]
[346,"红辣椒粉"," ","斤",null,{"v":13,"d":"13.00"}]
[347,"红曲粉","400g","袋",null,{"v":8,"d":"8.00"}]
[348,"花椒粉","30g","袋",null,3.88]
[349,"吉士粉（狮牌）","3.5kg","桶",null,{"v":118,"d":"118.00"}]
[350,"吉士粉","300g","瓶",null,{"v":9,"d":"9.00"}]
[351,"九制陈皮","9g","袋",null,4.59]
[352,"粒装黄油","1*400*10g","箱",null,{"v":320,"d":"320.00"}]
[353,"南瓜粉","500g","袋",null,{"v":41.7,"d":"41.70"}]
[354,"宁夏枸杞","500g","袋",null,33.37]
[355,"胖大海","一级品","斤",null,{"v":172,"d":"172.00"}]
[356,"青花椒","一级品","斤",null,{"v":59,"d":"59.00"}]
[357,"去壳白果（银杏仁）","100g","袋",null,2.86]
[358,"生粉","40斤","袋",null,32.03]
[359,"松子仁","散装","斤",null,111.55]
[360,"脱水菜心（万年青）","250g","袋",null,11.65]
[361,"味林面包糠","1kg","袋",null,9.79]
[362,"鲜青花椒","250g","袋",null,14.56]
[363,"香辣酥（黄飞红）","350g","袋",null,{"v":14.2,"d":"14.20"}]
[364,"香叶（干）","一级品","斤",null,{"v":41.9,"d":"41.90"}]
[365,"杏仁粉"," ","斤",null,48.54]
[366,"杏仁"," ","斤",null,48.54]
[367,"腰果"," ","斤",null,{"v":40,"d":"40.00"}]
[368,"优质桃胶"," ","斤",null,{"v":87.3,"d":"87.30"}]
[369,"紫菜","45g","袋",null,4.85]
[370,"古越龙山花雕","1*12*500ml","瓶",null,{"v":8.2,"d":"8.20"}]
[371,"群英荟萃"," ","斤",null,{"v":12,"d":"12.00"}]
[372,"老坛酸菜","1*6*2kg","袋",null,11.16]
[373,"120头瑶柱（王）"," ","斤",null,436.89]
[374,"百利鱼胶片","盒","盒",null,{"v":177.5,"d":"177.50"}]
[375,"韩国泡菜(袋装)","1kg/袋","袋",null,{"v":16.5,"d":"16.50"}]
[376,"味好美细黑胡椒粉","1*12*425g/","瓶",null,{"v":95,"d":"95.00"}]
[377,"玉米笋","360g","听",null,{"v":4.5,"d":"4.50"}]
[378,"日本味淋","1.8L/瓶","瓶",null,{"v":60.1,"d":"60.10"}]
[379,"丘比日式口味沙拉酱","1.5L/瓶","瓶",null,48.54]
[380,"味好美草莓顶料","1kg/瓶","瓶",null,43.68]
[381,"雪莲子","500克","袋",null,{"v":140,"d":"140.00"}]
[382,"干鹿茸菌",null,"斤",null,80.09]
[383,"百利可可粉","1kg","袋",null,{"v":186,"d":"186.00"}]
[384,"黛妃抹茶巧克力"," ","块",null,58.25]
[385,"黛妃巧克力（白）","1kg","块",null,{"v":45.9,"d":"45.90"}]
[386,"黛妃巧克力（黑）","1kg","块",null,{"v":45.9,"d":"45.90"}]
[387,"嘉利宝黑白巧克力粒","2.5kg","袋",null,{"v":429,"d":"429.00"}]
[388,"卡夫独立装芝士片"," 250g","袋",null,29.12]
[389,"铁塔奶油芝士","2000g/袋","盒",null,178.64]
[390,"吉百利可可粉","500g/听","听",null,{"v":186,"d":"186.00"}]
[391,"安佳大块黄油","25公斤","块",null,{"v":1899,"d":"1899.00"}]
[392,"镜面果胶"," 5kg","桶",null,{"v":45,"d":"45.00"}]
[393,"味好美巧克力顶料","1kg","瓶",null,43.68]
[394,"杏仁片"," ","斤",null,48.54]
[395,"百味卤笋","416g","袋",null,{"v":16.5,"d":"16.50"}]
[396,"咖啡伴侣","400g ","罐",null,{"v":36.9,"d":"36.90"}]
[397,"煲汤袋","13*16 ","个",null,0.98]
[398,"大保鲜膜","宽45cm","卷",null,40.77]
[399,"水墨画垫纸"," ","袋",null,6.79]
[400,"吸油纸"," 75节/卷    2卷/包","包",null,{"v":25.4,"d":"25.40"}]
[401,"笼垫纸","30公分","包",null,60.19]
[402,"竹荪（干）",null,"斤",null,{"v":126.1,"d":"126.10"}]
[403,"香草蛋挞壳","中号/6板/48个/每板","箱",null,349.51]
[404,"年糕串","1.3kg","袋",null,{"v":25,"d":"25.00"}]
[405,"网皮薄饼","200g","袋",null,8.73]
[406,"石柱红泡椒","1700g","瓶",null,{"v":14,"d":"14.00"}]
[407,"橄榄油","1L","瓶",null,{"v":45,"d":"45.00"}]
[408,"和田红枣",null,"斤",null,14.46]
[409,"烘焙碱","1kg","桶",null,150.48]
[410,"鱼籽鱼鳔","500g","袋",null,{"v":27,"d":"27.00"}]
[411,"卡布尼奶酪","500g","盒",null,{"v":60,"d":"60.00"}]
[412,"大蛋挞壳（8公分）","1*9个*14袋/箱","箱",null,425.24]
[413,"东江盐焗鸡粉","10g*10","盒",null,{"v":8,"d":"8.00"}]
[414,"虾籽",null,"斤",null,63.05]
[415,"虾籽酱油","500ml","瓶",null,13.48]
[416,"脆肚尖","250g","袋",null,14.07]
[417,"香料",null,"斤",null,{"v":30,"d":"30.00"}]
[418,"藕饼",null,"斤",null,14.56]
[419,"干黄花菜（王）",null,"斤",null,{"v":24.2,"d":"24.20"}]
[420,"小茴香",null,"斤",null,11.26]
[421,"白扣",null,"斤",null,{"v":72,"d":"72.00"}]
[422,"山奈",null,"斤",null,33.23]
[423,"醉蟹",{"$error":"#N/A"},"瓶",null,36.89]
[424,"林芝松茸菌","160g","袋",null,{"v":20,"d":"20.00"}]
[425,"黑椒碎（金钻）","455g","瓶",null,{"v":60,"d":"60.00"}]
[426,"鸡肉丸","2.5kg","袋",null,49.02]
[427,"爱菊菜籽油","16.4L","桶",null,250.48]
[428,"辣椒面","5kg","袋",null,47.08]
[429,"黄哈儿飘香油","1kg","袋",null,73.59]
[430,"黄哈儿香辣料","2kg","袋",null,64.56]
[431,"醋","4.85L","桶",null,62.13]
[432,"白木耳",null,"斤",null,{"v":90,"d":"90.00"}]
[433,"凤球唛番茄酱","850g","听",null,{"v":11.5,"d":"11.50"}]
[434,"香辣红油","2.25kg","瓶",null,61.65]
[435,"鹰粟粉","1kg","袋",null,11.65]
[436,"巧克力饰品","大约100块","盒",null,36.89]
[437,"五彩杂粮","280g","袋",null,{"v":12,"d":"12.00"}]
[438,"红枣片",null,"斤",null,{"v":10.8,"d":"10.80"}]
[439,"照烧汁","1.5kg","瓶",null,{"v":81,"d":"81.00"}]
[440,"奶油山楂卷","180g","袋",null,17.66]
[441,"新的橙汁","840ml","瓶",null,{"v":38.2,"d":"38.20"}]
[442,"味达美冰糖老抽酱油","1L","瓶",null,16.31]
[443,"海底捞火锅底料","200g/袋","袋",null,{"v":13.5,"d":"13.50"}]
[444,"咸鳗鱼",null,"斤",null,{"v":23,"d":"23.00"}]
[445,"味噌","800g","袋",null,{"v":25,"d":"25.00"}]
[446,"苹果醋","450ml","瓶",null,6.83]
[447,"草莓果蓉","1kg","盒",null,92.23]
[448,"树莓果蓉","1kg","盒",null,{"v":112,"d":"112.00"}]
[449,"龙虾调料","200g","袋",null,14.52]
[450,"上海料酒","350g","袋",null,{"v":1.8,"d":"1.80"}]
[451,"冰糖","2.5kg","袋",null,{"v":32,"d":"32.00"}]
[452,"袋装小西米","100g","袋",null,{"v":2.4,"d":"2.40"}]
[453,"盐焗调料","500g","瓶",null,{"v":118,"d":"118.00"}]
[454,"椰蓉",null,"斤",null,{"v":9.7,"d":"9.70"}]
[455,"美味鲜酱油","1*6*760ml","瓶",null,12.62]
[456,"中南鲍鱼汁","380g","瓶",null,{"v":10,"d":"10.00"}]
[457,"糖水蜜桔","450g","瓶",null,8.73]
[458,"卡萨诺瓦经典珍珠香醋调味汁","370g","瓶",null,349.51]
[459,"大地鱼干",null,"斤",null,{"v":58,"d":"58.00"}]
[460,"粽子",null,"个",null,{"v":2.8,"d":"2.80"}]
[461,"翻糖膏","908g","袋",null,50.97]
[462,"一口粽","45g*10","袋",null,10.97]
[463,"香茅草",null,"斤",null,7.76]
[464,"安歌红石榴味红糖水","1L","瓶",null,46.56]
[465,"精品辣椒粉","1kg","袋",null,29.12]
[466,"焙乐道全麦面包预拌粉","5kg","袋",null,{"v":172,"d":"172.00"}]
[467,"旗牌黄芥末","170g","瓶",null,11.65]
[468,"奥利奥饼干碎","400g","袋",null,{"v":19.4,"d":"19.40"}]
[469,"保鲜核桃仁","500g","袋",null,25.24]
[470,"小酥肉粉","100g","袋",null,6.31]
[471,"味好美迷迭香","170g","瓶",null,{"v":52,"d":"52.00"}]
[472,"味好美百里香","198g","瓶",null,{"v":52,"d":"52.00"}]
[473,"亨氏茄汁焗豆","415g","罐",null,{"v":7.5,"d":"7.50"}]
[474,"奥尔良烤翅粉（腌料）","1kg","袋",null,{"v":27,"d":"27.00"}]
[475,"年糕片","450g","袋",null,{"v":4.8,"d":"4.80"}]
[476,"藕饼","12/只","袋",null,{"v":15,"d":"15.00"}]
[477,"烤肠","38g/50支","袋",null,{"v":27,"d":"27.00"}]
[478,"茯苓",null,"斤",null,{"v":43,"d":"43.00"}]
[479,"油炸冰淇淋","230g","袋",null,{"v":7.5,"d":"7.50"}]
[480,"黄栀子",null,"斤",null,31.94]
[481,"烟熏鸡胸","2斤/袋","斤",null,33.68]
[482,"芝士年糕","500g","袋",null,12.62]
[483,"鱼露","1*12*750g","瓶",null,4.85]
[484,"山楂干",null,"斤",null,13.59]
[485,"翠叶（桑树叶）","108g","盒",null,12.52]
[486,"天麻",null,"斤",null,260.19]
[487,"莼菜","275g","瓶",null,{"v":7,"d":"7.00"}]
[488,"野米",null,"斤",null,{"v":80,"d":"80.00"}]
[489,"寿司海苔","120g","袋",null,{"v":48.5,"d":"48.50"}]
[490,"佬米酒","610ml","瓶",null,4.85]
[491,"西洋参片",null,"斤",null,417.47]
[492,"黄芪",null,"斤",null,38.83]
[493,"威化纸","150张","袋",null,14.58]
[494,"咖喱粉","30g","袋",null,{"v":3.9,"d":"3.90"}]
[495,"红糟泥","500g","袋",null,{"v":14.4,"d":"14.40"}]
[496,"香炸粉","1kg","袋",null,17.47]
[497,"速冻菱角米","1kg","袋",null,{"v":26.8,"d":"26.80"}]
[498,"麻薯面包预拌粉","5kg","袋",null,182.52]
[499,"荔枝果蓉","1kg","盒",null,{"v":120,"d":"120.00"}]
[500,"水蜜桃果蓉","1kg","盒",null,{"v":108,"d":"108.00"}]
[501,"桥头火锅底料","300g","袋",null,{"v":16.9,"d":"16.90"}]
[502,"紫薯粉","500g","袋",null,{"v":33,"d":"33.00"}]
[503,"速冻小菱角米","500g","袋",null,17.96]
[504,"莲蓉","4.67kg","袋",null,108.73]
[505,"海苔碎","200g","袋",null,{"v":23.3,"d":"23.30"}]
[506,"干目鱼花","500g","袋",null,60.67]
[507,"章鱼小丸子","1kg","袋",null,26.11]
[508,"深色防潮可可粉","1kg","袋",null,159.22]
[509,"去核蜜枣",null,"斤",null,{"v":7.8,"d":"7.80"}]
[510,"车轮牌起酥油","15kg","桶",null,{"v":409,"d":"409.00"}]
[511,"寿博士野葛粉","400g","袋",null,34.66]
[512,"蓉沙馅（凤梨味）","5kg","袋",null,{"v":113,"d":"113.00"}]
[513,"味美雪菜王","138g","袋",null,{"v":1,"d":"1.00"}]
[514,"糯米炒米（脆米）","300g","袋",null,{"v":12,"d":"12.00"}]
[515,"黑色鱼子酱","100g","瓶",null,{"v":56,"d":"56.00"}]
[516,"厨匠青豆泥","450g","袋",null,13.59]
[517,"唯加鲜辣味粉","500g","袋",null,26.21]
[518,"意大利面4♯","3kg","袋",null,29.12]
[519,"海带头",null,"斤",null,12.62]
[520,"翡翠笋","500g","袋",null,{"v":16.5,"d":"16.50"}]
[521,"虫草黄金菇","200g","袋",null,11.65]
[522,"黑椒菲力牛排","130g","袋",null,{"v":25.9,"d":"25.90"}]
[523,"罗皮（海蜇皮）",null,"斤",null,17.47]
[524,"肉皮",null,"斤",null,{"v":35,"d":"35.00"}]
[525,"卜页包","2500g","袋",null,66.99]
[526,"淡菜干",null,"斤",null,{"v":32,"d":"32.00"}]
[527,"朱师傅冰皮预拌粉","1kg","袋",null,40.77]
[528,"蕨根粉","200g","袋",null,6.83]
[529,"黄金豆（酥黄豆）","1.5kg","袋",null,37.86]
[530,"安井虾味丸","2.5kg","袋",null,54.36]
[531,"香辣脆笋","400g","袋",null,13.59]
[532,"乐培道面包粉（S500）","500g","袋",null,53.39]
[533,"广东米酒","610g","瓶",null,6.79]
[534,"歌文起酥油",null,"块",null,{"v":337,"d":"337.00"}]
[535,"安井虾糕","2.5kg","斤",null,{"v":12,"d":"12.00"}]
[536,"豇豆干",null,"斤",null,{"v":32,"d":"32.00"}]
[537,"素蟹柳","500g","袋",null,{"v":16.5,"d":"16.50"}]
[538,"泡打粉","10g","袋",null,17.47]
[539,"笋干",null,"斤",null,{"v":71,"d":"71.00"}]
[540,"过油猪排","1*3.5斤*20片","袋",null,{"v":73.8,"d":"73.80"}]
[541,"卤汁干",null,"斤",null,{"v":17.5,"d":"17.50"}]
[542,"沙姜","一级品","斤",null,19.42]
[543,"大红袍",null,"斤",null,67.96]
[544,"罗汉果","一级品","只",null,1.25]
[545,"干南姜",null,"斤",null,{"v":27.2,"d":"27.20"}]
[546,"红薯粉",null,"斤",null,9.22]
[547,"川味香肠小串","500g","袋",null,{"v":29.9,"d":"29.90"}]
[548,"玉米小串","580g","袋",null,18.93]
[549,"山芋粉皮",null,"斤",null,{"v":7.5,"d":"7.50"}]
[550,"本味发笋","1kg","袋",null,32.81]
[551,"麦芽糖","12kg","桶",null,106.79]
[552,"生粉","25kg","袋",null,{"v":392,"d":"392.00"}]
[553,"柠檬汁（新）","840ml","瓶",null,{"v":39.5,"d":"39.50"}]
[554,"鼎丰宴会酱油","500ml","瓶",null,14.07]
[555,"53°牛栏山","500ml","瓶",null,23.78]
[556,"小康牛肉酱","220g","瓶",null,{"v":14.9,"d":"14.90"}]
[557,"长乐牌魔芋丝","200g","盒",null,{"v":2.9,"d":"2.90"}]
[558,"红桂花蜜汤","500g","瓶",null,54.25]
[559,"耐烤巧克力豆","1kg","桶",null,{"v":86,"d":"86.00"}]
[560,"九江米酒","610ml","瓶",null,{"v":16.2,"d":"16.20"}]
[561,"泰式大虾膏","200g","瓶",null,{"v":32.3,"d":"32.30"}]
[562,"永和豆浆（无蔗糖）","350g","袋",null,{"v":14.8,"d":"14.80"}]
[563,"藜麦","500g","袋",null,{"v":24.5,"d":"24.50"}]
[564,"当归",null,"斤",null,{"v":42,"d":"42.00"}]
[565,"南瓜子仁",null,"斤",null,{"v":27.5,"d":"27.50"}]
[566,"火腿芯","350g","块",null,{"v":38.9,"d":"38.90"}]
[567,"松板肉","400g","袋",null,{"v":34.6,"d":"34.60"}]
[568,"丁香鱼","250g","瓶",null,{"v":9.2,"d":"9.20"}]
[569,"糖纳豆",null,"斤",null,10.46]
[570,"薄饼（6寸8寸）","12片","袋",null,9.65]
[571,"百香果果蓉","1000g","盒",null,{"v":120,"d":"120.00"}]
[572,"阿香婆牛肉酱","200g","瓶",null,{"v":12.5,"d":"12.50"}]
[573,"奥帝去皮番茄","2.55kg","罐",null,{"v":48,"d":"48.00"}]
[574,"冠利粗粒芥末酱","250g","瓶",null,{"v":26.5,"d":"26.50"}]
[575,"大藏芥末酱","850g","瓶",null,{"v":63,"d":"63.00"}]
[576,"鸡肉里昂那肠",null,"斤",null,{"v":32.5,"d":"32.50"}]
[577,"萨拉米肠",null,"斤",null,{"v":63,"d":"63.00"}]
[578,"安佳淡奶油","1*12*1L","盒",null,{"v":52.5,"d":"52.50"}]
[579,"椰丝",null,"斤",null,{"v":13,"d":"13.00"}]
[580,"鲈鱼柳",null,"斤",null,{"v":32.9,"d":"32.90"}]
[581,"沙仁","一级品","斤",null,{"v":43.5,"d":"43.50"}]
[582,"山羊奶酪","1kg","块",null,{"v":220,"d":"220.00"}]
[583,"百倍德奶酪香肠","1kg","袋",null,{"v":62,"d":"62.00"}]
[584,"恩波露酸奶油","250ml","盒",null,{"v":26.5,"d":"26.50"}]
[585,"味好美欧芹片","36g","瓶",null,{"v":45.9,"d":"45.90"}]
[586,"三角豆（鹰嘴豆）","400g","罐",null,{"v":8.2,"d":"8.20"}]
[587,"烟熏切片三文鱼",null,"斤",null,{"v":85.9,"d":"85.90"}]
[588,"安佳芝士片","*80片(990","袋",null,{"v":83.2,"d":"83.20"}]
[589,"地扪西梅干","340G*12","袋",null,{"v":43,"d":"43.00"}]
[590,"开心果碎",null,"斤",null,{"v":129,"d":"129.00"}]
[591,"百倍德猪肉早餐肠","1kg","袋",null,53.38]
[592,"黑糯米糕","360g","袋",null,{"v":7.3,"d":"7.30"}]
[593,"冻菜心",null,"斤",null,{"v":9.7,"d":"9.70"}]
[594,"黄姜粉","425g","瓶",null,33.98]
[595,"莫林茉莉花风味糖浆","700ml","瓶",null,{"v":112,"d":"112.00"}]
[596,"栗子泥","900g","听",null,{"v":88,"d":"88.00"}]
[597,"莫林玫瑰风味糖浆","700ml","瓶",null,{"v":112,"d":"112.00"}]
[598,"防潮糖粉","1kg","袋",null,{"v":42.5,"d":"42.50"}]
[599,"雀巢咖啡","500g","听",null,{"v":112,"d":"112.00"}]
[600,"多彩芋圆","1kg","袋",null,28.15]
[601,"番茄膏","3.147kg","听",null,{"v":57.3,"d":"57.30"}]
[602,"和田红枣",null,"袋",null,{"v":17,"d":"17.00"}]
[603,"食研泡菜酱","2.2kg","桶",null,101.94]
[604,"羊肉串","400g","袋",null,{"v":48,"d":"48.00"}]
[605,"雪芽","250g","盒",null,{"v":9,"d":"9.00"}]
[606,"紫米老陈醋","420ml","瓶",null,{"v":11.5,"d":"11.50"}]
[607,"大根","450g","根",null,{"v":9.5,"d":"9.50"}]
[608,"肉桂（香料）",null,"斤",null,{"v":27,"d":"27.00"}]
[609,"味好美蓝莓顶料","1kg","瓶",null,{"v":62.5,"d":"62.50"}]
[610,"味好美芒果顶料","1kg","瓶",null,43.68]
[611,"酸菜","1kg ","袋",null,3.85]
[612,"藤椒油","400ml","瓶",null,{"v":17,"d":"17.00"}]
[613,"金华藕粉","200g","盒",null,{"v":17.5,"d":"17.50"}]
[614,"醋糕肴肉","220g","袋",null,{"v":25,"d":"25.00"}]
[615,"枸杞",null,"斤",null,29.12]
[616,"猪肉串","20串*1.4斤","袋",null,{"v":33,"d":"33.00"}]
[617,"百利蜂蜜芥末酱","1kg","袋",null,{"v":27,"d":"27.00"}]
[618,"百利沙拉酱","1kg","袋",null,{"v":32,"d":"32.00"}]
[619,"美极金汤花胶鸡风味汤底","930g","瓶",null,{"v":43,"d":"43.00"}]
[620,"小干贝（半干）",null,"斤",null,{"v":67,"d":"67.00"}]
[621,"腊八蒜",null,"斤",null,{"v":15,"d":"15.00"}]
[622,"和风萝卜","1kg","袋",null,{"v":27,"d":"27.00"}]
[623,"酒鬼花生",null,"斤",null,{"v":11,"d":"11.00"}]
[624,"梅菜笋丝","400g","袋",null,{"v":14.5,"d":"14.50"}]
[625,"香酥回鱼苗","80g","袋",null,{"v":15,"d":"15.00"}]
[626,"糖水栗子","300g","瓶",null,{"v":15,"d":"15.00"}]
[627,"杂粮小黄米",null,"斤",null,3.88]
[628,"泥螺（大）","500g","瓶",null,126.2]
[629,"黄金皮蛋",null,"个",null,1.45]
[630,"豆面",null,"斤",null,24.27]
[631,"冻莲子","250g","袋",null,19.42]
[632,"煲汤袋（大）",null,"板",null,8.74]
[633,"煲汤袋（小）",null,"板",null,7.77]
[634,"袋装马蹄笋","500g/袋","袋",null,24.27]
[635,"张庄藕粉圆","400g","袋",null,5]
[636,"蒙牛酸奶","1.2L","桶",null,22.33]
[637,"水晶肴肉","240g","袋",null,14.56]
[638,"金华火腿","350g","袋",null,38.83]
[639,"玉竹",null,"斤",null,4.85]
[null,"合计"]

{"sheet":"8月份采购明细","index":4,"n_rows":6213,"n_cols":9,"rows_kept":6213,"hidden":true,"flags":["formulas_cached_only"]}
["日期","月份","物料编号","产品名称","计量单位","发票数量","发票价格","发票小计金额","部门名称"]
["2023年","8月份","L0000087180","EDR\\Sticky rice\\糯米-员餐","KG",4,7.2,28.8,"Staff Dining"]
["2023年","8月份","L0001820011","EDR\\Rapeseed oil\\（员餐）菜籽油（散称）/10L/桶","BTL",1,170,170,"Staff Dining"]
["2023年","8月份","L0000391127","员餐/EDR\\DryFood\\Tofu\\板豆腐","EA",1,20,20,"Staff Dining"]
["2023年","8月份","L0000019403","EDR-Tomato\\番茄-员餐","KG",15,6.4,96,"Staff Dining"]
["2023年","8月份","L0000019373","EDR-White Turnip\\白萝卜-员餐","KG",8,5,40,"Staff Dining"]
["2023年","8月份","L0000019382","EDR-Broccoli Green\\西兰花-员餐","KG",15,15,225,"Staff Dining"]
["2023年","8月份","L0000023929","EDR-Green Bean Sprout\\绿豆芽-员餐","KG",20,4,80,"Staff Dining"]
["2023年","8月份","L0000019391","EDR-Garlic Peeled\\大蒜去衣-员餐","KG",4,11,44,"Staff Dining"]
["2023年","8月份","L0000023973","EDR-Green Soy Bean Seed\\毛豆肉-员餐","KG",8,20,160,"Staff Dining"]
["2023年","8月份","L0000060716","EDR-Sweet Potato Baby\\小红薯-员餐","KG",12,8,96,"Staff Dining"]
["2023年","8月份","L0001523363","ERD/Local green pepper/员餐/本地青椒","KG",10,7.8,78,"Staff Dining"]
["2023年","8月份","L0000023981","EDR-Cucumber\\黄瓜-员餐","KG",3,6,18,"Staff Dining"]
["2023年","8月份","L0000023953","EDR-Celery Local\\本地芹菜-员餐","KG",15,9,135,"Staff Dining"]
["2023年","8月份","L0000023931","EDR-Shallot\\小葱-员餐","KG",5,10,50,"Staff Dining"]
["2023年","8月份","L0001523375","ERD/Lettuce/员餐/油麦菜","KG",14,9,126,"Staff Dining"]
["2023年","8月份","L0000023943","EDR-White Cabbage\\包心菜-员餐","KG",24.6,5,123,"Staff Dining"]
["2023年","8月份","L0001523383","ERD/Venetian knot/员餐/百叶结","KG",5,14,70,"Staff Dining"]
["2023年","8月份","L0001527363","Yellow pancake/黄烧饼","EA",40,2.5,100,"Staff Dining"]
["2023年","8月份","L0000019402","EDR-Cherry Tomato\\樱桃番茄-员餐","KG",5,14,70,"Staff Dining"]
["2023年","8月份","L0000019382","EDR-Broccoli Green\\西兰花-员餐","KG",5,15,75,"Staff Dining"]
["2023年","8月份","L0000023937","EDR-Green Vegetable\\青菜-员餐","KG",5,5,25,"Staff Dining"]
["2023年","8月份","L0000024023","EDR-Pork\\里脊肉-员餐","KG",15,42,630,"Staff Dining"]
["2023年","8月份","L0000024035","EDR-Pork Belly\\五花肉-员餐","KG",12,36,432,"Staff Dining"]
["2023年","8月份","L0001523421","ERD/Minced chicken/员餐/免浆鸡丁","KG",15,32,480,"Staff Dining"]
["2023年","8月份","L0000086994","EDR\\Pork belly(with skin)\\五花肉片（不带皮）-员餐","KG",16,40,640,"Staff Dining"]
["2023年","8月份","L0000087059","EDR\\Egg\\鸡蛋-员餐","KG",30,14,420,"Staff Dining"]
["2023年","8月份","L0000023883","EDR-Water Melon/Seedless 无籽西瓜-员餐","KG",82,3.8,311.6,"Staff Dining"]
["2023年","8月份","L0000019744","EDR-Sha Shrimp Live\\沙虾-员餐\\30-40pcs","KG",17.9,62,1109.8,"Staff Dining"]
["2023年","8月份","L0000074481","Dry Goods Frozen\\EDR AnJing Pork Dumpling\\安井水饺500g-员餐\\BAG","BAG",20,10,200,"Staff Dining"]
["2023年","8月份","L0000087474","EDR\\Weiwei soybean milk powder\\维维豆奶粉-员餐","BAG",18,22,396,"Staff Dining"]
["2023年","8月份","L0001553624","ERD/Blend oil/非转基因调和油/金龙鱼/10L*2/员餐","CS",2,270,540,"Staff Dining"]
["2023年","8月份","L0000087679","EDR\\Hotpot paste Dachongqing\\三五火锅料大重庆-员餐\\300g","BAG",10,12,120,"Staff Dining"]
["2023年","8月份","L0000087605","EDR\\Dried chilli section\\干辣椒段-员餐","KG",3,30,90,"Staff Dining"]
["2023年","8月份","L0000074480","Dry Goods Frozen\\EDR AnJing Rice Ball\\安井汤圆500g-员餐\\BAG","BAG",20,7.88,157.6,"Staff Dining"]
["2023年","8月份","L0001624753","EDR-Small pressed soybean oil\\本地小榨豆油/KG-员餐","KG",10,26,260,"Staff Dining"]
["2023年","8月份","L0000668676","EDR/Green Bean\\绿豆-员工/KG","KG",10,19.2,192,"Staff Dining"]
["2023年","8月份","L0002047809","Green spray volume/安井葱油花卷1KG\\包-员餐","BAG",5,16.5,82.5,"Staff Dining"]
["2023年","8月份","L0000024055","EDR-Corn Starch Powder\\风车生粉-员餐\\25Kg","PK",1,415,415,"Staff Dining"]
["2023年","8月份","L0000305898","EDR\\Deep Fried You Tiao\\思念油条\\450G\\BAG\\(员工)","CS",15,12.5,187.5,"Staff Dining"]
["2023年","8月份","L0000170111","EDR AnJing Steamed Buns\\安井牛奶刀切馒头1kg-员餐\\BAG","BAG",5,15,75,"Staff Dining"]
["2023年","8月份","L0001730273","Wuchang rice\\亿亩粮田\\五常大米\\5KG/包","BAG",2,100,200,"Kitchen-Specialty Kitchen?Smoki Moto?"]
["2023年","8月份","L0000103475","Within the progenitor of lipid box of tofu\\祖名内脂盒豆腐\\410/bx","BX",3,1.6,4.8,"Kitchen-Specialty Kitchen?Smoki Moto?"]
["2023年","8月份","L0000024426","Veg Pumpkin Bracket Shape\\南瓜 本地","KG",10,6.5,65,"Kitchen-Specialty Kitchen?Smoki Moto?"]
["2023年","8月份","L0000024572","Radish\\樱桃小萝卜","KG",0.5,13,6.5,"Kitchen-Specialty Kitchen?Smoki Moto?"]
["2023年","8月份","L0000019178","Ginger Peeled Blue\\生姜去皮","KG",1,23,23,"Kitchen-Specialty Kitchen?Smoki Moto?"]
["2023年","8月份","L0000024526","Potato Baby\\土豆","KG",2,6,12,"Kitchen-Specialty Kitchen?Smoki Moto?"]
["2023年","8月份","L0000019208","Leeks\\京葱","KG",2,8,16,"Kitchen-Specialty Kitchen?Smoki Moto?"]
["2023年","8月份","L0000024482","Cucumber\\黄瓜","KG",1.5,6,9,"Kitchen-Specialty Kitchen?Smoki Moto?"]
["2023年","8月份","L0000033137","Vegetable Fresh Crowndaisy Chrysanthemum\\茼蒿 去头 尾到茎长\\20cm","KG",0.5,12,6,"Kitchen-Specialty Kitchen?Smoki Moto?"]
["2023年","8月份","L0000904803","Vegetable\\Fresh Mushroom \\鲜口蘑\\kg","KG",1,20,20,"Kitchen-Specialty Kitchen?Smoki Moto?"]
["2023年","8月份","L0000162678","Vegetable Fresh Yellow Cherry Tomato\\黄樱桃番茄","KG",0.5,26,13,"Kitchen-Specialty Kitchen?Smoki Moto?"]
["2023年","8月份","L0000024524","Bean Sprout\\去根黄豆芽","KG",1.5,12,18,"Kitchen-Specialty Kitchen?Smoki Moto?"]
["2023年","8月份","L0000019330","Turnip White\\白萝卜","KG",8,3.6,28.8,"Kitchen-Specialty Kitchen?Smoki Moto?"]
["2023年","8月份","L0000019216","Lettuce Iceburg\\西生菜","KG",2,17,34,"Kitchen-Specialty Kitchen?Smoki Moto?"]
["2023年","8月份","L0000019104","Baby Carrot Fingerling \\手指胡萝卜","KG",1,20,20,"Kitchen-Specialty Kitchen?Smoki Moto?"]
["2023年","8月份","L0000254742","Meat/Poultry/Pork Local/Pork Spare Rib Superior/优质猪排骨(肉厚)","KG",10,96,960,"Kitchen-Specialty Kitchen?Smoki Moto?"]
["2023年","8月份","L0000445634","JT-eggs\\鸡蛋-\\KG","KG",3,14,42,"Kitchen-Specialty Kitchen?Smoki Moto?"]
["2023年","8月份","L0000976204","Egg Quail\\鹌鹑蛋 去皮","KG",1.5,26,39,"Kitchen-Specialty Kitchen?Smoki Moto?"]
["2023年","8月份","L0001647196","The sun rose\\阳光玫瑰\\大果/KG","KG",1,48,48,"Kitchen-Specialty Kitchen?Smoki Moto?"]
["2023年","8月份","L0000018856","Avocados\\牛油果","KG",0.5,44,22,"Kitchen-Specialty Kitchen?Smoki Moto?"]
["2023年","8月份","L0000033189","Fruit Fresh Navel Orange\\脐橙","KG",3,11,33,"Kitchen-Specialty Kitchen?Smoki Moto?"]
["2023年","8月份","L0000018960","Local Seedless Watermelon\\本地无籽西瓜","KG",6,4,24,"Kitchen-Specialty Kitchen?Smoki Moto?"]
["2023年","8月份","L0000162206","Fruit Fresh Hami Melon哈密瓜kg","KG",6,5.8,34.8,"Kitchen-Specialty Kitchen?Smoki Moto?"]
["2023年","8月份","L0000018873","Dragon Fruit Redmeat\\红肉火龙果","KG",3,16,48,"Kitchen-Specialty Kitchen?Smoki Moto?"]
["2023年","8月份","L0000038698","Shellfish Fresh Big Size Clam \\大文蛤","KG",2,35,70,"Kitchen-Specialty Kitchen?Smoki Moto?"]
["2023年","8月份","L0000428192","Seafood\\River Eel\\河鳗\\650 900g(活)","KG",2.2,76,167.2,"Kitchen-Specialty Kitchen?Smoki Moto?"]
["2023年","8月份","L0002334200","Wagyu Beef upper brain eye meat A\\和牛上脑眼肉A","KG",2,650,1300,"Kitchen-Specialty Kitchen?Smoki Moto?"]
["2023年","8月份","L0000401403","Seafood\\Japanese Ebi For Buffet\\日式甜虾刺身用\\1Kg/Bx","KG",1,275,275,"Kitchen-Specialty Kitchen?Smoki Moto?"]
["2023年","8月份","L0000927098","Fish Fresh Live Octopus\\活八爪鱼\\KG","KG",2,105,210,"Kitchen-Specialty Kitchen?Smoki Moto?"]
["2023年","8月份","L0000023469","Peony Prawn\\牡丹虾\\20-24尾\\Bx","BX",1,545,545,"Kitchen-Specialty Kitchen?Smoki Moto?"]
["2023年","8月份","L0001389242","Fresh Salmon Fish 冰鲜三文鱼 5kg-7kg 挪威 [Kg]","KG",7,168,1176,"Kitchen-Specialty Kitchen?Smoki Moto?"]
["2023年","8月份","L0001748976","Raw frozen black tiger prawns\\3头生冻黑虎虾\\6只/盒","BX",5,145,725,"Kitchen-Specialty Kitchen?Smoki Moto?"]
["2023年","8月份","L0001724035","The aaa belt\\3A级带子\\刺身级\\1KG/盒","BX",1,280,280,"Kitchen-Specialty Kitchen?Smoki Moto?"]
["2023年","8月份","L0002376750","Frozen bluefin tuna with big bellies\\冰鲜蓝鳍金枪鱼大腹","KG",1,1280,1280,"Kitchen-Specialty Kitchen?Smoki Moto?"]
["2023年","8月份","L0001531054","Chilled yellowfin tuna meat 5-8kg/冰鲜黄鳍金枪鱼大腹肉/kg","KG",0,500,0,"Kitchen-Specialty Kitchen?Smoki Moto?"]
["2023年","8月份","L0000303484","Seafood\\YEN FOOD ABALONE LIVE 8PC\\鲜活鲍鱼（8头）\\KG","KG",1,156,156,"Kitchen-Specialty Kitchen?Smoki Moto?"]
["2023年","8月份","L0000019686","Hard Shell Crab\\肉蟹\\250g-350g","KG",0.2,155,31,"Kitchen-Specialty Kitchen?Smoki Moto?"]
["2023年","8月份","L0001552654","Fish cake/釜山韩国鱼饼/包/400g","BAG",6,13.5,81,"Kitchen-Specialty Kitchen?Smoki Moto?"]
["2023年","8月份","L0001719766","Crushed sesame nori\\芝麻海苔碎\\炒海苔\\海洋海苔\\125g/包","BAG",5,19,95,"Kitchen-Specialty Kitchen?Smoki Moto?"]
["2023年","8月份","L0001076364","Food Dry Goods Rice / Grain / Cereal/Xiaohuozi Cheese Rice cake小伙子芝士年糕 500g/EA(南瓜、紫苏、原味、蛋黄、草莓)口味下单备注","EA",5,14.5,72.5,"Kitchen-Specialty Kitchen?Smoki Moto?"]
["2023年","8月份","L0001548409","Flour Mix\\Waffle mix\\查尔金米片年糕/500G/","BAG",5,9,45,"Kitchen-Specialty Kitchen?Smoki Moto?"]
["2023年","8月份","L0001088922","Food\\韩国琥珀炸鸡酱5KG","EA",0,156,0,"Kitchen-Specialty Kitchen?Smoki Moto?"]
["2023年","8月份","L0001730292","Kumgang Spicy Cabbage\\金刚山辣白菜(20包起订)400g/包","BAG",0,12,0,"Kitchen-Specialty Kitchen?Smoki Moto?"]
["2023年","8月份","L0000123351","Beef Local\\The cowboy bone\\雪花牛肋骨\\KG","KG",5.7,233.94,1333.46,"Kitchen-Specialty Kitchen?Smoki Moto?"]
["2023年","8月份","L0000052221","Flour\\BaiHe Mix Sticky Rice Flour\\白鹤澄面\\400G","BAG",2,6.1262,12.25,"Kitchen-Specialty Kitchen?Smoki Moto?"]
["2023年","8月份","L0000052144","Sauce Japanese Mustard Cream\\日式芥末膏\\43g","PKG",10,7.54,75.4,"Kitchen-Specialty Kitchen?Smoki Moto?"]
["2023年","8月份","L0000087498","Dry goods others\\Sushi Ginger Bud\\红姜芽 340g","PK",2,20,40,"Kitchen-Specialty Kitchen?Smoki Moto?"]
["2023年","8月份","L0001088917","Food\\日式大成昭和天妇罗粉700G","EA",2,14.6,29.2,"Kitchen-Specialty Kitchen?Smoki Moto?"]
["2023年","8月份","L0000898141","vermicelli\\韩国不倒翁粉条\\500g/Bag","BAG",5,34.88,174.4,"Kitchen-Specialty Kitchen?Smoki Moto?"]
["2023年","8月份","L0000017505","Tip tree Mustard sauce with Honey\\蜜糖芥末酱\\310g","BTL",1,26.99,26.99,"Kitchen-Specialty Kitchen?Smoki Moto?"]
["2023年","8月份","L0000254191","Dry Goods/Dry Seafood/Undaria/洋琪中华裙带菜/1000G/Each","EA",2,22,44,"Kitchen-Specialty Kitchen?Smoki Moto?"]
["2023年","8月份","L0000898141","vermicelli\\韩国不倒翁粉条\\500g/Bag","BAG",3,34.88,104.64,"Kitchen-Specialty Kitchen?Smoki Moto?"]
["2023年","8月份","L0000081794","Luhua peanut oil\\鲁花花生油（5L*4）","CS",1,620,620,"Kitchen-Chinese Kitchen?Man Ho?"]
["2023年","8月份","L0000017531","Dried Red Bean\\红豆","KG",2,17,34,"Kitchen-Chinese Kitchen?Man Ho?"]
["2023年","8月份","L0000017436","SanXiang Glutinous Rice Flour\\三象水磨糯米粉\\500g","PK",3,8,24,"Kitchen-Chinese Kitchen?Man Ho?"]
["2023年","8月份","L0000103475","Within the progenitor of lipid box of tofu\\祖名内脂盒豆腐\\410/bx","BX",5,1.6,8,"Kitchen-Chinese Kitchen?Man Ho?"]
["2023年","8月份","L0000019102","Cabbage White Small\\小白菜","KG",0,16,0,"Kitchen-Chinese Kitchen?Man Ho?"]
["2023年","8月份","L0000019174","Garlic Peeled\\蒜肉","KG",2.7,12,32.4,"Kitchen-Chinese Kitchen?Man Ho?"]
["2023年","8月份","L0000019178","Ginger Peeled Blue\\生姜去皮","KG",2,23,46,"Kitchen-Chinese Kitchen?Man Ho?"]
["2023年","8月份","L0000019208","Leeks\\京葱","KG",2,8,16,"Kitchen-Chinese Kitchen?Man Ho?"]
["2023年","8月份","L0000024569","Solanum Tuberdsm\\紫薯","KG",1.5,13,19.5,"Kitchen-Chinese Kitchen?Man Ho?"]
["2023年","8月份","L0000033105","Vegetable Fresh Winter Melon\\冬瓜","KG",1,5.5,5.5,"Kitchen-Chinese Kitchen?Man Ho?"]
["2023年","8月份","L0000033142","Vegetable Fresh Mustard Leaf\\芥兰 本地 去根\\L14cm","KG",2,19,38,"Kitchen-Chinese Kitchen?Man Ho?"]
["2023年","8月份","L0000019084","Local Bell Pepper Red\\本地红圆椒","KG",1,25,25,"Kitchen-Chinese Kitchen?Man Ho?"]
["2023年","8月份","L0000019085","Local Bell Pepper Yellow\\本地黄圆椒","KG",2,29,58,"Kitchen-Chinese Kitchen?Man Ho?"]
["2023年","8月份","L0000024431","Veg. Angled Luffa Gd\\广东丝瓜","KG",2,12,24,"Kitchen-Chinese Kitchen?Man Ho?"]
["2023年","8月份","L0000024431","Veg. Angled Luffa Gd\\广东丝瓜","KG",2,12,24,"Kitchen-Chinese Kitchen?Man Ho?"]
["2023年","8月份","L0000024523","Sweet Bean\\甜蜜豆","KG",5,36,180,"Kitchen-Chinese Kitchen?Man Ho?"]
["2023年","8月份","L0000024552","Cuke\\日本小黄瓜","KG",2,14,28,"Kitchen-Chinese Kitchen?Man Ho?"]
["2023年","8月份","L0000024564","Basil/九层塔/Kg","KG",0.2,70,14,"Kitchen-Chinese Kitchen?Man Ho?"]
["2023年","8月份","L0000033083","Vegetable Fresh Local Pepper Green\\本地青椒","KG",1,6,6,"Kitchen-Chinese Kitchen?Man Ho?"]
["2023年","8月份","L0000033103","Vegetable Fresh Carrot\\胡萝卜","KG",2,5,10,"Kitchen-Chinese Kitchen?Man Ho?"]
["2023年","8月份","L0000033151","Vegetable Fresh Wild Rice Stem\\茭白","KG",2,16,32,"Kitchen-Chinese Kitchen?Man Ho?"]
["2023年","8月份","L0000087075","Vegetable Fresh\\Chili red\\红杭椒","KG",0.5,23,11.5,"Kitchen-Chinese Kitchen?Man Ho?"]
["2023年","8月份","L0000153057","Nuts/Seeds/Beans-去皮绿豆","KG",1,15,15,"Kitchen-Chinese Kitchen?Man Ho?"]
["2023年","8月份","L0000163638","Vegetable Fresh Fresh Termitomyces Albuminosus\\新鲜鸡枞菌","KG",0,68,0,"Kitchen-Chinese Kitchen?Man Ho?"]
["2023年","8月份","L0000363373","Corn\\水果玉米","KG",1.5,10,15,"Kitchen-Chinese Kitchen?Man Ho?"]
["2023年","8月份","L0000759474","Weifang green radish\\潍坊青萝卜","KG",2,9,18,"Kitchen-Chinese Kitchen?Man Ho?"]
["2023年","8月份","L0000019104","Baby Carrot Fingerling \\手指胡萝卜","KG",0.5,20,10,"Kitchen-Chinese Kitchen?Man Ho?"]
["2023年","8月份","L0000019109","Celery Process\\加工西芹","KG",2,16,32,"Kitchen-Chinese Kitchen?Man Ho?"]
["2023年","8月份","L0000019219","Local Lettuce\\本地生菜","KG",2,9,18,"Kitchen-Chinese Kitchen?Man Ho?"]
["2023年","8月份","L0000019226","Lotus Seed Pitted Fresh\\鲜莲子去芯\\85g","EA",4,16,64,"Kitchen-Chinese Kitchen?Man Ho?"]
["2023年","8月份","L0000019226","Lotus Seed Pitted Fresh\\鲜莲子去芯\\85g","EA",5,16,80,"Kitchen-Chinese Kitchen?Man Ho?"]
["2023年","8月份","L0000024411","Bird Eyes Chili Fresh\\鲜小米辣","KG",0.3,23,6.9,"Kitchen-Chinese Kitchen?Man Ho?"]
["2023年","8月份","L0000024414","Chili Green Hang Jiao\\绿杭椒","KG",1,15.6,15.6,"Kitchen-Chinese Kitchen?Man Ho?"]
["2023年","8月份","L0000024524","Bean Sprout\\去根黄豆芽","KG",1,12,12,"Kitchen-Chinese Kitchen?Man Ho?"]
["2023年","8月份","L0000024576","Chinese Yam\\紫山药","KG",3.5,48,168,"Kitchen-Chinese Kitchen?Man Ho?"]
["2023年","8月份","L0000033116","Vegetable Fresh Bean Sprout Big\\银芽 去头去尾","KG",0.5,12,6,"Kitchen-Chinese Kitchen?Man Ho?"]
["2023年","8月份","L0000033137","Vegetable Fresh Crowndaisy Chrysanthemum\\茼蒿 去头 尾到茎长\\20cm","KG",2,12,24,"Kitchen-Chinese Kitchen?Man Ho?"]
["2023年","8月份","L0000033137","Vegetable Fresh Crowndaisy Chrysanthemum\\茼蒿 去头 尾到茎长\\20cm","KG",2,12,24,"Kitchen-Chinese Kitchen?Man Ho?"]
["2023年","8月份","L0000036694","Vegetable Fresh Lemongrass Local Peeled \\本地香茅 去叶","KG",1,30,30,"Kitchen-Chinese Kitchen?Man Ho?"]
["2023年","8月份","L0000037211","Vegetable Fresh Brussel Sprouts For Local \\本地孢子甘蓝","KG",1,37,37,"Kitchen-Chinese Kitchen?Man Ho?"]
["2023年","8月份","L0000037702","Vegetable Fresh Mini Chinese Watermelon \\迷你冬瓜","EA",6,18,108,"Kitchen-Chinese Kitchen?Man Ho?"]
["2023年","8月份","L0000037702","Vegetable Fresh Mini Chinese Watermelon \\迷你冬瓜","EA",5,18,90,"Kitchen-Chinese Kitchen?Man Ho?"]
["2023年","8月份","L0000051422","Spinach\\菠菜","KG",3,13,39,"Kitchen-Chinese Kitchen?Man Ho?"]
["2023年","8月份","L0000076626","Sun Chrysanthemum Petals\\太阳菊花瓣\\20g\\盒","BX",1,20,20,"Kitchen-Chinese Kitchen?Man Ho?"]
["2023年","8月份","L0000087050","Vegetable Fresh\\Peass prout\\ 豌豆苗（板）","EA",1,15,15,"Kitchen-Chinese Kitchen?Man Ho?"]
["2023年","8月份","L0000090686","Bamboo fungus egg\\竹笙蛋\\KG","KG",1,240,240,"Kitchen-Chinese Kitchen?Man Ho?"]
["2023年","8月份","L0000090686","Bamboo fungus egg\\竹笙蛋\\KG","KG",0,240,0,"Kitchen-Chinese Kitchen?Man Ho?"]
["2023年","8月份","L0000105931","cheese nut新鲜板栗/kg","KG",1,23,23,"Kitchen-Chinese Kitchen?Man Ho?"]
["2023年","8月份","L0000122723","Alkaline noodle碱面条","KG",3,8,24,"Kitchen-Chinese Kitchen?Man Ho?"]
["2023年","8月份","L0000152477","Vegetable Fresh-粉葛（精选）","KG",2,30,60,"Kitchen-Chinese Kitchen?Man Ho?"]
["2023年","8月份","L0000281463","Endive苦菊 kg","KG",1,16,16,"Kitchen-Chinese Kitchen?Man Ho?"]
["2023年","8月份","L0000433072","XiuQiu Mushroom\\绣球菌\\KG","KG",1,95,95,"Kitchen-Chinese Kitchen?Man Ho?"]
["2023年","8月份","L0000811556","hericium erinaceus/鲜猴头菇菌/KG","KG",1,70,70,"Kitchen-Chinese Kitchen?Man Ho?"]
["2023年","8月份","L0000811556","hericium erinaceus/鲜猴头菇菌/KG","KG",0.5,70,35,"Kitchen-Chinese Kitchen?Man Ho?"]
["2023年","8月份","L0001334080","Stripe radish\\条纹萝卜","KG",0.5,36,18,"Kitchen-Chinese Kitchen?Man Ho?"]
["2023年","8月份","L0001624690","lily\\净鲜百合80g（盒装）/BX","BX",5,11,55,"Kitchen-Chinese Kitchen?Man Ho?"]
["2023年","8月份","L0001887241","Fresh Seedpod of the lotus\\鲜莲蓬\\EA","EA",10,10,100,"Kitchen-Chinese Kitchen?Man Ho?"]
["2023年","8月份","L0000018625","Pork Belly Trimmed With Skin\\带皮中方五花肉五层楼","KG",0.6,48,28.8,"Kitchen-Chinese Kitchen?Man Ho?"]
["2023年","8月份","L0000018625","Pork Belly Trimmed With Skin\\带皮中方五花肉五层楼","KG",4,48,192,"Kitchen-Chinese Kitchen?Man Ho?"]
["2023年","8月份","L0000018625","Pork Belly Trimmed With Skin\\带皮中方五花肉五层楼","KG",3,48,144,"Kitchen-Chinese Kitchen?Man Ho?"]
["2023年","8月份","L0000023614","Pigeon\\乳鸽\\300G","EA",20,28,560,"Kitchen-Chinese Kitchen?Man Ho?"]
["2023年","8月份","L0000023614","Pigeon\\乳鸽\\300G","EA",10,28,280,"Kitchen-Chinese Kitchen?Man Ho?"]
["2023年","8月份","L0000023693","Meat Beef Rump\\牛霖","KG",5,145,725,"Kitchen-Chinese Kitchen?Man Ho?"]
["2023年","8月份","L0000023693","Meat Beef Rump\\牛霖","KG",3,145,435,"Kitchen-Chinese Kitchen?Man Ho?"]
["2023年","8月份","L0000060583","Pork Local Streaky\\精选五花肉","KG",4,48,192,"Kitchen-Chinese Kitchen?Man Ho?"]
["2023年","8月份","L0000018603","Pig Neck\\猪颈肉","KG",2,70,140,"Kitchen-Chinese Kitchen?Man Ho?"]
["2023年","8月份","L0000023666","Pork Bones W Meat\\猪龙骨","KG",4,36,144,"Kitchen-Chinese Kitchen?Man Ho?"]
["2023年","8月份","L0000023672","Pork\\去皮五花肉","KG",3,36,108,"Kitchen-Chinese Kitchen?Man Ho?"]
["2023年","8月份","L0000023697","Beef Brisket\\牛吭腩","KG",1.3,145,188.5,"Kitchen-Chinese Kitchen?Man Ho?"]
["2023年","8月份","L0000023723","Duck\\白条鸭","KG",10,24.8,248,"Kitchen-Chinese Kitchen?Man Ho?"]
["2023年","8月份","L0001709053","Local quality hens (cleaned)\\本地优母鸡（净膛）","KG",13,39,507,"Kitchen-Chinese Kitchen?Man Ho?"]
["2023年","8月份","L0001709053","Local quality hens (cleaned)\\本地优母鸡（净膛）","KG",6,39,234,"Kitchen-Chinese Kitchen?Man Ho?"]
["2023年","8月份","L0000445634","JT-eggs\\鸡蛋-\\KG","KG",3,14,42,"Kitchen-Chinese Kitchen?Man Ho?"]
["2023年","8月份","L0001525502","Pineapple / lead/凤梨/带头","KG",2,12,24,"Kitchen-Chinese Kitchen?Man Ho?"]
["2023年","8月份","L0000018919","HaiNan TaiNong Mango \\大台农芒果","KG",2,22,44,"Kitchen-Chinese Kitchen?Man Ho?"]
["2023年","8月份","L0001647196","The sun rose\\阳光玫瑰\\大果/KG","KG",2,48,96,"Kitchen-Chinese Kitchen?Man Ho?"]
["2023年","8月份","L0000970199","Produce蔬菜水果\\green lemon lenves\\泰国小青柠檬","KG",1,24,24,"Kitchen-Chinese Kitchen?Man Ho?"]
["2023年","8月份","L0000018960","Local Seedless Watermelon\\本地无籽西瓜","KG",15,4,60,"Kitchen-Chinese Kitchen?Man Ho?"]
["2023年","8月份","L0000033180","Fruit Fresh Lemon\\柠檬","KG",3,12.6,37.8,"Kitchen-Chinese Kitchen?Man Ho?"]
["2023年","8月份","L0000033189","Fruit Fresh Navel Orange\\脐橙","KG",8,11,88,"Kitchen-Chinese Kitchen?Man Ho?"]
["2023年","8月份","L0000034156","Fruit Fresh Kiwi Gold\\猕猴桃(金果)","KG",1,60,60,"Kitchen-Chinese Kitchen?Man Ho?"]
["2023年","8月份","L0000018873","Dragon Fruit Redmeat\\红肉火龙果","KG",3,16,48,"Kitchen-Chinese Kitchen?Man Ho?"]
["2023年","8月份","L0000162206","Fruit Fresh Hami Melon哈密瓜kg","KG",7,5.8,40.6,"Kitchen-Chinese Kitchen?Man Ho?"]
["2023年","8月份","L0000087087","Fruit Fresh\\Passion fruit百香果","KG",2,40,80,"Kitchen-Chinese Kitchen?Man Ho?"]
["2023年","8月份","L0001594471","Shrimp roe\\虾籽（称重）/KG","KG",1,300,300,"Kitchen-Chinese Kitchen?Man Ho?"]
["2023年","8月份","L0000035229","Fish Fresh Eel Killed \\去骨黄鳝鱼片","KG",1,90,90,"Kitchen-Chinese Kitchen?Man Ho?"]
["2023年","8月份","L0001624673","Shrimp and smooth\\虾胶虾滑395G/包","BAG",3,60,180,"Kitchen-Chinese Kitchen?Man Ho?"]
["2023年","8月份","L0000122554","Soft-Shelled side of Tortoise\\甲鱼裙边","KG",0.5,1925,962.5,"Kitchen-Chinese Kitchen?Man Ho?"]
["2023年","8月份","L0000034708","Green Shrimp/青虾仁/21-25/Kg","KG",5,85,425,"Kitchen-Chinese Kitchen?Man Ho?"]
["2023年","8月份","L0000019429","Grouper Green Live\\青斑\\0.8-1kg","KG",1.1,135,148.5,"Kitchen-Chinese Kitchen?Man Ho?"]
["2023年","8月份","L0000019700","Live Boston Lobster\\活波士顿龙虾\\500-650g","KG",2.4,270,648,"Kitchen-Chinese Kitchen?Man Ho?"]
["2023年","8月份","L0000019720","Red Lobster\\红龙虾\\0.8-1.15kg","KG",0.8,825,660,"Kitchen-Chinese Kitchen?Man Ho?"]
["2023年","8月份","L0000019733","Sha Shrimp\\沙虾\\30-40pcs","KG",0.3,70,21,"Kitchen-Chinese Kitchen?Man Ho?"]
["2023年","8月份","L0000022324","Weever\\鲈鱼\\0.6-0.75kg","KG",1.6,50,80,"Kitchen-Chinese Kitchen?Man Ho?"]
["2023年","8月份","L0000303484","Seafood\\YEN FOOD ABALONE LIVE 8PC\\鲜活鲍鱼（8头）\\KG","KG",2,156,312,"Kitchen-Chinese Kitchen?Man Ho?"]
["2023年","8月份","L0000022289","Conch\\海螺","KG",2.2,100,220,"Kitchen-Chinese Kitchen?Man Ho?"]
["2023年","8月份","L0000022323","Mandarin Fish\\桂鱼\\0.65-0.9kg","KG",3.14,135,423.9,"Kitchen-Chinese Kitchen?Man Ho?"]
["2023年","8月份","L0000017620","HaiTian Rice Vinegar\\海天白米醋\\450ml","BTL",0,6,0,"Kitchen-Chinese Kitchen?Man Ho?"]
["2023年","8月份","L0000016846","Nestle Milk Powder\\雀巢奶粉袋装\\500g","PK",1,38,38,"Kitchen-Chinese Kitchen?Man Ho?"]
["2023年","8月份","L0000036817","Flour / Mix Sweet Potato Starch \\红薯淀粉","KG",0,15,0,"Kitchen-Chinese Kitchen?Man Ho?"]
["2023年","8月份","L0000087501","Dry goods others\\To coat the walnut\\去衣核桃仁","KG",3,57.52,172.56,"Kitchen-Chinese Kitchen?Man Ho?"]
["2023年","8月份","L0001881221","Lee Kum Kee pure fragrant sesame oil\\李锦记纯香芝麻油410ml","BTL",4,24.5,98,"Kitchen-Chinese Kitchen?Man Ho?"]
["2023年","8月份","L0000017839","Paste Taro Curd Sauce\\东古南乳\\3kg","BRL",1,68.25,68.25,"Kitchen-Chinese Kitchen?Man Ho?"]
["2023年","8月份","L0000017402","FengChe Potato Stach Flour\\风车生粉\\25kg","PK",1,376.11,376.11,"Kitchen-Chinese Kitchen?Man Ho?"]
["2023年","8月份","L0000017362","GaoDa Coconut Milk Kos\\金牌高达椰浆\\400g","CAN",4,11,44,"Kitchen-Chinese Kitchen?Man Ho?"]
["2023年","8月份","L0000017124","Green Pepper Dried\\青花椒","KG",0.2,155,31,"Kitchen-Chinese Kitchen?Man Ho?"]
["2023年","8月份","L0000017628","HengShun Vinegar\\恒顺香醋\\500ml","BTL",6,7,42,"Kitchen-Chinese Kitchen?Man Ho?"]
["2023年","8月份","L0000017792","Wasabi\\日本青芥辣劲霸芥辣\\43g","BTL",2,7.5437,15.09,"Kitchen-Chinese Kitchen?Man Ho?"]
["2023年","8月份","L0000017804","Pantainuo Chili Sauce Thai \\潘泰诺华星牌泰辣鸡汁\\730g","BTL",4,18.5631,74.25,"Kitchen-Chinese Kitchen?Man Ho?"]
["2023年","8月份","L0000017946","Coarse Salt\\本地海盐粗盐\\500g","PK",20,2.8252,56.5,"Kitchen-Chinese Kitchen?Man Ho?"]
["2023年","8月份","L0000034663","Sauce Donggu Sauce\\东古一品鲜\\500ml","EA",6,12.3689,74.21,"Kitchen-Chinese Kitchen?Man Ho?"]
["2023年","8月份","L0000052178","Rice\\Grain\\Vietnam Rice Screen Yellow\\越南米网皮(黄色）","PK",1,9.8932,9.89,"Kitchen-Chinese Kitchen?Man Ho?"]
["2023年","8月份","L0000052221","Flour\\BaiHe Mix Sticky Rice Flour\\白鹤澄面\\400G","BAG",5,6.1262,30.63,"Kitchen-Chinese Kitchen?Man Ho?"]
["2023年","8月份","L0000078525","Brandy ZhangYu\\张裕白兰地酒\\700ml","BTL",1,32.2718,32.27,"Kitchen-Chinese Kitchen?Man Ho?"]
["2023年","8月份","L0000087643","Dry goods others\\K.S.T Sau Chicken Rice Soy Swt Dark\\广祥泰鸡饭老抽 640ml","BTL",2,26,52,"Kitchen-Chinese Kitchen?Man Ho?"]
["2023年","8月份","L0000123369","Chili Powder\\本地辣椒面（粗）","KG",0.5,37.1942,18.6,"Kitchen-Chinese Kitchen?Man Ho?"]
["2023年","8月份","L0000418930","Salt 淮牌海藻碘食用盐400gBag\\包","EA",30,2.2,66,"Kitchen-Chinese Kitchen?Man Ho?"]
["2023年","8月份","L0001865241","Lotus root starch round\\鑫名肴\\藕粉圆\\400g/袋","BAG",10,15,150,"Kitchen-Chinese Kitchen?Man Ho?"]
["2023年","8月份","L0000017204","McCormick Pepper White Powder\\味好美白胡椒粉\\510g","CAN",1,135,135,"Kitchen-Chinese Kitchen?Man Ho?"]
["2023年","8月份","L0000017395","Rice Flour\\粘米粉\\500g","PK",3,9.9417,29.83,"Kitchen-Chinese Kitchen?Man Ho?"]
["2023年","8月份","L0000019085","Local Bell Pepper Yellow\\本地黄圆椒","KG",2,29,58,"Kitchen-Banquet Kitchen"]
["2023年","8月份","L0000024538","Ginger Pork\\姜肉","KG",2,24,48,"Kitchen-Banquet Kitchen"]
["2023年","8月份","L0000019174","Garlic Peeled\\蒜肉","KG",2.5,12,30,"Kitchen-Banquet Kitchen"]
["2023年","8月份","L0000019343","White Jade Mushroom\\白玉菇","KG",2,16,32,"Kitchen-Banquet Kitchen"]
["2023年","8月份","L0000019343","White Jade Mushroom\\白玉菇","KG",0.7,16,11.2,"Kitchen-Banquet Kitchen"]
["2023年","8月份","L0000024488","Onion Spring\\小葱","KG",2,12,24,"Kitchen-Banquet Kitchen"]
["2023年","8月份","L0000033084","Vegetable Fresh Local Pepper Red\\本地红椒 直身","KG",2,15,30,"Kitchen-Banquet Kitchen"]
["2023年","8月份","L0000122723","Alkaline noodle碱面条","KG",3.5,8,28,"Kitchen-Banquet Kitchen"]
["2023年","8月份","L0001624721","Iron yam\\加工净铁棍山药/KG","KG",4,27,108,"Kitchen-Banquet Kitchen"]
["2023年","8月份","L0000087072","Vegetable Fresh\\Leek\\青大蒜","KG",1,8,8,"Kitchen-Banquet Kitchen"]
["2023年","8月份","L0000033107","Vegetable Fresh Baby Vegetable\\娃娃菜","EA",18,6,108,"Kitchen-Banquet Kitchen"]
["2023年","8月份","L0000024473","Broccoli Green\\去根西兰花","KG",9,16,144,"Kitchen-Banquet Kitchen"]
["2023年","8月份","L0000024473","Broccoli Green\\去根西兰花","KG",0.75,16,12,"Kitchen-Banquet Kitchen"]
["2023年","8月份","L0000019080","Bean Sprout\\黄豆芽","KG",7,4,28,"Kitchen-Banquet Kitchen"]
["2023年","8月份","L0000019258","Onion Red Peeled\\去皮红洋葱","KG",2,7,14,"Kitchen-Banquet Kitchen"]
["2023年","8月份","L0000023672","Pork\\去皮五花肉","KG",10,36,360,"Kitchen-Banquet Kitchen"]
["2023年","8月份","L0000023306","Frz Chicken Rack\\鸡骨架","KG",14,8,112,"Kitchen-Banquet Kitchen"]
["2023年","8月份","L0000018658","Chicken Old\\老鸡2kg","KG",5,40,200,"Kitchen-Banquet Kitchen"]
["2023年","8月份","L0000033254","Pork Local Bone\\猪筒骨","KG",10,38,380,"Kitchen-Banquet Kitchen"]
["2023年","8月份","L0000023723","Duck\\白条鸭","KG",17.5,24.8,434,"Kitchen-Banquet Kitchen"]
["2023年","8月份","L0000976204","Egg Quail\\鹌鹑蛋 去皮","KG",3.25,26,84.5,"Kitchen-Banquet Kitchen"]
["2023年","8月份","L0000033253","Pork Local Pigskin\\猪皮","KG",5,12,60,"Kitchen-Banquet Kitchen"]
["2023年","8月份","L0000445634","JT-eggs\\鸡蛋-\\KG","KG",10,14,140,"Kitchen-Banquet Kitchen"]
["2023年","8月份","L0000122700","Frozen Chicken feet\\冻鸡爪","KG",0.5,45,22.5,"Kitchen-Banquet Kitchen"]
["2023年","8月份","L0000496902","Pork Rib\\精排骨\\KG","KG",1,63,63,"Kitchen-Banquet Kitchen"]
["2023年","8月份","L0000034098","Pork Local Minced Meat\\肉末\\3分肥肉7分瘦肉","KG",10,38,380,"Kitchen-Banquet Kitchen"]
["2023年","8月份","L0000023648","Meat Pork Lean Leg\\猪赤肉","KG",1,44,44,"Kitchen-Banquet Kitchen"]
["2023年","8月份","L0000023614","Pigeon\\乳鸽\\300G","EA",10,28,280,"Kitchen-Banquet Kitchen"]
["2023年","8月份","L0000018658","Chicken Old\\老鸡2kg","KG",1.5,40,60,"Kitchen-Banquet Kitchen"]
["2023年","8月份","L0000052178","Rice\\Grain\\Vietnam Rice Screen Yellow\\越南米网皮(黄色）","PK",20,9.8932,197.86,"Kitchen-Banquet Kitchen"]
["2023年","8月份","L0000051434","Japanese Red Pumpkin\\日本红皮南瓜","KG",2,11,22,"Kitchen-Banquet Kitchen"]
["2023年","8月份","L0000024538","Ginger Pork\\姜肉","KG",1,24,24,"Kitchen-Banquet Kitchen"]
["2023年","8月份","L0000033084","Vegetable Fresh Local Pepper Red\\本地红椒 直身","KG",1,15,15,"Kitchen-Banquet Kitchen"]
["2023年","8月份","L0000024488","Onion Spring\\小葱","KG",1,10.5,10.5,"Kitchen-Banquet Kitchen"]
["2023年","8月份","L0000019343","White Jade Mushroom\\白玉菇","KG",1,16,16,"Kitchen-Banquet Kitchen"]
["2023年","8月份","L0000019208","Leeks\\京葱","KG",1.5,8,12,"Kitchen-Banquet Kitchen"]
["2023年","8月份","L0000019174","Garlic Peeled\\蒜肉","KG",1,12,12,"Kitchen-Banquet Kitchen"]
["2023年","8月份","L0000051422","Spinach\\菠菜","KG",2,13,26,"Kitchen-Banquet Kitchen"]
["2023年","8月份","L0000034896","Vegetable Fresh Abalone Mushrooms \\杏鲍菇","KG",1,13,13,"Kitchen-Banquet Kitchen"]
["2023年","8月份","L0000024550","Onion\\去皮干葱头","KG",0.5,17.8,8.9,"Kitchen-Banquet Kitchen"]
["2023年","8月份","L0000019161","Fresh Matsutake Mushrooml.M Size\\新鲜松茸","KG",0.75,60,45,"Kitchen-Banquet Kitchen"]
["2023年","8月份","L0000122723","Alkaline noodle碱面条","KG",1.5,8,12,"Kitchen-Banquet Kitchen"]
["2023年","8月份","L0000074290","Fish Fresh\\cooked Eel silk \\熟鳝丝","KG",2,105,210,"Kitchen-Banquet Kitchen"]
["2023年","8月份","L0000164202","Frozen small yellow croaker washed\\冰冻小黄鱼洗净","KG",3.85,41,157.85,"Kitchen-Banquet Kitchen"]
["2023年","8月份","L0000034709","Shellfish Frozen Shrimp\\青虾仁\\26-30","KG",1.5,70,105,"Kitchen-Banquet Kitchen"]
["2023年","8月份","L0000269881","Shellfish Fresh/Dalian abalone 大连活鲍鱼/(5-6头)*KG","KG",1.8,195,351,"Kitchen-Banquet Kitchen"]
["2023年","8月份","L0000033289","Fish Fresh Grass Carp\\草鱼","KG",3,20,60,"Kitchen-Banquet Kitchen"]
["2023年","8月份","L0001094064","Seafood\\he squid flower\\鱿鱼花","PK",20,15,300,"Kitchen-Banquet Kitchen"]
["2023年","8月份","L0000034710","Shellfish Frozen Shrimp\\青虾仁\\31-40","KG",5,96,480,"Kitchen-Banquet Kitchen"]
["2023年","8月份","L0000019686","Hard Shell Crab\\肉蟹\\250g-350g","KG",2.5,155,387.5,"Kitchen-Banquet Kitchen"]
["2023年","8月份","L0001076364","Food Dry Goods Rice / Grain / Cereal/Xiaohuozi Cheese Rice cake小伙子芝士年糕 500g/EA(南瓜、紫苏、原味、蛋黄、草莓)口味下单备注","EA",2,14.5,29,"Kitchen-Banquet Kitchen"]
["2023年","8月份","L0000017799","Bovri Beef Broth\\保卫尔牛肉汁\\500g","BTL",1,25,25,"Kitchen-Banquet Kitchen"]
["2023年","8月份","L0001370393","Yasui cuttlefish ball\\安井墨鱼丸\\2.5kg/袋","BAG",1,58,58,"Kitchen-Banquet Kitchen"]
["2023年","8月份","L0000333206","Into the whole egg's surface\\进亿全蛋伊面 1.1KG\\条\\each","EA",2,40.5,81,"Kitchen-Banquet Kitchen"]
["2023年","8月份","L0001681622","Wang Jiao keeps peppercorns fresh\\娇王保鲜花椒350g/包","BAG",5,13,65,"Kitchen-Banquet Kitchen"]
["2023年","8月份","L0001549164","San Quan Dumpings\\三全小笼包\\1kg\\包","BAG",7,28,196,"Kitchen-Banquet Kitchen"]
["2023年","8月份","L0000087533","Noodles EDR-Udon Noodles\\美国厨师乌冬面","BAG",20,3.6,72,"Kitchen-Banquet Kitchen"]
["2023年","8月份","L0000024203","Dry Vermicelli Longkou Chinese Kitcken\\龙口粉丝\\180G","BAG",10,4.8,48,"Kitchen-Banquet Kitchen"]
["2023年","8月份","L0000017252","Delmonte Pinapple Sliced\\地扪菠萝片\\836g","CAN",10,18,180,"Kitchen-Banquet Kitchen"]
["2023年","8月份","L0002232908","Black hair belly\\黑毛肚2.5kg/包","BAG",3,205,615,"Kitchen-Banquet Kitchen"]
["2023年","8月份","L0002162919","Li ghost garlic bone\\李鬼蒜香骨500g/包","BAG",30,38.5,1155,"Kitchen-Banquet Kitchen"]
["2023年","8月份","L0001551737","Quick frozen crispy barbecued pork (about 180 pieces)/速冻叉烧酥(180个左右)","CS",1,315,315,"Kitchen-Banquet Kitchen"]
["2023年","8月份","L0001562563","Vegetable grains/三色杂菜/1KG/BAG","BAG",3,7.2,21.6,"Kitchen-Banquet Kitchen"]
["2023年","8月份","L0001574060","Sister Kitchen Salt Crispy Chicken (Rice Chicken)\\姐妹厨房盐酥鸡（鸡米花）\\2.5kg/袋","BAG",4,70,280,"Kitchen-Banquet Kitchen"]
["2023年","8月份","L0000034347","Herbs Fresh Blueberries\\蓝莓\\125 gr/bx","EA",7,10,70,"Kitchen-Pastry"]
["2023年","8月份","L0002412946","Guilin horse hoof powder\\桂林马蹄粉\\车田河牌\\500克/袋","BAG",3,45,135,"Kitchen-Pastry"]
["2023年","8月份","L0000267293","Anchor Butter\\安佳大黄油\\25kg/箱","EA",1,1460,1460,"Kitchen-Pastry"]
["2023年","8月份","L0000419111","Toast\\全麦吐司\\1000G\\条","EA",5,21,105,"Kitchen-Pastry"]
["2023年","8月份","L0000419112","Toast\\白吐司\\1000G\\条","EA",5,21,105,"Kitchen-Pastry"]
["2023年","8月份","L0000419114","Toast\\黑麦吐司片1000g\\条","EA",5,21,105,"Kitchen-Pastry"]
["2023年","8月份","L0002475901","McChamwell durian melaleuca\\麦香威尔榴莲千层450g/盒","BX",3,69,207,"Kitchen-Pastry"]
["2023年","8月份","L0002475871","Coconut Swiss rolls\\椰香瑞士卷609g/盒","BX",0,69,0,"Kitchen-Pastry"]
["2023年","8月份","L0002475879","Lime Swiss roll\\青柠瑞士卷609g/盒","BX",3,69,207,"Kitchen-Pastry"]
["2023年","8月份","L0002475885","Mousse white jade roll\\慕斯白玉卷330g/卷(草莓味、绿茶味、巧克力味、牛奶味）","EA",10,26,260,"Kitchen-Pastry"]
["2023年","8月份","L0002475890","Black sesame potato\\黑芝麻麻薯240g/包","BAG",10,14,140,"Kitchen-Pastry"]
["2023年","8月份","L0001343861","FOOD Ice Cream Mango T’oBeray 杜佰瑞芒果冰淇淋 杜佰瑞芒果冰淇淋6L/BOX","BX",2,336.3,672.6,"Kitchen-Pastry"]
["2023年","8月份","L0001531098","St.meccaro Chocolate\\圣美卡罗优醇巧克力\\1kg\\包","BAG",5,36.28,181.4,"Kitchen-Pastry"]
["2023年","8月份","L0000017389","JinXiang Bread Flour\\香港金像牌高筋面粉 A(蛇口)\\50LB(22.7kg)","PK",1,158,158,"Kitchen-Pastry"]
["2023年","8月份","L0000032385","Cheese Elle&Vire Cream Cheese\\奶油芝士铁塔\\2kg/bx","EA",3,139,417,"Kitchen-Pastry"]
["2023年","8月份","L0001531101","Florimont cream\\稀奶油\\法仕睿\\1L/盒","BX",24,43,1032,"Kitchen-Pastry"]
["2023年","8月份","L0001580523","IFRUIT yellow peach puree\\黄桃果茸\\爱弗特\\1kg/盒","BX",5,86,430,"Kitchen-Pastry"]
["2023年","8月份","L0002247053","Okun Good Jubilee Croissant\\奥昆好禧坊牛角包(流沙蛋黄味30g*72/箱）","CS",1,190,190,"Kitchen-Pastry"]
["2023年","8月份","L0000075123","Chocolate topping味好美朱古力味顶料 1kg/Bot","BTL",2,39.823,79.65,"Kitchen-Pastry"]
["2023年","8月份","L0000933398","Delicious strawberry topping\\味好美草莓顶料","BTL",2,39.823,79.65,"Kitchen-Pastry"]
["2023年","8月份","L0001363868","Pastry\\OVODAN PASTEURIZED LIQUID EGG YOLK\\欧福巴氏杀菌蛋黄液\\970g/each","EA",3,40.71,122.13,"Kitchen-Pastry"]
["2023年","8月份","L0000024159","Coconut Meat Dry\\干椰蓉(称重)","KG",1,38,38,"Kitchen-Pastry"]
["2023年","8月份","L0001526389","Ketogenic gluten free bread / sugar Xueyou / 45g * 9 / BX/生酮无麸质面包/糖学友/45克*9/BX","BX",1,69.03,69.03,"Kitchen-Pastry"]
["2023年","8月份","L0001526393","Ketogenic gluten free bread / ketoyou / 30g * 9 / BX/生酮无麸质面包/酮友/30克*9/BX","BAG",1,69.03,69.03,"Kitchen-Pastry"]
["2023年","8月份","L0001363868","Pastry\\OVODAN PASTEURIZED LIQUID EGG YOLK\\欧福巴氏杀菌蛋黄液\\970g/each","EA",3,40.71,122.13,"Kitchen-Pastry"]
["2023年","8月份","L0002475843","Okun frozen crisp\\奥昆速冻一口酥800g*10/箱","CS",1,268,268,"Kitchen-Pastry"]
["2023年","8月份","L0001531064","Tuna oil/10L*2/non transgenic/金龙鱼油/10L*2/非转基因","CS",6,270,1620,"Kitchen-Western Kitchen?Yancheng Kitchen?"]
["2023年","8月份","L0001515004","Local rapeseed oil (bulk) / 5L / barrel\\本地菜籽油（散称）/5L/桶","BTL",2,85,170,"Kitchen-Western Kitchen?Yancheng Kitchen?"]
["2023年","8月份","L0000462547","Rice\\江苏大米\\25KG\\BAG","EA",2,120,240,"Kitchen-Western Kitchen?Yancheng Kitchen?"]
["2023年","8月份","L0000400651","Vegetable Fresh/红叶生菜","KG",0.5,33,16.5,"Kitchen-Western Kitchen?Yancheng Kitchen?"]
["2023年","8月份","L0000051424","Veg You Mai\\油麦菜","KG",5,8,40,"Kitchen-Western Kitchen?Yancheng Kitchen?"]
["2023年","8月份","L0000019086","Bitter Melon\\苦瓜","KG",5,11,55,"Kitchen-Western Kitchen?Yancheng Kitchen?"]
["2023年","8月份","L0000033103","Vegetable Fresh Carrot\\胡萝卜","KG",6,5,30,"Kitchen-Western Kitchen?Yancheng Kitchen?"]
["2023年","8月份","L0000037950","Fruit Fresh Gumbo \\秋葵","KG",2,24,48,"Kitchen-Western Kitchen?Yancheng Kitchen?"]
["2023年","8月份","L0000019174","Garlic Peeled\\蒜肉","KG",10,12,120,"Kitchen-Western Kitchen?Yancheng Kitchen?"]
["2023年","8月份","L0000024487","Onion Red\\红洋葱","KG",4,4,16,"Kitchen-Western Kitchen?Yancheng Kitchen?"]
["2023年","8月份","L0000024488","Onion Spring\\小葱","KG",2,10.5,21,"Kitchen-Western Kitchen?Yancheng Kitchen?"]
["2023年","8月份","L0000033106","Vegetable Fresh Corn Stick\\鲜玉米棒","KG",8,9,72,"Kitchen-Western Kitchen?Yancheng Kitchen?"]
["2023年","8月份","L0000033120","Vegetable Fresh Bean Green Long\\长豆角","KG",4,10,40,"Kitchen-Western Kitchen?Yancheng Kitchen?"]
["2023年","8月份","L0000162607","Vegetable Fresh Green Mustard\\青雪菜","KG",5,13,65,"Kitchen-Western Kitchen?Yancheng Kitchen?"]
["2023年","8月份","L0000105415","Vegetable Fresh\\Egg Noodle\\鸡蛋面","KG",5,10,50,"Kitchen-Western Kitchen?Yancheng Kitchen?"]
["2023年","8月份","L0000087048","Cabbage Chinese Long\\大白菜","KG",6,5,30,"Kitchen-Western Kitchen?Yancheng Kitchen?"]
["2023年","8月份","L0000051422","Spinach\\菠菜","KG",3,13,39,"Kitchen-Western Kitchen?Yancheng Kitchen?"]
["2023年","8月份","L0000034896","Vegetable Fresh Abalone Mushrooms \\杏鲍菇","KG",5,13,65,"Kitchen-Western Kitchen?Yancheng Kitchen?"]
["2023年","8月份","L0000024463","Rice Cake Stripped\\手指年糕","BAG",10,8,80,"Kitchen-Western Kitchen?Yancheng Kitchen?"]
["2023年","8月份","L0000019164","Fresh Peanut\\生花生","KG",3,10,30,"Kitchen-Western Kitchen?Yancheng Kitchen?"]
["2023年","8月份","L0000418693","Dianxin Dianxin 本地小馄饨皮1kg","KG",2,7,14,"Kitchen-Western Kitchen?Yancheng Kitchen?"]
["2023年","8月份","L0000523903","Assorted vegetable\\什锦蔬菜粒1KG/包","BAG",4,22,88,"Kitchen-Western Kitchen?Yancheng Kitchen?"]
["2023年","8月份","L0001525509","Guilin Rice noodles/桂林米粉","KG",5,10,50,"Kitchen-Western Kitchen?Yancheng Kitchen?"]
["2023年","8月份","L0000024443","Hand Tooled Noodle\\手工面","KG",3,8,24,"Kitchen-Western Kitchen?Yancheng Kitchen?"]
["2023年","8月份","L0000019091","Bottle Gourd\\葫芦瓜","KG",4,10,40,"Kitchen-Western Kitchen?Yancheng Kitchen?"]
["2023年","8月份","L0000019219","Local Lettuce\\本地生菜","KG",3,9,27,"Kitchen-Western Kitchen?Yancheng Kitchen?"]
["2023年","8月份","L0000019276","Potato Finger long\\手指薯仔","KG",6,14,84,"Kitchen-Western Kitchen?Yancheng Kitchen?"]
["2023年","8月份","L0000480182","Chicken skewer/骨肉相连串/1KG/包","EA",10,28,280,"Kitchen-Western Kitchen?Yancheng Kitchen?"]
["2023年","8月份","L0000033269","Duck / Goose Neck\\鸭脖","KG",2,28,56,"Kitchen-Western Kitchen?Yancheng Kitchen?"]
["2023年","8月份","L0000018611","German Salt Trotter Fore \\德国咸猪手","KG",15,47,705,"Kitchen-Western Kitchen?Yancheng Kitchen?"]
["2023年","8月份","L0000018727","Frozen Duck Breast\\冻鸭胸","KG",2,22,44,"Kitchen-Western Kitchen?Yancheng Kitchen?"]
["2023年","8月份","L0000549104","Beancurd Skin With Pork\\油面筋塞肉KG","KG",5,36,180,"Kitchen-Western Kitchen?Yancheng Kitchen?"]
["2023年","8月份","L0000018536","Lamb Lamb Leg Without Bone\\无骨羊腿","KG",5,120,600,"Kitchen-Western Kitchen?Yancheng Kitchen?"]
["2023年","8月份","L0000947630","Mutton string/羊肉串/30串","BAG",10,28,280,"Kitchen-Western Kitchen?Yancheng Kitchen?"]
["2023年","8月份","L0000023644","Pork Stuffing\\猪肉末","KG",5,36,180,"Kitchen-Western Kitchen?Yancheng Kitchen?"]
["2023年","8月份","L0000023646","Pork with skin\\带皮五花肉","KG",10,36,360,"Kitchen-Western Kitchen?Yancheng Kitchen?"]
["2023年","8月份","L0000023680","Pork Meat\\肉丝","KG",1,40,40,"Kitchen-Western Kitchen?Yancheng Kitchen?"]
["2023年","8月份","L0000023681","Pork Meat\\肉片","KG",3,40,120,"Kitchen-Western Kitchen?Yancheng Kitchen?"]
["2023年","8月份","L0000033226","Duck / Goose Gizzard\\鸭肫(珍)","KG",2,29,58,"Kitchen-Western Kitchen?Yancheng Kitchen?"]
["2023年","8月份","L0000162206","Fruit Fresh Hami Melon哈密瓜kg","KG",30,5.8,174,"Kitchen-Western Kitchen?Yancheng Kitchen?"]
["2023年","8月份","L0000018880","Fuji Apple\\富士苹果","KG",5,13,65,"Kitchen-Western Kitchen?Yancheng Kitchen?"]
["2023年","8月份","L0000051509","Banana Import\\进口香蕉","KG",14,9.76,136.64,"Kitchen-Western Kitchen?Yancheng Kitchen?"]
["2023年","8月份","L0000037393","Fruit Fresh Raspberry \\树莓\\125g/bx","EA",1,25,25,"Kitchen-Western Kitchen?Yancheng Kitchen?"]
["2023年","8月份","L0000033180","Fruit Fresh Lemon\\柠檬","KG",2,12.6,25.2,"Kitchen-Western Kitchen?Yancheng Kitchen?"]
["2023年","8月份","L0000033170","Fruit Fresh Nectarine\\油桃","KG",5,11,55,"Kitchen-Western Kitchen?Yancheng Kitchen?"]
["2023年","8月份","L0000018960","Local Seedless Watermelon\\本地无籽西瓜","KG",50,4,200,"Kitchen-Western Kitchen?Yancheng Kitchen?"]
["2023年","8月份","L0002331836","chilled salmon fillet\\集采冰鲜三文鱼柳","KG",9.6,167,1603.2,"Kitchen-Western Kitchen?Yancheng Kitchen?"]
["2023年","8月份","L0000033312","Fish Fresh Sea Bass\\海鲈鱼","KG",5,52,260,"Kitchen-Western Kitchen?Yancheng Kitchen?"]
["2023年","8月份","L0000144273","Shellfish Fresh Clam Live\\活香螺","KG",1.9,92,174.8,"Kitchen-Western Kitchen?Yancheng Kitchen?"]
["2023年","8月份","L0001514960","Seafood\\Small pomfret\\冰冻小鲳鱼100g-120g/条","KG",4.4,33,145.2,"Kitchen-Western Kitchen?Yancheng Kitchen?"]
["2023年","8月份","L0000164202","Frozen small yellow croaker washed\\冰冻小黄鱼洗净","KG",3.9,41,159.9,"Kitchen-Western Kitchen?Yancheng Kitchen?"]
["2023年","8月份","L0000033359","Shellfish Fresh Jiwei\\基围虾 小\\50pcs","KG",20,66,1320,"Kitchen-Western Kitchen?Yancheng Kitchen?"]
["2023年","8月份","L0001551656","Emerald snail/翡翠螺","KG",3,52,156,"Kitchen-Western Kitchen?Yancheng Kitchen?"]
["2023年","8月份","L0001748972","Ark\\北极贝\\刺身级\\M-51-60\\出成85%\\1KG/盒","BX",1,268,268,"Kitchen-Western Kitchen?Yancheng Kitchen?"]
["2023年","8月份","L0000513899","osmerus mordax red seed\\龙泽西鳞鱼籽(红)\\900g","BAG",2,73,146,"Kitchen-Western Kitchen?Yancheng Kitchen?"]
["2023年","8月份","L0000422085","Opium fish\\冰冻鸦片鱼身段","KG",30,65,1950,"Kitchen-Western Kitchen?Yancheng Kitchen?"]
["2023年","8月份","L0000033359","Shellfish Fresh Jiwei\\基围虾 小\\50pcs","KG",3,66,198,"Kitchen-Western Kitchen?Yancheng Kitchen?"]
["2023年","8月份","L0000513900","osmerus mordax yellow seed\\龙泽西鳞鱼籽（黄）\\900g","BAG",2,73,146,"Kitchen-Western Kitchen?Yancheng Kitchen?"]
["2023年","8月份","L0002232900","Lamb leg with bone\\LAMB带骨羔羊腿","KG",15,78,1170,"Kitchen-Western Kitchen?Yancheng Kitchen?"]
["2023年","8月份","L0001526369","Frise Bacon 2kg/福瑞斯五花培根(生制)2KG","BAG",5.8,99,574.2,"Kitchen-Western Kitchen?Yancheng Kitchen?"]
["2023年","8月份","L0000152556","Dried/Canned Foods-白泡菜-韩国泡菜-White Pickle","KG",10,20,200,"Kitchen-Western Kitchen?Yancheng Kitchen?"]
["2023年","8月份","L0000302093","Fried squid rings亚洲渔港鱿鱼圈 600g*9/盒","EA",4,40,160,"Kitchen-Western Kitchen?Yancheng Kitchen?"]
["2023年","8月份","L0000571072","Riscossa Pasta 4#\\丽歌意大利面直面\\3kg/bag","BAG",2,29.5,59,"Kitchen-Western Kitchen?Yancheng Kitchen?"]
["2023年","8月份","L0001323759","FOOD \\厨艺工坊微小圆形巧克力塔壳 Diam34 mm x H17 mm Maximum 20℃ 12 MTHS324 × 6 GM","CTN",1,350.69,350.69,"Kitchen-Western Kitchen?Yancheng Kitchen?"]
["2023年","8月份","L0001522598","Juice Chilled Juice Apple Juice\\橙宝苹果汁\\BTL\\2L","BTL",12,12.5,150,"Kitchen-Western Kitchen?Yancheng Kitchen?"]
["2023年","8月份","L0001522601","Juice Chilled Juice orangeJuice\\橙宝橙汁\\BTL\\2L","BTL",24,12.5,300,"Kitchen-Western Kitchen?Yancheng Kitchen?"]
["2023年","8月份","L0001522602","Juice Chilled Juice Grape juice\\橙宝葡萄汁\\BTL 2L","BTL",12,12.5,150,"Kitchen-Western Kitchen?Yancheng Kitchen?"]
["2023年","8月份","L0001522603","Juice Chilled Juice Grapefruit juice\\橙宝西柚汁\\BTL 2L","BTL",12,12.5,150,"Kitchen-Western Kitchen?Yancheng Kitchen?"]
["2023年","8月份","L0001526369","Frise Bacon 2kg/福瑞斯五花培根(生制)2KG","BAG",8,99,792,"Kitchen-Western Kitchen?Yancheng Kitchen?"]
["2023年","8月份","L0001526370","Forrest chicken breakfast sausage 2kg/福瑞斯鸡肉早餐肠2KG","BAG",4,84,336,"Kitchen-Western Kitchen?Yancheng Kitchen?"]
["2023年","8月份","L0001526372","Forrest pork breakfast sausage 2kg/福瑞斯猪肉早餐肠2KG","BAG",4,90,360,"Kitchen-Western Kitchen?Yancheng Kitchen?"]
["2023年","8月份","L0001574053","Tyson Beijing Original Chicken Nuggets\\泰森北京原味鸡块\\2.5kg/袋","BAG",4,45,180,"Kitchen-Western Kitchen?Yancheng Kitchen?"]
["2023年","8月份","L0001574064","Aunt Su's spring rolls with shredded pork and shepherd's purse\\苏阿姨荠菜肉丝春卷\\1kg/袋","BAG",10,34,340,"Kitchen-Western Kitchen?Yancheng Kitchen?"]
["2023年","8月份","L0001591988","Sesame balls\\千味央厨芝麻球\\260g/BAG","BAG",10,3.54,35.4,"Kitchen-Western Kitchen?Yancheng Kitchen?"]
["2023年","8月份","L0001760461","Spicy crisp melon\\香辣脆瓜4.5KG/件","EA",1,50,50,"Kitchen-Western Kitchen?Yancheng Kitchen?"]
["2023年","8月份","L0000075541","Sausage & Hams\\Sausage Lyoner With Mushroom\\蘑菇里昂那肠\\3kg\\pc","KG",2.5,69,172.5,"Kitchen-Western Kitchen?Yancheng Kitchen?"]
["2023年","8月份","L0000032466","Sauce Bean Paste Pi Xian\\郫县豆瓣酱\\5kg/cs","EA",1,87.1,87.1,"Kitchen-Western Kitchen?Yancheng Kitchen?"]
["2023年","8月份","L0001760466","Mixed vegetables\\八宝菜4.5KG/件","EA",1,50,50,"Kitchen-Western Kitchen?Yancheng Kitchen?"]
["2023年","8月份","L0002309632","Cong Chef Grandma dishes\\聪厨外婆菜258g/包","BAG",9,5.2,46.8,"Kitchen-Western Kitchen?Yancheng Kitchen?"]
["2023年","8月份","L0001791638","Frozen French fries\\麦肯1/2英寸波浪切冷冻薯条2kg/包","BAG",4,29,116,"Kitchen-Western Kitchen?Yancheng Kitchen?"]
["2023年","8月份","L0001760471","Pickled cowpea\\酸豆角4.5KG/件","EA",1,50,50,"Kitchen-Western Kitchen?Yancheng Kitchen?"]
["2023年","8月份","L0001760468","Hot and sour radish strips\\酸辣萝卜条4.5KG/件","EA",1,50,50,"Kitchen-Western Kitchen?Yancheng Kitchen?"]
["2023年","8月份","L0000016846","Nestle Milk Powder\\雀巢奶粉袋装\\500g","PK",10,38,380,"Kitchen-Western Kitchen?Yancheng Kitchen?"]
["2023年","8月份","L0002429037","Steak Wellington\\惠灵顿牛排330g/包","BAG",20,57.52,1150.4,"Kitchen-Western Kitchen?Yancheng Kitchen?"]
["2023年","8月份","L0000024262","Cheese Mozzarella Block\\马苏里拉芝士\\10Kg","BX",1,518,518,"Kitchen-Western Kitchen?Yancheng Kitchen?"]
["2023年","8月份","L0000032523","Dry Canned Food Del Monte Whole Kernel Corn\\地门玉米粒\\420g/tin","EA",12,7,84,"Kitchen-Western Kitchen?Yancheng Kitchen?"]
["2023年","8月份","L0000032743","Rice / Grain / Cereal Brown Rice\\黑米","KG",0.5,10,5,"Kitchen-Western Kitchen?Yancheng Kitchen?"]
["2023年","8月份","L0000075542","Sausage & Hams\\Sausage Lyoner With Paprika\\里昂那肠青椒\\3kg\\pc","KG",2.5,66,165,"Kitchen-Western Kitchen?Yancheng Kitchen?"]
["2023年","8月份","L0000258460","Dry Goods Others\\preserved vegetable\\乌江牌榨菜\\70G","BAG",40,2.3,92,"Kitchen-Western Kitchen?Yancheng Kitchen?"]
["2023年","8月份","L0000530511","Food Dry Goods Dry Goods Others\\Hash Bown\\蓝威斯顿薯角2.23KG/包","BAG",4,48,192,"Kitchen-Western Kitchen?Yancheng Kitchen?"]
["2023年","8月份","L0001172295","Pasta with ossa cuttlefish sauce\\欧萨墨鱼汁意大利面500G\\BAG","BAG",2,24.78,49.56,"Kitchen-Western Kitchen?Yancheng Kitchen?"]
["2023年","8月份","L0001551750","Wufeng glutinous rice Shaomai / 320G/五丰糯米烧麦/320G","BAG",15,11.95,179.25,"Kitchen-Western Kitchen?Yancheng Kitchen?"]
["2023年","8月份","L0001574062","Sunnon chicken and onion rings\\圣农鸡肉洋葱圈\\800g/袋","BAG",5,16.37,81.85,"Kitchen-Western Kitchen?Yancheng Kitchen?"]
["2023年","8月份","L0001998375","Purple potato bags/安井开心紫薯包800g\\包","BAG",8,15,120,"Kitchen-Western Kitchen?Yancheng Kitchen?"]
["2023年","8月份","L0001923733","Tianche sweet bean sauce\\天车甜面酱\\500g/瓶","BTL",6,9.5,57,"Kitchen-Western Kitchen?Yancheng Kitchen?"]
["2023年","8月份","L0001760467","Shredded mustard in red oil\\红油榨菜丝4.5KG/件","EA",1,46.5,46.5,"Kitchen-Western Kitchen?Yancheng Kitchen?"]
["2023年","8月份","L0001760451","Sea cabbage\\海白菜4.5KG/件","EA",1,48.5,48.5,"Kitchen-Western Kitchen?Yancheng Kitchen?"]
["2023年","8月份","L0000017854","LeeKumKee Sauce Spicy \\李锦记香辣酱\\205g","BTL",5,14,70,"Kitchen-Western Kitchen?Yancheng Kitchen?"]
["2023年","8月份","L0000017878","Hellmann's Mayonnaise\\好乐门蛋黄酱\\3KG/BRL","BRL",3,95,285,"Kitchen-Western Kitchen?Yancheng Kitchen?"]
["2023年","8月份","L0000018158","Guyuelongshan high-grade Shaoxing Wine\\花雕酒古越龙山\\500ml","BTL",5,9.8932,49.47,"Kitchen-Western Kitchen?Yancheng Kitchen?"]
["2023年","8月份","L0000024156","Peanuts With Skin(Red)\\带皮花生米(红)","KG",1,19.8835,19.88,"Kitchen-Western Kitchen?Yancheng Kitchen?"]
["2023年","8月份","L0000024213","Brown Sauce Knorr'\\黄汁粉家乐\\800G","BTL",1,80,80,"Kitchen-Western Kitchen?Yancheng Kitchen?"]
["2023年","8月份","L0000032447","Sauce Leekumkee Hoisin\\李锦记海鲜酱\\240g/btl","EA",10,22,220,"Kitchen-Western Kitchen?Yancheng Kitchen?"]
["2023年","8月份","L0000032452","Sauce Heinz Tomato Ketchup\\亨式番茄沙司\\3kg/tin","EA",1,59,59,"Kitchen-Western Kitchen?Yancheng Kitchen?"]
["2023年","8月份","L0000032479","Sauce Laoganma Paste\\老干妈\\280g/btl","EA",10,9.81,98.1,"Kitchen-Western Kitchen?Yancheng Kitchen?"]
["2023年","8月份","L0000035576","Sauce Tom Yam Paste \\冬阴功酱\\1kg/btl","EA",1,58,58,"Kitchen-Western Kitchen?Yancheng Kitchen?"]
["2023年","8月份","L0000052144","Sauce Japanese Mustard Cream\\日式芥末膏\\43g","PKG",20,7.54,150.8,"Kitchen-Western Kitchen?Yancheng Kitchen?"]
["2023年","8月份","L0000052168","Sauce Knorr Powder Chicken\\家乐鸡精\\900G","TIN",5,26,130,"Kitchen-Western Kitchen?Yancheng Kitchen?"]
["2023年","8月份","L0000060953","Japanese large root\\日式大根","EA",2,9.8932,19.79,"Kitchen-Western Kitchen?Yancheng Kitchen?"]
["2023年","8月份","L0000074407","Dry Goods Others\\Dry Red pepper segment \\干红辣椒段","KG",1,37.1942,37.19,"Kitchen-Western Kitchen?Yancheng Kitchen?"]
["2023年","8月份","L0000087191","Dry Goods Others \\Sour Cucumber KUHNE\\冠利酸黄瓜670g","BTL",2,30,60,"Kitchen-Western Kitchen?Yancheng Kitchen?"]
["2023年","8月份","L0000087244","Grain \\Cereal Mexico Corn Taco \\墨西哥玉米饼6寸 500g","EA",2,22,44,"Kitchen-Western Kitchen?Yancheng Kitchen?"]
["2023年","8月份","L0000087541","Dry goods others\\Wild chill pickled\\泡野山椒1.5kg","CAN",2,13,26,"Kitchen-Western Kitchen?Yancheng Kitchen?"]
["2023年","8月份","L0000087556","Dry goods others\\ Salt Vineger White Shanghai\\鼎丰白醋 500ml","BTL",10,4.2,42,"Kitchen-Western Kitchen?Yancheng Kitchen?"]
["2023年","8月份","L0000087644","Dry goods others\\Sauce Haitian Soybean Light Sauce\\海天金标生抽 1.9L","EA",6,19.8,118.8,"Kitchen-Western Kitchen?Yancheng Kitchen?"]
["2023年","8月份","L0000090834","White Sushi Ginger\\白寿司姜片\\PK","PK",2,18.5631,37.13,"Kitchen-Western Kitchen?Yancheng Kitchen?"]
["2023年","8月份","L0000186900","Sushi nori\\寿司海苔\\50张/包","BAG",2,53,106,"Kitchen-Western Kitchen?Yancheng Kitchen?"]
["2023年","8月份","L0000428437","Frozen Snack\\Ann Pumpkin Pie\\安井南瓜饼\\320g\\袋","BAG",10,8.6602,86.6,"Kitchen-Western Kitchen?Yancheng Kitchen?"]
["2023年","8月份","L0000428498","Chinese Seasoning\\Sanwu hot pot base material\\三五火锅底料\\300g\\袋","BAG",10,12.3689,123.69,"Kitchen-Western Kitchen?Yancheng Kitchen?"]
["2023年","8月份","L0000466464","Dry Goods\\Ferment sauce\\鼎丰香糟卤\\630ml","BTL",5,6.1262,30.63,"Kitchen-Western Kitchen?Yancheng Kitchen?"]
["2023年","8月份","L0000730862","Instant Noodle\\韩国辛拉面\\120g/包","PK",45,5.34,240.3,"Kitchen-Western Kitchen?Yancheng Kitchen?"]
["2023年","8月份","L0001052940","Salt/淮牌精致食用盐/500g/袋","BAG",40,2,80,"Kitchen-Western Kitchen?Yancheng Kitchen?"]
["2023年","8月份","L0001389850","kale Borecole 蓬盛橄榄菜 450g/bot [Bot]","BTL",3,12.3689,37.11,"Kitchen-Western Kitchen?Yancheng Kitchen?"]
["2023年","8月份","L0001574060","Sister Kitchen Salt Crispy Chicken (Rice Chicken)\\姐妹厨房盐酥鸡（鸡米花）\\2.5kg/袋","BAG",2,70,140,"Kitchen-Western Kitchen?Yancheng Kitchen?"]
["2023年","8月份","L0001658552","Three quick kitchen vegetable bag\\三全快厨素菜包1500g/包","BAG",2,27,54,"Kitchen-Western Kitchen?Yancheng Kitchen?"]
["2023年","8月份","L0001665032","Anjing osmanthus cake\\安井桂花糕300g/包","BAG",10,9.71,97.1,"Kitchen-Western Kitchen?Yancheng Kitchen?"]
["2023年","8月份","L0001689744","Twin Tower Dragon mouth fans\\双塔龙口粉丝\\500g/包","BAG",4,13.5,54,"Kitchen-Western Kitchen?Yancheng Kitchen?"]
["2023年","8月份","L0001760428","Bittern\\家乐浓缩卤水汁1.05KG/瓶","BTL",2,52,104,"Kitchen-Western Kitchen?Yancheng Kitchen?"]
["2023年","8月份","L0001760436","Millet cake\\小米糕280g/包","BAG",10,8,80,"Kitchen-Western Kitchen?Yancheng Kitchen?"]
["2023年","8月份","L0001821836","Fried bread stick\\思念油条800g/包","BAG",20,15,300,"Kitchen-Western Kitchen?Yancheng Kitchen?"]
["2023年","8月份","L0001935095","Fat man spicy fish sauce\\胖子麻辣鱼佐料150g/包","BAG",5,8.5,42.5,"Kitchen-Western Kitchen?Yancheng Kitchen?"]
["2023年","8月份","L0001998361","Green spray volume/安井葱油花卷1KG\\包","BAG",6,18,108,"Kitchen-Western Kitchen?Yancheng Kitchen?"]
["2023年","8月份","L0002309641","Golden Arowana Instant Tofu Pollen\\金龙鱼速食豆腐花粉260g*30袋/箱","CS",1,390,390,"Kitchen-Western Kitchen?Yancheng Kitchen?"]
["2023年","8月份","L0000017162","McCormick Black Pepper Powder\\味好美细黑胡椒粉\\425g","CAN",1,90,90,"Kitchen-Western Kitchen?Yancheng Kitchen?"]
["2023年","8月份","L0000017171","Cinnamon Stick\\桂皮","KG",0.5,37.1942,18.6,"Kitchen-Western Kitchen?Yancheng Kitchen?"]
["2023年","8月份","L0000017176","Mida's Curry Powder\\妙多咖喱粉\\350g","CAN",1,28,28,"Kitchen-Western Kitchen?Yancheng Kitchen?"]
["2023年","8月份","L0000017204","McCormick Pepper White Powder\\味好美白胡椒粉\\510g","CAN",1,135,135,"Kitchen-Western Kitchen?Yancheng Kitchen?"]
["2023年","8月份","L0000017227","McCormick Turkich Spice Seasoning\\味好美土耳其风味调料\\600g","CAN",2,70,140,"Kitchen-Western Kitchen?Yancheng Kitchen?"]
["2023年","8月份","L0000017274","Baili Red Kidney Bean\\百利红腰豆\\432g","CAN",12,6.9,82.8,"Kitchen-Western Kitchen?Yancheng Kitchen?"]
["2023年","8月份","L0000017823","HaiTian Mushroom Soy Sauce Dark\\海天草菇老抽\\1.9L","BTL",2,26,52,"Kitchen-Western Kitchen?Yancheng Kitchen?"]
["2023年","8月份","L0000017832","HaiTian Paste Original Soybean \\海天黄豆酱不辣\\800g","BTL",2,16.0874,32.17,"Kitchen-Western Kitchen?Yancheng Kitchen?"]
["2023年","8月份","L0001551750","Wufeng glutinous rice Shaomai / 320G/五丰糯米烧麦/320G","BAG",10,11.95,119.5,"Kitchen-Western Kitchen?Yancheng Kitchen?"]
["2023年","8月份","L0001935036","Lamb 12 ribs lamb chops\\小绵羊12肋羊排","KG",19.6,88.07,1726.17,"Kitchen-Western Kitchen?Yancheng Kitchen?"]
["2023年","8月份","L0001591975","Acipenser caviar\\鯆露咖鲟鱼子酱\\10g/EA","EA",4,58.5,234,"Kitchen-Specialty Kitchen?Smoki Moto?"]
["2023年","8月份","L0000131859","7up\\七喜\\330ml\\can","BTL",360,1.612,580.32,"Mini Bar"]
["2023年","8月份","L0000131858","Pepsi \\百事可乐\\330ml\\can","BTL",360,1.612,580.32,"Mini Bar"]
["2023年","8月份","L0000131903","Pepsi Max\\百事极度\\330ml\\CAN","BTL",72,1.824,131.33,"Outlet-Smoki Moto"]
["2023年","8月份","L0000521442","Food Soft Drink - Juice Softdrink\\Pepsi-Cola\\百事可乐 1.25L\\BTL","BTL",120,3.643,437.16,"Outlet-Banquet"]
["2023年","8月份","L0001523361","ERD/Mengniu fresh milk / 180ml * 12/员餐/蒙牛鲜牛奶/180ml*12","CS",9,29,261,"Staff Dining"]
["2023年","8月份","L0001523350","ERD/Mengniu yogurt / original / 100g * 8/员餐/蒙牛酸奶/原味/100g*8","PNL",60,8,480,"Staff Dining"]
["2023年","8月份","L0000391127","员餐/EDR\\DryFood\\Tofu\\板豆腐","EA",3,20,60,"Staff Dining"]
["2023年","8月份","L0000023993","EDR-Dried Beancurd Sheet\\豆腐干片-员餐","KG",6,8.4,50.4,"Staff Dining"]
["2023年","8月份","L0000023993","EDR-Dried Beancurd Sheet\\豆腐干片-员餐","KG",3,8.4,25.2,"Staff Dining"]
["2023年","8月份","L0000019418","EDR-Oyster mushroom\\平菇-员餐","KG",5,14,70,"Staff Dining"]
["2023年","8月份","L0000019371","EDR-Taro Peeled\\芋头 去皮-员餐","KG",4,12,48,"Staff Dining"]
["2023年","8月份","L0000060706","EDR-Coriander\\香菜-员餐","KG",1,15,15,"Staff Dining"]
["2023年","8月份","L0000023981","EDR-Cucumber\\黄瓜-员餐","KG",15,6,90,"Staff Dining"]
["2023年","8月份","L0000019392","EDR-Ginger Peeled\\生姜去皮-员餐","KG",2,23,46,"Staff Dining"]
["2023年","8月份","L0000035398","Vegetable Fresh EDR-Corn\\玉米棒切节-员餐","KG",12,9.8,117.6,"Staff Dining"]
["2023年","8月份","L0000035391","Vegetable Fresh EDR-Pumpkin\\南瓜去皮切块去籽-员餐","KG",4,7,28,"Staff Dining"]
["2023年","8月份","L0000023979","EDR-Spinach\\菠菜-员餐","KG",13,12.8,166.4,"Staff Dining"]
["2023年","8月份","L0000023953","EDR-Celery Local\\本地芹菜-员餐","KG",8,9,72,"Staff Dining"]
["2023年","8月份","L0000019403","EDR-Tomato\\番茄-员餐","KG",20,7,140,"Staff Dining"]
["2023年","8月份","L0000019412","EDR-Eggplant\\茄子-员餐","KG",20,8.8,176,"Staff Dining"]
["2023年","8月份","L0000023941","EDR-Lettuce\\生菜-员餐","KG",12,8.8,105.6,"Staff Dining"]
["2023年","8月份","L0000087012","EDR\\Drumsticks\\琵琶腿-员餐","KG",28,24.8,694.4,"Staff Dining"]
["2023年","8月份","L0000087014","EDR\\Chicken breast\\鸡胸肉-员餐","KG",3,24,72,"Staff Dining"]
["2023年","8月份","L0000087035","EDR\\Duck leg\\鸭腿-员餐","KG",30,21,630,"Staff Dining"]
["2023年","8月份","L0000279505","EDR\\\\员工水发肉皮KG","KG",10,36,360,"Staff Dining"]
["2023年","8月份","L0000024035","EDR-Pork Belly\\五花肉-员餐","KG",16,36,576,"Staff Dining"]
["2023年","8月份","L0000087059","EDR\\Egg\\鸡蛋-员餐","KG",30,14,420,"Staff Dining"]
["2023年","8月份","L0000223422","EDR-Eggs\\Egg Quail\\鹌鹑蛋-去壳（员工）","KG",3,25.8,77.4,"Staff Dining"]
["2023年","8月份","L0000018988","EDR-HaiNan Banana\\海南香蕉-员餐","KG",39,6.2,241.8,"Staff Dining"]
["2023年","8月份","L0000034718","Fish Fresh EDR-Grass Carp\\草鱼 净 -员餐","KG",24.4,22,536.8,"Staff Dining"]
["2023年","8月份","L0001748972","Ark\\北极贝\\刺身级\\M-51-60\\出成85%\\1KG/盒","BX",1,300,300,"Kitchen-Specialty Kitchen?Smoki Moto?"]
["2023年","8月份","L0000401403","Seafood\\Japanese Ebi For Buffet\\日式甜虾刺身用\\1Kg/Bx","KG",1,275,275,"Kitchen-Specialty Kitchen?Smoki Moto?"]
["2023年","8月份","L0000582282","Frozen small dragon\\冻小青龙200-300g\\kg","KG",1.9,220,418,"Kitchen-Specialty Kitchen?Smoki Moto?"]
["2023年","8月份","L0000033358","Shellfish Fresh Jiwei\\基围虾 大\\21－25pcs","KG",1,66,66,"Kitchen-Specialty Kitchen?Smoki Moto?"]
["2023年","8月份","L0000023469","Peony Prawn\\牡丹虾\\20-24尾\\Bx","BX",1,560,560,"Kitchen-Specialty Kitchen?Smoki Moto?"]
["2023年","8月份","L0001724078","Microaustralia and ox oxtail\\微澳和牛牛尾M6-7级","KG",9.9,154.1284,1525.87,"Kitchen-Specialty Kitchen?Smoki Moto?"]
["2023年","8月份","L0000428192","Seafood\\River Eel\\河鳗\\650 900g(活)","KG",2.3,76,174.8,"Kitchen-Specialty Kitchen?Smoki Moto?"]
["2023年","8月份","L0001647201","The sun rose\\阳光玫瑰\\小果/KG","KG",2,30,60,"Kitchen-Pastry"]
["2023年","8月份","L0001993680","Movenpick Swiss chocolate\\瑞士巧克力冰淇淋\\莫凡彼\\5L/盒","BX",1,429.2,429.2,"Kitchen-Pastry"]
["2023年","8月份","L0001993704","Movenpick mint chocolate\\薄荷巧克力冰淇淋\\莫凡彼\\2.4L*2/盒","CS",3,460.18,1380.54,"Kitchen-Pastry"]
["2023年","8月份","L0001343862","FOOD Ice Cream Green Tea T’oBeray 杜佰瑞抹茶冰淇淋 杜佰瑞抹茶冰淇淋6L/BOX","BX",2,336.3,672.6,"Kitchen-Pastry"]
["2023年","8月份","L0001389737","Ice Cream rum and raisin 朗姆酒葡萄干冰淇淋 6L/盒 杜佰瑞 [盒]","BX",2,336.3,672.6,"Kitchen-Pastry"]
["2023年","8月份","L0001343858","FOOD Ice Cream Vanilla Bean T’oBeray 杜佰瑞香草冰淇淋 杜佰瑞香草冰淇淋6L/BOX","BX",1,336.3,336.3,"Kitchen-Pastry"]
["2023年","8月份","L0000017572","Walnut Meat With Shell\\本地有衣核桃肉","KG",3,49.56,148.68,"Kitchen-Pastry"]
["2023年","8月份","L0000017555","Pumpkin Seed Peeled\\南瓜子仁","KG",1,56,56,"Kitchen-Pastry"]
["2023年","8月份","L0001993648","Movenpick vanilla dream\\香草梦幻冰淇淋\\莫凡彼\\5L/盒","BX",2,429.2,858.4,"Kitchen-Pastry"]
["2023年","8月份","L0001735731","Flour sacher \\沙架蛋糕\\芙尔伦\\600克/盒","BX",10,59,590,"Kitchen-Pastry"]
["2023年","8月份","L0001389741","Ice Cream strawberry 草莓冰淇淋 6L/盒 杜佰瑞 [盒]","BX",2,336.3,672.6,"Kitchen-Pastry"]
["2023年","8月份","L0001343860","FOOD Ice Cream Chocolate T’oBeray 杜佰瑞巧克力冰淇淋 杜佰瑞巧克力冰淇淋6L/BOX","BX",1,336.3,336.3,"Kitchen-Pastry"]
["2023年","8月份","L0001525463","Mengniu pure milk / 1L 6 boxes / box/蒙牛纯牛奶/1L 6盒/箱","CS",10,47.34,473.4,"Kitchen-Western Kitchen?Yancheng Kitchen?"]
["2023年","8月份","L0001525489","Mengniu yogurt / 100g strawberry/蒙牛酸奶/100g 草莓","PNL",24,10.17,244.08,"Kitchen-Western Kitchen?Yancheng Kitchen?"]
["2023年","8月份","L0001525491","Mengniu yogurt / 100g yellow peach/蒙牛酸奶/100g 黄桃","PNL",24,10.17,244.08,"Kitchen-Western Kitchen?Yancheng Kitchen?"]
["2023年","8月份","L0001525494","Mengniu yogurt / 100g original/蒙牛酸奶/100g 原味","PNL",24,7.08,169.92,"Kitchen-Western Kitchen?Yancheng Kitchen?"]
["2023年","8月份","L0000024543","Firm Tofu\\老豆腐","EA",10,2.5,25,"Kitchen-Western Kitchen?Yancheng Kitchen?"]
["2023年","8月份","L0000024548","Fresh Shiitake Mushrooms/鲜香菇/Kg","KG",1,19,19,"Kitchen-Western Kitchen?Yancheng Kitchen?"]
["2023年","8月份","L0000024552","Cuke\\日本小黄瓜","KG",2,14,28,"Kitchen-Western Kitchen?Yancheng Kitchen?"]
["2023年","8月份","L0000033103","Vegetable Fresh Carrot\\胡萝卜","KG",6,5,30,"Kitchen-Western Kitchen?Yancheng Kitchen?"]
["2023年","8月份","L0000051424","Veg You Mai\\油麦菜","KG",5,9,45,"Kitchen-Western Kitchen?Yancheng Kitchen?"]
["2023年","8月份","L0000400651","Vegetable Fresh/红叶生菜","KG",1.5,33,49.5,"Kitchen-Western Kitchen?Yancheng Kitchen?"]
["2023年","8月份","L0000019086","Bitter Melon\\苦瓜","KG",3,11,33,"Kitchen-Western Kitchen?Yancheng Kitchen?"]
["2023年","8月份","L0000033099","Vegetable Fresh Eggplant\\茄子 直身","KG",3,8,24,"Kitchen-Western Kitchen?Yancheng Kitchen?"]
["2023年","8月份","L0000033106","Vegetable Fresh Corn Stick\\鲜玉米棒","KG",10,9,90,"Kitchen-Western Kitchen?Yancheng Kitchen?"]
["2023年","8月份","L0000033111","Vegetable Fresh Cabbage Shanghai\\上海青 只留菜心部分","KG",5,8,40,"Kitchen-Western Kitchen?Yancheng Kitchen?"]
["2023年","8月份","L0000037399","Seafood Flavor Mushroom/海鲜菇/Kg","KG",5,16,80,"Kitchen-Western Kitchen?Yancheng Kitchen?"]
["2023年","8月份","L0000087071","Vegetable Fresh\\Celtuce peeled\\去皮莴笋","KG",3,15,45,"Kitchen-Western Kitchen?Yancheng Kitchen?"]
["2023年","8月份","L0000024481","Coriander\\香菜","KG",2,17,34,"Kitchen-Western Kitchen?Yancheng Kitchen?"]
["2023年","8月份","L0000019174","Garlic Peeled\\蒜肉","KG",4,12,48,"Kitchen-Western Kitchen?Yancheng Kitchen?"]
["2023年","8月份","L0000019273","Ping mushroom\\平菇","KG",3,15,45,"Kitchen-Western Kitchen?Yancheng Kitchen?"]
["2023年","8月份","L0000024482","Cucumber\\黄瓜","KG",2,6,12,"Kitchen-Western Kitchen?Yancheng Kitchen?"]
["2023年","8月份","L0000024454","Iceberg/Green Lettuce\\球生菜","KG",2,15,30,"Kitchen-Western Kitchen?Yancheng Kitchen?"]
["2023年","8月份","L0000019325","Tomato Larage Local\\大番茄","KG",4,8,32,"Kitchen-Western Kitchen?Yancheng Kitchen?"]
["2023年","8月份","L0000024487","Onion Red\\红洋葱","KG",4,4,16,"Kitchen-Western Kitchen?Yancheng Kitchen?"]
["2023年","8月份","L0000024488","Onion Spring\\小葱","KG",2,12,24,"Kitchen-Western Kitchen?Yancheng Kitchen?"]
["2023年","8月份","L0000024532","Chili Red/红尖椒/Kg","KG",1,16,16,"Kitchen-Western Kitchen?Yancheng Kitchen?"]
["2023年","8月份","L0000024457","Lettuce Frisee\\苦叶生菜","KG",1.5,22,33,"Kitchen-Western Kitchen?Yancheng Kitchen?"]
["2023年","8月份","L0000019091","Bottle Gourd\\葫芦瓜","KG",4,10,40,"Kitchen-Western Kitchen?Yancheng Kitchen?"]
["2023年","8月份","L0000024544","Smoked Bean Curd\\香干","KG",1,13,13,"Kitchen-Western Kitchen?Yancheng Kitchen?"]
["2023年","8月份","L0000024567","Chinese Yam\\铁棍山药","KG",4,19,76,"Kitchen-Western Kitchen?Yancheng Kitchen?"]
["2023年","8月份","L0000033110","Vegetable Fresh Cabbage Red\\紫包菜","KG",1,7,7,"Kitchen-Western Kitchen?Yancheng Kitchen?"]
["2023年","8月份","L0000033120","Vegetable Fresh Bean Green Long\\长豆角","KG",4,9.8,39.2,"Kitchen-Western Kitchen?Yancheng Kitchen?"]
["2023年","8月份","L0000033122","Vegetable Fresh Bean Snow\\荷兰豆 去头去尾","KG",2,32,64,"Kitchen-Western Kitchen?Yancheng Kitchen?"]
["2023年","8月份","L0000033131","Vegetable Fresh Local Celery\\芹菜(本地)","KG",4,10,40,"Kitchen-Western Kitchen?Yancheng Kitchen?"]
["2023年","8月份","L0000033145","Vegetable Fresh Garlic Sprout\\蒜苔 去尾 去头","KG",3,16,48,"Kitchen-Western Kitchen?Yancheng Kitchen?"]
["2023年","8月份","L0000034896","Vegetable Fresh Abalone Mushrooms \\杏鲍菇","KG",5,14,70,"Kitchen-Western Kitchen?Yancheng Kitchen?"]
["2023年","8月份","L0000040060","Vegetable Fresh Local Romaine \\本地罗马生菜","KG",1,32,32,"Kitchen-Western Kitchen?Yancheng Kitchen?"]
["2023年","8月份","L0000087048","Cabbage Chinese Long\\大白菜","KG",5,5,25,"Kitchen-Western Kitchen?Yancheng Kitchen?"]
["2023年","8月份","L0000090723","Caudate lobe\\散尾叶\\EA","EA",2,18,36,"Kitchen-Western Kitchen?Yancheng Kitchen?"]
["2023年","8月份","L0000105415","Vegetable Fresh\\Egg Noodle\\鸡蛋面","KG",5,10,50,"Kitchen-Western Kitchen?Yancheng Kitchen?"]
["2023年","8月份","L0000418693","Dianxin Dianxin 本地小馄饨皮1kg","KG",1,7,7,"Kitchen-Western Kitchen?Yancheng Kitchen?"]
["2023年","8月份","L0001525509","Guilin Rice noodles/桂林米粉","KG",3,10,30,"Kitchen-Western Kitchen?Yancheng Kitchen?"]
["2023年","8月份","L0000024443","Hand Tooled Noodle\\手工面","KG",3,8,24,"Kitchen-Western Kitchen?Yancheng Kitchen?"]
["2023年","8月份","L0000019276","Potato Finger long\\手指薯仔","KG",8,14,112,"Kitchen-Western Kitchen?Yancheng Kitchen?"]
["2023年","8月份","L0000019119","Chilli Green\\青尖椒","KG",1,10,10,"Kitchen-Western Kitchen?Yancheng Kitchen?"]
["2023年","8月份","L0000024464","Steamed Bean Curd Roll\\素鸡","KG",5,16,80,"Kitchen-Western Kitchen?Yancheng Kitchen?"]
["2023年","8月份","L0002105596","The roast duck/烤鸭约4-5斤/只","EA",2,65,130,"Kitchen-Western Kitchen?Yancheng Kitchen?"]
["2023年","8月份","L0001709059","Peeled pork square\\去皮五花四方肉\\精修肉厚","KG",6,48,288,"Kitchen-Western Kitchen?Yancheng Kitchen?"]
["2023年","8月份","L0000033254","Pork Local Bone\\猪筒骨","KG",10,38,380,"Kitchen-Western Kitchen?Yancheng Kitchen?"]
["2023年","8月份","L0000033208","Chicken Black\\乌鸡","KG",3,35,105,"Kitchen-Western Kitchen?Yancheng Kitchen?"]
["2023年","8月份","L0000023536","Frozen Pork\\冻猪手","KG",5,50,250,"Kitchen-Western Kitchen?Yancheng Kitchen?"]
["2023年","8月份","L0000023681","Pork Meat\\肉片","KG",3,38,114,"Kitchen-Western Kitchen?Yancheng Kitchen?"]
["2023年","8月份","L0000023723","Duck\\白条鸭","KG",5,24.8,124,"Kitchen-Western Kitchen?Yancheng Kitchen?"]
["2023年","8月份","L0001709053","Local quality hens (cleaned)\\本地优母鸡（净膛）","KG",4.8,39,187.2,"Kitchen-Western Kitchen?Yancheng Kitchen?"]
["2023年","8月份","L0000445634","JT-eggs\\鸡蛋-\\KG","KG",30,14,420,"Kitchen-Western Kitchen?Yancheng Kitchen?"]
["2023年","8月份","L0000445634","JT-eggs\\鸡蛋-\\KG","KG",30,14,420,"Kitchen-Western Kitchen?Yancheng Kitchen?"]
["2023年","8月份","L0000037213","Fruit Fresh Small Mango \\小台芒","KG",2,11,22,"Kitchen-Western Kitchen?Yancheng Kitchen?"]
["2023年","8月份","L0001863757","Claw honey\\羊角蜜","KG",2,9,18,"Kitchen-Western Kitchen?Yancheng Kitchen?"]
["2023年","8月份","L0000018880","Fuji Apple\\富士苹果","KG",5,12,60,"Kitchen-Western Kitchen?Yancheng Kitchen?"]
["2023年","8月份","L0000018960","Local Seedless Watermelon\\本地无籽西瓜","KG",60,4.2,252,"Kitchen-Western Kitchen?Yancheng Kitchen?"]
["2023年","8月份","L0000033170","Fruit Fresh Nectarine\\油桃","KG",5,12,60,"Kitchen-Western Kitchen?Yancheng Kitchen?"]
["2023年","8月份","L0000162206","Fruit Fresh Hami Melon\\哈密瓜\\kg","KG",39,4.8,187.2,"Kitchen-Western Kitchen?Yancheng Kitchen?"]
["2023年","8月份","L0000037388","Fruit Fresh Lichee \\荔枝","KG",2,22,44,"Kitchen-Western Kitchen?Yancheng Kitchen?"]
["2023年","8月份","L0000018874","Dragon Fruit\\白肉火龙果","KG",40,8.4,336,"Kitchen-Western Kitchen?Yancheng Kitchen?"]
["2023年","8月份","L0000033182","Fruit Fresh Coconut\\青椰子(去壳)","EA",99,9.5,940.5,"Kitchen-Western Kitchen?Yancheng Kitchen?"]
["2023年","8月份","L0000051509","Banana Import\\进口香蕉","KG",14,9.6,134.4,"Kitchen-Western Kitchen?Yancheng Kitchen?"]
["2023年","8月份","L0000449351","Honey melon Fresh 香瓜（玉菇瓜）","KG",40,6.4,256,"Kitchen-Western Kitchen?Yancheng Kitchen?"]
["2023年","8月份","L0000524458","Millennium tomato\\千禧小番茄","KG",4,12,48,"Kitchen-Western Kitchen?Yancheng Kitchen?"]
["2023年","8月份","L0001863788","Pineapple pulp\\菠萝密果肉","KG",3,28,84,"Kitchen-Western Kitchen?Yancheng Kitchen?"]
["2023年","8月份","L0001052940","Salt/淮牌精致食用盐/500g/袋","BAG",16.5,2,33,"Kitchen-Western Kitchen?Yancheng Kitchen?"]
["2023年","8月份","L0002441523","Boston lobster\\活波士顿龙虾350-400g/只","EA",10,98,980,"Kitchen-Western Kitchen?Yancheng Kitchen?"]
["2023年","8月份","L0000033359","Shellfish Fresh Jiwei\\基围虾 小\\50pcs","KG",3,65,195,"Kitchen-Western Kitchen?Yancheng Kitchen?"]
["2023年","8月份","L0000087071","Vegetable Fresh\\Celtuce peeled\\去皮莴笋","KG",1.5,15,22.5,"Kitchen-Chinese Kitchen?Man Ho?"]
["2023年","8月份","L0000024421","Veg Chinese Yam\\山药","KG",2,15,30,"Kitchen-Chinese Kitchen?Man Ho?"]
["2023年","8月份","L0000024481","Coriander\\香菜","KG",0.5,17,8.5,"Kitchen-Chinese Kitchen?Man Ho?"]
["2023年","8月份","L0000019332","Water Spinach/通菜(空心菜)/Kg","KG",0,8,0,"Kitchen-Chinese Kitchen?Man Ho?"]
["2023年","8月份","L0000019228","Mao Bean Seed\\毛豆仁","KG",0.5,20,10,"Kitchen-Chinese Kitchen?Man Ho?"]
["2023年","8月份","L0000019129","Chive/韭菜/Kg","KG",1,8,8,"Kitchen-Chinese Kitchen?Man Ho?"]
["2023年","8月份","L0000024488","Onion Spring\\小葱","KG",2,12,24,"Kitchen-Chinese Kitchen?Man Ho?"]
["2023年","8月份","L0000019102","Cabbage White Small\\小白菜","KG",2,16,32,"Kitchen-Chinese Kitchen?Man Ho?"]
["2023年","8月份","L0000019253","Needle Mushroom\\金针菇","KG",1,10,10,"Kitchen-Chinese Kitchen?Man Ho?"]
["2023年","8月份","L0000051422","Spinach/菠菜/Kg","KG",2,13,26,"Kitchen-Chinese Kitchen?Man Ho?"]
["2023年","8月份","L0000103452","Cherry tomatoes (yellow)\\圣女果(黄）/kg","KG",2,24,48,"Kitchen-Chinese Kitchen?Man Ho?"]
["2023年","8月份","L0000019085","Local Bell Pepper Yellow\\本地黄圆椒","KG",1.5,29,43.5,"Kitchen-Chinese Kitchen?Man Ho?"]
["2023年","8月份","L0000163638","Vegetable Fresh Fresh Termitomyces Albuminosus\\新鲜鸡枞菌","KG",2,68,136,"Kitchen-Chinese Kitchen?Man Ho?"]
["2023年","8月份","L0000935932","Vegetable Fresh/cucumber/玉女瓜/KG","KG",3,30,90,"Kitchen-Chinese Kitchen?Man Ho?"]
["2023年","8月份","L0000034896","Vegetable Fresh Abalone Mushrooms \\杏鲍菇","KG",2.5,14,35,"Kitchen-Chinese Kitchen?Man Ho?"]
["2023年","8月份","L0000033115","Vegetable Fresh Chive Shoots\\韭黄","KG",0.5,18,9,"Kitchen-Chinese Kitchen?Man Ho?"]
["2023年","8月份","L0000033107","Vegetable Fresh Baby Vegetable\\娃娃菜","EA",4,6,24,"Kitchen-Chinese Kitchen?Man Ho?"]
["2023年","8月份","L0000024567","Chinese Yam\\铁棍山药","KG",1,19,19,"Kitchen-Chinese Kitchen?Man Ho?"]
["2023年","8月份","L0000024550","Onion\\去皮干葱头","KG",1,17.8,17.8,"Kitchen-Chinese Kitchen?Man Ho?"]
["2023年","8月份","L0000024486","Greens Choisum Canton\\广东菜心","KG",4,14,56,"Kitchen-Chinese Kitchen?Man Ho?"]
["2023年","8月份","L0000024468","Asparagus Green\\芦笋绿","KG",1,30,30,"Kitchen-Chinese Kitchen?Man Ho?"]
["2023年","8月份","L0000019330","Turnip White\\白萝卜","KG",5,3.6,18,"Kitchen-Chinese Kitchen?Man Ho?"]
["2023年","8月份","L0000019256","Okra Green\\秋葵","KG",2,26,52,"Kitchen-Chinese Kitchen?Man Ho?"]
["2023年","8月份","L0000019161","Fresh Matsutake Mushrooml.M Size\\新鲜松茸","KG",0.5,60,30,"Kitchen-Chinese Kitchen?Man Ho?"]
["2023年","8月份","L0000017690","Rice Noodle\\河粉","KG",2,9,18,"Kitchen-Chinese Kitchen?Man Ho?"]
["2023年","8月份","L0000433072","XiuQiu Mushroom\\绣球菌\\KG","KG",1,95,95,"Kitchen-Chinese Kitchen?Man Ho?"]
["2023年","8月份","L0000051546","Fresh Chicken Feet\\鲜鸡脚","KG",6,46,276,"Kitchen-Chinese Kitchen?Man Ho?"]
["2023年","8月份","L0000023687","Meat Fat\\猪板油","KG",5,23,115,"Kitchen-Chinese Kitchen?Man Ho?"]
["2023年","8月份","L0000023693","Meat Beef Rump\\牛霖","KG",2,143,286,"Kitchen-Chinese Kitchen?Man Ho?"]
["2023年","8月份","L0000428018","Beef&Lamb\\Beef omasum\\黑牛百叶(毛肚)","KG",2,118,236,"Kitchen-Chinese Kitchen?Man Ho?"]
["2023年","8月份","L0001709059","Peeled pork square\\去皮五花四方肉\\精修肉厚","KG",4,48,192,"Kitchen-Chinese Kitchen?Man Ho?"]
["2023年","8月份","L0000018658","Chicken Old\\老鸡2kg","KG",5,40,200,"Kitchen-Chinese Kitchen?Man Ho?"]
["2023年","8月份","L0001709053","Local quality hens (cleaned)\\本地优母鸡（净膛）","KG",12,39,468,"Kitchen-Chinese Kitchen?Man Ho?"]
["2023年","8月份","L0000018509","Veal Ossobuco Ekro Veh008 88Wine\\小牛腱","KG",5,140,700,"Kitchen-Chinese Kitchen?Man Ho?"]
["2023年","8月份","L0001135154","Cherry ducks\\樱桃鸭\\1.5-2.0KG","KG",6,22.8,136.8,"Kitchen-Chinese Kitchen?Man Ho?"]
["2023年","8月份","L0000018960","Local Seedless Watermelon\\本地无籽西瓜","KG",10,4.2,42,"Kitchen-Chinese Kitchen?Man Ho?"]
["2023年","8月份","L0001647196","The sun rose\\阳光玫瑰\\大果/KG","KG",1,36,36,"Kitchen-Chinese Kitchen?Man Ho?"]
["2023年","8月份","L0000524458","Millennium tomato\\千禧小番茄","KG",2,12,24,"Kitchen-Chinese Kitchen?Man Ho?"]
["2023年","8月份","L0001760483","Yurun crystal meat\\雨润水晶肴肉/KG","KG",1,98,98,"Kitchen-Chinese Kitchen?Man Ho?"]
["2023年","8月份","L0001544438","Longfeng fried dumplings / 900g/龙凤煎饺/900g","BAG",5,21,105,"Kitchen-Chinese Kitchen?Man Ho?"]
["2023年","8月份","L0000017753","Acid Plum Paste\\如丰冰花酸梅酱\\430g","CAN",12,9.8932,118.72,"Kitchen-Chinese Kitchen?Man Ho?"]
["2023年","8月份","L0000164202","Frozen small yellow croaker washed\\冰冻小黄鱼洗净","KG",3,50,150,"Kitchen-Chinese Kitchen?Man Ho?"]
["2023年","8月份","L0000123419","Fish Fresh Jelly Red Head\\大红海蜇头","KG",3,57,171,"Kitchen-Chinese Kitchen?Man Ho?"]
["2023年","8月份","L0000074290","Fish Fresh\\cooked Eel silk \\熟鳝丝","KG",1,105,105,"Kitchen-Chinese Kitchen?Man Ho?"]
["2023年","8月份","L0000038698","Shellfish Fresh Big Size Clam \\大文蛤","KG",0.9,35,31.5,"Kitchen-Chinese Kitchen?Man Ho?"]
["2023年","8月份","L0000033307","Fish Fresh Libster Locak\\鲫鱼","KG",4,18,72,"Kitchen-Chinese Kitchen?Man Ho?"]
["2023年","8月份","L0001898872","Fresh seeds\\鲜鱼籽","KG",1,60,60,"Kitchen-Chinese Kitchen?Man Ho?"]
["2023年","8月份","L0000019472","Fresh Squid Large\\大鲜鱿\\200-250g","KG",2,90,180,"Kitchen-Chinese Kitchen?Man Ho?"]
["2023年","8月份","L0000122543","DA LIAN Dry Scallops 80head\\大连瑶柱80头","KG",0.5,1100,550,"Kitchen-Chinese Kitchen?Man Ho?"]
["2023年","8月份","L0000401447","Seafood\\Cod Fish银鳕鱼冷冻\\5 7Kg","KG",7,305,2135,"Kitchen-Chinese Kitchen?Man Ho?"]
["2023年","8月份","L0000033289","Fish Fresh Grass Carp\\草鱼","KG",4.6,24,110.4,"Kitchen-Chinese Kitchen?Man Ho?"]
["2023年","8月份","L0000019718","Razor Clam\\蛏子","KG",3,35,105,"Kitchen-Chinese Kitchen?Man Ho?"]
["2023年","8月份","L0000552093","crawfish淡水小龙虾1两","KG",1,130,130,"Kitchen-Chinese Kitchen?Man Ho?"]
["2023年","8月份","L0001551669","Prawn prawn/竹节大明虾8头","KG",2,115,230,"Kitchen-Chinese Kitchen?Man Ho?"]
["2023年","8月份","L0001594473","Frozen cuttlefish\\冰冻墨鱼肉/KG","KG",1.9,150,285,"Kitchen-Chinese Kitchen?Man Ho?"]
["2023年","8月份","L0001898879","Fresh fish bubble\\鲜鱼泡","KG",2,75,150,"Kitchen-Chinese Kitchen?Man Ho?"]
["2023年","8月份","L0001531064","Tuna oil/10L*2/non transgenic/金龙鱼油/10L*2/非转基因","CS",3,270,810,"Kitchen-Banquet Kitchen"]
["2023年","8月份","L0000103452","Cherry tomatoes (yellow)\\圣女果(黄）/kg","KG",1.5,24,36,"Kitchen-Banquet Kitchen"]
["2023年","8月份","L0000019104","Baby Carrot Fingerling \\手指胡萝卜","KG",1.2,22,26.4,"Kitchen-Banquet Kitchen"]
["2023年","8月份","L0000281463","Endive苦菊 kg","KG",2,16,32,"Kitchen-Banquet Kitchen"]
["2023年","8月份","L0000087072","Vegetable Fresh\\Leek\\青大蒜","KG",1,8,8,"Kitchen-Banquet Kitchen"]
["2023年","8月份","L0000024482","Cucumber\\黄瓜","KG",10,6,60,"Kitchen-Banquet Kitchen"]
["2023年","8月份","L0000019208","Leeks\\京葱","KG",2.5,8,20,"Kitchen-Banquet Kitchen"]
["2023年","8月份","L0000024499","Parsley\\荷兰芹","KG",1,25,25,"Kitchen-Banquet Kitchen"]
["2023年","8月份","L0002161290","Bovine anterior tendon/牛前键","KG",10,98,980,"Kitchen-Banquet Kitchen"]
["2023年","8月份","L0000018705","Local Duck Old \\本地老鸭1-1.25kg","KG",20,86,1720,"Kitchen-Banquet Kitchen"]
["2023年","8月份","L0000024447","Egg Preserved\\皮蛋","EA",120,2.3,276,"Kitchen-Banquet Kitchen"]
["2023年","8月份","L0000018874","Dragon Fruit\\白肉火龙果","KG",10,8.4,84,"Kitchen-Banquet Kitchen"]
["2023年","8月份","L0000449351","Honey melon Fresh 香瓜（玉菇瓜）","KG",15,6.4,96,"Kitchen-Banquet Kitchen"]
["2023年","8月份","L0000524458","Millennium tomato\\千禧小番茄","KG",1,12,12,"Kitchen-Banquet Kitchen"]
["2023年","8月份","L0000970199","Produce蔬菜水果\\green lemon lenves\\泰国小青柠檬","KG",1,24,24,"Kitchen-Banquet Kitchen"]
["2023年","8月份","L0000162206","Fruit Fresh Hami Melon\\哈密瓜\\kg","KG",15,4.8,72,"Kitchen-Banquet Kitchen"]
["2023年","8月份","L0000018960","Local Seedless Watermelon\\本地无籽西瓜","KG",37,4.2,155.4,"Kitchen-Banquet Kitchen"]
["2023年","8月份","L0000254191","Dry Goods/Dry Seafood/Undaria/洋琪中华裙带菜/1000G/Each","EA",15,22,330,"Kitchen-Banquet Kitchen"]
["2023年","8月份","L0001760483","Yurun crystal meat\\雨润水晶肴肉/KG","KG",7,98,686,"Kitchen-Banquet Kitchen"]
["2023年","8月份","L0001689720","Sheng Fu abalone roll\\胜福鲍鱼卷\\200g/袋","BAG",20,7.77,155.4,"Kitchen-Banquet Kitchen"]
["2023年","8月份","L0001052940","Salt/淮牌精致食用盐/500g/袋","BAG",40,2,80,"Kitchen-Banquet Kitchen"]
["2023年","8月份","L0001031462","Nuomiou\\糯米藕","KG",10,24,240,"Kitchen-Banquet Kitchen"]
["2023年","8月份","L0000460051","FOOD DRY GOODS / GROCERY\\Pointed Bamboo Shoots\\扁尖\\KG","KG",2,44.6408,89.28,"Kitchen-Banquet Kitchen"]
["2023年","8月份","L0000428498","Chinese Seasoning\\Sanwu hot pot base material\\三五火锅底料\\300g\\袋","BAG",2,12.3689,24.74,"Kitchen-Banquet Kitchen"]
["2023年","8月份","L0000087644","Dry goods others\\Sauce Haitian Soybean Light Sauce\\海天金标生抽 1.9L","EA",6,19.8,118.8,"Kitchen-Banquet Kitchen"]
["2023年","8月份","L0000017204","McCormick Pepper White Powder\\味好美白胡椒粉\\510g","CAN",3,135,405,"Kitchen-Banquet Kitchen"]
["2023年","8月份","L0000017628","HengShun Vinegar\\恒顺香醋\\500ml","BTL",36,7,252,"Kitchen-Banquet Kitchen"]
["2023年","8月份","L0002331916","Wangmingyuan Passion Mango\\旺茗园百香芒果300g/包","BAG",20,16,320,"Kitchen-Banquet Kitchen"]
["2023年","8月份","L0001688975","Mingyang butter hot pot base material\\名扬牛油火锅底料400g/包","BAG",3,29,87,"Kitchen-Banquet Kitchen"]
["2023年","8月份","L0001724018","Frozen scallop\\冰冻扇贝\\8头/KG","KG",4,65,260,"Kitchen-Banquet Kitchen"]
["2023年","8月份","L0000019700","Live Boston Lobster\\活波士顿龙虾\\500-650g","KG",10.8,270,2916,"Kitchen-Banquet Kitchen"]
["2023年","8月份","L0000303484","Seafood\\YEN FOOD ABALONE LIVE 8PC\\鲜活鲍鱼（8头）\\KG","KG",1.5,156,234,"Kitchen-Banquet Kitchen"]
["2023年","8月份","L0000019700","Live Boston Lobster\\活波士顿龙虾\\500-650g","KG",3,270,810,"Kitchen-Banquet Kitchen"]
["2023年","8月份","L0000022324","Weever\\鲈鱼\\0.6-0.75kg","KG",1.32,50,66,"Kitchen-Banquet Kitchen"]
["2023年","8月份","L0000391127","员餐/EDR\\DryFood\\Tofu\\板豆腐","EA",3,20,60,"Staff Dining"]
["2023年","8月份","L0000023927","EDR-Potato Big\\大土豆-员餐","KG",10,6,60,"Staff Dining"]
["2023年","8月份","L0000023937","EDR-Green Vegetable\\青菜-员餐","KG",5,6,30,"Staff Dining"]
["2023年","8月份","L0000189103","EDR-Vegetable Fresh Abalone Mushrooms \\杏鲍菇(员工）","KG",6,12,72,"Staff Dining"]
["2023年","8月份","L0000060716","EDR-Sweet Potato Baby\\小红薯-员餐","KG",12,8.6,103.2,"Staff Dining"]
["2023年","8月份","L0000019391","EDR-Garlic Peeled\\大蒜去衣-员餐","KG",4,11,44,"Staff Dining"]
["2023年","8月份","L0000023981","EDR-Cucumber\\黄瓜-员餐","KG",5,6,30,"Staff Dining"]
["2023年","8月份","L0001523363","ERD/Local green pepper/员餐/本地青椒","KG",10,7.8,78,"Staff Dining"]
["2023年","8月份","L0000035387","Vegetable Fresh EDR-Winter Melon\\冬瓜去皮切块-员餐","KG",8,8,64,"Staff Dining"]
["2023年","8月份","L0000019366","EDR-Luffa\\丝瓜-员餐","KG",6,13,78,"Staff Dining"]
["2023年","8月份","L0000023941","EDR-Lettuce\\生菜-员餐","KG",14,8.8,123.2,"Staff Dining"]
["2023年","8月份","L0000023985","EDR-Asparagus Bean\\长豇豆-员餐","KG",16,11,176,"Staff Dining"]
["2023年","8月份","L0000035391","Vegetable Fresh EDR-Pumpkin\\南瓜去皮切块去籽-员餐","KG",17,7,119,"Staff Dining"]
["2023年","8月份","L0000024039","EDR-Pork Stuffing\\猪肉末-员餐","KG",1,38,38,"Staff Dining"]
["2023年","8月份","L0000499706","EDR\\duck\\鸭血(员餐）\\新鲜\\KG","KG",10,14,140,"Staff Dining"]
["2023年","8月份","L0000024035","EDR-Pork Belly\\五花肉-员餐","KG",14,36,504,"Staff Dining"]
["2023年","8月份","L0000024543","Firm Tofu\\老豆腐","EA",3,2.5,7.5,"Kitchen-Specialty Kitchen?Smoki Moto?"]
["2023年","8月份","L0000019208","Leeks\\京葱","KG",3,8,24,"Kitchen-Specialty Kitchen?Smoki Moto?"]
["2023年","8月份","L0000019174","Garlic Peeled\\蒜肉","KG",2,12,24,"Kitchen-Specialty Kitchen?Smoki Moto?"]
["2023年","8月份","L0000033103","Vegetable Fresh Carrot\\胡萝卜","KG",2,5,10,"Kitchen-Specialty Kitchen?Smoki Moto?"]
["2023年","8月份","L0000019253","Needle Mushroom\\金针菇","KG",1.5,10,15,"Kitchen-Specialty Kitchen?Smoki Moto?"]
["2023年","8月份","L0000400651","Vegetable Fresh/红叶生菜","KG",0.5,33,16.5,"Kitchen-Specialty Kitchen?Smoki Moto?"]
["2023年","8月份","L0000904803","Vegetable\\Fresh Mushroom \\鲜口蘑\\kg","KG",1,20,20,"Kitchen-Specialty Kitchen?Smoki Moto?"]
["2023年","8月份","L0000024555","Norika\\法香","KG",0.5,21,10.5,"Kitchen-Specialty Kitchen?Smoki Moto?"]
["2023年","8月份","L0000024455","Oak Leaf Green\\绿橡叶生菜","KG",3,24,72,"Kitchen-Specialty Kitchen?Smoki Moto?"]
["2023年","8月份","L0000019265","Onion White Peeled\\去皮白洋葱","KG",6,7,42,"Kitchen-Specialty Kitchen?Smoki Moto?"]
["2023年","8月份","L0000019216","Lettuce Iceburg\\西生菜","KG",2,17,34,"Kitchen-Specialty Kitchen?Smoki Moto?"]
["2023年","8月份","L0000033189","Fruit Fresh Navel Orange\\脐橙","KG",3,10,30,"Kitchen-Specialty Kitchen?Smoki Moto?"]
["2023年","8月份","L0000018960","Local Seedless Watermelon\\本地无籽西瓜","KG",5.5,4.2,23.1,"Kitchen-Specialty Kitchen?Smoki Moto?"]
["2023年","8月份","L0001390582","Pear Local 水晶梨国产 80头 [Kg]","KG",8,13,104,"Kitchen-Specialty Kitchen?Smoki Moto?"]
["2023年","8月份","L0000018880","Fuji Apple\\富士苹果","KG",5,12,60,"Kitchen-Specialty Kitchen?Smoki Moto?"]
["2023年","8月份","L0000087644","Dry goods others\\Sauce Haitian Soybean Light Sauce\\海天金标生抽 1.9L","EA",6,19.8,118.8,"Kitchen-Specialty Kitchen?Smoki Moto?"]
["2023年","8月份","L0001800182","Domestic and cow tongue国产\\和牛牛舌","KG",9.8,192.66,1888.07,"Kitchen-Specialty Kitchen?Smoki Moto?"]
["2023年","8月份","L0000898184","dry cold noodle\\韩国海农园干冷面\\500g/Bag","BAG",30,11,330,"Kitchen-Specialty Kitchen?Smoki Moto?"]
["2023年","8月份","L0000898212","chilli sauce\\韩国清净园辣椒酱\\14kg/pail","EA",1,240,240,"Kitchen-Specialty Kitchen?Smoki Moto?"]
["2023年","8月份","L0000929793","brawn suggar\\韩国黄糖\\1kg/bag\\包","BAG",0,39,0,"Kitchen-Specialty Kitchen?Smoki Moto?"]
["2023年","8月份","L0000462547","Rice\\江苏大米\\25KG\\BAG","EA",1,120,120,"Kitchen-Banquet Kitchen"]
["2023年","8月份","L0000033111","Vegetable Fresh Cabbage Shanghai\\上海青 只留菜心部分","KG",1.5,8,12,"Kitchen-Banquet Kitchen"]
["2023年","8月份","L0000024488","Onion Spring\\小葱","KG",1.5,12,18,"Kitchen-Banquet Kitchen"]
["2023年","8月份","L0000019208","Leeks\\京葱","KG",2,8,16,"Kitchen-Banquet Kitchen"]
["2023年","8月份","L0000019174","Garlic Peeled\\蒜肉","KG",8,12,96,"Kitchen-Banquet Kitchen"]
["2023年","8月份","L0000024523","Sweet Bean\\甜蜜豆","KG",4.5,36,162,"Kitchen-Banquet Kitchen"]
["2023年","8月份","L0000024538","Ginger Pork\\姜肉","KG",1,24,24,"Kitchen-Banquet Kitchen"]
["2023年","8月份","L0000024548","Fresh Shiitake Mushrooms/鲜香菇/Kg","KG",0.5,19,9.5,"Kitchen-Banquet Kitchen"]
["2023年","8月份","L0000033103","Vegetable Fresh Carrot\\胡萝卜","KG",0.5,5,2.5,"Kitchen-Banquet Kitchen"]
["2023年","8月份","L0000051418","Sand Ginger\\鲜沙姜","KG",1.5,28,42,"Kitchen-Banquet Kitchen"]
["2023年","8月份","L0000260217","F&B\\Vegetable Fresh\\castanea mollissima\\去皮板栗肉","KG",2.5,38,95,"Kitchen-Banquet Kitchen"]
["2023年","8月份","L0000087072","Vegetable Fresh\\Leek\\青大蒜","KG",0.5,8,4,"Kitchen-Banquet Kitchen"]
["2023年","8月份","L0001624690","lily\\净鲜百合80g（盒装）/BX","BX",9,12,108,"Kitchen-Banquet Kitchen"]
["2023年","8月份","L0000024473","Broccoli Green\\去根西兰花","KG",3.5,16,56,"Kitchen-Banquet Kitchen"]
["2023年","8月份","L0000033094","Vegetable Fresh Guangdong Chinese Flowering Cabbage\\广东菜心 留叶尖","KG",11,18,198,"Kitchen-Banquet Kitchen"]
["2023年","8月份","L0000018658","Chicken Old\\老鸡2kg","KG",21.6,40,864,"Kitchen-Banquet Kitchen"]
["2023年","8月份","L0000018611","German Salt Trotter Fore \\德国咸猪手","KG",5,47,235,"Kitchen-Banquet Kitchen"]
["2023年","8月份","L0000018658","Chicken Old\\老鸡2kg","KG",4,40,160,"Kitchen-Banquet Kitchen"]
["2023年","8月份","L0000018705","Local Duck Old \\本地老鸭1-1.25kg","KG",18,86,1548,"Kitchen-Banquet Kitchen"]
["2023年","8月份","L0000023681","Pork Meat\\肉片","KG",1.3,38,49.4,"Kitchen-Banquet Kitchen"]
["2023年","8月份","L0000034098","Pork Local Minced Meat\\肉末\\3分肥肉7分瘦肉","KG",2,38,76,"Kitchen-Banquet Kitchen"]
["2023年","8月份","L0000023723","Duck\\白条鸭","KG",5,24.8,124,"Kitchen-Banquet Kitchen"]
["2023年","8月份","L0001611527","Pork tendon/猪蹄筋","KG",3,148,444,"Kitchen-Banquet Kitchen"]
["2023年","8月份","L0000976204","Egg Quail\\鹌鹑蛋 去皮","KG",2.8,26,72.8,"Kitchen-Banquet Kitchen"]
["2023年","8月份","L0001551661","Gaoyou Minjiang River Shrimp / 200g / bag/高邮免将河虾仁/200g/包","BAG",9,26,234,"Kitchen-Banquet Kitchen"]
["2023年","8月份","L0000430064","Pearl grouper\\珍珠斑\\0.7-0.8kg","KG",3,69,207,"Kitchen-Banquet Kitchen"]
["2023年","8月份","L0000022326","Crucian\\河鲫鱼\\300-400g","KG",2,18,36,"Kitchen-Banquet Kitchen"]
["2023年","8月份","L0000430064","Pearl grouper\\珍珠斑\\0.7-0.8kg","KG",10.8,69,745.2,"Kitchen-Banquet Kitchen"]
["2023年","8月份","L0001551696","听tonese coconut cake / 400g / 包\\广式椰香糕/400g/包","BAG",20,12.0194,240.39,"Kitchen-Banquet Kitchen"]
["2023年","8月份","L0001562563","Vegetable grains/三色杂菜/1KG/BAG","BAG",3,7.2,21.6,"Kitchen-Banquet Kitchen"]
["2023年","8月份","L0001665028","Pearl lion head\\珍珠狮子头530g/包","BAG",19,19.42,368.98,"Kitchen-Banquet Kitchen"]
["2023年","8月份","L0001865241","Lotus root starch round\\鑫名肴\\藕粉圆\\400g/袋","BAG",6,15,90,"Kitchen-Banquet Kitchen"]
["2023年","8月份","L0000460051","FOOD DRY GOODS / GROCERY\\Pointed Bamboo Shoots\\扁尖\\KG","KG",2,44.6408,89.28,"Kitchen-Banquet Kitchen"]
["2023年","8月份","L0000303396","Dry Goods\\Salt baked chicken powder\\嘉文盐焗鸡粉\\200G/BOX","BX",1,18.5631,18.56,"Kitchen-Banquet Kitchen"]
["2023年","8月份","L0001531035","Brown sugar cake/红糖发糕/700g","BAG",4,11.6505,46.6,"Kitchen-Banquet Kitchen"]
["2023年","8月份","L0000087642","Dry goods others\\Kikkoman Soy Sauce\\龟甲万字酱油 1.8L","BTL",1,44.6408,44.64,"Kitchen-Banquet Kitchen"]
["2023年","8月份","L0000087533","Noodles EDR-Udon Noodles\\美国厨师乌冬面","BAG",4,3.6,14.4,"Kitchen-Banquet Kitchen"]
["2023年","8月份","L0000032473","Sauce Soya Seasoning Maggi\\美极鲜酱油\\800ml","EA",1,43,43,"Kitchen-Banquet Kitchen"]
["2023年","8月份","L0000024325","Sauce Golden Ladel Fish Thai\\泰国金标鱼露\\750G","BTL",2,8.6602,17.32,"Kitchen-Banquet Kitchen"]
["2023年","8月份","L0000024172","Dry Fungus White\\银耳(称重)","KG",1,98,98,"Kitchen-Banquet Kitchen"]
["2023年","8月份","L0000022379","Delmonte Canned Fruit\\地们热带杂果罐头\\850G","TIN",6,22.2718,133.63,"Kitchen-Banquet Kitchen"]
["2023年","8月份","L0000087644","Dry goods others\\Sauce Haitian Soybean Light Sauce\\海天金标生抽 1.9L","EA",6,19.8,118.8,"Kitchen-Banquet Kitchen"]
["2023年","8月份","L0001760477","Scallop\\鲜芝贝免浆鲜贝250g/盒","BX",9,23,207,"Kitchen-Banquet Kitchen"]
["2023年","8月份","L0001748969","Prawns\\15头大明虾/KG","KG",20,85,1700,"Kitchen-Banquet Kitchen"]
["2023年","8月份","L0002107436","Gold rib of ox\\金牌牛肋骨/Kg","KG",50,112,5600,"Kitchen-Banquet Kitchen"]
["2023年","8月份","L0001076364","Food Dry Goods Rice / Grain / Cereal/Xiaohuozi Cheese Rice cake小伙子芝士年糕 500g/EA(南瓜、紫苏、原味、蛋黄、草莓)口味下单备注","EA",6,14.5,87,"Kitchen-Banquet Kitchen"]
["2023年","8月份","L0001998246","Almond paste/杏仁酥","EA",225,1.8,405,"Kitchen-Banquet Kitchen"]
["2023年","8月份","L0001514998","Xiaomo tofu\\小磨豆腐","KG",2,7.4,14.8,"Kitchen-Chinese Kitchen?Man Ho?"]
["2023年","8月份","L0000019174","Garlic Peeled\\蒜肉","KG",2.7,12,32.4,"Kitchen-Chinese Kitchen?Man Ho?"]
["2023年","8月份","L0000019208","Leeks\\京葱","KG",2,8,16,"Kitchen-Chinese Kitchen?Man Ho?"]
["2023年","8月份","L0000019219","Local Lettuce\\本地生菜","KG",2,9,18,"Kitchen-Chinese Kitchen?Man Ho?"]
["2023年","8月份","L0000019332","Water Spinach/通菜(空心菜)/Kg","KG",2,8,16,"Kitchen-Chinese Kitchen?Man Ho?"]
["2023年","8月份","L0000074276","Vegetable Fresh\\local fine Long eggplant \\本地细长茄","KG",2,15,30,"Kitchen-Chinese Kitchen?Man Ho?"]
["2023年","8月份","L0000019201","Kale Chao Zhou\\潮州芥兰","KG",2,23,46,"Kitchen-Chinese Kitchen?Man Ho?"]
["2023年","8月份","L0000019154","French Bean\\四季豆中厨要加工好","KG",1,19,19,"Kitchen-Chinese Kitchen?Man Ho?"]
["2023年","8月份","L0000019249","Straw Mushroom \\鲜草菇","KG",0.5,36,18,"Kitchen-Chinese Kitchen?Man Ho?"]
["2023年","8月份","L0000033103","Vegetable Fresh Carrot\\胡萝卜","KG",3,5,15,"Kitchen-Chinese Kitchen?Man Ho?"]
["2023年","8月份","L0000051422","Spinach/菠菜/Kg","KG",2,13,26,"Kitchen-Chinese Kitchen?Man Ho?"]
["2023年","8月份","L0000051434","Japanese Red Pumpkin\\日本红皮南瓜","KG",3,11,33,"Kitchen-Chinese Kitchen?Man Ho?"]
["2023年","8月份","L0000087075","Vegetable Fresh\\Chili red\\红杭椒","KG",0.5,23,11.5,"Kitchen-Chinese Kitchen?Man Ho?"]
["2023年","8月份","L0000019178","Ginger Peeled Blue\\生姜去皮","KG",2,23,46,"Kitchen-Chinese Kitchen?Man Ho?"]
["2023年","8月份","L0001334080","Stripe radish\\条纹萝卜","KG",0.5,36,18,"Kitchen-Chinese Kitchen?Man Ho?"]
["2023年","8月份","L0000281463","Endive苦菊 kg","KG",1,16,16,"Kitchen-Chinese Kitchen?Man Ho?"]
["2023年","8月份","L0000122723","Alkaline noodle碱面条","KG",4,8,32,"Kitchen-Chinese Kitchen?Man Ho?"]
["2023年","8月份","L0000037834","Vegetable Fresh Vegetable Chufa Peeled\\马蹄(去皮)","KG",2,30,60,"Kitchen-Chinese Kitchen?Man Ho?"]
["2023年","8月份","L0000033137","Vegetable Fresh Crowndaisy Chrysanthemum\\茼蒿 去头 尾到茎长\\20cm","KG",2,12,24,"Kitchen-Chinese Kitchen?Man Ho?"]
["2023年","8月份","L0000033116","Vegetable Fresh Bean Sprout Big\\银芽 去头去尾","KG",0.5,12,6,"Kitchen-Chinese Kitchen?Man Ho?"]
["2023年","8月份","L0000024550","Onion\\去皮干葱头","KG",1,17.8,17.8,"Kitchen-Chinese Kitchen?Man Ho?"]
["2023年","8月份","L0000024533","Lotus Root\\莲藕中段","KG",2,14,28,"Kitchen-Chinese Kitchen?Man Ho?"]
["2023年","8月份","L0000024524","Bean Sprout\\去根黄豆芽","KG",1,12,12,"Kitchen-Chinese Kitchen?Man Ho?"]
["2023年","8月份","L0000024473","Broccoli Green\\去根西兰花","KG",3,16,48,"Kitchen-Chinese Kitchen?Man Ho?"]
["2023年","8月份","L0000024468","Asparagus Green\\芦笋绿","KG",2,30,60,"Kitchen-Chinese Kitchen?Man Ho?"]
["2023年","8月份","L0000024414","Chili Green Hang Jiao\\绿杭椒","KG",1,15.6,15.6,"Kitchen-Chinese Kitchen?Man Ho?"]
["2023年","8月份","L0000017690","Rice Noodle\\河粉","KG",3,9,27,"Kitchen-Chinese Kitchen?Man Ho?"]
["2023年","8月份","L0000019258","Onion Red Peeled\\去皮红洋葱","KG",2,7,14,"Kitchen-Chinese Kitchen?Man Ho?"]
["2023年","8月份","L0000019319","Taro\\香芋","KG",2,16,32,"Kitchen-Chinese Kitchen?Man Ho?"]
["2023年","8月份","L0000023648","Meat Pork Lean Leg\\猪赤肉","KG",3,43,129,"Kitchen-Chinese Kitchen?Man Ho?"]
["2023年","8月份","L0000496902","Pork Rib\\精排骨\\KG","KG",3,62,186,"Kitchen-Chinese Kitchen?Man Ho?"]
["2023年","8月份","L0000018625","Pork Belly Trimmed With Skin\\带皮中方五花肉五层楼","KG",4,48,192,"Kitchen-Chinese Kitchen?Man Ho?"]
["2023年","8月份","L0000060583","Pork Local Streaky\\精选五花肉","KG",4,48,192,"Kitchen-Chinese Kitchen?Man Ho?"]
["2023年","8月份","L0000023672","Pork\\去皮五花肉","KG",3,36,108,"Kitchen-Chinese Kitchen?Man Ho?"]
["2023年","8月份","L0000086983","Pork Local\\fat lining\\肥膘","KG",3,28,84,"Kitchen-Chinese Kitchen?Man Ho?"]
["2023年","8月份","L0001709053","Local quality hens (cleaned)\\本地优母鸡（净膛）","KG",12,39,468,"Kitchen-Chinese Kitchen?Man Ho?"]
["2023年","8月份","L0000970199","Produce蔬菜水果\\green lemon lenves\\泰国小青柠檬","KG",1,24,24,"Kitchen-Chinese Kitchen?Man Ho?"]
["2023年","8月份","L0000018873","Dragon Fruit Redmeat\\红肉火龙果","KG",3,11,33,"Kitchen-Chinese Kitchen?Man Ho?"]
["2023年","8月份","L0001863757","Claw honey\\羊角蜜","KG",2,9,18,"Kitchen-Chinese Kitchen?Man Ho?"]
["2023年","8月份","L0000087087","Fruit Fresh\\Passion fruit百香果","KG",2,40,80,"Kitchen-Chinese Kitchen?Man Ho?"]
["2023年","8月份","L0000033307","Fish Fresh Libster Locak\\鲫鱼","KG",2,18,36,"Kitchen-Chinese Kitchen?Man Ho?"]
["2023年","8月份","L0000151184","Prawn/Shrimp-鲜活小青龙虾 200-300g-Lobster Baby Alive","KG",3,160,480,"Kitchen-Chinese Kitchen?Man Ho?"]
["2023年","8月份","L0001514999","Japanese Sea Cucumber Guandong 50-60 Heads\\日本关东辽参50-60头","KG",0.25,9700,2425,"Kitchen-Chinese Kitchen?Man Ho?"]
["2023年","8月份","L0001367170","seafood\\sea snail\\海螺（零点海鲜）3-4头","KG",6.3,100,630,"Kitchen-Chinese Kitchen?Man Ho?"]
["2023年","8月份","L0000531467","Snowflakes ribs雪花牛仔骨","KG",4,256.88,1027.52,"Kitchen-Chinese Kitchen?Man Ho?"]
["2023年","8月份","L0001956062","Boneless Angus rib scapulae\\去骨安格斯牛肩胛小排","KG",5.9,220.1835,1299.08,"Kitchen-Chinese Kitchen?Man Ho?"]
["2023年","8月份","L0001594473","Frozen cuttlefish\\冰冻墨鱼肉/KG","KG",3.8,150,570,"Kitchen-Chinese Kitchen?Man Ho?"]
["2023年","8月份","L0001594473","Frozen cuttlefish\\冰冻墨鱼肉/KG","KG",3,150,450,"Kitchen-Chinese Kitchen?Man Ho?"]
["2023年","8月份","L0001594478","June yellow\\六月黃\\2两-2.5两/KG","KG",0.3,110,33,"Kitchen-Chinese Kitchen?Man Ho?"]
["2023年","8月份","L0001748976","Raw frozen black tiger prawns\\3头生冻黑虎虾\\6只/盒","BX",6,145,870,"Kitchen-Chinese Kitchen?Man Ho?"]
["2023年","8月份","L0000552093","crawfish淡水小龙虾1两","KG",2,130,260,"Kitchen-Chinese Kitchen?Man Ho?"]
["2023年","8月份","L0000035229","Fish Fresh Eel Killed \\去骨黄鳝鱼片","KG",2,90,180,"Kitchen-Chinese Kitchen?Man Ho?"]
["2023年","8月份","L0000034710","Shellfish Frozen Shrimp\\青虾仁\\31-40","KG",2.5,96,240,"Kitchen-Chinese Kitchen?Man Ho?"]
["2023年","8月份","L0000033289","Fish Fresh Grass Carp\\草鱼","KG",2,24,48,"Kitchen-Chinese Kitchen?Man Ho?"]
["2023年","8月份","L0000019564","Fish Head With Neck\\带枕大鱼头","KG",4.5,45,202.5,"Kitchen-Chinese Kitchen?Man Ho?"]
["2023年","8月份","L0000022337","Swimming Crab\\梭子蟹(长脐)\\0.2-0.3kg","KG",0.9,220,198,"Kitchen-Chinese Kitchen?Man Ho?"]
["2023年","8月份","L0000018953","Pomegranate\\石榴","KG",2,36,72,"Kitchen-Pastry"]
["2023年","8月份","L0002247044","Furlum chocolate roll\\芙尔伦巧克力卷45g*112个/箱","CS",2,410,820,"Kitchen-Pastry"]
["2023年","8月份","L0002397506","Water chestnut popping boba\\粉色马蹄爆爆珠\\广禧\\850g/瓶","CAN",2,27,54,"Kitchen-Pastry"]
["2023年","8月份","L0002247034","Furlum Mini French croissant\\芙尔伦迷你法式羊角30g*140个/箱","CS",2,286,572,"Kitchen-Pastry"]
["2023年","8月份","L0002239502","Denmark in miniature ark shape\\曼斯贝尔迷你方舟形丹麦35克*150个/箱","CS",2,371.68,743.36,"Kitchen-Pastry"]
["2023年","8月份","L0001735731","Flour sacher \\沙架蛋糕\\芙尔伦\\600克/盒","BX",10,59,590,"Kitchen-Pastry"]
["2023年","8月份","L0001724166","Da Da Strong frozen Durian Cake\\大佬强速冻榴莲酥\\8.64kg （40g*216只）/CS","CS",1,291,291,"Kitchen-Pastry"]
["2023年","8月份","L0001671561","Mochi\\日式大福(提前4天订货)\\好上谷\\250g/袋","BAG",30,15,450,"Kitchen-Pastry"]
["2023年","8月份","L0001580523","IFRUIT yellow peach puree\\黄桃果茸\\爱弗特\\1kg/盒","BX",5,86,430,"Kitchen-Pastry"]
["2023年","8月份","L0002397512","Red bean popping boba\\红豆味爆爆珠\\广禧\\900g/瓶","CAN",2,27,54,"Kitchen-Pastry"]
["2023年","8月份","L0000400651","Vegetable Fresh/红叶生菜","KG",1,33,33,"Kitchen-Western Kitchen?Yancheng Kitchen?"]
["2023年","8月份","L0000051424","Veg You Mai\\油麦菜","KG",3,9,27,"Kitchen-Western Kitchen?Yancheng Kitchen?"]
["2023年","8月份","L0000033103","Vegetable Fresh Carrot\\胡萝卜","KG",5,5,25,"Kitchen-Western Kitchen?Yancheng Kitchen?"]
["2023年","8月份","L0000019253","Needle Mushroom\\金针菇","KG",5,10,50,"Kitchen-Western Kitchen?Yancheng Kitchen?"]
["2023年","8月份","L0000019085","Local Bell Pepper Yellow\\本地黄圆椒","KG",1,29,29,"Kitchen-Western Kitchen?Yancheng Kitchen?"]
["2023年","8月份","L0000019084","Local Bell Pepper Red\\本地红圆椒","KG",1,25,25,"Kitchen-Western Kitchen?Yancheng Kitchen?"]
["2023年","8月份","L0000024482","Cucumber\\黄瓜","KG",2,6,12,"Kitchen-Western Kitchen?Yancheng Kitchen?"]
["2023年","8月份","L0000024488","Onion Spring\\小葱","KG",5,12,60,"Kitchen-Western Kitchen?Yancheng Kitchen?"]
["2023年","8月份","L0000024481","Coriander\\香菜","KG",2,17,34,"Kitchen-Western Kitchen?Yancheng Kitchen?"]
["2023年","8月份","L0000024454","Iceberg/Green Lettuce\\球生菜","KG",1,15,15,"Kitchen-Western Kitchen?Yancheng Kitchen?"]
["2023年","8月份","L0000033111","Vegetable Fresh Cabbage Shanghai\\上海青 只留菜心部分","KG",3,8,24,"Kitchen-Western Kitchen?Yancheng Kitchen?"]
["2023年","8月份","L0000037399","Seafood Flavor Mushroom/海鲜菇/Kg","KG",3,16,48,"Kitchen-Western Kitchen?Yancheng Kitchen?"]
["2023年","8月份","L0000024532","Chili Red/红尖椒/Kg","KG",1,16,16,"Kitchen-Western Kitchen?Yancheng Kitchen?"]
["2023年","8月份","L0000019219","Local Lettuce\\本地生菜","KG",3,9,27,"Kitchen-Western Kitchen?Yancheng Kitchen?"]
["2023年","8月份","L0000019164","Fresh Peanut\\生花生","KG",4,11,44,"Kitchen-Western Kitchen?Yancheng Kitchen?"]
["2023年","8月份","L0000019119","Chilli Green\\青尖椒","KG",1,10,10,"Kitchen-Western Kitchen?Yancheng Kitchen?"]
["2023年","8月份","L0000019276","Potato Finger long\\手指薯仔","KG",6,14,84,"Kitchen-Western Kitchen?Yancheng Kitchen?"]
["2023年","8月份","L0000024443","Hand Tooled Noodle\\手工面","KG",8,8,64,"Kitchen-Western Kitchen?Yancheng Kitchen?"]
["2023年","8月份","L0000024463","Rice Cake Stripped\\手指年糕","BAG",10,8,80,"Kitchen-Western Kitchen?Yancheng Kitchen?"]
["2023年","8月份","L0000024493","Snow Veg\\雪菜","KG",5,5,25,"Kitchen-Western Kitchen?Yancheng Kitchen?"]
["2023年","8月份","L0000033120","Vegetable Fresh Bean Green Long\\长豆角","KG",5,9.8,49,"Kitchen-Western Kitchen?Yancheng Kitchen?"]
["2023年","8月份","L0000034896","Vegetable Fresh Abalone Mushrooms \\杏鲍菇","KG",5,14,70,"Kitchen-Western Kitchen?Yancheng Kitchen?"]
["2023年","8月份","L0000040060","Vegetable Fresh Local Romaine \\本地罗马生菜","KG",1,32,32,"Kitchen-Western Kitchen?Yancheng Kitchen?"]
["2023年","8月份","L0000019083","Local Bell Pepper Green\\本地青圆椒","KG",1,14,14,"Kitchen-Western Kitchen?Yancheng Kitchen?"]
["2023年","8月份","L0000087048","Cabbage Chinese Long\\大白菜","KG",5,5,25,"Kitchen-Western Kitchen?Yancheng Kitchen?"]
["2023年","8月份","L0000105415","Vegetable Fresh\\Egg Noodle\\鸡蛋面","KG",10,10,100,"Kitchen-Western Kitchen?Yancheng Kitchen?"]
["2023年","8月份","L0000039719","Pork Local Frozen Pork Ribs \\冻猪肋排骨","KG",3,65,195,"Kitchen-Western Kitchen?Yancheng Kitchen?"]
["2023年","8月份","L0000023681","Pork Meat\\肉片","KG",3,38,114,"Kitchen-Western Kitchen?Yancheng Kitchen?"]
["2023年","8月份","L0000023680","Pork Meat\\肉丝","KG",2,38,76,"Kitchen-Western Kitchen?Yancheng Kitchen?"]
["2023年","8月份","L0000445634","JT-eggs\\鸡蛋-\\KG","KG",30,14,420,"Kitchen-Western Kitchen?Yancheng Kitchen?"]
["2023年","8月份","L0000018880","Fuji Apple\\富士苹果","KG",5,12,60,"Kitchen-Western Kitchen?Yancheng Kitchen?"]
["2023年","8月份","L0000033170","Fruit Fresh Nectarine\\油桃","KG",30,12,360,"Kitchen-Western Kitchen?Yancheng Kitchen?"]
["2023年","8月份","L0000018960","Local Seedless Watermelon\\本地无籽西瓜","KG",20,4.2,84,"Kitchen-Western Kitchen?Yancheng Kitchen?"]
["2023年","8月份","L0000022265","Local Grape\\本地葡萄","KG",1.5,14,21,"Kitchen-Western Kitchen?Yancheng Kitchen?"]
["2023年","8月份","L0000018880","Fuji Apple\\富士苹果","KG",20,12,240,"Kitchen-Western Kitchen?Yancheng Kitchen?"]
["2023年","8月份","L0000037213","Fruit Fresh Small Mango \\小台芒","KG",2,11,22,"Kitchen-Western Kitchen?Yancheng Kitchen?"]
["2023年","8月份","L0001863757","Claw honey\\羊角蜜","KG",2,9,18,"Kitchen-Western Kitchen?Yancheng Kitchen?"]
["2023年","8月份","L0000036710","Fruit Fresh Grape Red Local \\国产红提","KG",1,18,18,"Kitchen-Western Kitchen?Yancheng Kitchen?"]
["2023年","8月份","L0000037388","Fruit Fresh Lichee \\荔枝","KG",2,22,44,"Kitchen-Western Kitchen?Yancheng Kitchen?"]
["2023年","8月份","L0000162206","Fruit Fresh Hami Melon\\哈密瓜\\kg","KG",40,4.8,192,"Kitchen-Western Kitchen?Yancheng Kitchen?"]
["2023年","8月份","L0000018960","Local Seedless Watermelon\\本地无籽西瓜","KG",50,4.2,210,"Kitchen-Western Kitchen?Yancheng Kitchen?"]
["2023年","8月份","L0000033170","Fruit Fresh Nectarine\\油桃","KG",20,12,240,"Kitchen-Western Kitchen?Yancheng Kitchen?"]
["2023年","8月份","L0000018896","Honey Pear\\蜜梨","KG",260,16,4160,"Kitchen-Western Kitchen?Yancheng Kitchen?"]
["2023年","8月份","L0000018896","Honey Pear\\蜜梨","KG",30,16,480,"Kitchen-Western Kitchen?Yancheng Kitchen?"]
["2023年","8月份","L0001863788","Pineapple pulp\\菠萝密果肉","KG",3,34,102,"Kitchen-Western Kitchen?Yancheng Kitchen?"]
["2023年","8月份","L0001647201","The sun rose\\阳光玫瑰\\小果/KG","KG",2,30,60,"Kitchen-Western Kitchen?Yancheng Kitchen?"]
["2023年","8月份","L0000449351","Honey melon Fresh 香瓜（玉菇瓜）","KG",20,6.4,128,"Kitchen-Western Kitchen?Yancheng Kitchen?"]
["2023年","8月份","L0000051509","Banana Import\\进口香蕉","KG",20,9.6,192,"Kitchen-Western Kitchen?Yancheng Kitchen?"]
["2023年","8月份","L0000033182","Fruit Fresh Coconut\\青椰子(去壳)","EA",81,9.5,769.5,"Kitchen-Western Kitchen?Yancheng Kitchen?"]
["2023年","8月份","L0000033180","Fruit Fresh Lemon\\柠檬","KG",2,12.6,25.2,"Kitchen-Western Kitchen?Yancheng Kitchen?"]
["2023年","8月份","L0000018874","Dragon Fruit\\白肉火龙果","KG",20,8.4,168,"Kitchen-Western Kitchen?Yancheng Kitchen?"]
["2023年","8月份","L0000037393","Fruit Fresh Raspberry \\树莓\\125g/bx","EA",0,24,0,"Kitchen-Western Kitchen?Yancheng Kitchen?"]
["2023年","8月份","L0002331836","chilled salmon fillet\\集采冰鲜三文鱼柳","KG",9.2,167,1536.4,"Kitchen-Western Kitchen?Yancheng Kitchen?"]
["2023年","8月份","L0001978501","集采 Frozen Seafood Alaska Snow Crab Leg/阿拉斯加雪蟹脚 俄罗斯 130-150克/副 抄码 (计量称重)","KG",20,138,2760,"Kitchen-Western Kitchen?Yancheng Kitchen?"]
["2023年","8月份","L0001978475","集采 Frozen Seafood Precooked Boston Lobster/熟冻波士顿龙虾 加拿大 300-350G/EA 净重收货","KG",13.62,170,2315.4,"Kitchen-Western Kitchen?Yancheng Kitchen?"]
["2023年","8月份","L0001978472","集采 Frozen Seafood Mussel Half KONO/青口贝 新西兰 半壳 兰维乐 M码|31-45只/kg (原装进口，不拆袋，含原汁)","KG",20,51,1020,"Kitchen-Western Kitchen?Yancheng Kitchen?"]
["2023年","8月份","L0001551656","Emerald snail/翡翠螺","KG",4,65,260,"Kitchen-Western Kitchen?Yancheng Kitchen?"]
["2023年","8月份","L0000033359","Shellfish Fresh Jiwei\\基围虾 小\\50pcs","KG",4,65,260,"Kitchen-Western Kitchen?Yancheng Kitchen?"]
["2023年","8月份","L0000033394","Fish Fresh Bull Fog牛蛙活(大)","KG",5,35,175,"Kitchen-Western Kitchen?Yancheng Kitchen?"]
["2023年","8月份","L0002082527","DS ox willow\\DS牛柳/Kg","KG",25,88,2200,"Kitchen-Western Kitchen?Yancheng Kitchen?"]
["2023年","8月份","L0000016942","Fish Maw 80 Heads\\花胶筒 80头","KG",0.5,2720,1360,"Kitchen-Chinese Kitchen?Man Ho?"]
["2023年","8月份","L0000391127","员餐/EDR\\DryFood\\Tofu\\板豆腐","EA",1,20,20,"Staff Dining"]
["2023年","8月份","L0000019377","EDR-Hotbed Chives\\韭黄-员餐","KG",15,18,270,"Staff Dining"]
["2023年","8月份","L0000023973","EDR-Green Soy Bean Seed\\毛豆肉-员餐","KG",10,20,200,"Staff Dining"]
["2023年","8月份","L0000023981","EDR-Cucumber\\黄瓜-员餐","KG",5,6,30,"Staff Dining"]
["2023年","8月份","L0001523375","ERD/Lettuce/员餐/油麦菜","KG",12,9,108,"Staff Dining"]
["2023年","8月份","L0000035398","Vegetable Fresh EDR-Corn\\玉米棒切节-员餐","KG",12,9.8,117.6,"Staff Dining"]
["2023年","8月份","L0000190149","EDR-Shiitake Mushrooms\\鲜香菇（员工餐厅）","KG",3,15.8,47.4,"Staff Dining"]
["2023年","8月份","L0000434835","EDR\\Shelley\\雪菜\\(员工)\\kg","KG",20,5,100,"Staff Dining"]
["2023年","8月份","L0000019402","EDR-Cherry Tomato\\樱桃番茄-员餐","KG",6,14,84,"Staff Dining"]
["2023年","8月份","L0000019373","EDR-White Turnip\\白萝卜-员餐","KG",20,5,100,"Staff Dining"]
["2023年","8月份","L0000023937","EDR-Green Vegetable\\青菜-员餐","KG",15,6,90,"Staff Dining"]
["2023年","8月份","L0000023927","EDR-Potato Big\\大土豆-员餐","KG",15,6,90,"Staff Dining"]
["2023年","8月份","L0000024023","EDR-Pork\\里脊肉-员餐","KG",12,42,504,"Staff Dining"]
["2023年","8月份","L0000024023","EDR-Pork\\里脊肉-员餐","KG",10,42,420,"Staff Dining"]
["2023年","8月份","L0000034103","EDR-Sanhuang Chicken\\三黄鸡加工成块 去头和内脏-员餐","KG",23,26.8,616.4,"Staff Dining"]
["2023年","8月份","L0000087059","EDR\\Egg\\鸡蛋-员餐","KG",30,14,420,"Staff Dining"]
["2023年","8月份","L0000023883","EDR-Water Melon/Seedless 无籽西瓜-员餐","KG",77.5,4.2,325.5,"Staff Dining"]
["2023年","8月份","L0000496599","EDR-Laver\\紫菜-100G\\PK","PK",5,5,25,"Staff Dining"]
["2023年","8月份","L0000305898","EDR\\Deep Fried You Tiao\\思念油条\\450G\\BAG\\(员工)","CS",15,12.5,187.5,"Staff Dining"]
["2023年","8月份","L0000804043","EDR Food\\The chobe Caesar salad juice seasame taste\\丘比沙拉汁焙煎芝麻沙拉汁1.5L 员餐\\瓶","BTL",3,46,138,"Staff Dining"]
["2023年","8月份","L0000074481","Dry Goods Frozen\\EDR AnJing Pork Dumpling\\安井水饺500g-员餐\\BAG","BAG",40,10,400,"Staff Dining"]
["2023年","8月份","L0000178142","EDR-popcorn chicken\\鸡米花-员餐\\2.5kg","BAG",4,62,248,"Staff Dining"]
["2023年","8月份","L0001553624","ERD/Blend oil/非转基因调和油/金龙鱼/10L*2/员餐","CS",3,270,810,"Staff Dining"]
["2023年","8月份","L0000281469","Jinbiao soya sauce海天金标生抽/1.9L/瓶 -员餐","EA",6,19.45,116.7,"Staff Dining"]
["2023年","8月份","L0000541679","EDR\\Staff Canteen\\Essence Sauce\\海天草菇老抽\\1.9L\\（员工）","BTL",6,22.72,136.32,"Staff Dining"]
["2023年","8月份","L0000643176","Dry Goods\\DingFeng vinegar\\鼎丰白醋500ml /瓶-员工","BTL",5,3.84,19.2,"Staff Dining"]
["2023年","8月份","L0000728964","EDR-Food Dry/BaBao Rice/八宝米-员餐","KG",3,16,48,"Staff Dining"]
["2023年","8月份","L0000832308","staff canteen food\\EDR Pickle silk \\员工餐 榨菜丝-5KG\\CS\\CS","CS",1,66,66,"Staff Dining"]
["2023年","8月份","L0001011287","Sauce EDR-Knorr Chicken\\家乐鸡精900G/BAG\\员餐","BAG",10,25,250,"Staff Dining"]
["2023年","8月份","L0001523304","ERD/Mixed pickles/员餐/什锦酱菜","KG",4.5,12.8,57.6,"Staff Dining"]
["2023年","8月份","L0002047799","Large pieces of fermented bean curd\\王致和大块腐乳340g/瓶-员餐","BTL",5,9,45,"Staff Dining"]
["2023年","8月份","L0000170466","Canteen Food Rice Tomato Vermicelli\\员餐红薯粉丝kg","KG",2,9,18,"Staff Dining"]
["2023年","8月份","L0000087466","EDR\\Taobihua old dopted mother\\陶华碧老干妈-员餐","BTL",15,9.5,142.5,"Staff Dining"]
["2023年","8月份","L0000281474","Aromatic Vinegar恒顺香醋/500ml/瓶 -员餐","EA",5,6.76,33.8,"Staff Dining"]
["2023年","8月份","L0000491199","EDR\\Yunshan pur sesame oilRich Flavor Township gold standard sesame seed fragrant edible blend oil\\富味乡金标芝麻香食用调和油\\450ml\\瓶（员工）","BTL",5,15,75,"Staff Dining"]
["2023年","8月份","L0000023826","EDR-Salt Tidmans Fine No Iodine\\盐-员餐\\500g","PK",40,2,80,"Staff Dining"]
["2023年","8月份","L0000087450","EDR\\Red star erguotou\\红星二锅头-员餐","BTL",5,17,85,"Staff Dining"]
["2023年","8月份","L0000074480","Dry Goods Frozen\\EDR AnJing Rice Ball\\安井汤圆500g-员餐\\BAG","BAG",40,7.88,315.2,"Staff Dining"]
["2023年","8月份","L0000024098","EDR-Msg Shuangqiao\\双桥味精-员餐\\500g","BAG",20,12,240,"Staff Dining"]
["2023年","8月份","L0000103475","Within the progenitor of lipid box of tofu\\祖名内脂盒豆腐\\410/bx","BX",3,1.6,4.8,"Kitchen-Specialty Kitchen?Smoki Moto?"]
["2023年","8月份","L0000024426","Veg Pumpkin Bracket Shape\\南瓜 本地","KG",5.8,6.5,37.7,"Kitchen-Specialty Kitchen?Smoki Moto?"]
["2023年","8月份","L0000904803","Vegetable\\Fresh Mushroom \\鲜口蘑\\kg","KG",1.5,20,30,"Kitchen-Specialty Kitchen?Smoki Moto?"]
["2023年","8月份","L0000305117","Vegetable Fresh\\Japan‘s big leaf \\日本大叶 20g/盒","BAG",2,10,20,"Kitchen-Specialty Kitchen?Smoki Moto?"]
["2023年","8月份","L0000034896","Vegetable Fresh Abalone Mushrooms \\杏鲍菇","KG",2.5,14,35,"Kitchen-Specialty Kitchen?Smoki Moto?"]
["2023年","8月份","L0000019330","Turnip White\\白萝卜","KG",8,3.6,28.8,"Kitchen-Specialty Kitchen?Smoki Moto?"]
["2023年","8月份","L0000019104","Baby Carrot Fingerling \\手指胡萝卜","KG",1,22,22,"Kitchen-Specialty Kitchen?Smoki Moto?"]
["2023年","8月份","L0000254742","Meat/Poultry/Pork Local/Pork Spare Rib Superior/优质猪排骨(肉厚)","KG",8,92,736,"Kitchen-Specialty Kitchen?Smoki Moto?"]
["2023年","8月份","L0000445634","JT-eggs\\鸡蛋-\\KG","KG",4,14,56,"Kitchen-Specialty Kitchen?Smoki Moto?"]
["2023年","8月份","L0000033170","Fruit Fresh Nectarine\\油桃","KG",3,12,36,"Kitchen-Specialty Kitchen?Smoki Moto?"]
["2023年","8月份","L0000582282","Frozen small dragon\\冻小青龙200-300g\\kg","KG",3,220,660,"Kitchen-Specialty Kitchen?Smoki Moto?"]
["2023年","8月份","L0000303484","Seafood\\YEN FOOD ABALONE LIVE 8PC\\鲜活鲍鱼（8头）\\KG","KG",1,156,156,"Kitchen-Specialty Kitchen?Smoki Moto?"]
["2023年","8月份","L0000929781","syrup\\韩国清净园糖稀\\2.45kg/bag\\包","BAG",0,48.6,0,"Kitchen-Specialty Kitchen?Smoki Moto?"]
["2023年","8月份","L0000017505","Tip tree Mustard sauce with Honey\\蜜糖芥末酱\\310g","BTL",1,26.99,26.99,"Kitchen-Specialty Kitchen?Smoki Moto?"]
["2023年","8月份","L0001671561","Mochi\\日式大福(提前4天订货)\\好上谷\\250g/袋","BAG",6,15,90,"Kitchen-Specialty Kitchen?Smoki Moto?"]
["2023年","8月份","L0001730292","Kumgang Spicy Cabbage\\金刚山辣白菜(20包起订)400g/包","BAG",40,12,480,"Kitchen-Specialty Kitchen?Smoki Moto?"]
["2023年","8月份","L0002334200","Wagyu Beef upper brain eye meat A\\和牛上脑眼肉A","KG",6,650,3900,"Kitchen-Specialty Kitchen?Smoki Moto?"]
["2023年","8月份","L0001730273","Wuchang rice\\亿亩粮田\\五常大米\\5KG/包","BAG",2,100,200,"Kitchen-Chinese Kitchen?Man Ho?"]
["2023年","8月份","L0001531064","Tuna oil/10L*2/non transgenic/金龙鱼油/10L*2/非转基因","CS",2,270,540,"Kitchen-Chinese Kitchen?Man Ho?"]
["2023年","8月份","L0000103475","Within the progenitor of lipid box of tofu\\祖名内脂盒豆腐\\410/bx","BX",6,1.6,9.6,"Kitchen-Chinese Kitchen?Man Ho?"]
["2023年","8月份","L0000051424","Veg You Mai\\油麦菜","KG",2,9,18,"Kitchen-Chinese Kitchen?Man Ho?"]
["2023年","8月份","L0000163638","Vegetable Fresh Fresh Termitomyces Albuminosus\\新鲜鸡枞菌","KG",1,68,68,"Kitchen-Chinese Kitchen?Man Ho?"]
["2023年","8月份","L0000024523","Sweet Bean\\甜蜜豆","KG",1,36,36,"Kitchen-Chinese Kitchen?Man Ho?"]
["2023年","8月份","L0000019253","Needle Mushroom\\金针菇","KG",1,10,10,"Kitchen-Chinese Kitchen?Man Ho?"]
["2023年","8月份","L0000024564","Basil/九层塔/Kg","KG",0.2,70,14,"Kitchen-Chinese Kitchen?Man Ho?"]
["2023年","8月份","L0000019102","Cabbage White Small\\小白菜","KG",2,16,32,"Kitchen-Chinese Kitchen?Man Ho?"]
["2023年","8月份","L0000019103","Cabbage Xiao Tang\\小唐菜","KG",2,13,26,"Kitchen-Chinese Kitchen?Man Ho?"]
["2023年","8月份","L0000033142","Vegetable Fresh Mustard Leaf\\芥兰 本地 去根\\L14cm","KG",2,19,38,"Kitchen-Chinese Kitchen?Man Ho?"]
["2023年","8月份","L0000024421","Veg Chinese Yam\\山药","KG",2,15,30,"Kitchen-Chinese Kitchen?Man Ho?"]
["2023年","8月份","L0000019161","Fresh Matsutake Mushrooml.M Size\\新鲜松茸","KG",1,60,60,"Kitchen-Chinese Kitchen?Man Ho?"]
["2023年","8月份","L0000024473","Broccoli Green\\去根西兰花","KG",0,16,0,"Kitchen-Chinese Kitchen?Man Ho?"]
["2023年","8月份","L0000024567","Chinese Yam\\铁棍山药","KG",2,19,38,"Kitchen-Chinese Kitchen?Man Ho?"]
["2023年","8月份","L0000033122","Vegetable Fresh Bean Snow\\荷兰豆 去头去尾","KG",1,32,32,"Kitchen-Chinese Kitchen?Man Ho?"]
["2023年","8月份","L0000033129","Vegetable Fresh Marrow\\西葫芦蔬菜","KG",2,6,12,"Kitchen-Chinese Kitchen?Man Ho?"]
["2023年","8月份","L0000033131","Vegetable Fresh Local Celery\\芹菜(本地)","KG",0.5,10,5,"Kitchen-Chinese Kitchen?Man Ho?"]
["2023年","8月份","L0000019104","Baby Carrot Fingerling \\手指胡萝卜","KG",0.5,22,11,"Kitchen-Chinese Kitchen?Man Ho?"]
["2023年","8月份","L0000076626","Sun Chrysanthemum Petals\\太阳菊花瓣\\20g\\盒","BX",1,20,20,"Kitchen-Chinese Kitchen?Man Ho?"]
["2023年","8月份","L0000076626","Sun Chrysanthemum Petals\\太阳菊花瓣\\20g\\盒","BX",2,20,40,"Kitchen-Chinese Kitchen?Man Ho?"]
["2023年","8月份","L0000090688","Wonton Skin Small\\本地小云吞皮\\KG","KG",0.5,7,3.5,"Kitchen-Chinese Kitchen?Man Ho?"]
["2023年","8月份","L0000152477","Vegetable Fresh-粉葛（精选）","KG",2,30,60,"Kitchen-Chinese Kitchen?Man Ho?"]
["2023年","8月份","L0000037211","Vegetable Fresh Brussel Sprouts For Local \\本地孢子甘蓝","KG",1,37,37,"Kitchen-Chinese Kitchen?Man Ho?"]
["2023年","8月份","L0000018625","Pork Belly Trimmed With Skin\\带皮中方五花肉五层楼","KG",4,48,192,"Kitchen-Chinese Kitchen?Man Ho?"]
["2023年","8月份","L0000060583","Pork Local Streaky\\精选五花肉","KG",4,48,192,"Kitchen-Chinese Kitchen?Man Ho?"]
["2023年","8月份","L0000036942","Pork Local Fresh Shank \\鲜猪手","KG",3,54,162,"Kitchen-Chinese Kitchen?Man Ho?"]
["2023年","8月份","L0001709053","Local quality hens (cleaned)\\本地优母鸡（净膛）","KG",12,39,468,"Kitchen-Chinese Kitchen?Man Ho?"]
["2023年","8月份","L0000033201","Beef Local Jiqian Tripe\\金钱肚","KG",2,132,264,"Kitchen-Chinese Kitchen?Man Ho?"]
["2023年","8月份","L0000023723","Duck\\白条鸭","KG",10,24.8,248,"Kitchen-Chinese Kitchen?Man Ho?"]
["2023年","8月份","L0000445634","JT-eggs\\鸡蛋-\\KG","KG",5,14,70,"Kitchen-Chinese Kitchen?Man Ho?"]
["2023年","8月份","L0001863757","Claw honey\\羊角蜜","KG",2,9,18,"Kitchen-Chinese Kitchen?Man Ho?"]
["2023年","8月份","L0000018919","HaiNan TaiNong Mango \\大台农芒果","KG",2,18,36,"Kitchen-Chinese Kitchen?Man Ho?"]
["2023年","8月份","L0000162206","Fruit Fresh Hami Melon\\哈密瓜\\kg","KG",7,4.8,33.6,"Kitchen-Chinese Kitchen?Man Ho?"]
["2023年","8月份","L0000033189","Fruit Fresh Navel Orange\\脐橙","KG",10,10,100,"Kitchen-Chinese Kitchen?Man Ho?"]
["2023年","8月份","L0000018960","Local Seedless Watermelon\\本地无籽西瓜","KG",15,4.2,63,"Kitchen-Chinese Kitchen?Man Ho?"]
["2023年","8月份","L0000164202","Frozen small yellow croaker washed\\冰冻小黄鱼洗净","KG",3,50,150,"Kitchen-Chinese Kitchen?Man Ho?"]
["2023年","8月份","L0000034708","Shellfish Frozen Shrimp\\青虾仁\\21-25","KG",5,110,550,"Kitchen-Chinese Kitchen?Man Ho?"]
["2023年","8月份","L0001624673","Shrimp and smooth\\虾胶虾滑395G/包","BAG",3,60,180,"Kitchen-Chinese Kitchen?Man Ho?"]
["2023年","8月份","L0000304193","Fish Fresh\\Fresh Squid\\鲜大鱿鱼 150g-250g","KG",2,85,170,"Kitchen-Chinese Kitchen?Man Ho?"]
["2023年","8月份","L0000017790","Kewpie Sesame Sauce \\丘比牌芝麻酱\\1L","BTL",1,46.46,46.46,"Kitchen-Chinese Kitchen?Man Ho?"]
["2023年","8月份","L0000036961","Sauce Black Truffle Pate La Rustichella \\乐琪雅黑松露酱\\280g/btl","EA",1,298,298,"Kitchen-Chinese Kitchen?Man Ho?"]
["2023年","8月份","L0000061821","Yurun Sandwich ham 1.9kg/pc 雨润三文治火腿","EA",1,37.6106,37.61,"Kitchen-Chinese Kitchen?Man Ho?"]
["2023年","8月份","L0000251117","FOOD BAKERY\\Spring roll skin Nangxiang \\南翔春卷皮\\200g/bag","EA",5,4.42,22.1,"Kitchen-Chinese Kitchen?Man Ho?"]
["2023年","8月份","L0000024302","Milk Condensed Evaporated\\三花淡奶\\410Ml","TIN",2,11.5,23,"Kitchen-Chinese Kitchen?Man Ho?"]
["2023年","8月份","L0000016810","Elle Et Vire Whipping Cream\\铁塔牌淡奶油\\1L","BTL",3,45.5,136.5,"Kitchen-Chinese Kitchen?Man Ho?"]
["2023年","8月份","L0001813002","Shrimp-roe soy sauce\\三和四美虾籽酱油\\860ml/瓶","BTL",2,24,48,"Kitchen-Chinese Kitchen?Man Ho?"]
["2023年","8月份","L0001735496","Verdant Sour soup sauce\\味达美酸汤酱580g/瓶","BTL",2,26,52,"Kitchen-Chinese Kitchen?Man Ho?"]
["2023年","8月份","L0001580523","IFRUIT yellow peach puree\\黄桃果茸\\爱弗特\\1kg/盒","BX",3,86,258,"Kitchen-Chinese Kitchen?Man Ho?"]
["2023年","8月份","L0000186977","White toast\\切片白吐司\\ 1KG","BAG",1,20.5,20.5,"Kitchen-Chinese Kitchen?Man Ho?"]
["2023年","8月份","L0000035232","Oil / Vinegar Fresh Sichuan Pepper Oil \\幺麻子藤椒油 \\500ml/btl","EA",2,32,64,"Kitchen-Chinese Kitchen?Man Ho?"]
["2023年","8月份","L0000087643","Dry goods others\\K.S.T Sau Chicken Rice Soy Swt Dark\\广祥泰鸡饭老抽 640ml","BTL",6,26,156,"Kitchen-Chinese Kitchen?Man Ho?"]
["2023年","8月份","L0001730279","Ma shrimp paste\\麻虾酱\\即食型\\220g/瓶","BTL",1,8,8,"Kitchen-Chinese Kitchen?Man Ho?"]
["2023年","8月份","L0000428498","Chinese Seasoning\\Sanwu hot pot base material\\三五火锅底料\\300g\\袋","BAG",6,12.3689,74.21,"Kitchen-Chinese Kitchen?Man Ho?"]
["2023年","8月份","L0000428494","Chinese Seasoning\\Yellow lantern pepper sauce\\黄灯笼辣椒酱\\510g\\瓶","BTL",2,14.8447,29.69,"Kitchen-Chinese Kitchen?Man Ho?"]
["2023年","8月份","L0000418930","Salt 淮牌海藻碘食用盐400gBag\\包","EA",10,2.2,22,"Kitchen-Chinese Kitchen?Man Ho?"]
["2023年","8月份","L0000254291","Dry Goods/Zao Lu/老大同香糟卤/640Ml","EA",4,6.1262,24.5,"Kitchen-Chinese Kitchen?Man Ho?"]
["2023年","8月份","L0000230121","Chaozhou pickle潮州咸菜\\150g","PK",5,3.767,18.84,"Kitchen-Chinese Kitchen?Man Ho?"]
["2023年","8月份","L0000052170","Cream\\Panada Condensed Milk\\熊猫炼乳\\380ml","TIN",3,10.6,31.8,"Kitchen-Chinese Kitchen?Man Ho?"]
["2023年","8月份","L0000034663","Sauce Donggu Sauce\\东古一品鲜\\500ml","EA",6,12.3689,74.21,"Kitchen-Chinese Kitchen?Man Ho?"]
["2023年","8月份","L0000024325","Sauce Golden Ladel Fish Thai\\泰国金标鱼露\\750G","BTL",1,8.6602,8.66,"Kitchen-Chinese Kitchen?Man Ho?"]
["2023年","8月份","L0000024205","Msg Shuangqiao\\双桥味精\\500G","BAG",10,11.14,111.4,"Kitchen-Chinese Kitchen?Man Ho?"]
["2023年","8月份","L0000024121","Sharajum Sweet\\甜丘比酱丘比香甜沙拉酱\\1Kg","PK",1,40,40,"Kitchen-Chinese Kitchen?Man Ho?"]
["2023年","8月份","L0000017945","Knorr Chicken Powder\\家乐鸡粉\\2kg","CAN",2,86,172,"Kitchen-Chinese Kitchen?Man Ho?"]
["2023年","8月份","L0000017851","LeeKumKee Sauce Oysted Old Brand\\李锦记旧装蚝油\\510g","BTL",6,43.4078,260.45,"Kitchen-Chinese Kitchen?Man Ho?"]
["2023年","8月份","L0000017847","LeeKumKee Sauce Chili Chinese\\李锦记桂林辣椒酱\\226g","BTL",6,22.2718,133.63,"Kitchen-Chinese Kitchen?Man Ho?"]
["2023年","8月份","L0000016809","Cream President whipping cream\\总统牌 淡奶油\\1l/BTL","BTL",3,43,129,"Kitchen-Chinese Kitchen?Man Ho?"]
["2023年","8月份","L0000017560","White Sesame Seed\\白芝麻","KG",1,28,28,"Kitchen-Chinese Kitchen?Man Ho?"]
["2023年","8月份","L0000017753","Acid Plum Paste\\如丰冰花酸梅酱\\430g","CAN",6,9.8932,59.36,"Kitchen-Chinese Kitchen?Man Ho?"]
["2023年","8月份","L0000019343","White Jade Mushroom\\白玉菇","KG",1,16,16,"Kitchen-Banquet Kitchen"]
["2023年","8月份","L0000051422","Spinach/菠菜/Kg","KG",1,13,13,"Kitchen-Banquet Kitchen"]
["2023年","8月份","L0000103452","Cherry tomatoes (yellow)\\圣女果(黄）/kg","KG",1,24,24,"Kitchen-Banquet Kitchen"]
["2023年","8月份","L0000019080","Bean Sprout\\黄豆芽","KG",1.8,4,7.2,"Kitchen-Banquet Kitchen"]
["2023年","8月份","L0000024473","Broccoli Green\\去根西兰花","KG",3,16,48,"Kitchen-Banquet Kitchen"]
["2023年","8月份","L0000033107","Vegetable Fresh Baby Vegetable\\娃娃菜","EA",4,6,24,"Kitchen-Banquet Kitchen"]
["2023年","8月份","L0000122723","Alkaline noodle碱面条","KG",3,8,24,"Kitchen-Banquet Kitchen"]
["2023年","8月份","L0000033107","Vegetable Fresh Baby Vegetable\\娃娃菜","EA",4,6,24,"Kitchen-Banquet Kitchen"]
["2023年","8月份","L0001624721","Iron yam\\加工净铁棍山药/KG","KG",1.5,27,40.5,"Kitchen-Banquet Kitchen"]
["2023年","8月份","L0001791087","New Zealand sweet bean\\新西兰甜豆1KG/包","BAG",5,20,100,"Kitchen-Banquet Kitchen"]
["2023年","8月份","L0000023672","Pork\\去皮五花肉","KG",6,36,216,"Kitchen-Banquet Kitchen"]
["2023年","8月份","L0000018705","Local Duck Old \\本地老鸭1-1.25kg","KG",12,86,1032,"Kitchen-Banquet Kitchen"]
["2023年","8月份","L0000023723","Duck\\白条鸭","KG",10,24.8,248,"Kitchen-Banquet Kitchen"]
["2023年","8月份","L0001709053","Local quality hens (cleaned)\\本地优母鸡（净膛）","KG",2.4,39,93.6,"Kitchen-Banquet Kitchen"]
["2023年","8月份","L0000976204","Egg Quail\\鹌鹑蛋 去皮","KG",1.5,26,39,"Kitchen-Banquet Kitchen"]
["2023年","8月份","L0000524458","Millennium tomato\\千禧小番茄","KG",1,12,12,"Kitchen-Banquet Kitchen"]
["2023年","8月份","L0000019663","Dalian Abalone\\大连鲜鲍鱼\\9-10pcs","KG",8.5,127,1079.5,"Kitchen-Banquet Kitchen"]
["2023年","8月份","L0000019700","Live Boston Lobster\\活波士顿龙虾\\500-650g","KG",2.4,270,648,"Kitchen-Banquet Kitchen"]
["2023年","8月份","L0000019700","Live Boston Lobster\\活波士顿龙虾\\500-650g","KG",10.2,270,2754,"Kitchen-Banquet Kitchen"]
["2023年","8月份","L0000189039","Grouper live\\青石斑鱼（活）","KG",2.4,140,336,"Kitchen-Banquet Kitchen"]
["2023年","8月份","L0000019686","Hard Shell Crab\\肉蟹\\250g-350g","KG",8.5,155,1317.5,"Kitchen-Banquet Kitchen"]
["2023年","8月份","L0000019686","Hard Shell Crab\\肉蟹\\250g-350g","KG",2,155,310,"Kitchen-Banquet Kitchen"]
["2023年","8月份","L0000022323","Mandarin Fish\\桂鱼\\0.65-0.9kg","KG",10.2,150,1530,"Kitchen-Banquet Kitchen"]
["2023年","8月份","L0001724018","Frozen scallop\\冰冻扇贝\\8头/KG","KG",3.2,65,208,"Kitchen-Banquet Kitchen"]
["2023年","8月份","L0000022338","Finless Eel\\黄鳝","KG",10.8,100,1080,"Kitchen-Banquet Kitchen"]
["2023年","8月份","L0000305085","Vegetable Fresh\\ginkgo\\白果（银杏）[500g/袋]","BAG",2,5.7522,11.5,"Kitchen-Banquet Kitchen"]
["2023年","8月份","L0001370393","Yasui cuttlefish ball\\安井墨鱼丸\\2.5kg/袋","BAG",1,58,58,"Kitchen-Banquet Kitchen"]
["2023年","8月份","L0000333206","Into the whole egg's surface\\进亿全蛋伊面 1.1KG\\条\\each","EA",1,40.5,40.5,"Kitchen-Banquet Kitchen"]
["2023年","8月份","L0000017402","FengChe Potato Stach Flour\\风车生粉\\25kg","PK",1,376.11,376.11,"Kitchen-Banquet Kitchen"]
["2023年","8月份","L0001531035","Brown sugar cake/红糖发糕/700g","BAG",6,11.6505,69.9,"Kitchen-Banquet Kitchen"]
["2023年","8月份","L0001549164","San Quan Dumpings\\三全小笼包\\1kg\\包","BAG",3,28,84,"Kitchen-Banquet Kitchen"]
["2023年","8月份","L0001551737","Quick frozen crispy barbecued pork (about 180 pieces)/速冻叉烧酥(180个左右)","CS",1,315,315,"Kitchen-Banquet Kitchen"]
["2023年","8月份","L0001574060","Sister Kitchen Salt Crispy Chicken (Rice Chicken)\\姐妹厨房盐酥鸡（鸡米花）\\2.5kg/袋","BAG",2,70,140,"Kitchen-Banquet Kitchen"]
["2023年","8月份","L0001880866","Sesame oil\\金龙鱼芝麻油400ML","BTL",5,23,115,"Kitchen-Banquet Kitchen"]
["2023年","8月份","L0001998281","Kung fu lamb chops/董生记功夫羊排500g\\包","BAG",7,65,455,"Kitchen-Banquet Kitchen"]
["2023年","8月份","L0002232908","Black hair belly\\黑毛肚2.5kg/包","BAG",1,205,205,"Kitchen-Banquet Kitchen"]
["2023年","8月份","L0000460051","FOOD DRY GOODS / GROCERY\\Pointed Bamboo Shoots\\扁尖\\KG","KG",1.75,44.6408,78.12,"Kitchen-Banquet Kitchen"]
["2023年","8月份","L0000087533","Noodles EDR-Udon Noodles\\美国厨师乌冬面","BAG",10,3.6,36,"Kitchen-Banquet Kitchen"]
["2023年","8月份","L0000087643","Dry goods others\\K.S.T Sau Chicken Rice Soy Swt Dark\\广祥泰鸡饭老抽 640ml","BTL",10,26,260,"Kitchen-Banquet Kitchen"]
["2023年","8月份","L0000017252","Delmonte Pinapple Sliced\\地扪菠萝片\\836g","CAN",2,18,36,"Kitchen-Banquet Kitchen"]
["2023年","8月份","L0000037834","Vegetable Fresh Vegetable Chufa Peeled\\马蹄(去皮)","KG",0.5,30,15,"Kitchen-Pastry"]
["2023年","8月份","L0000445634","JT-eggs\\鸡蛋-\\KG","KG",10,14,140,"Kitchen-Pastry"]
["2023年","8月份","L0000034347","Herbs Fresh Blueberries\\蓝莓\\125 gr/bx","EA",5,9.5,47.5,"Kitchen-Pastry"]
["2023年","8月份","L0000022273","Kiwi Friut Green\\猕猴桃(绿)","KG",1,28,28,"Kitchen-Pastry"]
["2023年","8月份","L0001349145","Jam / Honey Pure\\蜂蜜冠生园\\500g/btl","BTL",2,35,70,"Kitchen-Pastry"]
["2023年","8月份","L0002106637","Flour macaroon\\多口味马卡龙\\芙尔伦\\40粒/盒","BX",1,180,180,"Kitchen-Pastry"]
["2023年","8月份","L0002106637","Flour macaroon\\多口味马卡龙\\芙尔伦\\40粒/盒","BX",1,180,180,"Kitchen-Pastry"]
["2023年","8月份","L0000310745","Food Pastry Pastry Dry/Oreo cookies奥利奥饼干碎/400g*BAG","BAG",10,19,190,"Kitchen-Pastry"]
["2023年","8月份","L0000419112","Toast\\白吐司\\1000G\\条","EA",5,21,105,"Kitchen-Pastry"]
["2023年","8月份","L0000163153","Sugar / Salt Korea Castor Sugar\\韩国幼砂糖\\30kg/袋","BAG",1,245,245,"Kitchen-Pastry"]
["2023年","8月份","L0000018224","Sugar Icing Taigu\\太古糖霜\\13.6kg","BX",0,238,0,"Kitchen-Pastry"]
["2023年","8月份","L0000017390","MeiMei Cake Flour\\香港美玫牌低筋面粉\\50LB(22.7kg)","PK",1,171,171,"Kitchen-Pastry"]
["2023年","8月份","L0002412943","Traditional tea in Guilin\\桂林传统茶点\\金顺昌牌\\160克/包(桂花糕、绿豆糕、板栗糕、香芋糕）","BAG",10,6.64,66.4,"Kitchen-Pastry"]
["2023年","8月份","L0000022354","Sago\\皇冠小西米\\100g","BAG",10,1.7699,17.7,"Kitchen-Pastry"]
["2023年","8月份","L0002412943","Traditional tea in Guilin\\桂林传统茶点\\金顺昌牌\\160克/包(桂花糕、绿豆糕、板栗糕、香芋糕）","BAG",10,6.64,66.4,"Kitchen-Pastry"]
["2023年","8月份","L0001515004","Local rapeseed oil (bulk) / 5L / barrel\\本地菜籽油（散称）/5L/桶","BTL",1,85,85,"Kitchen-Western Kitchen?Yancheng Kitchen?"]
["2023年","8月份","L0001525472","Marvels skim milk / 1L/妙维思 脱脂牛奶/1L","EA",12,11.5,138,"Kitchen-Western Kitchen?Yancheng Kitchen?"]
["2023年","8月份","L0000534756","Staff Canteen Bean Curd\\薄千张\\KG","KG",1,14,14,"Kitchen-Western Kitchen?Yancheng Kitchen?"]
["2023年","8月份","L0000024461","Bean Curd Fried\\油豆腐","KG",1,12,12,"Kitchen-Western Kitchen?Yancheng Kitchen?"]
["2023年","8月份","L0000087075","Vegetable Fresh\\Chili red\\红杭椒","KG",1,23,23,"Kitchen-Western Kitchen?Yancheng Kitchen?"]
["2023年","8月份","L0000019178","Ginger Peeled Blue\\生姜去皮","KG",2,23,46,"Kitchen-Western Kitchen?Yancheng Kitchen?"]
["2023年","8月份","L0000024548","Fresh Shiitake Mushrooms/鲜香菇/Kg","KG",1,19,19,"Kitchen-Western Kitchen?Yancheng Kitchen?"]
["2023年","8月份","L0000024552","Cuke\\日本小黄瓜","KG",2,14,28,"Kitchen-Western Kitchen?Yancheng Kitchen?"]
["2023年","8月份","L0000033103","Vegetable Fresh Carrot\\胡萝卜","KG",5,5,25,"Kitchen-Western Kitchen?Yancheng Kitchen?"]
["2023年","8月份","L0000400651","Vegetable Fresh/红叶生菜","KG",1,33,33,"Kitchen-Western Kitchen?Yancheng Kitchen?"]
["2023年","8月份","L0000033091","Vegetable Fresh Mushroom Button\\白蘑菇","KG",1,19,19,"Kitchen-Western Kitchen?Yancheng Kitchen?"]
["2023年","8月份","L0000033111","Vegetable Fresh Cabbage Shanghai\\上海青 只留菜心部分","KG",5,8,40,"Kitchen-Western Kitchen?Yancheng Kitchen?"]
["2023年","8月份","L0000033106","Vegetable Fresh Corn Stick\\鲜玉米棒","KG",8,9,72,"Kitchen-Western Kitchen?Yancheng Kitchen?"]
["2023年","8月份","L0000019174","Garlic Peeled\\蒜肉","KG",5,12,60,"Kitchen-Western Kitchen?Yancheng Kitchen?"]
["2023年","8月份","L0000019219","Local Lettuce\\本地生菜","KG",3,9,27,"Kitchen-Western Kitchen?Yancheng Kitchen?"]
["2023年","8月份","L0000024454","Iceberg/Green Lettuce\\球生菜","KG",2,15,30,"Kitchen-Western Kitchen?Yancheng Kitchen?"]
["2023年","8月份","L0000024482","Cucumber\\黄瓜","KG",2,6,12,"Kitchen-Western Kitchen?Yancheng Kitchen?"]
["2023年","8月份","L0000024487","Onion Red\\红洋葱","KG",4,4,16,"Kitchen-Western Kitchen?Yancheng Kitchen?"]
["2023年","8月份","L0000024457","Lettuce Frisee\\苦叶生菜","KG",2,22,44,"Kitchen-Western Kitchen?Yancheng Kitchen?"]
["2023年","8月份","L0000024443","Hand Tooled Noodle\\手工面","KG",5,8,40,"Kitchen-Western Kitchen?Yancheng Kitchen?"]
["2023年","8月份","L0000024414","Chili Green Hang Jiao\\绿杭椒","KG",1,15.6,15.6,"Kitchen-Western Kitchen?Yancheng Kitchen?"]
["2023年","8月份","L0000019109","Celery Process\\加工西芹","KG",2,16,32,"Kitchen-Western Kitchen?Yancheng Kitchen?"]
["2023年","8月份","L0000024567","Chinese Yam\\铁棍山药","KG",4,19,76,"Kitchen-Western Kitchen?Yancheng Kitchen?"]
["2023年","8月份","L0000105415","Vegetable Fresh\\Egg Noodle\\鸡蛋面","KG",5,10,50,"Kitchen-Western Kitchen?Yancheng Kitchen?"]
["2023年","8月份","L0000034896","Vegetable Fresh Abalone Mushrooms \\杏鲍菇","KG",5,14,70,"Kitchen-Western Kitchen?Yancheng Kitchen?"]
["2023年","8月份","L0000033110","Vegetable Fresh Cabbage Red\\紫包菜","KG",2,7,14,"Kitchen-Western Kitchen?Yancheng Kitchen?"]
["2023年","8月份","L0001525509","Guilin Rice noodles/桂林米粉","KG",5,10,50,"Kitchen-Western Kitchen?Yancheng Kitchen?"]
["2023年","8月份","L0001309529","EDR\\dryfood\\local vegetable\\千叶吊兰","KG",0.3,25,7.5,"Kitchen-Western Kitchen?Yancheng Kitchen?"]
["2023年","8月份","L0000418693","Dianxin Dianxin 本地小馄饨皮1kg","KG",1,7,7,"Kitchen-Western Kitchen?Yancheng Kitchen?"]
["2023年","8月份","L0000033097","Vegetable Fresh Radicchio White\\卷心菜(白)\\DIA14cm","KG",3,5,15,"Kitchen-Western Kitchen?Yancheng Kitchen?"]
["2023年","8月份","L0000018611","German Salt Trotter Fore \\德国咸猪手","KG",10,47,470,"Kitchen-Western Kitchen?Yancheng Kitchen?"]
["2023年","8月份","L0000023646","Pork with skin\\带皮五花肉","KG",3.4,36,122.4,"Kitchen-Western Kitchen?Yancheng Kitchen?"]
["2023年","8月份","L0000023646","Pork with skin\\带皮五花肉","KG",5,36,180,"Kitchen-Western Kitchen?Yancheng Kitchen?"]
["2023年","8月份","L0000039719","Pork Local Frozen Pork Ribs \\冻猪肋排骨","KG",15,65,975,"Kitchen-Western Kitchen?Yancheng Kitchen?"]
["2023年","8月份","L0000039719","Pork Local Frozen Pork Ribs \\冻猪肋排骨","KG",3,65,195,"Kitchen-Western Kitchen?Yancheng Kitchen?"]
["2023年","8月份","L0000480182","Chicken skewer/骨肉相连串/1KG/包","EA",6,28,168,"Kitchen-Western Kitchen?Yancheng Kitchen?"]
["2023年","8月份","L0000935930","Pork Local\\Six Pork Heads\\六合猪头肉\\KG","KG",3,78,234,"Kitchen-Western Kitchen?Yancheng Kitchen?"]
["2023年","8月份","L0002161290","Bovine anterior tendon/牛前键","KG",3,98,294,"Kitchen-Western Kitchen?Yancheng Kitchen?"]
["2023年","8月份","L0000947630","Mutton string/羊肉串/30串","BAG",6,28,168,"Kitchen-Western Kitchen?Yancheng Kitchen?"]
["2023年","8月份","L0000033215","Chicken Leg Whole Boneless\\去骨鸡腿肉","KG",6,26.8,160.8,"Kitchen-Western Kitchen?Yancheng Kitchen?"]
["2023年","8月份","L0000033192","Beef Local Flank (Selected)\\牛腩(精选)","KG",0,140,0,"Kitchen-Western Kitchen?Yancheng Kitchen?"]
["2023年","8月份","L0000023310","Frz San Huang Chicken\\冻三黄鸡\\1.5-2Kg\\只","KG",5,24.8,124,"Kitchen-Western Kitchen?Yancheng Kitchen?"]
["2023年","8月份","L0000018727","Frozen Duck Breast\\冻鸭胸","KG",3,22,66,"Kitchen-Western Kitchen?Yancheng Kitchen?"]
["2023年","8月份","L0000018662","Chicken Wing Fried\\炸鸡翅根","KG",3,32,96,"Kitchen-Western Kitchen?Yancheng Kitchen?"]
["2023年","8月份","L0000794917","beef fillet/免浆牛柳/KG","KG",2,96,192,"Kitchen-Western Kitchen?Yancheng Kitchen?"]
["2023年","8月份","L0000445634","JT-eggs\\鸡蛋-\\KG","KG",30,14,420,"Kitchen-Western Kitchen?Yancheng Kitchen?"]
["2023年","8月份","L0000018880","Fuji Apple\\富士苹果","KG",20,12,240,"Kitchen-Western Kitchen?Yancheng Kitchen?"]
["2023年","8月份","L0000022265","Local Grape\\本地葡萄","KG",1,14,14,"Kitchen-Western Kitchen?Yancheng Kitchen?"]
["2023年","8月份","L0000037213","Fruit Fresh Small Mango \\小台芒","KG",2,11,22,"Kitchen-Western Kitchen?Yancheng Kitchen?"]
["2023年","8月份","L0001863757","Claw honey\\羊角蜜","KG",2,9,18,"Kitchen-Western Kitchen?Yancheng Kitchen?"]
["2023年","8月份","L0000162206","Fruit Fresh Hami Melon\\哈密瓜\\kg","KG",30,4.8,144,"Kitchen-Western Kitchen?Yancheng Kitchen?"]
["2023年","8月份","L0000037388","Fruit Fresh Lichee \\荔枝","KG",2,22,44,"Kitchen-Western Kitchen?Yancheng Kitchen?"]
["2023年","8月份","L0000036710","Fruit Fresh Grape Red Local \\国产红提","KG",1,18,18,"Kitchen-Western Kitchen?Yancheng Kitchen?"]
["2023年","8月份","L0000033189","Fruit Fresh Navel Orange\\脐橙","KG",5,10,50,"Kitchen-Western Kitchen?Yancheng Kitchen?"]
["2023年","8月份","L0000033170","Fruit Fresh Nectarine\\油桃","KG",20,12,240,"Kitchen-Western Kitchen?Yancheng Kitchen?"]
["2023年","8月份","L0000018960","Local Seedless Watermelon\\本地无籽西瓜","KG",40,4.2,168,"Kitchen-Western Kitchen?Yancheng Kitchen?"]
["2023年","8月份","L0000018896","Honey Pear\\蜜梨","KG",30,16,480,"Kitchen-Western Kitchen?Yancheng Kitchen?"]
["2023年","8月份","L0000033182","Fruit Fresh Coconut\\青椰子(去壳)","EA",54,9.5,513,"Kitchen-Western Kitchen?Yancheng Kitchen?"]
["2023年","8月份","L0000018908","Thai Lime\\泰国青柠檬","KG",1,27,27,"Kitchen-Western Kitchen?Yancheng Kitchen?"]
["2023年","8月份","L0001863788","Pineapple pulp\\菠萝密果肉","KG",3,34,102,"Kitchen-Western Kitchen?Yancheng Kitchen?"]
["2023年","8月份","L0001647201","The sun rose\\阳光玫瑰\\小果/KG","KG",1,30,30,"Kitchen-Western Kitchen?Yancheng Kitchen?"]
["2023年","8月份","L0000524458","Millennium tomato\\千禧小番茄","KG",3,12,36,"Kitchen-Western Kitchen?Yancheng Kitchen?"]
["2023年","8月份","L0000449351","Honey melon Fresh 香瓜（玉菇瓜）","KG",30,6.4,192,"Kitchen-Western Kitchen?Yancheng Kitchen?"]
["2023年","8月份","L0000051509","Banana Import\\进口香蕉","KG",14,9.6,134.4,"Kitchen-Western Kitchen?Yancheng Kitchen?"]
["2023年","8月份","L0002331836","chilled salmon fillet\\集采冰鲜三文鱼柳","KG",10,167,1670,"Kitchen-Western Kitchen?Yancheng Kitchen?"]
["2023年","8月份","L0000144273","Shellfish Fresh Clam Live\\活香螺","KG",2,95,190,"Kitchen-Western Kitchen?Yancheng Kitchen?"]
["2023年","8月份","L0000223282","Escargot\\田螺","KG",2,10,20,"Kitchen-Western Kitchen?Yancheng Kitchen?"]
["2023年","8月份","L0002358513","Freshwater crayfish\\淡水小龙虾67钱","KG",10,55,550,"Kitchen-Western Kitchen?Yancheng Kitchen?"]
["2023年","8月份","L0002358507","Freshwater crayfish\\淡水小龙虾45钱","KG",20,43,860,"Kitchen-Western Kitchen?Yancheng Kitchen?"]
["2023年","8月份","L0002358507","Freshwater crayfish\\淡水小龙虾45钱","KG",19.8,43,851.4,"Kitchen-Western Kitchen?Yancheng Kitchen?"]
["2023年","8月份","L0000151184","Prawn/Shrimp-鲜活小青龙虾 200-300g-Lobster Baby Alive","KG",14,160,2240,"Kitchen-Western Kitchen?Yancheng Kitchen?"]
["2023年","8月份","L0000144273","Shellfish Fresh Clam Live\\活香螺","KG",3,95,285,"Kitchen-Western Kitchen?Yancheng Kitchen?"]
["2023年","8月份","L0002358513","Freshwater crayfish\\淡水小龙虾67钱","KG",10,55,550,"Kitchen-Western Kitchen?Yancheng Kitchen?"]
["2023年","8月份","L0000151184","Prawn/Shrimp-鲜活小青龙虾 200-300g-Lobster Baby Alive","KG",0,160,0,"Kitchen-Western Kitchen?Yancheng Kitchen?"]
["2023年","8月份","L0002358507","Freshwater crayfish\\淡水小龙虾45钱","KG",20,43,860,"Kitchen-Western Kitchen?Yancheng Kitchen?"]
["2023年","8月份","L0000022326","Crucian\\河鲫鱼\\300-400g","KG",5,18,90,"Kitchen-Western Kitchen?Yancheng Kitchen?"]
["2023年","8月份","L0000144273","Shellfish Fresh Clam Live\\活香螺","KG",3,95,285,"Kitchen-Western Kitchen?Yancheng Kitchen?"]
["2023年","8月份","L0002358513","Freshwater crayfish\\淡水小龙虾67钱","KG",10,55,550,"Kitchen-Western Kitchen?Yancheng Kitchen?"]
["2023年","8月份","L0000223282","Escargot\\田螺","KG",2,10,20,"Kitchen-Western Kitchen?Yancheng Kitchen?"]
["2023年","8月份","L0001791624","Red crab\\冻红花蟹200-300G\\出成75%/KG","KG",4,95,380,"Kitchen-Western Kitchen?Yancheng Kitchen?"]
["2023年","8月份","L0002266289","Abalone whelk \\鲍螺肉","KG",2,72,144,"Kitchen-Western Kitchen?Yancheng Kitchen?"]
["2023年","8月份","L0000033359","Shellfish Fresh Jiwei\\基围虾 小\\50pcs","KG",4,65,260,"Kitchen-Western Kitchen?Yancheng Kitchen?"]
["2023年","8月份","L0001345734","Gold Screw\\???","KG",0,40,0,"Kitchen-Western Kitchen?Yancheng Kitchen?"]
["2023年","8月份","L0001551656","Emerald snail/翡翠螺","KG",4,65,260,"Kitchen-Western Kitchen?Yancheng Kitchen?"]
["2023年","8月份","L0000034130","Fish Processed Frozen Braised Eel\\蒲烧鳗鱼（大的 厚的）","KG",3,138,414,"Kitchen-Western Kitchen?Yancheng Kitchen?"]
["2023年","8月份","L0000033993","Fish Processed Frozen Fish Osaki Crab Stick\\大崎蟹柳\\454g/pk","EA",2,16,32,"Kitchen-Western Kitchen?Yancheng Kitchen?"]
["2023年","8月份","L0002232900","Lamb leg with bone\\LAMB带骨羔羊腿","KG",15,78,1170,"Kitchen-Western Kitchen?Yancheng Kitchen?"]
["2023年","8月份","L0000828622","Food Meat - Poultry Processed Meat\\百倍德盘肠1kg/包","PK",5,49.6,248,"Kitchen-Western Kitchen?Yancheng Kitchen?"]
["2023年","8月份","L0001522598","Juice Chilled Juice Apple Juice\\橙宝苹果汁\\BTL\\2L","BTL",24,12.5,300,"Kitchen-Western Kitchen?Yancheng Kitchen?"]
["2023年","8月份","L0001522601","Juice Chilled Juice orangeJuice\\橙宝橙汁\\BTL\\2L","BTL",36,12.5,450,"Kitchen-Western Kitchen?Yancheng Kitchen?"]
["2023年","8月份","L0001522602","Juice Chilled Juice Grape juice\\橙宝葡萄汁\\BTL 2L","BTL",24,12.5,300,"Kitchen-Western Kitchen?Yancheng Kitchen?"]
["2023年","8月份","L0001522603","Juice Chilled Juice Grapefruit juice\\橙宝西柚汁\\BTL 2L","BTL",24,12.5,300,"Kitchen-Western Kitchen?Yancheng Kitchen?"]
["2023年","8月份","L0001574053","Tyson Beijing Original Chicken Nuggets\\泰森北京原味鸡块\\2.5kg/袋","BAG",3,45,135,"Kitchen-Western Kitchen?Yancheng Kitchen?"]
["2023年","8月份","L0001574064","Aunt Su's spring rolls with shredded pork and shepherd's purse\\苏阿姨荠菜肉丝春卷\\1kg/袋","BAG",8,34,272,"Kitchen-Western Kitchen?Yancheng Kitchen?"]
["2023年","8月份","L0001765938","Mccain\\麦肯小圆薯饼1.5KG/袋","BAG",0,30,0,"Kitchen-Western Kitchen?Yancheng Kitchen?"]
["2023年","8月份","L0000186977","White toast\\切片白吐司\\ 1KG","BAG",2,20.5,41,"Kitchen-Western Kitchen?Yancheng Kitchen?"]
["2023年","8月份","L0000152556","Dried/Canned Foods-白泡菜-韩国泡菜-White Pickle","KG",5,20,100,"Kitchen-Western Kitchen?Yancheng Kitchen?"]
["2023年","8月份","L0000017437","Kellogg's Honey Nut Os\\家乐氏蜜果脆圈圈\\250g","BX",2,26,52,"Kitchen-Western Kitchen?Yancheng Kitchen?"]
["2023年","8月份","L0000363829","New Orleans flavor pickling spices\\味好美新奥尔良风味腌制料-香辣味\\2kg*10包/箱","BAG",0,56,0,"Kitchen-Western Kitchen?Yancheng Kitchen?"]
["2023年","8月份","L0001526369","Frise Bacon 2kg/福瑞斯五花培根(生制)2KG","BAG",8,99,792,"Kitchen-Western Kitchen?Yancheng Kitchen?"]
["2023年","8月份","L0000032523","Dry Canned Food Del Monte Whole Kernel Corn\\地门玉米粒\\420g/tin","EA",6,7,42,"Kitchen-Western Kitchen?Yancheng Kitchen?"]
["2023年","8月份","L0000060929","Sugar Rock Candy\\单晶冰糖","KG",3,11.06,33.18,"Kitchen-Western Kitchen?Yancheng Kitchen?"]
["2023年","8月份","L0000061821","Yurun Sandwich ham 1.9kg/pc 雨润三文治火腿","EA",1,37.6106,37.61,"Kitchen-Western Kitchen?Yancheng Kitchen?"]
["2023年","8月份","L0000258460","Dry Goods Others\\preserved vegetable\\乌江牌榨菜\\70G","BAG",40,2.3,92,"Kitchen-Western Kitchen?Yancheng Kitchen?"]
["2023年","8月份","L0000296830","Vinegar\\丘比日式油醋汁1.5L\\瓶","BTL",1,49.56,49.56,"Kitchen-Western Kitchen?Yancheng Kitchen?"]
["2023年","8月份","L0000548408","Other Meats\\Im one hundred times the royal mozzarella cheese\\百倍德皇家马苏里拉芝士肠\\kg","KG",5,78.76,393.8,"Kitchen-Western Kitchen?Yancheng Kitchen?"]
["2023年","8月份","L0001998386","Milk steamed bread/安井牛奶馒头1kg\\包","BAG",3,12.5,37.5,"Kitchen-Western Kitchen?Yancheng Kitchen?"]
["2023年","8月份","L0000016846","Nestle Milk Powder\\雀巢奶粉袋装\\500g","PK",10,38,380,"Kitchen-Western Kitchen?Yancheng Kitchen?"]
["2023年","8月份","L0000024133","Yang Oil\\味付油扬 湿\\1Kg","PK",1,23.45,23.45,"Kitchen-Western Kitchen?Yancheng Kitchen?"]
["2023年","8月份","L0000032384","Cheese Kraft Powder\\卡夫芝士粉\\85g/bx","EA",1,20.8,20.8,"Kitchen-Western Kitchen?Yancheng Kitchen?"]
["2023年","8月份","L0002291578","Flavor Full Original cup 0 fat yogurt\\味全原味杯装0脂酸奶100g/杯（8杯一盒）","CUP",80,0.885,70.8,"Kitchen-Western Kitchen?Yancheng Kitchen?"]
["2023年","8月份","L0000017245","Bloat Mustard\\酸菜\\1kg","CAN",3,5.1845,15.55,"Kitchen-Western Kitchen?Yancheng Kitchen?"]
["2023年","8月份","L0002367444","Golden corn burger\\黄金玉米烙330g10个/包","BAG",15,10,150,"Kitchen-Western Kitchen?Yancheng Kitchen?"]
["2023年","8月份","L0002309641","Golden Arowana Instant Tofu Pollen\\金龙鱼速食豆腐花粉260g*30袋/箱","CS",1,390,390,"Kitchen-Western Kitchen?Yancheng Kitchen?"]
["2023年","8月份","L0000017254","Italy Tomato Skinless\\火山牌去皮番茄\\2.55kg","CAN",2,32.5,65,"Kitchen-Western Kitchen?Yancheng Kitchen?"]
["2023年","8月份","L0000017274","Baili Red Kidney Bean\\百利红腰豆\\432g","CAN",6,6.9,41.4,"Kitchen-Western Kitchen?Yancheng Kitchen?"]
["2023年","8月份","L0000017429","Kellogg's All Bran\\家乐氏全麦维\\350g","PK",2,24.5,49,"Kitchen-Western Kitchen?Yancheng Kitchen?"]
["2023年","8月份","L0000017451","Kellogg's Rice Coco\\家乐氏可可力\\350g","PK",2,28.5,57,"Kitchen-Western Kitchen?Yancheng Kitchen?"]
["2023年","8月份","L0000017452","Kellogg's Rice Crispy\\家乐氏卜卜米\\200g","PK",2,24.8,49.6,"Kitchen-Western Kitchen?Yancheng Kitchen?"]
["2023年","8月份","L0000017627","ZhenJiang Black Chinese Vinegar\\镇江陈醋\\420ml","BTL",5,7.5437,37.72,"Kitchen-Western Kitchen?Yancheng Kitchen?"]
["2023年","8月份","L0000017878","Hellmann's Mayonnaise\\好乐门蛋黄酱\\3KG/BRL","BRL",2,95,190,"Kitchen-Western Kitchen?Yancheng Kitchen?"]
["2023年","8月份","L0000024199","Dry Bean Heinz Baked\\亨氏焗豆\\420G","TIN",10,9.8932,98.93,"Kitchen-Western Kitchen?Yancheng Kitchen?"]
["2023年","8月份","L0000032489","Sauce Yellow Curry Paste Thailand\\泰国黄咖喱\\1kg/btl","EA",2,30.7282,61.46,"Kitchen-Western Kitchen?Yancheng Kitchen?"]
["2023年","8月份","L0000032597","Herbs / Spices Chili Power\\辣椒面","KG",1,37.1942,37.19,"Kitchen-Western Kitchen?Yancheng Kitchen?"]
["2023年","8月份","L0000032714","Rice / Grain / Cereal Kelloggs Corn Flakes\\家乐氏玉米片\\340g/bx","EA",3,25.8,77.4,"Kitchen-Western Kitchen?Yancheng Kitchen?"]
["2023年","8月份","L0000032718","Rice / Grain / Cereal Kelloggs Raisin Square\\家乐氏提子麦维\\285g/bx","EA",3,27.2,81.6,"Kitchen-Western Kitchen?Yancheng Kitchen?"]
["2023年","8月份","L0000052168","Sauce Knorr Powder Chicken\\家乐鸡精\\900G","TIN",5,26,130,"Kitchen-Western Kitchen?Yancheng Kitchen?"]
["2023年","8月份","L0000052214","Sugar Brown Sugar\\红糖","KG",1,12.3689,12.37,"Kitchen-Western Kitchen?Yancheng Kitchen?"]
["2023年","8月份","L0000077387","Vegetable\\Lotus Root Zone\\泡椒藕带\\400G","BAG",6,10,60,"Kitchen-Western Kitchen?Yancheng Kitchen?"]
["2023年","8月份","L0000163757","The chobe Fried sesame sauce culture\\丘比煎培芝麻汁1.5L/瓶","BTL",2,60,120,"Kitchen-Western Kitchen?Yancheng Kitchen?"]
["2023年","8月份","L0000428551","Chinese Seasoning\\The potato fans weigh\\山芋粉丝\\称重\\KG","KG",3,17.3204,51.96,"Kitchen-Western Kitchen?Yancheng Kitchen?"]
["2023年","8月份","L0000730862","Instant Noodle\\韩国辛拉面\\120g/包","PK",50,5.34,267,"Kitchen-Western Kitchen?Yancheng Kitchen?"]
["2023年","8月份","L0000944274","Food Japanese/Seaweed Sliced海苔丝100g","BAG",1,33.4078,33.41,"Kitchen-Western Kitchen?Yancheng Kitchen?"]
["2023年","8月份","L0001031462","Nuomiou\\糯米藕","KG",5,24,120,"Kitchen-Western Kitchen?Yancheng Kitchen?"]
["2023年","8月份","L0001531035","Brown sugar cake/红糖发糕/700g","BAG",6,11.6505,69.9,"Kitchen-Western Kitchen?Yancheng Kitchen?"]
["2023年","8月份","L0001574065","Asian fishing port milan prawn cake\\亚洲渔港米兰虾饼\\300g/袋","BAG",3,10,30,"Kitchen-Western Kitchen?Yancheng Kitchen?"]
["2023年","8月份","L0001591977","Milk yellow bag\\三全奶黄包\\1500克/包","BAG",2,26.8,53.6,"Kitchen-Western Kitchen?Yancheng Kitchen?"]
["2023年","8月份","L0001658552","Three quick kitchen vegetable bag\\三全快厨素菜包1500g/包","BAG",2,27,54,"Kitchen-Western Kitchen?Yancheng Kitchen?"]
["2023年","8月份","L0001881250","Golden arowana sesame oil\\金龙鱼芝麻香油400ml","BTL",3,24,72,"Kitchen-Western Kitchen?Yancheng Kitchen?"]
["2023年","8月份","L0001523361","ERD/Mengniu fresh milk / 180ml * 12/员餐/蒙牛鲜牛奶/180ml*12","CS",10,29,290,"Staff Dining"]
["2023年","8月份","L0001523350","ERD/Mengniu yogurt / original / 100g * 8/员餐/蒙牛酸奶/原味/100g*8","PNL",60,8,480,"Staff Dining"]
["2023年","8月份","L0000582884","Tofu fruit 豆腐果-员餐\\kg","KG",4,12,48,"Staff Dining"]
["2023年","8月份","L0000391127","员餐/EDR\\DryFood\\Tofu\\板豆腐","EA",1,20,20,"Staff Dining"]
["2023年","8月份","L0000035388","Vegetable Fresh EDR-Carrot\\胡萝卜去皮切块-员餐","KG",5,5,25,"Staff Dining"]
["2023年","8月份","L0000060716","EDR-Sweet Potato Baby\\小红薯-员餐","KG",25,8.6,215,"Staff Dining"]
["2023年","8月份","L0000060706","EDR-Coriander\\香菜-员餐","KG",2,15,30,"Staff Dining"]
["2023年","8月份","L0000189103","EDR-Vegetable Fresh Abalone Mushrooms \\杏鲍菇(员工）","KG",6,12,72,"Staff Dining"]
["2023年","8月份","L0000023981","EDR-Cucumber\\黄瓜-员餐","KG",25,6,150,"Staff Dining"]
["2023年","8月份","L0000019392","EDR-Ginger Peeled\\生姜去皮-员餐","KG",2,23,46,"Staff Dining"]
["2023年","8月份","L0000019391","EDR-Garlic Peeled\\大蒜去衣-员餐","KG",4,11,44,"Staff Dining"]
["2023年","8月份","L0000035398","Vegetable Fresh EDR-Corn\\玉米棒切节-员餐","KG",12,9.8,117.6,"Staff Dining"]
["2023年","8月份","L0000019362","EDR-Garlic Leaf \\蒜苗-员餐","KG",14,12.8,179.2,"Staff Dining"]
["2023年","8月份","L0000190149","EDR-Shiitake Mushrooms\\鲜香菇（员工餐厅）","KG",3,15.8,47.4,"Staff Dining"]
["2023年","8月份","L0000278406","EDR- green chili\\绿杭椒—员餐","KG",8,15.8,126.4,"Staff Dining"]
["2023年","8月份","L0001523363","ERD/Local green pepper/员餐/本地青椒","KG",30,7.8,234,"Staff Dining"]
["2023年","8月份","L0001523375","ERD/Lettuce/员餐/油麦菜","KG",14,9,126,"Staff Dining"]
["2023年","8月份","L0000019362","EDR-Garlic Leaf \\蒜苗-员餐","KG",16,12.8,204.8,"Staff Dining"]
["2023年","8月份","L0000190149","EDR-Shiitake Mushrooms\\鲜香菇（员工餐厅）","KG",3,15.8,47.4,"Staff Dining"]
["2023年","8月份","L0000019388","EDR-Corn Seed\\玉米粒-员餐","KG",10,12.6,126,"Staff Dining"]
["2023年","8月份","L0000019412","EDR-Eggplant\\茄子-员餐","KG",10,8.8,88,"Staff Dining"]
["2023年","8月份","L0000023931","EDR-Shallot\\小葱-员餐","KG",5,10,50,"Staff Dining"]
["2023年","8月份","L0000023941","EDR-Lettuce\\生菜-员餐","KG",15,8.8,132,"Staff Dining"]
["2023年","8月份","L0000023979","EDR-Spinach\\菠菜-员餐","KG",12,12.8,153.6,"Staff Dining"]
["2023年","8月份","L0000035387","Vegetable Fresh EDR-Winter Melon\\冬瓜去皮切块-员餐","KG",8,8,64,"Staff Dining"]
["2023年","8月份","L0000019382","EDR-Broccoli Green\\西兰花-员餐","KG",15,16,240,"Staff Dining"]
["2023年","8月份","L0001523383","ERD/Venetian knot/员餐/百叶结","KG",7,14,98,"Staff Dining"]
["2023年","8月份","L0000023967","EDR-Onion\\洋葱-员餐","KG",5,4,20,"Staff Dining"]
["2023年","8月份","L0000023943","EDR-White Cabbage\\包心菜-员餐","KG",15,5,75,"Staff Dining"]
["2023年","8月份","L0000019381","EDR-Soybean Sprout\\黄豆芽-员餐","KG",12,4,48,"Staff Dining"]
["2023年","8月份","L0000019376","EDR-Asparagus Lettuce Peeled\\莴笋去皮-员餐","KG",16,16,256,"Staff Dining"]
["2023年","8月份","L0000017747","EDR-Fried Noodle\\炒面-员餐","KG",8,7,56,"Staff Dining"]
["2023年","8月份","L0000023937","EDR-Green Vegetable\\青菜-员餐","KG",20,6,120,"Staff Dining"]
["2023年","8月份","L0000023927","EDR-Potato Big\\大土豆-员餐","KG",15,6,90,"Staff Dining"]
["2023年","8月份","L0000023927","EDR-Potato Big\\大土豆-员餐","KG",8,6,48,"Staff Dining"]
["2023年","8月份","L0000019382","EDR-Broccoli Green\\西兰花-员餐","KG",15,16,240,"Staff Dining"]
["2023年","8月份","L0000019386","EDR-Chinese Cabbage\\大白菜-员餐","KG",20,5,100,"Staff Dining"]
["2023年","8月份","L0000019386","EDR-Chinese Cabbage\\大白菜-员餐","KG",15,5,75,"Staff Dining"]
["2023年","8月份","L0000019396","EDR-Lotus Root\\莲藕洗净-员餐","KG",15,14,210,"Staff Dining"]
["2023年","8月份","L0000019402","EDR-Cherry Tomato\\樱桃番茄-员餐","KG",20,14,280,"Staff Dining"]
["2023年","8月份","L0000023927","EDR-Potato Big\\大土豆-员餐","KG",15,6,90,"Staff Dining"]
["2023年","8月份","L0000023927","EDR-Potato Big\\大土豆-员餐","KG",15,6,90,"Staff Dining"]
["2023年","8月份","L0000087035","EDR\\Duck leg\\鸭腿-员餐","KG",30,21,630,"Staff Dining"]
["2023年","8月份","L0000024023","EDR-Pork\\里脊肉-员餐","KG",6,42,252,"Staff Dining"]
["2023年","8月份","L0000024023","EDR-Pork\\里脊肉-员餐","KG",8,42,336,"Staff Dining"]
["2023年","8月份","L0000087034","EDR\\Duck gizzard\\鸭胗-员餐","KG",15,38,570,"Staff Dining"]
["2023年","8月份","L0001523421","ERD/Minced chicken/员餐/免浆鸡丁","KG",15,32,480,"Staff Dining"]
["2023年","8月份","L0000034103","EDR-Sanhuang Chicken\\三黄鸡加工成块 去头和内脏-员餐","KG",26,26.8,696.8,"Staff Dining"]
["2023年","8月份","L0000024035","EDR-Pork Belly\\五花肉-员餐","KG",12,36,432,"Staff Dining"]
["2023年","8月份","L0000024035","EDR-Pork Belly\\五花肉-员餐","KG",15,36,540,"Staff Dining"]
["2023年","8月份","L0000024035","EDR-Pork Belly\\五花肉-员餐","KG",12,36,432,"Staff Dining"]
["2023年","8月份","L0000087059","EDR\\Egg\\鸡蛋-员餐","KG",60,14,840,"Staff Dining"]
["2023年","8月份","L0000040401","Fruit Fresh EDR-Local Apple\\糖心苹果-员餐","KG",40,9.6,384,"Staff Dining"]
["2023年","8月份","L0000267999","EDR- Haitian Seafood Paste\\海天海鲜酱\\7kg\\pk","EA",3,84,252,"Staff Dining"]
["2023年","8月份","L0000103475","Within the progenitor of lipid box of tofu\\祖名内脂盒豆腐\\410/bx","BX",3,1.6,4.8,"Kitchen-Specialty Kitchen?Smoki Moto?"]
["2023年","8月份","L0000024543","Firm Tofu\\老豆腐","EA",2,2.5,5,"Kitchen-Specialty Kitchen?Smoki Moto?"]
["2023年","8月份","L0000019102","Cabbage White Small\\小白菜","KG",0.5,16,8,"Kitchen-Specialty Kitchen?Smoki Moto?"]
["2023年","8月份","L0000024532","Chili Red/红尖椒/Kg","KG",1,16,16,"Kitchen-Specialty Kitchen?Smoki Moto?"]
["2023年","8月份","L0000024526","Potato Baby\\土豆","KG",3,6,18,"Kitchen-Specialty Kitchen?Smoki Moto?"]
["2023年","8月份","L0000024482","Cucumber\\黄瓜","KG",1.5,6,9,"Kitchen-Specialty Kitchen?Smoki Moto?"]
["2023年","8月份","L0000019174","Garlic Peeled\\蒜肉","KG",2.6,12,31.2,"Kitchen-Specialty Kitchen?Smoki Moto?"]
["2023年","8月份","L0000033129","Vegetable Fresh Marrow\\西葫芦蔬菜","KG",1,6,6,"Kitchen-Specialty Kitchen?Smoki Moto?"]
["2023年","8月份","L0000019265","Onion White Peeled\\去皮白洋葱","KG",5,7,35,"Kitchen-Specialty Kitchen?Smoki Moto?"]
["2023年","8月份","L0000019216","Lettuce Iceburg\\西生菜","KG",3,17,51,"Kitchen-Specialty Kitchen?Smoki Moto?"]
["2023年","8月份","L0000024455","Oak Leaf Green\\绿橡叶生菜","KG",3,24,72,"Kitchen-Specialty Kitchen?Smoki Moto?"]
["2023年","8月份","L0000033107","Vegetable Fresh Baby Vegetable\\娃娃菜","EA",2,6,12,"Kitchen-Specialty Kitchen?Smoki Moto?"]
["2023年","8月份","L0000019119","Chilli Green\\青尖椒","KG",1.5,10,15,"Kitchen-Specialty Kitchen?Smoki Moto?"]
["2023年","8月份","L0000024455","Oak Leaf Green\\绿橡叶生菜","KG",3,24,72,"Kitchen-Specialty Kitchen?Smoki Moto?"]
["2023年","8月份","L0000024555","Norika\\法香","KG",0.5,21,10.5,"Kitchen-Specialty Kitchen?Smoki Moto?"]
["2023年","8月份","L0000023672","Pork\\去皮五花肉","KG",8,36,288,"Kitchen-Specialty Kitchen?Smoki Moto?"]
["2023年","8月份","L0000976204","Egg Quail\\鹌鹑蛋 去皮","KG",1.5,26,39,"Kitchen-Specialty Kitchen?Smoki Moto?"]
["2023年","8月份","L0000018960","Local Seedless Watermelon\\本地无籽西瓜","KG",6,4.2,25.2,"Kitchen-Specialty Kitchen?Smoki Moto?"]
["2023年","8月份","L0000162206","Fruit Fresh Hami Melon\\哈密瓜\\kg","KG",50,4.8,240,"Kitchen-Specialty Kitchen?Smoki Moto?"]
["2023年","8月份","L0000162206","Fruit Fresh Hami Melon\\哈密瓜\\kg","KG",6,4.8,28.8,"Kitchen-Specialty Kitchen?Smoki Moto?"]
["2023年","8月份","L0000033189","Fruit Fresh Navel Orange\\脐橙","KG",3,10,30,"Kitchen-Specialty Kitchen?Smoki Moto?"]
["2023年","8月份","L0000033184","Fruit Fresh Dajin Mango\\大金芒果","KG",2,18,36,"Kitchen-Specialty Kitchen?Smoki Moto?"]
["2023年","8月份","L0000018856","Avocados\\牛油果","KG",0.5,50,25,"Kitchen-Specialty Kitchen?Smoki Moto?"]
["2023年","8月份","L0000033180","Fruit Fresh Lemon\\柠檬","KG",2,12.6,25.2,"Kitchen-Specialty Kitchen?Smoki Moto?"]
["2023年","8月份","L0001647196","The sun rose\\阳光玫瑰\\大果/KG","KG",1,36,36,"Kitchen-Specialty Kitchen?Smoki Moto?"]
["2023年","8月份","L0000428192","Seafood\\River Eel\\河鳗\\650 900g(活)","KG",2.1,76,159.6,"Kitchen-Specialty Kitchen?Smoki Moto?"]
["2023年","8月份","L0000087533","Noodles EDR-Udon Noodles\\美国厨师乌冬面","BAG",5,3.6,18,"Kitchen-Specialty Kitchen?Smoki Moto?"]
["2023年","8月份","L0000254464","Seafood/Fish/Squid Fish Import/阿根廷鲜鱿鱼/出成率80%","KG",5,85,425,"Kitchen-Specialty Kitchen?Smoki Moto?"]
["2023年","8月份","L0000034710","Shellfish Frozen Shrimp\\青虾仁\\31-40","KG",2.5,96,240,"Kitchen-Specialty Kitchen?Smoki Moto?"]
["2023年","8月份","L0000445634","JT-eggs\\鸡蛋-\\KG","KG",20,14,280,"Kitchen-Pastry"]
["2023年","8月份","L0000051507","Grapefruit\\西柚","KG",3,20,60,"Kitchen-Pastry"]
["2023年","8月份","L0000051507","Grapefruit\\西柚","KG",3,20,60,"Kitchen-Pastry"]
["2023年","8月份","L0000037840","Fruit Fresh Fig \\无花果","KG",0.7,32,22.4,"Kitchen-Pastry"]
["2023年","8月份","L0000018916","Mango Gold\\金皇芒果","KG",4,19,76,"Kitchen-Pastry"]
["2023年","8月份","L0000034155","Fruit Fresh Peach Big\\大桃子","KG",3,11,33,"Kitchen-Pastry"]
["2023年","8月份","L0001735731","Flour sacher \\沙架蛋糕\\芙尔伦\\600克/盒","BX",2,59,118,"Kitchen-Pastry"]
["2023年","8月份","L0002475885","Mousse white jade roll\\慕斯白玉卷330g/卷(草莓味、绿茶味、巧克力味、牛奶味）","EA",10,26,260,"Kitchen-Pastry"]
["2023年","8月份","L0001525463","Mengniu pure milk / 1L 6 boxes / box/蒙牛纯牛奶/1L 6盒/箱","CS",10,47.34,473.4,"Kitchen-Western Kitchen?Yancheng Kitchen?"]
["2023年","8月份","L0000017522","Green Bean\\绿豆","KG",2,12,24,"Kitchen-Western Kitchen?Yancheng Kitchen?"]
["2023年","8月份","L0000024543","Firm Tofu\\老豆腐","EA",8,2.5,20,"Kitchen-Western Kitchen?Yancheng Kitchen?"]
["2023年","8月份","L0000534756","Staff Canteen Bean Curd\\薄千张\\KG","KG",2,14,28,"Kitchen-Western Kitchen?Yancheng Kitchen?"]
["2023年","8月份","L0000019084","Local Bell Pepper Red\\本地红圆椒","KG",1,25,25,"Kitchen-Western Kitchen?Yancheng Kitchen?"]
["2023年","8月份","L0000019085","Local Bell Pepper Yellow\\本地黄圆椒","KG",1,29,29,"Kitchen-Western Kitchen?Yancheng Kitchen?"]
["2023年","8月份","L0000400651","Vegetable Fresh/红叶生菜","KG",2,33,66,"Kitchen-Western Kitchen?Yancheng Kitchen?"]
["2023年","8月份","L0000087075","Vegetable Fresh\\Chili red\\红杭椒","KG",2,23,46,"Kitchen-Western Kitchen?Yancheng Kitchen?"]
["2023年","8月份","L0000051424","Veg You Mai\\油麦菜","KG",5,9,45,"Kitchen-Western Kitchen?Yancheng Kitchen?"]
["2023年","8月份","L0000024454","Iceberg/Green Lettuce\\球生菜","KG",1.5,15,22.5,"Kitchen-Western Kitchen?Yancheng Kitchen?"]
["2023年","8月份","L0000087071","Vegetable Fresh\\Celtuce peeled\\去皮莴笋","KG",2,15,30,"Kitchen-Western Kitchen?Yancheng Kitchen?"]
["2023年","8月份","L0000019174","Garlic Peeled\\蒜肉","KG",3,12,36,"Kitchen-Western Kitchen?Yancheng Kitchen?"]
["2023年","8月份","L0000033106","Vegetable Fresh Corn Stick\\鲜玉米棒","KG",10,9,90,"Kitchen-Western Kitchen?Yancheng Kitchen?"]
["2023年","8月份","L0000024532","Chili Red/红尖椒/Kg","KG",2,16,32,"Kitchen-Western Kitchen?Yancheng Kitchen?"]
["2023年","8月份","L0000024488","Onion Spring\\小葱","KG",3,12,36,"Kitchen-Western Kitchen?Yancheng Kitchen?"]
["2023年","8月份","L0000024481","Coriander\\香菜","KG",3,17,51,"Kitchen-Western Kitchen?Yancheng Kitchen?"]
["2023年","8月份","L0000019219","Local Lettuce\\本地生菜","KG",8,9,72,"Kitchen-Western Kitchen?Yancheng Kitchen?"]
["2023年","8月份","L0000033111","Vegetable Fresh Cabbage Shanghai\\上海青 只留菜心部分","KG",5,8,40,"Kitchen-Western Kitchen?Yancheng Kitchen?"]
["2023年","8月份","L0000418693","Dianxin Dianxin 本地小馄饨皮1kg","KG",3,7,21,"Kitchen-Western Kitchen?Yancheng Kitchen?"]
["2023年","8月份","L0000040060","Vegetable Fresh Local Romaine \\本地罗马生菜","KG",1,32,32,"Kitchen-Western Kitchen?Yancheng Kitchen?"]
["2023年","8月份","L0000087048","Cabbage Chinese Long\\大白菜","KG",10,5,50,"Kitchen-Western Kitchen?Yancheng Kitchen?"]
["2023年","8月份","L0000105415","Vegetable Fresh\\Egg Noodle\\鸡蛋面","KG",18,10,180,"Kitchen-Western Kitchen?Yancheng Kitchen?"]
["2023年","8月份","L0000034896","Vegetable Fresh Abalone Mushrooms \\杏鲍菇","KG",5,14,70,"Kitchen-Western Kitchen?Yancheng Kitchen?"]
["2023年","8月份","L0000033145","Vegetable Fresh Garlic Sprout\\蒜苔 去尾 去头","KG",2,16,32,"Kitchen-Western Kitchen?Yancheng Kitchen?"]
["2023年","8月份","L0001525509","Guilin Rice noodles/桂林米粉","KG",8,10,80,"Kitchen-Western Kitchen?Yancheng Kitchen?"]
["2023年","8月份","L0000019080","Bean Sprout\\黄豆芽","KG",2,4,8,"Kitchen-Western Kitchen?Yancheng Kitchen?"]
["2023年","8月份","L0000019083","Local Bell Pepper Green\\本地青圆椒","KG",1,14,14,"Kitchen-Western Kitchen?Yancheng Kitchen?"]
["2023年","8月份","L0000019091","Bottle Gourd\\葫芦瓜","KG",2,10,20,"Kitchen-Western Kitchen?Yancheng Kitchen?"]
["2023年","8月份","L0000019109","Celery Process\\加工西芹","KG",2,16,32,"Kitchen-Western Kitchen?Yancheng Kitchen?"]
["2023年","8月份","L0000019119","Chilli Green\\青尖椒","KG",2,10,20,"Kitchen-Western Kitchen?Yancheng Kitchen?"]
["2023年","8月份","L0000019224","Lotus Root Peeled\\莲藕洗净","KG",1,14,14,"Kitchen-Western Kitchen?Yancheng Kitchen?"]
["2023年","8月份","L0000019276","Potato Finger long\\手指薯仔","KG",8,14,112,"Kitchen-Western Kitchen?Yancheng Kitchen?"]
["2023年","8月份","L0000024414","Chili Green Hang Jiao\\绿杭椒","KG",2,15.6,31.2,"Kitchen-Western Kitchen?Yancheng Kitchen?"]
["2023年","8月份","L0000024443","Hand Tooled Noodle\\手工面","KG",12,8,96,"Kitchen-Western Kitchen?Yancheng Kitchen?"]
["2023年","8月份","L0000024457","Lettuce Frisee\\苦叶生菜","KG",2,22,44,"Kitchen-Western Kitchen?Yancheng Kitchen?"]
["2023年","8月份","L0000024544","Smoked Bean Curd\\香干","KG",0.5,13,6.5,"Kitchen-Western Kitchen?Yancheng Kitchen?"]
["2023年","8月份","L0000024567","Chinese Yam\\铁棍山药","KG",3,19,57,"Kitchen-Western Kitchen?Yancheng Kitchen?"]
["2023年","8月份","L0000033097","Vegetable Fresh Radicchio White\\卷心菜(白)\\DIA14cm","KG",2,5,10,"Kitchen-Western Kitchen?Yancheng Kitchen?"]
["2023年","8月份","L0000033110","Vegetable Fresh Cabbage Red\\紫包菜","KG",2,7,14,"Kitchen-Western Kitchen?Yancheng Kitchen?"]
["2023年","8月份","L0000033120","Vegetable Fresh Bean Green Long\\长豆角","KG",2,9.8,19.6,"Kitchen-Western Kitchen?Yancheng Kitchen?"]
["2023年","8月份","L0000033131","Vegetable Fresh Local Celery\\芹菜(本地)","KG",2,10,20,"Kitchen-Western Kitchen?Yancheng Kitchen?"]
["2023年","8月份","L0000033136","Vegetable Fresh Cauliflower\\花菜","KG",3,8.8,26.4,"Kitchen-Western Kitchen?Yancheng Kitchen?"]
["2023年","8月份","L0002105596","The roast duck/烤鸭约4-5斤/只","EA",3,65,195,"Kitchen-Western Kitchen?Yancheng Kitchen?"]
["2023年","8月份","L0000033254","Pork Local Bone\\猪筒骨","KG",10,38,380,"Kitchen-Western Kitchen?Yancheng Kitchen?"]
["2023年","8月份","L0000023536","Frozen Pork\\冻猪手","KG",5,50,250,"Kitchen-Western Kitchen?Yancheng Kitchen?"]
["2023年","8月份","L0000549104","Beancurd Skin With Pork\\油面筋塞肉KG","KG",5,36,180,"Kitchen-Western Kitchen?Yancheng Kitchen?"]
["2023年","8月份","L0000018536","Lamb Lamb Leg Without Bone\\无骨羊腿","KG",3,120,360,"Kitchen-Western Kitchen?Yancheng Kitchen?"]
["2023年","8月份","L0000023644","Pork Stuffing\\猪肉末","KG",2,36,72,"Kitchen-Western Kitchen?Yancheng Kitchen?"]
["2023年","8月份","L0000023723","Duck\\白条鸭","KG",5,24.8,124,"Kitchen-Western Kitchen?Yancheng Kitchen?"]
["2023年","8月份","L0000023310","Frz San Huang Chicken\\冻三黄鸡\\1.5-2Kg\\只","KG",5,24.8,124,"Kitchen-Western Kitchen?Yancheng Kitchen?"]
["2023年","8月份","L0000445634","JT-eggs\\鸡蛋-\\KG","KG",60,14,840,"Kitchen-Western Kitchen?Yancheng Kitchen?"]
["2023年","8月份","L0001863757","Claw honey\\羊角蜜","KG",3,9,27,"Kitchen-Western Kitchen?Yancheng Kitchen?"]
["2023年","8月份","L0000037213","Fruit Fresh Small Mango \\小台芒","KG",4,11,44,"Kitchen-Western Kitchen?Yancheng Kitchen?"]
["2023年","8月份","L0000018880","Fuji Apple\\富士苹果","KG",20,12,240,"Kitchen-Western Kitchen?Yancheng Kitchen?"]
["2023年","8月份","L0000022265","Local Grape\\本地葡萄","KG",1,14,14,"Kitchen-Western Kitchen?Yancheng Kitchen?"]
["2023年","8月份","L0000036710","Fruit Fresh Grape Red Local \\国产红提","KG",1,18,18,"Kitchen-Western Kitchen?Yancheng Kitchen?"]
["2023年","8月份","L0000037388","Fruit Fresh Lichee \\荔枝","KG",3,22,66,"Kitchen-Western Kitchen?Yancheng Kitchen?"]
["2023年","8月份","L0000162206","Fruit Fresh Hami Melon\\哈密瓜\\kg","KG",39,4.8,187.2,"Kitchen-Western Kitchen?Yancheng Kitchen?"]
["2023年","8月份","L0000018896","Honey Pear\\蜜梨","KG",30,16,480,"Kitchen-Western Kitchen?Yancheng Kitchen?"]
["2023年","8月份","L0000018960","Local Seedless Watermelon\\本地无籽西瓜","KG",80,4.2,336,"Kitchen-Western Kitchen?Yancheng Kitchen?"]
["2023年","8月份","L0000033170","Fruit Fresh Nectarine\\油桃","KG",30,12,360,"Kitchen-Western Kitchen?Yancheng Kitchen?"]
["2023年","8月份","L0001647201","The sun rose\\阳光玫瑰\\小果/KG","KG",2,30,60,"Kitchen-Western Kitchen?Yancheng Kitchen?"]
["2023年","8月份","L0000524458","Millennium tomato\\千禧小番茄","KG",3,12,36,"Kitchen-Western Kitchen?Yancheng Kitchen?"]
["2023年","8月份","L0000449351","Honey melon Fresh 香瓜（玉菇瓜）","KG",40,6.4,256,"Kitchen-Western Kitchen?Yancheng Kitchen?"]
["2023年","8月份","L0000051509","Banana Import\\进口香蕉","KG",20,9.6,192,"Kitchen-Western Kitchen?Yancheng Kitchen?"]
["2023年","8月份","L0000034347","Herbs Fresh Blueberries\\蓝莓\\125 gr/bx","EA",1,9.5,9.5,"Kitchen-Western Kitchen?Yancheng Kitchen?"]
["2023年","8月份","L0000033182","Fruit Fresh Coconut\\青椰子(去壳)","EA",45,9.5,427.5,"Kitchen-Western Kitchen?Yancheng Kitchen?"]
["2023年","8月份","L0000018874","Dragon Fruit\\白肉火龙果","KG",20,8.4,168,"Kitchen-Western Kitchen?Yancheng Kitchen?"]
["2023年","8月份","L0001748972","Ark\\北极贝\\刺身级\\M-51-60\\出成85%\\1KG/盒","BX",1,300,300,"Kitchen-Western Kitchen?Yancheng Kitchen?"]
["2023年","8月份","L0001551656","Emerald snail/翡翠螺","KG",5,65,325,"Kitchen-Western Kitchen?Yancheng Kitchen?"]
["2023年","8月份","L0002441523","Boston lobster\\活波士顿龙虾350-400g/只","EA",10,98,980,"Kitchen-Western Kitchen?Yancheng Kitchen?"]
["2023年","8月份","L0000033394","Fish Fresh Bull Fog牛蛙活(大)","KG",5,35,175,"Kitchen-Western Kitchen?Yancheng Kitchen?"]
["2023年","8月份","L0000033359","Shellfish Fresh Jiwei\\基围虾 小\\50pcs","KG",15,65,975,"Kitchen-Western Kitchen?Yancheng Kitchen?"]
["2023年","8月份","L0002358513","Freshwater crayfish\\淡水小龙虾67钱","KG",10,55,550,"Kitchen-Western Kitchen?Yancheng Kitchen?"]
["2023年","8月份","L0002358507","Freshwater crayfish\\淡水小龙虾45钱","KG",40,43,1720,"Kitchen-Western Kitchen?Yancheng Kitchen?"]
["2023年","8月份","L0000223282","Escargot\\田螺","KG",3,10,30,"Kitchen-Western Kitchen?Yancheng Kitchen?"]
["2023年","8月份","L0000144273","Shellfish Fresh Clam Live\\活香螺","KG",5,95,475,"Kitchen-Western Kitchen?Yancheng Kitchen?"]
["2023年","8月份","L0000038698","Shellfish Fresh Big Size Clam \\大文蛤","KG",5,35,175,"Kitchen-Western Kitchen?Yancheng Kitchen?"]
["2023年","8月份","L0000023367","Tiger Crab\\老虎蟹","KG",5,90,450,"Kitchen-Western Kitchen?Yancheng Kitchen?"]
["2023年","8月份","L0002331836","chilled salmon fillet\\集采冰鲜三文鱼柳","KG",10,167,1670,"Kitchen-Western Kitchen?Yancheng Kitchen?"]
["2023年","8月份","L0002232900","Lamb leg with bone\\LAMB带骨羔羊腿","KG",7.7,78,600.6,"Kitchen-Western Kitchen?Yancheng Kitchen?"]
["2023年","8月份","L0001734842","Small yellow croaker with seaweed\\海苔小黄鱼30g/包","BAG",3,5.5,16.5,"Kitchen-Western Kitchen?Yancheng Kitchen?"]
["2023年","8月份","L0000019256","Okra Green\\秋葵","KG",2.5,26,65,"Kitchen-Banquet Kitchen"]
["2023年","8月份","L0000018726","HeiZong Duck\\黑棕鹅","KG",6,49,294,"Kitchen-Banquet Kitchen"]
["2023年","8月份","L0000018960","Local Seedless Watermelon\\本地无籽西瓜","KG",7.3,4.2,30.66,"Kitchen-Banquet Kitchen"]
["2023年","8月份","L0000162206","Fruit Fresh Hami Melon\\哈密瓜\\kg","KG",8,4.8,38.4,"Kitchen-Banquet Kitchen"]
["2023年","8月份","L0001274123","Anjing wine small round\\安井酒酿小圆子250g/包\\BAG 包","BAG",3,4.2478,12.74,"Kitchen-Banquet Kitchen"]
["2023年","8月份","L0000075815","Shellfish Frozen Flounder Fillet \\龙利鱼柳 （袋装1*2.5kg）","BAG",1,68,68,"Kitchen-Banquet Kitchen"]
["2023年","8月份","L0001094064","Seafood\\he squid flower\\鱿鱼花","PK",10,15,150,"Kitchen-Banquet Kitchen"]
["2023年","8月份","L0001531047","Oily fish maw/油发鱼肚","KG",15,210,3150,"Kitchen-Banquet Kitchen"]
["2023年","8月份","L0001748969","Prawns\\15头大明虾/KG","KG",20,85,1700,"Kitchen-Banquet Kitchen"]
["2023年","8月份","L0000023792","Dry Scallop Small\\小瑶柱","KG",5,275,1375,"Kitchen-Banquet Kitchen"]
["2023年","8月份","L0000022336","Fish Head\\天目湖大鱼头\\1.25-1.5kg","KG",3.5,45,157.5,"Kitchen-Banquet Kitchen"]
["2023年","8月份","L0000022323","Mandarin Fish\\桂鱼\\0.65-0.9kg","KG",0,150,0,"Kitchen-Banquet Kitchen"]
["2023年","8月份","L0000022302","Turbo Fish\\多宝鱼\\0.6kg","KG",1.2,90,108,"Kitchen-Banquet Kitchen"]
["2023年","8月份","L0000019700","Live Boston Lobster\\活波士顿龙虾\\500-650g","KG",3,270,810,"Kitchen-Banquet Kitchen"]
["2023年","8月份","L0000019700","Live Boston Lobster\\活波士顿龙虾\\500-650g","KG",1.2,270,324,"Kitchen-Banquet Kitchen"]
["2023年","8月份","L0000019733","Sha Shrimp\\沙虾\\30-40pcs","KG",1,66,66,"Kitchen-Banquet Kitchen"]
["2023年","8月份","L0000019733","Sha Shrimp\\沙虾\\30-40pcs","KG",2.5,66,165,"Kitchen-Banquet Kitchen"]
["2023年","8月份","L0001549783","Dried sea cucumber skin\\干海参皮","KG",1.65,695,1146.75,"Kitchen-Banquet Kitchen"]
["2023年","8月份","L0000019472","Fresh Squid Large\\大鲜鱿\\200-250g","KG",3,90,270,"Kitchen-Banquet Kitchen"]
["2023年","8月份","L0000074291","Prawn / Crab\\Spot day shrimp \\斑节虾（30头）","KG",2,260,520,"Kitchen-Banquet Kitchen"]
["2023年","8月份","L0000430064","Pearl grouper\\珍珠斑\\0.7-0.8kg","KG",3,69,207,"Kitchen-Banquet Kitchen"]
["2023年","8月份","L0000552236","Turtle live黄油甲鱼2斤以上","KG",3,93,279,"Kitchen-Banquet Kitchen"]
["2023年","8月份","L0000074290","Fish Fresh\\cooked Eel silk \\熟鳝丝","KG",1,105,105,"Kitchen-Banquet Kitchen"]
["2023年","8月份","L0001688975","Mingyang butter hot pot base material\\名扬牛油火锅底料400g/包","BAG",5,29,145,"Kitchen-Banquet Kitchen"]
["2023年","8月份","L0000033103","Vegetable Fresh Carrot\\胡萝卜","KG",2,5,10,"Kitchen-Chinese Kitchen?Man Ho?"]
["2023年","8月份","L0000019178","Ginger Peeled Blue\\生姜去皮","KG",2,23,46,"Kitchen-Chinese Kitchen?Man Ho?"]
["2023年","8月份","L0000087075","Vegetable Fresh\\Chili red\\红杭椒","KG",1,23,23,"Kitchen-Chinese Kitchen?Man Ho?"]
["2023年","8月份","L0000051422","Spinach/菠菜/Kg","KG",3,13,39,"Kitchen-Chinese Kitchen?Man Ho?"]
["2023年","8月份","L0000019102","Cabbage White Small\\小白菜","KG",3,16,48,"Kitchen-Chinese Kitchen?Man Ho?"]
["2023年","8月份","L0000019103","Cabbage Xiao Tang\\小唐菜","KG",2,13,26,"Kitchen-Chinese Kitchen?Man Ho?"]
["2023年","8月份","L0000019174","Garlic Peeled\\蒜肉","KG",4,12,48,"Kitchen-Chinese Kitchen?Man Ho?"]
["2023年","8月份","L0000019325","Tomato Larage Local\\大番茄","KG",1.5,8,12,"Kitchen-Chinese Kitchen?Man Ho?"]
["2023年","8月份","L0000019343","White Jade Mushroom\\白玉菇","KG",1,16,16,"Kitchen-Chinese Kitchen?Man Ho?"]
["2023年","8月份","L0000024421","Veg Chinese Yam\\山药","KG",2,15,30,"Kitchen-Chinese Kitchen?Man Ho?"]
["2023年","8月份","L0000024431","Veg. Angled Luffa Gd\\广东丝瓜","KG",2,18,36,"Kitchen-Chinese Kitchen?Man Ho?"]
["2023年","8月份","L0000024481","Coriander\\香菜","KG",0.5,17,8.5,"Kitchen-Chinese Kitchen?Man Ho?"]
["2023年","8月份","L0000024488","Onion Spring\\小葱","KG",2,12,24,"Kitchen-Chinese Kitchen?Man Ho?"]
["2023年","8月份","L0001334080","Stripe radish\\条纹萝卜","KG",0.5,36,18,"Kitchen-Chinese Kitchen?Man Ho?"]
["2023年","8月份","L0000811556","hericium erinaceus/鲜猴头菇菌/KG","KG",1,70,70,"Kitchen-Chinese Kitchen?Man Ho?"]
["2023年","8月份","L0000281463","Endive苦菊 kg","KG",1,16,16,"Kitchen-Chinese Kitchen?Man Ho?"]
["2023年","8月份","L0000162726","Vegetable Fresh Cucumber Flower\\黄瓜花","KG",2.5,74,185,"Kitchen-Chinese Kitchen?Man Ho?"]
["2023年","8月份","L0000122723","Alkaline noodle碱面条","KG",5,8,40,"Kitchen-Chinese Kitchen?Man Ho?"]
["2023年","8月份","L0000037702","Vegetable Fresh Mini Chinese Watermelon \\迷你冬瓜","EA",0,18,0,"Kitchen-Chinese Kitchen?Man Ho?"]
["2023年","8月份","L0000033137","Vegetable Fresh Crowndaisy Chrysanthemum\\茼蒿 去头 尾到茎长\\20cm","KG",2,12,24,"Kitchen-Chinese Kitchen?Man Ho?"]
["2023年","8月份","L0000033116","Vegetable Fresh Bean Sprout Big\\银芽 去头去尾","KG",0.5,12,6,"Kitchen-Chinese Kitchen?Man Ho?"]
["2023年","8月份","L0000033107","Vegetable Fresh Baby Vegetable\\娃娃菜","EA",4,6,24,"Kitchen-Chinese Kitchen?Man Ho?"]
["2023年","8月份","L0000024550","Onion\\去皮干葱头","KG",2,17.8,35.6,"Kitchen-Chinese Kitchen?Man Ho?"]
["2023年","8月份","L0000024524","Bean Sprout\\去根黄豆芽","KG",1,12,12,"Kitchen-Chinese Kitchen?Man Ho?"]
["2023年","8月份","L0000024473","Broccoli Green\\去根西兰花","KG",0,16,0,"Kitchen-Chinese Kitchen?Man Ho?"]
["2023年","8月份","L0000024473","Broccoli Green\\去根西兰花","KG",3,16,48,"Kitchen-Chinese Kitchen?Man Ho?"]
["2023年","8月份","L0000024414","Chili Green Hang Jiao\\绿杭椒","KG",1.5,15.6,23.4,"Kitchen-Chinese Kitchen?Man Ho?"]
["2023年","8月份","L0000019319","Taro\\香芋","KG",2,16,32,"Kitchen-Chinese Kitchen?Man Ho?"]
["2023年","8月份","L0000019258","Onion Red Peeled\\去皮红洋葱","KG",2,7,14,"Kitchen-Chinese Kitchen?Man Ho?"]
["2023年","8月份","L0000019109","Celery Process\\加工西芹","KG",2,16,32,"Kitchen-Chinese Kitchen?Man Ho?"]
["2023年","8月份","L0000017690","Rice Noodle\\河粉","KG",4,9,36,"Kitchen-Chinese Kitchen?Man Ho?"]
["2023年","8月份","L0000024486","Greens Choisum Canton\\广东菜心","KG",3,14,42,"Kitchen-Chinese Kitchen?Man Ho?"]
["2023年","8月份","L0000023648","Meat Pork Lean Leg\\猪赤肉","KG",3,43,129,"Kitchen-Chinese Kitchen?Man Ho?"]
["2023年","8月份","L0000496902","Pork Rib\\精排骨\\KG","KG",3,62,186,"Kitchen-Chinese Kitchen?Man Ho?"]
["2023年","8月份","L0000060583","Pork Local Streaky\\精选五花肉","KG",3,48,144,"Kitchen-Chinese Kitchen?Man Ho?"]
["2023年","8月份","L0000018625","Pork Belly Trimmed With Skin\\带皮中方五花肉五层楼","KG",4,48,192,"Kitchen-Chinese Kitchen?Man Ho?"]
["2023年","8月份","L0000023614","Pigeon\\乳鸽\\300G","EA",10,28,280,"Kitchen-Chinese Kitchen?Man Ho?"]
["2023年","8月份","L0000023614","Pigeon\\乳鸽\\300G","EA",10,28,280,"Kitchen-Chinese Kitchen?Man Ho?"]
["2023年","8月份","L0001689834","Duck Blood\\鸭血\\300g/盒","BX",3,2.5,7.5,"Kitchen-Chinese Kitchen?Man Ho?"]
["2023年","8月份","L0000023666","Pork Bones W Meat\\猪龙骨","KG",3,38,114,"Kitchen-Chinese Kitchen?Man Ho?"]
["2023年","8月份","L0000051546","Fresh Chicken Feet\\鲜鸡脚","KG",6,46,276,"Kitchen-Chinese Kitchen?Man Ho?"]
["2023年","8月份","L0000060583","Pork Local Streaky\\精选五花肉","KG",8,48,384,"Kitchen-Chinese Kitchen?Man Ho?"]
["2023年","8月份","L0001709053","Local quality hens (cleaned)\\本地优母鸡（净膛）","KG",18,39,702,"Kitchen-Chinese Kitchen?Man Ho?"]
["2023年","8月份","L0000033215","Chicken Leg Whole Boneless\\去骨鸡腿肉","KG",4,26.8,107.2,"Kitchen-Chinese Kitchen?Man Ho?"]
["2023年","8月份","L0000976204","Egg Quail\\鹌鹑蛋 去皮","KG",0.5,26,13,"Kitchen-Chinese Kitchen?Man Ho?"]
["2023年","8月份","L0000087087","Fruit Fresh\\Passion fruit百香果","KG",1,40,40,"Kitchen-Chinese Kitchen?Man Ho?"]
["2023年","8月份","L0000970199","Produce蔬菜水果\\green lemon lenves\\泰国小青柠檬","KG",1,24,24,"Kitchen-Chinese Kitchen?Man Ho?"]
["2023年","8月份","L0000162206","Fruit Fresh Hami Melon\\哈密瓜\\kg","KG",7,4.8,33.6,"Kitchen-Chinese Kitchen?Man Ho?"]
["2023年","8月份","L0000018960","Local Seedless Watermelon\\本地无籽西瓜","KG",12,4.2,50.4,"Kitchen-Chinese Kitchen?Man Ho?"]
["2023年","8月份","L0001647196","The sun rose\\阳光玫瑰\\大果/KG","KG",2,36,72,"Kitchen-Chinese Kitchen?Man Ho?"]
["2023年","8月份","L0000554498","Fresh Herbs\\White Melon\\白玉瓜\\KG","KG",2,6.4,12.8,"Kitchen-Chinese Kitchen?Man Ho?"]
["2023年","8月份","L0000018873","Dragon Fruit Redmeat\\红肉火龙果","KG",4,11,44,"Kitchen-Chinese Kitchen?Man Ho?"]
["2023年","8月份","L0000552236","Turtle live黄油甲鱼2斤以上","KG",1.3,93,120.9,"Kitchen-Chinese Kitchen?Man Ho?"]
["2023年","8月份","L0001036388","Food \\Dry Goods\\Gold meringue\\至大黄金酥皮400g","EA",9,24.7476,222.73,"Kitchen-Chinese Kitchen?Man Ho?"]
["2023年","8月份","L0000024305","Knorr Chicken Consomme Sauce\\家乐浓缩鸡汁\\1000Ml","PK",1,62,62,"Kitchen-Chinese Kitchen?Man Ho?"]
["2023年","8月份","L0000034710","Shellfish Frozen Shrimp\\青虾仁\\31-40","KG",5,96,480,"Kitchen-Chinese Kitchen?Man Ho?"]
["2023年","8月份","L0000303484","Seafood\\YEN FOOD ABALONE LIVE 8PC\\鲜活鲍鱼（8头）\\KG","KG",0.24,156,37.44,"Kitchen-Chinese Kitchen?Man Ho?"]
["2023年","8月份","L0001748976","Raw frozen black tiger prawns\\3头生冻黑虎虾\\6只/盒","BX",6,145,870,"Kitchen-Chinese Kitchen?Man Ho?"]
["2023年","8月份","L0000022337","Swimming Crab\\梭子蟹(长脐)\\0.2-0.3kg","KG",1,220,220,"Kitchen-Chinese Kitchen?Man Ho?"]
["2023年","8月份","L0000033289","Fish Fresh Grass Carp\\草鱼","KG",3.5,24,84,"Kitchen-Chinese Kitchen?Man Ho?"]
["2023年","8月份","L0000020877","River Prawn\\河虾","KG",1,250,250,"Kitchen-Chinese Kitchen?Man Ho?"]
["2023年","8月份","L0000020877","River Prawn\\河虾","KG",0.5,250,125,"Kitchen-Chinese Kitchen?Man Ho?"]
["2023年","8月份","L0000303621","Meat / Poultry\\Parma Ham (whole)\\帕尔马火腿整条\\KG","KG",2,280,560,"Kitchen-Chinese Kitchen?Man Ho?"]
["2023年","8月份","L0000035232","Oil / Vinegar Fresh Sichuan Pepper Oil \\幺麻子藤椒油 \\500ml/btl","EA",2,32,64,"Kitchen-Chinese Kitchen?Man Ho?"]
["2023年","8月份","L0000032613","Herbs / Spices Bamboo Shoots Fungus\\竹笙","KG",2,226.57,453.14,"Kitchen-Chinese Kitchen?Man Ho?"]
["2023年","8月份","L0001735508","Vinegar\\紫林山西老陈醋\\三年陈酿\\420ml/瓶","BTL",1,14,14,"Kitchen-Chinese Kitchen?Man Ho?"]
["2023年","8月份","L0001735503","Vinegar\\宁化府山西老陈醋\\山西人家\\十年陈酿\\500ml/瓶","BTL",1,137,137,"Kitchen-Chinese Kitchen?Man Ho?"]
["2023年","8月份","L0001735506","Vinegar\\宁化府山西老陈醋益源庆\\八年陈酿\\500ml/瓶","BTL",4,54,216,"Kitchen-Chinese Kitchen?Man Ho?"]
["2023年","8月份","L0001523350","ERD/Mengniu yogurt / original / 100g * 8/员餐/蒙牛酸奶/原味/100g*8","PNL",10,8,80,"Staff Dining"]
["2023年","8月份","L0001820011","EDR\\Rapeseed oil\\（员餐）菜籽油（散称）/10L/桶","BTL",2,170,340,"Staff Dining"]
["2023年","8月份","L0000391127","员餐/EDR\\DryFood\\Tofu\\板豆腐","EA",1,20,20,"Staff Dining"]
["2023年","8月份","L0000019377","EDR-Hotbed Chives\\韭黄-员餐","KG",14,18,252,"Staff Dining"]
["2023年","8月份","L0000023981","EDR-Cucumber\\黄瓜-员餐","KG",15,6,90,"Staff Dining"]
["2023年","8月份","L0000035388","Vegetable Fresh EDR-Carrot\\胡萝卜去皮切块-员餐","KG",8,5,40,"Staff Dining"]
["2023年","8月份","L0000019402","EDR-Cherry Tomato\\樱桃番茄-员餐","KG",6,14,84,"Staff Dining"]
["2023年","8月份","L0000023937","EDR-Green Vegetable\\青菜-员餐","KG",15,6,90,"Staff Dining"]
["2023年","8月份","L0000023997","EDR-Dried Pieces Of Bean Curd\\千张-员餐","KG",10,14,140,"Staff Dining"]
["2023年","8月份","L0001527363","Yellow pancake/黄烧饼","EA",30,2.5,75,"Staff Dining"]
["2023年","8月份","L0000035391","Vegetable Fresh EDR-Pumpkin\\南瓜去皮切块去籽-员餐","KG",4,7,28,"Staff Dining"]
["2023年","8月份","L0000023985","EDR-Asparagus Bean\\长豇豆-员餐","KG",9,11,99,"Staff Dining"]
["2023年","8月份","L0000023979","EDR-Spinach\\菠菜-员餐","KG",15,12.8,192,"Staff Dining"]
["2023年","8月份","L0000019403","EDR-Tomato\\番茄-员餐","KG",16,7,112,"Staff Dining"]
["2023年","8月份","L0000035398","Vegetable Fresh EDR-Corn\\玉米棒切节-员餐","KG",12,9.8,117.6,"Staff Dining"]
["2023年","8月份","L0000024023","EDR-Pork\\里脊肉-员餐","KG",6,42,252,"Staff Dining"]
["2023年","8月份","L0000051545","EDR Pig Rib\\猪大排-员餐","KG",28,39,1092,"Staff Dining"]
["2023年","8月份","L0000087059","EDR\\Egg\\鸡蛋-员餐","KG",30,14,420,"Staff Dining"]
["2023年","8月份","L0000023883","EDR-Water Melon/Seedless 无籽西瓜-员餐","KG",43,4.2,180.6,"Staff Dining"]
["2023年","8月份","L0001553624","ERD/Blend oil/非转基因调和油/金龙鱼/10L*2/员餐","CS",3,270,810,"Staff Dining"]
["2023年","8月份","L0000668676","EDR/Green Bean\\绿豆-员工/KG","KG",10,19.2,192,"Staff Dining"]
["2023年","8月份","L0000424906","EDR-Dingfeng South milk\\鼎丰南乳汁（员餐）\\560G","BTL",5,9.89,49.45,"Staff Dining"]
["2023年","8月份","L0000087679","EDR\\Hotpot paste Dachongqing\\三五火锅料大重庆-员餐\\300g","BAG",10,12,120,"Staff Dining"]
["2023年","8月份","L0000170466","Canteen Food Rice Tomato Vermicelli\\员餐红薯粉丝kg","KG",5,9,45,"Staff Dining"]
["2023年","8月份","L0002047799","Large pieces of fermented bean curd\\王致和大块腐乳340g/瓶-员餐","BTL",5,9,45,"Staff Dining"]
["2023年","8月份","L0000087456","EDR\\Dried agaric\\干木耳-员餐","KG",1,109,109,"Staff Dining"]
["2023年","8月份","L0000280739","EDR\\\\员工郫县豆瓣酱1000G/BTL","BTL",8,14.25,114,"Staff Dining"]
["2023年","8月份","L0000080274","EDR\\Spices Cumin Powder\\味好美\\ 孜然1*400g (员工）","BTL",1,66,66,"Staff Dining"]
["2023年","8月份","L0001730273","Wuchang rice\\亿亩粮田\\五常大米\\5KG/包","BAG",2,100,200,"Kitchen-Specialty Kitchen?Smoki Moto?"]
["2023年","8月份","L0000024488","Onion Spring\\小葱","KG",1.5,12,18,"Kitchen-Specialty Kitchen?Smoki Moto?"]
["2023年","8月份","L0000024426","Veg Pumpkin Bracket Shape\\南瓜 本地","KG",6,6.5,39,"Kitchen-Specialty Kitchen?Smoki Moto?"]
["2023年","8月份","L0000019080","Bean Sprout\\黄豆芽","KG",2,4,8,"Kitchen-Specialty Kitchen?Smoki Moto?"]
["2023年","8月份","L0001309529","EDR\\dryfood\\local vegetable\\千叶吊兰","KG",0.5,25,12.5,"Kitchen-Specialty Kitchen?Smoki Moto?"]
["2023年","8月份","L0000363374","Rose petals\\食用玫瑰花瓣","BX",1,15,15,"Kitchen-Specialty Kitchen?Smoki Moto?"]
["2023年","8月份","L0000090692","Copper money Grass \\铜钱草（花草类）\\BOX","KG",0.5,22,11,"Kitchen-Specialty Kitchen?Smoki Moto?"]
["2023年","8月份","L0000024468","Asparagus Green\\芦笋绿","KG",1,30,30,"Kitchen-Specialty Kitchen?Smoki Moto?"]
["2023年","8月份","L0000019163","Fresh Mint Leave\\薄荷叶","KG",0.5,22,11,"Kitchen-Specialty Kitchen?Smoki Moto?"]
["2023年","8月份","L0000123351","Beef Local\\The cowboy bone\\雪花牛肋骨\\KG","KG",8.7,233.94,2035.28,"Kitchen-Specialty Kitchen?Smoki Moto?"]
["2023年","8月份","L0000023306","Frz Chicken Rack\\鸡骨架","KG",7,8,56,"Kitchen-Specialty Kitchen?Smoki Moto?"]
["2023年","8月份","L0001709053","Local quality hens (cleaned)\\本地优母鸡（净膛）","KG",1.7,39,66.3,"Kitchen-Specialty Kitchen?Smoki Moto?"]
["2023年","8月份","L0000018960","Local Seedless Watermelon\\本地无籽西瓜","KG",17.5,4.2,73.5,"Kitchen-Specialty Kitchen?Smoki Moto?"]
["2023年","8月份","L0000970199","Produce蔬菜水果\\green lemon lenves\\泰国小青柠檬","KG",1,24,24,"Kitchen-Specialty Kitchen?Smoki Moto?"]
["2023年","8月份","L0000022275","Imported Kiwi Fruit\\进口奇异果","KG",1,38,38,"Kitchen-Specialty Kitchen?Smoki Moto?"]
["2023年","8月份","L0000018920","Mangosteen\\山竹","KG",0.5,64,32,"Kitchen-Specialty Kitchen?Smoki Moto?"]
["2023年","8月份","L0000033187","Fruit Fresh Water Apple Red\\红莲雾","KG",0,75,0,"Kitchen-Specialty Kitchen?Smoki Moto?"]
["2023年","8月份","L0000018974","XiZhou Melon\\西洲蜜瓜","KG",2,5,10,"Kitchen-Specialty Kitchen?Smoki Moto?"]
["2023年","8月份","L0000019208","Leeks\\京葱","KG",3,8,24,"Kitchen-Specialty Kitchen?Smoki Moto?"]
["2023年","8月份","L0000033129","Vegetable Fresh Marrow\\西葫芦蔬菜","KG",1.5,6,9,"Kitchen-Specialty Kitchen?Smoki Moto?"]
["2023年","8月份","L0000024548","Fresh Shiitake Mushrooms/鲜香菇/Kg","KG",2,19,38,"Kitchen-Specialty Kitchen?Smoki Moto?"]
["2023年","8月份","L0000033103","Vegetable Fresh Carrot\\胡萝卜","KG",2,5,10,"Kitchen-Specialty Kitchen?Smoki Moto?"]
["2023年","8月份","L0000023283","Beef Bone Segent\\牛棒骨 切割\\5Cm长度","KG",12.8,24,307.2,"Kitchen-Specialty Kitchen?Smoki Moto?"]
["2023年","8月份","L0000018880","Fuji Apple\\富士苹果","KG",5,12,60,"Kitchen-Specialty Kitchen?Smoki Moto?"]
["2023年","8月份","L0000144286","Sea urcher Live\\活本地海胆\\2-3头\\只","EA",2,40,80,"Kitchen-Specialty Kitchen?Smoki Moto?"]
["2023年","8月份","L0000304198","Fish Fresh\\Fresh Huanghua Fish\\大黄花鱼 300-400g","KG",0,56,0,"Kitchen-Specialty Kitchen?Smoki Moto?"]
["2023年","8月份","L0001389242","Fresh Salmon Fish 冰鲜三文鱼 5kg-7kg 挪威 [Kg]","KG",6.6,168,1108.8,"Kitchen-Specialty Kitchen?Smoki Moto?"]
["2023年","8月份","L0001531054","Chilled yellowfin tuna meat 5-8kg/冰鲜黄鳍金枪鱼大腹肉/kg","KG",3,500,1500,"Kitchen-Specialty Kitchen?Smoki Moto?"]
["2023年","8月份","L0000927098","Fish Fresh Live Octopus\\活八爪鱼\\KG","KG",2,105,210,"Kitchen-Specialty Kitchen?Smoki Moto?"]
["2023年","8月份","L0000023469","Peony Prawn\\牡丹虾\\20-24尾\\Bx","BX",2,560,1120,"Kitchen-Specialty Kitchen?Smoki Moto?"]
["2023年","8月份","L0000976229","Green Lobster Live\\小青龙虾 鲜活200-250g","KG",0.5,400,200,"Kitchen-Specialty Kitchen?Smoki Moto?"]
["2023年","8月份","L0000304198","Fish Fresh\\Fresh Huanghua Fish\\大黄花鱼 300-400g","KG",7.8,56,436.8,"Kitchen-Specialty Kitchen?Smoki Moto?"]
["2023年","8月份","L0000898145","thin noodle\\韩国不倒翁老面条（细面）\\500g/Bag","BAG",2,19,38,"Kitchen-Specialty Kitchen?Smoki Moto?"]
["2023年","8月份","L0001088922","Food\\韩国琥珀炸鸡酱5KG","EA",1,156,156,"Kitchen-Specialty Kitchen?Smoki Moto?"]
["2023年","8月份","L0002317867","Chando Korean jjajang noodles\\灿道韩式炸酱面条1KG/包","BAG",3,22.3,66.9,"Kitchen-Specialty Kitchen?Smoki Moto?"]
["2023年","8月份","L0001514991","Anjia butter (without salt) 454g/ piece\\安佳黄油（无盐）454g/块","EA",0,53.1,0,"Kitchen-Specialty Kitchen?Smoki Moto?"]
["2023年","8月份","L0001881221","Lee Kum Kee pure fragrant sesame oil\\李锦记纯香芝麻油410ml","BTL",10,24.5,245,"Kitchen-Specialty Kitchen?Smoki Moto?"]
["2023年","8月份","L0001591975","Acipenser caviar\\鯆露咖鲟鱼子酱\\10g/EA","EA",6,58.5,351,"Kitchen-Specialty Kitchen?Smoki Moto?"]
["2023年","8月份","L0001881221","Lee Kum Kee pure fragrant sesame oil\\李锦记纯香芝麻油410ml","BTL",10,24.5,245,"Kitchen-Specialty Kitchen?Smoki Moto?"]
["2023年","8月份","L0001574035","Red fish roe\\红鱼籽\\400g/盒","BX",1,75.22,75.22,"Kitchen-Specialty Kitchen?Smoki Moto?"]
["2023年","8月份","L0000929781","syrup\\韩国清净园糖稀\\2.45kg/bag\\包","BAG",6,48.6,291.6,"Kitchen-Specialty Kitchen?Smoki Moto?"]
["2023年","8月份","L0001369576","Dry Goods Others Dry Ice\\干冰4KG/桶（厨房用）","BRL",1,100,100,"Kitchen-Specialty Kitchen?Smoki Moto?"]
["2023年","8月份","L0001067503","Food\\Seafood Fish Frozen\\The ink lift fire\\墨鱼肠\\KG","PKG",0,124,0,"Kitchen-Specialty Kitchen?Smoki Moto?"]
["2023年","8月份","L0000745059","Cooked sesame熟芝麻","KG",1.5,27.4272,41.14,"Kitchen-Specialty Kitchen?Smoki Moto?"]
["2023年","8月份","L0000730862","Instant Noodle\\韩国辛拉面\\120g/包","PK",20,5.34,106.8,"Kitchen-Specialty Kitchen?Smoki Moto?"]
["2023年","8月份","L0000452198","Japanese natto\\燕京日本纳豆\\3*50G\\组","EA",1,18.5631,18.56,"Kitchen-Specialty Kitchen?Smoki Moto?"]
["2023年","8月份","L0000052221","Flour\\BaiHe Mix Sticky Rice Flour\\白鹤澄面\\400G","BAG",2,6.1262,12.25,"Kitchen-Specialty Kitchen?Smoki Moto?"]
["2023年","8月份","L0000024179","Mushroom Dry\\干香菇(称重)","KG",1,136.3883,136.39,"Kitchen-Specialty Kitchen?Smoki Moto?"]
["2023年","8月份","L0001525463","Mengniu pure milk / 1L 6 boxes / box/蒙牛纯牛奶/1L 6盒/箱","CS",1,47.34,47.34,"Kitchen-Chinese Kitchen?Man Ho?"]
["2023年","8月份","L0001531064","Tuna oil/10L*2/non transgenic/金龙鱼油/10L*2/非转基因","CS",1,270,270,"Kitchen-Chinese Kitchen?Man Ho?"]
["2023年","8月份","L0000032809","Rice / Grain / Cereal Purple Rice\\紫米","KG",1.5,16,24,"Kitchen-Chinese Kitchen?Man Ho?"]
["2023年","8月份","L0000017523","White Kidney Bean/白芸豆/Kg","KG",1,26,26,"Kitchen-Chinese Kitchen?Man Ho?"]
["2023年","8月份","L0001730273","Wuchang rice\\亿亩粮田\\五常大米\\5KG/包","BAG",1,100,100,"Kitchen-Chinese Kitchen?Man Ho?"]
["2023年","8月份","L0000103475","Within the progenitor of lipid box of tofu\\祖名内脂盒豆腐\\410/bx","BX",4,1.6,6.4,"Kitchen-Chinese Kitchen?Man Ho?"]
["2023年","8月份","L0001514998","Xiaomo tofu\\小磨豆腐","KG",2,7.4,14.8,"Kitchen-Chinese Kitchen?Man Ho?"]
["2023年","8月份","L0000024523","Sweet Bean\\甜蜜豆","KG",1,36,36,"Kitchen-Chinese Kitchen?Man Ho?"]
["2023年","8月份","L0000153057","Nuts/Seeds/Beans-去皮绿豆","KG",1.5,15,22.5,"Kitchen-Chinese Kitchen?Man Ho?"]
["2023年","8月份","L0000363373","Corn\\水果玉米","KG",2,10,20,"Kitchen-Chinese Kitchen?Man Ho?"]
["2023年","8月份","L0000024552","Cuke\\日本小黄瓜","KG",1,14,14,"Kitchen-Chinese Kitchen?Man Ho?"]
["2023年","8月份","L0000033103","Vegetable Fresh Carrot\\胡萝卜","KG",1,5,5,"Kitchen-Chinese Kitchen?Man Ho?"]
["2023年","8月份","L0000033151","Vegetable Fresh Wild Rice Stem\\茭白","KG",1,16,16,"Kitchen-Chinese Kitchen?Man Ho?"]
["2023年","8月份","L0000019154","French Bean\\四季豆中厨要加工好","KG",1.5,19,28.5,"Kitchen-Chinese Kitchen?Man Ho?"]
["2023年","8月份","L0000759474","Weifang green radish\\潍坊青萝卜","KG",2,9,18,"Kitchen-Chinese Kitchen?Man Ho?"]
["2023年","8月份","L0000019129","Chive/韭菜/Kg","KG",0.5,8,4,"Kitchen-Chinese Kitchen?Man Ho?"]
["2023年","8月份","L0000019201","Kale Chao Zhou\\潮州芥兰","KG",2,23,46,"Kitchen-Chinese Kitchen?Man Ho?"]
["2023年","8月份","L0000019208","Leeks\\京葱","KG",2,8,16,"Kitchen-Chinese Kitchen?Man Ho?"]
["2023年","8月份","L0000019325","Tomato Larage Local\\大番茄","KG",2,8,16,"Kitchen-Chinese Kitchen?Man Ho?"]
["2023年","8月份","L0000024569","Solanum Tuberdsm\\紫薯","KG",2,13,26,"Kitchen-Chinese Kitchen?Man Ho?"]
["2023年","8月份","L0000033100","Vegetable Fresh Lily Flower Fresh\\鲜百合 大\\3pc/pk","EA",4,11,44,"Kitchen-Chinese Kitchen?Man Ho?"]
["2023年","8月份","L0000033142","Vegetable Fresh Mustard Leaf\\芥兰 本地 去根\\L14cm","KG",2,19,38,"Kitchen-Chinese Kitchen?Man Ho?"]
["2023年","8月份","L0000019103","Cabbage Xiao Tang\\小唐菜","KG",2,13,26,"Kitchen-Chinese Kitchen?Man Ho?"]
["2023年","8月份","L0000087071","Vegetable Fresh\\Celtuce peeled\\去皮莴笋","KG",1,15,15,"Kitchen-Chinese Kitchen?Man Ho?"]
["2023年","8月份","L0000019102","Cabbage White Small\\小白菜","KG",2,16,32,"Kitchen-Chinese Kitchen?Man Ho?"]
["2023年","8月份","L0000074276","Vegetable Fresh\\local fine Long eggplant \\本地细长茄","KG",2,15,30,"Kitchen-Chinese Kitchen?Man Ho?"]
["2023年","8月份","L0000984058","Food Produce\\Boletus\\鲜牛肝菌\\KG","KG",0.5,268,134,"Kitchen-Chinese Kitchen?Man Ho?"]
["2023年","8月份","L0000935932","Vegetable Fresh/cucumber/玉女瓜/KG","KG",2,30,60,"Kitchen-Chinese Kitchen?Man Ho?"]
["2023年","8月份","L0000281463","Endive苦菊 kg","KG",1,16,16,"Kitchen-Chinese Kitchen?Man Ho?"]
["2023年","8月份","L0000162678","Vegetable Fresh Yellow Cherry Tomato\\黄樱桃番茄","KG",2,26,52,"Kitchen-Chinese Kitchen?Man Ho?"]
["2023年","8月份","L0000087050","Vegetable Fresh\\Peass prout\\ 豌豆苗（板）","EA",2,15,30,"Kitchen-Chinese Kitchen?Man Ho?"]
["2023年","8月份","L0000037834","Vegetable Fresh Vegetable Chufa Peeled\\马蹄(去皮)","KG",1,30,30,"Kitchen-Chinese Kitchen?Man Ho?"]
["2023年","8月份","L0000037211","Vegetable Fresh Brussel Sprouts For Local \\本地孢子甘蓝","KG",1.5,37,55.5,"Kitchen-Chinese Kitchen?Man Ho?"]
["2023年","8月份","L0000034896","Vegetable Fresh Abalone Mushrooms \\杏鲍菇","KG",2.5,14,35,"Kitchen-Chinese Kitchen?Man Ho?"]
["2023年","8月份","L0000033116","Vegetable Fresh Bean Sprout Big\\银芽 去头去尾","KG",0.5,12,6,"Kitchen-Chinese Kitchen?Man Ho?"]
["2023年","8月份","L0000024524","Bean Sprout\\去根黄豆芽","KG",1,12,12,"Kitchen-Chinese Kitchen?Man Ho?"]
["2023年","8月份","L0000024468","Asparagus Green\\芦笋绿","KG",1,30,30,"Kitchen-Chinese Kitchen?Man Ho?"]
["2023年","8月份","L0000019209","Herbs Spices\\Lemongrass Dried\\香茅草\\KG","KG",1.5,36,54,"Kitchen-Chinese Kitchen?Man Ho?"]
["2023年","8月份","L0000019104","Baby Carrot Fingerling \\手指胡萝卜","KG",0.5,22,11,"Kitchen-Chinese Kitchen?Man Ho?"]
["2023年","8月份","L0000017690","Rice Noodle\\河粉","KG",3,9,27,"Kitchen-Chinese Kitchen?Man Ho?"]
["2023年","8月份","L0001875456","Domestic 3A mavericks sirloin\\国产和牛3A小牛西冷","KG",3,715.5963,2146.79,"Kitchen-Chinese Kitchen?Man Ho?"]
["2023年","8月份","L0000060583","Pork Local Streaky\\精选五花肉","KG",4,48,192,"Kitchen-Chinese Kitchen?Man Ho?"]
["2023年","8月份","L0000018625","Pork Belly Trimmed With Skin\\带皮中方五花肉五层楼","KG",4,48,192,"Kitchen-Chinese Kitchen?Man Ho?"]
["2023年","8月份","L0000023666","Pork Bones W Meat\\猪龙骨","KG",5,38,190,"Kitchen-Chinese Kitchen?Man Ho?"]
["2023年","8月份","L0000018658","Chicken Old\\老鸡2kg","KG",3,40,120,"Kitchen-Chinese Kitchen?Man Ho?"]
["2023年","8月份","L0000018658","Chicken Old\\老鸡2kg","KG",6,40,240,"Kitchen-Chinese Kitchen?Man Ho?"]
["2023年","8月份","L0000023614","Pigeon\\乳鸽\\300G","EA",30,28,840,"Kitchen-Chinese Kitchen?Man Ho?"]
["2023年","8月份","L0000023697","Beef Brisket\\牛吭腩","KG",5.8,145,841,"Kitchen-Chinese Kitchen?Man Ho?"]
["2023年","8月份","L0000051546","Fresh Chicken Feet\\鲜鸡脚","KG",5,46,230,"Kitchen-Chinese Kitchen?Man Ho?"]
["2023年","8月份","L0000033265","Duck / Goose Wing\\鹅翅","KG",2,90,180,"Kitchen-Chinese Kitchen?Man Ho?"]
["2023年","8月份","L0001709053","Local quality hens (cleaned)\\本地优母鸡（净膛）","KG",12,39,468,"Kitchen-Chinese Kitchen?Man Ho?"]
["2023年","8月份","L0000018873","Dragon Fruit Redmeat\\红肉火龙果","KG",4,11,44,"Kitchen-Chinese Kitchen?Man Ho?"]
["2023年","8月份","L0000524458","Millennium tomato\\千禧小番茄","KG",2,12,24,"Kitchen-Chinese Kitchen?Man Ho?"]
["2023年","8月份","L0001647196","The sun rose\\阳光玫瑰\\大果/KG","KG",1,36,36,"Kitchen-Chinese Kitchen?Man Ho?"]
["2023年","8月份","L0000037388","Fruit Fresh Lichee \\荔枝","KG",2,22,44,"Kitchen-Chinese Kitchen?Man Ho?"]
["2023年","8月份","L0000033189","Fruit Fresh Navel Orange\\脐橙","KG",10,10,100,"Kitchen-Chinese Kitchen?Man Ho?"]
["2023年","8月份","L0000162206","Fruit Fresh Hami Melon\\哈密瓜\\kg","KG",7,4.8,33.6,"Kitchen-Chinese Kitchen?Man Ho?"]
["2023年","8月份","L0000970199","Produce蔬菜水果\\green lemon lenves\\泰国小青柠檬","KG",1,24,24,"Kitchen-Chinese Kitchen?Man Ho?"]
["2023年","8月份","L0000018960","Local Seedless Watermelon\\本地无籽西瓜","KG",12,4.2,50.4,"Kitchen-Chinese Kitchen?Man Ho?"]
["2023年","8月份","L0000515452","F&B\\Shellfish Frozen\\South American Shrimp\\南美虾（冰冻）","KG",2.5,85,212.5,"Kitchen-Chinese Kitchen?Man Ho?"]
["2023年","8月份","L0000075815","Shellfish Frozen Flounder Fillet \\龙利鱼柳 （袋装1*2.5kg）","BAG",2,68,136,"Kitchen-Chinese Kitchen?Man Ho?"]
["2023年","8月份","L0000229317","100 g snakehead seed sauce黑鱼籽酱100g","EA",2,53,106,"Kitchen-Chinese Kitchen?Man Ho?"]
["2023年","8月份","L0000304193","Fish Fresh\\Fresh Squid\\鲜大鱿鱼 150g-250g","KG",2,85,170,"Kitchen-Chinese Kitchen?Man Ho?"]
["2023年","8月份","L0000552093","crawfish淡水小龙虾1两","KG",2,130,260,"Kitchen-Chinese Kitchen?Man Ho?"]
["2023年","8月份","L0001650097","墨鱼仔425g/BAG","BAG",2,38,76,"Kitchen-Chinese Kitchen?Man Ho?"]
["2023年","8月份","L0000022323","Mandarin Fish\\桂鱼\\0.65-0.9kg","KG",1.2,150,180,"Kitchen-Chinese Kitchen?Man Ho?"]
["2023年","8月份","L0001748976","Raw frozen black tiger prawns\\3头生冻黑虎虾\\6只/盒","BX",6,145,870,"Kitchen-Chinese Kitchen?Man Ho?"]
["2023年","8月份","L0000163602","Eggs Alted Vitellus\\咸蛋黄\\10个/盒","BX",1,13,13,"Kitchen-Chinese Kitchen?Man Ho?"]
["2023年","8月份","L0000018108","Vietnam Paper Rice Net\\越南春卷皮\\D18cm 500g","PK",1,16,16,"Kitchen-Chinese Kitchen?Man Ho?"]
["2023年","8月份","L0000017121","JiuZhi Preserved Plum\\九制话梅\\35g","PK",5,5.18,25.9,"Kitchen-Chinese Kitchen?Man Ho?"]
["2023年","8月份","L0000032809","Rice / Grain / Cereal Purple Rice\\紫米","KG",0.5,16,8,"Kitchen-Chinese Kitchen?Man Ho?"]
["2023年","8月份","L0000032809","Rice / Grain / Cereal Purple Rice\\紫米","KG",0.5,16,8,"Kitchen-Chinese Kitchen?Man Ho?"]
["2023年","8月份","L0000033100","Vegetable Fresh Lily Flower Fresh\\鲜百合 大\\3pc/pk","EA",2,11,22,"Kitchen-Chinese Kitchen?Man Ho?"]
["2023年","8月份","L0000033105","Vegetable Fresh Winter Melon\\冬瓜","KG",4,5.5,22,"Kitchen-Chinese Kitchen?Man Ho?"]
["2023年","8月份","L0000024431","Veg. Angled Luffa Gd\\广东丝瓜","KG",2,18,36,"Kitchen-Chinese Kitchen?Man Ho?"]
["2023年","8月份","L0000019343","White Jade Mushroom\\白玉菇","KG",1,16,16,"Kitchen-Chinese Kitchen?Man Ho?"]
["2023年","8月份","L0000019219","Local Lettuce\\本地生菜","KG",2,9,18,"Kitchen-Chinese Kitchen?Man Ho?"]
["2023年","8月份","L0000019102","Cabbage White Small\\小白菜","KG",2,16,32,"Kitchen-Chinese Kitchen?Man Ho?"]
["2023年","8月份","L0000984058","Food Produce\\Boletus\\鲜牛肝菌\\KG","KG",0.5,268,134,"Kitchen-Chinese Kitchen?Man Ho?"]
["2023年","8月份","L0000024468","Asparagus Green\\芦笋绿","KG",1,30,30,"Kitchen-Chinese Kitchen?Man Ho?"]
["2023年","8月份","L0000019226","Lotus Seed Pitted Fresh\\鲜莲子去芯\\85g","EA",10,16,160,"Kitchen-Chinese Kitchen?Man Ho?"]
["2023年","8月份","L0000024486","Greens Choisum Canton\\广东菜心","KG",2.7,14,37.8,"Kitchen-Chinese Kitchen?Man Ho?"]
["2023年","8月份","L0000033116","Vegetable Fresh Bean Sprout Big\\银芽 去头去尾","KG",1,12,12,"Kitchen-Chinese Kitchen?Man Ho?"]
["2023年","8月份","L0000087066","Vegetable Fresh\\Mushroom Crab Flavor\\蟹味菇 150g","BAG",4,3,12,"Kitchen-Chinese Kitchen?Man Ho?"]
["2023年","8月份","L0000024523","Sweet Bean\\甜蜜豆","KG",1,36,36,"Kitchen-Chinese Kitchen?Man Ho?"]
["2023年","8月份","L0000051424","Veg You Mai\\油麦菜","KG",2,9,18,"Kitchen-Chinese Kitchen?Man Ho?"]
["2023年","8月份","L0000051422","Spinach/菠菜/Kg","KG",2,13,26,"Kitchen-Chinese Kitchen?Man Ho?"]
["2023年","8月份","L0000033083","Vegetable Fresh Local Pepper Green\\本地青椒","KG",1,6,6,"Kitchen-Chinese Kitchen?Man Ho?"]
["2023年","8月份","L0000019085","Local Bell Pepper Yellow\\本地黄圆椒","KG",1,29,29,"Kitchen-Chinese Kitchen?Man Ho?"]
["2023年","8月份","L0000019084","Local Bell Pepper Red\\本地红圆椒","KG",1,25,25,"Kitchen-Chinese Kitchen?Man Ho?"]
["2023年","8月份","L0000976204","Egg Quail\\鹌鹑蛋 去皮","KG",0.5,26,13,"Kitchen-Chinese Kitchen?Man Ho?"]
["2023年","8月份","L0000445634","JT-eggs\\鸡蛋-\\KG","KG",6,14,84,"Kitchen-Chinese Kitchen?Man Ho?"]
["2023年","8月份","L0000280398","Pork Frozen Meat \\绿进松板肉\\400g包","BAG",2,26,52,"Kitchen-Chinese Kitchen?Man Ho?"]
["2023年","8月份","L0000034156","Fruit Fresh Kiwi Gold\\猕猴桃(金果)","KG",2,58,116,"Kitchen-Chinese Kitchen?Man Ho?"]
["2023年","8月份","L0001647196","The sun rose\\阳光玫瑰\\大果/KG","KG",1,36,36,"Kitchen-Chinese Kitchen?Man Ho?"]
["2023年","8月份","L0000034347","Herbs Fresh Blueberries\\蓝莓\\125 gr/bx","EA",1,9.5,9.5,"Kitchen-Chinese Kitchen?Man Ho?"]
["2023年","8月份","L0000524458","Millennium tomato\\千禧小番茄","KG",1,12,12,"Kitchen-Chinese Kitchen?Man Ho?"]
["2023年","8月份","L0000033184","Fruit Fresh Dajin Mango\\大金芒果","KG",0.9,18,16.2,"Kitchen-Chinese Kitchen?Man Ho?"]
["2023年","8月份","L0000018873","Dragon Fruit Redmeat\\红肉火龙果","KG",2,11,22,"Kitchen-Chinese Kitchen?Man Ho?"]
["2023年","8月份","L0000087089","Fruit Fresh\\Gooseberry Dongbei\\东北姑娘果（带衣）","KG",0,80,0,"Kitchen-Chinese Kitchen?Man Ho?"]
["2023年","8月份","L0000087087","Fruit Fresh\\Passion fruit百香果","KG",0.5,40,20,"Kitchen-Chinese Kitchen?Man Ho?"]
["2023年","8月份","L0000018867","Imported Cherry\\进口车厘子","KG",1.5,120,180,"Kitchen-Chinese Kitchen?Man Ho?"]
["2023年","8月份","L0000164202","Frozen small yellow croaker washed\\冰冻小黄鱼洗净","KG",3,50,150,"Kitchen-Chinese Kitchen?Man Ho?"]
["2023年","8月份","L0000151184","Prawn/Shrimp-鲜活小青龙虾 200-300g-Lobster Baby Alive","KG",0,160,0,"Kitchen-Chinese Kitchen?Man Ho?"]
["2023年","8月份","L0000033321","Shellfish Frozen Scallop Aust\\澳带","KG",1,150,150,"Kitchen-Chinese Kitchen?Man Ho?"]
["2023年","8月份","L0001624673","Shrimp and smooth\\虾胶虾滑395G/包","BAG",2,60,120,"Kitchen-Chinese Kitchen?Man Ho?"]
["2023年","8月份","L0000022323","Mandarin Fish\\桂鱼\\0.65-0.9kg","KG",1.39,150,208.5,"Kitchen-Chinese Kitchen?Man Ho?"]
["2023年","8月份","L0000020882","Conch Striped\\花螺\\35-40pcs","KG",1,150,150,"Kitchen-Chinese Kitchen?Man Ho?"]
["2023年","8月份","L0000016810","Elle Et Vire Whipping Cream\\铁塔牌淡奶油\\1L","BTL",4,45.5,182,"Kitchen-Chinese Kitchen?Man Ho?"]
["2023年","8月份","L0000163153","Sugar / Salt Korea Castor Sugar\\韩国幼砂糖\\30kg/袋","BAG",1,245,245,"Kitchen-Chinese Kitchen?Man Ho?"]
["2023年","8月份","L0000032613","Herbs / Spices Bamboo Shoots Fungus\\竹笙","KG",0.5,226.57,113.29,"Kitchen-Chinese Kitchen?Man Ho?"]
["2023年","8月份","L0000032613","Herbs / Spices Bamboo Shoots Fungus\\竹笙","KG",0.2,226.57,45.31,"Kitchen-Chinese Kitchen?Man Ho?"]
["2023年","8月份","L0000017099","Lotus Seed White Pitted\\莲子去蕊","KG",0.5,90,45,"Kitchen-Chinese Kitchen?Man Ho?"]
["2023年","8月份","L0000074989","Bean Paste Red 红豆沙500g/pkt(京日)","BAG",6,12,72,"Kitchen-Chinese Kitchen?Man Ho?"]
["2023年","8月份","L0000034665","Sauce Lvdi Lemon Juice\\绿的梦柠檬汁\\500ml","EA",2,24.72,49.44,"Kitchen-Chinese Kitchen?Man Ho?"]
["2023年","8月份","L0000032523","Dry Canned Food Del Monte Whole Kernel Corn\\地门玉米粒\\420g/tin","EA",3,7,21,"Kitchen-Chinese Kitchen?Man Ho?"]
["2023年","8月份","L0000023807","Ravifruit Freeze Renshi Red Gallons\\安德鲁急冻连枝红加仑\\125G","BX",3,70,210,"Kitchen-Chinese Kitchen?Man Ho?"]
["2023年","8月份","L0000123369","Chili Powder\\本地辣椒面（粗）","KG",0.5,37.1942,18.6,"Kitchen-Chinese Kitchen?Man Ho?"]
["2023年","8月份","L0000034663","Sauce Donggu Sauce\\东古一品鲜\\500ml","EA",6,12.3689,74.21,"Kitchen-Chinese Kitchen?Man Ho?"]
["2023年","8月份","L0000052170","Cream\\Panada Condensed Milk\\熊猫炼乳\\380ml","TIN",2,10.6,21.2,"Kitchen-Chinese Kitchen?Man Ho?"]
["2023年","8月份","L0000122715","Juice Concentrated Orange\\新的浓缩橙汁\\830Ml","BTL",1,47.1165,47.12,"Kitchen-Chinese Kitchen?Man Ho?"]
["2023年","8月份","L0000074407","Dry Goods Others\\Dry Red pepper segment \\干红辣椒段","KG",0.5,37.1942,18.6,"Kitchen-Chinese Kitchen?Man Ho?"]
["2023年","8月份","L0000052221","Flour\\BaiHe Mix Sticky Rice Flour\\白鹤澄面\\400G","BAG",5,6.1262,30.63,"Kitchen-Chinese Kitchen?Man Ho?"]
["2023年","8月份","L0000163602","Eggs Alted Vitellus\\咸蛋黄\\10个/盒","BX",3,13,39,"Kitchen-Chinese Kitchen?Man Ho?"]
["2023年","8月份","L0000254291","Dry Goods/Zao Lu/老大同香糟卤/640Ml","EA",2,6.1262,12.25,"Kitchen-Chinese Kitchen?Man Ho?"]
["2023年","8月份","L0000017617","Italy Balsamic\\意大利黑醋\\500ml","BTL",1,30,30,"Kitchen-Chinese Kitchen?Man Ho?"]
["2023年","8月份","L0000017603","LeeKumKee Chili Oil\\李锦记辣椒油\\207ml","BTL",1,14,14,"Kitchen-Chinese Kitchen?Man Ho?"]
["2023年","8月份","L0000017433","Knorr Corn Starch\\家乐鹰粟粉\\1kg","PK",1,13,13,"Kitchen-Chinese Kitchen?Man Ho?"]
["2023年","8月份","L0000017362","GaoDa Coconut Milk Kos\\金牌高达椰浆\\400g","CAN",6,11,66,"Kitchen-Chinese Kitchen?Man Ho?"]
["2023年","8月份","L0000017091","JiSong Mushroom\\姬松茸","KG",1,194.1748,194.17,"Kitchen-Chinese Kitchen?Man Ho?"]
["2023年","8月份","L0001349145","Jam / Honey Pure\\蜂蜜冠生园\\500g/btl","BTL",3,35,105,"Kitchen-Chinese Kitchen?Man Ho?"]
["2023年","8月份","L0000024203","Dry Vermicelli Longkou Chinese Kitcken\\龙口粉丝\\180G","BAG",15,4.8,72,"Kitchen-Chinese Kitchen?Man Ho?"]
["2023年","8月份","L0000020727","Gau Kwong Cooking Wine\\九江酒\\610ml","BTL",2,18.5631,37.13,"Kitchen-Chinese Kitchen?Man Ho?"]
["2023年","8月份","L0001551724","Jinbailao mixed juice / 1.97kg/bottle/劲霸捞拌汁/1.97kg/瓶","BTL",2,30,60,"Kitchen-Chinese Kitchen?Man Ho?"]
["2023年","8月份","L0001624633","Custard powder\\狮宝牌吉士粉（3kg）/桶","BRL",1,43.69,43.69,"Kitchen-Chinese Kitchen?Man Ho?"]
["2023年","8月份","L0001624690","lily\\净鲜百合80g（盒装）/BX","BX",1,12,12,"Kitchen-Banquet Kitchen"]
["2023年","8月份","L0000024538","Ginger Pork\\姜肉","KG",0.5,24,12,"Kitchen-Banquet Kitchen"]
["2023年","8月份","L0000103452","Cherry tomatoes (yellow)\\圣女果(黄）/kg","KG",0.5,24,12,"Kitchen-Banquet Kitchen"]
["2023年","8月份","L0000024538","Ginger Pork\\姜肉","KG",1.5,24,36,"Kitchen-Banquet Kitchen"]
["2023年","8月份","L0000024523","Sweet Bean\\甜蜜豆","KG",3,36,108,"Kitchen-Banquet Kitchen"]
["2023年","8月份","L0000019208","Leeks\\京葱","KG",4,8,32,"Kitchen-Banquet Kitchen"]
["2023年","8月份","L0000019174","Garlic Peeled\\蒜肉","KG",5,12,60,"Kitchen-Banquet Kitchen"]
["2023年","8月份","L0000019343","White Jade Mushroom\\白玉菇","KG",1.6,16,25.6,"Kitchen-Banquet Kitchen"]
["2023年","8月份","L0000024488","Onion Spring\\小葱","KG",1,12,12,"Kitchen-Banquet Kitchen"]
["2023年","8月份","L0000024454","Iceberg/Green Lettuce\\球生菜","KG",1,15,15,"Kitchen-Banquet Kitchen"]
["2023年","8月份","L0001624690","lily\\净鲜百合80g（盒装）/BX","BX",8,12,96,"Kitchen-Banquet Kitchen"]
["2023年","8月份","L0000281463","Endive苦菊 kg","KG",0.5,16,8,"Kitchen-Banquet Kitchen"]
["2023年","8月份","L0000122723","Alkaline noodle碱面条","KG",10,8,80,"Kitchen-Banquet Kitchen"]
["2023年","8月份","L0000087072","Vegetable Fresh\\Leek\\青大蒜","KG",0.5,8,4,"Kitchen-Banquet Kitchen"]
["2023年","8月份","L0000033107","Vegetable Fresh Baby Vegetable\\娃娃菜","EA",11,6,66,"Kitchen-Banquet Kitchen"]
["2023年","8月份","L0000024473","Broccoli Green\\去根西兰花","KG",2.4,16,38.4,"Kitchen-Banquet Kitchen"]
["2023年","8月份","L0000024455","Oak Leaf Green\\绿橡叶生菜","KG",1,24,24,"Kitchen-Banquet Kitchen"]
["2023年","8月份","L0000019258","Onion Red Peeled\\去皮红洋葱","KG",7,7,49,"Kitchen-Banquet Kitchen"]
["2023年","8月份","L0000019109","Celery Process\\加工西芹","KG",5,16,80,"Kitchen-Banquet Kitchen"]
["2023年","8月份","L0000019080","Bean Sprout\\黄豆芽","KG",6,4,24,"Kitchen-Banquet Kitchen"]
["2023年","8月份","L0002161290","Bovine anterior tendon/牛前键","KG",20,98,1960,"Kitchen-Banquet Kitchen"]
["2023年","8月份","L0000034100","Pork Local Shredded Meat\\肉丝 不含肥肉","KG",0.5,42,21,"Kitchen-Banquet Kitchen"]
["2023年","8月份","L0000023687","Meat Fat\\猪板油","KG",10,23,230,"Kitchen-Banquet Kitchen"]
["2023年","8月份","L0000034098","Pork Local Minced Meat\\肉末\\3分肥肉7分瘦肉","KG",1,38,38,"Kitchen-Banquet Kitchen"]
["2023年","8月份","L0000018611","German Salt Trotter Fore \\德国咸猪手","KG",2.5,47,117.5,"Kitchen-Banquet Kitchen"]
["2023年","8月份","L0000018658","Chicken Old\\老鸡2kg","KG",2.6,40,104,"Kitchen-Banquet Kitchen"]
["2023年","8月份","L0000018705","Local Duck Old \\本地老鸭1-1.25kg","KG",1.5,86,129,"Kitchen-Banquet Kitchen"]
["2023年","8月份","L0000018657","Chicken Fat\\鸡油","KG",10,17,170,"Kitchen-Banquet Kitchen"]
["2023年","8月份","L0000018726","HeiZong Duck\\黑棕鹅","KG",23,49,1127,"Kitchen-Banquet Kitchen"]
["2023年","8月份","L0000976204","Egg Quail\\鹌鹑蛋 去皮","KG",0.25,26,6.5,"Kitchen-Banquet Kitchen"]
["2023年","8月份","L0000024447","Egg Preserved\\皮蛋","EA",60,2.3,138,"Kitchen-Banquet Kitchen"]
["2023年","8月份","L0000976204","Egg Quail\\鹌鹑蛋 去皮","KG",2.1,26,54.6,"Kitchen-Banquet Kitchen"]
["2023年","8月份","L0000162206","Fruit Fresh Hami Melon\\哈密瓜\\kg","KG",7.2,4.8,34.56,"Kitchen-Banquet Kitchen"]
["2023年","8月份","L0000018960","Local Seedless Watermelon\\本地无籽西瓜","KG",12.7,4.2,53.34,"Kitchen-Banquet Kitchen"]
["2023年","8月份","L0000018937","Local Papaya\\大木瓜","KG",1.5,12,18,"Kitchen-Banquet Kitchen"]
["2023年","8月份","L0000449351","Honey melon Fresh 香瓜（玉菇瓜）","KG",6,6.4,38.4,"Kitchen-Banquet Kitchen"]
["2023年","8月份","L0000018874","Dragon Fruit\\白肉火龙果","KG",3,8.4,25.2,"Kitchen-Banquet Kitchen"]
["2023年","8月份","L0000524458","Millennium tomato\\千禧小番茄","KG",0.5,12,6,"Kitchen-Banquet Kitchen"]
["2023年","8月份","L0000430064","Pearl grouper\\珍珠斑\\0.7-0.8kg","KG",3,69,207,"Kitchen-Banquet Kitchen"]
["2023年","8月份","L0000019663","Dalian Abalone\\大连鲜鲍鱼\\9-10pcs","KG",0.6,127,76.2,"Kitchen-Banquet Kitchen"]
["2023年","8月份","L0000430064","Pearl grouper\\珍珠斑\\0.7-0.8kg","KG",1.2,69,82.8,"Kitchen-Banquet Kitchen"]
["2023年","8月份","L0000074290","Fish Fresh\\cooked Eel silk \\熟鳝丝","KG",8,105,840,"Kitchen-Banquet Kitchen"]
["2023年","8月份","L0000019663","Dalian Abalone\\大连鲜鲍鱼\\9-10pcs","KG",7.5,127,952.5,"Kitchen-Banquet Kitchen"]
["2023年","8月份","L0000552236","Turtle live黄油甲鱼2斤以上","KG",16,93,1488,"Kitchen-Banquet Kitchen"]
["2023年","8月份","L0000552236","Turtle live黄油甲鱼2斤以上","KG",1.5,93,139.5,"Kitchen-Banquet Kitchen"]
["2023年","8月份","L0001724018","Frozen scallop\\冰冻扇贝\\8头/KG","KG",1,65,65,"Kitchen-Banquet Kitchen"]
["2023年","8月份","L0000033993","Fish Processed Frozen Fish Osaki Crab Stick\\大崎蟹柳\\454g/pk","EA",3,16,48,"Kitchen-Banquet Kitchen"]
["2023年","8月份","L0000019700","Live Boston Lobster\\活波士顿龙虾\\500-650g","KG",2.81,270,758.7,"Kitchen-Banquet Kitchen"]
["2023年","8月份","L0000022323","Mandarin Fish\\桂鱼\\0.65-0.9kg","KG",0.6,150,90,"Kitchen-Banquet Kitchen"]
["2023年","8月份","L0000022323","Mandarin Fish\\桂鱼\\0.65-0.9kg","KG",0.6,150,90,"Kitchen-Banquet Kitchen"]
["2023年","8月份","L0000189068","Live Boston Lobster\\波士顿龙虾（活）\\750-900g","KG",0.75,310,232.5,"Kitchen-Banquet Kitchen"]
["2023年","8月份","L0000019686","Hard Shell Crab\\肉蟹\\250g-350g","KG",0.54,155,83.7,"Kitchen-Banquet Kitchen"]
["2023年","8月份","L0000019686","Hard Shell Crab\\肉蟹\\250g-350g","KG",7.5,155,1162.5,"Kitchen-Banquet Kitchen"]
["2023年","8月份","L0000019700","Live Boston Lobster\\活波士顿龙虾\\500-650g","KG",9,270,2430,"Kitchen-Banquet Kitchen"]
["2023年","8月份","L0000019733","Sha Shrimp\\沙虾\\30-40pcs","KG",1.5,66,99,"Kitchen-Banquet Kitchen"]
["2023年","8月份","L0000034710","Shellfish Frozen Shrimp\\青虾仁\\31-40","KG",2.5,96,240,"Kitchen-Banquet Kitchen"]
["2023年","8月份","L0000189039","Grouper live\\青石斑鱼（活）","KG",9,140,1260,"Kitchen-Banquet Kitchen"]
["2023年","8月份","L0000189068","Live Boston Lobster\\波士顿龙虾（活）\\750-900g","KG",2.6,310,806,"Kitchen-Banquet Kitchen"]
["2023年","8月份","L0001550633","Fishing port\\亚洲渔港深海鳕鱼排\\310g*20盒","CS",3,18,54,"Kitchen-Banquet Kitchen"]
["2023年","8月份","L0001076364","Food Dry Goods Rice / Grain / Cereal/Xiaohuozi Cheese Rice cake小伙子芝士年糕 500g/EA(南瓜、紫苏、原味、蛋黄、草莓)口味下单备注","EA",6,14.5,87,"Kitchen-Banquet Kitchen"]
["2023年","8月份","L0000019686","Hard Shell Crab\\肉蟹\\250g-350g","KG",4.5,155,697.5,"Kitchen-Banquet Kitchen"]
["2023年","8月份","L0000033358","Shellfish Fresh Jiwei\\基围虾 大\\21－25pcs","KG",3.5,66,231,"Kitchen-Banquet Kitchen"]
["2023年","8月份","L0001551760","Android Portuguese egg tart skin (70 type) 300 pieces / box/安卓葡式蛋挞皮(70型)300个/箱","CS",1,172.57,172.57,"Kitchen-Banquet Kitchen"]
["2023年","8月份","L0000060929","Sugar Rock Candy\\单晶冰糖","KG",2,11.06,22.12,"Kitchen-Banquet Kitchen"]
["2023年","8月份","L0000022353","Cashew Nuts\\腰果仁","KG",0.25,123.9903,31,"Kitchen-Banquet Kitchen"]
["2023年","8月份","L0000087533","Noodles EDR-Udon Noodles\\美国厨师乌冬面","BAG",1,3.6,3.6,"Kitchen-Banquet Kitchen"]
["2023年","8月份","L0000460051","FOOD DRY GOODS / GROCERY\\Pointed Bamboo Shoots\\扁尖\\KG","KG",0.5,44.6408,22.32,"Kitchen-Banquet Kitchen"]
["2023年","8月份","L0000017233","Fungus Brown\\榆耳","KG",2,228,456,"Kitchen-Banquet Kitchen"]
["2023年","8月份","L0000017252","Delmonte Pinapple Sliced\\地扪菠萝片\\836g","CAN",7,18,126,"Kitchen-Banquet Kitchen"]
["2023年","8月份","L0002232908","Black hair belly\\黑毛肚2.5kg/包","BAG",3,205,615,"Kitchen-Banquet Kitchen"]
["2023年","8月份","L0000024203","Dry Vermicelli Longkou Chinese Kitcken\\龙口粉丝\\180G","BAG",10,4.8,48,"Kitchen-Banquet Kitchen"]
["2023年","8月份","L0000024325","Sauce Golden Ladel Fish Thai\\泰国金标鱼露\\750G","BTL",2,8.6602,17.32,"Kitchen-Banquet Kitchen"]
["2023年","8月份","L0000087533","Noodles EDR-Udon Noodles\\美国厨师乌冬面","BAG",15,3.6,54,"Kitchen-Banquet Kitchen"]
["2023年","8月份","L0000087644","Dry goods others\\Sauce Haitian Soybean Light Sauce\\海天金标生抽 1.9L","EA",6,19.8,118.8,"Kitchen-Banquet Kitchen"]
["2023年","8月份","L0000310680","Crust of cooked rice\\水晶酥锅巴王\\80G\\包","EA",7,3.767,26.37,"Kitchen-Banquet Kitchen"]
["2023年","8月份","L0000530495","Western Seasoning\\Blue weston fries\\蓝威斯顿薯条\\2KG\\袋","BAG",2,50,100,"Kitchen-Banquet Kitchen"]
["2023年","8月份","L0001551737","Quick frozen crispy barbecued pork (about 180 pieces)/速冻叉烧酥(180个左右)","CS",1,315,315,"Kitchen-Banquet Kitchen"]
["2023年","8月份","L0001562584","Chicken cutlet/香雪鸡排/1KG/BAG","BAG",2,24,48,"Kitchen-Banquet Kitchen"]
["2023年","8月份","L0001865009","Hamburger chicken Patty\\纳佰味\\汉堡鸡肉饼\\1KG/袋","BAG",2,18,36,"Kitchen-Banquet Kitchen"]
["2023年","8月份","L0001865155","Hamburger\\堡之家\\汉堡面包\\65g*6个/袋","BAG",4,2.75,11,"Kitchen-Banquet Kitchen"]
["2023年","8月份","L0002162919","Li ghost garlic bone\\李鬼蒜香骨500g/包","BAG",15,38.5,577.5,"Kitchen-Banquet Kitchen"]
["2023年","8月份","L0000034347","Herbs Fresh Blueberries\\蓝莓\\125 gr/bx","EA",5,9.5,47.5,"Kitchen-Pastry"]
["2023年","8月份","L0001647201","The sun rose\\阳光玫瑰\\小果/KG","KG",1,30,30,"Kitchen-Pastry"]
["2023年","8月份","L0001060827","lady finger\\安诺尼手指饼\\200g/包","PK",10,11.1,111,"Kitchen-Pastry"]
["2023年","8月份","L0000318719","Peanuts Peeled\\去衣鲜花生米\\KG","KG",2,20.6422,41.28,"Kitchen-Pastry"]
["2023年","8月份","L0000087386","Pastry Others\\Coco Nut Paste With Hazelnuts Nutella\\能多益榛果可可酱 350g","CAN",2,39.82,79.64,"Kitchen-Pastry"]
["2023年","8月份","L0000018195","Green Tea Powder Zhu Master\\朱师傅绿茶粉\\500g","CAN",2,102.6549,205.31,"Kitchen-Pastry"]
["2023年","8月份","L0002247053","Okun Good Jubilee Croissant\\奥昆好禧坊牛角包(流沙蛋黄味30g*72/箱）","CS",1,190,190,"Kitchen-Pastry"]
["2023年","8月份","L0000017934","Country Kitchen Original Syrup\\屋仔糖浆\\710ml","BTL",3,27.4272,82.28,"Kitchen-Pastry"]
["2023年","8月份","L0000024172","Dry Fungus White\\银耳(称重)","KG",0.25,98,24.5,"Kitchen-Pastry"]
["2023年","8月份","L0000024294","Raisin\\葡萄干","KG",1.5,25,37.5,"Kitchen-Pastry"]
["2023年","8月份","L0000087560","Dry goods others\\baking powder SHUANGXI no aluminum双喜无铝泡打粉","CAN",1,80.5243,80.52,"Kitchen-Pastry"]
["2023年","8月份","L0001349145","Jam / Honey Pure\\蜂蜜冠生园\\500g/btl","BTL",3,35,105,"Kitchen-Pastry"]
["2023年","8月份","L0000023515","Cacao Barry Cocoa Powder Dark Brown\\可可百利可可粉 深棕色\\1Kg","BAG",1,135,135,"Kitchen-Pastry"]
["2023年","8月份","L0002309588","Red Yeast Power\\红曲粉\\玉友\\500g/瓶","BTL",0,17,0,"Kitchen-Pastry"]
["2023年","8月份","L0001735731","Flour sacher \\沙架蛋糕\\芙尔伦\\600克/盒","BX",10,59,590,"Kitchen-Pastry"]
["2023年","8月份","L0001679286","Doughnut\\原味甜甜圈(提前7天订货)\\大佬强\\162个/箱","CS",1,190,190,"Kitchen-Pastry"]
["2023年","8月份","L0001580523","IFRUIT yellow peach puree\\黄桃果茸\\爱弗特\\1kg/盒","BX",5,86,430,"Kitchen-Pastry"]
["2023年","8月份","L0001531101","Florimont cream\\稀奶油\\法仕睿\\1L/盒","BX",24,43,1032,"Kitchen-Pastry"]
["2023年","8月份","L0001531098","St.meccaro Chocolate\\圣美卡罗优醇巧克力\\1kg\\包","BAG",10,36.28,362.8,"Kitchen-Pastry"]
["2023年","8月份","L0000267293","Anchor Butter\\安佳大黄油\\25kg/箱","EA",1,1460,1460,"Kitchen-Pastry"]
["2023年","8月份","L0000087401","Pastry Others\\Sweet & White\\芝兰雅牌防潮糖粉 1Kg","BAG",0,38,0,"Kitchen-Pastry"]
["2023年","8月份","L0001323760","FOOD \\厨艺工坊迷你圆形巧克力挞壳 Diam41 mm x H17 mm Maximum 20℃ 12 MTHS288 × 7 GM","CTN",1,369,369,"Kitchen-Pastry"]
["2023年","8月份","L0001515004","Local rapeseed oil (bulk) / 5L / barrel\\本地菜籽油（散称）/5L/桶","BTL",1,85,85,"Kitchen-Western Kitchen?Yancheng Kitchen?"]
["2023年","8月份","L0000462547","Rice\\江苏大米\\25KG\\BAG","EA",2,120,240,"Kitchen-Western Kitchen?Yancheng Kitchen?"]
["2023年","8月份","L0000017522","Green Bean\\绿豆","KG",1,12,12,"Kitchen-Western Kitchen?Yancheng Kitchen?"]
["2023年","8月份","L0000017462","Millet\\小米","KG",1,11,11,"Kitchen-Western Kitchen?Yancheng Kitchen?"]
["2023年","8月份","L0001515005","Local fried soybean oil (excellent)\\本地小炸豆油（优）","KG",5,20,100,"Kitchen-Western Kitchen?Yancheng Kitchen?"]
["2023年","8月份","L0001525472","Marvels skim milk / 1L/妙维思 脱脂牛奶/1L","EA",12,11.5,138,"Kitchen-Western Kitchen?Yancheng Kitchen?"]
["2023年","8月份","L0001525489","Mengniu yogurt / 100g strawberry/蒙牛酸奶/100g 草莓","PNL",24,10.17,244.08,"Kitchen-Western Kitchen?Yancheng Kitchen?"]
["2023年","8月份","L0001525491","Mengniu yogurt / 100g yellow peach/蒙牛酸奶/100g 黄桃","PNL",24,10.17,244.08,"Kitchen-Western Kitchen?Yancheng Kitchen?"]
["2023年","8月份","L0001525494","Mengniu yogurt / 100g original/蒙牛酸奶/100g 原味","PNL",24,7.08,169.92,"Kitchen-Western Kitchen?Yancheng Kitchen?"]
["2023年","8月份","L0000024543","Firm Tofu\\老豆腐","EA",10,2.5,25,"Kitchen-Western Kitchen?Yancheng Kitchen?"]
["2023年","8月份","L0000534756","Staff Canteen Bean Curd\\薄千张\\KG","KG",2,14,28,"Kitchen-Western Kitchen?Yancheng Kitchen?"]
["2023年","8月份","L0000019084","Local Bell Pepper Red\\本地红圆椒","KG",1,25,25,"Kitchen-Western Kitchen?Yancheng Kitchen?"]
["2023年","8月份","L0000103461","The old pumpkin\\老南瓜/kg","KG",5,6,30,"Kitchen-Western Kitchen?Yancheng Kitchen?"]
["2023年","8月份","L0000033103","Vegetable Fresh Carrot\\胡萝卜","KG",5,5,25,"Kitchen-Western Kitchen?Yancheng Kitchen?"]
["2023年","8月份","L0000019253","Needle Mushroom\\金针菇","KG",5,10,50,"Kitchen-Western Kitchen?Yancheng Kitchen?"]
["2023年","8月份","L0000024548","Fresh Shiitake Mushrooms/鲜香菇/Kg","KG",1,19,19,"Kitchen-Western Kitchen?Yancheng Kitchen?"]
["2023年","8月份","L0000019085","Local Bell Pepper Yellow\\本地黄圆椒","KG",1,29,29,"Kitchen-Western Kitchen?Yancheng Kitchen?"]
["2023年","8月份","L0000019086","Bitter Melon\\苦瓜","KG",4,11,44,"Kitchen-Western Kitchen?Yancheng Kitchen?"]
["2023年","8月份","L0000051424","Veg You Mai\\油麦菜","KG",5,9,45,"Kitchen-Western Kitchen?Yancheng Kitchen?"]
["2023年","8月份","L0000037399","Seafood Flavor Mushroom/海鲜菇/Kg","KG",7,16,112,"Kitchen-Western Kitchen?Yancheng Kitchen?"]
["2023年","8月份","L0000037950","Fruit Fresh Gumbo \\秋葵","KG",1,24,24,"Kitchen-Western Kitchen?Yancheng Kitchen?"]
["2023年","8月份","L0000087071","Vegetable Fresh\\Celtuce peeled\\去皮莴笋","KG",2,15,30,"Kitchen-Western Kitchen?Yancheng Kitchen?"]
["2023年","8月份","L0000033111","Vegetable Fresh Cabbage Shanghai\\上海青 只留菜心部分","KG",4,8,32,"Kitchen-Western Kitchen?Yancheng Kitchen?"]
["2023年","8月份","L0000033106","Vegetable Fresh Corn Stick\\鲜玉米棒","KG",8,9,72,"Kitchen-Western Kitchen?Yancheng Kitchen?"]
["2023年","8月份","L0000024532","Chili Red/红尖椒/Kg","KG",1,16,16,"Kitchen-Western Kitchen?Yancheng Kitchen?"]
["2023年","8月份","L0000024526","Potato Baby\\土豆","KG",6,6,36,"Kitchen-Western Kitchen?Yancheng Kitchen?"]
["2023年","8月份","L0000024487","Onion Red\\红洋葱","KG",5,4,20,"Kitchen-Western Kitchen?Yancheng Kitchen?"]
["2023年","8月份","L0000024482","Cucumber\\黄瓜","KG",2,6,12,"Kitchen-Western Kitchen?Yancheng Kitchen?"]
["2023年","8月份","L0000019325","Tomato Larage Local\\大番茄","KG",5,8,40,"Kitchen-Western Kitchen?Yancheng Kitchen?"]
["2023年","8月份","L0000019273","Ping mushroom\\平菇","KG",3,15,45,"Kitchen-Western Kitchen?Yancheng Kitchen?"]
["2023年","8月份","L0000019164","Fresh Peanut\\生花生","KG",4,11,44,"Kitchen-Western Kitchen?Yancheng Kitchen?"]
["2023年","8月份","L0000019174","Garlic Peeled\\蒜肉","KG",10,12,120,"Kitchen-Western Kitchen?Yancheng Kitchen?"]
["2023年","8月份","L0000523903","Assorted vegetable\\什锦蔬菜粒1KG/包","BAG",4,22,88,"Kitchen-Western Kitchen?Yancheng Kitchen?"]
["2023年","8月份","L0000418693","Dianxin Dianxin 本地小馄饨皮1kg","KG",2,7,14,"Kitchen-Western Kitchen?Yancheng Kitchen?"]
["2023年","8月份","L0000024473","Broccoli Green\\去根西兰花","KG",3,16,48,"Kitchen-Western Kitchen?Yancheng Kitchen?"]
["2023年","8月份","L0000019080","Bean Sprout\\黄豆芽","KG",1,4,4,"Kitchen-Western Kitchen?Yancheng Kitchen?"]
["2023年","8月份","L0000019083","Local Bell Pepper Green\\本地青圆椒","KG",1,14,14,"Kitchen-Western Kitchen?Yancheng Kitchen?"]
["2023年","8月份","L0000019091","Bottle Gourd\\葫芦瓜","KG",5,10,50,"Kitchen-Western Kitchen?Yancheng Kitchen?"]
["2023年","8月份","L0000019119","Chilli Green\\青尖椒","KG",1,10,10,"Kitchen-Western Kitchen?Yancheng Kitchen?"]
["2023年","8月份","L0000019276","Potato Finger long\\手指薯仔","KG",6,14,84,"Kitchen-Western Kitchen?Yancheng Kitchen?"]
["2023年","8月份","L0000019330","Turnip White\\白萝卜","KG",3,3.6,10.8,"Kitchen-Western Kitchen?Yancheng Kitchen?"]
["2023年","8月份","L0000024443","Hand Tooled Noodle\\手工面","KG",5,8,40,"Kitchen-Western Kitchen?Yancheng Kitchen?"]
["2023年","8月份","L0000024443","Hand Tooled Noodle\\手工面","KG",3,8,24,"Kitchen-Western Kitchen?Yancheng Kitchen?"]
["2023年","8月份","L0000024457","Lettuce Frisee\\苦叶生菜","KG",1.5,22,33,"Kitchen-Western Kitchen?Yancheng Kitchen?"]
["2023年","8月份","L0000024464","Steamed Bean Curd Roll\\素鸡","KG",5,16,80,"Kitchen-Western Kitchen?Yancheng Kitchen?"]
["2023年","8月份","L0000024567","Chinese Yam\\铁棍山药","KG",4,19,76,"Kitchen-Western Kitchen?Yancheng Kitchen?"]
["2023年","8月份","L0000033097","Vegetable Fresh Radicchio White\\卷心菜(白)\\DIA14cm","KG",5,5,25,"Kitchen-Western Kitchen?Yancheng Kitchen?"]
["2023年","8月份","L0000033107","Vegetable Fresh Baby Vegetable\\娃娃菜","EA",5,6,30,"Kitchen-Western Kitchen?Yancheng Kitchen?"]
["2023年","8月份","L0000033120","Vegetable Fresh Bean Green Long\\长豆角","KG",5,9.8,49,"Kitchen-Western Kitchen?Yancheng Kitchen?"]
["2023年","8月份","L0000033122","Vegetable Fresh Bean Snow\\荷兰豆 去头去尾","KG",2,32,64,"Kitchen-Western Kitchen?Yancheng Kitchen?"]
["2023年","8月份","L0000033131","Vegetable Fresh Local Celery\\芹菜(本地)","KG",1,10,10,"Kitchen-Western Kitchen?Yancheng Kitchen?"]
["2023年","8月份","L0000033145","Vegetable Fresh Garlic Sprout\\蒜苔 去尾 去头","KG",5,16,80,"Kitchen-Western Kitchen?Yancheng Kitchen?"]
["2023年","8月份","L0000034896","Vegetable Fresh Abalone Mushrooms \\杏鲍菇","KG",5,14,70,"Kitchen-Western Kitchen?Yancheng Kitchen?"]
["2023年","8月份","L0000105415","Vegetable Fresh\\Egg Noodle\\鸡蛋面","KG",8,10,80,"Kitchen-Western Kitchen?Yancheng Kitchen?"]
["2023年","8月份","L0000105415","Vegetable Fresh\\Egg Noodle\\鸡蛋面","KG",8,10,80,"Kitchen-Western Kitchen?Yancheng Kitchen?"]
["2023年","8月份","L0001551624","Rooster / kg/小公鸡/kg","KG",4,36,144,"Kitchen-Western Kitchen?Yancheng Kitchen?"]
["2023年","8月份","L0000033269","Duck / Goose Neck\\鸭脖","KG",2,28,56,"Kitchen-Western Kitchen?Yancheng Kitchen?"]
["2023年","8月份","L0000023310","Frz San Huang Chicken\\冻三黄鸡\\1.5-2Kg\\只","KG",5,24.8,124,"Kitchen-Western Kitchen?Yancheng Kitchen?"]
["2023年","8月份","L0000018536","Lamb Lamb Leg Without Bone\\无骨羊腿","KG",3,120,360,"Kitchen-Western Kitchen?Yancheng Kitchen?"]
["2023年","8月份","L0000023723","Duck\\白条鸭","KG",5,24.8,124,"Kitchen-Western Kitchen?Yancheng Kitchen?"]
["2023年","8月份","L0000023644","Pork Stuffing\\猪肉末","KG",3,36,108,"Kitchen-Western Kitchen?Yancheng Kitchen?"]
["2023年","8月份","L0000023310","Frz San Huang Chicken\\冻三黄鸡\\1.5-2Kg\\只","KG",3,24.8,74.4,"Kitchen-Western Kitchen?Yancheng Kitchen?"]
["2023年","8月份","L0000033226","Duck / Goose Gizzard\\鸭肫(珍)","KG",2,29,58,"Kitchen-Western Kitchen?Yancheng Kitchen?"]
["2023年","8月份","L0000018659","QingYuan Ckicken\\清远鸡1.25-1.5kg","KG",5,37,185,"Kitchen-Western Kitchen?Yancheng Kitchen?"]
["2023年","8月份","L0000445634","JT-eggs\\鸡蛋-\\KG","KG",30,14,420,"Kitchen-Western Kitchen?Yancheng Kitchen?"]
["2023年","8月份","L0000018880","Fuji Apple\\富士苹果","KG",15,12,180,"Kitchen-Western Kitchen?Yancheng Kitchen?"]
["2023年","8月份","L0000162206","Fruit Fresh Hami Melon\\哈密瓜\\kg","KG",30,4.8,144,"Kitchen-Western Kitchen?Yancheng Kitchen?"]
["2023年","8月份","L0000033170","Fruit Fresh Nectarine\\油桃","KG",30,12,360,"Kitchen-Western Kitchen?Yancheng Kitchen?"]
["2023年","8月份","L0000018960","Local Seedless Watermelon\\本地无籽西瓜","KG",50,4.2,210,"Kitchen-Western Kitchen?Yancheng Kitchen?"]
["2023年","8月份","L0000018896","Honey Pear\\蜜梨","KG",30,16,480,"Kitchen-Western Kitchen?Yancheng Kitchen?"]
["2023年","8月份","L0000018960","Local Seedless Watermelon\\本地无籽西瓜","KG",30,4.2,126,"Kitchen-Western Kitchen?Yancheng Kitchen?"]
["2023年","8月份","L0000162206","Fruit Fresh Hami Melon\\哈密瓜\\kg","KG",30,4.8,144,"Kitchen-Western Kitchen?Yancheng Kitchen?"]
["2023年","8月份","L0000033170","Fruit Fresh Nectarine\\油桃","KG",15,12,180,"Kitchen-Western Kitchen?Yancheng Kitchen?"]
["2023年","8月份","L0000018896","Honey Pear\\蜜梨","KG",15,16,240,"Kitchen-Western Kitchen?Yancheng Kitchen?"]
["2023年","8月份","L0000449351","Honey melon Fresh 香瓜（玉菇瓜）","KG",30,6.4,192,"Kitchen-Western Kitchen?Yancheng Kitchen?"]
["2023年","8月份","L0000033180","Fruit Fresh Lemon\\柠檬","KG",2,12.6,25.2,"Kitchen-Western Kitchen?Yancheng Kitchen?"]
["2023年","8月份","L0000051509","Banana Import\\进口香蕉","KG",15,9.6,144,"Kitchen-Western Kitchen?Yancheng Kitchen?"]
["2023年","8月份","L0000037393","Fruit Fresh Raspberry \\树莓\\125g/bx","EA",1,24,24,"Kitchen-Western Kitchen?Yancheng Kitchen?"]
["2023年","8月份","L0000524458","Millennium tomato\\千禧小番茄","KG",3,12,36,"Kitchen-Western Kitchen?Yancheng Kitchen?"]
["2023年","8月份","L0000033312","Fish Fresh Sea Bass\\海鲈鱼","KG",5,58,290,"Kitchen-Western Kitchen?Yancheng Kitchen?"]
["2023年","8月份","L0000513899","osmerus mordax red seed\\龙泽西鳞鱼籽(红)\\900g","BAG",2,72,144,"Kitchen-Western Kitchen?Yancheng Kitchen?"]
["2023年","8月份","L0000318702","Octopus Foot\\章鱼足（400-500g\\个）\\KG","KG",2,52,104,"Kitchen-Western Kitchen?Yancheng Kitchen?"]
["2023年","8月份","L0000513900","osmerus mordax yellow seed\\龙泽西鳞鱼籽（黄）\\900g","BAG",2,72,144,"Kitchen-Western Kitchen?Yancheng Kitchen?"]
["2023年","8月份","L0000034130","Fish Processed Frozen Braised Eel\\蒲烧鳗鱼（大的 厚的）","KG",3,138,414,"Kitchen-Western Kitchen?Yancheng Kitchen?"]
["2023年","8月份","L0001748972","Ark\\北极贝\\刺身级\\M-51-60\\出成85%\\1KG/盒","BX",1,300,300,"Kitchen-Western Kitchen?Yancheng Kitchen?"]
["2023年","8月份","L0002266289","Abalone whelk \\鲍螺肉","KG",2,72,144,"Kitchen-Western Kitchen?Yancheng Kitchen?"]
["2023年","8月份","L0000976229","Green Lobster Live\\小青龙虾 鲜活200-250g","KG",0.5,400,200,"Kitchen-Western Kitchen?Yancheng Kitchen?"]
["2023年","8月份","L0000051509","Banana Import\\进口香蕉","KG",15,9.6,144,"Kitchen-Western Kitchen?Yancheng Kitchen?"]
["2023年","8月份","L0000018880","Fuji Apple\\富士苹果","KG",5,12,60,"Kitchen-Western Kitchen?Yancheng Kitchen?"]
["2023年","8月份","L0000033170","Fruit Fresh Nectarine\\油桃","KG",15,12,180,"Kitchen-Western Kitchen?Yancheng Kitchen?"]
["2023年","8月份","L0000018960","Local Seedless Watermelon\\本地无籽西瓜","KG",17.8,4.2,74.76,"Kitchen-Western Kitchen?Yancheng Kitchen?"]
["2023年","8月份","L0000018896","Honey Pear\\蜜梨","KG",20,16,320,"Kitchen-Western Kitchen?Yancheng Kitchen?"]
["2023年","8月份","L0001802537","Eye flesh国产3A眼肉4-5KG\\整条称重/KG","KG",5,449.5413,2247.71,"Kitchen-Western Kitchen?Yancheng Kitchen?"]
["2023年","8月份","L0000018880","Fuji Apple\\富士苹果","KG",35,12,420,"Kitchen-Western Kitchen?Yancheng Kitchen?"]
["2023年","8月份","L0000051509","Banana Import\\进口香蕉","KG",27,9.6,259.2,"Kitchen-Western Kitchen?Yancheng Kitchen?"]
["2023年","8月份","L0002495180","Argentine beef fillet\\阿根廷牛柳","KG",10,135,1350,"Kitchen-Western Kitchen?Yancheng Kitchen?"]
["2023年","8月份","L0002232900","Lamb leg with bone\\LAMB带骨羔羊腿","KG",10,78,780,"Kitchen-Western Kitchen?Yancheng Kitchen?"]
["2023年","8月份","L0002082527","DS ox willow\\DS牛柳/Kg","KG",15,88,1320,"Kitchen-Western Kitchen?Yancheng Kitchen?"]
["2023年","8月份","L0001522602","Juice Chilled Juice Grape juice\\橙宝葡萄汁\\BTL 2L","BTL",12,12.5,150,"Kitchen-Western Kitchen?Yancheng Kitchen?"]
["2023年","8月份","L0001526369","Frise Bacon 2kg/福瑞斯五花培根(生制)2KG","BAG",8,99,792,"Kitchen-Western Kitchen?Yancheng Kitchen?"]
["2023年","8月份","L0000571072","Riscossa Pasta 4#\\丽歌意大利面直面\\3kg/bag","BAG",1,29.5,29.5,"Kitchen-Western Kitchen?Yancheng Kitchen?"]
["2023年","8月份","L0000186977","White toast\\切片白吐司\\ 1KG","BAG",2,20.5,41,"Kitchen-Western Kitchen?Yancheng Kitchen?"]
["2023年","8月份","L0000152556","Dried/Canned Foods-白泡菜-韩国泡菜-White Pickle","KG",10,20,200,"Kitchen-Western Kitchen?Yancheng Kitchen?"]
["2023年","8月份","L0000032466","Sauce Bean Paste Pi Xian\\郫县豆瓣酱\\5kg/cs","EA",1,87.1,87.1,"Kitchen-Western Kitchen?Yancheng Kitchen?"]
["2023年","8月份","L0001522601","Juice Chilled Juice orangeJuice\\橙宝橙汁\\BTL\\2L","BTL",12,12.5,150,"Kitchen-Western Kitchen?Yancheng Kitchen?"]
["2023年","8月份","L0002291506","Beef Patty\\牛肉饼200g*6\\包","BAG",5,123,615,"Kitchen-Western Kitchen?Yancheng Kitchen?"]
["2023年","8月份","L0001765938","Mccain\\麦肯小圆薯饼1.5KG/袋","BAG",5,30,150,"Kitchen-Western Kitchen?Yancheng Kitchen?"]
["2023年","8月份","L0001575519","五得利面粉25kg/包","PK",1,120,120,"Kitchen-Western Kitchen?Yancheng Kitchen?"]
["2023年","8月份","L0001574064","Aunt Su's spring rolls with shredded pork and shepherd's purse\\苏阿姨荠菜肉丝春卷\\1kg/袋","BAG",6,34,204,"Kitchen-Western Kitchen?Yancheng Kitchen?"]
["2023年","8月份","L0001551699","Thai durian fruit flesh (Platinum double a) 3kg/泰国金枕榴莲果肉(铂天双A）3kg","BAG",1,328,328,"Kitchen-Western Kitchen?Yancheng Kitchen?"]
["2023年","8月份","L0001526373","Forrest beef breakfast sausage 2kg/福瑞斯牛肉早餐肠2KG","BAG",4,92,368,"Kitchen-Western Kitchen?Yancheng Kitchen?"]
["2023年","8月份","L0001526372","Forrest pork breakfast sausage 2kg/福瑞斯猪肉早餐肠2KG","BAG",4,90,360,"Kitchen-Western Kitchen?Yancheng Kitchen?"]
["2023年","8月份","L0001526370","Forrest chicken breakfast sausage 2kg/福瑞斯鸡肉早餐肠2KG","BAG",3,84,252,"Kitchen-Western Kitchen?Yancheng Kitchen?"]
["2023年","8月份","L0001522603","Juice Chilled Juice Grapefruit juice\\橙宝西柚汁\\BTL 2L","BTL",12,12.5,150,"Kitchen-Western Kitchen?Yancheng Kitchen?"]
["2023年","8月份","L0000034665","Sauce Lvdi Lemon Juice\\绿的梦柠檬汁\\500ml","EA",1,24.72,24.72,"Kitchen-Western Kitchen?Yancheng Kitchen?"]
["2023年","8月份","L0000258460","Dry Goods Others\\preserved vegetable\\乌江牌榨菜\\70G","BAG",40,2.3,92,"Kitchen-Western Kitchen?Yancheng Kitchen?"]
["2023年","8月份","L0000296830","Vinegar\\丘比日式油醋汁1.5L\\瓶","BTL",1,49.56,49.56,"Kitchen-Western Kitchen?Yancheng Kitchen?"]
["2023年","8月份","L0000016846","Nestle Milk Powder\\雀巢奶粉袋装\\500g","PK",8,38,304,"Kitchen-Western Kitchen?Yancheng Kitchen?"]
["2023年","8月份","L0000017155","Pepper Salt\\椒盐\\80G","CAN",3,2.43,7.29,"Kitchen-Western Kitchen?Yancheng Kitchen?"]
["2023年","8月份","L0000032384","Cheese Kraft Powder\\卡夫芝士粉\\85g/bx","EA",1,20.8,20.8,"Kitchen-Western Kitchen?Yancheng Kitchen?"]
["2023年","8月份","L0000032401","Cheese Anchor Slice Cheddar\\安可车打芝士片\\80pc*990g/pk","EA",1,66.37,66.37,"Kitchen-Western Kitchen?Yancheng Kitchen?"]
["2023年","8月份","L0000032523","Dry Canned Food Del Monte Whole Kernel Corn\\地门玉米粒\\420g/tin","EA",12,7,84,"Kitchen-Western Kitchen?Yancheng Kitchen?"]
["2023年","8月份","L0000032743","Rice / Grain / Cereal Brown Rice\\黑米","KG",1,10,10,"Kitchen-Western Kitchen?Yancheng Kitchen?"]
["2023年","8月份","L0002429037","Steak Wellington\\惠灵顿牛排330g/包","BAG",9,57.52,517.68,"Kitchen-Western Kitchen?Yancheng Kitchen?"]
["2023年","8月份","L0001998375","Purple potato bags/安井开心紫薯包800g\\包","BAG",3,15,45,"Kitchen-Western Kitchen?Yancheng Kitchen?"]
["2023年","8月份","L0001551750","Wufeng glutinous rice Shaomai / 320G/五丰糯米烧麦/320G","BAG",15,11.95,179.25,"Kitchen-Western Kitchen?Yancheng Kitchen?"]
["2023年","8月份","L0001172295","Pasta with ossa cuttlefish sauce\\欧萨墨鱼汁意大利面500G\\BAG","BAG",2,24.78,49.56,"Kitchen-Western Kitchen?Yancheng Kitchen?"]
["2023年","8月份","L0000677138","Green Bean\\柴旺黄金豆\\2.5kg\\包","BAG",1,28,28,"Kitchen-Western Kitchen?Yancheng Kitchen?"]
["2023年","8月份","L0000032972","Pickles Chilli Red\\红泡椒\\2kg/drum","EA",1,18,18,"Kitchen-Western Kitchen?Yancheng Kitchen?"]
["2023年","8月份","L0000453149","Pastry\\Peanut broken\\花生碎\\1*2.5kg","BAG",1,45.5752,45.58,"Kitchen-Western Kitchen?Yancheng Kitchen?"]
["2023年","8月份","L0000666596","Dry Goods\\Donna Vera Penne73#\\维拉两头尖意大利面\\450g","BAG",2,9.29,18.58,"Kitchen-Western Kitchen?Yancheng Kitchen?"]
["2023年","8月份","L0001935095","Fat man spicy fish sauce\\胖子麻辣鱼佐料150g/包","BAG",5,8.5,42.5,"Kitchen-Western Kitchen?Yancheng Kitchen?"]
["2023年","8月份","L0001689744","Twin Tower Dragon mouth fans\\双塔龙口粉丝\\500g/包","BAG",4,13.5,54,"Kitchen-Western Kitchen?Yancheng Kitchen?"]
["2023年","8月份","L0001821836","Fried bread stick\\思念油条800g/包","BAG",5,15,75,"Kitchen-Western Kitchen?Yancheng Kitchen?"]
["2023年","8月份","L0001865199","Condiments for soup sauce家乐\\金酸汤酱调味料\\1KG/袋","BAG",2,38,76,"Kitchen-Western Kitchen?Yancheng Kitchen?"]
["2023年","8月份","L0001665032","Anjing osmanthus cake\\安井桂花糕300g/包","BAG",10,9.71,97.1,"Kitchen-Western Kitchen?Yancheng Kitchen?"]
["2023年","8月份","L0000017083","Medlar Dried\\枸杞","KG",0.5,86.7864,43.39,"Kitchen-Western Kitchen?Yancheng Kitchen?"]
["2023年","8月份","L0000017162","McCormick Black Pepper Powder\\味好美细黑胡椒粉\\425g","CAN",1,90,90,"Kitchen-Western Kitchen?Yancheng Kitchen?"]
["2023年","8月份","L0000017245","Bloat Mustard\\酸菜\\1kg","CAN",5,5.1845,25.92,"Kitchen-Western Kitchen?Yancheng Kitchen?"]
["2023年","8月份","L0000017274","Baili Red Kidney Bean\\百利红腰豆\\432g","CAN",12,6.9,82.8,"Kitchen-Western Kitchen?Yancheng Kitchen?"]
["2023年","8月份","L0000017848","Maggie Sauce \\美极鲜酱油\\100ml","BTL",10,12,120,"Kitchen-Western Kitchen?Yancheng Kitchen?"]
["2023年","8月份","L0000017870","Tabasco Red 60Ml\\美国辣椒仔辣汁\\60ml","BTL",6,17,102,"Kitchen-Western Kitchen?Yancheng Kitchen?"]
["2023年","8月份","L0000017878","Hellmann's Mayonnaise\\好乐门蛋黄酱\\3KG/BRL","BRL",2,95,190,"Kitchen-Western Kitchen?Yancheng Kitchen?"]
["2023年","8月份","L0000017970","Red Date Pitted\\无核红枣","KG",1,21.5,21.5,"Kitchen-Western Kitchen?Yancheng Kitchen?"]
["2023年","8月份","L0000024052","Canned Tuna\\鲜得味金枪鱼罐头油浸\\180G","CAN",2,14.8447,29.69,"Kitchen-Western Kitchen?Yancheng Kitchen?"]
["2023年","8月份","L0000024156","Peanuts With Skin(Red)\\带皮花生米(红)","KG",1,19.8835,19.88,"Kitchen-Western Kitchen?Yancheng Kitchen?"]
["2023年","8月份","L0000024213","Brown Sauce Knorr'\\黄汁粉家乐\\800G","BTL",1,80,80,"Kitchen-Western Kitchen?Yancheng Kitchen?"]
["2023年","8月份","L0000024233","Sauce Chicken Thai\\泰国鸡酱\\890G","BTL",2,18.5631,37.13,"Kitchen-Western Kitchen?Yancheng Kitchen?"]
["2023年","8月份","L0000032445","Sauce Leekumkee Oyster Sauce\\李锦记财神蚝油\\907g/btl","EA",2,19.5,39,"Kitchen-Western Kitchen?Yancheng Kitchen?"]
["2023年","8月份","L0000032452","Sauce Heinz Tomato Ketchup\\亨式番茄沙司\\3kg/tin","EA",2,59,118,"Kitchen-Western Kitchen?Yancheng Kitchen?"]
["2023年","8月份","L0000032479","Sauce Laoganma Paste\\老干妈\\280g/btl","EA",6,9.81,58.86,"Kitchen-Western Kitchen?Yancheng Kitchen?"]
["2023年","8月份","L0000032718","Rice / Grain / Cereal Kelloggs Raisin Square\\家乐氏提子麦维\\285g/bx","EA",2,27.2,54.4,"Kitchen-Western Kitchen?Yancheng Kitchen?"]
["2023年","8月份","L0000052144","Sauce Japanese Mustard Cream\\日式芥末膏\\43g","PKG",20,7.54,150.8,"Kitchen-Western Kitchen?Yancheng Kitchen?"]
["2023年","8月份","L0000052168","Sauce Knorr Powder Chicken\\家乐鸡精\\900G","TIN",6,26,156,"Kitchen-Western Kitchen?Yancheng Kitchen?"]
["2023年","8月份","L0000060953","Japanese large root\\日式大根","EA",2,9.8932,19.79,"Kitchen-Western Kitchen?Yancheng Kitchen?"]
["2023年","8月份","L0000074407","Dry Goods Others\\Dry Red pepper segment \\干红辣椒段","KG",2,37.1942,74.39,"Kitchen-Western Kitchen?Yancheng Kitchen?"]
["2023年","8月份","L0000087622","Dry goods others\\Oil chili Shichuang\\四川辣椒油","BTL",2,16.0874,32.17,"Kitchen-Western Kitchen?Yancheng Kitchen?"]
["2023年","8月份","L0000087644","Dry goods others\\Sauce Haitian Soybean Light Sauce\\海天金标生抽 1.9L","EA",3,19.8,59.4,"Kitchen-Western Kitchen?Yancheng Kitchen?"]
["2023年","8月份","L0000087675","Dry goods others\\Salt Oil Lihong Szechuan Pepper\\黎红花椒油 400ml","EA",2,15.8738,31.75,"Kitchen-Western Kitchen?Yancheng Kitchen?"]
["2023年","8月份","L0000090828","Sea sedge silk\\海苔丝\\PK","PK",3,32.8932,98.68,"Kitchen-Western Kitchen?Yancheng Kitchen?"]
["2023年","8月份","L0000163757","The chobe Fried sesame sauce culture\\丘比煎培芝麻汁1.5L/瓶","BTL",2,60,120,"Kitchen-Western Kitchen?Yancheng Kitchen?"]
["2023年","8月份","L0000186900","Sushi nori\\寿司海苔\\50张/包","BAG",2,53,106,"Kitchen-Western Kitchen?Yancheng Kitchen?"]
["2023年","8月份","L0000428437","Frozen Snack\\Ann Pumpkin Pie\\安井南瓜饼\\320g\\袋","BAG",10,8.6602,86.6,"Kitchen-Western Kitchen?Yancheng Kitchen?"]
["2023年","8月份","L0000428498","Chinese Seasoning\\Sanwu hot pot base material\\三五火锅底料\\300g\\袋","BAG",10,12.3689,123.69,"Kitchen-Western Kitchen?Yancheng Kitchen?"]
["2023年","8月份","L0000666762","Dry Goods\\Spices Sauce Ketchup\\番茄沙司(地们)\\340g","BTL",0,7.068,0,"Kitchen-Western Kitchen?Yancheng Kitchen?"]
["2023年","8月份","L0000730862","Instant Noodle\\韩国辛拉面\\120g/包","PK",50,5.34,267,"Kitchen-Western Kitchen?Yancheng Kitchen?"]
["2023年","8月份","L0000996764","Dry Vegetables/Fungus Small/东北小木耳","KG",0.5,148.6796,74.34,"Kitchen-Western Kitchen?Yancheng Kitchen?"]
["2023年","8月份","L0001551739","Sanquan meat wonton / 500g / bag/三全鲜肉馄饨/500G/包","BX",6,17.5,105,"Kitchen-Western Kitchen?Yancheng Kitchen?"]
["2023年","8月份","L0001574060","Sister Kitchen Salt Crispy Chicken (Rice Chicken)\\姐妹厨房盐酥鸡（鸡米花）\\2.5kg/袋","BAG",3,70,210,"Kitchen-Western Kitchen?Yancheng Kitchen?"]
["2023年","8月份","L0001591977","Milk yellow bag\\三全奶黄包\\1500克/包","BAG",2,26.8,53.6,"Kitchen-Western Kitchen?Yancheng Kitchen?"]
["2023年","8月份","L0001658552","Three quick kitchen vegetable bag\\三全快厨素菜包1500g/包","BAG",2,27,54,"Kitchen-Western Kitchen?Yancheng Kitchen?"]
["2023年","8月份","L0001658552","Three quick kitchen vegetable bag\\三全快厨素菜包1500g/包","BAG",2,27,54,"Kitchen-Western Kitchen?Yancheng Kitchen?"]
["2023年","8月份","L0000131903","Pepsi Max\\百事极度\\330ml\\CAN","BTL",144,1.824,262.66,"Outlet-Yancheng Kitchen"]
["2023年","8月份","L0000131859","7up\\七喜\\330ml\\can","BTL",144,1.612,232.13,"Outlet-Yancheng Kitchen"]
["2023年","8月份","L0000131858","Pepsi \\百事可乐\\330ml\\can","BTL",144,1.612,232.13,"Outlet-Yancheng Kitchen"]
["2023年","8月份","L0000034302","Softdrink Mirinda\\美年达\\330ml","BTL",120,1.612,193.44,"Outlet-Yancheng Kitchen"]
["2023年","8月份","L0001572407","Lotte Milk Carbonated Drinks\\乐天妙之吻乳酸碳酸\\ 250ml/瓶","BTL",24,3.17,76.08,"Outlet-Smoki Moto"]
["2023年","8月份","L0000060716","EDR-Sweet Potato Baby\\小红薯-员餐","KG",12,8.6,103.2,"Staff Dining"]
["2023年","8月份","L0000019392","EDR-Ginger Peeled\\生姜去皮-员餐","KG",2,23,46,"Staff Dining"]
["2023年","8月份","L0000035404","Vegetable Fresh EDR-Cauliflower\\花菜去头切朵-员餐","KG",25,15,375,"Staff Dining"]
["2023年","8月份","L0000023967","EDR-Onion\\洋葱-员餐","KG",5,4,20,"Staff Dining"]
["2023年","8月份","L0000019402","EDR-Cherry Tomato\\樱桃番茄-员餐","KG",5,14,70,"Staff Dining"]
["2023年","8月份","L0000023937","EDR-Green Vegetable\\青菜-员餐","KG",10,6,60,"Staff Dining"]
["2023年","8月份","L0000019373","EDR-White Turnip\\白萝卜-员餐","KG",10,5,50,"Staff Dining"]
["2023年","8月份","L0000017747","EDR-Fried Noodle\\炒面-员餐","KG",10,7,70,"Staff Dining"]
["2023年","8月份","L0000278406","EDR- green chili\\绿杭椒—员餐","KG",1,15.8,15.8,"Staff Dining"]
["2023年","8月份","L0000289864","Canteen Specific/凉皮/员工","KG",25,7.8,195,"Staff Dining"]
["2023年","8月份","L0001523363","ERD/Local green pepper/员餐/本地青椒","KG",10,7.8,78,"Staff Dining"]
["2023年","8月份","L0000023931","EDR-Shallot\\小葱-员餐","KG",2,10,20,"Staff Dining"]
["2023年","8月份","L0000035387","Vegetable Fresh EDR-Winter Melon\\冬瓜去皮切块-员餐","KG",6,8,48,"Staff Dining"]
["2023年","8月份","L0000190149","EDR-Shiitake Mushrooms\\鲜香菇（员工餐厅）","KG",3,15.8,47.4,"Staff Dining"]
["2023年","8月份","L0000278406","EDR- green chili\\绿杭椒—员餐","KG",8,15.8,126.4,"Staff Dining"]
["2023年","8月份","L0000019403","EDR-Tomato\\番茄-员餐","KG",8,7,56,"Staff Dining"]
["2023年","8月份","L0000023953","EDR-Celery Local\\本地芹菜-员餐","KG",15,9,135,"Staff Dining"]
["2023年","8月份","L0000024023","EDR-Pork\\里脊肉-员餐","KG",8,42,336,"Staff Dining"]
["2023年","8月份","L0000034103","EDR-Sanhuang Chicken\\三黄鸡加工成块 去头和内脏-员餐","KG",19.5,26.8,522.6,"Staff Dining"]
["2023年","8月份","L0000087004","EDR\\Pork liver slices\\猪肝片-员餐","KG",12,30,360,"Staff Dining"]
["2023年","8月份","L0000040401","Fruit Fresh EDR-Local Apple\\糖心苹果-员餐","KG",35,9.6,336,"Staff Dining"]
["2023年","8月份","L0000034718","Fish Fresh EDR-Grass Carp\\草鱼 净 -员餐","KG",28,22,616,"Staff Dining"]
["2023年","8月份","L0000578587","EDR-Powder Plum/酸梅粉1kg/Bag-员餐","BAG",10,14.2,142,"Staff Dining"]
["2023年","8月份","L0000019178","Ginger Peeled Blue\\生姜去皮","KG",0.5,23,11.5,"Kitchen-Specialty Kitchen?Smoki Moto?"]
["2023年","8月份","L0000400651","Vegetable Fresh/红叶生菜","KG",0.5,33,16.5,"Kitchen-Specialty Kitchen?Smoki Moto?"]
["2023年","8月份","L0000024426","Veg Pumpkin Bracket Shape\\南瓜 本地","KG",8,6.5,52,"Kitchen-Specialty Kitchen?Smoki Moto?"]
["2023年","8月份","L0000019273","Ping mushroom\\平菇","KG",0.5,15,7.5,"Kitchen-Specialty Kitchen?Smoki Moto?"]
["2023年","8月份","L0000019343","White Jade Mushroom\\白玉菇","KG",0.5,16,8,"Kitchen-Specialty Kitchen?Smoki Moto?"]
["2023年","8月份","L0000019174","Garlic Peeled\\蒜肉","KG",1.3,12,15.6,"Kitchen-Specialty Kitchen?Smoki Moto?"]
["2023年","8月份","L0000281463","Endive苦菊 kg","KG",0.5,16,8,"Kitchen-Specialty Kitchen?Smoki Moto?"]
["2023年","8月份","L0000087066","Vegetable Fresh\\Mushroom Crab Flavor\\蟹味菇 150g","BAG",2,3,6,"Kitchen-Specialty Kitchen?Smoki Moto?"]
["2023年","8月份","L0000019330","Turnip White\\白萝卜","KG",8,3.6,28.8,"Kitchen-Specialty Kitchen?Smoki Moto?"]
["2023年","8月份","L0000162677","Vegetable Fresh Red Cherry Tomato\\红樱桃番茄","KG",0.5,14,7,"Kitchen-Specialty Kitchen?Smoki Moto?"]
["2023年","8月份","L0000162678","Vegetable Fresh Yellow Cherry Tomato\\黄樱桃番茄","KG",0.5,26,13,"Kitchen-Specialty Kitchen?Smoki Moto?"]
["2023年","8月份","L0000019104","Baby Carrot Fingerling \\手指胡萝卜","KG",1,22,22,"Kitchen-Specialty Kitchen?Smoki Moto?"]
["2023年","8月份","L0000305117","Vegetable Fresh\\Japan‘s big leaf \\日本大叶 20g/盒","BAG",2,10,20,"Kitchen-Specialty Kitchen?Smoki Moto?"]
["2023年","8月份","L0000162206","Fruit Fresh Hami Melon\\哈密瓜\\kg","KG",4.3,4.8,20.64,"Kitchen-Specialty Kitchen?Smoki Moto?"]
["2023年","8月份","L0000033189","Fruit Fresh Navel Orange\\脐橙","KG",3.9,10,39,"Kitchen-Specialty Kitchen?Smoki Moto?"]
["2023年","8月份","L0001647196","The sun rose\\阳光玫瑰\\大果/KG","KG",1,36,36,"Kitchen-Specialty Kitchen?Smoki Moto?"]
["2023年","8月份","L0000034347","Herbs Fresh Blueberries\\蓝莓\\125 gr/bx","EA",2,9.5,19,"Kitchen-Specialty Kitchen?Smoki Moto?"]
["2023年","8月份","L0000024121","Sharajum Sweet\\甜丘比酱丘比香甜沙拉酱\\1Kg","PK",1,40,40,"Kitchen-Specialty Kitchen?Smoki Moto?"]
["2023年","8月份","L0001730292","Kumgang Spicy Cabbage\\金刚山辣白菜(20包起订)400g/包","BAG",30,12,360,"Kitchen-Specialty Kitchen?Smoki Moto?"]
["2023年","8月份","L0001525494","Mengniu yogurt / 100g original/蒙牛酸奶/100g 原味","PNL",10,7.08,70.8,"Kitchen-Pastry"]
["2023年","8月份","L0001525463","Mengniu pure milk / 1L 6 boxes / box/蒙牛纯牛奶/1L 6盒/箱","CS",6,47.34,284.04,"Kitchen-Pastry"]
["2023年","8月份","L0000018873","Dragon Fruit Redmeat\\红肉火龙果","KG",5,11,55,"Kitchen-Pastry"]
["2023年","8月份","L0001343860","FOOD Ice Cream Chocolate T’oBeray 杜佰瑞巧克力冰淇淋 杜佰瑞巧克力冰淇淋6L/BOX","BX",1,336.3,336.3,"Kitchen-Pastry"]
["2023年","8月份","L0001389741","Ice Cream strawberry 草莓冰淇淋 6L/盒 杜佰瑞 [盒]","BX",1,336.3,336.3,"Kitchen-Pastry"]
["2023年","8月份","L0001389742","Ice Cream tiramisu 提拉米苏冰淇淋 6L/盒 杜佰瑞 [盒]","BX",1,336.3,336.3,"Kitchen-Pastry"]
["2023年","8月份","L0001580523","IFRUIT yellow peach puree\\黄桃果茸\\爱弗特\\1kg/盒","BX",5,86,430,"Kitchen-Pastry"]
["2023年","8月份","L0001993648","Movenpick vanilla dream\\香草梦幻冰淇淋\\莫凡彼\\5L/盒","BX",1,429.2,429.2,"Kitchen-Pastry"]
["2023年","8月份","L0001993680","Movenpick Swiss chocolate\\瑞士巧克力冰淇淋\\莫凡彼\\5L/盒","BX",1,429.2,429.2,"Kitchen-Pastry"]
["2023年","8月份","L0002247040","Furlum Vanilla raisin Roll\\芙尔伦香草味葡萄干卷35g*140个/箱","CS",1,410,410,"Kitchen-Pastry"]
["2023年","8月份","L0001525463","Mengniu pure milk / 1L 6 boxes / box/蒙牛纯牛奶/1L 6盒/箱","CS",10,47.34,473.4,"Kitchen-Western Kitchen?Yancheng Kitchen?"]
["2023年","8月份","L0000019178","Ginger Peeled Blue\\生姜去皮","KG",2,23,46,"Kitchen-Western Kitchen?Yancheng Kitchen?"]
["2023年","8月份","L0000024548","Fresh Shiitake Mushrooms/鲜香菇/Kg","KG",1,19,19,"Kitchen-Western Kitchen?Yancheng Kitchen?"]
["2023年","8月份","L0000024552","Cuke\\日本小黄瓜","KG",2,14,28,"Kitchen-Western Kitchen?Yancheng Kitchen?"]
["2023年","8月份","L0000033103","Vegetable Fresh Carrot\\胡萝卜","KG",4,5,20,"Kitchen-Western Kitchen?Yancheng Kitchen?"]
["2023年","8月份","L0000051422","Spinach/菠菜/Kg","KG",3,13,39,"Kitchen-Western Kitchen?Yancheng Kitchen?"]
["2023年","8月份","L0000400651","Vegetable Fresh/红叶生菜","KG",2,33,66,"Kitchen-Western Kitchen?Yancheng Kitchen?"]
["2023年","8月份","L0000024532","Chili Red/红尖椒/Kg","KG",1,16,16,"Kitchen-Western Kitchen?Yancheng Kitchen?"]
["2023年","8月份","L0000024487","Onion Red\\红洋葱","KG",4,4,16,"Kitchen-Western Kitchen?Yancheng Kitchen?"]
["2023年","8月份","L0000024488","Onion Spring\\小葱","KG",1,12,12,"Kitchen-Western Kitchen?Yancheng Kitchen?"]
["2023年","8月份","L0000024482","Cucumber\\黄瓜","KG",2,6,12,"Kitchen-Western Kitchen?Yancheng Kitchen?"]
["2023年","8月份","L0000024481","Coriander\\香菜","KG",1,17,17,"Kitchen-Western Kitchen?Yancheng Kitchen?"]
["2023年","8月份","L0000019219","Local Lettuce\\本地生菜","KG",5,9,45,"Kitchen-Western Kitchen?Yancheng Kitchen?"]
["2023年","8月份","L0000019174","Garlic Peeled\\蒜肉","KG",5,12,60,"Kitchen-Western Kitchen?Yancheng Kitchen?"]
["2023年","8月份","L0000033099","Vegetable Fresh Eggplant\\茄子 直身","KG",3,8,24,"Kitchen-Western Kitchen?Yancheng Kitchen?"]
["2023年","8月份","L0000087071","Vegetable Fresh\\Celtuce peeled\\去皮莴笋","KG",2,15,30,"Kitchen-Western Kitchen?Yancheng Kitchen?"]
["2023年","8月份","L0000024544","Smoked Bean Curd\\香干","KG",1,13,13,"Kitchen-Western Kitchen?Yancheng Kitchen?"]
["2023年","8月份","L0001525509","Guilin Rice noodles/桂林米粉","KG",3,10,30,"Kitchen-Western Kitchen?Yancheng Kitchen?"]
["2023年","8月份","L0000024493","Snow Veg\\雪菜","KG",5,5,25,"Kitchen-Western Kitchen?Yancheng Kitchen?"]
["2023年","8月份","L0000105415","Vegetable Fresh\\Egg Noodle\\鸡蛋面","KG",8,10,80,"Kitchen-Western Kitchen?Yancheng Kitchen?"]
["2023年","8月份","L0000090723","Caudate lobe\\散尾叶\\EA","EA",2,18,36,"Kitchen-Western Kitchen?Yancheng Kitchen?"]
["2023年","8月份","L0000034896","Vegetable Fresh Abalone Mushrooms \\杏鲍菇","KG",5,14,70,"Kitchen-Western Kitchen?Yancheng Kitchen?"]
["2023年","8月份","L0000033145","Vegetable Fresh Garlic Sprout\\蒜苔 去尾 去头","KG",3,16,48,"Kitchen-Western Kitchen?Yancheng Kitchen?"]
["2023年","8月份","L0000033131","Vegetable Fresh Local Celery\\芹菜(本地)","KG",4,10,40,"Kitchen-Western Kitchen?Yancheng Kitchen?"]
["2023年","8月份","L0000024443","Hand Tooled Noodle\\手工面","KG",5,8,40,"Kitchen-Western Kitchen?Yancheng Kitchen?"]
["2023年","8月份","L0000019091","Bottle Gourd\\葫芦瓜","KG",3,10,30,"Kitchen-Western Kitchen?Yancheng Kitchen?"]
["2023年","8月份","L0000019224","Lotus Root Peeled\\莲藕洗净","KG",2,14,28,"Kitchen-Western Kitchen?Yancheng Kitchen?"]
["2023年","8月份","L0000019119","Chilli Green\\青尖椒","KG",1,10,10,"Kitchen-Western Kitchen?Yancheng Kitchen?"]
["2023年","8月份","L0000033120","Vegetable Fresh Bean Green Long\\长豆角","KG",3,9.8,29.4,"Kitchen-Western Kitchen?Yancheng Kitchen?"]
["2023年","8月份","L0000023306","Frz Chicken Rack\\鸡骨架","KG",7,8,56,"Kitchen-Western Kitchen?Yancheng Kitchen?"]
["2023年","8月份","L0000023680","Pork Meat\\肉丝","KG",2,38,76,"Kitchen-Western Kitchen?Yancheng Kitchen?"]
["2023年","8月份","L0001709059","Peeled pork square\\去皮五花四方肉\\精修肉厚","KG",8,48,384,"Kitchen-Western Kitchen?Yancheng Kitchen?"]
["2023年","8月份","L0000039719","Pork Local Frozen Pork Ribs \\冻猪肋排骨","KG",3,65,195,"Kitchen-Western Kitchen?Yancheng Kitchen?"]
["2023年","8月份","L0000033254","Pork Local Bone\\猪筒骨","KG",10,38,380,"Kitchen-Western Kitchen?Yancheng Kitchen?"]
["2023年","8月份","L0000023681","Pork Meat\\肉片","KG",3,38,114,"Kitchen-Western Kitchen?Yancheng Kitchen?"]
["2023年","8月份","L0000023644","Pork Stuffing\\猪肉末","KG",5,36,180,"Kitchen-Western Kitchen?Yancheng Kitchen?"]
["2023年","8月份","L0000023310","Frz San Huang Chicken\\冻三黄鸡\\1.5-2Kg\\只","KG",5,24.8,124,"Kitchen-Western Kitchen?Yancheng Kitchen?"]
["2023年","8月份","L0001709053","Local quality hens (cleaned)\\本地优母鸡（净膛）","KG",6,39,234,"Kitchen-Western Kitchen?Yancheng Kitchen?"]
["2023年","8月份","L0000018880","Fuji Apple\\富士苹果","KG",20,12,240,"Kitchen-Western Kitchen?Yancheng Kitchen?"]
["2023年","8月份","L0000037213","Fruit Fresh Small Mango \\小台芒","KG",2,11,22,"Kitchen-Western Kitchen?Yancheng Kitchen?"]
["2023年","8月份","L0001863757","Claw honey\\羊角蜜","KG",2,9,18,"Kitchen-Western Kitchen?Yancheng Kitchen?"]
["2023年","8月份","L0000036710","Fruit Fresh Grape Red Local \\国产红提","KG",1,18,18,"Kitchen-Western Kitchen?Yancheng Kitchen?"]
["2023年","8月份","L0000037388","Fruit Fresh Lichee \\荔枝","KG",2,22,44,"Kitchen-Western Kitchen?Yancheng Kitchen?"]
["2023年","8月份","L0000162206","Fruit Fresh Hami Melon\\哈密瓜\\kg","KG",40,4.8,192,"Kitchen-Western Kitchen?Yancheng Kitchen?"]
["2023年","8月份","L0000033170","Fruit Fresh Nectarine\\油桃","KG",20,12,240,"Kitchen-Western Kitchen?Yancheng Kitchen?"]
["2023年","8月份","L0000018960","Local Seedless Watermelon\\本地无籽西瓜","KG",60,4.2,252,"Kitchen-Western Kitchen?Yancheng Kitchen?"]
["2023年","8月份","L0000018896","Honey Pear\\蜜梨","KG",20,16,320,"Kitchen-Western Kitchen?Yancheng Kitchen?"]
["2023年","8月份","L0000051509","Banana Import\\进口香蕉","KG",15,9.6,144,"Kitchen-Western Kitchen?Yancheng Kitchen?"]
["2023年","8月份","L0000449351","Honey melon Fresh 香瓜（玉菇瓜）","KG",20,6.4,128,"Kitchen-Western Kitchen?Yancheng Kitchen?"]
["2023年","8月份","L0001647201","The sun rose\\阳光玫瑰\\小果/KG","KG",1,30,30,"Kitchen-Western Kitchen?Yancheng Kitchen?"]
["2023年","8月份","L0001863788","Pineapple pulp\\菠萝密果肉","KG",3,34,102,"Kitchen-Western Kitchen?Yancheng Kitchen?"]
["2023年","8月份","L0000033182","Fruit Fresh Coconut\\青椰子(去壳)","EA",99,9.5,940.5,"Kitchen-Western Kitchen?Yancheng Kitchen?"]
["2023年","8月份","L0002429045","Fine beef miscella\\精致牛杂600g/包","BAG",5,44.25,221.25,"Kitchen-Western Kitchen?Yancheng Kitchen?"]
["2023年","8月份","L0002331836","chilled salmon fillet\\集采冰鲜三文鱼柳","KG",8.4,167,1402.8,"Kitchen-Western Kitchen?Yancheng Kitchen?"]
["2023年","8月份","L0001551656","Emerald snail/翡翠螺","KG",5,65,325,"Kitchen-Western Kitchen?Yancheng Kitchen?"]
["2023年","8月份","L0002441523","Boston lobster\\活波士顿龙虾350-400g/只","EA",10,98,980,"Kitchen-Western Kitchen?Yancheng Kitchen?"]
["2023年","8月份","L0000976229","Green Lobster Live\\小青龙虾 鲜活200-250g","KG",2,400,800,"Kitchen-Western Kitchen?Yancheng Kitchen?"]
["2023年","8月份","L0000075815","Shellfish Frozen Flounder Fillet \\龙利鱼柳 （袋装1*2.5kg）","BAG",10,68,680,"Kitchen-Western Kitchen?Yancheng Kitchen?"]
["2023年","8月份","L0000033359","Shellfish Fresh Jiwei\\基围虾 小\\50pcs","KG",7,65,455,"Kitchen-Western Kitchen?Yancheng Kitchen?"]
["2023年","8月份","L0000019718","Razor Clam\\蛏子","KG",1,35,35,"Kitchen-Western Kitchen?Yancheng Kitchen?"]
["2023年","8月份","L0002358507","Freshwater crayfish\\淡水小龙虾45钱","KG",20,43,860,"Kitchen-Western Kitchen?Yancheng Kitchen?"]
["2023年","8月份","L0000033307","Fish Fresh Libster Locak\\鲫鱼","KG",5,18,90,"Kitchen-Western Kitchen?Yancheng Kitchen?"]
["2023年","8月份","L0000038698","Shellfish Fresh Big Size Clam \\大文蛤","KG",4,35,140,"Kitchen-Western Kitchen?Yancheng Kitchen?"]
["2023年","8月份","L0000075129","Clam 无沙花蛤","KG",1,20,20,"Kitchen-Western Kitchen?Yancheng Kitchen?"]
["2023年","8月份","L0002358513","Freshwater crayfish\\淡水小龙虾67钱","KG",10,55,550,"Kitchen-Western Kitchen?Yancheng Kitchen?"]
["2023年","8月份","L0001791624","Red crab\\冻红花蟹200-300G\\出成75%/KG","KG",4.7,95,446.5,"Kitchen-Western Kitchen?Yancheng Kitchen?"]
["2023年","8月份","L0001514960","Seafood\\Small pomfret\\冰冻小鲳鱼100g-120g/条","KG",4,42,168,"Kitchen-Western Kitchen?Yancheng Kitchen?"]
["2023年","8月份","L0000223282","Escargot\\田螺","KG",2,10,20,"Kitchen-Western Kitchen?Yancheng Kitchen?"]
["2023年","8月份","L0000164202","Frozen small yellow croaker washed\\冰冻小黄鱼洗净","KG",4.6,50,230,"Kitchen-Western Kitchen?Yancheng Kitchen?"]
["2023年","8月份","L0000075915","Shellfish Fresh Clam \\白蛤（无沙）","KG",1,20,20,"Kitchen-Western Kitchen?Yancheng Kitchen?"]
["2023年","8月份","L0000024482","Cucumber\\黄瓜","KG",10,6,60,"Kitchen-Banquet Kitchen"]
["2023年","8月份","L0000024499","Parsley\\荷兰芹","KG",1,25,25,"Kitchen-Banquet Kitchen"]
["2023年","8月份","L0000019104","Baby Carrot Fingerling \\手指胡萝卜","KG",1.2,22,26.4,"Kitchen-Banquet Kitchen"]
["2023年","8月份","L0000281463","Endive苦菊 kg","KG",2,16,32,"Kitchen-Banquet Kitchen"]
["2023年","8月份","L0000023306","Frz Chicken Rack\\鸡骨架","KG",14,8,112,"Kitchen-Banquet Kitchen"]
["2023年","8月份","L0000033254","Pork Local Bone\\猪筒骨","KG",5,38,190,"Kitchen-Banquet Kitchen"]
["2023年","8月份","L0000024447","Egg Preserved\\皮蛋","EA",120,2.3,276,"Kitchen-Banquet Kitchen"]
["2023年","8月份","L0000033253","Pork Local Pigskin\\猪皮","KG",2.5,12,30,"Kitchen-Banquet Kitchen"]
["2023年","8月份","L0000970199","Produce蔬菜水果\\green lemon lenves\\泰国小青柠檬","KG",1,24,24,"Kitchen-Banquet Kitchen"]
["2023年","8月份","L0000254191","Dry Goods/Dry Seafood/Undaria/洋琪中华裙带菜/1000G/Each","EA",10,22,220,"Kitchen-Banquet Kitchen"]
["2023年","8月份","L0001549758","Aoshi\\snowflake denim grain\\奥仕\\雪花牛仔粒\\280g/包","BAG",20,27,540,"Kitchen-Banquet Kitchen"]
["2023年","8月份","L0001689720","Sheng Fu abalone roll\\胜福鲍鱼卷\\200g/袋","BAG",20,7.77,155.4,"Kitchen-Banquet Kitchen"]
["2023年","8月份","L0000017966","HuangFeiHong Chili Fried Dried\\黄飞鸿香脆椒\\308g","PK",1,14.5,14.5,"Kitchen-Banquet Kitchen"]
["2023年","8月份","L0001031462","Nuomiou\\糯米藕","KG",10,24,240,"Kitchen-Banquet Kitchen"]
["2023年","8月份","L0001760483","Yurun crystal meat\\雨润水晶肴肉/KG","KG",7,98,686,"Kitchen-Banquet Kitchen"]
["2023年","8月份","L0002331916","Wangmingyuan Passion Mango\\旺茗园百香芒果300g/包","BAG",20,16,320,"Kitchen-Banquet Kitchen"]
["2023年","8月份","L0001514997","Shuoji blinds\\硕集百叶","KG",2,14,28,"Kitchen-Chinese Kitchen?Man Ho?"]
["2023年","8月份","L0000019102","Cabbage White Small\\小白菜","KG",0,16,0,"Kitchen-Chinese Kitchen?Man Ho?"]
["2023年","8月份","L0000019325","Tomato Larage Local\\大番茄","KG",6,8,48,"Kitchen-Chinese Kitchen?Man Ho?"]
["2023年","8月份","L0000019208","Leeks\\京葱","KG",1.9,8,15.2,"Kitchen-Chinese Kitchen?Man Ho?"]
["2023年","8月份","L0000024431","Veg. Angled Luffa Gd\\广东丝瓜","KG",2.7,18,48.6,"Kitchen-Chinese Kitchen?Man Ho?"]
["2023年","8月份","L0000024488","Onion Spring\\小葱","KG",2,12,24,"Kitchen-Chinese Kitchen?Man Ho?"]
["2023年","8月份","L0000024526","Potato Baby\\土豆","KG",5,6,30,"Kitchen-Chinese Kitchen?Man Ho?"]
["2023年","8月份","L0000033100","Vegetable Fresh Lily Flower Fresh\\鲜百合 大\\3pc/pk","EA",5,11,55,"Kitchen-Chinese Kitchen?Man Ho?"]
["2023年","8月份","L0000087071","Vegetable Fresh\\Celtuce peeled\\去皮莴笋","KG",1,15,15,"Kitchen-Chinese Kitchen?Man Ho?"]
["2023年","8月份","L0000024421","Veg Chinese Yam\\山药","KG",3,15,45,"Kitchen-Chinese Kitchen?Man Ho?"]
["2023年","8月份","L0000024421","Veg Chinese Yam\\山药","KG",1.5,15,22.5,"Kitchen-Chinese Kitchen?Man Ho?"]
["2023年","8月份","L0000024441","Beetroot\\红菜头","KG",3,45,135,"Kitchen-Chinese Kitchen?Man Ho?"]
["2023年","8月份","L0000163638","Vegetable Fresh Fresh Termitomyces Albuminosus\\新鲜鸡枞菌","KG",1,68,68,"Kitchen-Chinese Kitchen?Man Ho?"]
["2023年","8月份","L0000051434","Japanese Red Pumpkin\\日本红皮南瓜","KG",9.6,11,105.6,"Kitchen-Chinese Kitchen?Man Ho?"]
["2023年","8月份","L0000033103","Vegetable Fresh Carrot\\胡萝卜","KG",1.5,5,7.5,"Kitchen-Chinese Kitchen?Man Ho?"]
["2023年","8月份","L0000019084","Local Bell Pepper Red\\本地红圆椒","KG",1,25,25,"Kitchen-Chinese Kitchen?Man Ho?"]
["2023年","8月份","L0000033083","Vegetable Fresh Local Pepper Green\\本地青椒","KG",2,6,12,"Kitchen-Chinese Kitchen?Man Ho?"]
["2023年","8月份","L0000033103","Vegetable Fresh Carrot\\胡萝卜","KG",2,5,10,"Kitchen-Chinese Kitchen?Man Ho?"]
["2023年","8月份","L0000019085","Local Bell Pepper Yellow\\本地黄圆椒","KG",1,29,29,"Kitchen-Chinese Kitchen?Man Ho?"]
["2023年","8月份","L0000051422","Spinach/菠菜/Kg","KG",3,13,39,"Kitchen-Chinese Kitchen?Man Ho?"]
["2023年","8月份","L0000037211","Vegetable Fresh Brussel Sprouts For Local \\本地孢子甘蓝","KG",1,37,37,"Kitchen-Chinese Kitchen?Man Ho?"]
["2023年","8月份","L0000033131","Vegetable Fresh Local Celery\\芹菜(本地)","KG",0.5,10,5,"Kitchen-Chinese Kitchen?Man Ho?"]
["2023年","8月份","L0000033115","Vegetable Fresh Chive Shoots\\韭黄","KG",0.5,18,9,"Kitchen-Chinese Kitchen?Man Ho?"]
["2023年","8月份","L0000024486","Greens Choisum Canton\\广东菜心","KG",3,14,42,"Kitchen-Chinese Kitchen?Man Ho?"]
["2023年","8月份","L0000024473","Broccoli Green\\去根西兰花","KG",1.8,16,28.8,"Kitchen-Chinese Kitchen?Man Ho?"]
["2023年","8月份","L0000019319","Taro\\香芋","KG",2,16,32,"Kitchen-Chinese Kitchen?Man Ho?"]
["2023年","8月份","L0000019226","Lotus Seed Pitted Fresh\\鲜莲子去芯\\85g","EA",10,16,160,"Kitchen-Chinese Kitchen?Man Ho?"]
["2023年","8月份","L0000019216","Lettuce Iceburg\\西生菜","KG",1.9,17,32.3,"Kitchen-Chinese Kitchen?Man Ho?"]
["2023年","8月份","L0000019109","Celery Process\\加工西芹","KG",2,16,32,"Kitchen-Chinese Kitchen?Man Ho?"]
["2023年","8月份","L0000019104","Baby Carrot Fingerling \\手指胡萝卜","KG",0.5,22,11,"Kitchen-Chinese Kitchen?Man Ho?"]
["2023年","8月份","L0000017690","Rice Noodle\\河粉","KG",3,9,27,"Kitchen-Chinese Kitchen?Man Ho?"]
["2023年","8月份","L0001624690","lily\\净鲜百合80g（盒装）/BX","BX",4,12,48,"Kitchen-Chinese Kitchen?Man Ho?"]
["2023年","8月份","L0001334080","Stripe radish\\条纹萝卜","KG",0.5,36,18,"Kitchen-Chinese Kitchen?Man Ho?"]
["2023年","8月份","L0000122723","Alkaline noodle碱面条","KG",5,8,40,"Kitchen-Chinese Kitchen?Man Ho?"]
["2023年","8月份","L0000105931","cheese nut新鲜板栗/kg","KG",0.4,23,9.2,"Kitchen-Chinese Kitchen?Man Ho?"]
["2023年","8月份","L0000076626","Sun Chrysanthemum Petals\\太阳菊花瓣\\20g\\盒","BX",2,20,40,"Kitchen-Chinese Kitchen?Man Ho?"]
["2023年","8月份","L0000090686","Bamboo fungus egg\\竹笙蛋\\KG","KG",1,240,240,"Kitchen-Chinese Kitchen?Man Ho?"]
["2023年","8月份","L0001956062","Boneless Angus rib scapulae\\去骨安格斯牛肩胛小排","KG",6.5,220.1835,1431.19,"Kitchen-Chinese Kitchen?Man Ho?"]
["2023年","8月份","L0000531467","Snowflakes ribs雪花牛仔骨","KG",0,256.88,0,"Kitchen-Chinese Kitchen?Man Ho?"]
["2023年","8月份","L0000018625","Pork Belly Trimmed With Skin\\带皮中方五花肉五层楼","KG",4,48,192,"Kitchen-Chinese Kitchen?Man Ho?"]
["2023年","8月份","L0000060583","Pork Local Streaky\\精选五花肉","KG",3.8,48,182.4,"Kitchen-Chinese Kitchen?Man Ho?"]
["2023年","8月份","L0000033238","Pork Local Tenderloin\\猪里脊","KG",3,44,132,"Kitchen-Chinese Kitchen?Man Ho?"]
["2023年","8月份","L0000018536","Lamb Lamb Leg Without Bone\\无骨羊腿","KG",2,120,240,"Kitchen-Chinese Kitchen?Man Ho?"]
["2023年","8月份","L0001709053","Local quality hens (cleaned)\\本地优母鸡（净膛）","KG",12,39,468,"Kitchen-Chinese Kitchen?Man Ho?"]
["2023年","8月份","L0000087087","Fruit Fresh\\Passion fruit百香果","KG",6.5,40,260,"Kitchen-Chinese Kitchen?Man Ho?"]
["2023年","8月份","L0001525502","Pineapple / lead/凤梨/带头","KG",2,11.5,23,"Kitchen-Chinese Kitchen?Man Ho?"]
["2023年","8月份","L0000018919","HaiNan TaiNong Mango \\大台农芒果","KG",2,18,36,"Kitchen-Chinese Kitchen?Man Ho?"]
["2023年","8月份","L0000164202","Frozen small yellow croaker washed\\冰冻小黄鱼洗净","KG",7.8,50,390,"Kitchen-Chinese Kitchen?Man Ho?"]
["2023年","8月份","L0000164202","Frozen small yellow croaker washed\\冰冻小黄鱼洗净","KG",3,50,150,"Kitchen-Chinese Kitchen?Man Ho?"]
["2023年","8月份","L0000038698","Shellfish Fresh Big Size Clam \\大文蛤","KG",0.6,35,21,"Kitchen-Chinese Kitchen?Man Ho?"]
["2023年","8月份","L0000033321","Shellfish Frozen Scallop Aust\\澳带","KG",3,150,450,"Kitchen-Chinese Kitchen?Man Ho?"]
["2023年","8月份","L0002358513","Freshwater crayfish\\淡水小龙虾67钱","KG",4,55,220,"Kitchen-Chinese Kitchen?Man Ho?"]
["2023年","8月份","L0000017124","Green Pepper Dried\\青花椒","KG",0.4,155,62,"Kitchen-Chinese Kitchen?Man Ho?"]
["2023年","8月份","L0000036817","Flour / Mix Sweet Potato Starch \\红薯淀粉","KG",3,15,45,"Kitchen-Chinese Kitchen?Man Ho?"]
["2023年","8月份","L0000022289","Conch\\海螺","KG",1.81,100,181,"Kitchen-Chinese Kitchen?Man Ho?"]
["2023年","8月份","L0001515002","Mushroom Dried\\花菇\\60头","KG",1,143,143,"Kitchen-Chinese Kitchen?Man Ho?"]
["2023年","8月份","L0000019564","Fish Head With Neck\\带枕大鱼头","KG",1.84,45,82.8,"Kitchen-Chinese Kitchen?Man Ho?"]
["2023年","8月份","L0001748976","Raw frozen black tiger prawns\\3头生冻黑虎虾\\6只/盒","BX",0,145,0,"Kitchen-Chinese Kitchen?Man Ho?"]
["2023年","8月份","L0001624673","Shrimp and smooth\\虾胶虾滑395G/包","BAG",10,60,600,"Kitchen-Chinese Kitchen?Man Ho?"]
["2023年","8月份","L0001551669","Prawn prawn/竹节大明虾8头","KG",2,115,230,"Kitchen-Chinese Kitchen?Man Ho?"]
["2023年","8月份","L0000552091","crawfish淡水小龙虾8钱","KG",4,100,400,"Kitchen-Chinese Kitchen?Man Ho?"]
["2023年","8月份","L0000019564","Fish Head With Neck\\带枕大鱼头","KG",7.1,45,319.5,"Kitchen-Chinese Kitchen?Man Ho?"]
["2023年","8月份","L0000019718","Razor Clam\\蛏子","KG",3,35,105,"Kitchen-Chinese Kitchen?Man Ho?"]
["2023年","8月份","L0000019733","Sha Shrimp\\沙虾\\30-40pcs","KG",0.17,66,11.22,"Kitchen-Chinese Kitchen?Man Ho?"]
["2023年","8月份","L0000022324","Weever\\鲈鱼\\0.6-0.75kg","KG",1.85,50,92.5,"Kitchen-Chinese Kitchen?Man Ho?"]
["2023年","8月份","L0000033289","Fish Fresh Grass Carp\\草鱼","KG",5.6,24,134.4,"Kitchen-Chinese Kitchen?Man Ho?"]
["2023年","8月份","L0000033289","Fish Fresh Grass Carp\\草鱼","KG",2,24,48,"Kitchen-Chinese Kitchen?Man Ho?"]
["2023年","8月份","L0000034708","Shellfish Frozen Shrimp\\青虾仁\\21-25","KG",5,110,550,"Kitchen-Chinese Kitchen?Man Ho?"]
["2023年","8月份","L0000034710","Shellfish Frozen Shrimp\\青虾仁\\31-40","KG",2.5,96,240,"Kitchen-Chinese Kitchen?Man Ho?"]
["2023年","8月份","L0000051516","Local DaChen Yellow Fish\\本地大陈黄鱼\\0.65-0.75KG","KG",0.6,55,33,"Kitchen-Chinese Kitchen?Man Ho?"]
["2023年","8月份","L0000303484","Seafood\\YEN FOOD ABALONE LIVE 8PC\\鲜活鲍鱼（8头）\\KG","KG",2.1,156,327.6,"Kitchen-Chinese Kitchen?Man Ho?"]
["2023年","8月份","L0000019718","Razor Clam\\蛏子","KG",0.5,35,17.5,"Kitchen-Chinese Kitchen?Man Ho?"]
["2023年","8月份","L0000019733","Sha Shrimp\\沙虾\\30-40pcs","KG",0.5,70,35,"Kitchen-Chinese Kitchen?Man Ho?"]
["2023年","8月份","L0000303484","Seafood\\YEN FOOD ABALONE LIVE 8PC\\鲜活鲍鱼（8头）\\KG","KG",0.2,156,31.2,"Kitchen-Chinese Kitchen?Man Ho?"]
["2023年","8月份","L0000019700","Live Boston Lobster\\活波士顿龙虾\\500-650g","KG",0.7,270,189,"Kitchen-Chinese Kitchen?Man Ho?"]
["2023年","8月份","L0000022324","Weever\\鲈鱼\\0.6-0.75kg","KG",3.28,50,164,"Kitchen-Chinese Kitchen?Man Ho?"]
["2023年","8月份","L0000022336","Fish Head\\天目湖大鱼头\\1.25-1.5kg","KG",1.5,38,57,"Kitchen-Chinese Kitchen?Man Ho?"]
["2023年","8月份","L0000303484","Seafood\\YEN FOOD ABALONE LIVE 8PC\\鲜活鲍鱼（8头）\\KG","KG",1.43,156,223.08,"Kitchen-Chinese Kitchen?Man Ho?"]
["2023年","8月份","L0000915352","Seafood\\Royal Mussel\\贵妃蚌（150g-200g）\\KG","KG",1.7,110,187,"Kitchen-Chinese Kitchen?Man Ho?"]
["2023年","8月份","L0000269881","Shellfish Fresh/Dalian abalone 大连活鲍鱼/(5-6头)*KG","KG",1.3,195,253.5,"Kitchen-Chinese Kitchen?Man Ho?"]
["2023年","8月份","L0000022324","Weever\\鲈鱼\\0.6-0.75kg","KG",1.6,50,80,"Kitchen-Chinese Kitchen?Man Ho?"]
["2023年","8月份","L0000019429","Grouper Green Live\\青斑\\0.8-1kg","KG",2.5,135,337.5,"Kitchen-Chinese Kitchen?Man Ho?"]
["2023年","8月份","L0000019700","Live Boston Lobster\\活波士顿龙虾\\500-650g","KG",1.76,270,475.2,"Kitchen-Chinese Kitchen?Man Ho?"]
["2023年","8月份","L0000019718","Razor Clam\\蛏子","KG",0.4,35,14,"Kitchen-Chinese Kitchen?Man Ho?"]
["2023年","8月份","L0000151184","Prawn/Shrimp-鲜活小青龙虾 200-300g-Lobster Baby Alive","KG",0.5,400,200,"Kitchen-Chinese Kitchen?Man Ho?"]
["2023年","8月份","L0000303484","Seafood\\YEN FOOD ABALONE LIVE 8PC\\鲜活鲍鱼（8头）\\KG","KG",1.57,156,244.92,"Kitchen-Chinese Kitchen?Man Ho?"]
["2023年","8月份","L0000022324","Weever\\鲈鱼\\0.6-0.75kg","KG",1.61,50,80.5,"Kitchen-Chinese Kitchen?Man Ho?"]
["2023年","8月份","L0000022336","Fish Head\\天目湖大鱼头\\1.25-1.5kg","KG",2.38,38,90.44,"Kitchen-Chinese Kitchen?Man Ho?"]
["2023年","8月份","L0000019733","Sha Shrimp\\沙虾\\30-40pcs","KG",0.8,70,56,"Kitchen-Chinese Kitchen?Man Ho?"]
["2023年","8月份","L0000019700","Live Boston Lobster\\活波士顿龙虾\\500-650g","KG",2.24,270,604.8,"Kitchen-Chinese Kitchen?Man Ho?"]
["2023年","8月份","L0000019686","Hard Shell Crab\\肉蟹\\250g-350g","KG",1.03,155,159.65,"Kitchen-Chinese Kitchen?Man Ho?"]
["2023年","8月份","L0000019429","Grouper Green Live\\青斑\\0.8-1kg","KG",1.77,135,238.95,"Kitchen-Chinese Kitchen?Man Ho?"]
["2023年","8月份","L0000022323","Mandarin Fish\\桂鱼\\0.65-0.9kg","KG",1.8,135,243,"Kitchen-Chinese Kitchen?Man Ho?"]
["2023年","8月份","L0000022289","Conch\\海螺","KG",4.77,100,477,"Kitchen-Chinese Kitchen?Man Ho?"]
["2023年","8月份","L0000022323","Mandarin Fish\\桂鱼\\0.65-0.9kg","KG",1.3,135,175.5,"Kitchen-Chinese Kitchen?Man Ho?"]
["2023年","8月份","L0000022289","Conch\\海螺","KG",0.31,100,31,"Kitchen-Chinese Kitchen?Man Ho?"]
["2023年","8月份","L0001523310","Staff meal / Pepsi syrup / 1 * 20L/员餐/百事糖浆/1*20L","CS",1,282.92,282.92,"Staff Dining"]
["2023年","8月份","L0001523319","Staff meal / meinianda syrup / 1 * 20L orange flavor/员餐/美年达糖浆/1*20L 橙味","CS",1,282.92,282.92,"Staff Dining"]
["2023年","8月份","L0001523313","Staff meal / Qixi syrup / 1 * 20L/员餐/七喜糖浆/1*20L","CS",1,282.92,282.92,"Staff Dining"]
["2023年","8月份","L0001756659","Pepsi\\百事可乐330ml\\无糖\\树莓\\24罐每箱/罐","CAN",96,1.815,174.24,"Mini Bar"]
["2023年","8月份","L0001946850","Dilmah Tea\\迪尔玛英式早餐茶2g\\100包*盒/12盒/箱","CS",2,715.6,1431.2,"Outlet-The Lounge"]
["2023年","8月份","L0001720615","Dilmah Tea\\迪尔玛玫瑰香草茶包\\50包*盒/4盒/箱\\CS","CS",0,385.32,0,"Outlet-The Lounge"]
["2023年","8月份","L0001720609","Dilmah Tea\\迪尔玛荔枝玫瑰巴旦木茶包\\50包*盒/4盒/箱\\CS","CS",1,385.32,385.32,"Outlet-The Lounge"]
["2023年","8月份","L0001720604","Dilmah Tea\\迪尔玛茉莉绿茶包\\50包*盒/4盒/箱\\CS","CS",3,385.32,1155.96,"Outlet-The Lounge"]
["2023年","8月份","L0001720595","Dilmah Tea\\迪尔玛大吉岭茶包\\50包*盒/4盒/箱\\CS","CS",2,385.32,770.64,"Outlet-The Lounge"]
["2023年","8月份","L0001720586","Dilmah Tea\\迪尔玛伯爵红茶包\\50包*盒/4盒/箱\\CS","CS",3,385.32,1155.96,"Outlet-The Lounge"]
["2023年","8月份","L0000445634","JT-eggs\\鸡蛋-\\KG","KG",4,14,56,"Kitchen-Specialty Kitchen?Smoki Moto?"]
["2023年","8月份","L0000304472","Chicken spring Frozen\\冻童子鸡 600g/只","KG",9.6,26,249.6,"Kitchen-Specialty Kitchen?Smoki Moto?"]
["2023年","8月份","L0000033187","Fruit Fresh Water Apple Red\\红莲雾","KG",0.46,75,34.5,"Kitchen-Specialty Kitchen?Smoki Moto?"]
["2023年","8月份","L0000033180","Fruit Fresh Lemon\\柠檬","KG",2,12.6,25.2,"Kitchen-Specialty Kitchen?Smoki Moto?"]
["2023年","8月份","L0000019386","EDR-Chinese Cabbage\\大白菜-员餐","KG",8,5,40,"Staff Dining"]
["2023年","8月份","L0000017747","EDR-Fried Noodle\\炒面-员餐","KG",8,7,56,"Staff Dining"]
["2023年","8月份","L0000023927","EDR-Potato Big\\大土豆-员餐","KG",10,6,60,"Staff Dining"]
["2023年","8月份","L0000019391","EDR-Garlic Peeled\\大蒜去衣-员餐","KG",4,11,44,"Staff Dining"]
["2023年","8月份","L0000189103","EDR-Vegetable Fresh Abalone Mushrooms \\杏鲍菇(员工）","KG",6,12,72,"Staff Dining"]
["2023年","8月份","L0000060706","EDR-Coriander\\香菜-员餐","KG",1,15,15,"Staff Dining"]
["2023年","8月份","L0000023981","EDR-Cucumber\\黄瓜-员餐","KG",5,6,30,"Staff Dining"]
["2023年","8月份","L0001523375","ERD/Lettuce/员餐/油麦菜","KG",15,9,135,"Staff Dining"]
["2023年","8月份","L0001523363","ERD/Local green pepper/员餐/本地青椒","KG",10,7.8,78,"Staff Dining"]
["2023年","8月份","L0000035387","Vegetable Fresh EDR-Winter Melon\\冬瓜去皮切块-员餐","KG",30,8,240,"Staff Dining"]
["2023年","8月份","L0000035391","Vegetable Fresh EDR-Pumpkin\\南瓜去皮切块去籽-员餐","KG",8,7,56,"Staff Dining"]
["2023年","8月份","L0000035398","Vegetable Fresh EDR-Corn\\玉米棒切节-员餐","KG",5,9.8,49,"Staff Dining"]
["2023年","8月份","L0000023941","EDR-Lettuce\\生菜-员餐","KG",10,8.8,88,"Staff Dining"]
["2023年","8月份","L0000086994","EDR\\Pork belly(with skin)\\五花肉片（不带皮）-员餐","KG",15,40,600,"Staff Dining"]
["2023年","8月份","L0000024023","EDR-Pork\\里脊肉-员餐","KG",8,42,336,"Staff Dining"]
["2023年","8月份","L0000034103","EDR-Sanhuang Chicken\\三黄鸡加工成块 去头和内脏-员餐","KG",26,26.8,696.8,"Staff Dining"]
["2023年","8月份","L0000018984","EDR-Hami Melon\\哈密瓜-员餐","KG",57,4.8,273.6,"Staff Dining"]
["2023年","8月份","L0000019744","EDR-Sha Shrimp Live\\沙虾-员餐\\30-40pcs","KG",18,62,1116,"Staff Dining"]
["2023年","8月份","L0001647201","The sun rose\\阳光玫瑰\\小果/KG","KG",1,30,30,"Kitchen-Pastry"]
["2023年","8月份","L0000034347","Herbs Fresh Blueberries\\蓝莓\\125 gr/bx","EA",5,9.5,47.5,"Kitchen-Pastry"]
["2023年","8月份","L0000037840","Fruit Fresh Fig \\无花果","KG",0.65,32,20.8,"Kitchen-Pastry"]
["2023年","8月份","L0000037393","Fruit Fresh Raspberry \\树莓\\125g/bx","EA",0,24,0,"Kitchen-Pastry"]
["2023年","8月份","L0000033993","Fish Processed Frozen Fish Osaki Crab Stick\\大崎蟹柳\\454g/pk","EA",5,16,80,"Kitchen-Pastry"]
["2023年","8月份","L0000163153","Sugar / Salt Korea Castor Sugar\\韩国幼砂糖\\30kg/袋","BAG",1,245,245,"Kitchen-Pastry"]
["2023年","8月份","L0001735731","Flour sacher \\沙架蛋糕\\芙尔伦\\600克/盒","BX",10,59,590,"Kitchen-Pastry"]
["2023年","8月份","L0001735715","Anymore baked chocolate bean \\耐烤黑巧克力豆\\埃琳茉\\2KG/桶","BRL",0,200,0,"Kitchen-Pastry"]
["2023年","8月份","L0001735700","Frozen tart \\速冻葡式迷你蛋挞皮\\奥昆\\206型，660个/箱","CS",1,168,168,"Kitchen-Pastry"]
["2023年","8月份","L0001580514","Anymore 35% chocolate\\35%黑巧巧克力\\埃琳茉\\5公斤/箱","CS",1,475,475,"Kitchen-Pastry"]
["2023年","8月份","L0000419112","Toast\\白吐司\\1000G\\条","EA",5,21,105,"Kitchen-Pastry"]
["2023年","8月份","L0000017389","JinXiang Bread Flour\\香港金像牌高筋面粉 A(蛇口)\\50LB(22.7kg)","PK",1,158,158,"Kitchen-Pastry"]
["2023年","8月份","L0001551737","Quick frozen crispy barbecued pork (about 180 pieces)/速冻叉烧酥(180个左右)","CS",1,315,315,"Kitchen-Pastry"]
["2023年","8月份","L0000017982","Cranberry Dried Whole\\蔓越莓干","KG",1,78,78,"Kitchen-Pastry"]
["2023年","8月份","L0001346322","Butterfly bean dried flower /蝶豆花干花茶/60g/瓶/BTL","BTL",2,38.3495,76.7,"Kitchen-Pastry"]
["2023年","8月份","L0000024543","Firm Tofu\\老豆腐","EA",10,2.5,25,"Kitchen-Western Kitchen?Yancheng Kitchen?"]
["2023年","8月份","L0000534756","Staff Canteen Bean Curd\\薄千张\\KG","KG",2,14,28,"Kitchen-Western Kitchen?Yancheng Kitchen?"]
["2023年","8月份","L0000169077","Dry Goods Others Beancurd sheets in rod\\千张结 kg","KG",1.5,13,19.5,"Kitchen-Western Kitchen?Yancheng Kitchen?"]
["2023年","8月份","L0000033114","Vegetable Fresh Potato Sweet\\红薯","KG",8,5.5,44,"Kitchen-Western Kitchen?Yancheng Kitchen?"]
["2023年","8月份","L0000051424","Veg You Mai\\油麦菜","KG",3,9,27,"Kitchen-Western Kitchen?Yancheng Kitchen?"]
["2023年","8月份","L0000033103","Vegetable Fresh Carrot\\胡萝卜","KG",4,5,20,"Kitchen-Western Kitchen?Yancheng Kitchen?"]
["2023年","8月份","L0000019085","Local Bell Pepper Yellow\\本地黄圆椒","KG",1,29,29,"Kitchen-Western Kitchen?Yancheng Kitchen?"]
["2023年","8月份","L0000019084","Local Bell Pepper Red\\本地红圆椒","KG",1,25,25,"Kitchen-Western Kitchen?Yancheng Kitchen?"]
["2023年","8月份","L0000087075","Vegetable Fresh\\Chili red\\红杭椒","KG",1,23,23,"Kitchen-Western Kitchen?Yancheng Kitchen?"]
["2023年","8月份","L0000019325","Tomato Larage Local\\大番茄","KG",4,8,32,"Kitchen-Western Kitchen?Yancheng Kitchen?"]
["2023年","8月份","L0000019219","Local Lettuce\\本地生菜","KG",5,9,45,"Kitchen-Western Kitchen?Yancheng Kitchen?"]
["2023年","8月份","L0000019164","Fresh Peanut\\生花生","KG",4,11,44,"Kitchen-Western Kitchen?Yancheng Kitchen?"]
["2023年","8月份","L0000033111","Vegetable Fresh Cabbage Shanghai\\上海青 只留菜心部分","KG",5,8,40,"Kitchen-Western Kitchen?Yancheng Kitchen?"]
["2023年","8月份","L0000024532","Chili Red/红尖椒/Kg","KG",1,16,16,"Kitchen-Western Kitchen?Yancheng Kitchen?"]
["2023年","8月份","L0000024487","Onion Red\\红洋葱","KG",6,4,24,"Kitchen-Western Kitchen?Yancheng Kitchen?"]
["2023年","8月份","L0000033106","Vegetable Fresh Corn Stick\\鲜玉米棒","KG",10,9,90,"Kitchen-Western Kitchen?Yancheng Kitchen?"]
["2023年","8月份","L0000024488","Onion Spring\\小葱","KG",1,12,12,"Kitchen-Western Kitchen?Yancheng Kitchen?"]
["2023年","8月份","L0000024526","Potato Baby\\土豆","KG",6,6,36,"Kitchen-Western Kitchen?Yancheng Kitchen?"]
["2023年","8月份","L0000024481","Coriander\\香菜","KG",1,17,17,"Kitchen-Western Kitchen?Yancheng Kitchen?"]
["2023年","8月份","L0000024443","Hand Tooled Noodle\\手工面","KG",5,8,40,"Kitchen-Western Kitchen?Yancheng Kitchen?"]
["2023年","8月份","L0000024414","Chili Green Hang Jiao\\绿杭椒","KG",1,15.6,15.6,"Kitchen-Western Kitchen?Yancheng Kitchen?"]
["2023年","8月份","L0000019330","Turnip White\\白萝卜","KG",3,3.6,10.8,"Kitchen-Western Kitchen?Yancheng Kitchen?"]
["2023年","8月份","L0000019224","Lotus Root Peeled\\莲藕洗净","KG",3,14,42,"Kitchen-Western Kitchen?Yancheng Kitchen?"]
["2023年","8月份","L0000019119","Chilli Green\\青尖椒","KG",1,10,10,"Kitchen-Western Kitchen?Yancheng Kitchen?"]
["2023年","8月份","L0001525509","Guilin Rice noodles/桂林米粉","KG",5,10,50,"Kitchen-Western Kitchen?Yancheng Kitchen?"]
["2023年","8月份","L0000418693","Dianxin Dianxin 本地小馄饨皮1kg","KG",1,7,7,"Kitchen-Western Kitchen?Yancheng Kitchen?"]
["2023年","8月份","L0000281463","Endive苦菊 kg","KG",2,16,32,"Kitchen-Western Kitchen?Yancheng Kitchen?"]
["2023年","8月份","L0000105415","Vegetable Fresh\\Egg Noodle\\鸡蛋面","KG",8,10,80,"Kitchen-Western Kitchen?Yancheng Kitchen?"]
["2023年","8月份","L0000087048","Cabbage Chinese Long\\大白菜","KG",5,5,25,"Kitchen-Western Kitchen?Yancheng Kitchen?"]
["2023年","8月份","L0000034896","Vegetable Fresh Abalone Mushrooms \\杏鲍菇","KG",10,14,140,"Kitchen-Western Kitchen?Yancheng Kitchen?"]
["2023年","8月份","L0000033145","Vegetable Fresh Garlic Sprout\\蒜苔 去尾 去头","KG",2,16,32,"Kitchen-Western Kitchen?Yancheng Kitchen?"]
["2023年","8月份","L0000033136","Vegetable Fresh Cauliflower\\花菜","KG",4,8.8,35.2,"Kitchen-Western Kitchen?Yancheng Kitchen?"]
["2023年","8月份","L0000033110","Vegetable Fresh Cabbage Red\\紫包菜","KG",1,7,7,"Kitchen-Western Kitchen?Yancheng Kitchen?"]
["2023年","8月份","L0000024567","Chinese Yam\\铁棍山药","KG",4,19,76,"Kitchen-Western Kitchen?Yancheng Kitchen?"]
["2023年","8月份","L0000024463","Rice Cake Stripped\\手指年糕","BAG",10,8,80,"Kitchen-Western Kitchen?Yancheng Kitchen?"]
["2023年","8月份","L0000019083","Local Bell Pepper Green\\本地青圆椒","KG",1,14,14,"Kitchen-Western Kitchen?Yancheng Kitchen?"]
["2023年","8月份","L0000039719","Pork Local Frozen Pork Ribs \\冻猪肋排骨","KG",5,65,325,"Kitchen-Western Kitchen?Yancheng Kitchen?"]
["2023年","8月份","L0000445634","JT-eggs\\鸡蛋-\\KG","KG",30,14,420,"Kitchen-Western Kitchen?Yancheng Kitchen?"]
["2023年","8月份","L0000018594","Pork Intestine\\猪大肠头","KG",5,53,265,"Kitchen-Western Kitchen?Yancheng Kitchen?"]
["2023年","8月份","L0000018880","Fuji Apple\\富士苹果","KG",20,12,240,"Kitchen-Western Kitchen?Yancheng Kitchen?"]
["2023年","8月份","L0001863757","Claw honey\\羊角蜜","KG",2,9,18,"Kitchen-Western Kitchen?Yancheng Kitchen?"]
["2023年","8月份","L0000037213","Fruit Fresh Small Mango \\小台芒","KG",2,11,22,"Kitchen-Western Kitchen?Yancheng Kitchen?"]
["2023年","8月份","L0000022265","Local Grape\\本地葡萄","KG",1,14,14,"Kitchen-Western Kitchen?Yancheng Kitchen?"]
["2023年","8月份","L0001863788","Pineapple pulp\\菠萝密果肉","KG",3,34,102,"Kitchen-Western Kitchen?Yancheng Kitchen?"]
["2023年","8月份","L0001647201","The sun rose\\阳光玫瑰\\小果/KG","KG",1.5,30,45,"Kitchen-Western Kitchen?Yancheng Kitchen?"]
["2023年","8月份","L0000033182","Fruit Fresh Coconut\\青椰子(去壳)","EA",63,9.5,598.5,"Kitchen-Western Kitchen?Yancheng Kitchen?"]
["2023年","8月份","L0000051509","Banana Import\\进口香蕉","KG",13.8,9.6,132.48,"Kitchen-Western Kitchen?Yancheng Kitchen?"]
["2023年","8月份","L0000449351","Honey melon Fresh 香瓜（玉菇瓜）","KG",25,6.4,160,"Kitchen-Western Kitchen?Yancheng Kitchen?"]
["2023年","8月份","L0000018896","Honey Pear\\蜜梨","KG",25,16,400,"Kitchen-Western Kitchen?Yancheng Kitchen?"]
["2023年","8月份","L0000018960","Local Seedless Watermelon\\本地无籽西瓜","KG",40,4.2,168,"Kitchen-Western Kitchen?Yancheng Kitchen?"]
["2023年","8月份","L0000033170","Fruit Fresh Nectarine\\油桃","KG",12.4,12,148.8,"Kitchen-Western Kitchen?Yancheng Kitchen?"]
["2023年","8月份","L0000033170","Fruit Fresh Nectarine\\油桃","KG",30,12,360,"Kitchen-Western Kitchen?Yancheng Kitchen?"]
["2023年","8月份","L0000036710","Fruit Fresh Grape Red Local \\国产红提","KG",1,18,18,"Kitchen-Western Kitchen?Yancheng Kitchen?"]
["2023年","8月份","L0000037388","Fruit Fresh Lichee \\荔枝","KG",2,22,44,"Kitchen-Western Kitchen?Yancheng Kitchen?"]
["2023年","8月份","L0000162206","Fruit Fresh Hami Melon\\哈密瓜\\kg","KG",25,4.8,120,"Kitchen-Western Kitchen?Yancheng Kitchen?"]
["2023年","8月份","L0002358507","Freshwater crayfish\\淡水小龙虾45钱","KG",20,43,860,"Kitchen-Western Kitchen?Yancheng Kitchen?"]
["2023年","8月份","L0002358513","Freshwater crayfish\\淡水小龙虾67钱","KG",10,55,550,"Kitchen-Western Kitchen?Yancheng Kitchen?"]
["2023年","8月份","L0000223282","Escargot\\田螺","KG",2,10,20,"Kitchen-Western Kitchen?Yancheng Kitchen?"]
["2023年","8月份","L0001978475","集采 Frozen Seafood Precooked Boston Lobster/熟冻波士顿龙虾 加拿大 300-350G/EA 净重收货","KG",18.16,170,3087.2,"Kitchen-Western Kitchen?Yancheng Kitchen?"]
["2023年","8月份","L0001978472","集采 Frozen Seafood Mussel Half KONO/青口贝 新西兰 半壳 兰维乐 M码|31-45只/kg (原装进口，不拆袋，含原汁)","KG",20,51,1020,"Kitchen-Western Kitchen?Yancheng Kitchen?"]
["2023年","8月份","L0001978501","集采 Frozen Seafood Alaska Snow Crab Leg/阿拉斯加雪蟹脚 俄罗斯 130-150克/副 抄码 (计量称重)","KG",15,138,2070,"Kitchen-Western Kitchen?Yancheng Kitchen?"]
["2023年","8月份","L0001551656","Emerald snail/翡翠螺","KG",4,65,260,"Kitchen-Western Kitchen?Yancheng Kitchen?"]
["2023年","8月份","L0000033359","Shellfish Fresh Jiwei\\基围虾 小\\50pcs","KG",4,65,260,"Kitchen-Western Kitchen?Yancheng Kitchen?"]
["2023年","8月份","L0000033394","Fish Fresh Bull Fog牛蛙活(大)","KG",5,35,175,"Kitchen-Western Kitchen?Yancheng Kitchen?"]
["2023年","8月份","L0000019174","Garlic Peeled\\蒜肉","KG",2.7,12,32.4,"Kitchen-Chinese Kitchen?Man Ho?"]
["2023年","8月份","L0000019102","Cabbage White Small\\小白菜","KG",2,16,32,"Kitchen-Chinese Kitchen?Man Ho?"]
["2023年","8月份","L0000019343","White Jade Mushroom\\白玉菇","KG",1,16,16,"Kitchen-Chinese Kitchen?Man Ho?"]
["2023年","8月份","L0000019253","Needle Mushroom\\金针菇","KG",1,10,10,"Kitchen-Chinese Kitchen?Man Ho?"]
["2023年","8月份","L0000019178","Ginger Peeled Blue\\生姜去皮","KG",2,23,46,"Kitchen-Chinese Kitchen?Man Ho?"]
["2023年","8月份","L0000051422","Spinach/菠菜/Kg","KG",4,13,52,"Kitchen-Chinese Kitchen?Man Ho?"]
["2023年","8月份","L0000024523","Sweet Bean\\甜蜜豆","KG",1,36,36,"Kitchen-Chinese Kitchen?Man Ho?"]
["2023年","8月份","L0000889637","Vegetable Fresh/Parsley miao/香菜苗/30g*盒/盒","BX",0,12,0,"Kitchen-Chinese Kitchen?Man Ho?"]
["2023年","8月份","L0000281463","Endive苦菊 kg","KG",1,16,16,"Kitchen-Chinese Kitchen?Man Ho?"]
["2023年","8月份","L0000287774","火红苗/食用","BX",1,15,15,"Kitchen-Chinese Kitchen?Man Ho?"]
["2023年","8月份","L0001334080","Stripe radish\\条纹萝卜","KG",2,36,72,"Kitchen-Chinese Kitchen?Man Ho?"]
["2023年","8月份","L0000984058","Food Produce\\Boletus\\鲜牛肝菌\\KG","KG",1,268,268,"Kitchen-Chinese Kitchen?Man Ho?"]
["2023年","8月份","L0000935932","Vegetable Fresh/cucumber/玉女瓜/KG","KG",0,30,0,"Kitchen-Chinese Kitchen?Man Ho?"]
["2023年","8月份","L0000019104","Baby Carrot Fingerling \\手指胡萝卜","KG",0.5,22,11,"Kitchen-Chinese Kitchen?Man Ho?"]
["2023年","8月份","L0000019161","Fresh Matsutake Mushrooml.M Size\\新鲜松茸","KG",1,60,60,"Kitchen-Chinese Kitchen?Man Ho?"]
["2023年","8月份","L0000019258","Onion Red Peeled\\去皮红洋葱","KG",2,7,14,"Kitchen-Chinese Kitchen?Man Ho?"]
["2023年","8月份","L0000024550","Onion\\去皮干葱头","KG",1,17.8,17.8,"Kitchen-Chinese Kitchen?Man Ho?"]
["2023年","8月份","L0000033107","Vegetable Fresh Baby Vegetable\\娃娃菜","EA",6,6,36,"Kitchen-Chinese Kitchen?Man Ho?"]
["2023年","8月份","L0000033129","Vegetable Fresh Marrow\\西葫芦蔬菜","KG",1.9,6,11.4,"Kitchen-Chinese Kitchen?Man Ho?"]
["2023年","8月份","L0000033131","Vegetable Fresh Local Celery\\芹菜(本地)","KG",0.5,10,5,"Kitchen-Chinese Kitchen?Man Ho?"]
["2023年","8月份","L0000105931","cheese nut新鲜板栗/kg","KG",1,23,23,"Kitchen-Chinese Kitchen?Man Ho?"]
["2023年","8月份","L0000152477","Vegetable Fresh-粉葛（精选）","KG",2.4,30,72,"Kitchen-Chinese Kitchen?Man Ho?"]
["2023年","8月份","L0000184373","Douban\\新鲜豆瓣","KG",0.5,36,18,"Kitchen-Chinese Kitchen?Man Ho?"]
["2023年","8月份","L0000531467","Snowflakes ribs雪花牛仔骨","KG",6,256.88,1541.28,"Kitchen-Chinese Kitchen?Man Ho?"]
["2023年","8月份","L0000496902","Pork Rib\\精排骨\\KG","KG",2,62,124,"Kitchen-Chinese Kitchen?Man Ho?"]
["2023年","8月份","L0000023672","Pork\\去皮五花肉","KG",7.5,36,270,"Kitchen-Chinese Kitchen?Man Ho?"]
["2023年","8月份","L0000051546","Fresh Chicken Feet\\鲜鸡脚","KG",2,46,92,"Kitchen-Chinese Kitchen?Man Ho?"]
["2023年","8月份","L0000018658","Chicken Old\\老鸡2kg","KG",3,40,120,"Kitchen-Chinese Kitchen?Man Ho?"]
["2023年","8月份","L0000023648","Meat Pork Lean Leg\\猪赤肉","KG",2,43,86,"Kitchen-Chinese Kitchen?Man Ho?"]
["2023年","8月份","L0000018509","Veal Ossobuco Ekro Veh008 88Wine\\小牛腱","KG",5,140,700,"Kitchen-Chinese Kitchen?Man Ho?"]
["2023年","8月份","L0000033265","Duck / Goose Wing\\鹅翅","KG",0,90,0,"Kitchen-Chinese Kitchen?Man Ho?"]
["2023年","8月份","L0001135154","Cherry ducks\\樱桃鸭\\1.5-2.0KG","KG",4,22.8,91.2,"Kitchen-Chinese Kitchen?Man Ho?"]
["2023年","8月份","L0001709053","Local quality hens (cleaned)\\本地优母鸡（净膛）","KG",12,39,468,"Kitchen-Chinese Kitchen?Man Ho?"]
["2023年","8月份","L0001709053","Local quality hens (cleaned)\\本地优母鸡（净膛）","KG",5,39,195,"Kitchen-Chinese Kitchen?Man Ho?"]
["2023年","8月份","L0000087087","Fruit Fresh\\Passion fruit百香果","KG",2.5,40,100,"Kitchen-Chinese Kitchen?Man Ho?"]
["2023年","8月份","L0001647196","The sun rose\\阳光玫瑰\\大果/KG","KG",1,36,36,"Kitchen-Chinese Kitchen?Man Ho?"]
["2023年","8月份","L0000162206","Fruit Fresh Hami Melon\\哈密瓜\\kg","KG",7,4.8,33.6,"Kitchen-Chinese Kitchen?Man Ho?"]
["2023年","8月份","L0000074934","Fruit Fresh Green Orange\\小青桔","KG",1,24,24,"Kitchen-Chinese Kitchen?Man Ho?"]
["2023年","8月份","L0000018960","Local Seedless Watermelon\\本地无籽西瓜","KG",9.9,4.2,41.58,"Kitchen-Chinese Kitchen?Man Ho?"]
["2023年","8月份","L0001650097","墨鱼仔425g/BAG","BAG",4,38,152,"Kitchen-Chinese Kitchen?Man Ho?"]
["2023年","8月份","L0000552091","crawfish淡水小龙虾8钱","KG",3,100,300,"Kitchen-Chinese Kitchen?Man Ho?"]
["2023年","8月份","L0001594473","Frozen cuttlefish\\冰冻墨鱼肉/KG","KG",3,150,450,"Kitchen-Chinese Kitchen?Man Ho?"]
["2023年","8月份","L0001531064","Tuna oil/10L*2/non transgenic/金龙鱼油/10L*2/非转基因","CS",4,270,1080,"Kitchen-Banquet Kitchen"]
["2023年","8月份","L0001525463","Mengniu pure milk / 1L 6 boxes / box/蒙牛纯牛奶/1L 6盒/箱","CS",1,47.34,47.34,"Kitchen-Banquet Kitchen"]
["2023年","8月份","L0000024488","Onion Spring\\小葱","KG",5,12,60,"Kitchen-Banquet Kitchen"]
["2023年","8月份","L0000024454","Iceberg/Green Lettuce\\球生菜","KG",1,15,15,"Kitchen-Banquet Kitchen"]
["2023年","8月份","L0000019174","Garlic Peeled\\蒜肉","KG",8.5,12,102,"Kitchen-Banquet Kitchen"]
["2023年","8月份","L0000033084","Vegetable Fresh Local Pepper Red\\本地红椒 直身","KG",3,15,45,"Kitchen-Banquet Kitchen"]
["2023年","8月份","L0000033111","Vegetable Fresh Cabbage Shanghai\\上海青 只留菜心部分","KG",1.5,8,12,"Kitchen-Banquet Kitchen"]
["2023年","8月份","L0000019343","White Jade Mushroom\\白玉菇","KG",5.5,16,88,"Kitchen-Banquet Kitchen"]
["2023年","8月份","L0000019085","Local Bell Pepper Yellow\\本地黄圆椒","KG",2,29,58,"Kitchen-Banquet Kitchen"]
["2023年","8月份","L0000051434","Japanese Red Pumpkin\\日本红皮南瓜","KG",50,11,550,"Kitchen-Banquet Kitchen"]
["2023年","8月份","L0000087075","Vegetable Fresh\\Chili red\\红杭椒","KG",1.5,23,34.5,"Kitchen-Banquet Kitchen"]
["2023年","8月份","L0000024523","Sweet Bean\\甜蜜豆","KG",15,36,540,"Kitchen-Banquet Kitchen"]
["2023年","8月份","L0000024538","Ginger Pork\\姜肉","KG",4.5,24,108,"Kitchen-Banquet Kitchen"]
["2023年","8月份","L0000033103","Vegetable Fresh Carrot\\胡萝卜","KG",0.5,5,2.5,"Kitchen-Banquet Kitchen"]
["2023年","8月份","L0000051418","Sand Ginger\\鲜沙姜","KG",2.5,28,70,"Kitchen-Banquet Kitchen"]
["2023年","8月份","L0000019083","Local Bell Pepper Green\\本地青圆椒","KG",1.5,14,21,"Kitchen-Banquet Kitchen"]
["2023年","8月份","L0000019272","Fresh Pepper Frozen\\急冻鲜花椒","KG",5,72,360,"Kitchen-Banquet Kitchen"]
["2023年","8月份","L0000024414","Chili Green Hang Jiao\\绿杭椒","KG",1.5,15.6,23.4,"Kitchen-Banquet Kitchen"]
["2023年","8月份","L0000017054","Gardenia\\黄栀子","KG",0.5,65,32.5,"Kitchen-Banquet Kitchen"]
["2023年","8月份","L0000019080","Bean Sprout\\黄豆芽","KG",16,4,64,"Kitchen-Banquet Kitchen"]
["2023年","8月份","L0001624721","Iron yam\\加工净铁棍山药/KG","KG",6,27,162,"Kitchen-Banquet Kitchen"]
["2023年","8月份","L0001624690","lily\\净鲜百合80g（盒装）/BX","BX",30,12,360,"Kitchen-Banquet Kitchen"]
["2023年","8月份","L0000122723","Alkaline noodle碱面条","KG",20,8,160,"Kitchen-Banquet Kitchen"]
["2023年","8月份","L0000087072","Vegetable Fresh\\Leek\\青大蒜","KG",2.5,8,20,"Kitchen-Banquet Kitchen"]
["2023年","8月份","L0000033107","Vegetable Fresh Baby Vegetable\\娃娃菜","EA",32,6,192,"Kitchen-Banquet Kitchen"]
["2023年","8月份","L0000024455","Oak Leaf Green\\绿橡叶生菜","KG",1,24,24,"Kitchen-Banquet Kitchen"]
["2023年","8月份","L0000024473","Broccoli Green\\去根西兰花","KG",26.5,16,424,"Kitchen-Banquet Kitchen"]
["2023年","8月份","L0000033094","Vegetable Fresh Guangdong Chinese Flowering Cabbage\\广东菜心 留叶尖","KG",36,18,648,"Kitchen-Banquet Kitchen"]
["2023年","8月份","L0000033254","Pork Local Bone\\猪筒骨","KG",20,38,760,"Kitchen-Banquet Kitchen"]
["2023年","8月份","L0000023681","Pork Meat\\肉片","KG",1.5,38,57,"Kitchen-Banquet Kitchen"]
["2023年","8月份","L0000023672","Pork\\去皮五花肉","KG",17,36,612,"Kitchen-Banquet Kitchen"]
["2023年","8月份","L0000023306","Frz Chicken Rack\\鸡骨架","KG",28,8,224,"Kitchen-Banquet Kitchen"]
["2023年","8月份","L0000018658","Chicken Old\\老鸡2kg","KG",72,40,2880,"Kitchen-Banquet Kitchen"]
["2023年","8月份","L0000018611","German Salt Trotter Fore \\德国咸猪手","KG",60,47,2820,"Kitchen-Banquet Kitchen"]
["2023年","8月份","L0001611527","Pork tendon/猪蹄筋","KG",9,148,1332,"Kitchen-Banquet Kitchen"]
["2023年","8月份","L0001709053","Local quality hens (cleaned)\\本地优母鸡（净膛）","KG",12,39,468,"Kitchen-Banquet Kitchen"]
["2023年","8月份","L0000023723","Duck\\白条鸭","KG",22.5,24.8,558,"Kitchen-Banquet Kitchen"]
["2023年","8月份","L0000033253","Pork Local Pigskin\\猪皮","KG",10,12,120,"Kitchen-Banquet Kitchen"]
["2023年","8月份","L0000976204","Egg Quail\\鹌鹑蛋 去皮","KG",14,26,364,"Kitchen-Banquet Kitchen"]
["2023年","8月份","L0000033993","Fish Processed Frozen Fish Osaki Crab Stick\\大崎蟹柳\\454g/pk","EA",25,16,400,"Kitchen-Banquet Kitchen"]
["2023年","8月份","L0001094064","Seafood\\he squid flower\\鱿鱼花","PK",40,15,600,"Kitchen-Banquet Kitchen"]
["2023年","8月份","L0000034710","Shellfish Frozen Shrimp\\青虾仁\\31-40","KG",2.5,96,240,"Kitchen-Banquet Kitchen"]
["2023年","8月份","L0001760477","Scallop\\鲜芝贝免浆鲜贝250g/盒","BX",30,23,690,"Kitchen-Banquet Kitchen"]
["2023年","8月份","L0001748969","Prawns\\15头大明虾/KG","KG",30,85,2550,"Kitchen-Banquet Kitchen"]
["2023年","8月份","L0001550633","Fishing port\\亚洲渔港深海鳕鱼排\\310g*20盒","CS",2,18,36,"Kitchen-Banquet Kitchen"]
["2023年","8月份","L0001531047","Oily fish maw/油发鱼肚","KG",15,210,3150,"Kitchen-Banquet Kitchen"]
["2023年","8月份","L0002107436","Gold rib of ox\\金牌牛肋骨/Kg","KG",100,112,11200,"Kitchen-Banquet Kitchen"]
["2023年","8月份","L0001998246","Almond paste/杏仁酥","EA",611,1.8,1099.8,"Kitchen-Banquet Kitchen"]
["2023年","8月份","L0000016810","Elle Et Vire Whipping Cream\\铁塔牌淡奶油\\1L","BTL",1,45.5,45.5,"Kitchen-Banquet Kitchen"]
["2023年","8月份","L0001522601","Juice Chilled Juice orangeJuice\\橙宝橙汁\\BTL\\2L","BTL",120,12.5,1500,"Kitchen-Banquet Kitchen"]
["2023年","8月份","L0001076364","Food Dry Goods Rice / Grain / Cereal/Xiaohuozi Cheese Rice cake小伙子芝士年糕 500g/EA(南瓜、紫苏、原味、蛋黄、草莓)口味下单备注","EA",20,14.5,290,"Kitchen-Banquet Kitchen"]
["2023年","8月份","L0000087170","Ice Cream Vanilla Ice Cream Nestle雀巢香草冰淇淋3.5L","BRL",1,142,142,"Kitchen-Banquet Kitchen"]
["2023年","8月份","L0000024386","Cheese Anchor Serve Pale 80 Slices\\安佳80片精致芝士片 米色\\990G","EA",2,65,130,"Kitchen-Banquet Kitchen"]
["2023年","8月份","L0002232908","Black hair belly\\黑毛肚2.5kg/包","BAG",7,205,1435,"Kitchen-Banquet Kitchen"]
["2023年","8月份","L0001865199","Condiments for soup sauce家乐\\金酸汤酱调味料\\1KG/袋","BAG",10,38,380,"Kitchen-Banquet Kitchen"]
["2023年","8月份","L0001865155","Hamburger\\堡之家\\汉堡面包\\65g*6个/袋","BAG",4,2.75,11,"Kitchen-Banquet Kitchen"]
["2023年","8月份","L0001665028","Pearl lion head\\珍珠狮子头530g/包","BAG",60,19.42,1165.2,"Kitchen-Banquet Kitchen"]
["2023年","8月份","L0001574060","Sister Kitchen Salt Crispy Chicken (Rice Chicken)\\姐妹厨房盐酥鸡（鸡米花）\\2.5kg/袋","BAG",5,70,350,"Kitchen-Banquet Kitchen"]
["2023年","8月份","L0001562584","Chicken cutlet/香雪鸡排/1KG/BAG","BAG",2,24,48,"Kitchen-Banquet Kitchen"]
["2023年","8月份","L0001562563","Vegetable grains/三色杂菜/1KG/BAG","BAG",8,7.2,57.6,"Kitchen-Banquet Kitchen"]
["2023年","8月份","L0001551696","听tonese coconut cake / 400g / 包\\广式椰香糕/400g/包","BAG",60,12.0194,721.16,"Kitchen-Banquet Kitchen"]
["2023年","8月份","L0001549164","San Quan Dumpings\\三全小笼包\\1kg\\包","BAG",10,28,280,"Kitchen-Banquet Kitchen"]
["2023年","8月份","L0001531035","Brown sugar cake/红糖发糕/700g","BAG",11,11.6505,128.16,"Kitchen-Banquet Kitchen"]
["2023年","8月份","L0001515011","EDR\\Xiangjunfu fish head minced pepper sauce (green)（员餐）湘君府鱼头剁椒酱（青）/900g/桶","BTL",8,30,240,"Kitchen-Banquet Kitchen"]
["2023年","8月份","L0001264023","Shredded dried chilli (fine)\\干辣椒丝（细）\\KG","KG",0.75,44.6408,33.48,"Kitchen-Banquet Kitchen"]
["2023年","8月份","L0000815853","Pork with salted vegetable\\梅菜扣肉\\500g/盒","BX",10,35,350,"Kitchen-Banquet Kitchen"]
["2023年","8月份","L0002162919","Li ghost garlic bone\\李鬼蒜香骨500g/包","BAG",30,38.5,1155,"Kitchen-Banquet Kitchen"]
["2023年","8月份","L0001998281","Kung fu lamb chops/董生记功夫羊排500g\\包","BAG",50,65,3250,"Kitchen-Banquet Kitchen"]
["2023年","8月份","L0001865504","Hamburger chicken Patty\\纳佰味\\汉堡鸡肉饼\\1KG/袋","BAG",2,25,50,"Kitchen-Banquet Kitchen"]
["2023年","8月份","L0000017073","Fungus Wood Black\\野生黑木耳","KG",2.5,180,450,"Kitchen-Banquet Kitchen"]
["2023年","8月份","L0000017100","Mandarin Orange Peel Dried\\陈皮","KG",0.5,28,14,"Kitchen-Banquet Kitchen"]
["2023年","8月份","L0000017161","Knorr Black Pepper Juice\\家乐牌黑椒汁\\2.3kg","CAN",2,44.9515,89.9,"Kitchen-Banquet Kitchen"]
["2023年","8月份","L0000017252","Delmonte Pinapple Sliced\\地扪菠萝片\\836g","CAN",15,18,270,"Kitchen-Banquet Kitchen"]
["2023年","8月份","L0000017628","HengShun Vinegar\\恒顺香醋\\500ml","BTL",36,7,252,"Kitchen-Banquet Kitchen"]
["2023年","8月份","L0000022379","Delmonte Canned Fruit\\地们热带杂果罐头\\850G","TIN",15,22.2718,334.08,"Kitchen-Banquet Kitchen"]
["2023年","8月份","L0000024172","Dry Fungus White\\银耳(称重)","KG",2.5,98,245,"Kitchen-Banquet Kitchen"]
["2023年","8月份","L0000024203","Dry Vermicelli Longkou Chinese Kitcken\\龙口粉丝\\180G","BAG",15,4.8,72,"Kitchen-Banquet Kitchen"]
["2023年","8月份","L0000052178","Rice\\Grain\\Vietnam Rice Screen Yellow\\越南米网皮(黄色）","PK",20,9.8932,197.86,"Kitchen-Banquet Kitchen"]
["2023年","8月份","L0000087533","Noodles EDR-Udon Noodles\\美国厨师乌冬面","BAG",110,3.6,396,"Kitchen-Banquet Kitchen"]
["2023年","8月份","L0000303396","Dry Goods\\Salt baked chicken powder\\嘉文盐焗鸡粉\\200G/BOX","BX",3,18.5631,55.69,"Kitchen-Banquet Kitchen"]
["2023年","8月份","L0000310680","Crust of cooked rice\\水晶酥锅巴王\\80G\\包","EA",6,3.767,22.6,"Kitchen-Banquet Kitchen"]
["2023年","8月份","L0000380742","Dry Goods\\Teriyaki sauce and flavor\\家乐和味烧汁2.5KG\\BTL","BTL",2,80.5243,161.05,"Kitchen-Banquet Kitchen"]
["2023年","8月份","L0000428494","Chinese Seasoning\\Yellow lantern pepper sauce\\黄灯笼辣椒酱\\510g\\瓶","BTL",10,14.8447,148.45,"Kitchen-Banquet Kitchen"]
["2023年","8月份","L0000435128","Chinese Seasoning\\Sliced ginger with dried sand\\干沙姜片","KG",0.5,100,50,"Kitchen-Banquet Kitchen"]
["2023年","8月份","L0000460051","FOOD DRY GOODS / GROCERY\\Pointed Bamboo Shoots\\扁尖\\KG","KG",10,44.6408,446.41,"Kitchen-Banquet Kitchen"]
["2023年","8月份","L0000019700","Live Boston Lobster\\活波士顿龙虾\\500-650g","KG",0.8,270,216,"Kitchen-Chinese Kitchen?Man Ho?"]
["2023年","8月份","L0000022324","Weever\\鲈鱼\\0.6-0.75kg","KG",3.02,50,151,"Kitchen-Chinese Kitchen?Man Ho?"]
["2023年","8月份","L0000019564","Fish Head With Neck\\带枕大鱼头","KG",1.47,45,66.15,"Kitchen-Chinese Kitchen?Man Ho?"]
["2023年","8月份","L0000019429","Grouper Green Live\\青斑\\0.8-1kg","KG",1.37,140,191.8,"Kitchen-Chinese Kitchen?Man Ho?"]
["2023年","8月份","L0000303484","Seafood\\YEN FOOD ABALONE LIVE 8PC\\鲜活鲍鱼（8头）\\KG","KG",1.49,156,232.44,"Kitchen-Chinese Kitchen?Man Ho?"]
["2023年","8月份","L0000019733","Sha Shrimp\\沙虾\\30-40pcs","KG",0.75,66,49.5,"Kitchen-Chinese Kitchen?Man Ho?"]
["2023年","8月份","L0000303484","Seafood\\YEN FOOD ABALONE LIVE 8PC\\鲜活鲍鱼（8头）\\KG","KG",1.26,156,196.56,"Kitchen-Chinese Kitchen?Man Ho?"]
["2023年","8月份","L0000019429","Grouper Green Live\\青斑\\0.8-1kg","KG",1.87,140,261.8,"Kitchen-Chinese Kitchen?Man Ho?"]
["2023年","8月份","L0000022324","Weever\\鲈鱼\\0.6-0.75kg","KG",1.1,50,55,"Kitchen-Chinese Kitchen?Man Ho?"]
["2023年","8月份","L0000022323","Mandarin Fish\\桂鱼\\0.65-0.9kg","KG",1.18,150,177,"Kitchen-Chinese Kitchen?Man Ho?"]
["2023年","8月份","L0000019733","Sha Shrimp\\沙虾\\30-40pcs","KG",0.72,66,47.52,"Kitchen-Chinese Kitchen?Man Ho?"]
["2023年","8月份","L0000019718","Razor Clam\\蛏子","KG",0.95,35,33.25,"Kitchen-Chinese Kitchen?Man Ho?"]
["2023年","8月份","L0000019700","Live Boston Lobster\\活波士顿龙虾\\500-650g","KG",1.23,270,332.1,"Kitchen-Chinese Kitchen?Man Ho?"]
["2023年","8月份","L0000019429","Grouper Green Live\\青斑\\0.8-1kg","KG",1.81,140,253.4,"Kitchen-Chinese Kitchen?Man Ho?"]
["2023年","8月份","L0000019700","Live Boston Lobster\\活波士顿龙虾\\500-650g","KG",1.8,270,486,"Kitchen-Chinese Kitchen?Man Ho?"]
["2023年","8月份","L0000019718","Razor Clam\\蛏子","KG",0.66,35,23.1,"Kitchen-Chinese Kitchen?Man Ho?"]
["2023年","8月份","L0000019733","Sha Shrimp\\沙虾\\30-40pcs","KG",0.75,66,49.5,"Kitchen-Chinese Kitchen?Man Ho?"]
["2023年","8月份","L0000022324","Weever\\鲈鱼\\0.6-0.75kg","KG",2.28,50,114,"Kitchen-Chinese Kitchen?Man Ho?"]
["2023年","8月份","L0000303484","Seafood\\YEN FOOD ABALONE LIVE 8PC\\鲜活鲍鱼（8头）\\KG","KG",1.02,156,159.12,"Kitchen-Chinese Kitchen?Man Ho?"]
["2023年","8月份","L0000022302","Turbo Fish\\多宝鱼\\0.6kg","KG",1.22,90,109.8,"Kitchen-Chinese Kitchen?Man Ho?"]
["2023年","8月份","L0000019718","Razor Clam\\蛏子","KG",1.4,35,49,"Kitchen-Chinese Kitchen?Man Ho?"]
["2023年","8月份","L0000303484","Seafood\\YEN FOOD ABALONE LIVE 8PC\\鲜活鲍鱼（8头）\\KG","KG",3.24,156,505.44,"Kitchen-Chinese Kitchen?Man Ho?"]
["2023年","8月份","L0000019564","Fish Head With Neck\\带枕大鱼头","KG",1.47,45,66.15,"Kitchen-Chinese Kitchen?Man Ho?"]
["2023年","8月份","L0000019435","Grouper Tiger\\老虎斑\\0.8-1kg","KG",0.8,175,140,"Kitchen-Chinese Kitchen?Man Ho?"]
["2023年","8月份","L0001097798","Japanese pine leaf crab活日本松叶蟹1-1.5kg/只","KG",2.32,300,696,"Kitchen-Chinese Kitchen?Man Ho?"]
["2023年","8月份","L0000022324","Weever\\鲈鱼\\0.6-0.75kg","KG",1.59,50,79.5,"Kitchen-Chinese Kitchen?Man Ho?"]
["2023年","8月份","L0000022323","Mandarin Fish\\桂鱼\\0.65-0.9kg","KG",3.9,150,585,"Kitchen-Chinese Kitchen?Man Ho?"]
["2023年","8月份","L0000189068","Live Boston Lobster\\波士顿龙虾（活）\\750-900g","KG",0.7,310,217,"Kitchen-Chinese Kitchen?Man Ho?"]
["2023年","8月份","L0000022324","Weever\\鲈鱼\\0.6-0.75kg","KG",0.59,50,29.5,"Kitchen-Chinese Kitchen?Man Ho?"]
["2023年","8月份","L0000019429","Grouper Green Live\\青斑\\0.8-1kg","KG",1.9,135,256.5,"Kitchen-Chinese Kitchen?Man Ho?"]
["2023年","8月份","L0000019718","Razor Clam\\蛏子","KG",0.5,35,17.5,"Kitchen-Chinese Kitchen?Man Ho?"]
["2023年","8月份","L0000303484","Seafood\\YEN FOOD ABALONE LIVE 8PC\\鲜活鲍鱼（8头）\\KG","KG",1.2,156,187.2,"Kitchen-Chinese Kitchen?Man Ho?"]
["2023年","8月份","L0000303484","Seafood\\YEN FOOD ABALONE LIVE 8PC\\鲜活鲍鱼（8头）\\KG","KG",1.03,156,160.68,"Kitchen-Chinese Kitchen?Man Ho?"]
["2023年","8月份","L0000019564","Fish Head With Neck\\带枕大鱼头","KG",1.8,38,68.4,"Kitchen-Chinese Kitchen?Man Ho?"]
["2023年","8月份","L0000019429","Grouper Green Live\\青斑\\0.8-1kg","KG",1.98,135,267.3,"Kitchen-Chinese Kitchen?Man Ho?"]
["2023年","8月份","L0000022324","Weever\\鲈鱼\\0.6-0.75kg","KG",1.76,50,88,"Kitchen-Chinese Kitchen?Man Ho?"]
["2023年","8月份","L0000019733","Sha Shrimp\\沙虾\\30-40pcs","KG",0.64,70,44.8,"Kitchen-Chinese Kitchen?Man Ho?"]
["2023年","8月份","L0000019718","Razor Clam\\蛏子","KG",1.33,35,46.55,"Kitchen-Chinese Kitchen?Man Ho?"]
["2023年","8月份","L0000303484","Seafood\\YEN FOOD ABALONE LIVE 8PC\\鲜活鲍鱼（8头）\\KG","KG",0.18,156,28.08,"Kitchen-Chinese Kitchen?Man Ho?"]
["2023年","8月份","L0000022324","Weever\\鲈鱼\\0.6-0.75kg","KG",2.23,50,111.5,"Kitchen-Chinese Kitchen?Man Ho?"]
["2023年","8月份","L0000019733","Sha Shrimp\\沙虾\\30-40pcs","KG",1.25,70,87.5,"Kitchen-Chinese Kitchen?Man Ho?"]
["2023年","8月份","L0000019429","Grouper Green Live\\青斑\\0.8-1kg","KG",1.14,135,153.9,"Kitchen-Chinese Kitchen?Man Ho?"]
["2023年","8月份","L0000019718","Razor Clam\\蛏子","KG",0.41,35,14.35,"Kitchen-Chinese Kitchen?Man Ho?"]
["2023年","8月份","L0000022289","Conch\\海螺","KG",0.95,100,95,"Kitchen-Chinese Kitchen?Man Ho?"]
["2023年","8月份","L0000022323","Mandarin Fish\\桂鱼\\0.65-0.9kg","KG",2.4,158,379.2,"Kitchen-Chinese Kitchen?Man Ho?"]
["2023年","8月份","L0000022323","Mandarin Fish\\桂鱼\\0.65-0.9kg","KG",1.25,135,168.75,"Kitchen-Chinese Kitchen?Man Ho?"]
["2023年","8月份","L0001592396","EVIAN GLASS\\依云天然矿泉水\\330ml*20玻璃瓶装/瓶","BTL",20,5,100,"Outlet-Yancheng Kitchen"]
["2023年","8月份","L0001592396","EVIAN GLASS\\依云天然矿泉水\\330ml*20玻璃瓶装/瓶","BTL",20,5,100,"Outlet-Yancheng Kitchen"]
["2023年","8月份","L0001592396","EVIAN GLASS\\依云天然矿泉水\\330ml*20玻璃瓶装/瓶","BTL",20,5,100,"Outlet-Smoki Moto"]
["2023年","8月份","L0001988041","Ikea Northeast Rice/宜客东北大米25KG\\包（员餐）","PK",20,117,2340,"Staff Dining"]
["2023年","8月份","L0001551661","Gaoyou Minjiang River Shrimp / 200g / bag/高邮免将河虾仁/200g/包","BAG",30,26,780,"Kitchen-Banquet Kitchen"]
["2023年","8月份","L0000019663","Dalian Abalone\\大连鲜鲍鱼\\9-10pcs","KG",0.5,127,63.5,"Kitchen-Banquet Kitchen"]
["2023年","8月份","L0001523350","ERD/Mengniu yogurt / original / 100g * 8/员餐/蒙牛酸奶/原味/100g*8","PNL",36,8,288,"Staff Dining"]
["2023年","8月份","L0001523361","ERD/Mengniu fresh milk / 180ml * 12/员餐/蒙牛鲜牛奶/180ml*12","CS",8,29,232,"Staff Dining"]
["2023年","8月份","L0000391127","员餐/EDR\\DryFood\\Tofu\\板豆腐","EA",3,20,60,"Staff Dining"]
["2023年","8月份","L0000060716","EDR-Sweet Potato Baby\\小红薯-员餐","KG",12,8.6,103.2,"Staff Dining"]
["2023年","8月份","L0000023927","EDR-Potato Big\\大土豆-员餐","KG",25,6,150,"Staff Dining"]
["2023年","8月份","L0000019402","EDR-Cherry Tomato\\樱桃番茄-员餐","KG",6,14,84,"Staff Dining"]
["2023年","8月份","L0000019382","EDR-Broccoli Green\\西兰花-员餐","KG",12,16,192,"Staff Dining"]
["2023年","8月份","L0000019366","EDR-Luffa\\丝瓜-员餐","KG",5,13,65,"Staff Dining"]
["2023年","8月份","L0000023941","EDR-Lettuce\\生菜-员餐","KG",14,8.8,123.2,"Staff Dining"]
["2023年","8月份","L0000190149","EDR-Shiitake Mushrooms\\鲜香菇（员工餐厅）","KG",5,15.8,79,"Staff Dining"]
["2023年","8月份","L0000019403","EDR-Tomato\\番茄-员餐","KG",8,7,56,"Staff Dining"]
["2023年","8月份","L0000278406","EDR- green chili\\绿杭椒—员餐","KG",8,15.8,126.4,"Staff Dining"]
["2023年","8月份","L0000024023","EDR-Pork\\里脊肉-员餐","KG",4,42,168,"Staff Dining"]
["2023年","8月份","L0000024039","EDR-Pork Stuffing\\猪肉末-员餐","KG",12,38,456,"Staff Dining"]
["2023年","8月份","L0000087034","EDR\\Duck gizzard\\鸭胗-员餐","KG",18,38,684,"Staff Dining"]
["2023年","8月份","L0000018988","EDR-HaiNan Banana\\海南香蕉-员餐","KG",35,6.2,217,"Staff Dining"]
["2023年","8月份","L0000305898","EDR\\Deep Fried You Tiao\\思念油条\\450G\\BAG\\(员工)","CS",15,12.5,187.5,"Staff Dining"]
["2023年","8月份","L0000087474","EDR\\Weiwei soybean milk powder\\维维豆奶粉-员餐","BAG",18,22,396,"Staff Dining"]
["2023年","8月份","L0000074481","Dry Goods Frozen\\EDR AnJing Pork Dumpling\\安井水饺500g-员餐\\BAG","BAG",20,10,200,"Staff Dining"]
["2023年","8月份","L0001553624","ERD/Blend oil/非转基因调和油/金龙鱼/10L*2/员餐","CS",2,270,540,"Staff Dining"]
["2023年","8月份","L0000067349","EDR\\dryfood\\Sugar\\白砂糖\\1*50kg\\袋（员工）","BAG",1,398,398,"Staff Dining"]
["2023年","8月份","L0000087469","EDR\\Groundnut kernels\\花生米-员餐","KG",5,19.2,96,"Staff Dining"]
["2023年","8月份","L0000087477","EDR\\Haitian salted and fermented soya paste\\海天黄豆酱-员餐","BRL",5,13.94,69.7,"Staff Dining"]
["2023年","8月份","L0000087605","EDR\\Dried chilli section\\干辣椒段-员餐","KG",3,30,90,"Staff Dining"]
["2023年","8月份","L0000023826","EDR-Salt Tidmans Fine No Iodine\\盐-员餐\\500g","PK",40,2,80,"Staff Dining"]
["2023年","8月份","L0000281469","Jinbiao soya sauce海天金标生抽/1.9L/瓶 -员餐","EA",12,19.45,233.4,"Staff Dining"]
["2023年","8月份","L0000281474","Aromatic Vinegar恒顺香醋/500ml/瓶 -员餐","EA",5,6.76,33.8,"Staff Dining"]
["2023年","8月份","L0000668676","EDR/Green Bean\\绿豆-员工/KG","KG",15,19.2,288,"Staff Dining"]
["2023年","8月份","L0001056853","EDR-Sesame Soy\\顶好芝麻酱405g\\BTL-员餐","BTL",6,10,60,"Staff Dining"]
["2023年","8月份","L0000267999","EDR- Haitian Seafood Paste\\海天海鲜酱\\7kg\\pk","EA",2,84,168,"Staff Dining"]
["2023年","8月份","L0000033103","Vegetable Fresh Carrot\\胡萝卜","KG",2,5,10,"Kitchen-Specialty Kitchen?Smoki Moto?"]
["2023年","8月份","L0000019216","Lettuce Iceburg\\西生菜","KG",3,17,51,"Kitchen-Specialty Kitchen?Smoki Moto?"]
["2023年","8月份","L0000040060","Vegetable Fresh Local Romaine \\本地罗马生菜","KG",0.5,32,16,"Kitchen-Specialty Kitchen?Smoki Moto?"]
["2023年","8月份","L0000024455","Oak Leaf Green\\绿橡叶生菜","KG",3,24,72,"Kitchen-Specialty Kitchen?Smoki Moto?"]
["2023年","8月份","L0000024526","Potato Baby\\土豆","KG",4,6,24,"Kitchen-Specialty Kitchen?Smoki Moto?"]
["2023年","8月份","L0000024482","Cucumber\\黄瓜","KG",2,6,12,"Kitchen-Specialty Kitchen?Smoki Moto?"]
["2023年","8月份","L0000033215","Chicken Leg Whole Boneless\\去骨鸡腿肉","KG",5.5,26.8,147.4,"Kitchen-Specialty Kitchen?Smoki Moto?"]
["2023年","8月份","L0000018960","Local Seedless Watermelon\\本地无籽西瓜","KG",12,4.2,50.4,"Kitchen-Specialty Kitchen?Smoki Moto?"]
["2023年","8月份","L0000018881","Local Giant Grape\\国产巨峰葡萄","KG",1.5,20,30,"Kitchen-Specialty Kitchen?Smoki Moto?"]
["2023年","8月份","L0000162206","Fruit Fresh Hami Melon\\哈密瓜\\kg","KG",6,4.8,28.8,"Kitchen-Specialty Kitchen?Smoki Moto?"]
["2023年","8月份","L0000449351","Honey melon Fresh 香瓜（玉菇瓜）","KG",2.5,6.4,16,"Kitchen-Specialty Kitchen?Smoki Moto?"]
["2023年","8月份","L0000034347","Herbs Fresh Blueberries\\蓝莓\\125 gr/bx","EA",2,9.5,19,"Kitchen-Specialty Kitchen?Smoki Moto?"]
["2023年","8月份","L0000018916","Mango Gold\\金皇芒果","KG",3,19,57,"Kitchen-Specialty Kitchen?Smoki Moto?"]
["2023年","8月份","L0000018874","Dragon Fruit\\白肉火龙果","KG",3,8.4,25.2,"Kitchen-Specialty Kitchen?Smoki Moto?"]
["2023年","8月份","L0000018873","Dragon Fruit Redmeat\\红肉火龙果","KG",3,11,33,"Kitchen-Specialty Kitchen?Smoki Moto?"]
["2023年","8月份","L0000428192","Seafood\\River Eel\\河鳗\\650 900g(活)","KG",2.2,76,167.2,"Kitchen-Specialty Kitchen?Smoki Moto?"]
["2023年","8月份","L0000038698","Shellfish Fresh Big Size Clam \\大文蛤","KG",2,35,70,"Kitchen-Specialty Kitchen?Smoki Moto?"]
["2023年","8月份","L0000303484","Seafood\\YEN FOOD ABALONE LIVE 8PC\\鲜活鲍鱼（8头）\\KG","KG",1,156,156,"Kitchen-Specialty Kitchen?Smoki Moto?"]
["2023年","8月份","L0000033358","Shellfish Fresh Jiwei\\基围虾 大\\21－25pcs","KG",1,66,66,"Kitchen-Specialty Kitchen?Smoki Moto?"]
["2023年","8月份","L0000304246","Shellfish Frozen\\Pineneedles Crab Sticks\\松叶牌 韩国蟹柳 270G/ [Bag]","BAG",2,38,76,"Kitchen-Specialty Kitchen?Smoki Moto?"]
["2023年","8月份","L0000582282","Frozen small dragon\\冻小青龙200-300g\\kg","KG",3,220,660,"Kitchen-Specialty Kitchen?Smoki Moto?"]
["2023年","8月份","L0000927098","Fish Fresh Live Octopus\\活八爪鱼\\KG","KG",2,105,210,"Kitchen-Specialty Kitchen?Smoki Moto?"]
["2023年","8月份","L0001935041","Black Beef 2A Flank steak\\源龙黑牛2A牛腩排","KG",7.8,307.34,2397.25,"Kitchen-Specialty Kitchen?Smoki Moto?"]
["2023年","8月份","L0001800198","Domestic \\3A tomahawk国产\\3A战斧","KG",3.9,568.81,2218.36,"Kitchen-Specialty Kitchen?Smoki Moto?"]
["2023年","8月份","L0001591931","Angus Beef Floral\\安格斯牛五花(牛五花）/KG","KG",7.9,110.09,869.71,"Kitchen-Specialty Kitchen?Smoki Moto?"]
["2023年","8月份","L0001544438","Longfeng fried dumplings / 900g/龙凤煎饺/900g","BAG",2,21,42,"Kitchen-Specialty Kitchen?Smoki Moto?"]
["2023年","8月份","L0001067503","Food\\Seafood Fish Frozen\\The ink lift fire\\墨鱼肠\\KG","PKG",2,124,248,"Kitchen-Specialty Kitchen?Smoki Moto?"]
["2023年","8月份","L0002317901","Yangqi Spicy fresh clams\\洋琪麻辣鲜蛤500g/盒","BX",2,46.02,92.04,"Kitchen-Specialty Kitchen?Smoki Moto?"]
["2023年","8月份","L0001514991","Anjia butter (without salt) 454g/ piece\\安佳黄油（无盐）454g/块","EA",6,53.1,318.6,"Kitchen-Specialty Kitchen?Smoki Moto?"]
["2023年","8月份","L0000019192","Rosemary Fresh\\鲜迷迭香","KG",0.25,86,21.5,"Kitchen-Pastry"]
["2023年","8月份","L0000033180","Fruit Fresh Lemon\\柠檬","KG",3,12.6,37.8,"Kitchen-Pastry"]
["2023年","8月份","L0000018916","Mango Gold\\金皇芒果","KG",4,19,76,"Kitchen-Pastry"]
["2023年","8月份","L0000017362","GaoDa Coconut Milk Kos\\金牌高达椰浆\\400g","CAN",10,11,110,"Kitchen-Pastry"]
["2023年","8月份","L0001802482","Kewpie blueberry jam\\蓝莓果酱\\丘比\\170g/瓶","BTL",12,10.5,126,"Kitchen-Pastry"]
["2023年","8月份","L0000087665","Dry goods others\\Sweet osmanthus XIANGLAOTAI\\香老太糖桂花 230g","BTL",10,3.72,37.2,"Kitchen-Pastry"]
["2023年","8月份","L0001107927","Dry Canned Food\\Crab roe paste\\蟹黄酱\\110g/btl","BTL",1,15.49,15.49,"Kitchen-Pastry"]
["2023年","8月份","L0000087427","Pastry Bakery\\MeiMei Cake Flour\\江苏美玫牌低筋面粉 50LB(22.7kg)","PK",1,170,170,"Kitchen-Pastry"]
["2023年","8月份","L0000017355","Tuna Stick Flower\\木鱼花\\500g","PK",1,72.5664,72.57,"Kitchen-Pastry"]
["2023年","8月份","L0001551760","Android Portuguese egg tart skin (70 type) 300 pieces / box/安卓葡式蛋挞皮(70型)300个/箱","CS",1,172.57,172.57,"Kitchen-Pastry"]
["2023年","8月份","L0001671561","Mochi\\日式大福(提前4天订货)\\好上谷\\250g/袋","BAG",20,15,300,"Kitchen-Pastry"]
["2023年","8月份","L0002247034","Furlum Mini French croissant\\芙尔伦迷你法式羊角30g*140个/箱","CS",2,286,572,"Kitchen-Pastry"]
["2023年","8月份","L0000087401","Pastry Others\\Sweet & White\\芝兰雅牌防潮糖粉 1Kg","BAG",2,38,76,"Kitchen-Pastry"]
["2023年","8月份","L0002239533","Pineapple mesh crisp\\芙尔伦凤梨网格酥35g*140个/箱","CS",1,371.68,371.68,"Kitchen-Pastry"]
["2023年","8月份","L0002247044","Furlum chocolate roll\\芙尔伦巧克力卷45g*112个/箱","CS",2,410,820,"Kitchen-Pastry"]
["2023年","8月份","L0001802479","Kewpie strawberry jam\\草莓果酱\\丘比\\170g/瓶","BTL",12,8.5,102,"Kitchen-Pastry"]
["2023年","8月份","L0002475885","Mousse white jade roll\\慕斯白玉卷330g/卷(草莓味、绿茶味、巧克力味、牛奶味）","EA",10,26,260,"Kitchen-Pastry"]
["2023年","8月份","L0001531064","Tuna oil/10L*2/non transgenic/金龙鱼油/10L*2/非转基因","CS",5,270,1350,"Kitchen-Western Kitchen?Yancheng Kitchen?"]
["2023年","8月份","L0000024461","Bean Curd Fried\\油豆腐","KG",0.5,12,6,"Kitchen-Western Kitchen?Yancheng Kitchen?"]
["2023年","8月份","L0000019253","Needle Mushroom\\金针菇","KG",5,10,50,"Kitchen-Western Kitchen?Yancheng Kitchen?"]
["2023年","8月份","L0000024548","Fresh Shiitake Mushrooms/鲜香菇/Kg","KG",1,19,19,"Kitchen-Western Kitchen?Yancheng Kitchen?"]
["2023年","8月份","L0000024552","Cuke\\日本小黄瓜","KG",2,14,28,"Kitchen-Western Kitchen?Yancheng Kitchen?"]
["2023年","8月份","L0000400651","Vegetable Fresh/红叶生菜","KG",2,33,66,"Kitchen-Western Kitchen?Yancheng Kitchen?"]
["2023年","8月份","L0000051424","Veg You Mai\\油麦菜","KG",5,9,45,"Kitchen-Western Kitchen?Yancheng Kitchen?"]
["2023年","8月份","L0000087075","Vegetable Fresh\\Chili red\\红杭椒","KG",1,23,23,"Kitchen-Western Kitchen?Yancheng Kitchen?"]
["2023年","8月份","L0000051422","Spinach/菠菜/Kg","KG",5,13,65,"Kitchen-Western Kitchen?Yancheng Kitchen?"]
["2023年","8月份","L0000019174","Garlic Peeled\\蒜肉","KG",4,12,48,"Kitchen-Western Kitchen?Yancheng Kitchen?"]
["2023年","8月份","L0000019219","Local Lettuce\\本地生菜","KG",5,9,45,"Kitchen-Western Kitchen?Yancheng Kitchen?"]
["2023年","8月份","L0000019273","Ping mushroom\\平菇","KG",3,15,45,"Kitchen-Western Kitchen?Yancheng Kitchen?"]
["2023年","8月份","L0000019325","Tomato Larage Local\\大番茄","KG",3,8,24,"Kitchen-Western Kitchen?Yancheng Kitchen?"]
["2023年","8月份","L0000024481","Coriander\\香菜","KG",1,17,17,"Kitchen-Western Kitchen?Yancheng Kitchen?"]
["2023年","8月份","L0000024482","Cucumber\\黄瓜","KG",2,6,12,"Kitchen-Western Kitchen?Yancheng Kitchen?"]
["2023年","8月份","L0000024487","Onion Red\\红洋葱","KG",3,4,12,"Kitchen-Western Kitchen?Yancheng Kitchen?"]
["2023年","8月份","L0000024488","Onion Spring\\小葱","KG",1,12,12,"Kitchen-Western Kitchen?Yancheng Kitchen?"]
["2023年","8月份","L0000024526","Potato Baby\\土豆","KG",5,6,30,"Kitchen-Western Kitchen?Yancheng Kitchen?"]
["2023年","8月份","L0000024532","Chili Red/红尖椒/Kg","KG",1,16,16,"Kitchen-Western Kitchen?Yancheng Kitchen?"]
["2023年","8月份","L0000033099","Vegetable Fresh Eggplant\\茄子 直身","KG",3,8,24,"Kitchen-Western Kitchen?Yancheng Kitchen?"]
["2023年","8月份","L0000033106","Vegetable Fresh Corn Stick\\鲜玉米棒","KG",10,9,90,"Kitchen-Western Kitchen?Yancheng Kitchen?"]
["2023年","8月份","L0000033111","Vegetable Fresh Cabbage Shanghai\\上海青 只留菜心部分","KG",5,8,40,"Kitchen-Western Kitchen?Yancheng Kitchen?"]
["2023年","8月份","L0000037399","Seafood Flavor Mushroom/海鲜菇/Kg","KG",5,16,80,"Kitchen-Western Kitchen?Yancheng Kitchen?"]
["2023年","8月份","L0000105415","Vegetable Fresh\\Egg Noodle\\鸡蛋面","KG",5,10,50,"Kitchen-Western Kitchen?Yancheng Kitchen?"]
["2023年","8月份","L0000087048","Cabbage Chinese Long\\大白菜","KG",5,5,25,"Kitchen-Western Kitchen?Yancheng Kitchen?"]
["2023年","8月份","L0001525509","Guilin Rice noodles/桂林米粉","KG",3,10,30,"Kitchen-Western Kitchen?Yancheng Kitchen?"]
["2023年","8月份","L0000418693","Dianxin Dianxin 本地小馄饨皮1kg","KG",2,7,14,"Kitchen-Western Kitchen?Yancheng Kitchen?"]
["2023年","8月份","L0000040060","Vegetable Fresh Local Romaine \\本地罗马生菜","KG",1,32,32,"Kitchen-Western Kitchen?Yancheng Kitchen?"]
["2023年","8月份","L0000034896","Vegetable Fresh Abalone Mushrooms \\杏鲍菇","KG",5,14,70,"Kitchen-Western Kitchen?Yancheng Kitchen?"]
["2023年","8月份","L0000033145","Vegetable Fresh Garlic Sprout\\蒜苔 去尾 去头","KG",3,16,48,"Kitchen-Western Kitchen?Yancheng Kitchen?"]
["2023年","8月份","L0000033122","Vegetable Fresh Bean Snow\\荷兰豆 去头去尾","KG",2,32,64,"Kitchen-Western Kitchen?Yancheng Kitchen?"]
["2023年","8月份","L0000033120","Vegetable Fresh Bean Green Long\\长豆角","KG",3,9.8,29.4,"Kitchen-Western Kitchen?Yancheng Kitchen?"]
["2023年","8月份","L0000033107","Vegetable Fresh Baby Vegetable\\娃娃菜","EA",10,6,60,"Kitchen-Western Kitchen?Yancheng Kitchen?"]
["2023年","8月份","L0000033097","Vegetable Fresh Radicchio White\\卷心菜(白)\\DIA14cm","KG",3,5,15,"Kitchen-Western Kitchen?Yancheng Kitchen?"]
["2023年","8月份","L0000024473","Broccoli Green\\去根西兰花","KG",3,16,48,"Kitchen-Western Kitchen?Yancheng Kitchen?"]
["2023年","8月份","L0000024463","Rice Cake Stripped\\手指年糕","BAG",10,8,80,"Kitchen-Western Kitchen?Yancheng Kitchen?"]
["2023年","8月份","L0000024443","Hand Tooled Noodle\\手工面","KG",3,8,24,"Kitchen-Western Kitchen?Yancheng Kitchen?"]
["2023年","8月份","L0000024414","Chili Green Hang Jiao\\绿杭椒","KG",2,15.6,31.2,"Kitchen-Western Kitchen?Yancheng Kitchen?"]
["2023年","8月份","L0000019330","Turnip White\\白萝卜","KG",4,3.6,14.4,"Kitchen-Western Kitchen?Yancheng Kitchen?"]
["2023年","8月份","L0000019224","Lotus Root Peeled\\莲藕洗净","KG",2,14,28,"Kitchen-Western Kitchen?Yancheng Kitchen?"]
["2023年","8月份","L0000019119","Chilli Green\\青尖椒","KG",1,10,10,"Kitchen-Western Kitchen?Yancheng Kitchen?"]
["2023年","8月份","L0000019091","Bottle Gourd\\葫芦瓜","KG",3,10,30,"Kitchen-Western Kitchen?Yancheng Kitchen?"]
["2023年","8月份","L0000019080","Bean Sprout\\黄豆芽","KG",1,4,4,"Kitchen-Western Kitchen?Yancheng Kitchen?"]
["2023年","8月份","L0000480182","Chicken skewer/骨肉相连串/1KG/包","EA",8,28,224,"Kitchen-Western Kitchen?Yancheng Kitchen?"]
["2023年","8月份","L0000023536","Frozen Pork\\冻猪手","KG",5,50,250,"Kitchen-Western Kitchen?Yancheng Kitchen?"]
["2023年","8月份","L0000023646","Pork with skin\\带皮五花肉","KG",5,36,180,"Kitchen-Western Kitchen?Yancheng Kitchen?"]
["2023年","8月份","L0000023681","Pork Meat\\肉片","KG",3,38,114,"Kitchen-Western Kitchen?Yancheng Kitchen?"]
["2023年","8月份","L0000039719","Pork Local Frozen Pork Ribs \\冻猪肋排骨","KG",7,65,455,"Kitchen-Western Kitchen?Yancheng Kitchen?"]
["2023年","8月份","L0000033254","Pork Local Bone\\猪筒骨","KG",15,38,570,"Kitchen-Western Kitchen?Yancheng Kitchen?"]
["2023年","8月份","L0000039719","Pork Local Frozen Pork Ribs \\冻猪肋排骨","KG",4,65,260,"Kitchen-Western Kitchen?Yancheng Kitchen?"]
["2023年","8月份","L0000039719","Pork Local Frozen Pork Ribs \\冻猪肋排骨","KG",7,65,455,"Kitchen-Western Kitchen?Yancheng Kitchen?"]
["2023年","8月份","L0000033208","Chicken Black\\乌鸡","KG",5,35,175,"Kitchen-Western Kitchen?Yancheng Kitchen?"]
["2023年","8月份","L0000794917","beef fillet/免浆牛柳/KG","KG",2,96,192,"Kitchen-Western Kitchen?Yancheng Kitchen?"]
["2023年","8月份","L0000947630","Mutton string/羊肉串/30串","BAG",8,28,224,"Kitchen-Western Kitchen?Yancheng Kitchen?"]
["2023年","8月份","L0000018536","Lamb Lamb Leg Without Bone\\无骨羊腿","KG",4,120,480,"Kitchen-Western Kitchen?Yancheng Kitchen?"]
["2023年","8月份","L0000018727","Frozen Duck Breast\\冻鸭胸","KG",4,22,88,"Kitchen-Western Kitchen?Yancheng Kitchen?"]
["2023年","8月份","L0000023310","Frz San Huang Chicken\\冻三黄鸡\\1.5-2Kg\\只","KG",5,24.8,124,"Kitchen-Western Kitchen?Yancheng Kitchen?"]
["2023年","8月份","L0000023644","Pork Stuffing\\猪肉末","KG",5,36,180,"Kitchen-Western Kitchen?Yancheng Kitchen?"]
["2023年","8月份","L0000023723","Duck\\白条鸭","KG",5,24.8,124,"Kitchen-Western Kitchen?Yancheng Kitchen?"]
["2023年","8月份","L0000033215","Chicken Leg Whole Boneless\\去骨鸡腿肉","KG",6,26.8,160.8,"Kitchen-Western Kitchen?Yancheng Kitchen?"]
["2023年","8月份","L0000122700","Frozen Chicken feet\\冻鸡爪","KG",4,45,180,"Kitchen-Western Kitchen?Yancheng Kitchen?"]
["2023年","8月份","L0000549104","Beancurd Skin With Pork\\油面筋塞肉KG","KG",5,36,180,"Kitchen-Western Kitchen?Yancheng Kitchen?"]
["2023年","8月份","L0000445634","JT-eggs\\鸡蛋-\\KG","KG",30,14,420,"Kitchen-Western Kitchen?Yancheng Kitchen?"]
["2023年","8月份","L0000018896","Honey Pear\\蜜梨","KG",30,16,480,"Kitchen-Western Kitchen?Yancheng Kitchen?"]
["2023年","8月份","L0000018960","Local Seedless Watermelon\\本地无籽西瓜","KG",50,4.2,210,"Kitchen-Western Kitchen?Yancheng Kitchen?"]
["2023年","8月份","L0000162206","Fruit Fresh Hami Melon\\哈密瓜\\kg","KG",20,4.8,96,"Kitchen-Western Kitchen?Yancheng Kitchen?"]
["2023年","8月份","L0000037388","Fruit Fresh Lichee \\荔枝","KG",2,22,44,"Kitchen-Western Kitchen?Yancheng Kitchen?"]
["2023年","8月份","L0000033170","Fruit Fresh Nectarine\\油桃","KG",25,12,300,"Kitchen-Western Kitchen?Yancheng Kitchen?"]
["2023年","8月份","L0000018908","Thai Lime\\泰国青柠檬","KG",1,27,27,"Kitchen-Western Kitchen?Yancheng Kitchen?"]
["2023年","8月份","L0000033182","Fruit Fresh Coconut\\青椰子(去壳)","EA",99,9.5,940.5,"Kitchen-Western Kitchen?Yancheng Kitchen?"]
["2023年","8月份","L0000033180","Fruit Fresh Lemon\\柠檬","KG",2,12.6,25.2,"Kitchen-Western Kitchen?Yancheng Kitchen?"]
["2023年","8月份","L0000051509","Banana Import\\进口香蕉","KG",15,9.6,144,"Kitchen-Western Kitchen?Yancheng Kitchen?"]
["2023年","8月份","L0000449351","Honey melon Fresh 香瓜（玉菇瓜）","KG",25,6.4,160,"Kitchen-Western Kitchen?Yancheng Kitchen?"]
["2023年","8月份","L0000524458","Millennium tomato\\千禧小番茄","KG",3,12,36,"Kitchen-Western Kitchen?Yancheng Kitchen?"]
["2023年","8月份","L0001863788","Pineapple pulp\\菠萝密果肉","KG",3,34,102,"Kitchen-Western Kitchen?Yancheng Kitchen?"]
["2023年","8月份","L0001647201","The sun rose\\阳光玫瑰\\小果/KG","KG",2,30,60,"Kitchen-Western Kitchen?Yancheng Kitchen?"]
["2023年","8月份","L0000018880","Fuji Apple\\富士苹果","KG",40,12,480,"Kitchen-Western Kitchen?Yancheng Kitchen?"]
["2023年","8月份","L0000037213","Fruit Fresh Small Mango \\小台芒","KG",2,11,22,"Kitchen-Western Kitchen?Yancheng Kitchen?"]
["2023年","8月份","L0001863757","Claw honey\\羊角蜜","KG",0,9,0,"Kitchen-Western Kitchen?Yancheng Kitchen?"]
["2023年","8月份","L0002331836","chilled salmon fillet\\集采冰鲜三文鱼柳","KG",10,167,1670,"Kitchen-Western Kitchen?Yancheng Kitchen?"]
["2023年","8月份","L0001978475","集采 Frozen Seafood Precooked Boston Lobster/熟冻波士顿龙虾 加拿大 300-350G/EA 净重收货","KG",36.32,170,6174.4,"Kitchen-Western Kitchen?Yancheng Kitchen?"]
["2023年","8月份","L0002232900","Lamb leg with bone\\LAMB带骨羔羊腿","KG",10,78,780,"Kitchen-Western Kitchen?Yancheng Kitchen?"]
["2023年","8月份","L0001525514","Frozen oysters / the price is about 3.5-4 yuan/冰冻生蚝/需要价格在3.5-4元左右一个","CS",4,255,1020,"Kitchen-Western Kitchen?Yancheng Kitchen?"]
["2023年","8月份","L0001551656","Emerald snail/翡翠螺","KG",6,65,390,"Kitchen-Western Kitchen?Yancheng Kitchen?"]
["2023年","8月份","L0002441523","Boston lobster\\活波士顿龙虾350-400g/只","EA",10,98,980,"Kitchen-Western Kitchen?Yancheng Kitchen?"]
["2023年","8月份","L0000229317","100 g snakehead seed sauce黑鱼籽酱100g","EA",1,53,53,"Kitchen-Western Kitchen?Yancheng Kitchen?"]
["2023年","8月份","L0000033359","Shellfish Fresh Jiwei\\基围虾 小\\50pcs","KG",5,65,325,"Kitchen-Western Kitchen?Yancheng Kitchen?"]
["2023年","8月份","L0000229316","100 g red fish roe sauce红鱼籽酱100g","EA",1,53,53,"Kitchen-Western Kitchen?Yancheng Kitchen?"]
["2023年","8月份","L0001514960","Seafood\\Small pomfret\\冰冻小鲳鱼100g-120g/条","KG",5,42,210,"Kitchen-Western Kitchen?Yancheng Kitchen?"]
["2023年","8月份","L0000223282","Escargot\\田螺","KG",2,10,20,"Kitchen-Western Kitchen?Yancheng Kitchen?"]
["2023年","8月份","L0002358507","Freshwater crayfish\\淡水小龙虾45钱","KG",20,43,860,"Kitchen-Western Kitchen?Yancheng Kitchen?"]
["2023年","8月份","L0002358513","Freshwater crayfish\\淡水小龙虾67钱","KG",10,55,550,"Kitchen-Western Kitchen?Yancheng Kitchen?"]
["2023年","8月份","L0001791624","Red crab\\冻红花蟹200-300G\\出成75%/KG","KG",5,95,475,"Kitchen-Western Kitchen?Yancheng Kitchen?"]
["2023年","8月份","L0000023367","Tiger Crab\\老虎蟹","KG",5,90,450,"Kitchen-Western Kitchen?Yancheng Kitchen?"]
["2023年","8月份","L0000038698","Shellfish Fresh Big Size Clam \\大文蛤","KG",4.7,35,164.5,"Kitchen-Western Kitchen?Yancheng Kitchen?"]
["2023年","8月份","L0000164202","Frozen small yellow croaker washed\\冰冻小黄鱼洗净","KG",4.5,50,225,"Kitchen-Western Kitchen?Yancheng Kitchen?"]
["2023年","8月份","L0000123334","Fish powder\\红鱼粉\\500g/bag","BAG",1,110.61,110.61,"Kitchen-Western Kitchen?Yancheng Kitchen?"]
["2023年","8月份","L0000016846","Nestle Milk Powder\\雀巢奶粉袋装\\500g","PK",12,38,456,"Kitchen-Western Kitchen?Yancheng Kitchen?"]
["2023年","8月份","L0000296830","Vinegar\\丘比日式油醋汁1.5L\\瓶","BTL",1,49.56,49.56,"Kitchen-Western Kitchen?Yancheng Kitchen?"]
["2023年","8月份","L0000548408","Other Meats\\Im one hundred times the royal mozzarella cheese\\百倍德皇家马苏里拉芝士肠\\kg","KG",4,78.76,315.04,"Kitchen-Western Kitchen?Yancheng Kitchen?"]
["2023年","8月份","L0001551750","Wufeng glutinous rice Shaomai / 320G/五丰糯米烧麦/320G","BAG",15,11.95,179.25,"Kitchen-Western Kitchen?Yancheng Kitchen?"]
["2023年","8月份","L0001574062","Sunnon chicken and onion rings\\圣农鸡肉洋葱圈\\800g/袋","BAG",1,16.37,16.37,"Kitchen-Western Kitchen?Yancheng Kitchen?"]
["2023年","8月份","L0001760451","Sea cabbage\\海白菜4.5KG/件","EA",1,48.5,48.5,"Kitchen-Western Kitchen?Yancheng Kitchen?"]
["2023年","8月份","L0001760467","Shredded mustard in red oil\\红油榨菜丝4.5KG/件","EA",1,46.5,46.5,"Kitchen-Western Kitchen?Yancheng Kitchen?"]
["2023年","8月份","L0001923733","Tianche sweet bean sauce\\天车甜面酱\\500g/瓶","BTL",6,9.5,57,"Kitchen-Western Kitchen?Yancheng Kitchen?"]
["2023年","8月份","L0001998349","Lobster sauce sparerib/方正豆豉排骨1kg\\包","BAG",2,88,176,"Kitchen-Western Kitchen?Yancheng Kitchen?"]
["2023年","8月份","L0001998375","Purple potato bags/安井开心紫薯包800g\\包","BAG",6,15,90,"Kitchen-Western Kitchen?Yancheng Kitchen?"]
["2023年","8月份","L0002429037","Steak Wellington\\惠灵顿牛排330g/包","BAG",20,57.52,1150.4,"Kitchen-Western Kitchen?Yancheng Kitchen?"]
["2023年","8月份","L0000075542","Sausage & Hams\\Sausage Lyoner With Paprika\\里昂那肠青椒\\3kg\\pc","KG",2.5,66,165,"Kitchen-Western Kitchen?Yancheng Kitchen?"]
["2023年","8月份","L0000032523","Dry Canned Food Del Monte Whole Kernel Corn\\地门玉米粒\\420g/tin","EA",6,7,42,"Kitchen-Western Kitchen?Yancheng Kitchen?"]
["2023年","8月份","L0000017854","LeeKumKee Sauce Spicy \\李锦记香辣酱\\205g","BTL",4,14,56,"Kitchen-Western Kitchen?Yancheng Kitchen?"]
["2023年","8月份","L0000258460","Dry Goods Others\\preserved vegetable\\乌江牌榨菜\\70G","BAG",30,2.3,69,"Kitchen-Western Kitchen?Yancheng Kitchen?"]
["2023年","8月份","L0000034478","Sauce Crab Meat Stick\\蟹肉棒\\8bon/80pkg","EA",0,13,0,"Kitchen-Western Kitchen?Yancheng Kitchen?"]
["2023年","8月份","L0000075541","Sausage & Hams\\Sausage Lyoner With Mushroom\\蘑菇里昂那肠\\3kg\\pc","KG",2.5,69,172.5,"Kitchen-Western Kitchen?Yancheng Kitchen?"]
["2023年","8月份","L0000152556","Dried/Canned Foods-白泡菜-韩国泡菜-White Pickle","KG",10,20,200,"Kitchen-Western Kitchen?Yancheng Kitchen?"]
["2023年","8月份","L0000828622","Food Meat - Poultry Processed Meat\\百倍德盘肠1kg/包","PK",5,49.6,248,"Kitchen-Western Kitchen?Yancheng Kitchen?"]
["2023年","8月份","L0001522598","Juice Chilled Juice Apple Juice\\橙宝苹果汁\\BTL\\2L","BTL",12,12.5,150,"Kitchen-Western Kitchen?Yancheng Kitchen?"]
["2023年","8月份","L0001522601","Juice Chilled Juice orangeJuice\\橙宝橙汁\\BTL\\2L","BTL",24,12.5,300,"Kitchen-Western Kitchen?Yancheng Kitchen?"]
["2023年","8月份","L0001522602","Juice Chilled Juice Grape juice\\橙宝葡萄汁\\BTL 2L","BTL",12,12.5,150,"Kitchen-Western Kitchen?Yancheng Kitchen?"]
["2023年","8月份","L0001522603","Juice Chilled Juice Grapefruit juice\\橙宝西柚汁\\BTL 2L","BTL",12,12.5,150,"Kitchen-Western Kitchen?Yancheng Kitchen?"]
["2023年","8月份","L0001526369","Frise Bacon 2kg/福瑞斯五花培根(生制)2KG","BAG",8,99,792,"Kitchen-Western Kitchen?Yancheng Kitchen?"]
["2023年","8月份","L0001526369","Frise Bacon 2kg/福瑞斯五花培根(生制)2KG","BAG",8,99,792,"Kitchen-Western Kitchen?Yancheng Kitchen?"]
["2023年","8月份","L0001526370","Forrest chicken breakfast sausage 2kg/福瑞斯鸡肉早餐肠2KG","BAG",5,84,420,"Kitchen-Western Kitchen?Yancheng Kitchen?"]
["2023年","8月份","L0001526373","Forrest beef breakfast sausage 2kg/福瑞斯牛肉早餐肠2KG","BAG",5,92,460,"Kitchen-Western Kitchen?Yancheng Kitchen?"]
["2023年","8月份","L0001574038","Wanzheng Group Food Channel Shrimp Dumpling 25g\\万正团膳渠道虾饺\\25g*40个/袋","BAG",4,61,244,"Kitchen-Western Kitchen?Yancheng Kitchen?"]
["2023年","8月份","L0001574064","Aunt Su's spring rolls with shredded pork and shepherd's purse\\苏阿姨荠菜肉丝春卷\\1kg/袋","BAG",10,34,340,"Kitchen-Western Kitchen?Yancheng Kitchen?"]
["2023年","8月份","L0001591988","Sesame balls\\千味央厨芝麻球\\260g/BAG","BAG",10,3.54,35.4,"Kitchen-Western Kitchen?Yancheng Kitchen?"]
["2023年","8月份","L0001760461","Spicy crisp melon\\香辣脆瓜4.5KG/件","EA",1,50,50,"Kitchen-Western Kitchen?Yancheng Kitchen?"]
["2023年","8月份","L0001760466","Mixed vegetables\\八宝菜4.5KG/件","EA",1,50,50,"Kitchen-Western Kitchen?Yancheng Kitchen?"]
["2023年","8月份","L0001760468","Hot and sour radish strips\\酸辣萝卜条4.5KG/件","EA",1,50,50,"Kitchen-Western Kitchen?Yancheng Kitchen?"]
["2023年","8月份","L0001760471","Pickled cowpea\\酸豆角4.5KG/件","EA",1,50,50,"Kitchen-Western Kitchen?Yancheng Kitchen?"]
["2023年","8月份","L0002309632","Cong Chef Grandma dishes\\聪厨外婆菜258g/包","BAG",10,5.2,52,"Kitchen-Western Kitchen?Yancheng Kitchen?"]
["2023年","8月份","L0002367458","White Elephant Korean Turkey Noodles\\白象韩式火鸡面119g*5/包","BAG",0,19,0,"Kitchen-Western Kitchen?Yancheng Kitchen?"]
["2023年","8月份","L0000017437","Kellogg's Honey Nut Os\\家乐氏蜜果脆圈圈\\250g","BX",1,26,26,"Kitchen-Western Kitchen?Yancheng Kitchen?"]
["2023年","8月份","L0000163757","The chobe Fried sesame sauce culture\\丘比煎培芝麻汁1.5L/瓶","BTL",2,60,120,"Kitchen-Western Kitchen?Yancheng Kitchen?"]
["2023年","8月份","L0002309641","Golden Arowana Instant Tofu Pollen\\金龙鱼速食豆腐花粉260g*30袋/箱","CS",1,390,390,"Kitchen-Western Kitchen?Yancheng Kitchen?"]
["2023年","8月份","L0001881250","Golden arowana sesame oil\\金龙鱼芝麻香油400ml","BTL",4,24,96,"Kitchen-Western Kitchen?Yancheng Kitchen?"]
["2023年","8月份","L0000017204","McCormick Pepper White Powder\\味好美白胡椒粉\\510g","CAN",1,135,135,"Kitchen-Western Kitchen?Yancheng Kitchen?"]
["2023年","8月份","L0000017274","Baili Red Kidney Bean\\百利红腰豆\\432g","CAN",6,6.9,41.4,"Kitchen-Western Kitchen?Yancheng Kitchen?"]
["2023年","8月份","L0000017452","Kellogg's Rice Crispy\\家乐氏卜卜米\\200g","PK",1,24.8,24.8,"Kitchen-Western Kitchen?Yancheng Kitchen?"]
["2023年","8月份","L0000017560","White Sesame Seed\\白芝麻","KG",0.5,28,14,"Kitchen-Western Kitchen?Yancheng Kitchen?"]
["2023年","8月份","L0000017627","ZhenJiang Black Chinese Vinegar\\镇江陈醋\\420ml","BTL",6,7.5437,45.26,"Kitchen-Western Kitchen?Yancheng Kitchen?"]
["2023年","8月份","L0000024052","Canned Tuna\\鲜得味金枪鱼罐头油浸\\180G","CAN",2,14.8447,29.69,"Kitchen-Western Kitchen?Yancheng Kitchen?"]
["2023年","8月份","L0000032445","Sauce Leekumkee Oyster Sauce\\李锦记财神蚝油\\907g/btl","EA",2,19.5,39,"Kitchen-Western Kitchen?Yancheng Kitchen?"]
["2023年","8月份","L0000032447","Sauce Leekumkee Hoisin\\李锦记海鲜酱\\240g/btl","EA",6,22,132,"Kitchen-Western Kitchen?Yancheng Kitchen?"]
["2023年","8月份","L0000032479","Sauce Laoganma Paste\\老干妈\\280g/btl","EA",6,9.81,58.86,"Kitchen-Western Kitchen?Yancheng Kitchen?"]
["2023年","8月份","L0000032597","Herbs / Spices Chili Power\\辣椒面","KG",1,37.1942,37.19,"Kitchen-Western Kitchen?Yancheng Kitchen?"]
["2023年","8月份","L0000052168","Sauce Knorr Powder Chicken\\家乐鸡精\\900G","TIN",6,26,156,"Kitchen-Western Kitchen?Yancheng Kitchen?"]
["2023年","8月份","L0000077387","Vegetable\\Lotus Root Zone\\泡椒藕带\\400G","BAG",5,10,50,"Kitchen-Western Kitchen?Yancheng Kitchen?"]
["2023年","8月份","L0000087643","Dry goods others\\K.S.T Sau Chicken Rice Soy Swt Dark\\广祥泰鸡饭老抽 640ml","BTL",3,26,78,"Kitchen-Western Kitchen?Yancheng Kitchen?"]
["2023年","8月份","L0000087644","Dry goods others\\Sauce Haitian Soybean Light Sauce\\海天金标生抽 1.9L","EA",6,19.8,118.8,"Kitchen-Western Kitchen?Yancheng Kitchen?"]
["2023年","8月份","L0000428437","Frozen Snack\\Ann Pumpkin Pie\\安井南瓜饼\\320g\\袋","BAG",10,8.6602,86.6,"Kitchen-Western Kitchen?Yancheng Kitchen?"]
["2023年","8月份","L0000428498","Chinese Seasoning\\Sanwu hot pot base material\\三五火锅底料\\300g\\袋","BAG",10,12.3689,123.69,"Kitchen-Western Kitchen?Yancheng Kitchen?"]
["2023年","8月份","L0000466464","Dry Goods\\Ferment sauce\\鼎丰香糟卤\\630ml","BTL",4,6.1262,24.5,"Kitchen-Western Kitchen?Yancheng Kitchen?"]
["2023年","8月份","L0000666762","Dry Goods\\Spices Sauce Ketchup\\番茄沙司(地们)\\340g","BTL",10,7.068,70.68,"Kitchen-Western Kitchen?Yancheng Kitchen?"]
["2023年","8月份","L0000730862","Instant Noodle\\韩国辛拉面\\120g/包","PK",50,5.34,267,"Kitchen-Western Kitchen?Yancheng Kitchen?"]
["2023年","8月份","L0001389850","kale Borecole 蓬盛橄榄菜 450g/bot [Bot]","BTL",4,12.3689,49.48,"Kitchen-Western Kitchen?Yancheng Kitchen?"]
["2023年","8月份","L0001574060","Sister Kitchen Salt Crispy Chicken (Rice Chicken)\\姐妹厨房盐酥鸡（鸡米花）\\2.5kg/袋","BAG",2,70,140,"Kitchen-Western Kitchen?Yancheng Kitchen?"]
["2023年","8月份","L0001591977","Milk yellow bag\\三全奶黄包\\1500克/包","BAG",2,26.8,53.6,"Kitchen-Western Kitchen?Yancheng Kitchen?"]
["2023年","8月份","L0001658552","Three quick kitchen vegetable bag\\三全快厨素菜包1500g/包","BAG",3,27,81,"Kitchen-Western Kitchen?Yancheng Kitchen?"]
["2023年","8月份","L0001658552","Three quick kitchen vegetable bag\\三全快厨素菜包1500g/包","BAG",2,27,54,"Kitchen-Western Kitchen?Yancheng Kitchen?"]
["2023年","8月份","L0001665032","Anjing osmanthus cake\\安井桂花糕300g/包","BAG",10,9.71,97.1,"Kitchen-Western Kitchen?Yancheng Kitchen?"]
["2023年","8月份","L0001760428","Bittern\\家乐浓缩卤水汁1.05KG/瓶","BTL",2,52,104,"Kitchen-Western Kitchen?Yancheng Kitchen?"]
["2023年","8月份","L0001821836","Fried bread stick\\思念油条800g/包","BAG",10,15,150,"Kitchen-Western Kitchen?Yancheng Kitchen?"]
["2023年","8月份","L0001730273","Wuchang rice\\亿亩粮田\\五常大米\\5KG/包","BAG",2,100,200,"Kitchen-Chinese Kitchen?Man Ho?"]
["2023年","8月份","L0001531064","Tuna oil/10L*2/non transgenic/金龙鱼油/10L*2/非转基因","CS",2,270,540,"Kitchen-Chinese Kitchen?Man Ho?"]
["2023年","8月份","L0000033103","Vegetable Fresh Carrot\\胡萝卜","KG",3,5,15,"Kitchen-Chinese Kitchen?Man Ho?"]
["2023年","8月份","L0000019103","Cabbage Xiao Tang\\小唐菜","KG",2,13,26,"Kitchen-Chinese Kitchen?Man Ho?"]
["2023年","8月份","L0000024421","Veg Chinese Yam\\山药","KG",2,15,30,"Kitchen-Chinese Kitchen?Man Ho?"]
["2023年","8月份","L0000019174","Garlic Peeled\\蒜肉","KG",2.7,12,32.4,"Kitchen-Chinese Kitchen?Man Ho?"]
["2023年","8月份","L0000024524","Bean Sprout\\去根黄豆芽","KG",1,12,12,"Kitchen-Chinese Kitchen?Man Ho?"]
["2023年","8月份","L0000024550","Onion\\去皮干葱头","KG",3,17.8,53.4,"Kitchen-Chinese Kitchen?Man Ho?"]
["2023年","8月份","L0000033116","Vegetable Fresh Bean Sprout Big\\银芽 去头去尾","KG",0.5,12,6,"Kitchen-Chinese Kitchen?Man Ho?"]
["2023年","8月份","L0000034896","Vegetable Fresh Abalone Mushrooms \\杏鲍菇","KG",2.5,14,35,"Kitchen-Chinese Kitchen?Man Ho?"]
["2023年","8月份","L0000037834","Vegetable Fresh Vegetable Chufa Peeled\\马蹄(去皮)","KG",1,30,30,"Kitchen-Chinese Kitchen?Man Ho?"]
["2023年","8月份","L0000076626","Sun Chrysanthemum Petals\\太阳菊花瓣\\20g\\盒","BX",2,20,40,"Kitchen-Chinese Kitchen?Man Ho?"]
["2023年","8月份","L0000287774","火红苗/食用","BX",2,15,30,"Kitchen-Chinese Kitchen?Man Ho?"]
["2023年","8月份","L0001624690","lily\\净鲜百合80g（盒装）/BX","BX",3,12,36,"Kitchen-Chinese Kitchen?Man Ho?"]
["2023年","8月份","L0000017690","Rice Noodle\\河粉","KG",3,9,27,"Kitchen-Chinese Kitchen?Man Ho?"]
["2023年","8月份","L0000019104","Baby Carrot Fingerling \\手指胡萝卜","KG",0.5,22,11,"Kitchen-Chinese Kitchen?Man Ho?"]
["2023年","8月份","L0000019109","Celery Process\\加工西芹","KG",2,16,32,"Kitchen-Chinese Kitchen?Man Ho?"]
["2023年","8月份","L0000018658","Chicken Old\\老鸡2kg","KG",2,40,80,"Kitchen-Chinese Kitchen?Man Ho?"]
["2023年","8月份","L0000023648","Meat Pork Lean Leg\\猪赤肉","KG",2,43,86,"Kitchen-Chinese Kitchen?Man Ho?"]
["2023年","8月份","L0000018880","Fuji Apple\\富士苹果","KG",5,12,60,"Kitchen-Chinese Kitchen?Man Ho?"]
["2023年","8月份","L0000018960","Local Seedless Watermelon\\本地无籽西瓜","KG",10,4.2,42,"Kitchen-Chinese Kitchen?Man Ho?"]
["2023年","8月份","L0000970199","Produce蔬菜水果\\green lemon lenves\\泰国小青柠檬","KG",1,24,24,"Kitchen-Chinese Kitchen?Man Ho?"]
["2023年","8月份","L0000034156","Fruit Fresh Kiwi Gold\\猕猴桃(金果)","KG",1,58,58,"Kitchen-Chinese Kitchen?Man Ho?"]
["2023年","8月份","L0000018873","Dragon Fruit Redmeat\\红肉火龙果","KG",3,11,33,"Kitchen-Chinese Kitchen?Man Ho?"]
["2023年","8月份","L0001748976","Raw frozen black tiger prawns\\3头生冻黑虎虾\\6只/盒","BX",12,145,1740,"Kitchen-Chinese Kitchen?Man Ho?"]
["2023年","8月份","L0000022289","Conch\\海螺","KG",7,100,700,"Kitchen-Chinese Kitchen?Man Ho?"]
["2023年","8月份","L0000022289","Conch\\海螺","KG",6.5,100,650,"Kitchen-Chinese Kitchen?Man Ho?"]
["2023年","8月份","L0000020877","River Prawn\\河虾","KG",1,250,250,"Kitchen-Chinese Kitchen?Man Ho?"]
["2023年","8月份","L0000304193","Fish Fresh\\Fresh Squid\\鲜大鱿鱼 150g-250g","KG",1.7,85,144.5,"Kitchen-Chinese Kitchen?Man Ho?"]
["2023年","8月份","L0000303484","Seafood\\YEN FOOD ABALONE LIVE 8PC\\鲜活鲍鱼（8头）\\KG","KG",2.5,156,390,"Kitchen-Chinese Kitchen?Man Ho?"]
["2023年","8月份","L0000034708","Shellfish Frozen Shrimp\\青虾仁\\21-25","KG",5,110,550,"Kitchen-Chinese Kitchen?Man Ho?"]
["2023年","8月份","L0000033289","Fish Fresh Grass Carp\\草鱼","KG",4.2,24,100.8,"Kitchen-Chinese Kitchen?Man Ho?"]
["2023年","8月份","L0000035229","Fish Fresh Eel Killed \\去骨黄鳝鱼片","KG",1,90,90,"Kitchen-Chinese Kitchen?Man Ho?"]
["2023年","8月份","L0000024302","Milk Condensed Evaporated\\三花淡奶\\410Ml","TIN",6,11.5,69,"Kitchen-Chinese Kitchen?Man Ho?"]
["2023年","8月份","L0000024386","Cheese Anchor Serve Pale 80 Slices\\安佳80片精致芝士片 米色\\990G","EA",1,65,65,"Kitchen-Chinese Kitchen?Man Ho?"]
["2023年","8月份","L0000016756","Mozzarella Cheese\\马苏里拉芝士\\1kg","EA",1,60.18,60.18,"Kitchen-Chinese Kitchen?Man Ho?"]
["2023年","8月份","L0000018212","Powder Gelatine Robertson\\罗拔臣鱼胶粉\\500g","PK",1,61.95,61.95,"Kitchen-Chinese Kitchen?Man Ho?"]
["2023年","8月份","L0001274123","Anjing wine small round\\安井酒酿小圆子250g/包\\BAG 包","BAG",5,4.2478,21.24,"Kitchen-Chinese Kitchen?Man Ho?"]
["2023年","8月份","L0001881221","Lee Kum Kee pure fragrant sesame oil\\李锦记纯香芝麻油410ml","BTL",4,24.5,98,"Kitchen-Chinese Kitchen?Man Ho?"]
["2023年","8月份","L0000160118","Pastry Dry Breadcrumbs\\百利黄色面包糠\\500g/包","PK",2,17.26,34.52,"Kitchen-Chinese Kitchen?Man Ho?"]
["2023年","8月份","L0000333206","Into the whole egg's surface\\进亿全蛋伊面 1.1KG\\条\\each","EA",2,40.5,81,"Kitchen-Chinese Kitchen?Man Ho?"]
["2023年","8月份","L0000351745","Dry Goods\\Sugar/Salt-单晶冰糖 8kg/pkt-sugar cube","EA",1,88,88,"Kitchen-Chinese Kitchen?Man Ho?"]
["2023年","8月份","L0000024157","Bean Soy Dry\\黄豆(称重)","KG",1,8.89,8.89,"Kitchen-Chinese Kitchen?Man Ho?"]
["2023年","8月份","L0000024121","Sharajum Sweet\\甜丘比酱丘比香甜沙拉酱\\1Kg","PK",2,40,80,"Kitchen-Chinese Kitchen?Man Ho?"]
["2023年","8月份","L0001865241","Lotus root starch round\\鑫名肴\\藕粉圆\\400g/袋","BAG",5,15,75,"Kitchen-Chinese Kitchen?Man Ho?"]
["2023年","8月份","L0001650129","Mushroom water douchi\\花菇水豆豉/280g/BTL","BTL",6,6,36,"Kitchen-Chinese Kitchen?Man Ho?"]
["2023年","8月份","L0001303737","Dry Food\\crude salt\\粗盐/500G","PK",25,2.8252,70.63,"Kitchen-Chinese Kitchen?Man Ho?"]
["2023年","8月份","L0000428498","Chinese Seasoning\\Sanwu hot pot base material\\三五火锅底料\\300g\\袋","BAG",2,12.3689,24.74,"Kitchen-Chinese Kitchen?Man Ho?"]
["2023年","8月份","L0000402849","Acid Plum Paste\\美味源冰花酸梅酱270G\\瓶","BTL",6,8.6602,51.96,"Kitchen-Chinese Kitchen?Man Ho?"]
["2023年","8月份","L0000377880","Dry Goods\\Pepper Salt\\星火味椒盐\\45g","BTL",6,3.767,22.6,"Kitchen-Chinese Kitchen?Man Ho?"]
["2023年","8月份","L0000163602","Eggs Alted Vitellus\\咸蛋黄\\10个/盒","BX",5,13,65,"Kitchen-Chinese Kitchen?Man Ho?"]
["2023年","8月份","L0000052156","Sugar Maltose\\麦芽糖\\10KG","EA",2,111.5534,223.11,"Kitchen-Chinese Kitchen?Man Ho?"]
["2023年","8月份","L0000034663","Sauce Donggu Sauce\\东古一品鲜\\500ml","EA",6,12.3689,74.21,"Kitchen-Chinese Kitchen?Man Ho?"]
["2023年","8月份","L0000024305","Knorr Chicken Consomme Sauce\\家乐浓缩鸡汁\\1000Ml","PK",4,62,248,"Kitchen-Chinese Kitchen?Man Ho?"]
["2023年","8月份","L0000032445","Sauce Leekumkee Oyster Sauce\\李锦记财神蚝油\\907g/btl","EA",6,19.5,117,"Kitchen-Chinese Kitchen?Man Ho?"]
["2023年","8月份","L0000017362","GaoDa Coconut Milk Kos\\金牌高达椰浆\\400g","CAN",6,11,66,"Kitchen-Chinese Kitchen?Man Ho?"]
["2023年","8月份","L0000017560","White Sesame Seed\\白芝麻","KG",1,28,28,"Kitchen-Chinese Kitchen?Man Ho?"]
["2023年","8月份","L0000017628","HengShun Vinegar\\恒顺香醋\\500ml","BTL",6,7,42,"Kitchen-Chinese Kitchen?Man Ho?"]
["2023年","8月份","L0000017804","Pantainuo Chili Sauce Thai \\潘泰诺华星牌泰辣鸡汁\\730g","BTL",6,18.5631,111.38,"Kitchen-Chinese Kitchen?Man Ho?"]
["2023年","8月份","L0000017819","LeeKumKee Garlic Chilli Sauce\\李锦记蒜蓉辣椒酱\\368g","BTL",6,19.7961,118.78,"Kitchen-Chinese Kitchen?Man Ho?"]
["2023年","8月份","L0000018158","Guyuelongshan high-grade Shaoxing Wine\\花雕酒古越龙山\\500ml","BTL",6,9.8932,59.36,"Kitchen-Chinese Kitchen?Man Ho?"]
["2023年","8月份","L0000017945","Knorr Chicken Powder\\家乐鸡粉\\2kg","CAN",1,86,86,"Kitchen-Chinese Kitchen?Man Ho?"]
["2023年","8月份","L0000637386","Food Dry Goods Rice / Grain / Cereal/sticky rice(local)本地圆糯米","KG",10,7.2,72,"Kitchen-Banquet Kitchen"]
["2023年","8月份","L0000024512","Bean Curd Water\\水豆腐(板)","EA",0.5,20,10,"Kitchen-Banquet Kitchen"]
["2023年","8月份","L0000033107","Vegetable Fresh Baby Vegetable\\娃娃菜","EA",3,6,18,"Kitchen-Banquet Kitchen"]
["2023年","8月份","L0000019080","Bean Sprout\\黄豆芽","KG",3,4,12,"Kitchen-Banquet Kitchen"]
["2023年","8月份","L0000087075","Vegetable Fresh\\Chili red\\红杭椒","KG",1,23,23,"Kitchen-Banquet Kitchen"]
["2023年","8月份","L0000103452","Cherry tomatoes (yellow)\\圣女果(黄）/kg","KG",5,24,120,"Kitchen-Banquet Kitchen"]
["2023年","8月份","L0000051423","Taro\\芋头","KG",1,9,9,"Kitchen-Banquet Kitchen"]
["2023年","8月份","L0000019174","Garlic Peeled\\蒜肉","KG",2,12,24,"Kitchen-Banquet Kitchen"]
["2023年","8月份","L0000033111","Vegetable Fresh Cabbage Shanghai\\上海青 只留菜心部分","KG",1.5,8,12,"Kitchen-Banquet Kitchen"]
["2023年","8月份","L0000019129","Chive/韭菜/Kg","KG",0.75,8,6,"Kitchen-Banquet Kitchen"]
["2023年","8月份","L0000024482","Cucumber\\黄瓜","KG",20,6,120,"Kitchen-Banquet Kitchen"]
["2023年","8月份","L0000019343","White Jade Mushroom\\白玉菇","KG",2.5,16,40,"Kitchen-Banquet Kitchen"]
["2023年","8月份","L0000019258","Onion Red Peeled\\去皮红洋葱","KG",1,7,7,"Kitchen-Banquet Kitchen"]
["2023年","8月份","L0000024414","Chili Green Hang Jiao\\绿杭椒","KG",1,15.6,15.6,"Kitchen-Banquet Kitchen"]
["2023年","8月份","L0000024473","Broccoli Green\\去根西兰花","KG",10,16,160,"Kitchen-Banquet Kitchen"]
["2023年","8月份","L0000019080","Bean Sprout\\黄豆芽","KG",8,4,32,"Kitchen-Banquet Kitchen"]
["2023年","8月份","L0000024544","Smoked Bean Curd\\香干","KG",0.25,13,3.25,"Kitchen-Banquet Kitchen"]
["2023年","8月份","L0000122723","Alkaline noodle碱面条","KG",8,8,64,"Kitchen-Banquet Kitchen"]
["2023年","8月份","L0000033107","Vegetable Fresh Baby Vegetable\\娃娃菜","EA",14,6,84,"Kitchen-Banquet Kitchen"]
["2023年","8月份","L0000024550","Onion\\去皮干葱头","KG",1.5,17.8,26.7,"Kitchen-Banquet Kitchen"]
["2023年","8月份","L0001624721","Iron yam\\加工净铁棍山药/KG","KG",3.5,27,94.5,"Kitchen-Banquet Kitchen"]
["2023年","8月份","L0000018705","Local Duck Old \\本地老鸭1-1.25kg","KG",18,86,1548,"Kitchen-Banquet Kitchen"]
["2023年","8月份","L0000023614","Pigeon\\乳鸽\\300G","EA",6,28,168,"Kitchen-Banquet Kitchen"]
["2023年","8月份","L0000034098","Pork Local Minced Meat\\肉末\\3分肥肉7分瘦肉","KG",3,38,114,"Kitchen-Banquet Kitchen"]
["2023年","8月份","L0000023666","Pork Bones W Meat\\猪龙骨","KG",0.75,38,28.5,"Kitchen-Banquet Kitchen"]
["2023年","8月份","L0000018705","Local Duck Old \\本地老鸭1-1.25kg","KG",94,86,8084,"Kitchen-Banquet Kitchen"]
["2023年","8月份","L0000023614","Pigeon\\乳鸽\\300G","EA",20,28,560,"Kitchen-Banquet Kitchen"]
["2023年","8月份","L0000023666","Pork Bones W Meat\\猪龙骨","KG",2.5,38,95,"Kitchen-Banquet Kitchen"]
["2023年","8月份","L0002161290","Bovine anterior tendon/牛前键","KG",15,98,1470,"Kitchen-Banquet Kitchen"]
["2023年","8月份","L0000023614","Pigeon\\乳鸽\\300G","EA",36,28,1008,"Kitchen-Banquet Kitchen"]
["2023年","8月份","L0000023666","Pork Bones W Meat\\猪龙骨","KG",4.5,38,171,"Kitchen-Banquet Kitchen"]
["2023年","8月份","L0000023672","Pork\\去皮五花肉","KG",10,36,360,"Kitchen-Banquet Kitchen"]
["2023年","8月份","L0000034098","Pork Local Minced Meat\\肉末\\3分肥肉7分瘦肉","KG",10,38,380,"Kitchen-Banquet Kitchen"]
["2023年","8月份","L0001709053","Local quality hens (cleaned)\\本地优母鸡（净膛）","KG",3.6,39,140.4,"Kitchen-Banquet Kitchen"]
["2023年","8月份","L0000023723","Duck\\白条鸭","KG",15,24.8,372,"Kitchen-Banquet Kitchen"]
["2023年","8月份","L0001514950","Qinnan Buffalo\\秦南水牛肉","KG",1,212,212,"Kitchen-Banquet Kitchen"]
["2023年","8月份","L0001709053","Local quality hens (cleaned)\\本地优母鸡（净膛）","KG",2.4,39,93.6,"Kitchen-Banquet Kitchen"]
["2023年","8月份","L0000976204","Egg Quail\\鹌鹑蛋 去皮","KG",2,26,52,"Kitchen-Banquet Kitchen"]
["2023年","8月份","L0000024447","Egg Preserved\\皮蛋","EA",200,2.3,460,"Kitchen-Banquet Kitchen"]
["2023年","8月份","L0000976204","Egg Quail\\鹌鹑蛋 去皮","KG",2.3,26,59.8,"Kitchen-Banquet Kitchen"]
["2023年","8月份","L0000445634","JT-eggs\\鸡蛋-\\KG","KG",10,14,140,"Kitchen-Banquet Kitchen"]
["2023年","8月份","L0000018960","Local Seedless Watermelon\\本地无籽西瓜","KG",100,4.2,420,"Kitchen-Banquet Kitchen"]
["2023年","8月份","L0000162206","Fruit Fresh Hami Melon\\哈密瓜\\kg","KG",40,4.8,192,"Kitchen-Banquet Kitchen"]
["2023年","8月份","L0000018874","Dragon Fruit\\白肉火龙果","KG",30,8.4,252,"Kitchen-Banquet Kitchen"]
["2023年","8月份","L0000449351","Honey melon Fresh 香瓜（玉菇瓜）","KG",40,6.4,256,"Kitchen-Banquet Kitchen"]
["2023年","8月份","L0000524458","Millennium tomato\\千禧小番茄","KG",2,12,24,"Kitchen-Banquet Kitchen"]
["2023年","8月份","L0001978481","集采 Frozen Seafood Green Shrimp/青虾仁B级 海至尊 中国21-25/磅 净重收货","KG",28.8,102,2937.6,"Kitchen-Banquet Kitchen"]
["2023年","8月份","L0001978479","集采 Frozen Seafood Precooked Shrimp/熟冻白虾 海至尊 中国 26-30个/磅 净重收货","KG",9.6,74,710.4,"Kitchen-Banquet Kitchen"]
["2023年","8月份","L0000019663","Dalian Abalone\\大连鲜鲍鱼\\9-10pcs","KG",4.5,127,571.5,"Kitchen-Banquet Kitchen"]
["2023年","8月份","L0000033993","Fish Processed Frozen Fish Osaki Crab Stick\\大崎蟹柳\\454g/pk","EA",5,16,80,"Kitchen-Banquet Kitchen"]
["2023年","8月份","L0002331916","Wangmingyuan Passion Mango\\旺茗园百香芒果300g/包","BAG",30,16,480,"Kitchen-Banquet Kitchen"]
["2023年","8月份","L0001998246","Almond paste/杏仁酥","EA",60,1.8,108,"Kitchen-Banquet Kitchen"]
["2023年","8月份","L0000254191","Dry Goods/Dry Seafood/Undaria/洋琪中华裙带菜/1000G/Each","EA",30,22,660,"Kitchen-Banquet Kitchen"]
["2023年","8月份","L0000333206","Into the whole egg's surface\\进亿全蛋伊面 1.1KG\\条\\each","EA",2,40.5,81,"Kitchen-Banquet Kitchen"]
["2023年","8月份","L0000333206","Into the whole egg's surface\\进亿全蛋伊面 1.1KG\\条\\each","EA",3,40.5,121.5,"Kitchen-Banquet Kitchen"]
["2023年","8月份","L0000160118","Pastry Dry Breadcrumbs\\百利黄色面包糠\\500g/包","PK",3,17.26,51.78,"Kitchen-Banquet Kitchen"]
["2023年","8月份","L0000032523","Dry Canned Food Del Monte Whole Kernel Corn\\地门玉米粒\\420g/tin","EA",25,7,175,"Kitchen-Banquet Kitchen"]
["2023年","8月份","L0001370393","Yasui cuttlefish ball\\安井墨鱼丸\\2.5kg/袋","BAG",2,58,116,"Kitchen-Banquet Kitchen"]
["2023年","8月份","L0001549164","San Quan Dumpings\\三全小笼包\\1kg\\包","BAG",2,28,56,"Kitchen-Banquet Kitchen"]
["2023年","8月份","L0001665028","Pearl lion head\\珍珠狮子头530g/包","BAG",4,19.42,77.68,"Kitchen-Banquet Kitchen"]
["2023年","8月份","L0000460051","FOOD DRY GOODS / GROCERY\\Pointed Bamboo Shoots\\扁尖\\KG","KG",2,44.6408,89.28,"Kitchen-Banquet Kitchen"]
["2023年","8月份","L0001531035","Brown sugar cake/红糖发糕/700g","BAG",5,11.6505,58.25,"Kitchen-Banquet Kitchen"]
["2023年","8月份","L0001551696","听tonese coconut cake / 400g / 包\\广式椰香糕/400g/包","BAG",5,12.0194,60.1,"Kitchen-Banquet Kitchen"]
["2023年","8月份","L0002232908","Black hair belly\\黑毛肚2.5kg/包","BAG",2,205,410,"Kitchen-Banquet Kitchen"]
["2023年","8月份","L0002232908","Black hair belly\\黑毛肚2.5kg/包","BAG",3,205,615,"Kitchen-Banquet Kitchen"]
["2023年","8月份","L0002162919","Li ghost garlic bone\\李鬼蒜香骨500g/包","BAG",30,38.5,1155,"Kitchen-Banquet Kitchen"]
["2023年","8月份","L0001760483","Yurun crystal meat\\雨润水晶肴肉/KG","KG",14,98,1372,"Kitchen-Banquet Kitchen"]
["2023年","8月份","L0001689720","Sheng Fu abalone roll\\胜福鲍鱼卷\\200g/袋","BAG",40,7.77,310.8,"Kitchen-Banquet Kitchen"]
["2023年","8月份","L0001574060","Sister Kitchen Salt Crispy Chicken (Rice Chicken)\\姐妹厨房盐酥鸡（鸡米花）\\2.5kg/袋","BAG",2,70,140,"Kitchen-Banquet Kitchen"]
["2023年","8月份","L0001549164","San Quan Dumpings\\三全小笼包\\1kg\\包","BAG",7,28,196,"Kitchen-Banquet Kitchen"]
["2023年","8月份","L0001031462","Nuomiou\\糯米藕","KG",10,24,240,"Kitchen-Banquet Kitchen"]
["2023年","8月份","L0000292646","sauce plum\\东古冰花酸梅酱\\240g","BTL",8,5.6602,45.28,"Kitchen-Banquet Kitchen"]
["2023年","8月份","L0000087533","Noodles EDR-Udon Noodles\\美国厨师乌冬面","BAG",20,3.6,72,"Kitchen-Banquet Kitchen"]
["2023年","8月份","L0000022379","Delmonte Canned Fruit\\地们热带杂果罐头\\850G","TIN",4,22.2718,89.09,"Kitchen-Banquet Kitchen"]
["2023年","8月份","L0000017970","Red Date Pitted\\无核红枣","KG",10,21.5,215,"Kitchen-Banquet Kitchen"]
["2023年","8月份","L0000017252","Delmonte Pinapple Sliced\\地扪菠萝片\\836g","CAN",8,18,144,"Kitchen-Banquet Kitchen"]
["2023年","8月份","L0001551724","Jinbailao mixed juice / 1.97kg/bottle/劲霸捞拌汁/1.97kg/瓶","BTL",4,30,120,"Kitchen-Banquet Kitchen"]
["2023年","8月份","L0000582884","Tofu fruit 豆腐果-员餐\\kg","KG",4,12,48,"Staff Dining"]
["2023年","8月份","L0000023993","EDR-Dried Beancurd Sheet\\豆腐干片-员餐","KG",3,8.4,25.2,"Staff Dining"]
["2023年","8月份","L0000391127","员餐/EDR\\DryFood\\Tofu\\板豆腐","EA",7,20,140,"Staff Dining"]
["2023年","8月份","L0000019391","EDR-Garlic Peeled\\大蒜去衣-员餐","KG",4,11,44,"Staff Dining"]
["2023年","8月份","L0000019392","EDR-Ginger Peeled\\生姜去皮-员餐","KG",2,23,46,"Staff Dining"]
["2023年","8月份","L0000019397","EDR-Winter Melon\\冬瓜-员餐","KG",8,5,40,"Staff Dining"]
["2023年","8月份","L0000023973","EDR-Green Soy Bean Seed\\毛豆肉-员餐","KG",15,20,300,"Staff Dining"]
["2023年","8月份","L0000023981","EDR-Cucumber\\黄瓜-员餐","KG",20,6,120,"Staff Dining"]
["2023年","8月份","L0000060706","EDR-Coriander\\香菜-员餐","KG",2,15,30,"Staff Dining"]
["2023年","8月份","L0000060716","EDR-Sweet Potato Baby\\小红薯-员餐","KG",15,8.6,129,"Staff Dining"]
["2023年","8月份","L0000019395","EDR-Kelp Knot\\海带结-员餐","KG",2,14,28,"Staff Dining"]
["2023年","8月份","L0000023931","EDR-Shallot\\小葱-员餐","KG",5,10,50,"Staff Dining"]
["2023年","8月份","L0000023941","EDR-Lettuce\\生菜-员餐","KG",15,8.8,132,"Staff Dining"]
["2023年","8月份","L0000023953","EDR-Celery Local\\本地芹菜-员餐","KG",8,9,72,"Staff Dining"]
["2023年","8月份","L0000023979","EDR-Spinach\\菠菜-员餐","KG",30,12.8,384,"Staff Dining"]
["2023年","8月份","L0001523375","ERD/Lettuce/员餐/油麦菜","KG",16,9,144,"Staff Dining"]
["2023年","8月份","L0000023989","EDR- Squash\\西葫芦-员餐","KG",16,7,112,"Staff Dining"]
["2023年","8月份","L0000035391","Vegetable Fresh EDR-Pumpkin\\南瓜去皮切块去籽-员餐","KG",16,7,112,"Staff Dining"]
["2023年","8月份","L0000035398","Vegetable Fresh EDR-Corn\\玉米棒切节-员餐","KG",25,9.8,245,"Staff Dining"]
["2023年","8月份","L0000190149","EDR-Shiitake Mushrooms\\鲜香菇（员工餐厅）","KG",12,15.8,189.6,"Staff Dining"]
["2023年","8月份","L0000023985","EDR-Asparagus Bean\\长豇豆-员餐","KG",16,11,176,"Staff Dining"]
["2023年","8月份","L0000023927","EDR-Potato Big\\大土豆-员餐","KG",25,6,150,"Staff Dining"]
["2023年","8月份","L0000434835","EDR\\Shelley\\雪菜\\(员工)\\kg","KG",20,5,100,"Staff Dining"]
["2023年","8月份","L0000019371","EDR-Taro Peeled\\芋头 去皮-员餐","KG",4,12,48,"Staff Dining"]
["2023年","8月份","L0000019376","EDR-Asparagus Lettuce Peeled\\莴笋去皮-员餐","KG",25,16,400,"Staff Dining"]
["2023年","8月份","L0000019386","EDR-Chinese Cabbage\\大白菜-员餐","KG",30,5,150,"Staff Dining"]
["2023年","8月份","L0000019396","EDR-Lotus Root\\莲藕洗净-员餐","KG",14,14,196,"Staff Dining"]
["2023年","8月份","L0000019402","EDR-Cherry Tomato\\樱桃番茄-员餐","KG",25,14,350,"Staff Dining"]
["2023年","8月份","L0000023937","EDR-Green Vegetable\\青菜-员餐","KG",30,6,180,"Staff Dining"]
["2023年","8月份","L0000023943","EDR-White Cabbage\\包心菜-员餐","KG",15,5,75,"Staff Dining"]
["2023年","8月份","L0000023997","EDR-Dried Pieces Of Bean Curd\\千张-员餐","KG",10,14,140,"Staff Dining"]
["2023年","8月份","L0000024065","EDR-Fu Zhu\\腐竹-员餐","KG",10,24,240,"Staff Dining"]
["2023年","8月份","L0000024023","EDR-Pork\\里脊肉-员餐","KG",15,42,630,"Staff Dining"]
["2023年","8月份","L0000087012","EDR\\Drumsticks\\琵琶腿-员餐","KG",30,24.8,744,"Staff Dining"]
["2023年","8月份","L0000087020","EDR\\Three yellow(block)\\三黄鸡（块）-员餐","KG",15,24,360,"Staff Dining"]
["2023年","8月份","L0000024035","EDR-Pork Belly\\五花肉-员餐","KG",18,36,648,"Staff Dining"]
["2023年","8月份","L0000034103","EDR-Sanhuang Chicken\\三黄鸡加工成块 去头和内脏-员餐","KG",28,26.8,750.4,"Staff Dining"]
["2023年","8月份","L0000024035","EDR-Pork Belly\\五花肉-员餐","KG",14,36,504,"Staff Dining"]
["2023年","8月份","L0000023883","EDR-Water Melon/Seedless 无籽西瓜-员餐","KG",85,4.2,357,"Staff Dining"]
["2023年","8月份","L0000400261","EDR\\[Lijilebao],Pickled CabBage李记乐宝李记鱼酸菜袋(员工)袋\\180g/Bag","BAG",40,4.67,186.8,"Staff Dining"]
["2023年","8月份","L0000024543","Firm Tofu\\老豆腐","EA",4,2.5,10,"Kitchen-Specialty Kitchen?Smoki Moto?"]
["2023年","8月份","L0000024532","Chili Red/红尖椒/Kg","KG",1,16,16,"Kitchen-Specialty Kitchen?Smoki Moto?"]
["2023年","8月份","L0000019084","Local Bell Pepper Red\\本地红圆椒","KG",1,25,25,"Kitchen-Specialty Kitchen?Smoki Moto?"]
["2023年","8月份","L0000400651","Vegetable Fresh/红叶生菜","KG",1,33,33,"Kitchen-Specialty Kitchen?Smoki Moto?"]
["2023年","8月份","L0000019085","Local Bell Pepper Yellow\\本地黄圆椒","KG",1,29,29,"Kitchen-Specialty Kitchen?Smoki Moto?"]
["2023年","8月份","L0000040060","Vegetable Fresh Local Romaine \\本地罗马生菜","KG",1,32,32,"Kitchen-Specialty Kitchen?Smoki Moto?"]
["2023年","8月份","L0000162677","Vegetable Fresh Red Cherry Tomato\\红樱桃番茄","KG",1,14,14,"Kitchen-Specialty Kitchen?Smoki Moto?"]
["2023年","8月份","L0000162678","Vegetable Fresh Yellow Cherry Tomato\\黄樱桃番茄","KG",0.5,26,13,"Kitchen-Specialty Kitchen?Smoki Moto?"]
["2023年","8月份","L0000281463","Endive苦菊 kg","KG",1,16,16,"Kitchen-Specialty Kitchen?Smoki Moto?"]
["2023年","8月份","L0000305117","Vegetable Fresh\\Japan‘s big leaf \\日本大叶 20g/盒","BAG",2,10,20,"Kitchen-Specialty Kitchen?Smoki Moto?"]
["2023年","8月份","L0000033137","Vegetable Fresh Crowndaisy Chrysanthemum\\茼蒿 去头 尾到茎长\\20cm","KG",0.5,12,6,"Kitchen-Specialty Kitchen?Smoki Moto?"]
["2023年","8月份","L0000024455","Oak Leaf Green\\绿橡叶生菜","KG",2.5,24,60,"Kitchen-Specialty Kitchen?Smoki Moto?"]
["2023年","8月份","L0000019330","Turnip White\\白萝卜","KG",8,3.6,28.8,"Kitchen-Specialty Kitchen?Smoki Moto?"]
["2023年","8月份","L0000019265","Onion White Peeled\\去皮白洋葱","KG",5,7,35,"Kitchen-Specialty Kitchen?Smoki Moto?"]
["2023年","8月份","L0000019216","Lettuce Iceburg\\西生菜","KG",3,17,51,"Kitchen-Specialty Kitchen?Smoki Moto?"]
["2023年","8月份","L0000019083","Local Bell Pepper Green\\本地青圆椒","KG",1,14,14,"Kitchen-Specialty Kitchen?Smoki Moto?"]
["2023年","8月份","L0000904803","Vegetable\\Fresh Mushroom \\鲜口蘑\\kg","KG",2,20,40,"Kitchen-Specialty Kitchen?Smoki Moto?"]
["2023年","8月份","L0000019104","Baby Carrot Fingerling \\手指胡萝卜","KG",1,22,22,"Kitchen-Specialty Kitchen?Smoki Moto?"]
["2023年","8月份","L0001800182","Domestic and cow tongue国产\\和牛牛舌","KG",7.6,192.66,1464.22,"Kitchen-Specialty Kitchen?Smoki Moto?"]
["2023年","8月份","L0000254742","Meat/Poultry/Pork Local/Pork Spare Rib Superior/优质猪排骨(肉厚)","KG",9.3,92,855.6,"Kitchen-Specialty Kitchen?Smoki Moto?"]
["2023年","8月份","L0000445634","JT-eggs\\鸡蛋-\\KG","KG",4,14,56,"Kitchen-Specialty Kitchen?Smoki Moto?"]
["2023年","8月份","L0000033189","Fruit Fresh Navel Orange\\脐橙","KG",3,10,30,"Kitchen-Specialty Kitchen?Smoki Moto?"]
["2023年","8月份","L0001647196","The sun rose\\阳光玫瑰\\大果/KG","KG",1.5,36,54,"Kitchen-Specialty Kitchen?Smoki Moto?"]
["2023年","8月份","L0000018856","Avocados\\牛油果","KG",0.5,50,25,"Kitchen-Specialty Kitchen?Smoki Moto?"]
["2023年","8月份","L0000074290","Fish Fresh\\cooked Eel silk \\熟鳝丝","KG",1.5,105,157.5,"Kitchen-Banquet Kitchen"]
["2023年","8月份","L0000019663","Dalian Abalone\\大连鲜鲍鱼\\9-10pcs","KG",1.4,127,177.8,"Kitchen-Banquet Kitchen"]
["2023年","8月份","L0000430064","Pearl grouper\\珍珠斑\\0.7-0.8kg","KG",12.9,69,890.1,"Kitchen-Banquet Kitchen"]
["2023年","8月份","L0000019663","Dalian Abalone\\大连鲜鲍鱼\\9-10pcs","KG",9.5,127,1206.5,"Kitchen-Banquet Kitchen"]
["2023年","8月份","L0000022323","Mandarin Fish\\桂鱼\\0.65-0.9kg","KG",22.8,150,3420,"Kitchen-Banquet Kitchen"]
["2023年","8月份","L0000022302","Turbo Fish\\多宝鱼\\0.6kg","KG",5.4,90,486,"Kitchen-Banquet Kitchen"]
["2023年","8月份","L0000019700","Live Boston Lobster\\活波士顿龙虾\\500-650g","KG",28.2,270,7614,"Kitchen-Banquet Kitchen"]
["2023年","8月份","L0001094064","Seafood\\he squid flower\\鱿鱼花","PK",10,15,150,"Kitchen-Banquet Kitchen"]
["2023年","8月份","L0000022323","Mandarin Fish\\桂鱼\\0.65-0.9kg","KG",11.4,150,1710,"Kitchen-Banquet Kitchen"]
["2023年","8月份","L0000019733","Sha Shrimp\\沙虾\\30-40pcs","KG",1,66,66,"Kitchen-Banquet Kitchen"]
["2023年","8月份","L0000019700","Live Boston Lobster\\活波士顿龙虾\\500-650g","KG",10.2,270,2754,"Kitchen-Banquet Kitchen"]
["2023年","8月份","L0000019686","Hard Shell Crab\\肉蟹\\250g-350g","KG",5,155,775,"Kitchen-Banquet Kitchen"]
["2023年","8月份","L0000019700","Live Boston Lobster\\活波士顿龙虾\\500-650g","KG",2.4,270,648,"Kitchen-Banquet Kitchen"]
["2023年","8月份","L0001748976","Raw frozen black tiger prawns\\3头生冻黑虎虾\\6只/盒","BX",10,145,1450,"Kitchen-Banquet Kitchen"]
["2023年","8月份","L0000022302","Turbo Fish\\多宝鱼\\0.6kg","KG",1.8,90,162,"Kitchen-Banquet Kitchen"]
["2023年","8月份","L0000019686","Hard Shell Crab\\肉蟹\\250g-350g","KG",19,155,2945,"Kitchen-Banquet Kitchen"]
["2023年","8月份","L0000019700","Live Boston Lobster\\活波士顿龙虾\\500-650g","KG",11.4,270,3078,"Kitchen-Banquet Kitchen"]
["2023年","8月份","L0000019733","Sha Shrimp\\沙虾\\30-40pcs","KG",1.5,66,99,"Kitchen-Banquet Kitchen"]
["2023年","8月份","L0000022323","Mandarin Fish\\桂鱼\\0.65-0.9kg","KG",11.4,150,1710,"Kitchen-Banquet Kitchen"]
["2023年","8月份","L0000022323","Mandarin Fish\\桂鱼\\0.65-0.9kg","KG",5.4,150,810,"Kitchen-Banquet Kitchen"]
["2023年","8月份","L0000019700","Live Boston Lobster\\活波士顿龙虾\\500-650g","KG",18.6,270,5022,"Kitchen-Banquet Kitchen"]
["2023年","8月份","L0000019686","Hard Shell Crab\\肉蟹\\250g-350g","KG",9.5,155,1472.5,"Kitchen-Banquet Kitchen"]
["2023年","8月份","L0001514998","Xiaomo tofu\\小磨豆腐","KG",2,7.4,14.8,"Kitchen-Chinese Kitchen?Man Ho?"]
["2023年","8月份","L0000019219","Local Lettuce\\本地生菜","KG",4,9,36,"Kitchen-Chinese Kitchen?Man Ho?"]
["2023年","8月份","L0000019325","Tomato Larage Local\\大番茄","KG",3,8,24,"Kitchen-Chinese Kitchen?Man Ho?"]
["2023年","8月份","L0000019343","White Jade Mushroom\\白玉菇","KG",1,16,16,"Kitchen-Chinese Kitchen?Man Ho?"]
["2023年","8月份","L0000024431","Veg. Angled Luffa Gd\\广东丝瓜","KG",3,18,54,"Kitchen-Chinese Kitchen?Man Ho?"]
["2023年","8月份","L0000019208","Leeks\\京葱","KG",2,8,16,"Kitchen-Chinese Kitchen?Man Ho?"]
["2023年","8月份","L0000019201","Kale Chao Zhou\\潮州芥兰","KG",1,23,23,"Kitchen-Chinese Kitchen?Man Ho?"]
["2023年","8月份","L0000019174","Garlic Peeled\\蒜肉","KG",4,12,48,"Kitchen-Chinese Kitchen?Man Ho?"]
["2023年","8月份","L0000019102","Cabbage White Small\\小白菜","KG",4,16,64,"Kitchen-Chinese Kitchen?Man Ho?"]
["2023年","8月份","L0000024481","Coriander\\香菜","KG",0.5,17,8.5,"Kitchen-Chinese Kitchen?Man Ho?"]
["2023年","8月份","L0000024488","Onion Spring\\小葱","KG",3,12,36,"Kitchen-Chinese Kitchen?Man Ho?"]
["2023年","8月份","L0000019084","Local Bell Pepper Red\\本地红圆椒","KG",1.5,25,37.5,"Kitchen-Chinese Kitchen?Man Ho?"]
["2023年","8月份","L0000019154","French Bean\\四季豆中厨要加工好","KG",1.5,19,28.5,"Kitchen-Chinese Kitchen?Man Ho?"]
["2023年","8月份","L0000019178","Ginger Peeled Blue\\生姜去皮","KG",3,23,69,"Kitchen-Chinese Kitchen?Man Ho?"]
["2023年","8月份","L0000019249","Straw Mushroom \\鲜草菇","KG",0,36,0,"Kitchen-Chinese Kitchen?Man Ho?"]
["2023年","8月份","L0000024523","Sweet Bean\\甜蜜豆","KG",0,36,0,"Kitchen-Chinese Kitchen?Man Ho?"]
["2023年","8月份","L0000363373","Corn\\水果玉米","KG",1.5,10,15,"Kitchen-Chinese Kitchen?Man Ho?"]
["2023年","8月份","L0000033083","Vegetable Fresh Local Pepper Green\\本地青椒","KG",1,6,6,"Kitchen-Chinese Kitchen?Man Ho?"]
["2023年","8月份","L0000051422","Spinach/菠菜/Kg","KG",4,13,52,"Kitchen-Chinese Kitchen?Man Ho?"]
["2023年","8月份","L0000051424","Veg You Mai\\油麦菜","KG",3,9,27,"Kitchen-Chinese Kitchen?Man Ho?"]
["2023年","8月份","L0000087075","Vegetable Fresh\\Chili red\\红杭椒","KG",1,23,23,"Kitchen-Chinese Kitchen?Man Ho?"]
["2023年","8月份","L0000103452","Cherry tomatoes (yellow)\\圣女果(黄）/kg","KG",2,24,48,"Kitchen-Chinese Kitchen?Man Ho?"]
["2023年","8月份","L0000024552","Cuke\\日本小黄瓜","KG",2,14,28,"Kitchen-Chinese Kitchen?Man Ho?"]
["2023年","8月份","L0001334080","Stripe radish\\条纹萝卜","KG",0.5,36,18,"Kitchen-Chinese Kitchen?Man Ho?"]
["2023年","8月份","L0000019104","Baby Carrot Fingerling \\手指胡萝卜","KG",0.5,22,11,"Kitchen-Chinese Kitchen?Man Ho?"]
["2023年","8月份","L0000017690","Rice Noodle\\河粉","KG",4,9,36,"Kitchen-Chinese Kitchen?Man Ho?"]
["2023年","8月份","L0000019109","Celery Process\\加工西芹","KG",3,16,48,"Kitchen-Chinese Kitchen?Man Ho?"]
["2023年","8月份","L0000019161","Fresh Matsutake Mushrooml.M Size\\新鲜松茸","KG",1,60,60,"Kitchen-Chinese Kitchen?Man Ho?"]
["2023年","8月份","L0000019209","Herbs Spices\\Lemongrass Dried\\香茅草\\KG","KG",1.5,36,54,"Kitchen-Chinese Kitchen?Man Ho?"]
["2023年","8月份","L0000019226","Lotus Seed Pitted Fresh\\鲜莲子去芯\\85g","EA",10,16,160,"Kitchen-Chinese Kitchen?Man Ho?"]
["2023年","8月份","L0000019256","Okra Green\\秋葵","KG",1,26,26,"Kitchen-Chinese Kitchen?Man Ho?"]
["2023年","8月份","L0000019258","Onion Red Peeled\\去皮红洋葱","KG",3,7,21,"Kitchen-Chinese Kitchen?Man Ho?"]
["2023年","8月份","L0000019330","Turnip White\\白萝卜","KG",2,3.6,7.2,"Kitchen-Chinese Kitchen?Man Ho?"]
["2023年","8月份","L0000024414","Chili Green Hang Jiao\\绿杭椒","KG",1,15.6,15.6,"Kitchen-Chinese Kitchen?Man Ho?"]
["2023年","8月份","L0000024468","Asparagus Green\\芦笋绿","KG",2,30,60,"Kitchen-Chinese Kitchen?Man Ho?"]
["2023年","8月份","L0000024473","Broccoli Green\\去根西兰花","KG",3,16,48,"Kitchen-Chinese Kitchen?Man Ho?"]
["2023年","8月份","L0000024486","Greens Choisum Canton\\广东菜心","KG",5,14,70,"Kitchen-Chinese Kitchen?Man Ho?"]
["2023年","8月份","L0000024533","Lotus Root\\莲藕中段","KG",1,14,14,"Kitchen-Chinese Kitchen?Man Ho?"]
["2023年","8月份","L0000024550","Onion\\去皮干葱头","KG",2,17.8,35.6,"Kitchen-Chinese Kitchen?Man Ho?"]
["2023年","8月份","L0000024567","Chinese Yam\\铁棍山药","KG",3,19,57,"Kitchen-Chinese Kitchen?Man Ho?"]
["2023年","8月份","L0000033116","Vegetable Fresh Bean Sprout Big\\银芽 去头去尾","KG",0.5,12,6,"Kitchen-Chinese Kitchen?Man Ho?"]
["2023年","8月份","L0000033122","Vegetable Fresh Bean Snow\\荷兰豆 去头去尾","KG",1,32,32,"Kitchen-Chinese Kitchen?Man Ho?"]
["2023年","8月份","L0000037211","Vegetable Fresh Brussel Sprouts For Local \\本地孢子甘蓝","KG",1.5,37,55.5,"Kitchen-Chinese Kitchen?Man Ho?"]
["2023年","8月份","L0000037702","Vegetable Fresh Mini Chinese Watermelon \\迷你冬瓜","EA",7,18,126,"Kitchen-Chinese Kitchen?Man Ho?"]
["2023年","8月份","L0000122723","Alkaline noodle碱面条","KG",5,8,40,"Kitchen-Chinese Kitchen?Man Ho?"]
["2023年","8月份","L0000281463","Endive苦菊 kg","KG",1.5,16,24,"Kitchen-Chinese Kitchen?Man Ho?"]
["2023年","8月份","L0000433072","XiuQiu Mushroom\\绣球菌\\KG","KG",2,95,190,"Kitchen-Chinese Kitchen?Man Ho?"]
["2023年","8月份","L0000811556","hericium erinaceus/鲜猴头菇菌/KG","KG",1,70,70,"Kitchen-Chinese Kitchen?Man Ho?"]
["2023年","8月份","L0000935932","Vegetable Fresh/cucumber/玉女瓜/KG","KG",3,30,90,"Kitchen-Chinese Kitchen?Man Ho?"]
["2023年","8月份","L0000984058","Food Produce\\Boletus\\鲜牛肝菌\\KG","KG",1,268,268,"Kitchen-Chinese Kitchen?Man Ho?"]
["2023年","8月份","L0001689834","Duck Blood\\鸭血\\300g/盒","BX",5,2.5,12.5,"Kitchen-Chinese Kitchen?Man Ho?"]
["2023年","8月份","L0001709059","Peeled pork square\\去皮五花四方肉\\精修肉厚","KG",4,48,192,"Kitchen-Chinese Kitchen?Man Ho?"]
["2023年","8月份","L0000496902","Pork Rib\\精排骨\\KG","KG",3,62,186,"Kitchen-Chinese Kitchen?Man Ho?"]
["2023年","8月份","L0000280398","Pork Frozen Meat \\绿进松板肉\\400g包","BAG",4,26,104,"Kitchen-Chinese Kitchen?Man Ho?"]
["2023年","8月份","L0000051546","Fresh Chicken Feet\\鲜鸡脚","KG",6,46,276,"Kitchen-Chinese Kitchen?Man Ho?"]
["2023年","8月份","L0000023672","Pork\\去皮五花肉","KG",3,36,108,"Kitchen-Chinese Kitchen?Man Ho?"]
["2023年","8月份","L0000023666","Pork Bones W Meat\\猪龙骨","KG",3,38,114,"Kitchen-Chinese Kitchen?Man Ho?"]
["2023年","8月份","L0000023646","Pork with skin\\带皮五花肉","KG",3,36,108,"Kitchen-Chinese Kitchen?Man Ho?"]
["2023年","8月份","L0000023614","Pigeon\\乳鸽\\300G","EA",20,28,560,"Kitchen-Chinese Kitchen?Man Ho?"]
["2023年","8月份","L0000018625","Pork Belly Trimmed With Skin\\带皮中方五花肉五层楼","KG",8,48,384,"Kitchen-Chinese Kitchen?Man Ho?"]
["2023年","8月份","L0000023614","Pigeon\\乳鸽\\300G","EA",10,28,280,"Kitchen-Chinese Kitchen?Man Ho?"]
["2023年","8月份","L0001709053","Local quality hens (cleaned)\\本地优母鸡（净膛）","KG",2.4,39,93.6,"Kitchen-Chinese Kitchen?Man Ho?"]
["2023年","8月份","L0001709053","Local quality hens (cleaned)\\本地优母鸡（净膛）","KG",12,39,468,"Kitchen-Chinese Kitchen?Man Ho?"]
["2023年","8月份","L0000036942","Pork Local Fresh Shank \\鲜猪手","KG",3,54,162,"Kitchen-Chinese Kitchen?Man Ho?"]
["2023年","8月份","L0000023723","Duck\\白条鸭","KG",12.5,24.8,310,"Kitchen-Chinese Kitchen?Man Ho?"]
["2023年","8月份","L0000445634","JT-eggs\\鸡蛋-\\KG","KG",6,14,84,"Kitchen-Chinese Kitchen?Man Ho?"]
["2023年","8月份","L0000976204","Egg Quail\\鹌鹑蛋 去皮","KG",0.5,26,13,"Kitchen-Chinese Kitchen?Man Ho?"]
["2023年","8月份","L0000033253","Pork Local Pigskin\\猪皮","KG",1,12,12,"Kitchen-Chinese Kitchen?Man Ho?"]
["2023年","8月份","L0000018867","Imported Cherry\\进口车厘子","KG",1,120,120,"Kitchen-Chinese Kitchen?Man Ho?"]
["2023年","8月份","L0001525502","Pineapple / lead/凤梨/带头","KG",1.5,11.5,17.25,"Kitchen-Chinese Kitchen?Man Ho?"]
["2023年","8月份","L0000162206","Fruit Fresh Hami Melon\\哈密瓜\\kg","KG",6,4.8,28.8,"Kitchen-Chinese Kitchen?Man Ho?"]
["2023年","8月份","L0000033189","Fruit Fresh Navel Orange\\脐橙","KG",10,10,100,"Kitchen-Chinese Kitchen?Man Ho?"]
["2023年","8月份","L0000074934","Fruit Fresh Green Orange\\小青桔","KG",1,24,24,"Kitchen-Chinese Kitchen?Man Ho?"]
["2023年","8月份","L0000018960","Local Seedless Watermelon\\本地无籽西瓜","KG",8,4.2,33.6,"Kitchen-Chinese Kitchen?Man Ho?"]
["2023年","8月份","L0001647196","The sun rose\\阳光玫瑰\\大果/KG","KG",2,36,72,"Kitchen-Chinese Kitchen?Man Ho?"]
["2023年","8月份","L0000524458","Millennium tomato\\千禧小番茄","KG",1,12,12,"Kitchen-Chinese Kitchen?Man Ho?"]
["2023年","8月份","L0000524458","Millennium tomato\\千禧小番茄","KG",2,12,24,"Kitchen-Chinese Kitchen?Man Ho?"]
["2023年","8月份","L0000037840","Fruit Fresh Fig \\无花果","KG",1,32,32,"Kitchen-Chinese Kitchen?Man Ho?"]
["2023年","8月份","L0000033180","Fruit Fresh Lemon\\柠檬","KG",5,12.6,63,"Kitchen-Chinese Kitchen?Man Ho?"]
["2023年","8月份","L0000034156","Fruit Fresh Kiwi Gold\\猕猴桃(金果)","KG",1,58,58,"Kitchen-Chinese Kitchen?Man Ho?"]
["2023年","8月份","L0000018873","Dragon Fruit Redmeat\\红肉火龙果","KG",3,11,33,"Kitchen-Chinese Kitchen?Man Ho?"]
["2023年","8月份","L0000019472","Fresh Squid Large\\大鲜鱿\\200-250g","KG",1.6,90,144,"Kitchen-Chinese Kitchen?Man Ho?"]
["2023年","8月份","L0000022323","Mandarin Fish\\桂鱼\\0.65-0.9kg","KG",1.3,150,195,"Kitchen-Chinese Kitchen?Man Ho?"]
["2023年","8月份","L0000022324","Weever\\鲈鱼\\0.6-0.75kg","KG",2,50,100,"Kitchen-Chinese Kitchen?Man Ho?"]
["2023年","8月份","L0001624673","Shrimp and smooth\\虾胶虾滑395G/包","BAG",3,60,180,"Kitchen-Chinese Kitchen?Man Ho?"]
["2023年","8月份","L0000123419","Fish Fresh Jelly Red Head\\大红海蜇头","KG",2.7,57,153.9,"Kitchen-Chinese Kitchen?Man Ho?"]
["2023年","8月份","L0000164202","Frozen small yellow croaker washed\\冰冻小黄鱼洗净","KG",4,50,200,"Kitchen-Chinese Kitchen?Man Ho?"]
["2023年","8月份","L0000033321","Shellfish Frozen Scallop Aust\\澳带","KG",2,150,300,"Kitchen-Chinese Kitchen?Man Ho?"]
["2023年","8月份","L0001369576","Dry Goods Others Dry Ice\\干冰4KG/桶（厨房用）","BRL",1,100,100,"Kitchen-Chinese Kitchen?Man Ho?"]
["2023年","8月份","L0000310676","Scraps of paper bamboo shoot\\纸片笋\\KG","KG",3,36,108,"Kitchen-Chinese Kitchen?Man Ho?"]
["2023年","8月份","L0000163602","Eggs Alted Vitellus\\咸蛋黄\\10个/盒","BX",2,13,26,"Kitchen-Chinese Kitchen?Man Ho?"]
["2023年","8月份","L0001760483","Yurun crystal meat\\雨润水晶肴肉/KG","KG",2,98,196,"Kitchen-Chinese Kitchen?Man Ho?"]
["2023年","8月份","L0001525489","Mengniu yogurt / 100g strawberry/蒙牛酸奶/100g 草莓","PNL",24,10.17,244.08,"Kitchen-Western Kitchen?Yancheng Kitchen?"]
["2023年","8月份","L0001525491","Mengniu yogurt / 100g yellow peach/蒙牛酸奶/100g 黄桃","PNL",24,10.17,244.08,"Kitchen-Western Kitchen?Yancheng Kitchen?"]
["2023年","8月份","L0001525463","Mengniu pure milk / 1L 6 boxes / box/蒙牛纯牛奶/1L 6盒/箱","CS",5,47.34,236.7,"Kitchen-Western Kitchen?Yancheng Kitchen?"]
["2023年","8月份","L0001525472","Marvels skim milk / 1L/妙维思 脱脂牛奶/1L","EA",12,11.5,138,"Kitchen-Western Kitchen?Yancheng Kitchen?"]
["2023年","8月份","L0001525494","Mengniu yogurt / 100g original/蒙牛酸奶/100g 原味","PNL",24,7.08,169.92,"Kitchen-Western Kitchen?Yancheng Kitchen?"]
["2023年","8月份","L0000024543","Firm Tofu\\老豆腐","EA",6,2.5,15,"Kitchen-Western Kitchen?Yancheng Kitchen?"]
["2023年","8月份","L0000169077","Dry Goods Others Beancurd sheets in rod\\千张结 kg","KG",2,13,26,"Kitchen-Western Kitchen?Yancheng Kitchen?"]
["2023年","8月份","L0000534756","Staff Canteen Bean Curd\\薄千张\\KG","KG",2,14,28,"Kitchen-Western Kitchen?Yancheng Kitchen?"]
["2023年","8月份","L0000019164","Fresh Peanut\\生花生","KG",6,11,66,"Kitchen-Western Kitchen?Yancheng Kitchen?"]
["2023年","8月份","L0000019085","Local Bell Pepper Yellow\\本地黄圆椒","KG",1,29,29,"Kitchen-Western Kitchen?Yancheng Kitchen?"]
["2023年","8月份","L0000024548","Fresh Shiitake Mushrooms/鲜香菇/Kg","KG",1,19,19,"Kitchen-Western Kitchen?Yancheng Kitchen?"]
["2023年","8月份","L0000400651","Vegetable Fresh/红叶生菜","KG",2,33,66,"Kitchen-Western Kitchen?Yancheng Kitchen?"]
["2023年","8月份","L0000033114","Vegetable Fresh Potato Sweet\\红薯","KG",10,5.5,55,"Kitchen-Western Kitchen?Yancheng Kitchen?"]
["2023年","8月份","L0000051422","Spinach/菠菜/Kg","KG",5,13,65,"Kitchen-Western Kitchen?Yancheng Kitchen?"]
["2023年","8月份","L0000051424","Veg You Mai\\油麦菜","KG",5,9,45,"Kitchen-Western Kitchen?Yancheng Kitchen?"]
["2023年","8月份","L0000019084","Local Bell Pepper Red\\本地红圆椒","KG",1,25,25,"Kitchen-Western Kitchen?Yancheng Kitchen?"]
["2023年","8月份","L0000024552","Cuke\\日本小黄瓜","KG",1,14,14,"Kitchen-Western Kitchen?Yancheng Kitchen?"]
["2023年","8月份","L0000019219","Local Lettuce\\本地生菜","KG",10,9,90,"Kitchen-Western Kitchen?Yancheng Kitchen?"]
["2023年","8月份","L0000087071","Vegetable Fresh\\Celtuce peeled\\去皮莴笋","KG",2,15,30,"Kitchen-Western Kitchen?Yancheng Kitchen?"]
["2023年","8月份","L0000037399","Seafood Flavor Mushroom/海鲜菇/Kg","KG",5,16,80,"Kitchen-Western Kitchen?Yancheng Kitchen?"]
["2023年","8月份","L0000033111","Vegetable Fresh Cabbage Shanghai\\上海青 只留菜心部分","KG",8,8,64,"Kitchen-Western Kitchen?Yancheng Kitchen?"]
["2023年","8月份","L0000033106","Vegetable Fresh Corn Stick\\鲜玉米棒","KG",10,9,90,"Kitchen-Western Kitchen?Yancheng Kitchen?"]
["2023年","8月份","L0000024481","Coriander\\香菜","KG",2,17,34,"Kitchen-Western Kitchen?Yancheng Kitchen?"]
["2023年","8月份","L0000024526","Potato Baby\\土豆","KG",3,6,18,"Kitchen-Western Kitchen?Yancheng Kitchen?"]
["2023年","8月份","L0000024488","Onion Spring\\小葱","KG",4,12,48,"Kitchen-Western Kitchen?Yancheng Kitchen?"]
["2023年","8月份","L0000024487","Onion Red\\红洋葱","KG",4,4,16,"Kitchen-Western Kitchen?Yancheng Kitchen?"]
["2023年","8月份","L0000024482","Cucumber\\黄瓜","KG",1,6,6,"Kitchen-Western Kitchen?Yancheng Kitchen?"]
["2023年","8月份","L0000024532","Chili Red/红尖椒/Kg","KG",2,16,32,"Kitchen-Western Kitchen?Yancheng Kitchen?"]
["2023年","8月份","L0000024443","Hand Tooled Noodle\\手工面","KG",12,8,96,"Kitchen-Western Kitchen?Yancheng Kitchen?"]
["2023年","8月份","L0000024464","Steamed Bean Curd Roll\\素鸡","KG",5,16,80,"Kitchen-Western Kitchen?Yancheng Kitchen?"]
["2023年","8月份","L0000024544","Smoked Bean Curd\\香干","KG",0.5,13,6.5,"Kitchen-Western Kitchen?Yancheng Kitchen?"]
["2023年","8月份","L0000024567","Chinese Yam\\铁棍山药","KG",3,19,57,"Kitchen-Western Kitchen?Yancheng Kitchen?"]
["2023年","8月份","L0000033097","Vegetable Fresh Radicchio White\\卷心菜(白)\\DIA14cm","KG",2.5,5,12.5,"Kitchen-Western Kitchen?Yancheng Kitchen?"]
["2023年","8月份","L0000033120","Vegetable Fresh Bean Green Long\\长豆角","KG",5,9.8,49,"Kitchen-Western Kitchen?Yancheng Kitchen?"]
["2023年","8月份","L0000033131","Vegetable Fresh Local Celery\\芹菜(本地)","KG",2,10,20,"Kitchen-Western Kitchen?Yancheng Kitchen?"]
["2023年","8月份","L0000019330","Turnip White\\白萝卜","KG",5,3.6,18,"Kitchen-Western Kitchen?Yancheng Kitchen?"]
["2023年","8月份","L0000019119","Chilli Green\\青尖椒","KG",2,10,20,"Kitchen-Western Kitchen?Yancheng Kitchen?"]
["2023年","8月份","L0000019109","Celery Process\\加工西芹","KG",2,16,32,"Kitchen-Western Kitchen?Yancheng Kitchen?"]
["2023年","8月份","L0000019091","Bottle Gourd\\葫芦瓜","KG",3,10,30,"Kitchen-Western Kitchen?Yancheng Kitchen?"]
["2023年","8月份","L0000019083","Local Bell Pepper Green\\本地青圆椒","KG",1,14,14,"Kitchen-Western Kitchen?Yancheng Kitchen?"]
["2023年","8月份","L0000087048","Cabbage Chinese Long\\大白菜","KG",10,5,50,"Kitchen-Western Kitchen?Yancheng Kitchen?"]
["2023年","8月份","L0000105415","Vegetable Fresh\\Egg Noodle\\鸡蛋面","KG",18,10,180,"Kitchen-Western Kitchen?Yancheng Kitchen?"]
["2023年","8月份","L0000281463","Endive苦菊 kg","KG",2,16,32,"Kitchen-Western Kitchen?Yancheng Kitchen?"]
["2023年","8月份","L0000418693","Dianxin Dianxin 本地小馄饨皮1kg","KG",4,7,28,"Kitchen-Western Kitchen?Yancheng Kitchen?"]
["2023年","8月份","L0000033145","Vegetable Fresh Garlic Sprout\\蒜苔 去尾 去头","KG",3,16,48,"Kitchen-Western Kitchen?Yancheng Kitchen?"]
["2023年","8月份","L0000034896","Vegetable Fresh Abalone Mushrooms \\杏鲍菇","KG",10,14,140,"Kitchen-Western Kitchen?Yancheng Kitchen?"]
["2023年","8月份","L0001525509","Guilin Rice noodles/桂林米粉","KG",10,10,100,"Kitchen-Western Kitchen?Yancheng Kitchen?"]
["2023年","8月份","L0000018611","German Salt Trotter Fore \\德国咸猪手","KG",10,47,470,"Kitchen-Western Kitchen?Yancheng Kitchen?"]
["2023年","8月份","L0002105596","The roast duck/烤鸭约4-5斤/只","EA",3,65,195,"Kitchen-Western Kitchen?Yancheng Kitchen?"]
["2023年","8月份","L0000018471","Local Beef Flank Frozen\\急冻牛腩","KG",10,98,980,"Kitchen-Western Kitchen?Yancheng Kitchen?"]
["2023年","8月份","L0000023672","Pork\\去皮五花肉","KG",7,36,252,"Kitchen-Western Kitchen?Yancheng Kitchen?"]
["2023年","8月份","L0001791620","Raw salted duck embryo\\生盐水鸭胚/KG","KG",12,29.8,357.6,"Kitchen-Western Kitchen?Yancheng Kitchen?"]
["2023年","8月份","L0000023310","Frz San Huang Chicken\\冻三黄鸡\\1.5-2Kg\\只","KG",20,24.8,496,"Kitchen-Western Kitchen?Yancheng Kitchen?"]
["2023年","8月份","L0000023723","Duck\\白条鸭","KG",10,24.8,248,"Kitchen-Western Kitchen?Yancheng Kitchen?"]
["2023年","8月份","L0001935036","Lamb 12 ribs lamb chops\\小绵羊12肋羊排","KG",10,88.07,880.7,"Kitchen-Western Kitchen?Yancheng Kitchen?"]
["2023年","8月份","L0000022265","Local Grape\\本地葡萄","KG",4,14,56,"Kitchen-Western Kitchen?Yancheng Kitchen?"]
["2023年","8月份","L0000018880","Fuji Apple\\富士苹果","KG",30,12,360,"Kitchen-Western Kitchen?Yancheng Kitchen?"]
["2023年","8月份","L0000037213","Fruit Fresh Small Mango \\小台芒","KG",4,11,44,"Kitchen-Western Kitchen?Yancheng Kitchen?"]
["2023年","8月份","L0000033170","Fruit Fresh Nectarine\\油桃","KG",30,12,360,"Kitchen-Western Kitchen?Yancheng Kitchen?"]
["2023年","8月份","L0000018960","Local Seedless Watermelon\\本地无籽西瓜","KG",100,4.2,420,"Kitchen-Western Kitchen?Yancheng Kitchen?"]
["2023年","8月份","L0000018896","Honey Pear\\蜜梨","KG",30,16,480,"Kitchen-Western Kitchen?Yancheng Kitchen?"]
["2023年","8月份","L0000033189","Fruit Fresh Navel Orange\\脐橙","KG",5,10,50,"Kitchen-Western Kitchen?Yancheng Kitchen?"]
["2023年","8月份","L0000162206","Fruit Fresh Hami Melon\\哈密瓜\\kg","KG",80,4.8,384,"Kitchen-Western Kitchen?Yancheng Kitchen?"]
["2023年","8月份","L0000037388","Fruit Fresh Lichee \\荔枝","KG",4,22,88,"Kitchen-Western Kitchen?Yancheng Kitchen?"]
["2023年","8月份","L0000036710","Fruit Fresh Grape Red Local \\国产红提","KG",3,18,54,"Kitchen-Western Kitchen?Yancheng Kitchen?"]
["2023年","8月份","L0000034347","Herbs Fresh Blueberries\\蓝莓\\125 gr/bx","EA",2,9.5,19,"Kitchen-Western Kitchen?Yancheng Kitchen?"]
["2023年","8月份","L0000051509","Banana Import\\进口香蕉","KG",20,9.6,192,"Kitchen-Western Kitchen?Yancheng Kitchen?"]
["2023年","8月份","L0000449351","Honey melon Fresh 香瓜（玉菇瓜）","KG",60,6.4,384,"Kitchen-Western Kitchen?Yancheng Kitchen?"]
["2023年","8月份","L0001647201","The sun rose\\阳光玫瑰\\小果/KG","KG",4,30,120,"Kitchen-Western Kitchen?Yancheng Kitchen?"]
["2023年","8月份","L0001863788","Pineapple pulp\\菠萝密果肉","KG",4,34,136,"Kitchen-Western Kitchen?Yancheng Kitchen?"]
["2023年","8月份","L0000018874","Dragon Fruit\\白肉火龙果","KG",30,8.4,252,"Kitchen-Western Kitchen?Yancheng Kitchen?"]
["2023年","8月份","L0000018873","Dragon Fruit Redmeat\\红肉火龙果","KG",1,11,11,"Kitchen-Western Kitchen?Yancheng Kitchen?"]
["2023年","8月份","L0000033182","Fruit Fresh Coconut\\青椰子(去壳)","EA",108,9.5,1026,"Kitchen-Western Kitchen?Yancheng Kitchen?"]
["2023年","8月份","L0000018919","HaiNan TaiNong Mango \\大台农芒果","KG",1,18,18,"Kitchen-Western Kitchen?Yancheng Kitchen?"]
["2023年","8月份","L0002331836","chilled salmon fillet\\集采冰鲜三文鱼柳","KG",8.5,167,1419.5,"Kitchen-Western Kitchen?Yancheng Kitchen?"]
["2023年","8月份","L0000023367","Tiger Crab\\老虎蟹","KG",9.9,90,891,"Kitchen-Western Kitchen?Yancheng Kitchen?"]
["2023年","8月份","L0000033312","Fish Fresh Sea Bass\\海鲈鱼","KG",3,58,174,"Kitchen-Western Kitchen?Yancheng Kitchen?"]
["2023年","8月份","L0000038698","Shellfish Fresh Big Size Clam \\大文蛤","KG",12,35,420,"Kitchen-Western Kitchen?Yancheng Kitchen?"]
["2023年","8月份","L0000075129","Clam 无沙花蛤","KG",1.5,20,30,"Kitchen-Western Kitchen?Yancheng Kitchen?"]
["2023年","8月份","L0000075915","Shellfish Fresh Clam \\白蛤（无沙）","KG",1.5,20,30,"Kitchen-Western Kitchen?Yancheng Kitchen?"]
["2023年","8月份","L0000164202","Frozen small yellow croaker washed\\冰冻小黄鱼洗净","KG",4.5,50,225,"Kitchen-Western Kitchen?Yancheng Kitchen?"]
["2023年","8月份","L0000223282","Escargot\\田螺","KG",3.6,10,36,"Kitchen-Western Kitchen?Yancheng Kitchen?"]
["2023年","8月份","L0001514960","Seafood\\Small pomfret\\冰冻小鲳鱼100g-120g/条","KG",5,42,210,"Kitchen-Western Kitchen?Yancheng Kitchen?"]
["2023年","8月份","L0002358507","Freshwater crayfish\\淡水小龙虾45钱","KG",40,43,1720,"Kitchen-Western Kitchen?Yancheng Kitchen?"]
["2023年","8月份","L0002358513","Freshwater crayfish\\淡水小龙虾67钱","KG",10,55,550,"Kitchen-Western Kitchen?Yancheng Kitchen?"]
["2023年","8月份","L0000040926","Misc Seafood Fish Fish Skin \\袋装鱼皮\\150g/pk","EA",30,10,300,"Kitchen-Western Kitchen?Yancheng Kitchen?"]
["2023年","8月份","L0001551656","Emerald snail/翡翠螺","KG",10,65,650,"Kitchen-Western Kitchen?Yancheng Kitchen?"]
["2023年","8月份","L0000019718","Razor Clam\\蛏子","KG",1.5,35,52.5,"Kitchen-Western Kitchen?Yancheng Kitchen?"]
["2023年","8月份","L0000033359","Shellfish Fresh Jiwei\\基围虾 小\\50pcs","KG",15,65,975,"Kitchen-Western Kitchen?Yancheng Kitchen?"]
["2023年","8月份","L0000033394","Fish Fresh Bull Fog牛蛙活(大)","KG",5,35,175,"Kitchen-Western Kitchen?Yancheng Kitchen?"]
["2023年","8月份","L0002441523","Boston lobster\\活波士顿龙虾350-400g/只","EA",10,98,980,"Kitchen-Western Kitchen?Yancheng Kitchen?"]
["2023年","8月份","L0002082527","DS ox willow\\DS牛柳/Kg","KG",20,88,1760,"Kitchen-Western Kitchen?Yancheng Kitchen?"]
["2023年","8月份","L0001572407","Lotte Milk Carbonated Drinks\\乐天妙之吻乳酸碳酸\\ 250ml/瓶","BTL",24,3.17,76.08,"Outlet-Smoki Moto"]
["2023年","8月份","L0000391127","员餐/EDR\\DryFood\\Tofu\\板豆腐","EA",2,20,40,"Staff Dining"]
["2023年","8月份","L0000060716","EDR-Sweet Potato Baby\\小红薯-员餐","KG",12,8.6,103.2,"Staff Dining"]
["2023年","8月份","L0000023937","EDR-Green Vegetable\\青菜-员餐","KG",15,6,90,"Staff Dining"]
["2023年","8月份","L0001527360","Baked Scallion Pancake/葱油饼","KG",12,24,288,"Staff Dining"]
["2023年","8月份","L0000023927","EDR-Potato Big\\大土豆-员餐","KG",10,6,60,"Staff Dining"]
["2023年","8月份","L0000019402","EDR-Cherry Tomato\\樱桃番茄-员餐","KG",5,14,70,"Staff Dining"]
["2023年","8月份","L0000019382","EDR-Broccoli Green\\西兰花-员餐","KG",14,16,224,"Staff Dining"]
["2023年","8月份","L0000019394","EDR-Kelp Shred\\海带丝-员餐","KG",12,10,120,"Staff Dining"]
["2023年","8月份","L0000019366","EDR-Luffa\\丝瓜-员餐","KG",25,13,325,"Staff Dining"]
["2023年","8月份","L0000278406","EDR- green chili\\绿杭椒—员餐","KG",8,15.8,126.4,"Staff Dining"]
["2023年","8月份","L0000190149","EDR-Shiitake Mushrooms\\鲜香菇（员工餐厅）","KG",3,15.8,47.4,"Staff Dining"]
["2023年","8月份","L0000035398","Vegetable Fresh EDR-Corn\\玉米棒切节-员餐","KG",8,9.8,78.4,"Staff Dining"]
["2023年","8月份","L0000023953","EDR-Celery Local\\本地芹菜-员餐","KG",8,9,72,"Staff Dining"]
["2023年","8月份","L0000019403","EDR-Tomato\\番茄-员餐","KG",6,7,42,"Staff Dining"]
["2023年","8月份","L0000019388","EDR-Corn Seed\\玉米粒-员餐","KG",10,12.6,126,"Staff Dining"]
["2023年","8月份","L0000019362","EDR-Garlic Leaf \\蒜苗-员餐","KG",15,12.8,192,"Staff Dining"]
["2023年","8月份","L0000051544","EDR-Pig Keel\\龙骨-员餐","KG",5,38,190,"Staff Dining"]
["2023年","8月份","L0001523421","ERD/Minced chicken/员餐/免浆鸡丁","KG",12,32,384,"Staff Dining"]
["2023年","8月份","L0000024035","EDR-Pork Belly\\五花肉-员餐","KG",12,36,432,"Staff Dining"]
["2023年","8月份","L0000086989","EDR\\Ribs\\排骨-员餐","KG",10,57,570,"Staff Dining"]
["2023年","8月份","L0000729002","EDR-Food Frozen/As closely linked as flesh and blood/骨肉相连1KG-员餐","BAG",24,28,672,"Staff Dining"]
["2023年","8月份","L0000023883","EDR-Water Melon/Seedless 无籽西瓜-员餐","KG",85,4.2,357,"Staff Dining"]
["2023年","8月份","L0000019208","Leeks\\京葱","KG",3,8,24,"Kitchen-Specialty Kitchen?Smoki Moto?"]
["2023年","8月份","L0000024548","Fresh Shiitake Mushrooms/鲜香菇/Kg","KG",2,19,38,"Kitchen-Specialty Kitchen?Smoki Moto?"]
["2023年","8月份","L0000033129","Vegetable Fresh Marrow\\西葫芦蔬菜","KG",1.5,6,9,"Kitchen-Specialty Kitchen?Smoki Moto?"]
["2023年","8月份","L0000024555","Norika\\法香","KG",0.5,21,10.5,"Kitchen-Specialty Kitchen?Smoki Moto?"]
["2023年","8月份","L0001800195","Domestic black Angus tomahawk国产\\黑安格斯战斧","KG",5,220.18,1100.9,"Kitchen-Specialty Kitchen?Smoki Moto?"]
["2023年","8月份","L0000033189","Fruit Fresh Navel Orange\\脐橙","KG",3,10,30,"Kitchen-Specialty Kitchen?Smoki Moto?"]
["2023年","8月份","L0000034347","Herbs Fresh Blueberries\\蓝莓\\125 gr/bx","EA",2,9.5,19,"Kitchen-Specialty Kitchen?Smoki Moto?"]
["2023年","8月份","L0001748972","Ark\\北极贝\\刺身级\\M-51-60\\出成85%\\1KG/盒","BX",1,300,300,"Kitchen-Specialty Kitchen?Smoki Moto?"]
["2023年","8月份","L0000401403","Seafood\\Japanese Ebi For Buffet\\日式甜虾刺身用\\1Kg/Bx","KG",1,275,275,"Kitchen-Specialty Kitchen?Smoki Moto?"]
["2023年","8月份","L0000976229","Green Lobster Live\\小青龙虾 鲜活200-250g","KG",0.89,400,356,"Kitchen-Specialty Kitchen?Smoki Moto?"]
["2023年","8月份","L0001748976","Raw frozen black tiger prawns\\3头生冻黑虎虾\\6只/盒","BX",12,145,1740,"Kitchen-Specialty Kitchen?Smoki Moto?"]
["2023年","8月份","L0001724035","The aaa belt\\3A级带子\\刺身级\\1KG/盒","BX",1,280,280,"Kitchen-Specialty Kitchen?Smoki Moto?"]
["2023年","8月份","L0000303484","Seafood\\YEN FOOD ABALONE LIVE 8PC\\鲜活鲍鱼（8头）\\KG","KG",1,156,156,"Kitchen-Specialty Kitchen?Smoki Moto?"]
["2023年","8月份","L0002334200","Wagyu Beef upper brain eye meat A\\和牛上脑眼肉A","KG",5,650,3250,"Kitchen-Specialty Kitchen?Smoki Moto?"]
["2023年","8月份","L0000038698","Shellfish Fresh Big Size Clam \\大文蛤","KG",0,35,0,"Kitchen-Chinese Kitchen?Man Ho?"]
["2023年","8月份","L0000033289","Fish Fresh Grass Carp\\草鱼","KG",0,20,0,"Kitchen-Chinese Kitchen?Man Ho?"]
["2023年","8月份","L0000022340","Scallop Live\\扇贝\\4-5pcs","KG",0,65,0,"Kitchen-Specialty Kitchen?Smoki Moto?"]
["2023年","8月份","L0000033170","Fruit Fresh Nectarine\\油桃","KG",0,11,0,"Kitchen-Western Kitchen?Yancheng Kitchen?"]
["2023年","8月份","L0000456767","Fruit Fresh\\Ginseng Fruit\\人参果\\KG","KG",0,27,0,"Kitchen-Western Kitchen?Yancheng Kitchen?"]
["2023年","8月份","L0000051509","Banana Import\\进口香蕉","KG",0,9.76,0,"Kitchen-Western Kitchen?Yancheng Kitchen?"]
["2023年","8月份","L0000018960","Local Seedless Watermelon\\本地无籽西瓜","KG",0,4,0,"Kitchen-Western Kitchen?Yancheng Kitchen?"]
["2023年","8月份","L0001998340","Mushrooms/艺面缘香菇包300g\\袋","BAG",0,18.96,0,"Kitchen-Western Kitchen?Yancheng Kitchen?"]
["2023年","8月份","L0000019608","Caviar Siberian Sturgeon\\鲟珍西伯利亚鲟鱼子酱\\15g","BTL",0,120,0,"Kitchen-Western Kitchen?Yancheng Kitchen?"]
["2023年","8月份","L0000051524","Grouper\\青石斑\\0.6-0.7kg","KG",0,135,0,"Kitchen-Chinese Kitchen?Man Ho?"]
["2023年","8月份","L0000303484","Seafood\\YEN FOOD ABALONE LIVE 8PC\\鲜活鲍鱼（8头）\\KG","KG",0,156,0,"Kitchen-Chinese Kitchen?Man Ho?"]
["2023年","8月份","L0000019700","Live Boston Lobster\\活波士顿龙虾\\500-650g","KG",0,270,0,"Kitchen-Chinese Kitchen?Man Ho?"]
["2023年","8月份","L0000019733","Sha Shrimp\\沙虾\\30-40pcs","KG",0,70,0,"Kitchen-Chinese Kitchen?Man Ho?"]
["2023年","8月份","L0000022324","Weever\\鲈鱼\\0.6-0.75kg","KG",0,50,0,"Kitchen-Chinese Kitchen?Man Ho?"]
["2023年","8月份","L0000019163","Fresh Mint Leave\\薄荷叶","KG",0.25,22,5.5,"Kitchen-Pastry"]
["2023年","8月份","L0000037840","Fruit Fresh Fig \\无花果","KG",1,32,32,"Kitchen-Pastry"]
["2023年","8月份","L0000034347","Herbs Fresh Blueberries\\蓝莓\\125 gr/bx","EA",5,9.5,47.5,"Kitchen-Pastry"]
["2023年","8月份","L0000022273","Kiwi Friut Green\\猕猴桃(绿)","KG",1,28,28,"Kitchen-Pastry"]
["2023年","8月份","L0000018856","Avocados\\牛油果","KG",0.5,50,25,"Kitchen-Pastry"]
["2023年","8月份","L0001647201","The sun rose\\阳光玫瑰\\小果/KG","KG",1,30,30,"Kitchen-Pastry"]
["2023年","8月份","L0001766210","Pea\\蒜香味青豌豆\\甘源\\285g/袋","BAG",10,20,200,"Kitchen-Pastry"]
["2023年","8月份","L0002106637","Flour macaroon\\多口味马卡龙\\芙尔伦\\40粒/盒","BX",2,180,360,"Kitchen-Pastry"]
["2023年","8月份","L0002247034","Furlum Mini French croissant\\芙尔伦迷你法式羊角30g*140个/箱","CS",1,286,286,"Kitchen-Pastry"]
["2023年","8月份","L0002247040","Furlum Vanilla raisin Roll\\芙尔伦香草味葡萄干卷35g*140个/箱","CS",1,410,410,"Kitchen-Pastry"]
["2023年","8月份","L0002247044","Furlum chocolate roll\\芙尔伦巧克力卷45g*112个/箱","CS",1,410,410,"Kitchen-Pastry"]
["2023年","8月份","L0002309573","Gummy Candy\\橡皮糖（多口味）\\喜多多\\1kg/袋","BAG",10,24,240,"Kitchen-Pastry"]
["2023年","8月份","L0002309588","Red Yeast Power\\红曲粉\\玉友\\500g/瓶","BTL",1,17,17,"Kitchen-Pastry"]
["2023年","8月份","L0001735731","Flour sacher \\沙架蛋糕\\芙尔伦\\600克/盒","BX",10,59,590,"Kitchen-Pastry"]
["2023年","8月份","L0001580523","IFRUIT yellow peach puree\\黄桃果茸\\爱弗特\\1kg/盒","BX",5,86,430,"Kitchen-Pastry"]
["2023年","8月份","L0000543717","Food Dairy Butter\\Anchor Salt Of Butter\\安佳有盐黄油粒\\288*7g\\箱","EA",2,260,520,"Kitchen-Pastry"]
["2023年","8月份","L0000163153","Sugar / Salt Korea Castor Sugar\\韩国幼砂糖\\30kg/袋","BAG",1,245,245,"Kitchen-Pastry"]
["2023年","8月份","L0000032385","Cheese Elle&Vire Cream Cheese\\奶油芝士铁塔\\2kg/bx","EA",5,139,695,"Kitchen-Pastry"]
["2023年","8月份","L0000023515","Cacao Barry Cocoa Powder Dark Brown\\可可百利可可粉 深棕色\\1Kg","BAG",1,135,135,"Kitchen-Pastry"]
["2023年","8月份","L0001531101","Florimont cream\\稀奶油\\法仕睿\\1L/盒","BX",12,43,516,"Kitchen-Pastry"]
["2023年","8月份","L0001515004","Local rapeseed oil (bulk) / 5L / barrel\\本地菜籽油（散称）/5L/桶","BTL",1,85,85,"Kitchen-Western Kitchen?Yancheng Kitchen?"]
["2023年","8月份","L0000017522","Green Bean\\绿豆","KG",1,12,12,"Kitchen-Western Kitchen?Yancheng Kitchen?"]
["2023年","8月份","L0000462547","Rice\\江苏大米\\25KG\\BAG","EA",2,120,240,"Kitchen-Western Kitchen?Yancheng Kitchen?"]
["2023年","8月份","L0000169077","Dry Goods Others Beancurd sheets in rod\\千张结 kg","KG",8,13,104,"Kitchen-Western Kitchen?Yancheng Kitchen?"]
["2023年","8月份","L0000024543","Firm Tofu\\老豆腐","EA",30,2.5,75,"Kitchen-Western Kitchen?Yancheng Kitchen?"]
["2023年","8月份","L0000024543","Firm Tofu\\老豆腐","EA",50,2.5,125,"Kitchen-Western Kitchen?Yancheng Kitchen?"]
["2023年","8月份","L0000019178","Ginger Peeled Blue\\生姜去皮","KG",2,23,46,"Kitchen-Western Kitchen?Yancheng Kitchen?"]
["2023年","8月份","L0000087075","Vegetable Fresh\\Chili red\\红杭椒","KG",3,23,69,"Kitchen-Western Kitchen?Yancheng Kitchen?"]
["2023年","8月份","L0000051424","Veg You Mai\\油麦菜","KG",15,9,135,"Kitchen-Western Kitchen?Yancheng Kitchen?"]
["2023年","8月份","L0000024548","Fresh Shiitake Mushrooms/鲜香菇/Kg","KG",5,19,95,"Kitchen-Western Kitchen?Yancheng Kitchen?"]
["2023年","8月份","L0000523903","Assorted vegetable\\什锦蔬菜粒1KG/包","BAG",3,22,66,"Kitchen-Western Kitchen?Yancheng Kitchen?"]
["2023年","8月份","L0000105415","Vegetable Fresh\\Egg Noodle\\鸡蛋面","KG",20,10,200,"Kitchen-Western Kitchen?Yancheng Kitchen?"]
["2023年","8月份","L0000033107","Vegetable Fresh Baby Vegetable\\娃娃菜","EA",45,6,270,"Kitchen-Western Kitchen?Yancheng Kitchen?"]
["2023年","8月份","L0000024414","Chili Green Hang Jiao\\绿杭椒","KG",4,15.6,62.4,"Kitchen-Western Kitchen?Yancheng Kitchen?"]
["2023年","8月份","L0000024414","Chili Green Hang Jiao\\绿杭椒","KG",5,15.6,78,"Kitchen-Western Kitchen?Yancheng Kitchen?"]
["2023年","8月份","L0000019330","Turnip White\\白萝卜","KG",20,3.6,72,"Kitchen-Western Kitchen?Yancheng Kitchen?"]
["2023年","8月份","L0000019330","Turnip White\\白萝卜","KG",10,3.6,36,"Kitchen-Western Kitchen?Yancheng Kitchen?"]
["2023年","8月份","L0000024532","Chili Red/红尖椒/Kg","KG",1,16,16,"Kitchen-Western Kitchen?Yancheng Kitchen?"]
["2023年","8月份","L0000024488","Onion Spring\\小葱","KG",2,12,24,"Kitchen-Western Kitchen?Yancheng Kitchen?"]
["2023年","8月份","L0000024487","Onion Red\\红洋葱","KG",6,4,24,"Kitchen-Western Kitchen?Yancheng Kitchen?"]
["2023年","8月份","L0000024481","Coriander\\香菜","KG",2,17,34,"Kitchen-Western Kitchen?Yancheng Kitchen?"]
["2023年","8月份","L0000019174","Garlic Peeled\\蒜肉","KG",10,12,120,"Kitchen-Western Kitchen?Yancheng Kitchen?"]
["2023年","8月份","L0000019164","Fresh Peanut\\生花生","KG",4,11,44,"Kitchen-Western Kitchen?Yancheng Kitchen?"]
["2023年","8月份","L0000019084","Local Bell Pepper Red\\本地红圆椒","KG",1,25,25,"Kitchen-Western Kitchen?Yancheng Kitchen?"]
["2023年","8月份","L0000400651","Vegetable Fresh/红叶生菜","KG",1.5,33,49.5,"Kitchen-Western Kitchen?Yancheng Kitchen?"]
["2023年","8月份","L0000019086","Bitter Melon\\苦瓜","KG",3,11,33,"Kitchen-Western Kitchen?Yancheng Kitchen?"]
["2023年","8月份","L0000019178","Ginger Peeled Blue\\生姜去皮","KG",2,23,46,"Kitchen-Western Kitchen?Yancheng Kitchen?"]
["2023年","8月份","L0000024501","Potato Baby/小土豆/Kg","KG",3,12,36,"Kitchen-Western Kitchen?Yancheng Kitchen?"]
["2023年","8月份","L0000024552","Cuke\\日本小黄瓜","KG",2,14,28,"Kitchen-Western Kitchen?Yancheng Kitchen?"]
["2023年","8月份","L0000033114","Vegetable Fresh Potato Sweet\\红薯","KG",8,5.5,44,"Kitchen-Western Kitchen?Yancheng Kitchen?"]
["2023年","8月份","L0000019085","Local Bell Pepper Yellow\\本地黄圆椒","KG",1,29,29,"Kitchen-Western Kitchen?Yancheng Kitchen?"]
["2023年","8月份","L0000024526","Potato Baby\\土豆","KG",15,6,90,"Kitchen-Western Kitchen?Yancheng Kitchen?"]
["2023年","8月份","L0000024488","Onion Spring\\小葱","KG",1,12,12,"Kitchen-Western Kitchen?Yancheng Kitchen?"]
["2023年","8月份","L0000024487","Onion Red\\红洋葱","KG",5,4,20,"Kitchen-Western Kitchen?Yancheng Kitchen?"]
["2023年","8月份","L0000024487","Onion Red\\红洋葱","KG",8,4,32,"Kitchen-Western Kitchen?Yancheng Kitchen?"]
["2023年","8月份","L0000024482","Cucumber\\黄瓜","KG",7,6,42,"Kitchen-Western Kitchen?Yancheng Kitchen?"]
["2023年","8月份","L0000024482","Cucumber\\黄瓜","KG",7,6,42,"Kitchen-Western Kitchen?Yancheng Kitchen?"]
["2023年","8月份","L0000019325","Tomato Larage Local\\大番茄","KG",15,8,120,"Kitchen-Western Kitchen?Yancheng Kitchen?"]
["2023年","8月份","L0000019273","Ping mushroom\\平菇","KG",10,15,150,"Kitchen-Western Kitchen?Yancheng Kitchen?"]
["2023年","8月份","L0000019228","Mao Bean Seed\\毛豆仁","KG",4,20,80,"Kitchen-Western Kitchen?Yancheng Kitchen?"]
["2023年","8月份","L0000019174","Garlic Peeled\\蒜肉","KG",4,12,48,"Kitchen-Western Kitchen?Yancheng Kitchen?"]
["2023年","8月份","L0000037399","Seafood Flavor Mushroom/海鲜菇/Kg","KG",10,16,160,"Kitchen-Western Kitchen?Yancheng Kitchen?"]
["2023年","8月份","L0000105415","Vegetable Fresh\\Egg Noodle\\鸡蛋面","KG",15,10,150,"Kitchen-Western Kitchen?Yancheng Kitchen?"]
["2023年","8月份","L0000040060","Vegetable Fresh Local Romaine \\本地罗马生菜","KG",1.5,32,48,"Kitchen-Western Kitchen?Yancheng Kitchen?"]
["2023年","8月份","L0000523903","Assorted vegetable\\什锦蔬菜粒1KG/包","BAG",4,22,88,"Kitchen-Western Kitchen?Yancheng Kitchen?"]
["2023年","8月份","L0000034896","Vegetable Fresh Abalone Mushrooms \\杏鲍菇","KG",5,14,70,"Kitchen-Western Kitchen?Yancheng Kitchen?"]
["2023年","8月份","L0000033145","Vegetable Fresh Garlic Sprout\\蒜苔 去尾 去头","KG",4,16,64,"Kitchen-Western Kitchen?Yancheng Kitchen?"]
["2023年","8月份","L0000033120","Vegetable Fresh Bean Green Long\\长豆角","KG",5,9.8,49,"Kitchen-Western Kitchen?Yancheng Kitchen?"]
["2023年","8月份","L0000024493","Snow Veg\\雪菜","KG",5,5,25,"Kitchen-Western Kitchen?Yancheng Kitchen?"]
["2023年","8月份","L0000024443","Hand Tooled Noodle\\手工面","KG",8,8,64,"Kitchen-Western Kitchen?Yancheng Kitchen?"]
["2023年","8月份","L0000019256","Okra Green\\秋葵","KG",0.5,26,13,"Kitchen-Western Kitchen?Yancheng Kitchen?"]
["2023年","8月份","L0000019119","Chilli Green\\青尖椒","KG",1,10,10,"Kitchen-Western Kitchen?Yancheng Kitchen?"]
["2023年","8月份","L0000019118","Chili Mini Red\\红指天椒","KG",0.5,22,11,"Kitchen-Western Kitchen?Yancheng Kitchen?"]
["2023年","8月份","L0000019091","Bottle Gourd\\葫芦瓜","KG",3,10,30,"Kitchen-Western Kitchen?Yancheng Kitchen?"]
["2023年","8月份","L0000019083","Local Bell Pepper Green\\本地青圆椒","KG",1,14,14,"Kitchen-Western Kitchen?Yancheng Kitchen?"]
["2023年","8月份","L0000281463","Endive苦菊 kg","KG",1.5,16,24,"Kitchen-Western Kitchen?Yancheng Kitchen?"]
["2023年","8月份","L0000935930","Pork Local\\Six Pork Heads\\六合猪头肉\\KG","KG",6,78,468,"Kitchen-Western Kitchen?Yancheng Kitchen?"]
["2023年","8月份","L0000023646","Pork with skin\\带皮五花肉","KG",12,36,432,"Kitchen-Western Kitchen?Yancheng Kitchen?"]
["2023年","8月份","L0000023680","Pork Meat\\肉丝","KG",2,38,76,"Kitchen-Western Kitchen?Yancheng Kitchen?"]
["2023年","8月份","L0000033269","Duck / Goose Neck\\鸭脖","KG",2,28,56,"Kitchen-Western Kitchen?Yancheng Kitchen?"]
["2023年","8月份","L0000805877","Beef Local Stewed Beef\\优质香卤牛肉/KG","KG",3,148,444,"Kitchen-Western Kitchen?Yancheng Kitchen?"]
["2023年","8月份","L0000023723","Duck\\白条鸭","KG",20,24.8,496,"Kitchen-Western Kitchen?Yancheng Kitchen?"]
["2023年","8月份","L0000794917","beef fillet/免浆牛柳/KG","KG",10,96,960,"Kitchen-Western Kitchen?Yancheng Kitchen?"]
["2023年","8月份","L0000023310","Frz San Huang Chicken\\冻三黄鸡\\1.5-2Kg\\只","KG",15,24.8,372,"Kitchen-Western Kitchen?Yancheng Kitchen?"]
["2023年","8月份","L0000023644","Pork Stuffing\\猪肉末","KG",3,36,108,"Kitchen-Western Kitchen?Yancheng Kitchen?"]
["2023年","8月份","L0000023310","Frz San Huang Chicken\\冻三黄鸡\\1.5-2Kg\\只","KG",3,24.8,74.4,"Kitchen-Western Kitchen?Yancheng Kitchen?"]
["2023年","8月份","L0000023310","Frz San Huang Chicken\\冻三黄鸡\\1.5-2Kg\\只","KG",5,24.8,124,"Kitchen-Western Kitchen?Yancheng Kitchen?"]
["2023年","8月份","L0000023723","Duck\\白条鸭","KG",5,24.8,124,"Kitchen-Western Kitchen?Yancheng Kitchen?"]
["2023年","8月份","L0000493964","FOOD DAIRY\\EGG, DUCK SALTED\\咸鸭蛋 熟\\PCS","EA",20,1.8,36,"Kitchen-Western Kitchen?Yancheng Kitchen?"]
["2023年","8月份","L0000024447","Egg Preserved\\皮蛋","EA",15,2.3,34.5,"Kitchen-Western Kitchen?Yancheng Kitchen?"]
["2023年","8月份","L0000018880","Fuji Apple\\富士苹果","KG",35,12,420,"Kitchen-Western Kitchen?Yancheng Kitchen?"]
["2023年","8月份","L0000018880","Fuji Apple\\富士苹果","KG",20,12,240,"Kitchen-Western Kitchen?Yancheng Kitchen?"]
["2023年","8月份","L0000018960","Local Seedless Watermelon\\本地无籽西瓜","KG",40,4.2,168,"Kitchen-Western Kitchen?Yancheng Kitchen?"]
["2023年","8月份","L0000033170","Fruit Fresh Nectarine\\油桃","KG",35,12,420,"Kitchen-Western Kitchen?Yancheng Kitchen?"]
["2023年","8月份","L0000018896","Honey Pear\\蜜梨","KG",35,16,560,"Kitchen-Western Kitchen?Yancheng Kitchen?"]
["2023年","8月份","L0000162206","Fruit Fresh Hami Melon\\哈密瓜\\kg","KG",60,4.8,288,"Kitchen-Western Kitchen?Yancheng Kitchen?"]
["2023年","8月份","L0000018960","Local Seedless Watermelon\\本地无籽西瓜","KG",80,4.2,336,"Kitchen-Western Kitchen?Yancheng Kitchen?"]
["2023年","8月份","L0000018960","Local Seedless Watermelon\\本地无籽西瓜","KG",70,4.2,294,"Kitchen-Western Kitchen?Yancheng Kitchen?"]
["2023年","8月份","L0000018896","Honey Pear\\蜜梨","KG",20,16,320,"Kitchen-Western Kitchen?Yancheng Kitchen?"]
["2023年","8月份","L0000162206","Fruit Fresh Hami Melon\\哈密瓜\\kg","KG",50,4.8,240,"Kitchen-Western Kitchen?Yancheng Kitchen?"]
["2023年","8月份","L0000033170","Fruit Fresh Nectarine\\油桃","KG",20,12,240,"Kitchen-Western Kitchen?Yancheng Kitchen?"]
["2023年","8月份","L0000051509","Banana Import\\进口香蕉","KG",28,9.6,268.8,"Kitchen-Western Kitchen?Yancheng Kitchen?"]
["2023年","8月份","L0000018908","Thai Lime\\泰国青柠檬","KG",1,27,27,"Kitchen-Western Kitchen?Yancheng Kitchen?"]
["2023年","8月份","L0000037393","Fruit Fresh Raspberry \\树莓\\125g/bx","EA",0,24,0,"Kitchen-Western Kitchen?Yancheng Kitchen?"]
["2023年","8月份","L0000033180","Fruit Fresh Lemon\\柠檬","KG",2,12.6,25.2,"Kitchen-Western Kitchen?Yancheng Kitchen?"]
["2023年","8月份","L0000051509","Banana Import\\进口香蕉","KG",14,9.6,134.4,"Kitchen-Western Kitchen?Yancheng Kitchen?"]
["2023年","8月份","L0000449351","Honey melon Fresh 香瓜（玉菇瓜）","KG",50,6.4,320,"Kitchen-Western Kitchen?Yancheng Kitchen?"]
["2023年","8月份","L0000449351","Honey melon Fresh 香瓜（玉菇瓜）","KG",50,6.4,320,"Kitchen-Western Kitchen?Yancheng Kitchen?"]
["2023年","8月份","L0000019564","Fish Head With Neck\\带枕大鱼头","KG",20,45,900,"Kitchen-Western Kitchen?Yancheng Kitchen?"]
["2023年","8月份","L0000075815","Shellfish Frozen Flounder Fillet \\龙利鱼柳 （袋装1*2.5kg）","BAG",10,68,680,"Kitchen-Western Kitchen?Yancheng Kitchen?"]
["2023年","8月份","L0001575519","五得利面粉25kg/包","PK",1,120,120,"Kitchen-Western Kitchen?Yancheng Kitchen?"]
["2023年","8月份","L0001574064","Aunt Su's spring rolls with shredded pork and shepherd's purse\\苏阿姨荠菜肉丝春卷\\1kg/袋","BAG",4,34,136,"Kitchen-Western Kitchen?Yancheng Kitchen?"]
["2023年","8月份","L0001765938","Mccain\\麦肯小圆薯饼1.5KG/袋","BAG",5,30,150,"Kitchen-Western Kitchen?Yancheng Kitchen?"]
["2023年","8月份","L0001791638","Frozen French fries\\麦肯1/2英寸波浪切冷冻薯条2kg/包","BAG",4,29,116,"Kitchen-Western Kitchen?Yancheng Kitchen?"]
["2023年","8月份","L0001551699","Thai durian fruit flesh (Platinum double a) 3kg/泰国金枕榴莲果肉(铂天双A）3kg","BAG",1,328,328,"Kitchen-Western Kitchen?Yancheng Kitchen?"]
["2023年","8月份","L0001526370","Forrest chicken breakfast sausage 2kg/福瑞斯鸡肉早餐肠2KG","BAG",3,84,252,"Kitchen-Western Kitchen?Yancheng Kitchen?"]
["2023年","8月份","L0001526373","Forrest beef breakfast sausage 2kg/福瑞斯牛肉早餐肠2KG","BAG",3,92,276,"Kitchen-Western Kitchen?Yancheng Kitchen?"]
["2023年","8月份","L0001526369","Frise Bacon 2kg/福瑞斯五花培根(生制)2KG","BAG",10,99,990,"Kitchen-Western Kitchen?Yancheng Kitchen?"]
["2023年","8月份","L0001522603","Juice Chilled Juice Grapefruit juice\\橙宝西柚汁\\BTL 2L","BTL",24,12.5,300,"Kitchen-Western Kitchen?Yancheng Kitchen?"]
["2023年","8月份","L0001522602","Juice Chilled Juice Grape juice\\橙宝葡萄汁\\BTL 2L","BTL",24,12.5,300,"Kitchen-Western Kitchen?Yancheng Kitchen?"]
["2023年","8月份","L0001522601","Juice Chilled Juice orangeJuice\\橙宝橙汁\\BTL\\2L","BTL",36,12.5,450,"Kitchen-Western Kitchen?Yancheng Kitchen?"]
["2023年","8月份","L0001522598","Juice Chilled Juice Apple Juice\\橙宝苹果汁\\BTL\\2L","BTL",24,12.5,300,"Kitchen-Western Kitchen?Yancheng Kitchen?"]
["2023年","8月份","L0000186977","White toast\\切片白吐司\\ 1KG","BAG",2,20.5,41,"Kitchen-Western Kitchen?Yancheng Kitchen?"]
["2023年","8月份","L0000152556","Dried/Canned Foods-白泡菜-韩国泡菜-White Pickle","KG",10,20,200,"Kitchen-Western Kitchen?Yancheng Kitchen?"]
["2023年","8月份","L0000032466","Sauce Bean Paste Pi Xian\\郫县豆瓣酱\\5kg/cs","EA",1,87.1,87.1,"Kitchen-Western Kitchen?Yancheng Kitchen?"]
["2023年","8月份","L0001525463","Mengniu pure milk / 1L 6 boxes / box/蒙牛纯牛奶/1L 6盒/箱","CS",1,47.34,47.34,"Kitchen-Chinese Kitchen?Man Ho?"]
["2023年","8月份","L0000429077","Cereals and Oils\\Golden wheel king Thai rice\\金轮王泰国香米\\25kg\\bag","BAG",1,220,220,"Kitchen-Chinese Kitchen?Man Ho?"]
["2023年","8月份","L0000017531","Dried Red Bean\\红豆","KG",2.5,17,42.5,"Kitchen-Chinese Kitchen?Man Ho?"]
["2023年","8月份","L0001531064","Tuna oil/10L*2/non transgenic/金龙鱼油/10L*2/非转基因","CS",1,270,270,"Kitchen-Chinese Kitchen?Man Ho?"]
["2023年","8月份","L0000019102","Cabbage White Small\\小白菜","KG",2,16,32,"Kitchen-Chinese Kitchen?Man Ho?"]
["2023年","8月份","L0000019174","Garlic Peeled\\蒜肉","KG",2.7,12,32.4,"Kitchen-Chinese Kitchen?Man Ho?"]
["2023年","8月份","L0000019208","Leeks\\京葱","KG",2,8,16,"Kitchen-Chinese Kitchen?Man Ho?"]
["2023年","8月份","L0000024421","Veg Chinese Yam\\山药","KG",1.5,15,22.5,"Kitchen-Chinese Kitchen?Man Ho?"]
["2023年","8月份","L0000019219","Local Lettuce\\本地生菜","KG",2,9,18,"Kitchen-Chinese Kitchen?Man Ho?"]
["2023年","8月份","L0000759474","Weifang green radish\\潍坊青萝卜","KG",1.5,9,13.5,"Kitchen-Chinese Kitchen?Man Ho?"]
["2023年","8月份","L0000103452","Cherry tomatoes (yellow)\\圣女果(黄）/kg","KG",1.5,24,36,"Kitchen-Chinese Kitchen?Man Ho?"]
["2023年","8月份","L0000051422","Spinach/菠菜/Kg","KG",1.5,13,19.5,"Kitchen-Chinese Kitchen?Man Ho?"]
["2023年","8月份","L0000033103","Vegetable Fresh Carrot\\胡萝卜","KG",2,5,10,"Kitchen-Chinese Kitchen?Man Ho?"]
["2023年","8月份","L0000024552","Cuke\\日本小黄瓜","KG",2,14,28,"Kitchen-Chinese Kitchen?Man Ho?"]
["2023年","8月份","L0000024523","Sweet Bean\\甜蜜豆","KG",1,36,36,"Kitchen-Chinese Kitchen?Man Ho?"]
["2023年","8月份","L0000019249","Straw Mushroom \\鲜草菇","KG",0,36,0,"Kitchen-Chinese Kitchen?Man Ho?"]
["2023年","8月份","L0000019085","Local Bell Pepper Yellow\\本地黄圆椒","KG",0.75,29,21.75,"Kitchen-Chinese Kitchen?Man Ho?"]
["2023年","8月份","L0000019256","Okra Green\\秋葵","KG",2,26,52,"Kitchen-Chinese Kitchen?Man Ho?"]
["2023年","8月份","L0000019104","Baby Carrot Fingerling \\手指胡萝卜","KG",0.5,22,11,"Kitchen-Chinese Kitchen?Man Ho?"]
["2023年","8月份","L0000017690","Rice Noodle\\河粉","KG",3,9,27,"Kitchen-Chinese Kitchen?Man Ho?"]
["2023年","8月份","L0000935932","Vegetable Fresh/cucumber/玉女瓜/KG","KG",2,30,60,"Kitchen-Chinese Kitchen?Man Ho?"]
["2023年","8月份","L0000033129","Vegetable Fresh Marrow\\西葫芦蔬菜","KG",2,6,12,"Kitchen-Chinese Kitchen?Man Ho?"]
["2023年","8月份","L0000024566","Wheatgrass\\冰草","KG",1,14,14,"Kitchen-Chinese Kitchen?Man Ho?"]
["2023年","8月份","L0000024473","Broccoli Green\\去根西兰花","KG",3,16,48,"Kitchen-Chinese Kitchen?Man Ho?"]
["2023年","8月份","L0000019226","Lotus Seed Pitted Fresh\\鲜莲子去芯\\85g","EA",2,16,32,"Kitchen-Chinese Kitchen?Man Ho?"]
["2023年","8月份","L0000087072","Vegetable Fresh\\Leek\\青大蒜","KG",1,8,8,"Kitchen-Chinese Kitchen?Man Ho?"]
["2023年","8月份","L0000019210","Lemon Leaf\\柠檬叶","KG",0.5,18,9,"Kitchen-Chinese Kitchen?Man Ho?"]
["2023年","8月份","L0001334080","Stripe radish\\条纹萝卜","KG",0.5,36,18,"Kitchen-Chinese Kitchen?Man Ho?"]
["2023年","8月份","L0000281463","Endive苦菊 kg","KG",1,16,16,"Kitchen-Chinese Kitchen?Man Ho?"]
["2023年","8月份","L0001689925","Put the meat before the skinless pig\\去皮猪前夹肉/KG","KG",1,38,38,"Kitchen-Chinese Kitchen?Man Ho?"]
["2023年","8月份","L0000280398","Pork Frozen Meat \\绿进松板肉\\400g包","BAG",2,26,52,"Kitchen-Chinese Kitchen?Man Ho?"]
["2023年","8月份","L0000023666","Pork Bones W Meat\\猪龙骨","KG",2,38,76,"Kitchen-Chinese Kitchen?Man Ho?"]
["2023年","8月份","L0001135154","Cherry ducks\\樱桃鸭\\1.5-2.0KG","KG",4,22.8,91.2,"Kitchen-Chinese Kitchen?Man Ho?"]
["2023年","8月份","L0000445634","JT-eggs\\鸡蛋-\\KG","KG",5,14,70,"Kitchen-Chinese Kitchen?Man Ho?"]
["2023年","8月份","L0001647196","The sun rose\\阳光玫瑰\\大果/KG","KG",1,36,36,"Kitchen-Chinese Kitchen?Man Ho?"]
["2023年","8月份","L0000524458","Millennium tomato\\千禧小番茄","KG",2,12,24,"Kitchen-Chinese Kitchen?Man Ho?"]
["2023年","8月份","L0000018960","Local Seedless Watermelon\\本地无籽西瓜","KG",6,4.2,25.2,"Kitchen-Chinese Kitchen?Man Ho?"]
["2023年","8月份","L0000074934","Fruit Fresh Green Orange\\小青桔","KG",1,24,24,"Kitchen-Chinese Kitchen?Man Ho?"]
["2023年","8月份","L0000162206","Fruit Fresh Hami Melon\\哈密瓜\\kg","KG",5,4.8,24,"Kitchen-Chinese Kitchen?Man Ho?"]
["2023年","8月份","L0000017531","Dried Red Bean\\红豆","KG",1.5,17,25.5,"Kitchen-Banquet Kitchen"]
["2023年","8月份","L0000024523","Sweet Bean\\甜蜜豆","KG",3,36,108,"Kitchen-Banquet Kitchen"]
["2023年","8月份","L0000019085","Local Bell Pepper Yellow\\本地黄圆椒","KG",1.5,29,43.5,"Kitchen-Banquet Kitchen"]
["2023年","8月份","L0000033084","Vegetable Fresh Local Pepper Red\\本地红椒 直身","KG",1.5,15,22.5,"Kitchen-Banquet Kitchen"]
["2023年","8月份","L0000033084","Vegetable Fresh Local Pepper Red\\本地红椒 直身","KG",1,15,15,"Kitchen-Banquet Kitchen"]
["2023年","8月份","L0000024488","Onion Spring\\小葱","KG",0.5,12,6,"Kitchen-Banquet Kitchen"]
["2023年","8月份","L0001624721","Iron yam\\加工净铁棍山药/KG","KG",2,27,54,"Kitchen-Banquet Kitchen"]
["2023年","8月份","L0001791087","New Zealand sweet bean\\新西兰甜豆1KG/包","BAG",5,20,100,"Kitchen-Banquet Kitchen"]
["2023年","8月份","L0000019083","Local Bell Pepper Green\\本地青圆椒","KG",1.5,14,21,"Kitchen-Banquet Kitchen"]
["2023年","8月份","L0000087072","Vegetable Fresh\\Leek\\青大蒜","KG",1.5,8,12,"Kitchen-Banquet Kitchen"]
["2023年","8月份","L0000033094","Vegetable Fresh Guangdong Chinese Flowering Cabbage\\广东菜心 留叶尖","KG",7,18,126,"Kitchen-Banquet Kitchen"]
["2023年","8月份","L0000122723","Alkaline noodle碱面条","KG",7,8,56,"Kitchen-Banquet Kitchen"]
["2023年","8月份","L0000023614","Pigeon\\乳鸽\\300G","EA",24,28,672,"Kitchen-Banquet Kitchen"]
["2023年","8月份","L0000023681","Pork Meat\\肉片","KG",1,38,38,"Kitchen-Banquet Kitchen"]
["2023年","8月份","L0000033254","Pork Local Bone\\猪筒骨","KG",10,38,380,"Kitchen-Banquet Kitchen"]
["2023年","8月份","L0000023306","Frz Chicken Rack\\鸡骨架","KG",14,8,112,"Kitchen-Banquet Kitchen"]
["2023年","8月份","L0001709053","Local quality hens (cleaned)\\本地优母鸡（净膛）","KG",14.4,39,561.6,"Kitchen-Banquet Kitchen"]
["2023年","8月份","L0000976204","Egg Quail\\鹌鹑蛋 去皮","KG",1.6,26,41.6,"Kitchen-Banquet Kitchen"]
["2023年","8月份","L0000033253","Pork Local Pigskin\\猪皮","KG",5,12,60,"Kitchen-Banquet Kitchen"]
["2023年","8月份","L0000018960","Local Seedless Watermelon\\本地无籽西瓜","KG",30,4.2,126,"Kitchen-Banquet Kitchen"]
["2023年","8月份","L0000018960","Local Seedless Watermelon\\本地无籽西瓜","KG",20,4.2,84,"Kitchen-Banquet Kitchen"]
["2023年","8月份","L0000162206","Fruit Fresh Hami Melon\\哈密瓜\\kg","KG",15,4.8,72,"Kitchen-Banquet Kitchen"]
["2023年","8月份","L0000019733","Sha Shrimp\\沙虾\\30-40pcs","KG",11,66,726,"Kitchen-Banquet Kitchen"]
["2023年","8月份","L0000033289","Fish Fresh Grass Carp\\草鱼","KG",10,24,240,"Kitchen-Banquet Kitchen"]
["2023年","8月份","L0000075815","Shellfish Frozen Flounder Fillet \\龙利鱼柳 （袋装1*2.5kg）","BAG",6,68,408,"Kitchen-Banquet Kitchen"]
["2023年","8月份","L0000019663","Dalian Abalone\\大连鲜鲍鱼\\9-10pcs","KG",19,127,2413,"Kitchen-Banquet Kitchen"]
["2023年","8月份","L0000400836","Fish Fresh\\White fish \\太湖白鱼0.7-0.75KG","KG",22.2,33,732.6,"Kitchen-Banquet Kitchen"]
["2023年","8月份","L0000019663","Dalian Abalone\\大连鲜鲍鱼\\9-10pcs","KG",5.5,127,698.5,"Kitchen-Banquet Kitchen"]
["2023年","8月份","L0000019663","Dalian Abalone\\大连鲜鲍鱼\\9-10pcs","KG",2.1,127,266.7,"Kitchen-Banquet Kitchen"]
["2023年","8月份","L0001551661","Gaoyou Minjiang River Shrimp / 200g / bag/高邮免将河虾仁/200g/包","BAG",6,26,156,"Kitchen-Banquet Kitchen"]
["2023年","8月份","L0000552236","Turtle live黄油甲鱼2斤以上","KG",14.8,93,1376.4,"Kitchen-Banquet Kitchen"]
["2023年","8月份","L0000087642","Dry goods others\\Kikkoman Soy Sauce\\龟甲万字酱油 1.8L","BTL",1,44.6408,44.64,"Kitchen-Banquet Kitchen"]
["2023年","8月份","L0000087568","Dry goods others\\Chilli TANGTANGXIANG\\坛坛香剁椒 2.3kg","BRL",2,28,56,"Kitchen-Banquet Kitchen"]
["2023年","8月份","L0001549164","San Quan Dumpings\\三全小笼包\\1kg\\包","BAG",12,28,336,"Kitchen-Banquet Kitchen"]
["2023年","8月份","L0001656736","Indian red lentils\\印度红扁豆(提前三天订货)1kg/包","BAG",0,27.5,0,"Kitchen-Banquet Kitchen"]
["2023年","8月份","L0001689720","Sheng Fu abalone roll\\胜福鲍鱼卷\\200g/袋","BAG",20,7.77,155.4,"Kitchen-Banquet Kitchen"]
["2023年","8月份","L0001760483","Yurun crystal meat\\雨润水晶肴肉/KG","KG",4,98,392,"Kitchen-Banquet Kitchen"]
["2023年","8月份","L0000052168","Sauce Knorr Powder Chicken\\家乐鸡精\\900G","TIN",10,26,260,"Kitchen-Banquet Kitchen"]
["2023年","8月份","L0000033052","Sugar / Salt Vineger White Shanghai\\上海白醋","EA",10,4,40,"Kitchen-Banquet Kitchen"]
["2023年","8月份","L0000087644","Dry goods others\\Sauce Haitian Soybean Light Sauce\\海天金标生抽 1.9L","EA",6,19.8,118.8,"Kitchen-Banquet Kitchen"]
["2023年","8月份","L0000032473","Sauce Soya Seasoning Maggi\\美极鲜酱油\\800ml","EA",1,43,43,"Kitchen-Banquet Kitchen"]
["2023年","8月份","L0000024325","Sauce Golden Ladel Fish Thai\\泰国金标鱼露\\750G","BTL",2,8.6602,17.32,"Kitchen-Banquet Kitchen"]
["2023年","8月份","L0000024205","Msg Shuangqiao\\双桥味精\\500G","BAG",8,11.14,89.12,"Kitchen-Banquet Kitchen"]
["2023年","8月份","L0000022379","Delmonte Canned Fruit\\地们热带杂果罐头\\850G","TIN",4,22.2718,89.09,"Kitchen-Banquet Kitchen"]
["2023年","8月份","L0000017970","Red Date Pitted\\无核红枣","KG",8,21.5,172,"Kitchen-Banquet Kitchen"]
["2023年","8月份","L0000017768","Sundriend Tomato In Oil\\番茄沙司\\3200g","CAN",2,49.5922,99.18,"Kitchen-Banquet Kitchen"]
["2023年","8月份","L0002331916","Wangmingyuan Passion Mango\\旺茗园百香芒果300g/包","BAG",20,16,320,"Kitchen-Banquet Kitchen"]
["2023年","8月份","L0000524458","Millennium tomato\\千禧小番茄","KG",2,12,24,"Kitchen-Banquet Kitchen"]
["2023年","8月份","L0000449351","Honey melon Fresh 香瓜（玉菇瓜）","KG",20,6.4,128,"Kitchen-Banquet Kitchen"]
["2023年","8月份","L0000018874","Dragon Fruit\\白肉火龙果","KG",8,8.4,67.2,"Kitchen-Banquet Kitchen"]
["2023年","8月份","L0000449351","Honey melon Fresh 香瓜（玉菇瓜）","KG",15,6.4,96,"Kitchen-Banquet Kitchen"]
["2023年","8月份","L0000019174","Garlic Peeled\\蒜肉","KG",2,12,24,"Kitchen-Banquet Kitchen"]
["2023年","8月份","L0000024499","Parsley\\荷兰芹","KG",0.5,25,12.5,"Kitchen-Banquet Kitchen"]
["2023年","8月份","L0000024482","Cucumber\\黄瓜","KG",10,6,60,"Kitchen-Banquet Kitchen"]
["2023年","8月份","L0000033084","Vegetable Fresh Local Pepper Red\\本地红椒 直身","KG",1.5,15,22.5,"Kitchen-Banquet Kitchen"]
["2023年","8月份","L0000019129","Chive/韭菜/Kg","KG",3,8,24,"Kitchen-Banquet Kitchen"]
["2023年","8月份","L0000019208","Leeks\\京葱","KG",7,8,56,"Kitchen-Banquet Kitchen"]
["2023年","8月份","L0000024428","Shepherd S Purse/荠菜/Kg","KG",2.5,9,22.5,"Kitchen-Banquet Kitchen"]
["2023年","8月份","L0000281463","Endive苦菊 kg","KG",1,16,16,"Kitchen-Banquet Kitchen"]
["2023年","8月份","L0000033107","Vegetable Fresh Baby Vegetable\\娃娃菜","EA",3,6,18,"Kitchen-Banquet Kitchen"]
["2023年","8月份","L0000037834","Vegetable Fresh Vegetable Chufa Peeled\\马蹄(去皮)","KG",2,30,60,"Kitchen-Banquet Kitchen"]
["2023年","8月份","L0000019253","Needle Mushroom\\金针菇","KG",3,10,30,"Kitchen-Banquet Kitchen"]
["2023年","8月份","L0000024536","Corn\\玉米棒","KG",10,9,90,"Kitchen-Banquet Kitchen"]
["2023年","8月份","L0000024538","Ginger Pork\\姜肉","KG",3,24,72,"Kitchen-Banquet Kitchen"]
["2023年","8月份","L0000033083","Vegetable Fresh Local Pepper Green\\本地青椒","KG",1.5,6,9,"Kitchen-Banquet Kitchen"]
["2023年","8月份","L0000103452","Cherry tomatoes (yellow)\\圣女果(黄）/kg","KG",2,24,48,"Kitchen-Banquet Kitchen"]
["2023年","8月份","L0000051422","Spinach/菠菜/Kg","KG",19,13,247,"Kitchen-Banquet Kitchen"]
["2023年","8月份","L0000033103","Vegetable Fresh Carrot\\胡萝卜","KG",6,5,30,"Kitchen-Banquet Kitchen"]
["2023年","8月份","L0000023681","Pork Meat\\肉片","KG",2.5,38,95,"Kitchen-Banquet Kitchen"]
["2023年","8月份","L0000034098","Pork Local Minced Meat\\肉末\\3分肥肉7分瘦肉","KG",20,38,760,"Kitchen-Banquet Kitchen"]
["2023年","8月份","L0000074273","Duck / Goose\\Local goose\\ 本地鹅","KG",28,43,1204,"Kitchen-Banquet Kitchen"]
["2023年","8月份","L0000496902","Pork Rib\\精排骨\\KG","KG",18.5,62,1147,"Kitchen-Banquet Kitchen"]
["2023年","8月份","L0002161290","Bovine anterior tendon/牛前键","KG",10,98,980,"Kitchen-Banquet Kitchen"]
["2023年","8月份","L0000023723","Duck\\白条鸭","KG",47.5,24.8,1178,"Kitchen-Banquet Kitchen"]
["2023年","8月份","L0000086983","Pork Local\\fat lining\\肥膘","KG",2,28,56,"Kitchen-Banquet Kitchen"]
["2023年","8月份","L0000024447","Egg Preserved\\皮蛋","EA",100,2.3,230,"Kitchen-Banquet Kitchen"]
["2023年","8月份","L0000033993","Fish Processed Frozen Fish Osaki Crab Stick\\大崎蟹柳\\454g/pk","EA",2,16,32,"Kitchen-Banquet Kitchen"]
["2023年","8月份","L0000019686","Hard Shell Crab\\肉蟹\\250g-350g","KG",5.5,155,852.5,"Kitchen-Banquet Kitchen"]
["2023年","8月份","L0001760477","Scallop\\鲜芝贝免浆鲜贝250g/盒","BX",6,23,138,"Kitchen-Banquet Kitchen"]
["2023年","8月份","L0001551668","Prawn prawn/竹节大明虾10头","KG",0,110,0,"Kitchen-Banquet Kitchen"]
["2023年","8月份","L0001551668","Prawn prawn/竹节大明虾10头","KG",13,110,1430,"Kitchen-Banquet Kitchen"]
["2023年","8月份","L0000022323","Mandarin Fish\\桂鱼\\0.65-0.9kg","KG",6.8,150,1020,"Kitchen-Banquet Kitchen"]
["2023年","8月份","L0000022323","Mandarin Fish\\桂鱼\\0.65-0.9kg","KG",6.6,150,990,"Kitchen-Banquet Kitchen"]
["2023年","8月份","L0000019686","Hard Shell Crab\\肉蟹\\250g-350g","KG",1.5,155,232.5,"Kitchen-Banquet Kitchen"]
["2023年","8月份","L0000019700","Live Boston Lobster\\活波士顿龙虾\\500-650g","KG",6.6,270,1782,"Kitchen-Banquet Kitchen"]
["2023年","8月份","L0000019700","Live Boston Lobster\\活波士顿龙虾\\500-650g","KG",3.2,270,864,"Kitchen-Banquet Kitchen"]
["2023年","8月份","L0000022302","Turbo Fish\\多宝鱼\\0.6kg","KG",0.63,90,56.7,"Kitchen-Banquet Kitchen"]
["2023年","8月份","L0001998246","Almond paste/杏仁酥","EA",131,1.8,235.8,"Kitchen-Banquet Kitchen"]
["2023年","8月份","L0001076364","Food Dry Goods Rice / Grain / Cereal/Xiaohuozi Cheese Rice cake小伙子芝士年糕 500g/EA(南瓜、紫苏、原味、蛋黄、草莓)口味下单备注","EA",4,14.5,58,"Kitchen-Banquet Kitchen"]
["2023年","8月份","L0000460051","FOOD DRY GOODS / GROCERY\\Pointed Bamboo Shoots\\扁尖\\KG","KG",1.8,44.6408,80.35,"Kitchen-Banquet Kitchen"]
["2023年","8月份","L0002162919","Li ghost garlic bone\\李鬼蒜香骨500g/包","BAG",15,38.5,577.5,"Kitchen-Banquet Kitchen"]
["2023年","8月份","L0000033052","Sugar / Salt Vineger White Shanghai\\上海白醋","EA",12,4,48,"Kitchen-Banquet Kitchen"]
["2023年","8月份","L0000034105","Pork Local Guanjin Pork Neck\\冠进猪颈肉\\2.5kg","KG",1.5,65,97.5,"Kitchen-Banquet Kitchen"]
["2023年","8月份","L0000074481","Dry Goods Frozen\\EDR AnJing Pork Dumpling\\安井水饺500g-员餐\\BAG","BAG",40,10,400,"Staff Dining"]
["2023年","8月份","L0000578587","EDR-Powder Plum/酸梅粉1kg/Bag-员餐","BAG",10,14.2,142,"Staff Dining"]
["2023年","8月份","L0001523304","ERD/Mixed pickles/员餐/什锦酱菜","KG",4.5,12.8,57.6,"Staff Dining"]
["2023年","8月份","L0001011287","Sauce EDR-Knorr Chicken\\家乐鸡精900G/BAG\\员餐","BAG",10,25,250,"Staff Dining"]
["2023年","8月份","L0000832308","staff canteen food\\EDR Pickle silk \\员工餐 榨菜丝-5KG\\CS\\CS","CS",0,66,0,"Staff Dining"]
["2023年","8月份","L0000281474","Aromatic Vinegar恒顺香醋/500ml/瓶 -员餐","EA",12,6.76,81.12,"Staff Dining"]
["2023年","8月份","L0000087466","EDR\\Taobihua old dopted mother\\陶华碧老干妈-员餐","BTL",10,9.5,95,"Staff Dining"]
["2023年","8月份","L0000074480","Dry Goods Frozen\\EDR AnJing Rice Ball\\安井汤圆500g-员餐\\BAG","BAG",30,7.88,236.4,"Staff Dining"]
["2023年","8月份","L0000024098","EDR-Msg Shuangqiao\\双桥味精-员餐\\500g","BAG",20,12,240,"Staff Dining"]
["2023年","8月份","L0002047799","Large pieces of fermented bean curd\\王致和大块腐乳340g/瓶-员餐","BTL",10,9,90,"Staff Dining"]
["2023年","8月份","L0000017262","JinPai Peach Whole\\金牌桃子\\822g","CAN",5,14.9515,74.76,"Kitchen-Pastry"]
["2023年","8月份","L0002453681","chilled salmon fillet\\集采德鲜膳冰鲜三文鱼柳","KG",54.45,174,9474.3,"Kitchen-Western Kitchen?Yancheng Kitchen?"]
["2023年","8月份","L0002453681","chilled salmon fillet\\集采德鲜膳冰鲜三文鱼柳","KG",9.15,174,1592.1,"Kitchen-Western Kitchen?Yancheng Kitchen?"]
["2023年","8月份","L0001658552","Three quick kitchen vegetable bag\\三全快厨素菜包1500g/包","BAG",4,27,108,"Kitchen-Western Kitchen?Yancheng Kitchen?"]
["2023年","8月份","L0001754369","Chinese sausage\\皇上皇腊肠400g/包","BAG",4,30,120,"Kitchen-Western Kitchen?Yancheng Kitchen?"]
["2023年","8月份","L0001998361","Green spray volume/安井葱油花卷1KG\\包","BAG",4,18,72,"Kitchen-Western Kitchen?Yancheng Kitchen?"]
["2023年","8月份","L0000087568","Dry goods others\\Chilli TANGTANGXIANG\\坛坛香剁椒 2.3kg","BRL",3,28,84,"Kitchen-Western Kitchen?Yancheng Kitchen?"]
["2023年","8月份","L0000017970","Red Date Pitted\\无核红枣","KG",2,21.5,43,"Kitchen-Western Kitchen?Yancheng Kitchen?"]
["2023年","8月份","L0000017245","Bloat Mustard\\酸菜\\1kg","CAN",20,5.1845,103.69,"Kitchen-Western Kitchen?Yancheng Kitchen?"]
["2023年","8月份","L0001031462","Nuomiou\\糯米藕","KG",5,24,120,"Kitchen-Western Kitchen?Yancheng Kitchen?"]
["2023年","8月份","L0001865199","Condiments for soup sauce家乐\\金酸汤酱调味料\\1KG/袋","BAG",2,38,76,"Kitchen-Western Kitchen?Yancheng Kitchen?"]
["2023年","8月份","L0002331902","Xuyi 13 fragrant lobster seasoning\\盱眙十三香龙虾调料500g/包","BAG",1,32.8,32.8,"Kitchen-Western Kitchen?Yancheng Kitchen?"]
["2023年","8月份","L0000017832","HaiTian Paste Original Soybean \\海天黄豆酱不辣\\800g","BTL",2,16.0874,32.17,"Kitchen-Western Kitchen?Yancheng Kitchen?"]
["2023年","8月份","L0000017848","Maggie Sauce \\美极鲜酱油\\100ml","BTL",5,12,60,"Kitchen-Western Kitchen?Yancheng Kitchen?"]
["2023年","8月份","L0000018158","Guyuelongshan high-grade Shaoxing Wine\\花雕酒古越龙山\\500ml","BTL",5,9.8932,49.47,"Kitchen-Western Kitchen?Yancheng Kitchen?"]
["2023年","8月份","L0000017063","Chilli Flakes\\辣椒碎","KG",3,37.1942,111.58,"Kitchen-Western Kitchen?Yancheng Kitchen?"]
["2023年","8月份","L0000017067","Angelica Root\\白芷","KG",0.5,44.5728,22.29,"Kitchen-Western Kitchen?Yancheng Kitchen?"]
["2023年","8月份","L0000017217","Star Anise\\八角\\500g","KG",0.5,125,62.5,"Kitchen-Western Kitchen?Yancheng Kitchen?"]
["2023年","8月份","L0000017274","Baili Red Kidney Bean\\百利红腰豆\\432g","CAN",12,6.9,82.8,"Kitchen-Western Kitchen?Yancheng Kitchen?"]
["2023年","8月份","L0000017451","Kellogg's Rice Coco\\家乐氏可可力\\350g","PK",3,28.5,85.5,"Kitchen-Western Kitchen?Yancheng Kitchen?"]
["2023年","8月份","L0000017516","Black Sesame Seed\\黑芝麻","KG",0.5,32.1748,16.09,"Kitchen-Western Kitchen?Yancheng Kitchen?"]
["2023年","8月份","L0000017627","ZhenJiang Black Chinese Vinegar\\镇江陈醋\\420ml","BTL",6,7.5437,45.26,"Kitchen-Western Kitchen?Yancheng Kitchen?"]
["2023年","8月份","L0000017753","Acid Plum Paste\\如丰冰花酸梅酱\\430g","CAN",6,9.8932,59.36,"Kitchen-Western Kitchen?Yancheng Kitchen?"]
["2023年","8月份","L0000017817","Heinz Paste Tomato\\亨氏番茄膏\\3kg","BTL",1,66,66,"Kitchen-Western Kitchen?Yancheng Kitchen?"]
["2023年","8月份","L0000034816","Dry Seafood Dry Small Shrimp \\虾皮","KG",3,60,180,"Kitchen-Western Kitchen?Yancheng Kitchen?"]
["2023年","8月份","L0000024199","Dry Bean Heinz Baked\\亨氏焗豆\\420G","TIN",6,9.8932,59.36,"Kitchen-Western Kitchen?Yancheng Kitchen?"]
["2023年","8月份","L0000024213","Brown Sauce Knorr'\\黄汁粉家乐\\800G","BTL",1,80,80,"Kitchen-Western Kitchen?Yancheng Kitchen?"]
["2023年","8月份","L0000024233","Sauce Chicken Thai\\泰国鸡酱\\890G","BTL",1,18.5631,18.56,"Kitchen-Western Kitchen?Yancheng Kitchen?"]
["2023年","8月份","L0000032447","Sauce Leekumkee Hoisin\\李锦记海鲜酱\\240g/btl","EA",5,22,110,"Kitchen-Western Kitchen?Yancheng Kitchen?"]
["2023年","8月份","L0000032448","Sauce Leekumkee Ribs\\李锦记排骨酱\\240g/btl","EA",2,17.4757,34.95,"Kitchen-Western Kitchen?Yancheng Kitchen?"]
["2023年","8月份","L0000032452","Sauce Heinz Tomato Ketchup\\亨式番茄沙司\\3kg/tin","EA",1,59,59,"Kitchen-Western Kitchen?Yancheng Kitchen?"]
["2023年","8月份","L0000032479","Sauce Laoganma Paste\\老干妈\\280g/btl","EA",4,9.81,39.24,"Kitchen-Western Kitchen?Yancheng Kitchen?"]
["2023年","8月份","L0000032714","Rice / Grain / Cereal Kelloggs Corn Flakes\\家乐氏玉米片\\340g/bx","EA",2,25.8,51.6,"Kitchen-Western Kitchen?Yancheng Kitchen?"]
["2023年","8月份","L0000032718","Rice / Grain / Cereal Kelloggs Raisin Square\\家乐氏提子麦维\\285g/bx","EA",2,27.2,54.4,"Kitchen-Western Kitchen?Yancheng Kitchen?"]
["2023年","8月份","L0000052168","Sauce Knorr Powder Chicken\\家乐鸡精\\900G","TIN",8,26,208,"Kitchen-Western Kitchen?Yancheng Kitchen?"]
["2023年","8月份","L0000060953","Japanese large root\\日式大根","EA",1,9.8932,9.89,"Kitchen-Western Kitchen?Yancheng Kitchen?"]
["2023年","8月份","L0000087541","Dry goods others\\Wild chill pickled\\泡野山椒1.5kg","CAN",2,13,26,"Kitchen-Western Kitchen?Yancheng Kitchen?"]
["2023年","8月份","L0000087622","Dry goods others\\Oil chili Shichuang\\四川辣椒油","BTL",2,16.0874,32.17,"Kitchen-Western Kitchen?Yancheng Kitchen?"]
["2023年","8月份","L0000087644","Dry goods others\\Sauce Haitian Soybean Light Sauce\\海天金标生抽 1.9L","EA",6,19.8,118.8,"Kitchen-Western Kitchen?Yancheng Kitchen?"]
["2023年","8月份","L0000163757","The chobe Fried sesame sauce culture\\丘比煎培芝麻汁1.5L/瓶","BTL",2,60,120,"Kitchen-Western Kitchen?Yancheng Kitchen?"]
["2023年","8月份","L0000186900","Sushi nori\\寿司海苔\\50张/包","BAG",2,53,106,"Kitchen-Western Kitchen?Yancheng Kitchen?"]
["2023年","8月份","L0000280895","Dingfeng South milk/鼎丰南乳汁\\560G","BTL",2,9.8932,19.79,"Kitchen-Western Kitchen?Yancheng Kitchen?"]
["2023年","8月份","L0000400969","Dry Goods Others\\Bamboo Leave\\日本小粽叶","BAG",1,15,15,"Kitchen-Western Kitchen?Yancheng Kitchen?"]
["2023年","8月份","L0000428498","Chinese Seasoning\\Sanwu hot pot base material\\三五火锅底料\\300g\\袋","BAG",5,12.3689,61.84,"Kitchen-Western Kitchen?Yancheng Kitchen?"]
["2023年","8月份","L0000666762","Dry Goods\\Spices Sauce Ketchup\\番茄沙司(地们)\\340g","BTL",10,7.068,70.68,"Kitchen-Western Kitchen?Yancheng Kitchen?"]
["2023年","8月份","L0000730862","Instant Noodle\\韩国辛拉面\\120g/包","PK",50,5.34,267,"Kitchen-Western Kitchen?Yancheng Kitchen?"]
["2023年","8月份","L0001052940","Salt/淮牌精致食用盐/500g/袋","BAG",40,2,80,"Kitchen-Western Kitchen?Yancheng Kitchen?"]
["2023年","8月份","L0001349145","Jam / Honey Pure\\蜂蜜冠生园\\500g/btl","BTL",0,35,0,"Kitchen-Western Kitchen?Yancheng Kitchen?"]
["2023年","8月份","L0001531035","Brown sugar cake/红糖发糕/700g","BAG",6,11.6505,69.9,"Kitchen-Western Kitchen?Yancheng Kitchen?"]
["2023年","8月份","L0001658552","Three quick kitchen vegetable bag\\三全快厨素菜包1500g/包","BAG",3,27,81,"Kitchen-Western Kitchen?Yancheng Kitchen?"]
["2023年","8月份","L0001658552","Three quick kitchen vegetable bag\\三全快厨素菜包1500g/包","BAG",6,27,162,"Kitchen-Western Kitchen?Yancheng Kitchen?"]
["2023年","8月份","L0001665032","Anjing osmanthus cake\\安井桂花糕300g/包","BAG",6,9.71,58.26,"Kitchen-Western Kitchen?Yancheng Kitchen?"]
["2023年","8月份","L0001689744","Twin Tower Dragon mouth fans\\双塔龙口粉丝\\500g/包","BAG",4,13.5,54,"Kitchen-Western Kitchen?Yancheng Kitchen?"]
["2023年","8月份","L0001821836","Fried bread stick\\思念油条800g/包","BAG",10,15,150,"Kitchen-Western Kitchen?Yancheng Kitchen?"]
["2023年","8月份","L0002459194","Clean fresh eggs\\保洁鲜鸡蛋300枚/箱（订10箱，按9箱保洁蛋，1箱非笼养鸡蛋配送）起订量20箱","CS",1,238,238,"Kitchen-Chinese Kitchen?Man Ho?"]
["2023年","8月份","L0000017528","Sliced Flacked Almond\\杏仁片","KG",1,72,72,"Kitchen-Chinese Kitchen?Man Ho?"]
["2023年","8月份","L0000017534","Cashew Nut 320\\腰果\\1kg","PK",0,79.76,0,"Kitchen-Chinese Kitchen?Man Ho?"]
["2023年","8月份","L0000024234","Soy Sauce Longpai\\美极酱油\\800Ml","BTL",1,46,46,"Kitchen-Chinese Kitchen?Man Ho?"]
["2023年","8月份","L0000990747","preserved black bean chilli paste\\老干妈风味豆豉辣椒酱\\280g","BTL",2,9.04,18.08,"Kitchen-Chinese Kitchen?Man Ho?"]
["2023年","8月份","L0001580523","IFRUIT yellow peach puree\\黄桃果茸\\爱弗特\\1kg/盒","BX",2,86,172,"Kitchen-Chinese Kitchen?Man Ho?"]
["2023年","8月份","L0001735496","Verdant Sour soup sauce\\味达美酸汤酱580g/瓶","BTL",2,26,52,"Kitchen-Chinese Kitchen?Man Ho?"]
["2023年","8月份","L0000017362","GaoDa Coconut Milk Kos\\金牌高达椰浆\\400g","CAN",3,11,33,"Kitchen-Chinese Kitchen?Man Ho?"]
["2023年","8月份","L0000163602","Eggs Alted Vitellus\\咸蛋黄\\10个/盒","BX",2,13,26,"Kitchen-Chinese Kitchen?Man Ho?"]
["2023年","8月份","L0000400078","Dry Goods\\A FinePeanut Butter\\顶好花生酱瓶\\405g/Btl","BTL",1,9.45,9.45,"Kitchen-Chinese Kitchen?Man Ho?"]
["2023年","8月份","L0000466464","Dry Goods\\Ferment sauce\\鼎丰香糟卤\\630ml","BTL",4,6.1262,24.5,"Kitchen-Chinese Kitchen?Man Ho?"]
["2023年","8月份","L0001052926","Yellow lantern pepper sauce/春天岛海南灯笼黄椒酱/500g/瓶","BTL",2,14.8447,29.69,"Kitchen-Chinese Kitchen?Man Ho?"]
["2023年","8月份","L0001551737","Quick frozen crispy barbecued pork (about 180 pieces)/速冻叉烧酥(180个左右)","CS",1,315,315,"Kitchen-Chinese Kitchen?Man Ho?"]
["2023年","8月份","L0000016809","Cream President whipping cream\\总统牌 淡奶油\\1l/BTL","BTL",1,43,43,"Kitchen-Chinese Kitchen?Man Ho?"]
["2023年","8月份","L0000017603","LeeKumKee Chili Oil\\李锦记辣椒油\\207ml","BTL",1,14,14,"Kitchen-Chinese Kitchen?Man Ho?"]
["2023年","8月份","L0000017792","Wasabi\\日本青芥辣劲霸芥辣\\43g","BTL",3,7.5437,22.63,"Kitchen-Chinese Kitchen?Man Ho?"]
["2023年","8月份","L0000017849","HaiTian Sauce Melon\\海天海鲜酱油\\500g","BTL",1,14.5,14.5,"Kitchen-Chinese Kitchen?Man Ho?"]
["2023年","8月份","L0000024205","Msg Shuangqiao\\双桥味精\\500G","BAG",5,11.14,55.7,"Kitchen-Chinese Kitchen?Man Ho?"]
["2023年","8月份","L0000024307","Salt Tidmans Fine No Iodine\\盐\\500G","PK",15,1.7,25.5,"Kitchen-Chinese Kitchen?Man Ho?"]
["2023年","8月份","L0000024325","Sauce Golden Ladel Fish Thai\\泰国金标鱼露\\750G","BTL",1,8.6602,8.66,"Kitchen-Chinese Kitchen?Man Ho?"]
["2023年","8月份","L0000034521","Sauce Flour Bread Crumb\\百利面包糠\\1kg/bag","EA",1,17.0097,17.01,"Kitchen-Chinese Kitchen?Man Ho?"]
["2023年","8月份","L0000074407","Dry Goods Others\\Dry Red pepper segment \\干红辣椒段","KG",1,37.1942,37.19,"Kitchen-Chinese Kitchen?Man Ho?"]
["2023年","8月份","L0000087435","Dry Goods Others\\fresh spicy sauce KNORR\\家乐辣鲜露","BTL",2,21.0291,42.06,"Kitchen-Chinese Kitchen?Man Ho?"]
["2023年","8月份","L0000087622","Dry goods others\\Oil chili Shichuang\\四川辣椒油","BTL",1,16.0874,16.09,"Kitchen-Chinese Kitchen?Man Ho?"]
["2023年","8月份","L0000087675","Dry goods others\\Salt Oil Lihong Szechuan Pepper\\黎红花椒油 400ml","EA",1,15.8738,15.87,"Kitchen-Chinese Kitchen?Man Ho?"]
["2023年","8月份","L0000123369","Chili Powder\\本地辣椒面（粗）","KG",2,37.1942,74.39,"Kitchen-Chinese Kitchen?Man Ho?"]
["2023年","8月份","L0002459194","Clean fresh eggs\\保洁鲜鸡蛋300枚/箱（订10箱，按9箱保洁蛋，1箱非笼养鸡蛋配送）起订量20箱","CS",1,238,238,"Kitchen-Banquet Kitchen"]
["2023年","8月份","L0000033993","Fish Processed Frozen Fish Osaki Crab Stick\\大崎蟹柳\\454g/pk","EA",5,16,80,"Kitchen-Banquet Kitchen"]
["2023年","8月份","L0002459194","Clean fresh eggs\\保洁鲜鸡蛋300枚/箱（订10箱，按9箱保洁蛋，1箱非笼养鸡蛋配送）起订量20箱","CS",0,238,0,"Kitchen-Chinese Kitchen?Man Ho?"]
["2023年","8月份","L0000281478","Crown sago皇冠西米100g/包 -员餐","EA",0,3.5,0,"Staff Dining"]
["2023年","8月份","L0002331836","chilled salmon fillet\\集采冰鲜三文鱼柳","KG",0,167,0,"Kitchen-Western Kitchen?Yancheng Kitchen?"]
["2023年","8月份","L0000019382","EDR-Broccoli Green\\西兰花-员餐","KG",15,16,240,"Staff Dining"]
["2023年","8月份","L0000023927","EDR-Potato Big\\大土豆-员餐","KG",15,6,90,"Staff Dining"]
["2023年","8月份","L0000019402","EDR-Cherry Tomato\\樱桃番茄-员餐","KG",5,14,70,"Staff Dining"]
["2023年","8月份","L0000017747","EDR-Fried Noodle\\炒面-员餐","KG",20,7,140,"Staff Dining"]
["2023年","8月份","L0000019377","EDR-Hotbed Chives\\韭黄-员餐","KG",16,18,288,"Staff Dining"]
["2023年","8月份","L0000019391","EDR-Garlic Peeled\\大蒜去衣-员餐","KG",4,11,44,"Staff Dining"]
["2023年","8月份","L0000019392","EDR-Ginger Peeled\\生姜去皮-员餐","KG",2,23,46,"Staff Dining"]
["2023年","8月份","L0000035388","Vegetable Fresh EDR-Carrot\\胡萝卜去皮切块-员餐","KG",5,5,25,"Staff Dining"]
["2023年","8月份","L0000023981","EDR-Cucumber\\黄瓜-员餐","KG",20,6,120,"Staff Dining"]
["2023年","8月份","L0000060706","EDR-Coriander\\香菜-员餐","KG",2,15,30,"Staff Dining"]
["2023年","8月份","L0001523375","ERD/Lettuce/员餐/油麦菜","KG",12,9,108,"Staff Dining"]
["2023年","8月份","L0000019412","EDR-Eggplant\\茄子-员餐","KG",20,8.8,176,"Staff Dining"]
["2023年","8月份","L0000035398","Vegetable Fresh EDR-Corn\\玉米棒切节-员餐","KG",12,9.8,117.6,"Staff Dining"]
["2023年","8月份","L0000289864","Canteen Specific/凉皮/员工","KG",25,7.8,195,"Staff Dining"]
["2023年","8月份","L0000023931","EDR-Shallot\\小葱-员餐","KG",3,10,30,"Staff Dining"]
["2023年","8月份","L0000035387","Vegetable Fresh EDR-Winter Melon\\冬瓜去皮切块-员餐","KG",6,8,48,"Staff Dining"]
["2023年","8月份","L0000035391","Vegetable Fresh EDR-Pumpkin\\南瓜去皮切块去籽-员餐","KG",3,7,21,"Staff Dining"]
["2023年","8月份","L0000024023","EDR-Pork\\里脊肉-员餐","KG",7,42,294,"Staff Dining"]
["2023年","8月份","L0000086994","EDR\\Pork belly(with skin)\\五花肉片（不带皮）-员餐","KG",16,40,640,"Staff Dining"]
["2023年","8月份","L0000279505","EDR\\\\员工水发肉皮KG","KG",10,36,360,"Staff Dining"]
["2023年","8月份","L0000087014","EDR\\Chicken breast\\鸡胸肉-员餐","KG",3,24,72,"Staff Dining"]
["2023年","8月份","L0000087012","EDR\\Drumsticks\\琵琶腿-员餐","KG",26,24.8,644.8,"Staff Dining"]
["2023年","8月份","L0000024035","EDR-Pork Belly\\五花肉-员餐","KG",16,36,576,"Staff Dining"]
["2023年","8月份","L0002070773","Chicken leg meat\\鸡上腿肉-员餐","KG",26,20,520,"Staff Dining"]
["2023年","8月份","L0000223422","EDR-Eggs\\Egg Quail\\鹌鹑蛋-去壳（员工）","KG",3,25.8,77.4,"Staff Dining"]
["2023年","8月份","L0000018988","EDR-HaiNan Banana\\海南香蕉-员餐","KG",40,6.2,248,"Staff Dining"]
["2023年","8月份","L0002047809","Green spray volume/安井葱油花卷1KG\\包-员餐","BAG",10,16.5,165,"Staff Dining"]
["2023年","8月份","L0000024488","Onion Spring\\小葱","KG",1,12,12,"Kitchen-Specialty Kitchen?Smoki Moto?"]
["2023年","8月份","L0000033098","Vegetable Fresh Radicchio Purple\\卷心菜(紫)\\DIA14cm","KG",2,7,14,"Kitchen-Specialty Kitchen?Smoki Moto?"]
["2023年","8月份","L0000024526","Potato Baby\\土豆","KG",4,6,24,"Kitchen-Specialty Kitchen?Smoki Moto?"]
["2023年","8月份","L0000305117","Vegetable Fresh\\Japan‘s big leaf \\日本大叶 20g/盒","BAG",2,10,20,"Kitchen-Specialty Kitchen?Smoki Moto?"]
["2023年","8月份","L0000019330","Turnip White\\白萝卜","KG",8,3.6,28.8,"Kitchen-Specialty Kitchen?Smoki Moto?"]
["2023年","8月份","L0000019104","Baby Carrot Fingerling \\手指胡萝卜","KG",1,22,22,"Kitchen-Specialty Kitchen?Smoki Moto?"]
["2023年","8月份","L0000024455","Oak Leaf Green\\绿橡叶生菜","KG",3,24,72,"Kitchen-Specialty Kitchen?Smoki Moto?"]
["2023年","8月份","L0001800146","Wagyu brisket and belly国产\\和牛胸腹肉","KG",0,211.01,0,"Kitchen-Specialty Kitchen?Smoki Moto?"]
["2023年","8月份","L0001800158","Domestic \\ Wagyu triangle brisket 4A国产\\和牛三角牛腩4A","KG",8,532.11,4256.88,"Kitchen-Specialty Kitchen?Smoki Moto?"]
["2023年","8月份","L0002246833","Dragon Chinese pork belly\\龙大中方五花肉","KG",0,60.55,0,"Kitchen-Specialty Kitchen?Smoki Moto?"]
["2023年","8月份","L0002475814","Snow on the brain heart\\雪花上脑心","KG",4,573.39,2293.56,"Kitchen-Specialty Kitchen?Smoki Moto?"]
["2023年","8月份","L0000254742","Meat/Poultry/Pork Local/Pork Spare Rib Superior/优质猪排骨(肉厚)","KG",7.3,92,671.6,"Kitchen-Specialty Kitchen?Smoki Moto?"]
["2023年","8月份","L0000445634","JT-eggs\\鸡蛋-\\KG","KG",4,14,56,"Kitchen-Specialty Kitchen?Smoki Moto?"]
["2023年","8月份","L0000976204","Egg Quail\\鹌鹑蛋 去皮","KG",1.5,26,39,"Kitchen-Specialty Kitchen?Smoki Moto?"]
["2023年","8月份","L0001647196","The sun rose\\阳光玫瑰\\大果/KG","KG",1,36,36,"Kitchen-Specialty Kitchen?Smoki Moto?"]
["2023年","8月份","L0000018960","Local Seedless Watermelon\\本地无籽西瓜","KG",4.5,4.2,18.9,"Kitchen-Specialty Kitchen?Smoki Moto?"]
["2023年","8月份","L0000162206","Fruit Fresh Hami Melon\\哈密瓜\\kg","KG",6,4.8,28.8,"Kitchen-Specialty Kitchen?Smoki Moto?"]
["2023年","8月份","L0000428192","Seafood\\River Eel\\河鳗\\650 900g(活)","KG",2.2,76,167.2,"Kitchen-Specialty Kitchen?Smoki Moto?"]
["2023年","8月份","L0001591975","Acipenser caviar\\鯆露咖鲟鱼子酱\\10g/EA","EA",5,58.5,292.5,"Kitchen-Specialty Kitchen?Smoki Moto?"]
["2023年","8月份","L0001369576","Dry Goods Others Dry Ice\\干冰4KG/桶（厨房用）","BRL",1,100,100,"Kitchen-Specialty Kitchen?Smoki Moto?"]
["2023年","8月份","L0000400969","Dry Goods Others\\Bamboo Leave\\日本小粽叶","BAG",2,15,30,"Kitchen-Specialty Kitchen?Smoki Moto?"]
["2023年","8月份","L0002334200","Wagyu Beef upper brain eye meat A\\和牛上脑眼肉A","KG",0.5,650,325,"Kitchen-Specialty Kitchen?Smoki Moto?"]
["2023年","8月份","L0001719766","Crushed sesame nori\\芝麻海苔碎\\炒海苔\\海洋海苔\\125g/包","BAG",0,19,0,"Kitchen-Specialty Kitchen?Smoki Moto?"]
["2023年","8月份","L0000898145","thin noodle\\韩国不倒翁老面条（细面）\\500g/Bag","BAG",4,19,76,"Kitchen-Specialty Kitchen?Smoki Moto?"]
["2023年","8月份","L0000163153","Sugar / Salt Korea Castor Sugar\\韩国幼砂糖\\30kg/袋","BAG",1,245,245,"Kitchen-Specialty Kitchen?Smoki Moto?"]
["2023年","8月份","L0001671561","Mochi\\日式大福(提前4天订货)\\好上谷\\250g/袋","BAG",10,15,150,"Kitchen-Specialty Kitchen?Smoki Moto?"]
["2023年","8月份","L0000051422","Spinach/菠菜/Kg","KG",2,13,26,"Kitchen-Chinese Kitchen?Man Ho?"]
["2023年","8月份","L0000024564","Basil/九层塔/Kg","KG",0.2,70,14,"Kitchen-Chinese Kitchen?Man Ho?"]
["2023年","8月份","L0000033151","Vegetable Fresh Wild Rice Stem\\茭白","KG",2,16,32,"Kitchen-Chinese Kitchen?Man Ho?"]
["2023年","8月份","L0000033091","Vegetable Fresh Mushroom Button\\白蘑菇","KG",0.5,19,9.5,"Kitchen-Chinese Kitchen?Man Ho?"]
["2023年","8月份","L0000019174","Garlic Peeled\\蒜肉","KG",3,12,36,"Kitchen-Chinese Kitchen?Man Ho?"]
["2023年","8月份","L0000019201","Kale Chao Zhou\\潮州芥兰","KG",2,23,46,"Kitchen-Chinese Kitchen?Man Ho?"]
["2023年","8月份","L0000889637","Vegetable Fresh/Parsley miao/香菜苗/30g*盒/盒","BX",2,12,24,"Kitchen-Chinese Kitchen?Man Ho?"]
["2023年","8月份","L0000033116","Vegetable Fresh Bean Sprout Big\\银芽 去头去尾","KG",0.5,12,6,"Kitchen-Chinese Kitchen?Man Ho?"]
["2023年","8月份","L0000033115","Vegetable Fresh Chive Shoots\\韭黄","KG",0.5,18,9,"Kitchen-Chinese Kitchen?Man Ho?"]
["2023年","8月份","L0000019226","Lotus Seed Pitted Fresh\\鲜莲子去芯\\85g","EA",3,16,48,"Kitchen-Chinese Kitchen?Man Ho?"]
["2023年","8月份","L0000023419","Beef Tenderloin Local\\本地牛柳","KG",2.2,144,316.8,"Kitchen-Chinese Kitchen?Man Ho?"]
["2023年","8月份","L0000018625","Pork Belly Trimmed With Skin\\带皮中方五花肉五层楼","KG",4,48,192,"Kitchen-Chinese Kitchen?Man Ho?"]
["2023年","8月份","L0000060583","Pork Local Streaky\\精选五花肉","KG",3,48,144,"Kitchen-Chinese Kitchen?Man Ho?"]
["2023年","8月份","L0001709053","Local quality hens (cleaned)\\本地优母鸡（净膛）","KG",12,39,468,"Kitchen-Chinese Kitchen?Man Ho?"]
["2023年","8月份","L0000018873","Dragon Fruit Redmeat\\红肉火龙果","KG",2.5,11,27.5,"Kitchen-Chinese Kitchen?Man Ho?"]
["2023年","8月份","L0000018856","Avocados\\牛油果","KG",0.5,50,25,"Kitchen-Chinese Kitchen?Man Ho?"]
["2023年","8月份","L0000018960","Local Seedless Watermelon\\本地无籽西瓜","KG",10,4.2,42,"Kitchen-Chinese Kitchen?Man Ho?"]
["2023年","8月份","L0000746013","Milk powder\\雀巢全脂奶粉\\500G\\BAG","BAG",1,45.5752,45.58,"Kitchen-Chinese Kitchen?Man Ho?"]
["2023年","8月份","L0000402932","Dry Goods\\granola\\谷兰诺拉麦片\\490g/box","BAG",1,69.03,69.03,"Kitchen-Chinese Kitchen?Man Ho?"]
["2023年","8月份","L0000032722","Dry Goods Others Quarter’ Oats\\桂格麦片\\800g/tin","EA",2,16.37,32.74,"Kitchen-Chinese Kitchen?Man Ho?"]
["2023年","8月份","L0000061821","Yurun Sandwich ham 1.9kg/pc 雨润三文治火腿","EA",1,37.6106,37.61,"Kitchen-Chinese Kitchen?Man Ho?"]
["2023年","8月份","L0000087501","Dry goods others\\To coat the walnut\\去衣核桃仁","KG",2.5,57.52,143.8,"Kitchen-Chinese Kitchen?Man Ho?"]
["2023年","8月份","L0000017390","MeiMei Cake Flour\\香港美玫牌低筋面粉\\50LB(22.7kg)","PK",1,171,171,"Kitchen-Chinese Kitchen?Man Ho?"]
["2023年","8月份","L0001274123","Anjing wine small round\\安井酒酿小圆子250g/包\\BAG 包","BAG",12,4.2478,50.97,"Kitchen-Banquet Kitchen"]
["2023年","8月份","L0000254191","Dry Goods/Dry Seafood/Undaria/洋琪中华裙带菜/1000G/Each","EA",10,22,220,"Kitchen-Banquet Kitchen"]
["2023年","8月份","L0000017806","Knorr Chilli Spicy Sauce Yam\\家乐牌麻辣辣鲜露\\468g","BTL",10,30,300,"Kitchen-Banquet Kitchen"]
["2023年","8月份","L0000017402","FengChe Potato Stach Flour\\风车生粉\\25kg","PK",1,376.11,376.11,"Kitchen-Banquet Kitchen"]
["2023年","8月份","L0000020877","River Prawn\\河虾","KG",1,250,250,"Kitchen-Chinese Kitchen?Man Ho?"]
["2023年","8月份","L0001934991","June yellow crab\\六月黄螃蟹100g-125g","KG",0.5,120,60,"Kitchen-Chinese Kitchen?Man Ho?"]
["2023年","8月份","L0000304193","Fish Fresh\\Fresh Squid\\鲜大鱿鱼 150g-250g","KG",1.7,85,144.5,"Kitchen-Chinese Kitchen?Man Ho?"]
["2023年","8月份","L0000017373","Shrimp Dried Small\\虾米","KG",0.5,66.12,33.06,"Kitchen-Chinese Kitchen?Man Ho?"]
["2023年","8月份","L0000018916","Mango Gold\\金皇芒果","KG",4,19,76,"Kitchen-Pastry"]
["2023年","8月份","L0000034347","Herbs Fresh Blueberries\\蓝莓\\125 gr/bx","EA",10,9.5,95,"Kitchen-Pastry"]
["2023年","8月份","L0000017316","BaiLi Cherry Black\\百利黑车厘子\\850g","CAN",5,32.2718,161.36,"Kitchen-Pastry"]
["2023年","8月份","L0002247053","Okun Good Jubilee Croissant\\奥昆好禧坊牛角包(流沙蛋黄味30g*72/箱）","CS",1,190,190,"Kitchen-Pastry"]
["2023年","8月份","L0002475843","Okun frozen crisp\\奥昆速冻一口酥800g*10/箱","CS",1,268,268,"Kitchen-Pastry"]
["2023年","8月份","L0001363868","Pastry\\OVODAN PASTEURIZED LIQUID EGG YOLK\\欧福巴氏杀菌蛋黄液\\970g/each","EA",2,40.71,81.42,"Kitchen-Pastry"]
["2023年","8月份","L0000303425","Pastry\\Candy Cotton\\上好佳棉花糖（多口味）\\80G/BAG","BAG",25,3.98,99.5,"Kitchen-Pastry"]
["2023年","8月份","L0000016846","Nestle Milk Powder\\雀巢奶粉袋装\\500g","PK",5,38,190,"Kitchen-Pastry"]
["2023年","8月份","L0000087427","Pastry Bakery\\MeiMei Cake Flour\\江苏美玫牌低筋面粉 50LB(22.7kg)","PK",1,170,170,"Kitchen-Pastry"]
["2023年","8月份","L0001343861","FOOD Ice Cream Mango T’oBeray 杜佰瑞芒果冰淇淋 杜佰瑞芒果冰淇淋6L/BOX","BX",1,336.3,336.3,"Kitchen-Pastry"]
["2023年","8月份","L0001343862","FOOD Ice Cream Green Tea T’oBeray 杜佰瑞抹茶冰淇淋 杜佰瑞抹茶冰淇淋6L/BOX","BX",1,336.3,336.3,"Kitchen-Pastry"]
["2023年","8月份","L0001389737","Ice Cream rum and raisin 朗姆酒葡萄干冰淇淋 6L/盒 杜佰瑞 [盒]","BX",2,336.3,672.6,"Kitchen-Pastry"]
["2023年","8月份","L0001389741","Ice Cream strawberry 草莓冰淇淋 6L/盒 杜佰瑞 [盒]","BX",2,336.3,672.6,"Kitchen-Pastry"]
["2023年","8月份","L0001993648","Movenpick vanilla dream\\香草梦幻冰淇淋\\莫凡彼\\5L/盒","BX",2,429.2,858.4,"Kitchen-Pastry"]
["2023年","8月份","L0001343860","FOOD Ice Cream Chocolate T’oBeray 杜佰瑞巧克力冰淇淋 杜佰瑞巧克力冰淇淋6L/BOX","BX",2,336.3,672.6,"Kitchen-Pastry"]
["2023年","8月份","L0001993704","Movenpick mint chocolate\\薄荷巧克力冰淇淋\\莫凡彼\\2.4L*2/盒","CS",3,460.18,1380.54,"Kitchen-Pastry"]
["2023年","8月份","L0001993680","Movenpick Swiss chocolate\\瑞士巧克力冰淇淋\\莫凡彼\\5L/盒","BX",2,429.2,858.4,"Kitchen-Pastry"]
["2023年","8月份","L0001343858","FOOD Ice Cream Vanilla Bean T’oBeray 杜佰瑞香草冰淇淋 杜佰瑞香草冰淇淋6L/BOX","BX",0,336.3,0,"Kitchen-Pastry"]
["2023年","8月份","L0001525463","Mengniu pure milk / 1L 6 boxes / box/蒙牛纯牛奶/1L 6盒/箱","CS",10,47.34,473.4,"Kitchen-Western Kitchen?Yancheng Kitchen?"]
["2023年","8月份","L0000534756","Staff Canteen Bean Curd\\薄千张\\KG","KG",2,14,28,"Kitchen-Western Kitchen?Yancheng Kitchen?"]
["2023年","8月份","L0000024543","Firm Tofu\\老豆腐","EA",10,2.5,25,"Kitchen-Western Kitchen?Yancheng Kitchen?"]
["2023年","8月份","L0000019086","Bitter Melon\\苦瓜","KG",5,11,55,"Kitchen-Western Kitchen?Yancheng Kitchen?"]
["2023年","8月份","L0000019253","Needle Mushroom\\金针菇","KG",5,10,50,"Kitchen-Western Kitchen?Yancheng Kitchen?"]
["2023年","8月份","L0000033103","Vegetable Fresh Carrot\\胡萝卜","KG",8,5,40,"Kitchen-Western Kitchen?Yancheng Kitchen?"]
["2023年","8月份","L0000033114","Vegetable Fresh Potato Sweet\\红薯","KG",8,5.5,44,"Kitchen-Western Kitchen?Yancheng Kitchen?"]
["2023年","8月份","L0000051422","Spinach/菠菜/Kg","KG",5,13,65,"Kitchen-Western Kitchen?Yancheng Kitchen?"]
["2023年","8月份","L0000051424","Veg You Mai\\油麦菜","KG",10,9,90,"Kitchen-Western Kitchen?Yancheng Kitchen?"]
["2023年","8月份","L0000400651","Vegetable Fresh/红叶生菜","KG",2,33,66,"Kitchen-Western Kitchen?Yancheng Kitchen?"]
["2023年","8月份","L0000037399","Seafood Flavor Mushroom/海鲜菇/Kg","KG",5,16,80,"Kitchen-Western Kitchen?Yancheng Kitchen?"]
["2023年","8月份","L0000033111","Vegetable Fresh Cabbage Shanghai\\上海青 只留菜心部分","KG",5,8,40,"Kitchen-Western Kitchen?Yancheng Kitchen?"]
["2023年","8月份","L0000033106","Vegetable Fresh Corn Stick\\鲜玉米棒","KG",10,9,90,"Kitchen-Western Kitchen?Yancheng Kitchen?"]
["2023年","8月份","L0000033091","Vegetable Fresh Mushroom Button\\白蘑菇","KG",2,19,38,"Kitchen-Western Kitchen?Yancheng Kitchen?"]
["2023年","8月份","L0000024532","Chili Red/红尖椒/Kg","KG",2,16,32,"Kitchen-Western Kitchen?Yancheng Kitchen?"]
["2023年","8月份","L0000019164","Fresh Peanut\\生花生","KG",5,11,55,"Kitchen-Western Kitchen?Yancheng Kitchen?"]
["2023年","8月份","L0000019219","Local Lettuce\\本地生菜","KG",10,9,90,"Kitchen-Western Kitchen?Yancheng Kitchen?"]
["2023年","8月份","L0000019325","Tomato Larage Local\\大番茄","KG",4,8,32,"Kitchen-Western Kitchen?Yancheng Kitchen?"]
["2023年","8月份","L0000024487","Onion Red\\红洋葱","KG",6,4,24,"Kitchen-Western Kitchen?Yancheng Kitchen?"]
["2023年","8月份","L0000087071","Vegetable Fresh\\Celtuce peeled\\去皮莴笋","KG",2,15,30,"Kitchen-Western Kitchen?Yancheng Kitchen?"]
["2023年","8月份","L0000281463","Endive苦菊 kg","KG",2,16,32,"Kitchen-Western Kitchen?Yancheng Kitchen?"]
["2023年","8月份","L0000105415","Vegetable Fresh\\Egg Noodle\\鸡蛋面","KG",10,10,100,"Kitchen-Western Kitchen?Yancheng Kitchen?"]
["2023年","8月份","L0000034896","Vegetable Fresh Abalone Mushrooms \\杏鲍菇","KG",5,14,70,"Kitchen-Western Kitchen?Yancheng Kitchen?"]
["2023年","8月份","L0000033131","Vegetable Fresh Local Celery\\芹菜(本地)","KG",5,10,50,"Kitchen-Western Kitchen?Yancheng Kitchen?"]
["2023年","8月份","L0000033145","Vegetable Fresh Garlic Sprout\\蒜苔 去尾 去头","KG",6,16,96,"Kitchen-Western Kitchen?Yancheng Kitchen?"]
["2023年","8月份","L0000033120","Vegetable Fresh Bean Green Long\\长豆角","KG",6,9.8,58.8,"Kitchen-Western Kitchen?Yancheng Kitchen?"]
["2023年","8月份","L0000019091","Bottle Gourd\\葫芦瓜","KG",5,10,50,"Kitchen-Western Kitchen?Yancheng Kitchen?"]
["2023年","8月份","L0000019119","Chilli Green\\青尖椒","KG",2,10,20,"Kitchen-Western Kitchen?Yancheng Kitchen?"]
["2023年","8月份","L0000019224","Lotus Root Peeled\\莲藕洗净","KG",2,14,28,"Kitchen-Western Kitchen?Yancheng Kitchen?"]
["2023年","8月份","L0000024443","Hand Tooled Noodle\\手工面","KG",5,8,40,"Kitchen-Western Kitchen?Yancheng Kitchen?"]
["2023年","8月份","L0000024464","Steamed Bean Curd Roll\\素鸡","KG",5,16,80,"Kitchen-Western Kitchen?Yancheng Kitchen?"]
["2023年","8月份","L0000024544","Smoked Bean Curd\\香干","KG",1,13,13,"Kitchen-Western Kitchen?Yancheng Kitchen?"]
["2023年","8月份","L0000024567","Chinese Yam\\铁棍山药","KG",5,19,95,"Kitchen-Western Kitchen?Yancheng Kitchen?"]
["2023年","8月份","L0000033110","Vegetable Fresh Cabbage Red\\紫包菜","KG",3,7,21,"Kitchen-Western Kitchen?Yancheng Kitchen?"]
["2023年","8月份","L0000023681","Pork Meat\\肉片","KG",2,38,76,"Kitchen-Western Kitchen?Yancheng Kitchen?"]
["2023年","8月份","L0000033238","Pork Local Tenderloin\\猪里脊","KG",3,44,132,"Kitchen-Western Kitchen?Yancheng Kitchen?"]
["2023年","8月份","L0000018727","Frozen Duck Breast\\冻鸭胸","KG",5,22,110,"Kitchen-Western Kitchen?Yancheng Kitchen?"]
["2023年","8月份","L0000033215","Chicken Leg Whole Boneless\\去骨鸡腿肉","KG",5,26.8,134,"Kitchen-Western Kitchen?Yancheng Kitchen?"]
["2023年","8月份","L0000445634","JT-eggs\\鸡蛋-\\KG","KG",40,14,560,"Kitchen-Western Kitchen?Yancheng Kitchen?"]
["2023年","8月份","L0000018880","Fuji Apple\\富士苹果","KG",20,12,240,"Kitchen-Western Kitchen?Yancheng Kitchen?"]
["2023年","8月份","L0000524458","Millennium tomato\\千禧小番茄","KG",4,12,48,"Kitchen-Western Kitchen?Yancheng Kitchen?"]
["2023年","8月份","L0000018874","Dragon Fruit\\白肉火龙果","KG",30,8.4,252,"Kitchen-Western Kitchen?Yancheng Kitchen?"]
["2023年","8月份","L0000051509","Banana Import\\进口香蕉","KG",15,9.6,144,"Kitchen-Western Kitchen?Yancheng Kitchen?"]
["2023年","8月份","L0000449351","Honey melon Fresh 香瓜（玉菇瓜）","KG",30,6.4,192,"Kitchen-Western Kitchen?Yancheng Kitchen?"]
["2023年","8月份","L0000018852","Local Apple Green\\本地青苹果","KG",5,10,50,"Kitchen-Western Kitchen?Yancheng Kitchen?"]
["2023年","8月份","L0000018896","Honey Pear\\蜜梨","KG",20,16,320,"Kitchen-Western Kitchen?Yancheng Kitchen?"]
["2023年","8月份","L0000018960","Local Seedless Watermelon\\本地无籽西瓜","KG",50,4.2,210,"Kitchen-Western Kitchen?Yancheng Kitchen?"]
["2023年","8月份","L0000162206","Fruit Fresh Hami Melon\\哈密瓜\\kg","KG",40,4.8,192,"Kitchen-Western Kitchen?Yancheng Kitchen?"]
["2023年","8月份","L0000033170","Fruit Fresh Nectarine\\油桃","KG",20,12,240,"Kitchen-Western Kitchen?Yancheng Kitchen?"]
["2023年","8月份","L0000318702","Octopus Foot\\章鱼足（400-500g\\个）\\KG","KG",3.7,52,192.4,"Kitchen-Western Kitchen?Yancheng Kitchen?"]
["2023年","8月份","L0000023367","Tiger Crab\\老虎蟹","KG",5,90,450,"Kitchen-Western Kitchen?Yancheng Kitchen?"]
["2023年","8月份","L0000024197","Veg Proc Mashed Potato Trio\\土豆粉(三花)\\2.4Kg","TIN",1,75,75,"Kitchen-Western Kitchen?Yancheng Kitchen?"]
["2023年","8月份","L0001574062","Sunnon chicken and onion rings\\圣农鸡肉洋葱圈\\800g/袋","BAG",6,16.37,98.22,"Kitchen-Western Kitchen?Yancheng Kitchen?"]
["2023年","8月份","L0001551750","Wufeng glutinous rice Shaomai / 320G/五丰糯米烧麦/320G","BAG",10,11.95,119.5,"Kitchen-Western Kitchen?Yancheng Kitchen?"]
["2023年","8月份","L0000258460","Dry Goods Others\\preserved vegetable\\乌江牌榨菜\\70G","BAG",30,2.3,69,"Kitchen-Western Kitchen?Yancheng Kitchen?"]
["2023年","8月份","L0000032523","Dry Canned Food Del Monte Whole Kernel Corn\\地门玉米粒\\420g/tin","EA",12,7,84,"Kitchen-Western Kitchen?Yancheng Kitchen?"]
["2023年","8月份","L0000032384","Cheese Kraft Powder\\卡夫芝士粉\\85g/bx","EA",1,20.8,20.8,"Kitchen-Western Kitchen?Yancheng Kitchen?"]
["2023年","8月份","L0000024262","Cheese Mozzarella Block\\马苏里拉芝士\\10Kg","BX",1,518,518,"Kitchen-Western Kitchen?Yancheng Kitchen?"]
["2023年","8月份","L0001998386","Milk steamed bread/安井牛奶馒头1kg\\包","BAG",4,12.5,50,"Kitchen-Western Kitchen?Yancheng Kitchen?"]
["2023年","8月份","L0000024133","Yang Oil\\味付油扬 湿\\1Kg","PK",1,23.45,23.45,"Kitchen-Western Kitchen?Yancheng Kitchen?"]
["2023年","8月份","L0000016846","Nestle Milk Powder\\雀巢奶粉袋装\\500g","PK",6,38,228,"Kitchen-Western Kitchen?Yancheng Kitchen?"]
["2023年","8月份","L0000060929","Sugar Rock Candy\\单晶冰糖","KG",2,11.06,22.12,"Kitchen-Western Kitchen?Yancheng Kitchen?"]
["2023年","8月份","L0001551656","Emerald snail/翡翠螺","KG",5,65,325,"Kitchen-Western Kitchen?Yancheng Kitchen?"]
["2023年","8月份","L0001748972","Ark\\北极贝\\刺身级\\M-51-60\\出成85%\\1KG/盒","BX",1,300,300,"Kitchen-Western Kitchen?Yancheng Kitchen?"]
["2023年","8月份","L0002495180","Argentine beef fillet\\阿根廷牛柳","KG",15,135,2025,"Kitchen-Western Kitchen?Yancheng Kitchen?"]
["2023年","8月份","L0001523361","ERD/Mengniu fresh milk / 180ml * 12/员餐/蒙牛鲜牛奶/180ml*12","CS",8,29,232,"Staff Dining"]
["2023年","8月份","L0001523350","ERD/Mengniu yogurt / original / 100g * 8/员餐/蒙牛酸奶/原味/100g*8","PNL",60,8,480,"Staff Dining"]
["2023年","8月份","L0000391127","员餐/EDR\\DryFood\\Tofu\\板豆腐","EA",1,20,20,"Staff Dining"]
["2023年","8月份","L0000023981","EDR-Cucumber\\黄瓜-员餐","KG",10,6,60,"Staff Dining"]
["2023年","8月份","L0000060716","EDR-Sweet Potato Baby\\小红薯-员餐","KG",12,8.6,103.2,"Staff Dining"]
["2023年","8月份","L0001523363","ERD/Local green pepper/员餐/本地青椒","KG",10,7.8,78,"Staff Dining"]
["2023年","8月份","L0001523375","ERD/Lettuce/员餐/油麦菜","KG",15,9,135,"Staff Dining"]
["2023年","8月份","L0000278406","EDR- green chili\\绿杭椒—员餐","KG",5,15.8,79,"Staff Dining"]
["2023年","8月份","L0000023979","EDR-Spinach\\菠菜-员餐","KG",12,12.8,153.6,"Staff Dining"]
["2023年","8月份","L0000023953","EDR-Celery Local\\本地芹菜-员餐","KG",12,9,108,"Staff Dining"]
["2023年","8月份","L0000019403","EDR-Tomato\\番茄-员餐","KG",6,7,42,"Staff Dining"]
["2023年","8月份","L0000019366","EDR-Luffa\\丝瓜-员餐","KG",5,13,65,"Staff Dining"]
["2023年","8月份","L0000023989","EDR- Squash\\西葫芦-员餐","KG",15,7,105,"Staff Dining"]
["2023年","8月份","L0000024023","EDR-Pork\\里脊肉-员餐","KG",7,42,294,"Staff Dining"]
["2023年","8月份","L0000087034","EDR\\Duck gizzard\\鸭胗-员餐","KG",15,38,570,"Staff Dining"]
["2023年","8月份","L0001735591","EDR-spiced beef\\卤牛肉/KG-员餐","KG",7,148,1036,"Staff Dining"]
["2023年","8月份","L0000018984","EDR-Hami Melon\\哈密瓜-员餐","KG",48,4.8,230.4,"Staff Dining"]
["2023年","8月份","L0000170466","Canteen Food Rice Tomato Vermicelli\\员餐红薯粉丝kg","KG",5,9,45,"Staff Dining"]
["2023年","8月份","L0000024426","Veg Pumpkin Bracket Shape\\南瓜 本地","KG",8,6.5,52,"Kitchen-Specialty Kitchen?Smoki Moto?"]
["2023年","8月份","L0000033103","Vegetable Fresh Carrot\\胡萝卜","KG",2,5,10,"Kitchen-Specialty Kitchen?Smoki Moto?"]
["2023年","8月份","L0000019265","Onion White Peeled\\去皮白洋葱","KG",5,7,35,"Kitchen-Specialty Kitchen?Smoki Moto?"]
["2023年","8月份","L0000033129","Vegetable Fresh Marrow\\西葫芦蔬菜","KG",1.5,6,9,"Kitchen-Specialty Kitchen?Smoki Moto?"]
["2023年","8月份","L0000023672","Pork\\去皮五花肉","KG",8,36,288,"Kitchen-Specialty Kitchen?Smoki Moto?"]
["2023年","8月份","L0000018856","Avocados\\牛油果","KG",0.5,50,25,"Kitchen-Specialty Kitchen?Smoki Moto?"]
["2023年","8月份","L0000018873","Dragon Fruit Redmeat\\红肉火龙果","KG",3,11,33,"Kitchen-Specialty Kitchen?Smoki Moto?"]
["2023年","8月份","L0000022273","Kiwi Friut Green\\猕猴桃(绿)","KG",1,28,28,"Kitchen-Specialty Kitchen?Smoki Moto?"]
["2023年","8月份","L0000303484","Seafood\\YEN FOOD ABALONE LIVE 8PC\\鲜活鲍鱼（8头）\\KG","KG",1,156,156,"Kitchen-Specialty Kitchen?Smoki Moto?"]
["2023年","8月份","L0001389242","Fresh Salmon Fish 冰鲜三文鱼 5kg-7kg 挪威 [Kg]","KG",7,168,1176,"Kitchen-Specialty Kitchen?Smoki Moto?"]
["2023年","8月份","L0000033358","Shellfish Fresh Jiwei\\基围虾 大\\21－25pcs","KG",1,66,66,"Kitchen-Specialty Kitchen?Smoki Moto?"]
["2023年","8月份","L0000927098","Fish Fresh Live Octopus\\活八爪鱼\\KG","KG",2,105,210,"Kitchen-Specialty Kitchen?Smoki Moto?"]
["2023年","8月份","L0000037834","Vegetable Fresh Vegetable Chufa Peeled\\马蹄(去皮)","KG",1,30,30,"Kitchen-Chinese Kitchen?Man Ho?"]
["2023年","8月份","L0000024488","Onion Spring\\小葱","KG",1.5,12,18,"Kitchen-Chinese Kitchen?Man Ho?"]
["2023年","8月份","L0000024481","Coriander\\香菜","KG",0.5,17,8.5,"Kitchen-Chinese Kitchen?Man Ho?"]
["2023年","8月份","L0000018658","Chicken Old\\老鸡2kg","KG",5,40,200,"Kitchen-Chinese Kitchen?Man Ho?"]
["2023年","8月份","L0000051546","Fresh Chicken Feet\\鲜鸡脚","KG",3,46,138,"Kitchen-Chinese Kitchen?Man Ho?"]
["2023年","8月份","L0000496902","Pork Rib\\精排骨\\KG","KG",5,62,310,"Kitchen-Chinese Kitchen?Man Ho?"]
["2023年","8月份","L0000018657","Chicken Fat\\鸡油","KG",2.5,17,42.5,"Kitchen-Chinese Kitchen?Man Ho?"]
["2023年","8月份","L0000036942","Pork Local Fresh Shank \\鲜猪手","KG",3,54,162,"Kitchen-Chinese Kitchen?Man Ho?"]
["2023年","8月份","L0000033253","Pork Local Pigskin\\猪皮","KG",1,12,12,"Kitchen-Chinese Kitchen?Man Ho?"]
["2023年","8月份","L0000033289","Fish Fresh Grass Carp\\草鱼","KG",4,24,96,"Kitchen-Chinese Kitchen?Man Ho?"]
["2023年","8月份","L0000019699","Australia Live Lobster\\澳洲龙虾\\700-800g","KG",0.94,1080,1015.2,"Kitchen-Chinese Kitchen?Man Ho?"]
["2023年","8月份","L0000303484","Seafood\\YEN FOOD ABALONE LIVE 8PC\\鲜活鲍鱼（8头）\\KG","KG",0.88,156,137.28,"Kitchen-Chinese Kitchen?Man Ho?"]
["2023年","8月份","L0000022324","Weever\\鲈鱼\\0.6-0.75kg","KG",2.07,50,103.5,"Kitchen-Chinese Kitchen?Man Ho?"]
["2023年","8月份","L0000022323","Mandarin Fish\\桂鱼\\0.65-0.9kg","KG",0.8,150,120,"Kitchen-Chinese Kitchen?Man Ho?"]
["2023年","8月份","L0000019700","Live Boston Lobster\\活波士顿龙虾\\500-650g","KG",0.79,270,213.3,"Kitchen-Chinese Kitchen?Man Ho?"]
["2023年","8月份","L0000019718","Razor Clam\\蛏子","KG",0.3,35,10.5,"Kitchen-Chinese Kitchen?Man Ho?"]
["2023年","8月份","L0000022324","Weever\\鲈鱼\\0.6-0.75kg","KG",1.09,50,54.5,"Kitchen-Chinese Kitchen?Man Ho?"]
["2023年","8月份","L0000022323","Mandarin Fish\\桂鱼\\0.65-0.9kg","KG",1.09,150,163.5,"Kitchen-Chinese Kitchen?Man Ho?"]
["2023年","8月份","L0000019429","Grouper Green Live\\青斑\\0.8-1kg","KG",1.3,140,182,"Kitchen-Chinese Kitchen?Man Ho?"]
["2023年","8月份","L0000019718","Razor Clam\\蛏子","KG",0.51,35,17.85,"Kitchen-Chinese Kitchen?Man Ho?"]
["2023年","8月份","L0000019700","Live Boston Lobster\\活波士顿龙虾\\500-650g","KG",0.62,270,167.4,"Kitchen-Chinese Kitchen?Man Ho?"]
["2023年","8月份","L0000019733","Sha Shrimp\\沙虾\\30-40pcs","KG",0.5,66,33,"Kitchen-Chinese Kitchen?Man Ho?"]
["2023年","8月份","L0000019718","Razor Clam\\蛏子","KG",0.45,35,15.75,"Kitchen-Chinese Kitchen?Man Ho?"]
["2023年","8月份","L0000022324","Weever\\鲈鱼\\0.6-0.75kg","KG",2.15,50,107.5,"Kitchen-Chinese Kitchen?Man Ho?"]
["2023年","8月份","L0000022323","Mandarin Fish\\桂鱼\\0.65-0.9kg","KG",1.26,150,189,"Kitchen-Chinese Kitchen?Man Ho?"]
["2023年","8月份","L0000303484","Seafood\\YEN FOOD ABALONE LIVE 8PC\\鲜活鲍鱼（8头）\\KG","KG",1.67,156,260.52,"Kitchen-Chinese Kitchen?Man Ho?"]
["2023年","8月份","L0000022336","Fish Head\\天目湖大鱼头\\1.25-1.5kg","KG",1.89,45,85.05,"Kitchen-Chinese Kitchen?Man Ho?"]
["2023年","8月份","L0000022324","Weever\\鲈鱼\\0.6-0.75kg","KG",1.16,50,58,"Kitchen-Chinese Kitchen?Man Ho?"]
["2023年","8月份","L0000022323","Mandarin Fish\\桂鱼\\0.65-0.9kg","KG",1.88,150,282,"Kitchen-Chinese Kitchen?Man Ho?"]
["2023年","8月份","L0000022302","Turbo Fish\\多宝鱼\\0.6kg","KG",0.58,90,52.2,"Kitchen-Chinese Kitchen?Man Ho?"]
["2023年","8月份","L0000019733","Sha Shrimp\\沙虾\\30-40pcs","KG",0.5,66,33,"Kitchen-Chinese Kitchen?Man Ho?"]
["2023年","8月份","L0000019718","Razor Clam\\蛏子","KG",0.25,35,8.75,"Kitchen-Chinese Kitchen?Man Ho?"]
["2023年","8月份","L0000019700","Live Boston Lobster\\活波士顿龙虾\\500-650g","KG",0.71,270,191.7,"Kitchen-Chinese Kitchen?Man Ho?"]
["2023年","8月份","L0000019700","Live Boston Lobster\\活波士顿龙虾\\500-650g","KG",0.78,270,210.6,"Kitchen-Chinese Kitchen?Man Ho?"]
["2023年","8月份","L0000019429","Grouper Green Live\\青斑\\0.8-1kg","KG",0.66,140,92.4,"Kitchen-Chinese Kitchen?Man Ho?"]
["2023年","8月份","L0001647201","The sun rose\\阳光玫瑰\\小果/KG","KG",2,30,60,"Kitchen-Pastry"]
["2023年","8月份","L0000052214","Sugar Brown Sugar\\红糖","KG",1.5,12.3689,18.55,"Kitchen-Pastry"]
["2023年","8月份","L0002247044","Furlum chocolate roll\\芙尔伦巧克力卷45g*112个/箱","CS",1,410,410,"Kitchen-Pastry"]
["2023年","8月份","L0001389742","Ice Cream tiramisu 提拉米苏冰淇淋 6L/盒 杜佰瑞 [盒]","BX",2,336.3,672.6,"Kitchen-Pastry"]
["2023年","8月份","L0000419114","Toast\\黑麦吐司片1000g\\条","EA",5,21,105,"Kitchen-Pastry"]
["2023年","8月份","L0000419112","Toast\\白吐司\\1000G\\条","EA",5,21,105,"Kitchen-Pastry"]
["2023年","8月份","L0000419111","Toast\\全麦吐司\\1000G\\条","EA",5,21,105,"Kitchen-Pastry"]
["2023年","8月份","L0000419110","Toast\\南瓜吐司\\1000G\\条","EA",5,21,105,"Kitchen-Pastry"]
["2023年","8月份","L0000172784","Cadbury Ming film\\百利明胶片\\1kg/盒","BX",3,124,372,"Kitchen-Pastry"]
["2023年","8月份","L0000017389","JinXiang Bread Flour\\香港金像牌高筋面粉 A(蛇口)\\50LB(22.7kg)","PK",1,158,158,"Kitchen-Pastry"]
["2023年","8月份","L0002475885","Mousse white jade roll\\慕斯白玉卷330g/卷(草莓味、绿茶味、巧克力味、牛奶味）","EA",10,26,260,"Kitchen-Pastry"]
["2023年","8月份","L0002475890","Black sesame potato\\黑芝麻麻薯240g/包","BAG",0,14,0,"Kitchen-Pastry"]
["2023年","8月份","L0001531064","Tuna oil/10L*2/non transgenic/金龙鱼油/10L*2/非转基因","CS",5,270,1350,"Kitchen-Western Kitchen?Yancheng Kitchen?"]
["2023年","8月份","L0000024548","Fresh Shiitake Mushrooms/鲜香菇/Kg","KG",1,19,19,"Kitchen-Western Kitchen?Yancheng Kitchen?"]
["2023年","8月份","L0000024552","Cuke\\日本小黄瓜","KG",1,14,14,"Kitchen-Western Kitchen?Yancheng Kitchen?"]
["2023年","8月份","L0000019273","Ping mushroom\\平菇","KG",3,15,45,"Kitchen-Western Kitchen?Yancheng Kitchen?"]
["2023年","8月份","L0000024526","Potato Baby\\土豆","KG",4,6,24,"Kitchen-Western Kitchen?Yancheng Kitchen?"]
["2023年","8月份","L0000024488","Onion Spring\\小葱","KG",1,12,12,"Kitchen-Western Kitchen?Yancheng Kitchen?"]
["2023年","8月份","L0000024482","Cucumber\\黄瓜","KG",1,6,6,"Kitchen-Western Kitchen?Yancheng Kitchen?"]
["2023年","8月份","L0000019219","Local Lettuce\\本地生菜","KG",3,9,27,"Kitchen-Western Kitchen?Yancheng Kitchen?"]
["2023年","8月份","L0000033106","Vegetable Fresh Corn Stick\\鲜玉米棒","KG",6,9,54,"Kitchen-Western Kitchen?Yancheng Kitchen?"]
["2023年","8月份","L0000024481","Coriander\\香菜","KG",1,17,17,"Kitchen-Western Kitchen?Yancheng Kitchen?"]
["2023年","8月份","L0000019091","Bottle Gourd\\葫芦瓜","KG",4,10,40,"Kitchen-Western Kitchen?Yancheng Kitchen?"]
["2023年","8月份","L0000024493","Snow Veg\\雪菜","KG",5,5,25,"Kitchen-Western Kitchen?Yancheng Kitchen?"]
["2023年","8月份","L0000034896","Vegetable Fresh Abalone Mushrooms \\杏鲍菇","KG",5,14,70,"Kitchen-Western Kitchen?Yancheng Kitchen?"]
["2023年","8月份","L0000090723","Caudate lobe\\散尾叶\\EA","EA",2,18,36,"Kitchen-Western Kitchen?Yancheng Kitchen?"]
["2023年","8月份","L0000023680","Pork Meat\\肉丝","KG",2,38,76,"Kitchen-Western Kitchen?Yancheng Kitchen?"]
["2023年","8月份","L0000033254","Pork Local Bone\\猪筒骨","KG",12,38,456,"Kitchen-Western Kitchen?Yancheng Kitchen?"]
["2023年","8月份","L0000480182","Chicken skewer/骨肉相连串/1KG/包","EA",8,28,224,"Kitchen-Western Kitchen?Yancheng Kitchen?"]
["2023年","8月份","L0000023646","Pork with skin\\带皮五花肉","KG",6,36,216,"Kitchen-Western Kitchen?Yancheng Kitchen?"]
["2023年","8月份","L0000018727","Frozen Duck Breast\\冻鸭胸","KG",4,22,88,"Kitchen-Western Kitchen?Yancheng Kitchen?"]
["2023年","8月份","L0000033215","Chicken Leg Whole Boneless\\去骨鸡腿肉","KG",6,26.8,160.8,"Kitchen-Western Kitchen?Yancheng Kitchen?"]
["2023年","8月份","L0000023644","Pork Stuffing\\猪肉末","KG",2,36,72,"Kitchen-Western Kitchen?Yancheng Kitchen?"]
["2023年","8月份","L0000947630","Mutton string/羊肉串/30串","BAG",15,28,420,"Kitchen-Western Kitchen?Yancheng Kitchen?"]
["2023年","8月份","L0000018536","Lamb Lamb Leg Without Bone\\无骨羊腿","KG",4,120,480,"Kitchen-Western Kitchen?Yancheng Kitchen?"]
["2023年","8月份","L0000445634","JT-eggs\\鸡蛋-\\KG","KG",40,14,560,"Kitchen-Western Kitchen?Yancheng Kitchen?"]
["2023年","8月份","L0000445634","JT-eggs\\鸡蛋-\\KG","KG",30,14,420,"Kitchen-Western Kitchen?Yancheng Kitchen?"]
["2023年","8月份","L0000018880","Fuji Apple\\富士苹果","KG",20,12,240,"Kitchen-Western Kitchen?Yancheng Kitchen?"]
["2023年","8月份","L0000022265","Local Grape\\本地葡萄","KG",2,14,28,"Kitchen-Western Kitchen?Yancheng Kitchen?"]
["2023年","8月份","L0000037213","Fruit Fresh Small Mango \\小台芒","KG",2,11,22,"Kitchen-Western Kitchen?Yancheng Kitchen?"]
["2023年","8月份","L0000018960","Local Seedless Watermelon\\本地无籽西瓜","KG",39,4.2,163.8,"Kitchen-Western Kitchen?Yancheng Kitchen?"]
["2023年","8月份","L0000033170","Fruit Fresh Nectarine\\油桃","KG",20,12,240,"Kitchen-Western Kitchen?Yancheng Kitchen?"]
["2023年","8月份","L0000036710","Fruit Fresh Grape Red Local \\国产红提","KG",1,18,18,"Kitchen-Western Kitchen?Yancheng Kitchen?"]
["2023年","8月份","L0000037388","Fruit Fresh Lichee \\荔枝","KG",0,22,0,"Kitchen-Western Kitchen?Yancheng Kitchen?"]
["2023年","8月份","L0000162206","Fruit Fresh Hami Melon\\哈密瓜\\kg","KG",25,4.8,120,"Kitchen-Western Kitchen?Yancheng Kitchen?"]
["2023年","8月份","L0000018896","Honey Pear\\蜜梨","KG",20,16,320,"Kitchen-Western Kitchen?Yancheng Kitchen?"]
["2023年","8月份","L0000051509","Banana Import\\进口香蕉","KG",15,9.6,144,"Kitchen-Western Kitchen?Yancheng Kitchen?"]
["2023年","8月份","L0000037393","Fruit Fresh Raspberry \\树莓\\125g/bx","EA",0,24,0,"Kitchen-Western Kitchen?Yancheng Kitchen?"]
["2023年","8月份","L0000524458","Millennium tomato\\千禧小番茄","KG",3,12,36,"Kitchen-Western Kitchen?Yancheng Kitchen?"]
["2023年","8月份","L0000449351","Honey melon Fresh 香瓜（玉菇瓜）","KG",25,6.4,160,"Kitchen-Western Kitchen?Yancheng Kitchen?"]
["2023年","8月份","L0001863788","Pineapple pulp\\菠萝密果肉","KG",3,34,102,"Kitchen-Western Kitchen?Yancheng Kitchen?"]
["2023年","8月份","L0001647201","The sun rose\\阳光玫瑰\\小果/KG","KG",1,30,30,"Kitchen-Western Kitchen?Yancheng Kitchen?"]
["2023年","8月份","L0002358513","Freshwater crayfish\\淡水小龙虾67钱","KG",5,55,275,"Kitchen-Western Kitchen?Yancheng Kitchen?"]
["2023年","8月份","L0002358507","Freshwater crayfish\\淡水小龙虾45钱","KG",20,43,860,"Kitchen-Western Kitchen?Yancheng Kitchen?"]
["2023年","8月份","L0001791624","Red crab\\冻红花蟹200-300G\\出成75%/KG","KG",5,95,475,"Kitchen-Western Kitchen?Yancheng Kitchen?"]
["2023年","8月份","L0000223282","Escargot\\田螺","KG",2,10,20,"Kitchen-Western Kitchen?Yancheng Kitchen?"]
["2023年","8月份","L0000075915","Shellfish Fresh Clam \\白蛤（无沙）","KG",1,20,20,"Kitchen-Western Kitchen?Yancheng Kitchen?"]
["2023年","8月份","L0000038698","Shellfish Fresh Big Size Clam \\大文蛤","KG",4,35,140,"Kitchen-Western Kitchen?Yancheng Kitchen?"]
["2023年","8月份","L0000033312","Fish Fresh Sea Bass\\海鲈鱼","KG",5,58,290,"Kitchen-Western Kitchen?Yancheng Kitchen?"]
["2023年","8月份","L0000075129","Clam 无沙花蛤","KG",1,20,20,"Kitchen-Western Kitchen?Yancheng Kitchen?"]
["2023年","8月份","L0001369576","Dry Goods Others Dry Ice\\干冰4KG/桶（厨房用）","BRL",1,100,100,"Kitchen-Western Kitchen?Yancheng Kitchen?"]
["2023年","8月份","L0000033359","Shellfish Fresh Jiwei\\基围虾 小\\50pcs","KG",5,65,325,"Kitchen-Western Kitchen?Yancheng Kitchen?"]
["2023年","8月份","L0000033394","Fish Fresh Bull Fog牛蛙活(大)","KG",5,35,175,"Kitchen-Western Kitchen?Yancheng Kitchen?"]
["2023年","8月份","L0000019718","Razor Clam\\蛏子","KG",1,35,35,"Kitchen-Western Kitchen?Yancheng Kitchen?"]
["2023年","8月份","L0002441523","Boston lobster\\活波士顿龙虾350-400g/只","EA",10,98,980,"Kitchen-Western Kitchen?Yancheng Kitchen?"]
["2023年","8月份","L0001802537","Eye flesh国产3A眼肉4-5KG\\整条称重/KG","KG",10,449.5413,4495.41,"Kitchen-Western Kitchen?Yancheng Kitchen?"]
["2023年","8月份","L0000131859","7up\\七喜\\330ml\\can","BTL",24,1.612,38.69,"Outlet-The Lounge"]
["2023年","8月份","L0000131858","Pepsi \\百事可乐\\330ml\\can","BTL",48,1.612,77.38,"Outlet-The Lounge"]
["2023年","8月份","L0000034302","Softdrink Mirinda\\美年达\\330ml","BTL",48,1.612,77.38,"Outlet-The Lounge"]
["2023年","8月份","L0000131903","Pepsi Max\\百事极度\\330ml\\CAN","BTL",48,1.824,87.55,"Outlet-The Lounge"]
["2023年","8月份","L0000131903","Pepsi Max\\百事极度\\330ml\\CAN","BTL",48,1.824,87.55,"Outlet-Banquet"]
["2023年","8月份","L0000131859","7up\\七喜\\330ml\\can","BTL",48,1.612,77.38,"Outlet-Banquet"]
["2023年","8月份","L0000034302","Softdrink Mirinda\\美年达\\330ml","BTL",48,1.612,77.38,"Outlet-Banquet"]
["2023年","8月份","L0000131858","Pepsi \\百事可乐\\330ml\\can","BTL",48,1.612,77.38,"Outlet-Banquet"]
["2023年","8月份","L0000803788","Dry Goods Others\\Olive oil extra virgin\\安提卡特级初榨橄榄油\\1L\\BTL","BTL",0,60,0,"Kitchen-Chinese Kitchen?Man Ho?"]
["2023年","8月份","L0000087180","EDR\\Sticky rice\\糯米-员餐","KG",5,7.2,36,"Staff Dining"]
["2023年","8月份","L0001820011","EDR\\Rapeseed oil\\（员餐）菜籽油（散称）/10L/桶","BTL",2,170,340,"Staff Dining"]
["2023年","8月份","L0000391127","员餐/EDR\\DryFood\\Tofu\\板豆腐","EA",1,20,20,"Staff Dining"]
["2023年","8月份","L0000035398","Vegetable Fresh EDR-Corn\\玉米棒切节-员餐","KG",12,9.8,117.6,"Staff Dining"]
["2023年","8月份","L0000035391","Vegetable Fresh EDR-Pumpkin\\南瓜去皮切块去籽-员餐","KG",8,7,56,"Staff Dining"]
["2023年","8月份","L0000023941","EDR-Lettuce\\生菜-员餐","KG",14,8.8,123.2,"Staff Dining"]
["2023年","8月份","L0000023979","EDR-Spinach\\菠菜-员餐","KG",15,12.8,192,"Staff Dining"]
["2023年","8月份","L0000023989","EDR- Squash\\西葫芦-员餐","KG",15,7,105,"Staff Dining"]
["2023年","8月份","L0000019396","EDR-Lotus Root\\莲藕洗净-员餐","KG",12,14,168,"Staff Dining"]
["2023年","8月份","L0000019402","EDR-Cherry Tomato\\樱桃番茄-员餐","KG",6,14,84,"Staff Dining"]
["2023年","8月份","L0000023943","EDR-White Cabbage\\包心菜-员餐","KG",15,5,75,"Staff Dining"]
["2023年","8月份","L0000024065","EDR-Fu Zhu\\腐竹-员餐","KG",3.5,24,84,"Staff Dining"]
["2023年","8月份","L0000019418","EDR-Oyster mushroom\\平菇-员餐","KG",5,14,70,"Staff Dining"]
["2023年","8月份","L0000019386","EDR-Chinese Cabbage\\大白菜-员餐","KG",15,5,75,"Staff Dining"]
["2023年","8月份","L0000023929","EDR-Green Bean Sprout\\绿豆芽-员餐","KG",20,4,80,"Staff Dining"]
["2023年","8月份","L0000019373","EDR-White Turnip\\白萝卜-员餐","KG",6,5,30,"Staff Dining"]
["2023年","8月份","L0000087035","EDR\\Duck leg\\鸭腿-员餐","KG",30,21,630,"Staff Dining"]
["2023年","8月份","L0000024023","EDR-Pork\\里脊肉-员餐","KG",10,42,420,"Staff Dining"]
["2023年","8月份","L0000024039","EDR-Pork Stuffing\\猪肉末-员餐","KG",2,38,76,"Staff Dining"]
["2023年","8月份","L0001523421","ERD/Minced chicken/员餐/免浆鸡丁","KG",12,32,384,"Staff Dining"]
["2023年","8月份","L0000087059","EDR\\Egg\\鸡蛋-员餐","KG",30,14,420,"Staff Dining"]
["2023年","8月份","L0000023883","EDR-Water Melon/Seedless 无籽西瓜-员餐","KG",85,4.2,357,"Staff Dining"]
["2023年","8月份","L0000230766","Dry Seafood Shrimp 干海产 小虾米\\员厨","KG",2,43.86,87.72,"Staff Dining"]
["2023年","8月份","L0000024128","EDR-Millet\\小米-员餐","KG",5,10.5,52.5,"Staff Dining"]
["2023年","8月份","L0000087176","EDR\\Black rice\\黑米-员餐","KG",1,8.5,8.5,"Staff Dining"]
["2023年","8月份","L0001553624","ERD/Blend oil/非转基因调和油/金龙鱼/10L*2/员餐","CS",5,270,1350,"Staff Dining"]
["2023年","8月份","L0000087679","EDR\\Hotpot paste Dachongqing\\三五火锅料大重庆-员餐\\300g","BAG",10,12,120,"Staff Dining"]
["2023年","8月份","L0000128259","Herbs / Spices\\chili\\坛坛香剁椒（员工）1.15kg","EA",6,26,156,"Staff Dining"]
["2023年","8月份","L0000280739","EDR\\\\员工郫县豆瓣酱1000G/BTL","BTL",8,14.25,114,"Staff Dining"]
["2023年","8月份","L0000541679","EDR\\Staff Canteen\\Essence Sauce\\海天草菇老抽\\1.9L\\（员工）","BTL",6,22.72,136.32,"Staff Dining"]
["2023年","8月份","L0000668676","EDR/Green Bean\\绿豆-员工/KG","KG",15,19.2,288,"Staff Dining"]
["2023年","8月份","L0000728964","EDR-Food Dry/BaBao Rice/八宝米-员餐","KG",5,16,80,"Staff Dining"]
["2023年","8月份","L0001624745","EDR-chop bell pepper sauce\\湘君府鱼头青剁椒酱-员餐\\3KG/桶","BRL",3,65,195,"Staff Dining"]
["2023年","8月份","L0000076532","EDR-DryFood\\Cinnamon\\桂皮-员餐","KG",2,38.78,77.56,"Staff Dining"]
["2023年","8月份","L0000087469","EDR\\Groundnut kernels\\花生米-员餐","KG",5,19.2,96,"Staff Dining"]
["2023年","8月份","L0000087605","EDR\\Dried chilli section\\干辣椒段-员餐","KG",3,30,90,"Staff Dining"]
["2023年","8月份","L0000087614","EDR\\Chinese prickly ash\\花椒-员餐","KG",1,81.6,81.6,"Staff Dining"]
["2023年","8月份","L0000103475","Within the progenitor of lipid box of tofu\\祖名内脂盒豆腐\\410/bx","BX",3,1.6,4.8,"Kitchen-Specialty Kitchen?Smoki Moto?"]
["2023年","8月份","L0000051422","Spinach/菠菜/Kg","KG",2,13,26,"Kitchen-Specialty Kitchen?Smoki Moto?"]
["2023年","8月份","L0000033130","Vegetable Fresh Sweet Potatoes\\地瓜","KG",3,10,30,"Kitchen-Specialty Kitchen?Smoki Moto?"]
["2023年","8月份","L0000019174","Garlic Peeled\\蒜肉","KG",2,12,24,"Kitchen-Specialty Kitchen?Smoki Moto?"]
["2023年","8月份","L0000024482","Cucumber\\黄瓜","KG",2,6,12,"Kitchen-Specialty Kitchen?Smoki Moto?"]
["2023年","8月份","L0000024555","Norika\\法香","KG",0.5,21,10.5,"Kitchen-Specialty Kitchen?Smoki Moto?"]
["2023年","8月份","L0000019216","Lettuce Iceburg\\西生菜","KG",3,17,51,"Kitchen-Specialty Kitchen?Smoki Moto?"]
["2023年","8月份","L0000034896","Vegetable Fresh Abalone Mushrooms \\杏鲍菇","KG",2.5,14,35,"Kitchen-Specialty Kitchen?Smoki Moto?"]
["2023年","8月份","L0000162678","Vegetable Fresh Yellow Cherry Tomato\\黄樱桃番茄","KG",0.5,26,13,"Kitchen-Specialty Kitchen?Smoki Moto?"]
["2023年","8月份","L0000281463","Endive苦菊 kg","KG",0.5,16,8,"Kitchen-Specialty Kitchen?Smoki Moto?"]
["2023年","8月份","L0000904803","Vegetable\\Fresh Mushroom \\鲜口蘑\\kg","KG",1.5,20,30,"Kitchen-Specialty Kitchen?Smoki Moto?"]
["2023年","8月份","L0000273615","FOOD PORK LOIN BONELESS 整条猪里脊 整条猪里脊KG","KG",2,44,88,"Kitchen-Specialty Kitchen?Smoki Moto?"]
["2023年","8月份","L0000018603","Pig Neck\\猪颈肉","KG",5,68,340,"Kitchen-Specialty Kitchen?Smoki Moto?"]
["2023年","8月份","L0000034347","Herbs Fresh Blueberries\\蓝莓\\125 gr/bx","EA",2,9.5,19,"Kitchen-Specialty Kitchen?Smoki Moto?"]
["2023年","8月份","L0000033180","Fruit Fresh Lemon\\柠檬","KG",2,12.6,25.2,"Kitchen-Specialty Kitchen?Smoki Moto?"]
["2023年","8月份","L0000018960","Local Seedless Watermelon\\本地无籽西瓜","KG",4.8,4.2,20.16,"Kitchen-Specialty Kitchen?Smoki Moto?"]
["2023年","8月份","L0000976229","Green Lobster Live\\小青龙虾 鲜活200-250g","KG",0.58,400,232,"Kitchen-Specialty Kitchen?Smoki Moto?"]
["2023年","8月份","L0000582282","Frozen small dragon\\冻小青龙200-300g\\kg","KG",2,220,440,"Kitchen-Specialty Kitchen?Smoki Moto?"]
["2023年","8月份","L0000061821","Yurun Sandwich ham 1.9kg/pc 雨润三文治火腿","EA",1,37.6106,37.61,"Kitchen-Specialty Kitchen?Smoki Moto?"]
["2023年","8月份","L0002047873","Sushi nori\\清净园寿司海苔20g/包","BAG",2,18.5,37,"Kitchen-Specialty Kitchen?Smoki Moto?"]
["2023年","8月份","L0000898193","pork luncheon meat\\韩国午餐肉\\200g/Bag","BAG",5,16.37,81.85,"Kitchen-Specialty Kitchen?Smoki Moto?"]
["2023年","8月份","L0001525494","Mengniu yogurt / 100g original/蒙牛酸奶/100g 原味","PNL",24,7.08,169.92,"Kitchen-Western Kitchen?Yancheng Kitchen?"]
["2023年","8月份","L0001525491","Mengniu yogurt / 100g yellow peach/蒙牛酸奶/100g 黄桃","PNL",24,10.17,244.08,"Kitchen-Western Kitchen?Yancheng Kitchen?"]
["2023年","8月份","L0001525489","Mengniu yogurt / 100g strawberry/蒙牛酸奶/100g 草莓","PNL",24,10.17,244.08,"Kitchen-Western Kitchen?Yancheng Kitchen?"]
["2023年","8月份","L0001525472","Marvels skim milk / 1L/妙维思 脱脂牛奶/1L","EA",12,11.5,138,"Kitchen-Western Kitchen?Yancheng Kitchen?"]
["2023年","8月份","L0001515005","Local fried soybean oil (excellent)\\本地小炸豆油（优）","KG",5,20,100,"Kitchen-Western Kitchen?Yancheng Kitchen?"]
["2023年","8月份","L0001515004","Local rapeseed oil (bulk) / 5L / barrel\\本地菜籽油（散称）/5L/桶","BTL",2,85,170,"Kitchen-Western Kitchen?Yancheng Kitchen?"]
["2023年","8月份","L0000462547","Rice\\江苏大米\\25KG\\BAG","EA",2,120,240,"Kitchen-Western Kitchen?Yancheng Kitchen?"]
["2023年","8月份","L0000024461","Bean Curd Fried\\油豆腐","KG",0.5,12,6,"Kitchen-Western Kitchen?Yancheng Kitchen?"]
["2023年","8月份","L0000169077","Dry Goods Others Beancurd sheets in rod\\千张结 kg","KG",2,13,26,"Kitchen-Western Kitchen?Yancheng Kitchen?"]
["2023年","8月份","L0000534756","Staff Canteen Bean Curd\\薄千张\\KG","KG",1,14,14,"Kitchen-Western Kitchen?Yancheng Kitchen?"]
["2023年","8月份","L0000019084","Local Bell Pepper Red\\本地红圆椒","KG",1,25,25,"Kitchen-Western Kitchen?Yancheng Kitchen?"]
["2023年","8月份","L0000019085","Local Bell Pepper Yellow\\本地黄圆椒","KG",1,29,29,"Kitchen-Western Kitchen?Yancheng Kitchen?"]
["2023年","8月份","L0000019086","Bitter Melon\\苦瓜","KG",3,11,33,"Kitchen-Western Kitchen?Yancheng Kitchen?"]
["2023年","8月份","L0000033103","Vegetable Fresh Carrot\\胡萝卜","KG",5,5,25,"Kitchen-Western Kitchen?Yancheng Kitchen?"]
["2023年","8月份","L0000087075","Vegetable Fresh\\Chili red\\红杭椒","KG",1,23,23,"Kitchen-Western Kitchen?Yancheng Kitchen?"]
["2023年","8月份","L0000103461","The old pumpkin\\老南瓜/kg","KG",6,6,36,"Kitchen-Western Kitchen?Yancheng Kitchen?"]
["2023年","8月份","L0000033106","Vegetable Fresh Corn Stick\\鲜玉米棒","KG",6,9,54,"Kitchen-Western Kitchen?Yancheng Kitchen?"]
["2023年","8月份","L0000087071","Vegetable Fresh\\Celtuce peeled\\去皮莴笋","KG",2,15,30,"Kitchen-Western Kitchen?Yancheng Kitchen?"]
["2023年","8月份","L0000024499","Parsley\\荷兰芹","KG",0.5,25,12.5,"Kitchen-Western Kitchen?Yancheng Kitchen?"]
["2023年","8月份","L0000019325","Tomato Larage Local\\大番茄","KG",3,8,24,"Kitchen-Western Kitchen?Yancheng Kitchen?"]
["2023年","8月份","L0000019251","Mushroom Tea Plant/茶树菇/Kg","KG",0.5,12,6,"Kitchen-Western Kitchen?Yancheng Kitchen?"]
["2023年","8月份","L0000019174","Garlic Peeled\\蒜肉","KG",4,12,48,"Kitchen-Western Kitchen?Yancheng Kitchen?"]
["2023年","8月份","L0000033145","Vegetable Fresh Garlic Sprout\\蒜苔 去尾 去头","KG",3,16,48,"Kitchen-Western Kitchen?Yancheng Kitchen?"]
["2023年","8月份","L0000019083","Local Bell Pepper Green\\本地青圆椒","KG",1,14,14,"Kitchen-Western Kitchen?Yancheng Kitchen?"]
["2023年","8月份","L0000087048","Cabbage Chinese Long\\大白菜","KG",10,5,50,"Kitchen-Western Kitchen?Yancheng Kitchen?"]
["2023年","8月份","L0001525509","Guilin Rice noodles/桂林米粉","KG",3,10,30,"Kitchen-Western Kitchen?Yancheng Kitchen?"]
["2023年","8月份","L0000034896","Vegetable Fresh Abalone Mushrooms \\杏鲍菇","KG",5,14,70,"Kitchen-Western Kitchen?Yancheng Kitchen?"]
["2023年","8月份","L0000019330","Turnip White\\白萝卜","KG",3,3.6,10.8,"Kitchen-Western Kitchen?Yancheng Kitchen?"]
["2023年","8月份","L0000024443","Hand Tooled Noodle\\手工面","KG",5,8,40,"Kitchen-Western Kitchen?Yancheng Kitchen?"]
["2023年","8月份","L0000024463","Rice Cake Stripped\\手指年糕","BAG",10,8,80,"Kitchen-Western Kitchen?Yancheng Kitchen?"]
["2023年","8月份","L0000033120","Vegetable Fresh Bean Green Long\\长豆角","KG",3,9.8,29.4,"Kitchen-Western Kitchen?Yancheng Kitchen?"]
["2023年","8月份","L0000033136","Vegetable Fresh Cauliflower\\花菜","KG",3,8.8,26.4,"Kitchen-Western Kitchen?Yancheng Kitchen?"]
["2023年","8月份","L0000023646","Pork with skin\\带皮五花肉","KG",5,36,180,"Kitchen-Western Kitchen?Yancheng Kitchen?"]
["2023年","8月份","L0000023536","Frozen Pork\\冻猪手","KG",5,50,250,"Kitchen-Western Kitchen?Yancheng Kitchen?"]
["2023年","8月份","L0000039719","Pork Local Frozen Pork Ribs \\冻猪肋排骨","KG",10,65,650,"Kitchen-Western Kitchen?Yancheng Kitchen?"]
["2023年","8月份","L0001709059","Peeled pork square\\去皮五花四方肉\\精修肉厚","KG",8,48,384,"Kitchen-Western Kitchen?Yancheng Kitchen?"]
["2023年","8月份","L0001709053","Local quality hens (cleaned)\\本地优母鸡（净膛）","KG",6,39,234,"Kitchen-Western Kitchen?Yancheng Kitchen?"]
["2023年","8月份","L0000549104","Beancurd Skin With Pork\\油面筋塞肉KG","KG",5,36,180,"Kitchen-Western Kitchen?Yancheng Kitchen?"]
["2023年","8月份","L0000023644","Pork Stuffing\\猪肉末","KG",5,36,180,"Kitchen-Western Kitchen?Yancheng Kitchen?"]
["2023年","8月份","L0000259909","Duck\\Goose\\Poland's large lantern\\法国鹅肝","KG",1,398,398,"Kitchen-Western Kitchen?Yancheng Kitchen?"]
["2023年","8月份","L0000023310","Frz San Huang Chicken\\冻三黄鸡\\1.5-2Kg\\只","KG",5,24.8,124,"Kitchen-Western Kitchen?Yancheng Kitchen?"]
["2023年","8月份","L0000445634","JT-eggs\\鸡蛋-\\KG","KG",30,14,420,"Kitchen-Western Kitchen?Yancheng Kitchen?"]
["2023年","8月份","L0000024447","Egg Preserved\\皮蛋","EA",20,2.3,46,"Kitchen-Western Kitchen?Yancheng Kitchen?"]
["2023年","8月份","L0000018880","Fuji Apple\\富士苹果","KG",20,12,240,"Kitchen-Western Kitchen?Yancheng Kitchen?"]
["2023年","8月份","L0000037213","Fruit Fresh Small Mango \\小台芒","KG",2,11,22,"Kitchen-Western Kitchen?Yancheng Kitchen?"]
["2023年","8月份","L0001647201","The sun rose\\阳光玫瑰\\小果/KG","KG",1,30,30,"Kitchen-Western Kitchen?Yancheng Kitchen?"]
["2023年","8月份","L0000449351","Honey melon Fresh 香瓜（玉菇瓜）","KG",25,6.4,160,"Kitchen-Western Kitchen?Yancheng Kitchen?"]
["2023年","8月份","L0000033182","Fruit Fresh Coconut\\青椰子(去壳)","EA",63,9.5,598.5,"Kitchen-Western Kitchen?Yancheng Kitchen?"]
["2023年","8月份","L0001863788","Pineapple pulp\\菠萝密果肉","KG",3,34,102,"Kitchen-Western Kitchen?Yancheng Kitchen?"]
["2023年","8月份","L0000162206","Fruit Fresh Hami Melon\\哈密瓜\\kg","KG",30,4.8,144,"Kitchen-Western Kitchen?Yancheng Kitchen?"]
["2023年","8月份","L0000033189","Fruit Fresh Navel Orange\\脐橙","KG",5,10,50,"Kitchen-Western Kitchen?Yancheng Kitchen?"]
["2023年","8月份","L0000033170","Fruit Fresh Nectarine\\油桃","KG",20,12,240,"Kitchen-Western Kitchen?Yancheng Kitchen?"]
["2023年","8月份","L0000018960","Local Seedless Watermelon\\本地无籽西瓜","KG",40,4.2,168,"Kitchen-Western Kitchen?Yancheng Kitchen?"]
["2023年","8月份","L0000018896","Honey Pear\\蜜梨","KG",20,16,320,"Kitchen-Western Kitchen?Yancheng Kitchen?"]
["2023年","8月份","L0000164202","Frozen small yellow croaker washed\\冰冻小黄鱼洗净","KG",4.5,50,225,"Kitchen-Western Kitchen?Yancheng Kitchen?"]
["2023年","8月份","L0000075129","Clam 无沙花蛤","KG",1,20,20,"Kitchen-Western Kitchen?Yancheng Kitchen?"]
["2023年","8月份","L0000038698","Shellfish Fresh Big Size Clam \\大文蛤","KG",4,35,140,"Kitchen-Western Kitchen?Yancheng Kitchen?"]
["2023年","8月份","L0000033307","Fish Fresh Libster Locak\\鲫鱼","KG",5,18,90,"Kitchen-Western Kitchen?Yancheng Kitchen?"]
["2023年","8月份","L0000023367","Tiger Crab\\老虎蟹","KG",4.9,90,441,"Kitchen-Western Kitchen?Yancheng Kitchen?"]
["2023年","8月份","L0000075915","Shellfish Fresh Clam \\白蛤（无沙）","KG",1,20,20,"Kitchen-Western Kitchen?Yancheng Kitchen?"]
["2023年","8月份","L0000223282","Escargot\\田螺","KG",2,10,20,"Kitchen-Western Kitchen?Yancheng Kitchen?"]
["2023年","8月份","L0002358513","Freshwater crayfish\\淡水小龙虾67钱","KG",10,55,550,"Kitchen-Western Kitchen?Yancheng Kitchen?"]
["2023年","8月份","L0002358507","Freshwater crayfish\\淡水小龙虾45钱","KG",20,43,860,"Kitchen-Western Kitchen?Yancheng Kitchen?"]
["2023年","8月份","L0001514960","Seafood\\Small pomfret\\冰冻小鲳鱼100g-120g/条","KG",5,42,210,"Kitchen-Western Kitchen?Yancheng Kitchen?"]
["2023年","8月份","L0001978501","集采 Frozen Seafood Alaska Snow Crab Leg/阿拉斯加雪蟹脚 俄罗斯 130-150克/副 抄码 (计量称重)","KG",15,138,2070,"Kitchen-Western Kitchen?Yancheng Kitchen?"]
["2023年","8月份","L0001978472","集采 Frozen Seafood Mussel Half KONO/青口贝 新西兰 半壳 兰维乐 M码|31-45只/kg (原装进口，不拆袋，含原汁)","KG",20,51,1020,"Kitchen-Western Kitchen?Yancheng Kitchen?"]
["2023年","8月份","L0001978473","集采 Frozen Seafood Half Shell Scallop冻半壳扇贝KG 中国 直径7-8公分 净重收货","KG",20,58,1160,"Kitchen-Western Kitchen?Yancheng Kitchen?"]
["2023年","8月份","L0001978475","集采 Frozen Seafood Precooked Boston Lobster/熟冻波士顿龙虾 加拿大 300-350G/EA 净重收货","KG",27.24,170,4630.8,"Kitchen-Western Kitchen?Yancheng Kitchen?"]
["2023年","8月份","L0002331836","chilled salmon fillet\\集采冰鲜三文鱼柳","KG",9.7,152,1474.4,"Kitchen-Western Kitchen?Yancheng Kitchen?"]
["2023年","8月份","L0001551656","Emerald snail/翡翠螺","KG",5,65,325,"Kitchen-Western Kitchen?Yancheng Kitchen?"]
["2023年","8月份","L0002266289","Abalone whelk \\鲍螺肉","KG",2,72,144,"Kitchen-Western Kitchen?Yancheng Kitchen?"]
["2023年","8月份","L0000019718","Razor Clam\\蛏子","KG",1,35,35,"Kitchen-Western Kitchen?Yancheng Kitchen?"]
["2023年","8月份","L0000033359","Shellfish Fresh Jiwei\\基围虾 小\\50pcs","KG",5,65,325,"Kitchen-Western Kitchen?Yancheng Kitchen?"]
["2023年","8月份","L0000033394","Fish Fresh Bull Fog牛蛙活(大)","KG",5,35,175,"Kitchen-Western Kitchen?Yancheng Kitchen?"]
["2023年","8月份","L0000075815","Shellfish Frozen Flounder Fillet \\龙利鱼柳 （袋装1*2.5kg）","BAG",10,68,680,"Kitchen-Western Kitchen?Yancheng Kitchen?"]
["2023年","8月份","L0000306601","Maggi beef powder/美极牛肉粉/500g/罐","EA",1,37.6106,37.61,"Kitchen-Western Kitchen?Yancheng Kitchen?"]
["2023年","8月份","L0000016846","Nestle Milk Powder\\雀巢奶粉袋装\\500g","PK",10,38,380,"Kitchen-Western Kitchen?Yancheng Kitchen?"]
["2023年","8月份","L0002429037","Steak Wellington\\惠灵顿牛排330g/包","BAG",20,57.52,1150.4,"Kitchen-Western Kitchen?Yancheng Kitchen?"]
["2023年","8月份","L0000032523","Dry Canned Food Del Monte Whole Kernel Corn\\地门玉米粒\\420g/tin","EA",6,7,42,"Kitchen-Western Kitchen?Yancheng Kitchen?"]
["2023年","8月份","L0000060929","Sugar Rock Candy\\单晶冰糖","KG",3,11.06,33.18,"Kitchen-Western Kitchen?Yancheng Kitchen?"]
["2023年","8月份","L0000296830","Vinegar\\丘比日式油醋汁1.5L\\瓶","BTL",1,49.56,49.56,"Kitchen-Western Kitchen?Yancheng Kitchen?"]
["2023年","8月份","L0000530511","Food Dry Goods Dry Goods Others\\Hash Bown\\蓝威斯顿薯角2.23KG/包","BAG",2,48,96,"Kitchen-Western Kitchen?Yancheng Kitchen?"]
["2023年","8月份","L0001880866","Sesame oil\\金龙鱼芝麻油400ML","BTL",5,23,115,"Kitchen-Western Kitchen?Yancheng Kitchen?"]
["2023年","8月份","L0002309641","Golden Arowana Instant Tofu Pollen\\金龙鱼速食豆腐花粉260g*30袋/箱","CS",1,390,390,"Kitchen-Western Kitchen?Yancheng Kitchen?"]
["2023年","8月份","L0001821836","Fried bread stick\\思念油条800g/包","BAG",10,15,150,"Kitchen-Western Kitchen?Yancheng Kitchen?"]
["2023年","8月份","L0001574060","Sister Kitchen Salt Crispy Chicken (Rice Chicken)\\姐妹厨房盐酥鸡（鸡米花）\\2.5kg/袋","BAG",2,70,140,"Kitchen-Western Kitchen?Yancheng Kitchen?"]
["2023年","8月份","L0001389850","kale Borecole 蓬盛橄榄菜 450g/bot [Bot]","BTL",4,12.3689,49.48,"Kitchen-Western Kitchen?Yancheng Kitchen?"]
["2023年","8月份","L0001099082","7 colour taro round/三色芋圆/500g/袋","BAG",2,31.0291,62.06,"Kitchen-Western Kitchen?Yancheng Kitchen?"]
["2023年","8月份","L0001031462","Nuomiou\\糯米藕","KG",5,24,120,"Kitchen-Western Kitchen?Yancheng Kitchen?"]
["2023年","8月份","L0000730862","Instant Noodle\\韩国辛拉面\\120g/包","PK",25,5.34,133.5,"Kitchen-Western Kitchen?Yancheng Kitchen?"]
["2023年","8月份","L0000186900","Sushi nori\\寿司海苔\\50张/包","BAG",2,53,106,"Kitchen-Western Kitchen?Yancheng Kitchen?"]
["2023年","8月份","L0000163757","The chobe Fried sesame sauce culture\\丘比煎培芝麻汁1.5L/瓶","BTL",1,60,60,"Kitchen-Western Kitchen?Yancheng Kitchen?"]
["2023年","8月份","L0000090828","Sea sedge silk\\海苔丝\\PK","PK",2,32.8932,65.79,"Kitchen-Western Kitchen?Yancheng Kitchen?"]
["2023年","8月份","L0000087533","Noodles EDR-Udon Noodles\\美国厨师乌冬面","BAG",10,3.6,36,"Kitchen-Western Kitchen?Yancheng Kitchen?"]
["2023年","8月份","L0000077387","Vegetable\\Lotus Root Zone\\泡椒藕带\\400G","BAG",5,10,50,"Kitchen-Western Kitchen?Yancheng Kitchen?"]
["2023年","8月份","L0000074407","Dry Goods Others\\Dry Red pepper segment \\干红辣椒段","KG",1,37.1942,37.19,"Kitchen-Western Kitchen?Yancheng Kitchen?"]
["2023年","8月份","L0000052168","Sauce Knorr Powder Chicken\\家乐鸡精\\900G","TIN",6,26,156,"Kitchen-Western Kitchen?Yancheng Kitchen?"]
["2023年","8月份","L0000032479","Sauce Laoganma Paste\\老干妈\\280g/btl","EA",3,9.81,29.43,"Kitchen-Western Kitchen?Yancheng Kitchen?"]
["2023年","8月份","L0000032445","Sauce Leekumkee Oyster Sauce\\李锦记财神蚝油\\907g/btl","EA",3,19.5,58.5,"Kitchen-Western Kitchen?Yancheng Kitchen?"]
["2023年","8月份","L0000024199","Dry Bean Heinz Baked\\亨氏焗豆\\420G","TIN",10,9.8932,98.93,"Kitchen-Western Kitchen?Yancheng Kitchen?"]
["2023年","8月份","L0000017823","HaiTian Mushroom Soy Sauce Dark\\海天草菇老抽\\1.9L","BTL",3,26,78,"Kitchen-Western Kitchen?Yancheng Kitchen?"]
["2023年","8月份","L0000017274","Baili Red Kidney Bean\\百利红腰豆\\432g","CAN",6,6.9,41.4,"Kitchen-Western Kitchen?Yancheng Kitchen?"]
["2023年","8月份","L0000017162","McCormick Black Pepper Powder\\味好美细黑胡椒粉\\425g","CAN",1,90,90,"Kitchen-Western Kitchen?Yancheng Kitchen?"]
["2023年","8月份","L0001526373","Forrest beef breakfast sausage 2kg/福瑞斯牛肉早餐肠2KG","BAG",3,92,276,"Kitchen-Western Kitchen?Yancheng Kitchen?"]
["2023年","8月份","L0001526372","Forrest pork breakfast sausage 2kg/福瑞斯猪肉早餐肠2KG","BAG",4,90,360,"Kitchen-Western Kitchen?Yancheng Kitchen?"]
["2023年","8月份","L0001574064","Aunt Su's spring rolls with shredded pork and shepherd's purse\\苏阿姨荠菜肉丝春卷\\1kg/袋","BAG",8,34,272,"Kitchen-Western Kitchen?Yancheng Kitchen?"]
["2023年","8月份","L0001791638","Frozen French fries\\麦肯1/2英寸波浪切冷冻薯条2kg/包","BAG",4,29,116,"Kitchen-Western Kitchen?Yancheng Kitchen?"]
["2023年","8月份","L0002291506","Beef Patty\\牛肉饼200g*6\\包","BAG",3,123,369,"Kitchen-Western Kitchen?Yancheng Kitchen?"]
["2023年","8月份","L0002309632","Cong Chef Grandma dishes\\聪厨外婆菜258g/包","BAG",0,5.2,0,"Kitchen-Western Kitchen?Yancheng Kitchen?"]
["2023年","8月份","L0001574053","Tyson Beijing Original Chicken Nuggets\\泰森北京原味鸡块\\2.5kg/袋","BAG",4,45,180,"Kitchen-Western Kitchen?Yancheng Kitchen?"]
["2023年","8月份","L0000075541","Sausage & Hams\\Sausage Lyoner With Mushroom\\蘑菇里昂那肠\\3kg\\pc","KG",0,69,0,"Kitchen-Western Kitchen?Yancheng Kitchen?"]
["2023年","8月份","L0000152556","Dried/Canned Foods-白泡菜-韩国泡菜-White Pickle","KG",5,20,100,"Kitchen-Western Kitchen?Yancheng Kitchen?"]
["2023年","8月份","L0001522598","Juice Chilled Juice Apple Juice\\橙宝苹果汁\\BTL\\2L","BTL",12,12.5,150,"Kitchen-Western Kitchen?Yancheng Kitchen?"]
["2023年","8月份","L0001522601","Juice Chilled Juice orangeJuice\\橙宝橙汁\\BTL\\2L","BTL",24,12.5,300,"Kitchen-Western Kitchen?Yancheng Kitchen?"]
["2023年","8月份","L0001526369","Frise Bacon 2kg/福瑞斯五花培根(生制)2KG","BAG",10,99,990,"Kitchen-Western Kitchen?Yancheng Kitchen?"]
["2023年","8月份","L0001522603","Juice Chilled Juice Grapefruit juice\\橙宝西柚汁\\BTL 2L","BTL",12,12.5,150,"Kitchen-Western Kitchen?Yancheng Kitchen?"]
["2023年","8月份","L0001522602","Juice Chilled Juice Grape juice\\橙宝葡萄汁\\BTL 2L","BTL",24,12.5,300,"Kitchen-Western Kitchen?Yancheng Kitchen?"]
["2023年","8月份","L0000018184","Dry Swallow Instant Yeast\\法国燕子牌即发干酵母\\500g","PK",3,22.12,66.36,"Kitchen-Pastry"]
["2023年","8月份","L0000016829","Ovodan Pasteurised Egg White\\欧福巴氏杀菌蛋白\\970g×12","BTL",0,24.78,0,"Kitchen-Pastry"]
["2023年","8月份","L0001935036","Lamb 12 ribs lamb chops\\小绵羊12肋羊排","KG",19.5,88.07,1717.37,"Kitchen-Western Kitchen?Yancheng Kitchen?"]
["2023年","8月份","L0000017522","Green Bean\\绿豆","KG",1,12,12,"Kitchen-Chinese Kitchen?Man Ho?"]
["2023年","8月份","L0001531064","Tuna oil/10L*2/non transgenic/金龙鱼油/10L*2/非转基因","CS",1,270,270,"Kitchen-Chinese Kitchen?Man Ho?"]
["2023年","8月份","L0000019208","Leeks\\京葱","KG",2,8,16,"Kitchen-Chinese Kitchen?Man Ho?"]
["2023年","8月份","L0000019084","Local Bell Pepper Red\\本地红圆椒","KG",1,25,25,"Kitchen-Chinese Kitchen?Man Ho?"]
["2023年","8月份","L0000576424","Grass\\茅根草\\KG","KG",0.5,28,14,"Kitchen-Chinese Kitchen?Man Ho?"]
["2023年","8月份","L0000163638","Vegetable Fresh Fresh Termitomyces Albuminosus\\新鲜鸡枞菌","KG",2,68,136,"Kitchen-Chinese Kitchen?Man Ho?"]
["2023年","8月份","L0000033103","Vegetable Fresh Carrot\\胡萝卜","KG",2,5,10,"Kitchen-Chinese Kitchen?Man Ho?"]
["2023年","8月份","L0000024523","Sweet Bean\\甜蜜豆","KG",1,36,36,"Kitchen-Chinese Kitchen?Man Ho?"]
["2023年","8月份","L0000019178","Ginger Peeled Blue\\生姜去皮","KG",2,23,46,"Kitchen-Chinese Kitchen?Man Ho?"]
["2023年","8月份","L0000019085","Local Bell Pepper Yellow\\本地黄圆椒","KG",1,29,29,"Kitchen-Chinese Kitchen?Man Ho?"]
["2023年","8月份","L0001605046","Fresh Matsutake\\新鲜松茸\\7-9cm/KG","KG",0,1200,0,"Kitchen-Chinese Kitchen?Man Ho?"]
["2023年","8月份","L0000935932","Vegetable Fresh/cucumber/玉女瓜/KG","KG",2,30,60,"Kitchen-Chinese Kitchen?Man Ho?"]
["2023年","8月份","L0001334080","Stripe radish\\条纹萝卜","KG",0.5,36,18,"Kitchen-Chinese Kitchen?Man Ho?"]
["2023年","8月份","L0000904803","Vegetable\\Fresh Mushroom \\鲜口蘑\\kg","KG",2,20,40,"Kitchen-Chinese Kitchen?Man Ho?"]
["2023年","8月份","L0000811473","Fresh wild portobello/鲜老人头菌/KG","KG",0,390,0,"Kitchen-Chinese Kitchen?Man Ho?"]
["2023年","8月份","L0000433072","XiuQiu Mushroom\\绣球菌\\KG","KG",1,95,95,"Kitchen-Chinese Kitchen?Man Ho?"]
["2023年","8月份","L0000287774","火红苗/食用","BX",1,15,15,"Kitchen-Chinese Kitchen?Man Ho?"]
["2023年","8月份","L0000162678","Vegetable Fresh Yellow Cherry Tomato\\黄樱桃番茄","KG",2,26,52,"Kitchen-Chinese Kitchen?Man Ho?"]
["2023年","8月份","L0000037834","Vegetable Fresh Vegetable Chufa Peeled\\马蹄(去皮)","KG",1,30,30,"Kitchen-Chinese Kitchen?Man Ho?"]
["2023年","8月份","L0000024550","Onion\\去皮干葱头","KG",1,17.8,17.8,"Kitchen-Chinese Kitchen?Man Ho?"]
["2023年","8月份","L0000019104","Baby Carrot Fingerling \\手指胡萝卜","KG",0.5,22,11,"Kitchen-Chinese Kitchen?Man Ho?"]
["2023年","8月份","L0000017690","Rice Noodle\\河粉","KG",3,9,27,"Kitchen-Chinese Kitchen?Man Ho?"]
["2023年","8月份","L0000023648","Meat Pork Lean Leg\\猪赤肉","KG",3,43,129,"Kitchen-Chinese Kitchen?Man Ho?"]
["2023年","8月份","L0000023666","Pork Bones W Meat\\猪龙骨","KG",4,38,152,"Kitchen-Chinese Kitchen?Man Ho?"]
["2023年","8月份","L0000018509","Veal Ossobuco Ekro Veh008 88Wine\\小牛腱","KG",5,140,700,"Kitchen-Chinese Kitchen?Man Ho?"]
["2023年","8月份","L0001647196","The sun rose\\阳光玫瑰\\大果/KG","KG",1,36,36,"Kitchen-Chinese Kitchen?Man Ho?"]
["2023年","8月份","L0000018873","Dragon Fruit Redmeat\\红肉火龙果","KG",3,11,33,"Kitchen-Chinese Kitchen?Man Ho?"]
["2023年","8月份","L0000524458","Millennium tomato\\千禧小番茄","KG",2,12,24,"Kitchen-Chinese Kitchen?Man Ho?"]
["2023年","8月份","L0000970199","Produce蔬菜水果\\green lemon lenves\\泰国小青柠檬","KG",1,24,24,"Kitchen-Chinese Kitchen?Man Ho?"]
["2023年","8月份","L0000162206","Fruit Fresh Hami Melon\\哈密瓜\\kg","KG",7,4.8,33.6,"Kitchen-Chinese Kitchen?Man Ho?"]
["2023年","8月份","L0000018960","Local Seedless Watermelon\\本地无籽西瓜","KG",15,4.2,63,"Kitchen-Chinese Kitchen?Man Ho?"]
["2023年","8月份","L0000018960","Local Seedless Watermelon\\本地无籽西瓜","KG",15,4.2,63,"Kitchen-Chinese Kitchen?Man Ho?"]
["2023年","8月份","L0001688975","Mingyang butter hot pot base material\\名扬牛油火锅底料400g/包","BAG",3,29,87,"Kitchen-Chinese Kitchen?Man Ho?"]
["2023年","8月份","L0000017534","Cashew Nut 320\\腰果\\1kg","PK",1.5,79.76,119.64,"Kitchen-Chinese Kitchen?Man Ho?"]
["2023年","8月份","L0000163380","Flour / Mix Fish Slices\\百利鱼胶片\\1kg/盒/意大利","BX",0,120,0,"Kitchen-Chinese Kitchen?Man Ho?"]
["2023年","8月份","L0001594471","Shrimp roe\\虾籽（称重）/KG","KG",0.5,300,150,"Kitchen-Chinese Kitchen?Man Ho?"]
["2023年","8月份","L0000033289","Fish Fresh Grass Carp\\草鱼","KG",2,24,48,"Kitchen-Chinese Kitchen?Man Ho?"]
["2023年","8月份","L0000019714","LuoShi Prawn\\罗氏虾\\35pcs","KG",1,80,80,"Kitchen-Chinese Kitchen?Man Ho?"]
["2023年","8月份","L0000019545","Frozen Saury Processed\\冻秋刀鱼杀好","KG",2,40,80,"Kitchen-Chinese Kitchen?Man Ho?"]
["2023年","8月份","L0000017380","SanHe Ax Baking Powder\\三和斧头食粉\\454g","PK",2,5.75,11.5,"Kitchen-Chinese Kitchen?Man Ho?"]
["2023年","8月份","L0000428498","Chinese Seasoning\\Sanwu hot pot base material\\三五火锅底料\\300g\\袋","BAG",2,12.3689,24.74,"Kitchen-Chinese Kitchen?Man Ho?"]
["2023年","8月份","L0000034663","Sauce Donggu Sauce\\东古一品鲜\\500ml","EA",6,12.3689,74.21,"Kitchen-Chinese Kitchen?Man Ho?"]
["2023年","8月份","L0000024255","Meat Tenderizer Andov\\安多夫天然松肉粉\\454G","BTL",2,18.5631,37.13,"Kitchen-Chinese Kitchen?Man Ho?"]
["2023年","8月份","L0000024205","Msg Shuangqiao\\双桥味精\\500G","BAG",10,11.14,111.4,"Kitchen-Chinese Kitchen?Man Ho?"]
["2023年","8月份","L0000017946","Coarse Salt\\本地海盐粗盐\\500g","PK",15,2.8252,42.38,"Kitchen-Chinese Kitchen?Man Ho?"]
["2023年","8月份","L0000017945","Knorr Chicken Powder\\家乐鸡粉\\2kg","CAN",1,86,86,"Kitchen-Chinese Kitchen?Man Ho?"]
["2023年","8月份","L0000402849","Acid Plum Paste\\美味源冰花酸梅酱270G\\瓶","BTL",6,8.6602,51.96,"Kitchen-Chinese Kitchen?Man Ho?"]
["2023年","8月份","L0000087643","Dry goods others\\K.S.T Sau Chicken Rice Soy Swt Dark\\广祥泰鸡饭老抽 640ml","BTL",6,26,156,"Kitchen-Chinese Kitchen?Man Ho?"]
["2023年","8月份","L0000418930","Salt 淮牌海藻碘食用盐400gBag\\包","EA",20,2.2,44,"Kitchen-Chinese Kitchen?Man Ho?"]
["2023年","8月份","L0001531064","Tuna oil/10L*2/non transgenic/金龙鱼油/10L*2/非转基因","CS",4,270,1080,"Kitchen-Banquet Kitchen"]
["2023年","8月份","L0001515005","Local fried soybean oil (excellent)\\本地小炸豆油（优）","KG",10,20,200,"Kitchen-Banquet Kitchen"]
["2023年","8月份","L0000462547","Rice\\江苏大米\\25KG\\BAG","EA",1,120,120,"Kitchen-Banquet Kitchen"]
["2023年","8月份","L0000024523","Sweet Bean\\甜蜜豆","KG",3,36,108,"Kitchen-Banquet Kitchen"]
["2023年","8月份","L0000033103","Vegetable Fresh Carrot\\胡萝卜","KG",0.5,5,2.5,"Kitchen-Banquet Kitchen"]
["2023年","8月份","L0000051418","Sand Ginger\\鲜沙姜","KG",0.5,28,14,"Kitchen-Banquet Kitchen"]
["2023年","8月份","L0000024538","Ginger Pork\\姜肉","KG",2,24,48,"Kitchen-Banquet Kitchen"]
["2023年","8月份","L0001624721","Iron yam\\加工净铁棍山药/KG","KG",2.5,27,67.5,"Kitchen-Banquet Kitchen"]
["2023年","8月份","L0000302087","cow gram眉豆/KG","KG",12,18,216,"Kitchen-Banquet Kitchen"]
["2023年","8月份","L0000087072","Vegetable Fresh\\Leek\\青大蒜","KG",0.5,8,4,"Kitchen-Banquet Kitchen"]
["2023年","8月份","L0000033107","Vegetable Fresh Baby Vegetable\\娃娃菜","EA",8,6,48,"Kitchen-Banquet Kitchen"]
["2023年","8月份","L0000034896","Vegetable Fresh Abalone Mushrooms \\杏鲍菇","KG",30,14,420,"Kitchen-Banquet Kitchen"]
["2023年","8月份","L0000019343","White Jade Mushroom\\白玉菇","KG",30,16,480,"Kitchen-Banquet Kitchen"]
["2023年","8月份","L0000033084","Vegetable Fresh Local Pepper Red\\本地红椒 直身","KG",0.5,15,7.5,"Kitchen-Banquet Kitchen"]
["2023年","8月份","L0000024488","Onion Spring\\小葱","KG",2,12,24,"Kitchen-Banquet Kitchen"]
["2023年","8月份","L0000019174","Garlic Peeled\\蒜肉","KG",4,12,48,"Kitchen-Banquet Kitchen"]
["2023年","8月份","L0000019208","Leeks\\京葱","KG",1,8,8,"Kitchen-Banquet Kitchen"]
["2023年","8月份","L0000019219","Local Lettuce\\本地生菜","KG",1.5,9,13.5,"Kitchen-Banquet Kitchen"]
["2023年","8月份","L0000024482","Cucumber\\黄瓜","KG",3,6,18,"Kitchen-Banquet Kitchen"]
["2023年","8月份","L0000024488","Onion Spring\\小葱","KG",2,12,24,"Kitchen-Banquet Kitchen"]
["2023年","8月份","L0000018658","Chicken Old\\老鸡2kg","KG",14.4,40,576,"Kitchen-Banquet Kitchen"]
["2023年","8月份","L0000018658","Chicken Old\\老鸡2kg","KG",12,40,480,"Kitchen-Banquet Kitchen"]
["2023年","8月份","L0002161290","Bovine anterior tendon/牛前键","KG",5,98,490,"Kitchen-Banquet Kitchen"]
["2023年","8月份","L0001611527","Pork tendon/猪蹄筋","KG",4,148,592,"Kitchen-Banquet Kitchen"]
["2023年","8月份","L0000976204","Egg Quail\\鹌鹑蛋 去皮","KG",1.6,26,41.6,"Kitchen-Banquet Kitchen"]
["2023年","8月份","L0000024447","Egg Preserved\\皮蛋","EA",30,2.3,69,"Kitchen-Banquet Kitchen"]
["2023年","8月份","L0000445634","JT-eggs\\鸡蛋-\\KG","KG",5,14,70,"Kitchen-Banquet Kitchen"]
["2023年","8月份","L0000018874","Dragon Fruit\\白肉火龙果","KG",3,8.4,25.2,"Kitchen-Banquet Kitchen"]
["2023年","8月份","L0000449351","Honey melon Fresh 香瓜（玉菇瓜）","KG",7,6.4,44.8,"Kitchen-Banquet Kitchen"]
["2023年","8月份","L0000018960","Local Seedless Watermelon\\本地无籽西瓜","KG",15,4.2,63,"Kitchen-Banquet Kitchen"]
["2023年","8月份","L0000162206","Fruit Fresh Hami Melon\\哈密瓜\\kg","KG",7,4.8,33.6,"Kitchen-Banquet Kitchen"]
["2023年","8月份","L0000970199","Produce蔬菜水果\\green lemon lenves\\泰国小青柠檬","KG",0.5,24,12,"Kitchen-Banquet Kitchen"]
["2023年","8月份","L0000552236","Turtle live黄油甲鱼2斤以上","KG",5,93,465,"Kitchen-Banquet Kitchen"]
["2023年","8月份","L0000019663","Dalian Abalone\\大连鲜鲍鱼\\9-10pcs","KG",0.5,127,63.5,"Kitchen-Banquet Kitchen"]
["2023年","8月份","L0000400836","Fish Fresh\\White fish \\太湖白鱼0.7-0.75KG","KG",3.6,33,118.8,"Kitchen-Banquet Kitchen"]
["2023年","8月份","L0000019438","Marble Goby Fish\\笋壳鱼养殖\\0.6-0.9kg","KG",7.2,130,936,"Kitchen-Banquet Kitchen"]
["2023年","8月份","L0000019686","Hard Shell Crab\\肉蟹\\250g-350g","KG",6,155,930,"Kitchen-Banquet Kitchen"]
["2023年","8月份","L0001748969","Prawns\\15头大明虾/KG","KG",20,85,1700,"Kitchen-Banquet Kitchen"]
["2023年","8月份","L0000022323","Mandarin Fish\\桂鱼\\0.65-0.9kg","KG",0.65,150,97.5,"Kitchen-Banquet Kitchen"]
["2023年","8月份","L0000019700","Live Boston Lobster\\活波士顿龙虾\\500-650g","KG",0.64,270,172.8,"Kitchen-Banquet Kitchen"]
["2023年","8月份","L0000019686","Hard Shell Crab\\肉蟹\\250g-350g","KG",0.54,155,83.7,"Kitchen-Banquet Kitchen"]
["2023年","8月份","L0001624673","Shrimp and smooth\\虾胶虾滑395G/包","BAG",2,60,120,"Kitchen-Banquet Kitchen"]
["2023年","8月份","L0000303484","Seafood\\YEN FOOD ABALONE LIVE 8PC\\鲜活鲍鱼（8头）\\KG","KG",8.25,156,1287,"Kitchen-Banquet Kitchen"]
["2023年","8月份","L0000087665","Dry goods others\\Sweet osmanthus XIANGLAOTAI\\香老太糖桂花 230g","BTL",2,3.72,7.44,"Kitchen-Banquet Kitchen"]
["2023年","8月份","L0001370393","Yasui cuttlefish ball\\安井墨鱼丸\\2.5kg/袋","BAG",1,58,58,"Kitchen-Banquet Kitchen"]
["2023年","8月份","L0000016810","Elle Et Vire Whipping Cream\\铁塔牌淡奶油\\1L","BTL",1,45.5,45.5,"Kitchen-Banquet Kitchen"]
["2023年","8月份","L0001076364","Food Dry Goods Rice / Grain / Cereal/Xiaohuozi Cheese Rice cake小伙子芝士年糕 500g/EA(南瓜、紫苏、原味、蛋黄、草莓)口味下单备注","EA",4,14.5,58,"Kitchen-Banquet Kitchen"]
["2023年","8月份","L0002162919","Li ghost garlic bone\\李鬼蒜香骨500g/包","BAG",15,38.5,577.5,"Kitchen-Banquet Kitchen"]
["2023年","8月份","L0001760483","Yurun crystal meat\\雨润水晶肴肉/KG","KG",2,98,196,"Kitchen-Banquet Kitchen"]
["2023年","8月份","L0001689720","Sheng Fu abalone roll\\胜福鲍鱼卷\\200g/袋","BAG",10,7.77,77.7,"Kitchen-Banquet Kitchen"]
["2023年","8月份","L0001665034","Ann Wells dumpling\\安井烧麦300g/包","BAG",14,11.65,163.1,"Kitchen-Banquet Kitchen"]
["2023年","8月份","L0000254752","Meat/Poultry/Pork Local/Pork Dried Skin/干肉皮","KG",15,161.1456,2417.18,"Kitchen-Banquet Kitchen"]
["2023年","8月份","L0000763614","Food Soft Drink / Juice Softdrinke\\Pepsi 7 Up\\百事七喜\\1.25L","BTL",60,3.643,218.58,"Outlet-Banquet"]
["2023年","8月份","L0000521442","Food Soft Drink - Juice Softdrink\\Pepsi-Cola\\百事可乐 1.25L\\BTL","BTL",120,3.643,437.16,"Outlet-Banquet"]
["2023年","8月份","L0001863757","Claw honey\\羊角蜜","KG",0,9,0,"Kitchen-Chinese Kitchen?Man Ho?"]
["2023年","8月份","L0001863757","Claw honey\\羊角蜜","KG",0,9,0,"Kitchen-Chinese Kitchen?Man Ho?"]
["2023年","8月份","L0001523361","ERD/Mengniu fresh milk / 180ml * 12/员餐/蒙牛鲜牛奶/180ml*12","CS",10,29,290,"Staff Dining"]
["2023年","8月份","L0001523350","ERD/Mengniu yogurt / original / 100g * 8/员餐/蒙牛酸奶/原味/100g*8","PNL",36,8,288,"Staff Dining"]
["2023年","8月份","L0000023993","EDR-Dried Beancurd Sheet\\豆腐干片-员餐","KG",3,8.4,25.2,"Staff Dining"]
["2023年","8月份","L0000391127","员餐/EDR\\DryFood\\Tofu\\板豆腐","EA",8,20,160,"Staff Dining"]
["2023年","8月份","L0000019391","EDR-Garlic Peeled\\大蒜去衣-员餐","KG",4,11,44,"Staff Dining"]
["2023年","8月份","L0000060716","EDR-Sweet Potato Baby\\小红薯-员餐","KG",24,8.6,206.4,"Staff Dining"]
["2023年","8月份","L0000023981","EDR-Cucumber\\黄瓜-员餐","KG",10,6,60,"Staff Dining"]
["2023年","8月份","L0000035388","Vegetable Fresh EDR-Carrot\\胡萝卜去皮切块-员餐","KG",10,5,50,"Staff Dining"]
["2023年","8月份","L0000060706","EDR-Coriander\\香菜-员餐","KG",1,15,15,"Staff Dining"]
["2023年","8月份","L0000019392","EDR-Ginger Peeled\\生姜去皮-员餐","KG",2,23,46,"Staff Dining"]
["2023年","8月份","L0001523375","ERD/Lettuce/员餐/油麦菜","KG",25,9,225,"Staff Dining"]
["2023年","8月份","L0000035391","Vegetable Fresh EDR-Pumpkin\\南瓜去皮切块去籽-员餐","KG",6,7,42,"Staff Dining"]
["2023年","8月份","L0000023979","EDR-Spinach\\菠菜-员餐","KG",10,12.8,128,"Staff Dining"]
["2023年","8月份","L0000023953","EDR-Celery Local\\本地芹菜-员餐","KG",8,9,72,"Staff Dining"]
["2023年","8月份","L0000023941","EDR-Lettuce\\生菜-员餐","KG",15,8.8,132,"Staff Dining"]
["2023年","8月份","L0000023931","EDR-Shallot\\小葱-员餐","KG",5,10,50,"Staff Dining"]
["2023年","8月份","L0000019403","EDR-Tomato\\番茄-员餐","KG",12,7,84,"Staff Dining"]
["2023年","8月份","L0000019362","EDR-Garlic Leaf \\蒜苗-员餐","KG",16,12.8,204.8,"Staff Dining"]
["2023年","8月份","L0001523363","ERD/Local green pepper/员餐/本地青椒","KG",55,7.8,429,"Staff Dining"]
["2023年","8月份","L0000035398","Vegetable Fresh EDR-Corn\\玉米棒切节-员餐","KG",12,9.8,117.6,"Staff Dining"]
["2023年","8月份","L0000190149","EDR-Shiitake Mushrooms\\鲜香菇（员工餐厅）","KG",9,15.8,142.2,"Staff Dining"]
["2023年","8月份","L0000023943","EDR-White Cabbage\\包心菜-员餐","KG",15,5,75,"Staff Dining"]
["2023年","8月份","L0000023967","EDR-Onion\\洋葱-员餐","KG",5,4,20,"Staff Dining"]
["2023年","8月份","L0001523383","ERD/Venetian knot/员餐/百叶结","KG",6,14,84,"Staff Dining"]
["2023年","8月份","L0000023937","EDR-Green Vegetable\\青菜-员餐","KG",15,6,90,"Staff Dining"]
["2023年","8月份","L0000023927","EDR-Potato Big\\大土豆-员餐","KG",25,6,150,"Staff Dining"]
["2023年","8月份","L0000019402","EDR-Cherry Tomato\\樱桃番茄-员餐","KG",20,14,280,"Staff Dining"]
["2023年","8月份","L0000019382","EDR-Broccoli Green\\西兰花-员餐","KG",12,16,192,"Staff Dining"]
["2023年","8月份","L0000019381","EDR-Soybean Sprout\\黄豆芽-员餐","KG",22,4,88,"Staff Dining"]
["2023年","8月份","L0000019371","EDR-Taro Peeled\\芋头 去皮-员餐","KG",3,12,36,"Staff Dining"]
["2023年","8月份","L0000024023","EDR-Pork\\里脊肉-员餐","KG",12,42,504,"Staff Dining"]
["2023年","8月份","L0000024023","EDR-Pork\\里脊肉-员餐","KG",10,42,420,"Staff Dining"]
["2023年","8月份","L0000499706","EDR\\duck\\鸭血(员餐）\\新鲜\\KG","KG",8,14,112,"Staff Dining"]
["2023年","8月份","L0000024035","EDR-Pork Belly\\五花肉-员餐","KG",12,36,432,"Staff Dining"]
["2023年","8月份","L0000024035","EDR-Pork Belly\\五花肉-员餐","KG",14,36,504,"Staff Dining"]
["2023年","8月份","L0000034103","EDR-Sanhuang Chicken\\三黄鸡加工成块 去头和内脏-员餐","KG",20,26.8,536,"Staff Dining"]
["2023年","8月份","L0000034103","EDR-Sanhuang Chicken\\三黄鸡加工成块 去头和内脏-员餐","KG",26,26.8,696.8,"Staff Dining"]
["2023年","8月份","L0000087059","EDR\\Egg\\鸡蛋-员餐","KG",60,14,840,"Staff Dining"]
["2023年","8月份","L0000040401","Fruit Fresh EDR-Local Apple\\糖心苹果-员餐","KG",35,9.6,336,"Staff Dining"]
["2023年","8月份","L0000178142","EDR-popcorn chicken\\鸡米花-员餐\\2.5kg","BAG",10,62,620,"Staff Dining"]
["2023年","8月份","L0001531064","Tuna oil/10L*2/non transgenic/金龙鱼油/10L*2/非转基因","CS",1,270,270,"Kitchen-Specialty Kitchen?Smoki Moto?"]
["2023年","8月份","L0001730273","Wuchang rice\\亿亩粮田\\五常大米\\5KG/包","BAG",2,100,200,"Kitchen-Specialty Kitchen?Smoki Moto?"]
["2023年","8月份","L0000024543","Firm Tofu\\老豆腐","EA",3,2.5,7.5,"Kitchen-Specialty Kitchen?Smoki Moto?"]
["2023年","8月份","L0000103475","Within the progenitor of lipid box of tofu\\祖名内脂盒豆腐\\410/bx","BX",3,1.6,4.8,"Kitchen-Specialty Kitchen?Smoki Moto?"]
["2023年","8月份","L0000019208","Leeks\\京葱","KG",3,8,24,"Kitchen-Specialty Kitchen?Smoki Moto?"]
["2023年","8月份","L0000033103","Vegetable Fresh Carrot\\胡萝卜","KG",2,5,10,"Kitchen-Specialty Kitchen?Smoki Moto?"]
["2023年","8月份","L0000400651","Vegetable Fresh/红叶生菜","KG",0.5,33,16.5,"Kitchen-Specialty Kitchen?Smoki Moto?"]
["2023年","8月份","L0000019104","Baby Carrot Fingerling \\手指胡萝卜","KG",1.5,22,33,"Kitchen-Specialty Kitchen?Smoki Moto?"]
["2023年","8月份","L0000019216","Lettuce Iceburg\\西生菜","KG",3,17,51,"Kitchen-Specialty Kitchen?Smoki Moto?"]
["2023年","8月份","L0000305117","Vegetable Fresh\\Japan‘s big leaf \\日本大叶 20g/盒","BAG",2,10,20,"Kitchen-Specialty Kitchen?Smoki Moto?"]
["2023年","8月份","L0000033129","Vegetable Fresh Marrow\\西葫芦蔬菜","KG",1.5,6,9,"Kitchen-Specialty Kitchen?Smoki Moto?"]
["2023年","8月份","L0000024455","Oak Leaf Green\\绿橡叶生菜","KG",3,24,72,"Kitchen-Specialty Kitchen?Smoki Moto?"]
["2023年","8月份","L0000254742","Meat/Poultry/Pork Local/Pork Spare Rib Superior/优质猪排骨(肉厚)","KG",3.7,92,340.4,"Kitchen-Specialty Kitchen?Smoki Moto?"]
["2023年","8月份","L0000033215","Chicken Leg Whole Boneless\\去骨鸡腿肉","KG",6,26.8,160.8,"Kitchen-Specialty Kitchen?Smoki Moto?"]
["2023年","8月份","L0000445634","JT-eggs\\鸡蛋-\\KG","KG",4,14,56,"Kitchen-Specialty Kitchen?Smoki Moto?"]
["2023年","8月份","L0001800146","Wagyu brisket and belly国产\\和牛胸腹肉","KG",7.8,211.01,1645.88,"Kitchen-Specialty Kitchen?Smoki Moto?"]
["2023年","8月份","L0000123351","Beef Local\\The cowboy bone\\雪花牛肋骨\\KG","KG",10,233.94,2339.4,"Kitchen-Specialty Kitchen?Smoki Moto?"]
["2023年","8月份","L0002246833","Dragon Chinese pork belly\\龙大中方五花肉","KG",0,60.55,0,"Kitchen-Specialty Kitchen?Smoki Moto?"]
["2023年","8月份","L0000018880","Fuji Apple\\富士苹果","KG",3,12,36,"Kitchen-Specialty Kitchen?Smoki Moto?"]
["2023年","8月份","L0000018960","Local Seedless Watermelon\\本地无籽西瓜","KG",4.4,4.2,18.48,"Kitchen-Specialty Kitchen?Smoki Moto?"]
["2023年","8月份","L0000033189","Fruit Fresh Navel Orange\\脐橙","KG",3,10,30,"Kitchen-Specialty Kitchen?Smoki Moto?"]
["2023年","8月份","L0000018881","Local Giant Grape\\国产巨峰葡萄","KG",2,20,40,"Kitchen-Specialty Kitchen?Smoki Moto?"]
["2023年","8月份","L0000162206","Fruit Fresh Hami Melon\\哈密瓜\\kg","KG",6,4.8,28.8,"Kitchen-Specialty Kitchen?Smoki Moto?"]
["2023年","8月份","L0000022340","Scallop Live\\扇贝\\4-5pcs","KG",5,65,325,"Kitchen-Specialty Kitchen?Smoki Moto?"]
["2023年","8月份","L0000060953","Japanese large root\\日式大根","EA",2,9.8932,19.79,"Kitchen-Specialty Kitchen?Smoki Moto?"]
["2023年","8月份","L0000452198","Japanese natto\\燕京日本纳豆\\3*50G\\组","EA",1,18.5631,18.56,"Kitchen-Specialty Kitchen?Smoki Moto?"]
["2023年","8月份","L0002495195","Black cow lute leaf\\黑牛琵琶叶","KG",1.5,204,306,"Kitchen-Specialty Kitchen?Smoki Moto?"]
["2023年","8月份","L0002495204","Brisket cubes\\牛胸肉块","KG",2,104,208,"Kitchen-Specialty Kitchen?Smoki Moto?"]
["2023年","8月份","L0000929786","tuna in tine\\韩国淡味金枪鱼罐头\\150g/bag\\包","BAG",6,16.5,99,"Kitchen-Specialty Kitchen?Smoki Moto?"]
["2023年","8月份","L0000929798","cake powder\\韩国清净园饼粉\\1kg/bag\\包","BAG",6,29,174,"Kitchen-Specialty Kitchen?Smoki Moto?"]
["2023年","8月份","L0001719766","Crushed sesame nori\\芝麻海苔碎\\炒海苔\\海洋海苔\\125g/包","BAG",2,19,38,"Kitchen-Specialty Kitchen?Smoki Moto?"]
["2023年","8月份","L0001548409","Flour Mix\\Waffle mix\\查尔金米片年糕/500G/","BAG",0,9,0,"Kitchen-Specialty Kitchen?Smoki Moto?"]
["2023年","8月份","L0001076364","Food Dry Goods Rice / Grain / Cereal/Xiaohuozi Cheese Rice cake小伙子芝士年糕 500g/EA(南瓜、紫苏、原味、蛋黄、草莓)口味下单备注","EA",5,14.5,72.5,"Kitchen-Specialty Kitchen?Smoki Moto?"]
["2023年","8月份","L0001552654","Fish cake/釜山韩国鱼饼/包/400g","BAG",6,13.5,81,"Kitchen-Specialty Kitchen?Smoki Moto?"]
["2023年","8月份","L0001730292","Kumgang Spicy Cabbage\\金刚山辣白菜(20包起订)400g/包","BAG",14,12,168,"Kitchen-Specialty Kitchen?Smoki Moto?"]
["2023年","8月份","L0002317867","Chando Korean jjajang noodles\\灿道韩式炸酱面条1KG/包","BAG",0,22.3,0,"Kitchen-Specialty Kitchen?Smoki Moto?"]
["2023年","8月份","L0002508688","Birthday noodles\\生日面12片/袋","BAG",0,18.9,0,"Kitchen-Specialty Kitchen?Smoki Moto?"]
["2023年","8月份","L0002107436","Gold rib of ox\\金牌牛肋骨/Kg","KG",50,112,5600,"Kitchen-Banquet Kitchen"]
["2023年","8月份","L0000051434","Japanese Red Pumpkin\\日本红皮南瓜","KG",50,11,550,"Kitchen-Banquet Kitchen"]
["2023年","8月份","L0001514997","Shuoji blinds\\硕集百叶","KG",1.5,14,21,"Kitchen-Chinese Kitchen?Man Ho?"]
["2023年","8月份","L0000103475","Within the progenitor of lipid box of tofu\\祖名内脂盒豆腐\\410/bx","BX",4,1.6,6.4,"Kitchen-Chinese Kitchen?Man Ho?"]
["2023年","8月份","L0001514998","Xiaomo tofu\\小磨豆腐","KG",1.5,7.4,11.1,"Kitchen-Chinese Kitchen?Man Ho?"]
["2023年","8月份","L0000363373","Corn\\水果玉米","KG",1.5,10,15,"Kitchen-Chinese Kitchen?Man Ho?"]
["2023年","8月份","L0000051434","Japanese Red Pumpkin\\日本红皮南瓜","KG",2,11,22,"Kitchen-Chinese Kitchen?Man Ho?"]
["2023年","8月份","L0000033151","Vegetable Fresh Wild Rice Stem\\茭白","KG",2,16,32,"Kitchen-Chinese Kitchen?Man Ho?"]
["2023年","8月份","L0000051422","Spinach/菠菜/Kg","KG",2.5,13,32.5,"Kitchen-Chinese Kitchen?Man Ho?"]
["2023年","8月份","L0000019253","Needle Mushroom\\金针菇","KG",1,10,10,"Kitchen-Chinese Kitchen?Man Ho?"]
["2023年","8月份","L0000019343","White Jade Mushroom\\白玉菇","KG",1,16,16,"Kitchen-Chinese Kitchen?Man Ho?"]
["2023年","8月份","L0000019102","Cabbage White Small\\小白菜","KG",2,16,32,"Kitchen-Chinese Kitchen?Man Ho?"]
["2023年","8月份","L0000019174","Garlic Peeled\\蒜肉","KG",2.7,12,32.4,"Kitchen-Chinese Kitchen?Man Ho?"]
["2023年","8月份","L0000024421","Veg Chinese Yam\\山药","KG",2,15,30,"Kitchen-Chinese Kitchen?Man Ho?"]
["2023年","8月份","L0000024431","Veg. Angled Luffa Gd\\广东丝瓜","KG",2,18,36,"Kitchen-Chinese Kitchen?Man Ho?"]
["2023年","8月份","L0000074276","Vegetable Fresh\\local fine Long eggplant \\本地细长茄","KG",2,15,30,"Kitchen-Chinese Kitchen?Man Ho?"]
["2023年","8月份","L0000017690","Rice Noodle\\河粉","KG",2,9,18,"Kitchen-Chinese Kitchen?Man Ho?"]
["2023年","8月份","L0000019104","Baby Carrot Fingerling \\手指胡萝卜","KG",0.5,22,11,"Kitchen-Chinese Kitchen?Man Ho?"]
["2023年","8月份","L0000019109","Celery Process\\加工西芹","KG",2,16,32,"Kitchen-Chinese Kitchen?Man Ho?"]
["2023年","8月份","L0000811473","Fresh wild portobello/鲜老人头菌/KG","KG",0,390,0,"Kitchen-Chinese Kitchen?Man Ho?"]
["2023年","8月份","L0000287774","火红苗/食用","BX",0,15,0,"Kitchen-Chinese Kitchen?Man Ho?"]
["2023年","8月份","L0001334080","Stripe radish\\条纹萝卜","KG",0.5,36,18,"Kitchen-Chinese Kitchen?Man Ho?"]
["2023年","8月份","L0000281463","Endive苦菊 kg","KG",1,16,16,"Kitchen-Chinese Kitchen?Man Ho?"]
["2023年","8月份","L0000122723","Alkaline noodle碱面条","KG",4,8,32,"Kitchen-Chinese Kitchen?Man Ho?"]
["2023年","8月份","L0000076626","Sun Chrysanthemum Petals\\太阳菊花瓣\\20g\\盒","BX",2,20,40,"Kitchen-Chinese Kitchen?Man Ho?"]
["2023年","8月份","L0000037211","Vegetable Fresh Brussel Sprouts For Local \\本地孢子甘蓝","KG",1,37,37,"Kitchen-Chinese Kitchen?Man Ho?"]
["2023年","8月份","L0000033129","Vegetable Fresh Marrow\\西葫芦蔬菜","KG",1,6,6,"Kitchen-Chinese Kitchen?Man Ho?"]
["2023年","8月份","L0000033116","Vegetable Fresh Bean Sprout Big\\银芽 去头去尾","KG",0.5,12,6,"Kitchen-Chinese Kitchen?Man Ho?"]
["2023年","8月份","L0000033107","Vegetable Fresh Baby Vegetable\\娃娃菜","EA",3,6,18,"Kitchen-Chinese Kitchen?Man Ho?"]
["2023年","8月份","L0000024567","Chinese Yam\\铁棍山药","KG",1,19,19,"Kitchen-Chinese Kitchen?Man Ho?"]
["2023年","8月份","L0000024524","Bean Sprout\\去根黄豆芽","KG",1,12,12,"Kitchen-Chinese Kitchen?Man Ho?"]
["2023年","8月份","L0000019161","Fresh Matsutake Mushrooml.M Size\\新鲜松茸","KG",0.5,60,30,"Kitchen-Chinese Kitchen?Man Ho?"]
["2023年","8月份","L0000019258","Onion Red Peeled\\去皮红洋葱","KG",2,7,14,"Kitchen-Chinese Kitchen?Man Ho?"]
["2023年","8月份","L0000019319","Taro\\香芋","KG",2,16,32,"Kitchen-Chinese Kitchen?Man Ho?"]
["2023年","8月份","L0000024468","Asparagus Green\\芦笋绿","KG",0.8,30,24,"Kitchen-Chinese Kitchen?Man Ho?"]
["2023年","8月份","L0000024486","Greens Choisum Canton\\广东菜心","KG",4,14,56,"Kitchen-Chinese Kitchen?Man Ho?"]
["2023年","8月份","L0000033252","Pork Local Tongue\\猪舌(去根)","KG",0,68,0,"Kitchen-Chinese Kitchen?Man Ho?"]
["2023年","8月份","L0000051546","Fresh Chicken Feet\\鲜鸡脚","KG",3,46,138,"Kitchen-Chinese Kitchen?Man Ho?"]
["2023年","8月份","L0000023614","Pigeon\\乳鸽\\300G","EA",15,28,420,"Kitchen-Chinese Kitchen?Man Ho?"]
["2023年","8月份","L0000018658","Chicken Old\\老鸡2kg","KG",3,40,120,"Kitchen-Chinese Kitchen?Man Ho?"]
["2023年","8月份","L0000023614","Pigeon\\乳鸽\\300G","EA",10,28,280,"Kitchen-Chinese Kitchen?Man Ho?"]
["2023年","8月份","L0000018536","Lamb Lamb Leg Without Bone\\无骨羊腿","KG",2,120,240,"Kitchen-Chinese Kitchen?Man Ho?"]
["2023年","8月份","L0001135154","Cherry ducks\\樱桃鸭\\1.5-2.0KG","KG",4,22.8,91.2,"Kitchen-Chinese Kitchen?Man Ho?"]
["2023年","8月份","L0001709053","Local quality hens (cleaned)\\本地优母鸡（净膛）","KG",1.3,39,50.7,"Kitchen-Chinese Kitchen?Man Ho?"]
["2023年","8月份","L0000033201","Beef Local Jiqian Tripe\\金钱肚","KG",2,132,264,"Kitchen-Chinese Kitchen?Man Ho?"]
["2023年","8月份","L0000445634","JT-eggs\\鸡蛋-\\KG","KG",6,14,84,"Kitchen-Chinese Kitchen?Man Ho?"]
["2023年","8月份","L0000018960","Local Seedless Watermelon\\本地无籽西瓜","KG",10,4.2,42,"Kitchen-Chinese Kitchen?Man Ho?"]
["2023年","8月份","L0000018936","Papaya Hawaii\\国产夏威夷木瓜","KG",1.5,12,18,"Kitchen-Chinese Kitchen?Man Ho?"]
["2023年","8月份","L0000033189","Fruit Fresh Navel Orange\\脐橙","KG",8,10,80,"Kitchen-Chinese Kitchen?Man Ho?"]
["2023年","8月份","L0001525502","Pineapple / lead/凤梨/带头","KG",2,11.5,23,"Kitchen-Chinese Kitchen?Man Ho?"]
["2023年","8月份","L0001647196","The sun rose\\阳光玫瑰\\大果/KG","KG",1,36,36,"Kitchen-Chinese Kitchen?Man Ho?"]
["2023年","8月份","L0000034156","Fruit Fresh Kiwi Gold\\猕猴桃(金果)","KG",1,58,58,"Kitchen-Chinese Kitchen?Man Ho?"]
["2023年","8月份","L0000033184","Fruit Fresh Dajin Mango\\大金芒果","KG",2,18,36,"Kitchen-Chinese Kitchen?Man Ho?"]
["2023年","8月份","L0000164202","Frozen small yellow croaker washed\\冰冻小黄鱼洗净","KG",3,50,150,"Kitchen-Chinese Kitchen?Man Ho?"]
["2023年","8月份","L0000020877","River Prawn\\河虾","KG",0.5,250,125,"Kitchen-Chinese Kitchen?Man Ho?"]
["2023年","8月份","L0000019472","Fresh Squid Large\\大鲜鱿\\200-250g","KG",2,90,180,"Kitchen-Chinese Kitchen?Man Ho?"]
["2023年","8月份","L0001551669","Prawn prawn/竹节大明虾8头","KG",2,115,230,"Kitchen-Chinese Kitchen?Man Ho?"]
["2023年","8月份","L0001748976","Raw frozen black tiger prawns\\3头生冻黑虎虾\\6只/盒","BX",3,145,435,"Kitchen-Chinese Kitchen?Man Ho?"]
["2023年","8月份","L0000552091","crawfish淡水小龙虾8钱","KG",1,100,100,"Kitchen-Chinese Kitchen?Man Ho?"]
["2023年","8月份","L0000024173","Dry Plum Candy\\话梅(称重)","KG",2,23,46,"Kitchen-Pastry"]
["2023年","8月份","L0002475890","Black sesame potato\\黑芝麻麻薯240g/包","BAG",10,14,140,"Kitchen-Pastry"]
["2023年","8月份","L0002475879","Lime Swiss roll\\青柠瑞士卷609g/盒","BX",2,69,138,"Kitchen-Pastry"]
["2023年","8月份","L0000017572","Walnut Meat With Shell\\本地有衣核桃肉","KG",2,49.56,99.12,"Kitchen-Pastry"]
["2023年","8月份","L0001531101","Florimont cream\\稀奶油\\法仕睿\\1L/盒","BX",24,43,1032,"Kitchen-Pastry"]
["2023年","8月份","L0001671543","Flavoured Pork floss no. 2\\美偲佳原味2号肉松2.5KG/包","BAG",2,138,276,"Kitchen-Pastry"]
["2023年","8月份","L0002397506","Water chestnut popping boba\\粉色马蹄爆爆珠\\广禧\\850g/瓶","CAN",2,27,54,"Kitchen-Pastry"]
["2023年","8月份","L0002397512","Red bean popping boba\\红豆味爆爆珠\\广禧\\900g/瓶","CAN",2,27,54,"Kitchen-Pastry"]
["2023年","8月份","L0001525463","Mengniu pure milk / 1L 6 boxes / box/蒙牛纯牛奶/1L 6盒/箱","CS",10,47.34,473.4,"Kitchen-Western Kitchen?Yancheng Kitchen?"]
["2023年","8月份","L0000534756","Staff Canteen Bean Curd\\薄千张\\KG","KG",2,14,28,"Kitchen-Western Kitchen?Yancheng Kitchen?"]
["2023年","8月份","L0000024543","Firm Tofu\\老豆腐","EA",6,2.5,15,"Kitchen-Western Kitchen?Yancheng Kitchen?"]
["2023年","8月份","L0000024548","Fresh Shiitake Mushrooms/鲜香菇/Kg","KG",1,19,19,"Kitchen-Western Kitchen?Yancheng Kitchen?"]
["2023年","8月份","L0000024552","Cuke\\日本小黄瓜","KG",2,14,28,"Kitchen-Western Kitchen?Yancheng Kitchen?"]
["2023年","8月份","L0000033103","Vegetable Fresh Carrot\\胡萝卜","KG",5,5,25,"Kitchen-Western Kitchen?Yancheng Kitchen?"]
["2023年","8月份","L0000033114","Vegetable Fresh Potato Sweet\\红薯","KG",10,5.5,55,"Kitchen-Western Kitchen?Yancheng Kitchen?"]
["2023年","8月份","L0000400651","Vegetable Fresh/红叶生菜","KG",2,33,66,"Kitchen-Western Kitchen?Yancheng Kitchen?"]
["2023年","8月份","L0000019253","Needle Mushroom\\金针菇","KG",5,10,50,"Kitchen-Western Kitchen?Yancheng Kitchen?"]
["2023年","8月份","L0000019219","Local Lettuce\\本地生菜","KG",8,9,72,"Kitchen-Western Kitchen?Yancheng Kitchen?"]
["2023年","8月份","L0000019273","Ping mushroom\\平菇","KG",2,15,30,"Kitchen-Western Kitchen?Yancheng Kitchen?"]
["2023年","8月份","L0000024481","Coriander\\香菜","KG",2,17,34,"Kitchen-Western Kitchen?Yancheng Kitchen?"]
["2023年","8月份","L0000024482","Cucumber\\黄瓜","KG",1,6,6,"Kitchen-Western Kitchen?Yancheng Kitchen?"]
["2023年","8月份","L0000024487","Onion Red\\红洋葱","KG",3,4,12,"Kitchen-Western Kitchen?Yancheng Kitchen?"]
["2023年","8月份","L0000024488","Onion Spring\\小葱","KG",4,12,48,"Kitchen-Western Kitchen?Yancheng Kitchen?"]
["2023年","8月份","L0000024526","Potato Baby\\土豆","KG",3,6,18,"Kitchen-Western Kitchen?Yancheng Kitchen?"]
["2023年","8月份","L0000024532","Chili Red/红尖椒/Kg","KG",2,16,32,"Kitchen-Western Kitchen?Yancheng Kitchen?"]
["2023年","8月份","L0000033106","Vegetable Fresh Corn Stick\\鲜玉米棒","KG",10,9,90,"Kitchen-Western Kitchen?Yancheng Kitchen?"]
["2023年","8月份","L0000033111","Vegetable Fresh Cabbage Shanghai\\上海青 只留菜心部分","KG",8,8,64,"Kitchen-Western Kitchen?Yancheng Kitchen?"]
["2023年","8月份","L0000037950","Fruit Fresh Gumbo \\秋葵","KG",0.5,24,12,"Kitchen-Western Kitchen?Yancheng Kitchen?"]
["2023年","8月份","L0000019091","Bottle Gourd\\葫芦瓜","KG",3,10,30,"Kitchen-Western Kitchen?Yancheng Kitchen?"]
["2023年","8月份","L0000019109","Celery Process\\加工西芹","KG",2,16,32,"Kitchen-Western Kitchen?Yancheng Kitchen?"]
["2023年","8月份","L0001525509","Guilin Rice noodles/桂林米粉","KG",5,10,50,"Kitchen-Western Kitchen?Yancheng Kitchen?"]
["2023年","8月份","L0000418693","Dianxin Dianxin 本地小馄饨皮1kg","KG",1,7,7,"Kitchen-Western Kitchen?Yancheng Kitchen?"]
["2023年","8月份","L0000281463","Endive苦菊 kg","KG",2,16,32,"Kitchen-Western Kitchen?Yancheng Kitchen?"]
["2023年","8月份","L0000105415","Vegetable Fresh\\Egg Noodle\\鸡蛋面","KG",5,10,50,"Kitchen-Western Kitchen?Yancheng Kitchen?"]
["2023年","8月份","L0000040060","Vegetable Fresh Local Romaine \\本地罗马生菜","KG",1,32,32,"Kitchen-Western Kitchen?Yancheng Kitchen?"]
["2023年","8月份","L0000034896","Vegetable Fresh Abalone Mushrooms \\杏鲍菇","KG",10,14,140,"Kitchen-Western Kitchen?Yancheng Kitchen?"]
["2023年","8月份","L0000033145","Vegetable Fresh Garlic Sprout\\蒜苔 去尾 去头","KG",3,16,48,"Kitchen-Western Kitchen?Yancheng Kitchen?"]
["2023年","8月份","L0000019119","Chilli Green\\青尖椒","KG",2,10,20,"Kitchen-Western Kitchen?Yancheng Kitchen?"]
["2023年","8月份","L0000019224","Lotus Root Peeled\\莲藕洗净","KG",3,14,42,"Kitchen-Western Kitchen?Yancheng Kitchen?"]
["2023年","8月份","L0000024443","Hand Tooled Noodle\\手工面","KG",10,8,80,"Kitchen-Western Kitchen?Yancheng Kitchen?"]
["2023年","8月份","L0000024463","Rice Cake Stripped\\手指年糕","BAG",8,8,64,"Kitchen-Western Kitchen?Yancheng Kitchen?"]
["2023年","8月份","L0000024473","Broccoli Green\\去根西兰花","KG",3,16,48,"Kitchen-Western Kitchen?Yancheng Kitchen?"]
["2023年","8月份","L0000024544","Smoked Bean Curd\\香干","KG",0.5,13,6.5,"Kitchen-Western Kitchen?Yancheng Kitchen?"]
["2023年","8月份","L0000024567","Chinese Yam\\铁棍山药","KG",3,19,57,"Kitchen-Western Kitchen?Yancheng Kitchen?"]
["2023年","8月份","L0000033097","Vegetable Fresh Radicchio White\\卷心菜(白)\\DIA14cm","KG",3,5,15,"Kitchen-Western Kitchen?Yancheng Kitchen?"]
["2023年","8月份","L0000033120","Vegetable Fresh Bean Green Long\\长豆角","KG",3,9.8,29.4,"Kitchen-Western Kitchen?Yancheng Kitchen?"]
["2023年","8月份","L0000033131","Vegetable Fresh Local Celery\\芹菜(本地)","KG",2,10,20,"Kitchen-Western Kitchen?Yancheng Kitchen?"]
["2023年","8月份","L0000018611","German Salt Trotter Fore \\德国咸猪手","KG",10,47,470,"Kitchen-Western Kitchen?Yancheng Kitchen?"]
["2023年","8月份","L0002105596","The roast duck/烤鸭约4-5斤/只","EA",3,65,195,"Kitchen-Western Kitchen?Yancheng Kitchen?"]
["2023年","8月份","L0000039719","Pork Local Frozen Pork Ribs \\冻猪肋排骨","KG",7,65,455,"Kitchen-Western Kitchen?Yancheng Kitchen?"]
["2023年","8月份","L0000023681","Pork Meat\\肉片","KG",2,38,76,"Kitchen-Western Kitchen?Yancheng Kitchen?"]
["2023年","8月份","L0000023646","Pork with skin\\带皮五花肉","KG",15,36,540,"Kitchen-Western Kitchen?Yancheng Kitchen?"]
["2023年","8月份","L0000018727","Frozen Duck Breast\\冻鸭胸","KG",3,22,66,"Kitchen-Western Kitchen?Yancheng Kitchen?"]
["2023年","8月份","L0000018536","Lamb Lamb Leg Without Bone\\无骨羊腿","KG",4,120,480,"Kitchen-Western Kitchen?Yancheng Kitchen?"]
["2023年","8月份","L0000023723","Duck\\白条鸭","KG",5,24.8,124,"Kitchen-Western Kitchen?Yancheng Kitchen?"]
["2023年","8月份","L0000445634","JT-eggs\\鸡蛋-\\KG","KG",40,14,560,"Kitchen-Western Kitchen?Yancheng Kitchen?"]
["2023年","8月份","L0000018880","Fuji Apple\\富士苹果","KG",20,12,240,"Kitchen-Western Kitchen?Yancheng Kitchen?"]
["2023年","8月份","L0000037213","Fruit Fresh Small Mango \\小台芒","KG",3,11,33,"Kitchen-Western Kitchen?Yancheng Kitchen?"]
["2023年","8月份","L0000036710","Fruit Fresh Grape Red Local \\国产红提","KG",1,18,18,"Kitchen-Western Kitchen?Yancheng Kitchen?"]
["2023年","8月份","L0000162206","Fruit Fresh Hami Melon\\哈密瓜\\kg","KG",50,4.8,240,"Kitchen-Western Kitchen?Yancheng Kitchen?"]
["2023年","8月份","L0000033170","Fruit Fresh Nectarine\\油桃","KG",30,12,360,"Kitchen-Western Kitchen?Yancheng Kitchen?"]
["2023年","8月份","L0000018960","Local Seedless Watermelon\\本地无籽西瓜","KG",77,4.2,323.4,"Kitchen-Western Kitchen?Yancheng Kitchen?"]
["2023年","8月份","L0000034347","Herbs Fresh Blueberries\\蓝莓\\125 gr/bx","EA",1,9.5,9.5,"Kitchen-Western Kitchen?Yancheng Kitchen?"]
["2023年","8月份","L0000033182","Fruit Fresh Coconut\\青椰子(去壳)","EA",108,9.5,1026,"Kitchen-Western Kitchen?Yancheng Kitchen?"]
["2023年","8月份","L0000449351","Honey melon Fresh 香瓜（玉菇瓜）","KG",20,6.4,128,"Kitchen-Western Kitchen?Yancheng Kitchen?"]
["2023年","8月份","L0000524458","Millennium tomato\\千禧小番茄","KG",3,12,36,"Kitchen-Western Kitchen?Yancheng Kitchen?"]
["2023年","8月份","L0001647201","The sun rose\\阳光玫瑰\\小果/KG","KG",3,30,90,"Kitchen-Western Kitchen?Yancheng Kitchen?"]
["2023年","8月份","L0000051509","Banana Import\\进口香蕉","KG",20,9.6,192,"Kitchen-Western Kitchen?Yancheng Kitchen?"]
["2023年","8月份","L0000018874","Dragon Fruit\\白肉火龙果","KG",15,8.4,126,"Kitchen-Western Kitchen?Yancheng Kitchen?"]
["2023年","8月份","L0000033180","Fruit Fresh Lemon\\柠檬","KG",2,12.6,25.2,"Kitchen-Western Kitchen?Yancheng Kitchen?"]
["2023年","8月份","L0001978475","集采 Frozen Seafood Precooked Boston Lobster/熟冻波士顿龙虾 加拿大 300-350G/EA 净重收货","KG",18.16,170,3087.2,"Kitchen-Western Kitchen?Yancheng Kitchen?"]
["2023年","8月份","L0000223282","Escargot\\田螺","KG",4,10,40,"Kitchen-Western Kitchen?Yancheng Kitchen?"]
["2023年","8月份","L0000164202","Frozen small yellow croaker washed\\冰冻小黄鱼洗净","KG",4.3,50,215,"Kitchen-Western Kitchen?Yancheng Kitchen?"]
["2023年","8月份","L0000075915","Shellfish Fresh Clam \\白蛤（无沙）","KG",1.5,20,30,"Kitchen-Western Kitchen?Yancheng Kitchen?"]
["2023年","8月份","L0000075129","Clam 无沙花蛤","KG",1.5,20,30,"Kitchen-Western Kitchen?Yancheng Kitchen?"]
["2023年","8月份","L0002358513","Freshwater crayfish\\淡水小龙虾67钱","KG",5,55,275,"Kitchen-Western Kitchen?Yancheng Kitchen?"]
["2023年","8月份","L0002358507","Freshwater crayfish\\淡水小龙虾45钱","KG",40,43,1720,"Kitchen-Western Kitchen?Yancheng Kitchen?"]
["2023年","8月份","L0001791624","Red crab\\冻红花蟹200-300G\\出成75%/KG","KG",5,95,475,"Kitchen-Western Kitchen?Yancheng Kitchen?"]
["2023年","8月份","L0001514960","Seafood\\Small pomfret\\冰冻小鲳鱼100g-120g/条","KG",5,42,210,"Kitchen-Western Kitchen?Yancheng Kitchen?"]
["2023年","8月份","L0000513900","osmerus mordax yellow seed\\龙泽西鳞鱼籽（黄）\\900g","BAG",2,72,144,"Kitchen-Western Kitchen?Yancheng Kitchen?"]
["2023年","8月份","L0000513899","osmerus mordax red seed\\龙泽西鳞鱼籽(红)\\900g","BAG",2,72,144,"Kitchen-Western Kitchen?Yancheng Kitchen?"]
["2023年","8月份","L0000038698","Shellfish Fresh Big Size Clam \\大文蛤","KG",12,35,420,"Kitchen-Western Kitchen?Yancheng Kitchen?"]
["2023年","8月份","L0002331836","chilled salmon fillet\\集采冰鲜三文鱼柳","KG",9.8,152,1489.6,"Kitchen-Western Kitchen?Yancheng Kitchen?"]
["2023年","8月份","L0001525514","Frozen oysters / the price is about 3.5-4 yuan/冰冻生蚝/需要价格在3.5-4元左右一个","CS",3,255,765,"Kitchen-Western Kitchen?Yancheng Kitchen?"]
["2023年","8月份","L0001551656","Emerald snail/翡翠螺","KG",10,65,650,"Kitchen-Western Kitchen?Yancheng Kitchen?"]
["2023年","8月份","L0002441523","Boston lobster\\活波士顿龙虾350-400g/只","EA",10,98,980,"Kitchen-Western Kitchen?Yancheng Kitchen?"]
["2023年","8月份","L0000019718","Razor Clam\\蛏子","KG",1.5,35,52.5,"Kitchen-Western Kitchen?Yancheng Kitchen?"]
["2023年","8月份","L0000033359","Shellfish Fresh Jiwei\\基围虾 小\\50pcs","KG",15,65,975,"Kitchen-Western Kitchen?Yancheng Kitchen?"]
["2023年","8月份","L0000033394","Fish Fresh Bull Fog牛蛙活(大)","KG",5,35,175,"Kitchen-Western Kitchen?Yancheng Kitchen?"]
["2023年","8月份","L0002441523","Boston lobster\\活波士顿龙虾350-400g/只","EA",10,98,980,"Kitchen-Western Kitchen?Yancheng Kitchen?"]
["2023年","8月份","L0002232900","Lamb leg with bone\\LAMB带骨羔羊腿","KG",10,78,780,"Kitchen-Western Kitchen?Yancheng Kitchen?"]
["2023年","8月份","L0001759745","Dilmah Tea\\迪尔玛摩洛哥薄荷绿茶包\\100包*盒/12盒/箱\\CS","CS",1,792.66,792.66,"Banquets"]
["2023年","8月份","L0001720586","Dilmah Tea\\迪尔玛伯爵红茶包\\50包*盒/4盒/箱\\CS","CS",2,385.32,770.64,"Banquets"]
["2023年","8月份","L0001720598","Dilmah Tea\\迪尔玛蜜桃味红茶包\\50包*盒/4盒/箱\\CS","CS",1,385.32,385.32,"Outlet-Smoki Moto"]
["2023年","8月份","L0000023993","EDR-Dried Beancurd Sheet\\豆腐干片-员餐","KG",10,8.4,84,"Staff Dining"]
["2023年","8月份","L0000391127","员餐/EDR\\DryFood\\Tofu\\板豆腐","EA",1,20,20,"Staff Dining"]
["2023年","8月份","L0000019391","EDR-Garlic Peeled\\大蒜去衣-员餐","KG",4,11,44,"Staff Dining"]
["2023年","8月份","L0000189103","EDR-Vegetable Fresh Abalone Mushrooms \\杏鲍菇(员工）","KG",8,12,96,"Staff Dining"]
["2023年","8月份","L0000278406","EDR- green chili\\绿杭椒—员餐","KG",3,15.8,47.4,"Staff Dining"]
["2023年","8月份","L0000190149","EDR-Shiitake Mushrooms\\鲜香菇（员工餐厅）","KG",3,15.8,47.4,"Staff Dining"]
["2023年","8月份","L0000035398","Vegetable Fresh EDR-Corn\\玉米棒切节-员餐","KG",12,9.8,117.6,"Staff Dining"]
["2023年","8月份","L0000019386","EDR-Chinese Cabbage\\大白菜-员餐","KG",20,5,100,"Staff Dining"]
["2023年","8月份","L0000019376","EDR-Asparagus Lettuce Peeled\\莴笋去皮-员餐","KG",16,16,256,"Staff Dining"]
["2023年","8月份","L0000017747","EDR-Fried Noodle\\炒面-员餐","KG",10,7,70,"Staff Dining"]
["2023年","8月份","L0000019402","EDR-Cherry Tomato\\樱桃番茄-员餐","KG",6,14,84,"Staff Dining"]
["2023年","8月份","L0001527363","Yellow pancake/黄烧饼","EA",40,2.5,100,"Staff Dining"]
["2023年","8月份","L0000434835","EDR\\Shelley\\雪菜\\(员工)\\kg","KG",20,5,100,"Staff Dining"]
["2023年","8月份","L0000023937","EDR-Green Vegetable\\青菜-员餐","KG",15,6,90,"Staff Dining"]
["2023年","8月份","L0000024023","EDR-Pork\\里脊肉-员餐","KG",5,42,210,"Staff Dining"]
["2023年","8月份","L0000087035","EDR\\Duck leg\\鸭腿-员餐","KG",30,21,630,"Staff Dining"]
["2023年","8月份","L0000087012","EDR\\Drumsticks\\琵琶腿-员餐","KG",26,24.8,644.8,"Staff Dining"]
["2023年","8月份","L0000023883","EDR-Water Melon/Seedless 无籽西瓜-员餐","KG",85,4.2,357,"Staff Dining"]
["2023年","8月份","L0000578587","EDR-Powder Plum/酸梅粉1kg/Bag-员餐","BAG",10,14.2,142,"Staff Dining"]
["2023年","8月份","L0000496599","EDR-Laver\\紫菜-100G\\PK","PK",5,5,25,"Staff Dining"]
["2023年","8月份","L0002047809","Green spray volume/安井葱油花卷1KG\\包-员餐","BAG",10,16.5,165,"Staff Dining"]
["2023年","8月份","L0001523304","ERD/Mixed pickles/员餐/什锦酱菜","KG",4.5,12.8,57.6,"Staff Dining"]
["2023年","8月份","L0000832308","staff canteen food\\EDR Pickle silk \\员工餐 榨菜丝-5KG\\CS\\CS","CS",1,66,66,"Staff Dining"]
["2023年","8月份","L0002047799","Large pieces of fermented bean curd\\王致和大块腐乳340g/瓶-员餐","BTL",5,9,45,"Staff Dining"]
["2023年","8月份","L0000087466","EDR\\Taobihua old dopted mother\\陶华碧老干妈-员餐","BTL",15,9.5,142.5,"Staff Dining"]
["2023年","8月份","L0000087679","EDR\\Hotpot paste Dachongqing\\三五火锅料大重庆-员餐\\300g","BAG",10,12,120,"Staff Dining"]
["2023年","8月份","L0000312197","EDR\\McCormick Pepper White Powder\\味好美白胡椒粉\\510g（员餐）","CAN",2,135,270,"Staff Dining"]
["2023年","8月份","L0001523282","ERD/Spicy girl / 920g / 1 * 12/员餐/辣妹子/920g/1*12","CS",1,240,240,"Staff Dining"]
["2023年","8月份","L0001531064","Tuna oil/10L*2/non transgenic/金龙鱼油/10L*2/非转基因","CS",2,270,540,"Kitchen-Chinese Kitchen?Man Ho?"]
["2023年","8月份","L0000087071","Vegetable Fresh\\Celtuce peeled\\去皮莴笋","KG",1.5,15,22.5,"Kitchen-Chinese Kitchen?Man Ho?"]
["2023年","8月份","L0000024421","Veg Chinese Yam\\山药","KG",1.5,15,22.5,"Kitchen-Chinese Kitchen?Man Ho?"]
["2023年","8月份","L0000019343","White Jade Mushroom\\白玉菇","KG",1,16,16,"Kitchen-Chinese Kitchen?Man Ho?"]
["2023年","8月份","L0000024488","Onion Spring\\小葱","KG",1.5,12,18,"Kitchen-Chinese Kitchen?Man Ho?"]
["2023年","8月份","L0000024481","Coriander\\香菜","KG",0.5,17,8.5,"Kitchen-Chinese Kitchen?Man Ho?"]
["2023年","8月份","L0000103452","Cherry tomatoes (yellow)\\圣女果(黄）/kg","KG",1,24,24,"Kitchen-Chinese Kitchen?Man Ho?"]
["2023年","8月份","L0000087075","Vegetable Fresh\\Chili red\\红杭椒","KG",1,23,23,"Kitchen-Chinese Kitchen?Man Ho?"]
["2023年","8月份","L0000019085","Local Bell Pepper Yellow\\本地黄圆椒","KG",0.5,29,14.5,"Kitchen-Chinese Kitchen?Man Ho?"]
["2023年","8月份","L0000033103","Vegetable Fresh Carrot\\胡萝卜","KG",2,5,10,"Kitchen-Chinese Kitchen?Man Ho?"]
["2023年","8月份","L0000051422","Spinach/菠菜/Kg","KG",3,13,39,"Kitchen-Chinese Kitchen?Man Ho?"]
["2023年","8月份","L0000163638","Vegetable Fresh Fresh Termitomyces Albuminosus\\新鲜鸡枞菌","KG",0.5,68,34,"Kitchen-Chinese Kitchen?Man Ho?"]
["2023年","8月份","L0000363373","Corn\\水果玉米","KG",1.5,10,15,"Kitchen-Chinese Kitchen?Man Ho?"]
["2023年","8月份","L0000033116","Vegetable Fresh Bean Sprout Big\\银芽 去头去尾","KG",0.5,12,6,"Kitchen-Chinese Kitchen?Man Ho?"]
["2023年","8月份","L0000033115","Vegetable Fresh Chive Shoots\\韭黄","KG",0.5,18,9,"Kitchen-Chinese Kitchen?Man Ho?"]
["2023年","8月份","L0000033107","Vegetable Fresh Baby Vegetable\\娃娃菜","EA",3,6,18,"Kitchen-Chinese Kitchen?Man Ho?"]
["2023年","8月份","L0000024524","Bean Sprout\\去根黄豆芽","KG",1,12,12,"Kitchen-Chinese Kitchen?Man Ho?"]
["2023年","8月份","L0000024473","Broccoli Green\\去根西兰花","KG",2,16,32,"Kitchen-Chinese Kitchen?Man Ho?"]
["2023年","8月份","L0000024414","Chili Green Hang Jiao\\绿杭椒","KG",1,15.6,15.6,"Kitchen-Chinese Kitchen?Man Ho?"]
["2023年","8月份","L0000019258","Onion Red Peeled\\去皮红洋葱","KG",2,7,14,"Kitchen-Chinese Kitchen?Man Ho?"]
["2023年","8月份","L0000019109","Celery Process\\加工西芹","KG",2,16,32,"Kitchen-Chinese Kitchen?Man Ho?"]
["2023年","8月份","L0000019104","Baby Carrot Fingerling \\手指胡萝卜","KG",0.5,22,11,"Kitchen-Chinese Kitchen?Man Ho?"]
["2023年","8月份","L0000017690","Rice Noodle\\河粉","KG",2,9,18,"Kitchen-Chinese Kitchen?Man Ho?"]
["2023年","8月份","L0000019046","Raddish Dried\\萝卜干","KG",0,16,0,"Kitchen-Chinese Kitchen?Man Ho?"]
["2023年","8月份","L0001334080","Stripe radish\\条纹萝卜","KG",1,36,36,"Kitchen-Chinese Kitchen?Man Ho?"]
["2023年","8月份","L0000984058","Food Produce\\Boletus\\鲜牛肝菌\\KG","KG",0.5,268,134,"Kitchen-Chinese Kitchen?Man Ho?"]
["2023年","8月份","L0000935932","Vegetable Fresh/cucumber/玉女瓜/KG","KG",1.5,30,45,"Kitchen-Chinese Kitchen?Man Ho?"]
["2023年","8月份","L0000904803","Vegetable\\Fresh Mushroom \\鲜口蘑\\kg","KG",0.5,20,10,"Kitchen-Chinese Kitchen?Man Ho?"]
["2023年","8月份","L0000889637","Vegetable Fresh/Parsley miao/香菜苗/30g*盒/盒","BX",2,12,24,"Kitchen-Chinese Kitchen?Man Ho?"]
["2023年","8月份","L0000281463","Endive苦菊 kg","KG",1,16,16,"Kitchen-Chinese Kitchen?Man Ho?"]
["2023年","8月份","L0000184373","Douban\\新鲜豆瓣","KG",0.5,36,18,"Kitchen-Chinese Kitchen?Man Ho?"]
["2023年","8月份","L0000152477","Vegetable Fresh-粉葛（精选）","KG",2,30,60,"Kitchen-Chinese Kitchen?Man Ho?"]
["2023年","8月份","L0000122723","Alkaline noodle碱面条","KG",3,8,24,"Kitchen-Chinese Kitchen?Man Ho?"]
["2023年","8月份","L0000076626","Sun Chrysanthemum Petals\\太阳菊花瓣\\20g\\盒","BX",1,20,20,"Kitchen-Chinese Kitchen?Man Ho?"]
["2023年","8月份","L0000033129","Vegetable Fresh Marrow\\西葫芦蔬菜","KG",2,6,12,"Kitchen-Chinese Kitchen?Man Ho?"]
["2023年","8月份","L0000037211","Vegetable Fresh Brussel Sprouts For Local \\本地孢子甘蓝","KG",1,37,37,"Kitchen-Chinese Kitchen?Man Ho?"]
["2023年","8月份","L0000037834","Vegetable Fresh Vegetable Chufa Peeled\\马蹄(去皮)","KG",0.5,30,15,"Kitchen-Chinese Kitchen?Man Ho?"]
["2023年","8月份","L0002508628","Australian pure blood wagyu Snowflake beef core\\澳洲纯血和牛雪花牛霖肉芯","KG",7,87.16,610.12,"Kitchen-Chinese Kitchen?Man Ho?"]
["2023年","8月份","L0001956062","Boneless Angus rib scapulae\\去骨安格斯牛肩胛小排","KG",5.9,220.1835,1299.08,"Kitchen-Chinese Kitchen?Man Ho?"]
["2023年","8月份","L0000018625","Pork Belly Trimmed With Skin\\带皮中方五花肉五层楼","KG",4,48,192,"Kitchen-Chinese Kitchen?Man Ho?"]
["2023年","8月份","L0000018625","Pork Belly Trimmed With Skin\\带皮中方五花肉五层楼","KG",4.3,48,206.4,"Kitchen-Chinese Kitchen?Man Ho?"]
["2023年","8月份","L0000018658","Chicken Old\\老鸡2kg","KG",1,40,40,"Kitchen-Chinese Kitchen?Man Ho?"]
["2023年","8月份","L0000496902","Pork Rib\\精排骨\\KG","KG",3,62,186,"Kitchen-Chinese Kitchen?Man Ho?"]
["2023年","8月份","L0000023648","Meat Pork Lean Leg\\猪赤肉","KG",1,43,43,"Kitchen-Chinese Kitchen?Man Ho?"]
["2023年","8月份","L0000023672","Pork\\去皮五花肉","KG",3,36,108,"Kitchen-Chinese Kitchen?Man Ho?"]
["2023年","8月份","L0000023697","Beef Brisket\\牛吭腩","KG",3.5,145,507.5,"Kitchen-Chinese Kitchen?Man Ho?"]
["2023年","8月份","L0000023666","Pork Bones W Meat\\猪龙骨","KG",3,38,114,"Kitchen-Chinese Kitchen?Man Ho?"]
["2023年","8月份","L0000051546","Fresh Chicken Feet\\鲜鸡脚","KG",4,46,184,"Kitchen-Chinese Kitchen?Man Ho?"]
["2023年","8月份","L0001709053","Local quality hens (cleaned)\\本地优母鸡（净膛）","KG",6,39,234,"Kitchen-Chinese Kitchen?Man Ho?"]
["2023年","8月份","L0001709053","Local quality hens (cleaned)\\本地优母鸡（净膛）","KG",6,39,234,"Kitchen-Chinese Kitchen?Man Ho?"]
["2023年","8月份","L0001525502","Pineapple / lead/凤梨/带头","KG",3,11.5,34.5,"Kitchen-Chinese Kitchen?Man Ho?"]
["2023年","8月份","L0000162206","Fruit Fresh Hami Melon\\哈密瓜\\kg","KG",7,4.8,33.6,"Kitchen-Chinese Kitchen?Man Ho?"]
["2023年","8月份","L0000074934","Fruit Fresh Green Orange\\小青桔","KG",0.5,24,12,"Kitchen-Chinese Kitchen?Man Ho?"]
["2023年","8月份","L0000074934","Fruit Fresh Green Orange\\小青桔","KG",0.5,24,12,"Kitchen-Chinese Kitchen?Man Ho?"]
["2023年","8月份","L0000018960","Local Seedless Watermelon\\本地无籽西瓜","KG",15,4.2,63,"Kitchen-Chinese Kitchen?Man Ho?"]
["2023年","8月份","L0000018873","Dragon Fruit Redmeat\\红肉火龙果","KG",1.5,11,16.5,"Kitchen-Chinese Kitchen?Man Ho?"]
["2023年","8月份","L0000524458","Millennium tomato\\千禧小番茄","KG",1,12,12,"Kitchen-Chinese Kitchen?Man Ho?"]
["2023年","8月份","L0001647196","The sun rose\\阳光玫瑰\\大果/KG","KG",1,36,36,"Kitchen-Chinese Kitchen?Man Ho?"]
["2023年","8月份","L0000019472","Fresh Squid Large\\大鲜鱿\\200-250g","KG",2,90,180,"Kitchen-Chinese Kitchen?Man Ho?"]
["2023年","8月份","L0002107433","Fine lamb chops\\精品羊排/Kg","KG",5,150,750,"Kitchen-Chinese Kitchen?Man Ho?"]
["2023年","8月份","L0001748976","Raw frozen black tiger prawns\\3头生冻黑虎虾\\6只/盒","BX",6,145,870,"Kitchen-Chinese Kitchen?Man Ho?"]
["2023年","8月份","L0000019733","Sha Shrimp\\沙虾\\30-40pcs","KG",1.5,66,99,"Kitchen-Chinese Kitchen?Man Ho?"]
["2023年","8月份","L0000016942","Fish Maw 80 Heads\\花胶筒 80头","KG",0.51,2720,1387.2,"Kitchen-Chinese Kitchen?Man Ho?"]
["2023年","8月份","L0001743467","Dalian semi-dried salted ginseng\\30-40头大连半淡干盐渍参","KG",0.56,1450,812,"Kitchen-Chinese Kitchen?Man Ho?"]
["2023年","8月份","L0000163602","Eggs Alted Vitellus\\咸蛋黄\\10个/盒","BX",5,13,65,"Kitchen-Chinese Kitchen?Man Ho?"]
["2023年","8月份","L0000024203","Dry Vermicelli Longkou Chinese Kitcken\\龙口粉丝\\180G","BAG",4,4.8,19.2,"Kitchen-Chinese Kitchen?Man Ho?"]
["2023年","8月份","L0000017362","GaoDa Coconut Milk Kos\\金牌高达椰浆\\400g","CAN",5,11,55,"Kitchen-Chinese Kitchen?Man Ho?"]
["2023年","8月份","L0000017560","White Sesame Seed\\白芝麻","KG",2,28,56,"Kitchen-Chinese Kitchen?Man Ho?"]
["2023年","8月份","L0000017851","LeeKumKee Sauce Oysted Old Brand\\李锦记旧装蚝油\\510g","BTL",3,43.4078,130.22,"Kitchen-Chinese Kitchen?Man Ho?"]
["2023年","8月份","L0000163153","Sugar / Salt Korea Castor Sugar\\韩国幼砂糖\\30kg/袋","BAG",1,245,245,"Kitchen-Chinese Kitchen?Man Ho?"]
["2023年","8月份","L0000087170","Ice Cream Vanilla Ice Cream Nestle雀巢香草冰淇淋3.5L","BRL",1,142,142,"Kitchen-Chinese Kitchen?Man Ho?"]
["2023年","8月份","L0000024302","Milk Condensed Evaporated\\三花淡奶\\410Ml","TIN",3,11.5,34.5,"Kitchen-Chinese Kitchen?Man Ho?"]
["2023年","8月份","L0000016810","Elle Et Vire Whipping Cream\\铁塔牌淡奶油\\1L","BTL",3,45.5,136.5,"Kitchen-Chinese Kitchen?Man Ho?"]
["2023年","8月份","L0000017527","Gold Hills Peeled Whole Almond Nut\\金山去衣杏仁粒\\11.34kg/cs","KG",0,88,0,"Kitchen-Chinese Kitchen?Man Ho?"]
["2023年","8月份","L0001551699","Thai durian fruit flesh (Platinum double a) 3kg/泰国金枕榴莲果肉(铂天双A）3kg","BAG",1,328,328,"Kitchen-Chinese Kitchen?Man Ho?"]
["2023年","8月份","L0000060929","Sugar Rock Candy\\单晶冰糖","KG",5,11.06,55.3,"Kitchen-Chinese Kitchen?Man Ho?"]
["2023年","8月份","L0000272295","FOOD PASTE SWEET 甜面酱 鼎丰甜面酱200G/BAG","BAG",1,2.4779,2.48,"Kitchen-Chinese Kitchen?Man Ho?"]
["2023年","8月份","L0000036961","Sauce Black Truffle Pate La Rustichella \\乐琪雅黑松露酱\\280g/btl","EA",0,298,0,"Kitchen-Chinese Kitchen?Man Ho?"]
["2023年","8月份","L0000024244","Paste Lee Kum Kee Soybean Chili\\豆瓣酱李锦记\\397G","BTL",5,19.0265,95.13,"Kitchen-Chinese Kitchen?Man Ho?"]
["2023年","8月份","L0001525463","Mengniu pure milk / 1L 6 boxes / box/蒙牛纯牛奶/1L 6盒/箱","CS",6,47.34,284.04,"Kitchen-Pastry"]
["2023年","8月份","L0001647201","The sun rose\\阳光玫瑰\\小果/KG","KG",2,30,60,"Kitchen-Pastry"]
["2023年","8月份","L0000037840","Fruit Fresh Fig \\无花果","KG",1,32,32,"Kitchen-Pastry"]
["2023年","8月份","L0000087427","Pastry Bakery\\MeiMei Cake Flour\\江苏美玫牌低筋面粉 50LB(22.7kg)","PK",1,170,170,"Kitchen-Pastry"]
["2023年","8月份","L0000017982","Cranberry Dried Whole\\蔓越莓干","KG",1,78,78,"Kitchen-Pastry"]
["2023年","8月份","L0000024294","Raisin\\葡萄干","KG",2,25,50,"Kitchen-Pastry"]
["2023年","8月份","L0000017516","Black Sesame Seed\\黑芝麻","KG",1,32.1748,32.17,"Kitchen-Pastry"]
["2023年","8月份","L0000017560","White Sesame Seed\\白芝麻","KG",1,28,28,"Kitchen-Pastry"]
["2023年","8月份","L0001389741","Ice Cream strawberry 草莓冰淇淋 6L/盒 杜佰瑞 [盒]","BX",1,336.3,336.3,"Kitchen-Pastry"]
["2023年","8月份","L0002475885","Mousse white jade roll\\慕斯白玉卷330g/卷(草莓味、绿茶味、巧克力味、牛奶味）","EA",20,26,520,"Kitchen-Pastry"]
["2023年","8月份","L0002397523","Chocolate decoration sheet\\巧克力金片\\芙尔伦\\0.5克*49片*10板/箱","CS",1,269,269,"Kitchen-Pastry"]
["2023年","8月份","L0001323756","FOOD \\厨艺工坊手制香草挞壳迷你圆形 Diam33 mm x H19 mm Frozen -18℃ 18 MTHS210 × 7-8 GM","CTN",1,369,369,"Kitchen-Pastry"]
["2023年","8月份","L0002247044","Furlum chocolate roll\\芙尔伦巧克力卷45g*112个/箱","CS",1,410,410,"Kitchen-Pastry"]
["2023年","8月份","L0002247040","Furlum Vanilla raisin Roll\\芙尔伦香草味葡萄干卷35g*140个/箱","CS",0,410,0,"Kitchen-Pastry"]
["2023年","8月份","L0002247034","Furlum Mini French croissant\\芙尔伦迷你法式羊角30g*140个/箱","CS",1,286,286,"Kitchen-Pastry"]
["2023年","8月份","L0001993648","Movenpick vanilla dream\\香草梦幻冰淇淋\\莫凡彼\\5L/盒","BX",1,429.2,429.2,"Kitchen-Pastry"]
["2023年","8月份","L0001735731","Flour sacher \\沙架蛋糕\\芙尔伦\\600克/盒","BX",10,59,590,"Kitchen-Pastry"]
["2023年","8月份","L0001679286","Doughnut\\原味甜甜圈(提前7天订货)\\大佬强\\162个/箱","CS",1,190,190,"Kitchen-Pastry"]
["2023年","8月份","L0001671561","Mochi\\日式大福(提前4天订货)\\好上谷\\250g/袋","BAG",29,15,435,"Kitchen-Pastry"]
["2023年","8月份","L0001531098","St.meccaro Chocolate\\圣美卡罗优醇巧克力\\1kg\\包","BAG",10,36.28,362.8,"Kitchen-Pastry"]
["2023年","8月份","L0001389737","Ice Cream rum and raisin 朗姆酒葡萄干冰淇淋 6L/盒 杜佰瑞 [盒]","BX",1,336.3,336.3,"Kitchen-Pastry"]
["2023年","8月份","L0001343860","FOOD Ice Cream Chocolate T’oBeray 杜佰瑞巧克力冰淇淋 杜佰瑞巧克力冰淇淋6L/BOX","BX",2,336.3,672.6,"Kitchen-Pastry"]
["2023年","8月份","L0000163153","Sugar / Salt Korea Castor Sugar\\韩国幼砂糖\\30kg/袋","BAG",1,245,245,"Kitchen-Pastry"]
["2023年","8月份","L0000017572","Walnut Meat With Shell\\本地有衣核桃肉","KG",5.1,49.56,252.76,"Kitchen-Pastry"]
["2023年","8月份","L0000462547","Rice\\江苏大米\\25KG\\BAG","EA",1,120,120,"Kitchen-Western Kitchen?Yancheng Kitchen?"]
["2023年","8月份","L0001515004","Local rapeseed oil (bulk) / 5L / barrel\\本地菜籽油（散称）/5L/桶","BTL",2,85,170,"Kitchen-Western Kitchen?Yancheng Kitchen?"]
["2023年","8月份","L0000017522","Green Bean\\绿豆","KG",1,12,12,"Kitchen-Western Kitchen?Yancheng Kitchen?"]
["2023年","8月份","L0001525489","Mengniu yogurt / 100g strawberry/蒙牛酸奶/100g 草莓","PNL",24,10.17,244.08,"Kitchen-Western Kitchen?Yancheng Kitchen?"]
["2023年","8月份","L0001525491","Mengniu yogurt / 100g yellow peach/蒙牛酸奶/100g 黄桃","PNL",24,10.17,244.08,"Kitchen-Western Kitchen?Yancheng Kitchen?"]
["2023年","8月份","L0001525494","Mengniu yogurt / 100g original/蒙牛酸奶/100g 原味","PNL",24,7.08,169.92,"Kitchen-Western Kitchen?Yancheng Kitchen?"]
["2023年","8月份","L0000087075","Vegetable Fresh\\Chili red\\红杭椒","KG",2,23,46,"Kitchen-Western Kitchen?Yancheng Kitchen?"]
["2023年","8月份","L0000400651","Vegetable Fresh/红叶生菜","KG",1.5,33,49.5,"Kitchen-Western Kitchen?Yancheng Kitchen?"]
["2023年","8月份","L0000019085","Local Bell Pepper Yellow\\本地黄圆椒","KG",1,29,29,"Kitchen-Western Kitchen?Yancheng Kitchen?"]
["2023年","8月份","L0000019084","Local Bell Pepper Red\\本地红圆椒","KG",1,25,25,"Kitchen-Western Kitchen?Yancheng Kitchen?"]
["2023年","8月份","L0000019086","Bitter Melon\\苦瓜","KG",3,11,33,"Kitchen-Western Kitchen?Yancheng Kitchen?"]
["2023年","8月份","L0000019178","Ginger Peeled Blue\\生姜去皮","KG",2,23,46,"Kitchen-Western Kitchen?Yancheng Kitchen?"]
["2023年","8月份","L0000024548","Fresh Shiitake Mushrooms/鲜香菇/Kg","KG",1,19,19,"Kitchen-Western Kitchen?Yancheng Kitchen?"]
["2023年","8月份","L0000024552","Cuke\\日本小黄瓜","KG",2,14,28,"Kitchen-Western Kitchen?Yancheng Kitchen?"]
["2023年","8月份","L0000019174","Garlic Peeled\\蒜肉","KG",10,12,120,"Kitchen-Western Kitchen?Yancheng Kitchen?"]
["2023年","8月份","L0000019129","Chive/韭菜/Kg","KG",0.5,8,4,"Kitchen-Western Kitchen?Yancheng Kitchen?"]
["2023年","8月份","L0000019219","Local Lettuce\\本地生菜","KG",5,9,45,"Kitchen-Western Kitchen?Yancheng Kitchen?"]
["2023年","8月份","L0000024526","Potato Baby\\土豆","KG",5,6,30,"Kitchen-Western Kitchen?Yancheng Kitchen?"]
["2023年","8月份","L0000019325","Tomato Larage Local\\大番茄","KG",3,8,24,"Kitchen-Western Kitchen?Yancheng Kitchen?"]
["2023年","8月份","L0000033091","Vegetable Fresh Mushroom Button\\白蘑菇","KG",5,19,95,"Kitchen-Western Kitchen?Yancheng Kitchen?"]
["2023年","8月份","L0000019273","Ping mushroom\\平菇","KG",3,15,45,"Kitchen-Western Kitchen?Yancheng Kitchen?"]
["2023年","8月份","L0000037950","Fruit Fresh Gumbo \\秋葵","KG",1,24,24,"Kitchen-Western Kitchen?Yancheng Kitchen?"]
["2023年","8月份","L0000024482","Cucumber\\黄瓜","KG",2,6,12,"Kitchen-Western Kitchen?Yancheng Kitchen?"]
["2023年","8月份","L0000024532","Chili Red/红尖椒/Kg","KG",1,16,16,"Kitchen-Western Kitchen?Yancheng Kitchen?"]
["2023年","8月份","L0000024414","Chili Green Hang Jiao\\绿杭椒","KG",2,15.6,31.2,"Kitchen-Western Kitchen?Yancheng Kitchen?"]
["2023年","8月份","L0000024443","Hand Tooled Noodle\\手工面","KG",5,8,40,"Kitchen-Western Kitchen?Yancheng Kitchen?"]
["2023年","8月份","L0000024463","Rice Cake Stripped\\手指年糕","BAG",10,8,80,"Kitchen-Western Kitchen?Yancheng Kitchen?"]
["2023年","8月份","L0000024464","Steamed Bean Curd Roll\\素鸡","KG",5,16,80,"Kitchen-Western Kitchen?Yancheng Kitchen?"]
["2023年","8月份","L0000024473","Broccoli Green\\去根西兰花","KG",3,16,48,"Kitchen-Western Kitchen?Yancheng Kitchen?"]
["2023年","8月份","L0000024493","Snow Veg\\雪菜","KG",5,5,25,"Kitchen-Western Kitchen?Yancheng Kitchen?"]
["2023年","8月份","L0000033097","Vegetable Fresh Radicchio White\\卷心菜(白)\\DIA14cm","KG",3,5,15,"Kitchen-Western Kitchen?Yancheng Kitchen?"]
["2023年","8月份","L0000033110","Vegetable Fresh Cabbage Red\\紫包菜","KG",3,7,21,"Kitchen-Western Kitchen?Yancheng Kitchen?"]
["2023年","8月份","L0000033120","Vegetable Fresh Bean Green Long\\长豆角","KG",3,9.8,29.4,"Kitchen-Western Kitchen?Yancheng Kitchen?"]
["2023年","8月份","L0000033145","Vegetable Fresh Garlic Sprout\\蒜苔 去尾 去头","KG",2,16,32,"Kitchen-Western Kitchen?Yancheng Kitchen?"]
["2023年","8月份","L0000034896","Vegetable Fresh Abalone Mushrooms \\杏鲍菇","KG",5,14,70,"Kitchen-Western Kitchen?Yancheng Kitchen?"]
["2023年","8月份","L0000087072","Vegetable Fresh\\Leek\\青大蒜","KG",0.5,8,4,"Kitchen-Western Kitchen?Yancheng Kitchen?"]
["2023年","8月份","L0000090723","Caudate lobe\\散尾叶\\EA","EA",0,18,0,"Kitchen-Western Kitchen?Yancheng Kitchen?"]
["2023年","8月份","L0000105413","Vegetable Fresh\\Spincach Noodle\\菠菜面","KG",0,13,0,"Kitchen-Western Kitchen?Yancheng Kitchen?"]
["2023年","8月份","L0000105415","Vegetable Fresh\\Egg Noodle\\鸡蛋面","KG",5,10,50,"Kitchen-Western Kitchen?Yancheng Kitchen?"]
["2023年","8月份","L0000523903","Assorted vegetable\\什锦蔬菜粒1KG/包","BAG",3,22,66,"Kitchen-Western Kitchen?Yancheng Kitchen?"]
["2023年","8月份","L0001525509","Guilin Rice noodles/桂林米粉","KG",3,10,30,"Kitchen-Western Kitchen?Yancheng Kitchen?"]
["2023年","8月份","L0000019076","Banana Leaf\\香蕉叶","KG",0.5,56,28,"Kitchen-Western Kitchen?Yancheng Kitchen?"]
["2023年","8月份","L0000019080","Bean Sprout\\黄豆芽","KG",2,4,8,"Kitchen-Western Kitchen?Yancheng Kitchen?"]
["2023年","8月份","L0000019083","Local Bell Pepper Green\\本地青圆椒","KG",1,14,14,"Kitchen-Western Kitchen?Yancheng Kitchen?"]
["2023年","8月份","L0000019091","Bottle Gourd\\葫芦瓜","KG",3,10,30,"Kitchen-Western Kitchen?Yancheng Kitchen?"]
["2023年","8月份","L0000019119","Chilli Green\\青尖椒","KG",1,10,10,"Kitchen-Western Kitchen?Yancheng Kitchen?"]
["2023年","8月份","L0000019224","Lotus Root Peeled\\莲藕洗净","KG",4,14,56,"Kitchen-Western Kitchen?Yancheng Kitchen?"]
["2023年","8月份","L0000019330","Turnip White\\白萝卜","KG",2,3.6,7.2,"Kitchen-Western Kitchen?Yancheng Kitchen?"]
["2023年","8月份","L0001551626","Boneless chicken feet / 600g / bag/去骨鸡爪/600g/包","BAG",4,42,168,"Kitchen-Western Kitchen?Yancheng Kitchen?"]
["2023年","8月份","L0000039719","Pork Local Frozen Pork Ribs \\冻猪肋排骨","KG",5,65,325,"Kitchen-Western Kitchen?Yancheng Kitchen?"]
["2023年","8月份","L0000023306","Frz Chicken Rack\\鸡骨架","KG",7,8,56,"Kitchen-Western Kitchen?Yancheng Kitchen?"]
["2023年","8月份","L0000023524","Frozen Chicken Legs\\冻鸡腿","KG",5,24,120,"Kitchen-Western Kitchen?Yancheng Kitchen?"]
["2023年","8月份","L0000023662","Pork Cut Mei Rou\\猪梅肉","KG",3,49,147,"Kitchen-Western Kitchen?Yancheng Kitchen?"]
["2023年","8月份","L0000023646","Pork with skin\\带皮五花肉","KG",6,36,216,"Kitchen-Western Kitchen?Yancheng Kitchen?"]
["2023年","8月份","L0000805877","Beef Local Stewed Beef\\优质香卤牛肉/KG","KG",4,148,592,"Kitchen-Western Kitchen?Yancheng Kitchen?"]
["2023年","8月份","L0002105596","The roast duck/烤鸭约4-5斤/只","EA",3,65,195,"Kitchen-Western Kitchen?Yancheng Kitchen?"]
["2023年","8月份","L0000033254","Pork Local Bone\\猪筒骨","KG",12,38,456,"Kitchen-Western Kitchen?Yancheng Kitchen?"]
["2023年","8月份","L0000033238","Pork Local Tenderloin\\猪里脊","KG",3,44,132,"Kitchen-Western Kitchen?Yancheng Kitchen?"]
["2023年","8月份","L0000023680","Pork Meat\\肉丝","KG",2,38,76,"Kitchen-Western Kitchen?Yancheng Kitchen?"]
["2023年","8月份","L0000033215","Chicken Leg Whole Boneless\\去骨鸡腿肉","KG",6,26.8,160.8,"Kitchen-Western Kitchen?Yancheng Kitchen?"]
["2023年","8月份","L0000794917","beef fillet/免浆牛柳/KG","KG",2,96,192,"Kitchen-Western Kitchen?Yancheng Kitchen?"]
["2023年","8月份","L0000018536","Lamb Lamb Leg Without Bone\\无骨羊腿","KG",3,120,360,"Kitchen-Western Kitchen?Yancheng Kitchen?"]
["2023年","8月份","L0000023644","Pork Stuffing\\猪肉末","KG",5,36,180,"Kitchen-Western Kitchen?Yancheng Kitchen?"]
["2023年","8月份","L0000023310","Frz San Huang Chicken\\冻三黄鸡\\1.5-2Kg\\只","KG",5,24.8,124,"Kitchen-Western Kitchen?Yancheng Kitchen?"]
["2023年","8月份","L0000445634","JT-eggs\\鸡蛋-\\KG","KG",40,14,560,"Kitchen-Western Kitchen?Yancheng Kitchen?"]
["2023年","8月份","L0001863788","Pineapple pulp\\菠萝密果肉","KG",4,34,136,"Kitchen-Western Kitchen?Yancheng Kitchen?"]
["2023年","8月份","L0001647201","The sun rose\\阳光玫瑰\\小果/KG","KG",1,30,30,"Kitchen-Western Kitchen?Yancheng Kitchen?"]
["2023年","8月份","L0000524458","Millennium tomato\\千禧小番茄","KG",3,12,36,"Kitchen-Western Kitchen?Yancheng Kitchen?"]
["2023年","8月份","L0000051509","Banana Import\\进口香蕉","KG",13,9.6,124.8,"Kitchen-Western Kitchen?Yancheng Kitchen?"]
["2023年","8月份","L0000018942","Frangant Pear Small\\香梨","KG",3,13,39,"Kitchen-Western Kitchen?Yancheng Kitchen?"]
["2023年","8月份","L0000018874","Dragon Fruit\\白肉火龙果","KG",20,8.4,168,"Kitchen-Western Kitchen?Yancheng Kitchen?"]
["2023年","8月份","L0000018896","Honey Pear\\蜜梨","KG",6.5,16,104,"Kitchen-Western Kitchen?Yancheng Kitchen?"]
["2023年","8月份","L0000018872","Date Winter\\冬枣","KG",3,30,90,"Kitchen-Western Kitchen?Yancheng Kitchen?"]
["2023年","8月份","L0001525502","Pineapple / lead/凤梨/带头","KG",20,11.5,230,"Kitchen-Western Kitchen?Yancheng Kitchen?"]
["2023年","8月份","L0000456767","Fruit Fresh\\Ginseng Fruit\\人参果\\KG","KG",4,22,88,"Kitchen-Western Kitchen?Yancheng Kitchen?"]
["2023年","8月份","L0000162206","Fruit Fresh Hami Melon\\哈密瓜\\kg","KG",50,4.8,240,"Kitchen-Western Kitchen?Yancheng Kitchen?"]
["2023年","8月份","L0000036710","Fruit Fresh Grape Red Local \\国产红提","KG",1,18,18,"Kitchen-Western Kitchen?Yancheng Kitchen?"]
["2023年","8月份","L0000033189","Fruit Fresh Navel Orange\\脐橙","KG",5,10,50,"Kitchen-Western Kitchen?Yancheng Kitchen?"]
["2023年","8月份","L0000018960","Local Seedless Watermelon\\本地无籽西瓜","KG",44,4.2,184.8,"Kitchen-Western Kitchen?Yancheng Kitchen?"]
["2023年","8月份","L0000033170","Fruit Fresh Nectarine\\油桃","KG",15,12,180,"Kitchen-Western Kitchen?Yancheng Kitchen?"]
["2023年","8月份","L0000318702","Octopus Foot\\章鱼足（400-500g\\个）\\KG","KG",5,52,260,"Kitchen-Western Kitchen?Yancheng Kitchen?"]
["2023年","8月份","L0001791624","Red crab\\冻红花蟹200-300G\\出成75%/KG","KG",10,95,950,"Kitchen-Western Kitchen?Yancheng Kitchen?"]
["2023年","8月份","L0001611473","Clam meat / kg/文蛤肉/kg","KG",1,68,68,"Kitchen-Western Kitchen?Yancheng Kitchen?"]
["2023年","8月份","L0001551661","Gaoyou Minjiang River Shrimp / 200g / bag/高邮免将河虾仁/200g/包","BAG",4,26,104,"Kitchen-Western Kitchen?Yancheng Kitchen?"]
["2023年","8月份","L0000513900","osmerus mordax yellow seed\\龙泽西鳞鱼籽（黄）\\900g","BAG",2,72,144,"Kitchen-Western Kitchen?Yancheng Kitchen?"]
["2023年","8月份","L0000513899","osmerus mordax red seed\\龙泽西鳞鱼籽(红)\\900g","BAG",2,72,144,"Kitchen-Western Kitchen?Yancheng Kitchen?"]
["2023年","8月份","L0000422085","Opium fish\\冰冻鸦片鱼身段","KG",15,75,1125,"Kitchen-Western Kitchen?Yancheng Kitchen?"]
["2023年","8月份","L0000038698","Shellfish Fresh Big Size Clam \\大文蛤","KG",5,35,175,"Kitchen-Western Kitchen?Yancheng Kitchen?"]
["2023年","8月份","L0000087087","Fruit Fresh\\Passion fruit百香果","KG",2,40,80,"Kitchen-Western Kitchen?Yancheng Kitchen?"]
["2023年","8月份","L0000018880","Fuji Apple\\富士苹果","KG",15,12,180,"Kitchen-Western Kitchen?Yancheng Kitchen?"]
["2023年","8月份","L0001978501","集采 Frozen Seafood Alaska Snow Crab Leg/阿拉斯加雪蟹脚 俄罗斯 130-150克/副 抄码 (计量称重)","KG",30,138,4140,"Kitchen-Western Kitchen?Yancheng Kitchen?"]
["2023年","8月份","L0000051509","Banana Import\\进口香蕉","KG",23,9.6,220.8,"Kitchen-Western Kitchen?Yancheng Kitchen?"]
["2023年","8月份","L0000033170","Fruit Fresh Nectarine\\油桃","KG",35,12,420,"Kitchen-Western Kitchen?Yancheng Kitchen?"]
["2023年","8月份","L0000018896","Honey Pear\\蜜梨","KG",15,16,240,"Kitchen-Western Kitchen?Yancheng Kitchen?"]
["2023年","8月份","L0000018960","Local Seedless Watermelon\\本地无籽西瓜","KG",40,4.2,168,"Kitchen-Western Kitchen?Yancheng Kitchen?"]
["2023年","8月份","L0000018880","Fuji Apple\\富士苹果","KG",8.2,12,98.4,"Kitchen-Western Kitchen?Yancheng Kitchen?"]
["2023年","8月份","L0000033993","Fish Processed Frozen Fish Osaki Crab Stick\\大崎蟹柳\\454g/pk","EA",10,16,160,"Kitchen-Western Kitchen?Yancheng Kitchen?"]
["2023年","8月份","L0001748972","Ark\\北极贝\\刺身级\\M-51-60\\出成85%\\1KG/盒","BX",1,300,300,"Kitchen-Western Kitchen?Yancheng Kitchen?"]
["2023年","8月份","L0000970304","Seafood海鲜\\Smoked Salmon Fillet(Sliced)\\烟熏三文鱼柳(切片)\\KG","KG",2,110,220,"Kitchen-Western Kitchen?Yancheng Kitchen?"]
["2023年","8月份","L0000034130","Fish Processed Frozen Braised Eel\\蒲烧鳗鱼（大的 厚的）","KG",5,138,690,"Kitchen-Western Kitchen?Yancheng Kitchen?"]
["2023年","8月份","L0000019539","Snapper Fillet\\鲷鱼柳","KG",5,45,225,"Kitchen-Western Kitchen?Yancheng Kitchen?"]
["2023年","8月份","L0000033359","Shellfish Fresh Jiwei\\基围虾 小\\50pcs","KG",6,65,390,"Kitchen-Western Kitchen?Yancheng Kitchen?"]
["2023年","8月份","L0000033394","Fish Fresh Bull Fog牛蛙活(大)","KG",5,35,175,"Kitchen-Western Kitchen?Yancheng Kitchen?"]
["2023年","8月份","L0000036732","Shellfish Fresh Local Oyester \\活本地生蚝","EA",150,4.8,720,"Kitchen-Western Kitchen?Yancheng Kitchen?"]
["2023年","8月份","L0002266289","Abalone whelk \\鲍螺肉","KG",4,72,288,"Kitchen-Western Kitchen?Yancheng Kitchen?"]
["2023年","8月份","L0000582282","Frozen small dragon\\冻小青龙200-300g\\kg","KG",20,220,4400,"Kitchen-Western Kitchen?Yancheng Kitchen?"]
["2023年","8月份","L0001640294","生蚝肉/KG","KG",1,48,48,"Kitchen-Western Kitchen?Yancheng Kitchen?"]
["2023年","8月份","L0001650097","墨鱼仔425g/BAG","BAG",4,38,152,"Kitchen-Western Kitchen?Yancheng Kitchen?"]
["2023年","8月份","L0000332703","White tuna fish fille\\冻白金枪鱼","KG",3,65,195,"Kitchen-Western Kitchen?Yancheng Kitchen?"]
["2023年","8月份","L0002232900","Lamb leg with bone\\LAMB带骨羔羊腿","KG",10,78,780,"Kitchen-Western Kitchen?Yancheng Kitchen?"]
["2023年","8月份","L0001526372","Forrest pork breakfast sausage 2kg/福瑞斯猪肉早餐肠2KG","BAG",3,90,270,"Kitchen-Western Kitchen?Yancheng Kitchen?"]
["2023年","8月份","L0001526370","Forrest chicken breakfast sausage 2kg/福瑞斯鸡肉早餐肠2KG","BAG",3,84,252,"Kitchen-Western Kitchen?Yancheng Kitchen?"]
["2023年","8月份","L0001591988","Sesame balls\\千味央厨芝麻球\\260g/BAG","BAG",10,3.54,35.4,"Kitchen-Western Kitchen?Yancheng Kitchen?"]
["2023年","8月份","L0001604957","Dried meat floss\\金丝肉松粉\\鑫恰巧\\2.5kg/袋","BAG",1,60,60,"Kitchen-Western Kitchen?Yancheng Kitchen?"]
["2023年","8月份","L0002309632","Cong Chef Grandma dishes\\聪厨外婆菜258g/包","BAG",10,5.2,52,"Kitchen-Western Kitchen?Yancheng Kitchen?"]
["2023年","8月份","L0002508685","Donkey meat on fire skin\\驴肉火烧皮100个","BAG",0,153,0,"Kitchen-Western Kitchen?Yancheng Kitchen?"]
["2023年","8月份","L0000017437","Kellogg's Honey Nut Os\\家乐氏蜜果脆圈圈\\250g","BX",3,26,78,"Kitchen-Western Kitchen?Yancheng Kitchen?"]
["2023年","8月份","L0000032466","Sauce Bean Paste Pi Xian\\郫县豆瓣酱\\5kg/cs","EA",1,87.1,87.1,"Kitchen-Western Kitchen?Yancheng Kitchen?"]
["2023年","8月份","L0000040220","Sauce Dijon Mustard \\ 大藏芥末宝年大藏芥末\\850g","EA",2,50,100,"Kitchen-Western Kitchen?Yancheng Kitchen?"]
["2023年","8月份","L0000075541","Sausage & Hams\\Sausage Lyoner With Mushroom\\蘑菇里昂那肠\\3kg\\pc","KG",0,69,0,"Kitchen-Western Kitchen?Yancheng Kitchen?"]
["2023年","8月份","L0000152556","Dried/Canned Foods-白泡菜-韩国泡菜-White Pickle","KG",5,20,100,"Kitchen-Western Kitchen?Yancheng Kitchen?"]
["2023年","8月份","L0000571072","Riscossa Pasta 4#\\丽歌意大利面直面\\3kg/bag","BAG",1,29.5,29.5,"Kitchen-Western Kitchen?Yancheng Kitchen?"]
["2023年","8月份","L0001522598","Juice Chilled Juice Apple Juice\\橙宝苹果汁\\BTL\\2L","BTL",12,12.5,150,"Kitchen-Western Kitchen?Yancheng Kitchen?"]
["2023年","8月份","L0001522601","Juice Chilled Juice orangeJuice\\橙宝橙汁\\BTL\\2L","BTL",24,12.5,300,"Kitchen-Western Kitchen?Yancheng Kitchen?"]
["2023年","8月份","L0001522602","Juice Chilled Juice Grape juice\\橙宝葡萄汁\\BTL 2L","BTL",12,12.5,150,"Kitchen-Western Kitchen?Yancheng Kitchen?"]
["2023年","8月份","L0001522603","Juice Chilled Juice Grapefruit juice\\橙宝西柚汁\\BTL 2L","BTL",12,12.5,150,"Kitchen-Western Kitchen?Yancheng Kitchen?"]
["2023年","8月份","L0001526369","Frise Bacon 2kg/福瑞斯五花培根(生制)2KG","BAG",6,99,594,"Kitchen-Western Kitchen?Yancheng Kitchen?"]
["2023年","8月份","L0001575519","五得利面粉25kg/包","PK",1,120,120,"Kitchen-Western Kitchen?Yancheng Kitchen?"]
["2023年","8月份","L0000017121","JiuZhi Preserved Plum\\九制话梅\\35g","PK",5,5.18,25.9,"Kitchen-Western Kitchen?Yancheng Kitchen?"]
["2023年","8月份","L0001998361","Green spray volume/安井葱油花卷1KG\\包","BAG",4,18,72,"Kitchen-Western Kitchen?Yancheng Kitchen?"]
["2023年","8月份","L0000017204","McCormick Pepper White Powder\\味好美白胡椒粉\\510g","CAN",1,135,135,"Kitchen-Western Kitchen?Yancheng Kitchen?"]
["2023年","8月份","L0000017217","Star Anise\\八角\\500g","KG",0.5,125,62.5,"Kitchen-Western Kitchen?Yancheng Kitchen?"]
["2023年","8月份","L0000017245","Bloat Mustard\\酸菜\\1kg","CAN",5,5.1845,25.92,"Kitchen-Western Kitchen?Yancheng Kitchen?"]
["2023年","8月份","L0000017274","Baili Red Kidney Bean\\百利红腰豆\\432g","CAN",12,6.9,82.8,"Kitchen-Western Kitchen?Yancheng Kitchen?"]
["2023年","8月份","L0000017451","Kellogg's Rice Coco\\家乐氏可可力\\350g","PK",2,28.5,57,"Kitchen-Western Kitchen?Yancheng Kitchen?"]
["2023年","8月份","L0000017627","ZhenJiang Black Chinese Vinegar\\镇江陈醋\\420ml","BTL",4,7.5437,30.17,"Kitchen-Western Kitchen?Yancheng Kitchen?"]
["2023年","8月份","L0000017832","HaiTian Paste Original Soybean \\海天黄豆酱不辣\\800g","BTL",2,16.0874,32.17,"Kitchen-Western Kitchen?Yancheng Kitchen?"]
["2023年","8月份","L0000017848","Maggie Sauce \\美极鲜酱油\\100ml","BTL",5,12,60,"Kitchen-Western Kitchen?Yancheng Kitchen?"]
["2023年","8月份","L0000017878","Hellmann's Mayonnaise\\好乐门蛋黄酱\\3KG/BRL","BRL",3,95,285,"Kitchen-Western Kitchen?Yancheng Kitchen?"]
["2023年","8月份","L0000017970","Red Date Pitted\\无核红枣","KG",1,21.5,21.5,"Kitchen-Western Kitchen?Yancheng Kitchen?"]
["2023年","8月份","L0000018158","Guyuelongshan high-grade Shaoxing Wine\\花雕酒古越龙山\\500ml","BTL",5,9.8932,49.47,"Kitchen-Western Kitchen?Yancheng Kitchen?"]
["2023年","8月份","L0000020725","Brandy ZhangYu\\张裕白兰地厨房用\\750ml","BTL",1,32.2718,32.27,"Kitchen-Western Kitchen?Yancheng Kitchen?"]
["2023年","8月份","L0000024052","Canned Tuna\\鲜得味金枪鱼罐头油浸\\180G","CAN",1,14.8447,14.84,"Kitchen-Western Kitchen?Yancheng Kitchen?"]
["2023年","8月份","L0000032447","Sauce Leekumkee Hoisin\\李锦记海鲜酱\\240g/btl","EA",4,22,88,"Kitchen-Western Kitchen?Yancheng Kitchen?"]
["2023年","8月份","L0000032452","Sauce Heinz Tomato Ketchup\\亨式番茄沙司\\3kg/tin","EA",1,59,59,"Kitchen-Western Kitchen?Yancheng Kitchen?"]
["2023年","8月份","L0000032479","Sauce Laoganma Paste\\老干妈\\280g/btl","EA",6,9.81,58.86,"Kitchen-Western Kitchen?Yancheng Kitchen?"]
["2023年","8月份","L0000052144","Sauce Japanese Mustard Cream\\日式芥末膏\\43g","PKG",20,7.54,150.8,"Kitchen-Western Kitchen?Yancheng Kitchen?"]
["2023年","8月份","L0000052168","Sauce Knorr Powder Chicken\\家乐鸡精\\900G","TIN",6,26,156,"Kitchen-Western Kitchen?Yancheng Kitchen?"]
["2023年","8月份","L0000060953","Japanese large root\\日式大根","EA",2,9.8932,19.79,"Kitchen-Western Kitchen?Yancheng Kitchen?"]
["2023年","8月份","L0000077387","Vegetable\\Lotus Root Zone\\泡椒藕带\\400G","BAG",10,10,100,"Kitchen-Western Kitchen?Yancheng Kitchen?"]
["2023年","8月份","L0000087181","Dry Goods Others \\CROWN The Mustard Seed\\冠利芥末籽酱 250g","BTL",2,30,60,"Kitchen-Western Kitchen?Yancheng Kitchen?"]
["2023年","8月份","L0000087435","Dry Goods Others\\fresh spicy sauce KNORR\\家乐辣鲜露","BTL",3,21.0291,63.09,"Kitchen-Western Kitchen?Yancheng Kitchen?"]
["2023年","8月份","L0000087541","Dry goods others\\Wild chill pickled\\泡野山椒1.5kg","CAN",2,13,26,"Kitchen-Western Kitchen?Yancheng Kitchen?"]
["2023年","8月份","L0000087556","Dry goods others\\ Salt Vineger White Shanghai\\鼎丰白醋 500ml","BTL",10,4.2,42,"Kitchen-Western Kitchen?Yancheng Kitchen?"]
["2023年","8月份","L0000087644","Dry goods others\\Sauce Haitian Soybean Light Sauce\\海天金标生抽 1.9L","EA",6,19.8,118.8,"Kitchen-Western Kitchen?Yancheng Kitchen?"]
["2023年","8月份","L0000087675","Dry goods others\\Salt Oil Lihong Szechuan Pepper\\黎红花椒油 400ml","EA",2,15.8738,31.75,"Kitchen-Western Kitchen?Yancheng Kitchen?"]
["2023年","8月份","L0000090828","Sea sedge silk\\海苔丝\\PK","PK",2,32.8932,65.79,"Kitchen-Western Kitchen?Yancheng Kitchen?"]
["2023年","8月份","L0000090834","White Sushi Ginger\\白寿司姜片\\PK","PK",2,18.5631,37.13,"Kitchen-Western Kitchen?Yancheng Kitchen?"]
["2023年","8月份","L0000163602","Eggs Alted Vitellus\\咸蛋黄\\10个/盒","BX",2,13,26,"Kitchen-Western Kitchen?Yancheng Kitchen?"]
["2023年","8月份","L0000163757","The chobe Fried sesame sauce culture\\丘比煎培芝麻汁1.5L/瓶","BTL",2,60,120,"Kitchen-Western Kitchen?Yancheng Kitchen?"]
["2023年","8月份","L0000186900","Sushi nori\\寿司海苔\\50张/包","BAG",4,53,212,"Kitchen-Western Kitchen?Yancheng Kitchen?"]
["2023年","8月份","L0000280895","Dingfeng South milk/鼎丰南乳汁\\560G","BTL",2,9.8932,19.79,"Kitchen-Western Kitchen?Yancheng Kitchen?"]
["2023年","8月份","L0000428437","Frozen Snack\\Ann Pumpkin Pie\\安井南瓜饼\\320g\\袋","BAG",10,8.6602,86.6,"Kitchen-Western Kitchen?Yancheng Kitchen?"]
["2023年","8月份","L0000428498","Chinese Seasoning\\Sanwu hot pot base material\\三五火锅底料\\300g\\袋","BAG",10,12.3689,123.69,"Kitchen-Western Kitchen?Yancheng Kitchen?"]
["2023年","8月份","L0000428551","Chinese Seasoning\\The potato fans weigh\\山芋粉丝\\称重\\KG","KG",3,17.3204,51.96,"Kitchen-Western Kitchen?Yancheng Kitchen?"]
["2023年","8月份","L0000466464","Dry Goods\\Ferment sauce\\鼎丰香糟卤\\630ml","BTL",5,6.1262,30.63,"Kitchen-Western Kitchen?Yancheng Kitchen?"]
["2023年","8月份","L0000730862","Instant Noodle\\韩国辛拉面\\120g/包","PK",50,5.34,267,"Kitchen-Western Kitchen?Yancheng Kitchen?"]
["2023年","8月份","L0000815853","Pork with salted vegetable\\梅菜扣肉\\500g/盒","BX",10,35,350,"Kitchen-Western Kitchen?Yancheng Kitchen?"]
["2023年","8月份","L0001531035","Brown sugar cake/红糖发糕/700g","BAG",10,11.6505,116.51,"Kitchen-Western Kitchen?Yancheng Kitchen?"]
["2023年","8月份","L0001689744","Twin Tower Dragon mouth fans\\双塔龙口粉丝\\500g/包","BAG",5,13.5,67.5,"Kitchen-Western Kitchen?Yancheng Kitchen?"]
["2023年","8月份","L0001760436","Millet cake\\小米糕280g/包","BAG",10,8,80,"Kitchen-Western Kitchen?Yancheng Kitchen?"]
["2023年","8月份","L0001865199","Condiments for soup sauce家乐\\金酸汤酱调味料\\1KG/袋","BAG",2,38,76,"Kitchen-Western Kitchen?Yancheng Kitchen?"]
["2023年","8月份","L0001880866","Sesame oil\\金龙鱼芝麻油400ML","BTL",4,23,92,"Kitchen-Western Kitchen?Yancheng Kitchen?"]
["2023年","8月份","L0000017171","Cinnamon Stick\\桂皮","KG",1,37.1942,37.19,"Kitchen-Western Kitchen?Yancheng Kitchen?"]
["2023年","8月份","L0000296830","Vinegar\\丘比日式油醋汁1.5L\\瓶","BTL",1,49.56,49.56,"Kitchen-Western Kitchen?Yancheng Kitchen?"]
["2023年","8月份","L0000666596","Dry Goods\\Donna Vera Penne73#\\维拉两头尖意大利面\\450g","BAG",2,9.29,18.58,"Kitchen-Western Kitchen?Yancheng Kitchen?"]
["2023年","8月份","L0001081952","recipe added\\桂花糕\\KG","KG",2,57.52,115.04,"Kitchen-Western Kitchen?Yancheng Kitchen?"]
["2023年","8月份","L0001172295","Pasta with ossa cuttlefish sauce\\欧萨墨鱼汁意大利面500G\\BAG","BAG",1,24.78,24.78,"Kitchen-Western Kitchen?Yancheng Kitchen?"]
["2023年","8月份","L0001551750","Wufeng glutinous rice Shaomai / 320G/五丰糯米烧麦/320G","BAG",15,11.95,179.25,"Kitchen-Western Kitchen?Yancheng Kitchen?"]
["2023年","8月份","L0000016846","Nestle Milk Powder\\雀巢奶粉袋装\\500g","PK",5,38,190,"Kitchen-Western Kitchen?Yancheng Kitchen?"]
["2023年","8月份","L0000017213","Sichuan Pepper Corn\\花椒","KG",0.5,84.9558,42.48,"Kitchen-Western Kitchen?Yancheng Kitchen?"]
["2023年","8月份","L0000024133","Yang Oil\\味付油扬 湿\\1Kg","PK",2,23.45,46.9,"Kitchen-Western Kitchen?Yancheng Kitchen?"]
["2023年","8月份","L0000032384","Cheese Kraft Powder\\卡夫芝士粉\\85g/bx","EA",2,20.8,41.6,"Kitchen-Western Kitchen?Yancheng Kitchen?"]
["2023年","8月份","L0000032413","Chinese Supreme Products Distiller'S Yeast\\红曲米","KG",1,12.5,12.5,"Kitchen-Western Kitchen?Yancheng Kitchen?"]
["2023年","8月份","L0000032523","Dry Canned Food Del Monte Whole Kernel Corn\\地门玉米粒\\420g/tin","EA",12,7,84,"Kitchen-Western Kitchen?Yancheng Kitchen?"]
["2023年","8月份","L0000032561","Dry Canned Food Aodi Black Pitted Olives\\奥帝无核黑橄榄\\340g/btl","EA",1,12.83,12.83,"Kitchen-Western Kitchen?Yancheng Kitchen?"]
["2023年","8月份","L0000032743","Rice / Grain / Cereal Brown Rice\\黑米","KG",1,10,10,"Kitchen-Western Kitchen?Yancheng Kitchen?"]
["2023年","8月份","L0000036817","Flour / Mix Sweet Potato Starch \\红薯淀粉","KG",0.5,15,7.5,"Kitchen-Western Kitchen?Yancheng Kitchen?"]
["2023年","8月份","L0000060929","Sugar Rock Candy\\单晶冰糖","KG",4,11.06,44.24,"Kitchen-Western Kitchen?Yancheng Kitchen?"]
["2023年","8月份","L0002429045","Fine beef miscella\\精致牛杂600g/包","BAG",5,44.25,221.25,"Kitchen-Western Kitchen?Yancheng Kitchen?"]
["2023年","8月份","L0000075542","Sausage & Hams\\Sausage Lyoner With Paprika\\里昂那肠青椒\\3kg\\pc","KG",2.5,66,165,"Kitchen-Western Kitchen?Yancheng Kitchen?"]
["2023年","8月份","L0000090827","Dried seaw\\海苔粉\\PK","PK",1,21.6814,21.68,"Kitchen-Western Kitchen?Yancheng Kitchen?"]
["2023年","8月份","L0000123334","Fish powder\\红鱼粉\\500g/bag","BAG",1,110.61,110.61,"Kitchen-Western Kitchen?Yancheng Kitchen?"]
["2023年","8月份","L0000258460","Dry Goods Others\\preserved vegetable\\乌江牌榨菜\\70G","BAG",30,2.3,69,"Kitchen-Western Kitchen?Yancheng Kitchen?"]
["2023年","8月份","L0000291606","Chili Sauce\\户户韩国辣酱\\500g/bot","BTL",2,17.2566,34.51,"Kitchen-Western Kitchen?Yancheng Kitchen?"]
["2023年","8月份","L0000024543","Firm Tofu\\老豆腐","EA",4,2.5,10,"Kitchen-Specialty Kitchen?Smoki Moto?"]
["2023年","8月份","L0000024488","Onion Spring\\小葱","KG",1,12,12,"Kitchen-Specialty Kitchen?Smoki Moto?"]
["2023年","8月份","L0000024482","Cucumber\\黄瓜","KG",1.5,6,9,"Kitchen-Specialty Kitchen?Smoki Moto?"]
["2023年","8月份","L0000019343","White Jade Mushroom\\白玉菇","KG",0.5,16,8,"Kitchen-Specialty Kitchen?Smoki Moto?"]
["2023年","8月份","L0000019265","Onion White Peeled\\去皮白洋葱","KG",4,7,28,"Kitchen-Specialty Kitchen?Smoki Moto?"]
["2023年","8月份","L0000024426","Veg Pumpkin Bracket Shape\\南瓜 本地","KG",10,6.5,65,"Kitchen-Specialty Kitchen?Smoki Moto?"]
["2023年","8月份","L0000024572","Radish\\樱桃小萝卜","KG",0.5,13,6.5,"Kitchen-Specialty Kitchen?Smoki Moto?"]
["2023年","8月份","L0000033103","Vegetable Fresh Carrot\\胡萝卜","KG",1,5,5,"Kitchen-Specialty Kitchen?Smoki Moto?"]
["2023年","8月份","L0000400651","Vegetable Fresh/红叶生菜","KG",0.5,33,16.5,"Kitchen-Specialty Kitchen?Smoki Moto?"]
["2023年","8月份","L0000019216","Lettuce Iceburg\\西生菜","KG",3,17,51,"Kitchen-Specialty Kitchen?Smoki Moto?"]
["2023年","8月份","L0000019330","Turnip White\\白萝卜","KG",10,3.6,36,"Kitchen-Specialty Kitchen?Smoki Moto?"]
["2023年","8月份","L0000024455","Oak Leaf Green\\绿橡叶生菜","KG",3,24,72,"Kitchen-Specialty Kitchen?Smoki Moto?"]
["2023年","8月份","L0000024468","Asparagus Green\\芦笋绿","KG",1.5,30,45,"Kitchen-Specialty Kitchen?Smoki Moto?"]
["2023年","8月份","L0000024524","Bean Sprout\\去根黄豆芽","KG",1.5,12,18,"Kitchen-Specialty Kitchen?Smoki Moto?"]
["2023年","8月份","L0000024550","Onion\\去皮干葱头","KG",1,17.8,17.8,"Kitchen-Specialty Kitchen?Smoki Moto?"]
["2023年","8月份","L0000019172","Garlic Clove With Skin\\有衣蒜头","KG",1,8,8,"Kitchen-Specialty Kitchen?Smoki Moto?"]
["2023年","8月份","L0000019104","Baby Carrot Fingerling \\手指胡萝卜","KG",1.5,22,33,"Kitchen-Specialty Kitchen?Smoki Moto?"]
["2023年","8月份","L0000024555","Norika\\法香","KG",1,21,21,"Kitchen-Specialty Kitchen?Smoki Moto?"]
["2023年","8月份","L0001791087","New Zealand sweet bean\\新西兰甜豆1KG/包","BAG",1,20,20,"Kitchen-Specialty Kitchen?Smoki Moto?"]
["2023年","8月份","L0000904803","Vegetable\\Fresh Mushroom \\鲜口蘑\\kg","KG",2,20,40,"Kitchen-Specialty Kitchen?Smoki Moto?"]
["2023年","8月份","L0000076626","Sun Chrysanthemum Petals\\太阳菊花瓣\\20g\\盒","BX",2,20,40,"Kitchen-Specialty Kitchen?Smoki Moto?"]
["2023年","8月份","L0000087066","Vegetable Fresh\\Mushroom Crab Flavor\\蟹味菇 150g","BAG",2,3,6,"Kitchen-Specialty Kitchen?Smoki Moto?"]
["2023年","8月份","L0000162677","Vegetable Fresh Red Cherry Tomato\\红樱桃番茄","KG",1,14,14,"Kitchen-Specialty Kitchen?Smoki Moto?"]
["2023年","8月份","L0000162678","Vegetable Fresh Yellow Cherry Tomato\\黄樱桃番茄","KG",0.5,26,13,"Kitchen-Specialty Kitchen?Smoki Moto?"]
["2023年","8月份","L0000305117","Vegetable Fresh\\Japan‘s big leaf \\日本大叶 20g/盒","BAG",3,10,30,"Kitchen-Specialty Kitchen?Smoki Moto?"]
["2023年","8月份","L0000889637","Vegetable Fresh/Parsley miao/香菜苗/30g*盒/盒","BX",1,12,12,"Kitchen-Specialty Kitchen?Smoki Moto?"]
["2023年","8月份","L0001719629","Sterile eggs can be eaten raw\\无菌可生吃鸡蛋/EA","EA",10,2.15,21.5,"Kitchen-Specialty Kitchen?Smoki Moto?"]
["2023年","8月份","L0000445634","JT-eggs\\鸡蛋-\\KG","KG",4,14,56,"Kitchen-Specialty Kitchen?Smoki Moto?"]
["2023年","8月份","L0000033189","Fruit Fresh Navel Orange\\脐橙","KG",5,10,50,"Kitchen-Specialty Kitchen?Smoki Moto?"]
["2023年","8月份","L0000033187","Fruit Fresh Water Apple Red\\红莲雾","KG",3,75,225,"Kitchen-Specialty Kitchen?Smoki Moto?"]
["2023年","8月份","L0000037388","Fruit Fresh Lichee \\荔枝","KG",0,22,0,"Kitchen-Specialty Kitchen?Smoki Moto?"]
["2023年","8月份","L0000162206","Fruit Fresh Hami Melon\\哈密瓜\\kg","KG",12,4.8,57.6,"Kitchen-Specialty Kitchen?Smoki Moto?"]
["2023年","8月份","L0000018873","Dragon Fruit Redmeat\\红肉火龙果","KG",3,11,33,"Kitchen-Specialty Kitchen?Smoki Moto?"]
["2023年","8月份","L0000018916","Mango Gold\\金皇芒果","KG",2,19,38,"Kitchen-Specialty Kitchen?Smoki Moto?"]
["2023年","8月份","L0000034347","Herbs Fresh Blueberries\\蓝莓\\125 gr/bx","EA",2,9.5,19,"Kitchen-Specialty Kitchen?Smoki Moto?"]
["2023年","8月份","L0001647196","The sun rose\\阳光玫瑰\\大果/KG","KG",2,36,72,"Kitchen-Specialty Kitchen?Smoki Moto?"]
["2023年","8月份","L0000018880","Fuji Apple\\富士苹果","KG",5,12,60,"Kitchen-Specialty Kitchen?Smoki Moto?"]
["2023年","8月份","L0000034158","Fruit Fresh Local Cherry\\本地车厘子","KG",0.5,115,57.5,"Kitchen-Specialty Kitchen?Smoki Moto?"]
["2023年","8月份","L0000428192","Seafood\\River Eel\\河鳗\\650 900g(活)","KG",2,76,152,"Kitchen-Specialty Kitchen?Smoki Moto?"]
["2023年","8月份","L0000016764","Mozzarella Cheese\\马苏里拉水牛芝士\\100g","EA",2,13.27,26.54,"Kitchen-Specialty Kitchen?Smoki Moto?"]
["2023年","8月份","L0000036961","Sauce Black Truffle Pate La Rustichella \\乐琪雅黑松露酱\\280g/btl","EA",1,298,298,"Kitchen-Specialty Kitchen?Smoki Moto?"]
["2023年","8月份","L0000736166","Sweet oil of the tumbler\\不倒翁香油500ML","BTL",1,64.16,64.16,"Kitchen-Specialty Kitchen?Smoki Moto?"]
["2023年","8月份","L0002047873","Sushi nori\\清净园寿司海苔20g/包","BAG",2,18.5,37,"Kitchen-Specialty Kitchen?Smoki Moto?"]
["2023年","8月份","L0002047888","Salted mackerel fillets\\海地村盐渍鲐鱼片1KG/包","BAG",2,102,204,"Kitchen-Specialty Kitchen?Smoki Moto?"]
["2023年","8月份","L0001097798","Japanese pine leaf crab活日本松叶蟹1-1.5kg/只","KG",2,300,600,"Kitchen-Specialty Kitchen?Smoki Moto?"]
["2023年","8月份","L0000401403","Seafood\\Japanese Ebi For Buffet\\日式甜虾刺身用\\1Kg/Bx","KG",1,275,275,"Kitchen-Specialty Kitchen?Smoki Moto?"]
["2023年","8月份","L0001367170","seafood\\sea snail\\海螺（零点海鲜）3-4头","KG",4,100,400,"Kitchen-Specialty Kitchen?Smoki Moto?"]
["2023年","8月份","L0002508608","Fish Frozen Seaurchin\\马粪海胆150-170G","EA",20,40,800,"Kitchen-Specialty Kitchen?Smoki Moto?"]
["2023年","8月份","L0000976229","Green Lobster Live\\小青龙虾 鲜活200-250g","KG",2,400,800,"Kitchen-Specialty Kitchen?Smoki Moto?"]
["2023年","8月份","L0000033358","Shellfish Fresh Jiwei\\基围虾 大\\21－25pcs","KG",1.5,66,99,"Kitchen-Specialty Kitchen?Smoki Moto?"]
["2023年","8月份","L0001369576","Dry Goods Others Dry Ice\\干冰4KG/桶（厨房用）","BRL",2,100,200,"Kitchen-Specialty Kitchen?Smoki Moto?"]
["2023年","8月份","L0000803788","Dry Goods Others\\Olive oil extra virgin\\安提卡特级初榨橄榄油\\1L\\BTL","BTL",2,60,120,"Kitchen-Specialty Kitchen?Smoki Moto?"]
["2023年","8月份","L0000033052","Sugar / Salt Vineger White Shanghai\\上海白醋","EA",10,4,40,"Kitchen-Specialty Kitchen?Smoki Moto?"]
["2023年","8月份","L0000087498","Dry goods others\\Sushi Ginger Bud\\红姜芽 340g","PK",2,20,40,"Kitchen-Specialty Kitchen?Smoki Moto?"]
["2023年","8月份","L0000024121","Sharajum Sweet\\甜丘比酱丘比香甜沙拉酱\\1Kg","PK",2,40,80,"Kitchen-Specialty Kitchen?Smoki Moto?"]
["2023年","8月份","L0000017199","McCormick Pepper Black Coarse Ground Mcm\\味好美粗黑胡椒粉\\453g","CAN",1,105.3689,105.37,"Kitchen-Specialty Kitchen?Smoki Moto?"]
["2023年","8月份","L0000017617","Italy Balsamic\\意大利黑醋\\500ml","BTL",2,30,60,"Kitchen-Specialty Kitchen?Smoki Moto?"]
["2023年","8月份","L0000398627","Food Dry Goods Others/Korea Qingjinyuan Seaweed清净园橄榄油传统海苔/4.5g*9pack","BAG",0,32,0,"Kitchen-Specialty Kitchen?Smoki Moto?"]
["2023年","8月份","L0000667611","Dry Goods\\Bean Black Japanese\\黑豆日本\\800g","BAG",1,22,22,"Kitchen-Specialty Kitchen?Smoki Moto?"]
["2023年","8月份","L0001548371","South Korean shallot roast shallot leaf seasoning shallot kimchi/香辛苑韩国山葱烤肉山蒜叶调味山葱泡菜500克一包","BAG",5,38,190,"Kitchen-Specialty Kitchen?Smoki Moto?"]
["2023年","8月份","L0000036961","Sauce Black Truffle Pate La Rustichella \\乐琪雅黑松露酱\\280g/btl","EA",0,298,0,"Kitchen-Specialty Kitchen?Smoki Moto?"]
["2023年","8月份","L0000254191","Dry Goods/Dry Seafood/Undaria/洋琪中华裙带菜/1000G/Each","EA",2,22,44,"Kitchen-Specialty Kitchen?Smoki Moto?"]
["2023年","8月份","L0000131858","Pepsi \\百事可乐\\330ml\\can","BTL",240,1.612,386.88,"Mini Bar"]
["2023年","8月份","L0000131859","7up\\七喜\\330ml\\can","BTL",240,1.612,386.88,"Mini Bar"]
["2023年","8月份","L0000391127","员餐/EDR\\DryFood\\Tofu\\板豆腐","EA",1,20,20,"Staff Dining"]
["2023年","8月份","L0000189103","EDR-Vegetable Fresh Abalone Mushrooms \\杏鲍菇(员工）","KG",5,12,60,"Staff Dining"]
["2023年","8月份","L0000060716","EDR-Sweet Potato Baby\\小红薯-员餐","KG",12,8.6,103.2,"Staff Dining"]
["2023年","8月份","L0000060706","EDR-Coriander\\香菜-员餐","KG",2,15,30,"Staff Dining"]
["2023年","8月份","L0000023981","EDR-Cucumber\\黄瓜-员餐","KG",10,6,60,"Staff Dining"]
["2023年","8月份","L0000019392","EDR-Ginger Peeled\\生姜去皮-员餐","KG",2,23,46,"Staff Dining"]
["2023年","8月份","L0000017747","EDR-Fried Noodle\\炒面-员餐","KG",10,7,70,"Staff Dining"]
["2023年","8月份","L0000023937","EDR-Green Vegetable\\青菜-员餐","KG",15,6,90,"Staff Dining"]
["2023年","8月份","L0000023927","EDR-Potato Big\\大土豆-员餐","KG",10,6,60,"Staff Dining"]
["2023年","8月份","L0000019402","EDR-Cherry Tomato\\樱桃番茄-员餐","KG",6,14,84,"Staff Dining"]
["2023年","8月份","L0000019396","EDR-Lotus Root\\莲藕洗净-员餐","KG",15,14,210,"Staff Dining"]
["2023年","8月份","L0000019382","EDR-Broccoli Green\\西兰花-员餐","KG",10,16,160,"Staff Dining"]
["2023年","8月份","L0000035387","Vegetable Fresh EDR-Winter Melon\\冬瓜去皮切块-员餐","KG",8,8,64,"Staff Dining"]
["2023年","8月份","L0000023931","EDR-Shallot\\小葱-员餐","KG",3,10,30,"Staff Dining"]
["2023年","8月份","L0000023953","EDR-Celery Local\\本地芹菜-员餐","KG",2,9,18,"Staff Dining"]
["2023年","8月份","L0000023953","EDR-Celery Local\\本地芹菜-员餐","KG",15,9,135,"Staff Dining"]
["2023年","8月份","L0000023979","EDR-Spinach\\菠菜-员餐","KG",5,12.8,64,"Staff Dining"]
["2023年","8月份","L0000289864","Canteen Specific/凉皮/员工","KG",25,7.8,195,"Staff Dining"]
["2023年","8月份","L0000190149","EDR-Shiitake Mushrooms\\鲜香菇（员工餐厅）","KG",3,15.8,47.4,"Staff Dining"]
["2023年","8月份","L0000035391","Vegetable Fresh EDR-Pumpkin\\南瓜去皮切块去籽-员餐","KG",5,7,35,"Staff Dining"]
["2023年","8月份","L0000024023","EDR-Pork\\里脊肉-员餐","KG",15,42,630,"Staff Dining"]
["2023年","8月份","L0000034103","EDR-Sanhuang Chicken\\三黄鸡加工成块 去头和内脏-员餐","KG",30,26.8,804,"Staff Dining"]
["2023年","8月份","L0000087059","EDR\\Egg\\鸡蛋-员餐","KG",30,14,420,"Staff Dining"]
["2023年","8月份","L0000040401","Fruit Fresh EDR-Local Apple\\糖心苹果-员餐","KG",35,9.6,336,"Staff Dining"]
["2023年","8月份","L0000759474","Weifang green radish\\潍坊青萝卜","KG",2,9,18,"Kitchen-Chinese Kitchen?Man Ho?"]
["2023年","8月份","L0000019253","Needle Mushroom\\金针菇","KG",1,10,10,"Kitchen-Chinese Kitchen?Man Ho?"]
["2023年","8月份","L0000033103","Vegetable Fresh Carrot\\胡萝卜","KG",2,5,10,"Kitchen-Chinese Kitchen?Man Ho?"]
["2023年","8月份","L0000033151","Vegetable Fresh Wild Rice Stem\\茭白","KG",2,16,32,"Kitchen-Chinese Kitchen?Man Ho?"]
["2023年","8月份","L0000051422","Spinach/菠菜/Kg","KG",2,13,26,"Kitchen-Chinese Kitchen?Man Ho?"]
["2023年","8月份","L0000024485","Ginger Peeled\\去皮子姜","KG",2,17.8,35.6,"Kitchen-Chinese Kitchen?Man Ho?"]
["2023年","8月份","L0000019201","Kale Chao Zhou\\潮州芥兰","KG",2,23,46,"Kitchen-Chinese Kitchen?Man Ho?"]
["2023年","8月份","L0000019174","Garlic Peeled\\蒜肉","KG",2.7,12,32.4,"Kitchen-Chinese Kitchen?Man Ho?"]
["2023年","8月份","L0000019103","Cabbage Xiao Tang\\小唐菜","KG",2,13,26,"Kitchen-Chinese Kitchen?Man Ho?"]
["2023年","8月份","L0000019102","Cabbage White Small\\小白菜","KG",2,16,32,"Kitchen-Chinese Kitchen?Man Ho?"]
["2023年","8月份","L0000024486","Greens Choisum Canton\\广东菜心","KG",2,14,28,"Kitchen-Chinese Kitchen?Man Ho?"]
["2023年","8月份","L0000034896","Vegetable Fresh Abalone Mushrooms \\杏鲍菇","KG",2,14,28,"Kitchen-Chinese Kitchen?Man Ho?"]
["2023年","8月份","L0000277941","Herbs Fresh Toona Sinensis Seedlings\\香椿苗\\30g/盒\\盒","BX",2,15,30,"Kitchen-Chinese Kitchen?Man Ho?"]
["2023年","8月份","L0000281463","Endive苦菊 kg","KG",1,16,16,"Kitchen-Chinese Kitchen?Man Ho?"]
["2023年","8月份","L0000017690","Rice Noodle\\河粉","KG",3,9,27,"Kitchen-Chinese Kitchen?Man Ho?"]
["2023年","8月份","L0000019256","Okra Green\\秋葵","KG",2,26,52,"Kitchen-Chinese Kitchen?Man Ho?"]
["2023年","8月份","L0001709053","Local quality hens (cleaned)\\本地优母鸡（净膛）","KG",12,39,468,"Kitchen-Chinese Kitchen?Man Ho?"]
["2023年","8月份","L0000445634","JT-eggs\\鸡蛋-\\KG","KG",4,14,56,"Kitchen-Chinese Kitchen?Man Ho?"]
["2023年","8月份","L0000500585","Food Dairy Eggs\\Pigeon Egg\\鸽蛋","EA",10,4.5,45,"Kitchen-Chinese Kitchen?Man Ho?"]
["2023年","8月份","L0000018873","Dragon Fruit Redmeat\\红肉火龙果","KG",1.5,11,16.5,"Kitchen-Chinese Kitchen?Man Ho?"]
["2023年","8月份","L0000018919","HaiNan TaiNong Mango \\大台农芒果","KG",2,18,36,"Kitchen-Chinese Kitchen?Man Ho?"]
["2023年","8月份","L0000162206","Fruit Fresh Hami Melon\\哈密瓜\\kg","KG",4,4.8,19.2,"Kitchen-Chinese Kitchen?Man Ho?"]
["2023年","8月份","L0000018960","Local Seedless Watermelon\\本地无籽西瓜","KG",5,4.2,21,"Kitchen-Chinese Kitchen?Man Ho?"]
["2023年","8月份","L0000032438","Chinese Supreme Products Preserved Vegetable\\梅干菜","KG",1,36,36,"Kitchen-Chinese Kitchen?Man Ho?"]
["2023年","8月份","L0000020877","River Prawn\\河虾","KG",1,250,250,"Kitchen-Chinese Kitchen?Man Ho?"]
["2023年","8月份","L0000019545","Frozen Saury Processed\\冻秋刀鱼杀好","KG",2,40,80,"Kitchen-Chinese Kitchen?Man Ho?"]
["2023年","8月份","L0000022324","Weever\\鲈鱼\\0.6-0.75kg","KG",1.5,50,75,"Kitchen-Chinese Kitchen?Man Ho?"]
["2023年","8月份","L0000534756","Staff Canteen Bean Curd\\薄千张\\KG","KG",2,14,28,"Kitchen-Western Kitchen?Yancheng Kitchen?"]
["2023年","8月份","L0000024543","Firm Tofu\\老豆腐","EA",6,2.5,15,"Kitchen-Western Kitchen?Yancheng Kitchen?"]
["2023年","8月份","L0000019253","Needle Mushroom\\金针菇","KG",5,10,50,"Kitchen-Western Kitchen?Yancheng Kitchen?"]
["2023年","8月份","L0000019085","Local Bell Pepper Yellow\\本地黄圆椒","KG",1,29,29,"Kitchen-Western Kitchen?Yancheng Kitchen?"]
["2023年","8月份","L0000019084","Local Bell Pepper Red\\本地红圆椒","KG",1,25,25,"Kitchen-Western Kitchen?Yancheng Kitchen?"]
["2023年","8月份","L0000024548","Fresh Shiitake Mushrooms/鲜香菇/Kg","KG",1,19,19,"Kitchen-Western Kitchen?Yancheng Kitchen?"]
["2023年","8月份","L0000033103","Vegetable Fresh Carrot\\胡萝卜","KG",5,5,25,"Kitchen-Western Kitchen?Yancheng Kitchen?"]
["2023年","8月份","L0000024552","Cuke\\日本小黄瓜","KG",1,14,14,"Kitchen-Western Kitchen?Yancheng Kitchen?"]
["2023年","8月份","L0000400651","Vegetable Fresh/红叶生菜","KG",1.5,33,49.5,"Kitchen-Western Kitchen?Yancheng Kitchen?"]
["2023年","8月份","L0000087075","Vegetable Fresh\\Chili red\\红杭椒","KG",2,23,46,"Kitchen-Western Kitchen?Yancheng Kitchen?"]
["2023年","8月份","L0000051422","Spinach/菠菜/Kg","KG",3,13,39,"Kitchen-Western Kitchen?Yancheng Kitchen?"]
["2023年","8月份","L0000033114","Vegetable Fresh Potato Sweet\\红薯","KG",10,5.5,55,"Kitchen-Western Kitchen?Yancheng Kitchen?"]
["2023年","8月份","L0000024532","Chili Red/红尖椒/Kg","KG",2,16,32,"Kitchen-Western Kitchen?Yancheng Kitchen?"]
["2023年","8月份","L0000087071","Vegetable Fresh\\Celtuce peeled\\去皮莴笋","KG",2,15,30,"Kitchen-Western Kitchen?Yancheng Kitchen?"]
["2023年","8月份","L0000037399","Seafood Flavor Mushroom/海鲜菇/Kg","KG",3,16,48,"Kitchen-Western Kitchen?Yancheng Kitchen?"]
["2023年","8月份","L0000033111","Vegetable Fresh Cabbage Shanghai\\上海青 只留菜心部分","KG",3,8,24,"Kitchen-Western Kitchen?Yancheng Kitchen?"]
["2023年","8月份","L0000019219","Local Lettuce\\本地生菜","KG",3,9,27,"Kitchen-Western Kitchen?Yancheng Kitchen?"]
["2023年","8月份","L0000019325","Tomato Larage Local\\大番茄","KG",3,8,24,"Kitchen-Western Kitchen?Yancheng Kitchen?"]
["2023年","8月份","L0000033106","Vegetable Fresh Corn Stick\\鲜玉米棒","KG",10,9,90,"Kitchen-Western Kitchen?Yancheng Kitchen?"]
["2023年","8月份","L0000024482","Cucumber\\黄瓜","KG",1,6,6,"Kitchen-Western Kitchen?Yancheng Kitchen?"]
["2023年","8月份","L0000024499","Parsley\\荷兰芹","KG",0.5,25,12.5,"Kitchen-Western Kitchen?Yancheng Kitchen?"]
["2023年","8月份","L0000024488","Onion Spring\\小葱","KG",1,12,12,"Kitchen-Western Kitchen?Yancheng Kitchen?"]
["2023年","8月份","L0000024487","Onion Red\\红洋葱","KG",4,4,16,"Kitchen-Western Kitchen?Yancheng Kitchen?"]
["2023年","8月份","L0000019164","Fresh Peanut\\生花生","KG",3,11,33,"Kitchen-Western Kitchen?Yancheng Kitchen?"]
["2023年","8月份","L0000024481","Coriander\\香菜","KG",1,17,17,"Kitchen-Western Kitchen?Yancheng Kitchen?"]
["2023年","8月份","L0000019091","Bottle Gourd\\葫芦瓜","KG",2,10,20,"Kitchen-Western Kitchen?Yancheng Kitchen?"]
["2023年","8月份","L0001525509","Guilin Rice noodles/桂林米粉","KG",5,10,50,"Kitchen-Western Kitchen?Yancheng Kitchen?"]
["2023年","8月份","L0000281463","Endive苦菊 kg","KG",1.5,16,24,"Kitchen-Western Kitchen?Yancheng Kitchen?"]
["2023年","8月份","L0000105415","Vegetable Fresh\\Egg Noodle\\鸡蛋面","KG",8,10,80,"Kitchen-Western Kitchen?Yancheng Kitchen?"]
["2023年","8月份","L0000090723","Caudate lobe\\散尾叶\\EA","EA",2,18,36,"Kitchen-Western Kitchen?Yancheng Kitchen?"]
["2023年","8月份","L0000034896","Vegetable Fresh Abalone Mushrooms \\杏鲍菇","KG",5,14,70,"Kitchen-Western Kitchen?Yancheng Kitchen?"]
["2023年","8月份","L0000033145","Vegetable Fresh Garlic Sprout\\蒜苔 去尾 去头","KG",2,16,32,"Kitchen-Western Kitchen?Yancheng Kitchen?"]
["2023年","8月份","L0000033136","Vegetable Fresh Cauliflower\\花菜","KG",3,8.8,26.4,"Kitchen-Western Kitchen?Yancheng Kitchen?"]
["2023年","8月份","L0000033131","Vegetable Fresh Local Celery\\芹菜(本地)","KG",3,10,30,"Kitchen-Western Kitchen?Yancheng Kitchen?"]
["2023年","8月份","L0000033120","Vegetable Fresh Bean Green Long\\长豆角","KG",3,9.8,29.4,"Kitchen-Western Kitchen?Yancheng Kitchen?"]
["2023年","8月份","L0000024544","Smoked Bean Curd\\香干","KG",0.5,13,6.5,"Kitchen-Western Kitchen?Yancheng Kitchen?"]
["2023年","8月份","L0000024443","Hand Tooled Noodle\\手工面","KG",6,8,48,"Kitchen-Western Kitchen?Yancheng Kitchen?"]
["2023年","8月份","L0000019330","Turnip White\\白萝卜","KG",5,3.6,18,"Kitchen-Western Kitchen?Yancheng Kitchen?"]
["2023年","8月份","L0000019195","Thyme Fresh Bundle\\鲜百里香","KG",0.2,72,14.4,"Kitchen-Western Kitchen?Yancheng Kitchen?"]
["2023年","8月份","L0000019109","Celery Process\\加工西芹","KG",2,16,32,"Kitchen-Western Kitchen?Yancheng Kitchen?"]
["2023年","8月份","L0000019119","Chilli Green\\青尖椒","KG",2,10,20,"Kitchen-Western Kitchen?Yancheng Kitchen?"]
["2023年","8月份","L0000019192","Rosemary Fresh\\鲜迷迭香","KG",0.2,86,17.2,"Kitchen-Western Kitchen?Yancheng Kitchen?"]
["2023年","8月份","L0000024414","Chili Green Hang Jiao\\绿杭椒","KG",2,15.6,31.2,"Kitchen-Western Kitchen?Yancheng Kitchen?"]
["2023年","8月份","L0000019083","Local Bell Pepper Green\\本地青圆椒","KG",1,14,14,"Kitchen-Western Kitchen?Yancheng Kitchen?"]
["2023年","8月份","L0000018611","German Salt Trotter Fore \\德国咸猪手","KG",10,47,470,"Kitchen-Western Kitchen?Yancheng Kitchen?"]
["2023年","8月份","L0000023646","Pork with skin\\带皮五花肉","KG",5,36,180,"Kitchen-Western Kitchen?Yancheng Kitchen?"]
["2023年","8月份","L0000023681","Pork Meat\\肉片","KG",3,38,114,"Kitchen-Western Kitchen?Yancheng Kitchen?"]
["2023年","8月份","L0000039719","Pork Local Frozen Pork Ribs \\冻猪肋排骨","KG",5,65,325,"Kitchen-Western Kitchen?Yancheng Kitchen?"]
["2023年","8月份","L0001709059","Peeled pork square\\去皮五花四方肉\\精修肉厚","KG",5,48,240,"Kitchen-Western Kitchen?Yancheng Kitchen?"]
["2023年","8月份","L0000122700","Frozen Chicken feet\\冻鸡爪","KG",5,45,225,"Kitchen-Western Kitchen?Yancheng Kitchen?"]
["2023年","8月份","L0000023723","Duck\\白条鸭","KG",5,24.8,124,"Kitchen-Western Kitchen?Yancheng Kitchen?"]
["2023年","8月份","L0000794917","beef fillet/免浆牛柳/KG","KG",2,96,192,"Kitchen-Western Kitchen?Yancheng Kitchen?"]
["2023年","8月份","L0001709053","Local quality hens (cleaned)\\本地优母鸡（净膛）","KG",6,39,234,"Kitchen-Western Kitchen?Yancheng Kitchen?"]
["2023年","8月份","L0000445634","JT-eggs\\鸡蛋-\\KG","KG",40,14,560,"Kitchen-Western Kitchen?Yancheng Kitchen?"]
["2023年","8月份","L0000022265","Local Grape\\本地葡萄","KG",1,14,14,"Kitchen-Western Kitchen?Yancheng Kitchen?"]
["2023年","8月份","L0000018880","Fuji Apple\\富士苹果","KG",15,12,180,"Kitchen-Western Kitchen?Yancheng Kitchen?"]
["2023年","8月份","L0000037213","Fruit Fresh Small Mango \\小台芒","KG",2,11,22,"Kitchen-Western Kitchen?Yancheng Kitchen?"]
["2023年","8月份","L0000033180","Fruit Fresh Lemon\\柠檬","KG",3,12.6,37.8,"Kitchen-Western Kitchen?Yancheng Kitchen?"]
["2023年","8月份","L0001647201","The sun rose\\阳光玫瑰\\小果/KG","KG",1,30,30,"Kitchen-Western Kitchen?Yancheng Kitchen?"]
["2023年","8月份","L0001863788","Pineapple pulp\\菠萝密果肉","KG",3,34,102,"Kitchen-Western Kitchen?Yancheng Kitchen?"]
["2023年","8月份","L0000018874","Dragon Fruit\\白肉火龙果","KG",20,8.4,168,"Kitchen-Western Kitchen?Yancheng Kitchen?"]
["2023年","8月份","L0000018908","Thai Lime\\泰国青柠檬","KG",1,27,27,"Kitchen-Western Kitchen?Yancheng Kitchen?"]
["2023年","8月份","L0000449351","Honey melon Fresh 香瓜（玉菇瓜）","KG",30,6.4,192,"Kitchen-Western Kitchen?Yancheng Kitchen?"]
["2023年","8月份","L0000051509","Banana Import\\进口香蕉","KG",15,9.6,144,"Kitchen-Western Kitchen?Yancheng Kitchen?"]
["2023年","8月份","L0000033182","Fruit Fresh Coconut\\青椰子(去壳)","EA",99,9.5,940.5,"Kitchen-Western Kitchen?Yancheng Kitchen?"]
["2023年","8月份","L0000162206","Fruit Fresh Hami Melon\\哈密瓜\\kg","KG",20,4.8,96,"Kitchen-Western Kitchen?Yancheng Kitchen?"]
["2023年","8月份","L0000036710","Fruit Fresh Grape Red Local \\国产红提","KG",1,18,18,"Kitchen-Western Kitchen?Yancheng Kitchen?"]
["2023年","8月份","L0000033170","Fruit Fresh Nectarine\\油桃","KG",15,12,180,"Kitchen-Western Kitchen?Yancheng Kitchen?"]
["2023年","8月份","L0000018896","Honey Pear\\蜜梨","KG",6.5,16,104,"Kitchen-Western Kitchen?Yancheng Kitchen?"]
["2023年","8月份","L0000018960","Local Seedless Watermelon\\本地无籽西瓜","KG",70,4.2,294,"Kitchen-Western Kitchen?Yancheng Kitchen?"]
["2023年","8月份","L0000018872","Date Winter\\冬枣","KG",2,30,60,"Kitchen-Western Kitchen?Yancheng Kitchen?"]
["2023年","8月份","L0000075915","Shellfish Fresh Clam \\白蛤（无沙）","KG",1,20,20,"Kitchen-Western Kitchen?Yancheng Kitchen?"]
["2023年","8月份","L0000075129","Clam 无沙花蛤","KG",1,20,20,"Kitchen-Western Kitchen?Yancheng Kitchen?"]
["2023年","8月份","L0000038698","Shellfish Fresh Big Size Clam \\大文蛤","KG",5,35,175,"Kitchen-Western Kitchen?Yancheng Kitchen?"]
["2023年","8月份","L0001791624","Red crab\\冻红花蟹200-300G\\出成75%/KG","KG",5,95,475,"Kitchen-Western Kitchen?Yancheng Kitchen?"]
["2023年","8月份","L0002082527","DS ox willow\\DS牛柳/Kg","KG",15,88,1320,"Kitchen-Western Kitchen?Yancheng Kitchen?"]
["2023年","8月份","L0002495180","Argentine beef fillet\\阿根廷牛柳","KG",15,135,2025,"Kitchen-Western Kitchen?Yancheng Kitchen?"]
["2023年","8月份","L0002331836","chilled salmon fillet\\集采冰鲜三文鱼柳","KG",9.5,152,1444,"Kitchen-Western Kitchen?Yancheng Kitchen?"]
["2023年","8月份","L0000019718","Razor Clam\\蛏子","KG",1,35,35,"Kitchen-Western Kitchen?Yancheng Kitchen?"]
["2023年","8月份","L0000033359","Shellfish Fresh Jiwei\\基围虾 小\\50pcs","KG",6,65,390,"Kitchen-Western Kitchen?Yancheng Kitchen?"]
["2023年","8月份","L0000033394","Fish Fresh Bull Fog牛蛙活(大)","KG",5,35,175,"Kitchen-Western Kitchen?Yancheng Kitchen?"]
["2023年","8月份","L0000582282","Frozen small dragon\\冻小青龙200-300g\\kg","KG",20,220,4400,"Kitchen-Western Kitchen?Yancheng Kitchen?"]
["2023年","8月份","L0001523361","ERD/Mengniu fresh milk / 180ml * 12/员餐/蒙牛鲜牛奶/180ml*12","CS",9,29,261,"Staff Dining"]
["2023年","8月份","L0000023927","EDR-Potato Big\\大土豆-员餐","KG",20,6,120,"Staff Dining"]
["2023年","8月份","L0000019402","EDR-Cherry Tomato\\樱桃番茄-员餐","KG",5,14,70,"Staff Dining"]
["2023年","8月份","L0000019382","EDR-Broccoli Green\\西兰花-员餐","KG",15,16,240,"Staff Dining"]
["2023年","8月份","L0000019388","EDR-Corn Seed\\玉米粒-员餐","KG",10,12.6,126,"Staff Dining"]
["2023年","8月份","L0000035398","Vegetable Fresh EDR-Corn\\玉米棒切节-员餐","KG",12,9.8,117.6,"Staff Dining"]
["2023年","8月份","L0000019412","EDR-Eggplant\\茄子-员餐","KG",18,8.8,158.4,"Staff Dining"]
["2023年","8月份","L0000019403","EDR-Tomato\\番茄-员餐","KG",6,7,42,"Staff Dining"]
["2023年","8月份","L0000087014","EDR\\Chicken breast\\鸡胸肉-员餐","KG",4,24,96,"Staff Dining"]
["2023年","8月份","L0000024039","EDR-Pork Stuffing\\猪肉末-员餐","KG",2,38,76,"Staff Dining"]
["2023年","8月份","L0000279505","EDR\\\\员工水发肉皮KG","KG",12,36,432,"Staff Dining"]
["2023年","8月份","L0000024035","EDR-Pork Belly\\五花肉-员餐","KG",12,36,432,"Staff Dining"]
["2023年","8月份","L0000024035","EDR-Pork Belly\\五花肉-员餐","KG",16,36,576,"Staff Dining"]
["2023年","8月份","L0000223422","EDR-Eggs\\Egg Quail\\鹌鹑蛋-去壳（员工）","KG",3,25.8,77.4,"Staff Dining"]
["2023年","8月份","L0000018984","EDR-Hami Melon\\哈密瓜-员餐","KG",50,4.8,240,"Staff Dining"]
["2023年","8月份","L0000034718","Fish Fresh EDR-Grass Carp\\草鱼 净 -员餐","KG",28,22,616,"Staff Dining"]
["2023年","8月份","L0001553624","ERD/Blend oil/非转基因调和油/金龙鱼/10L*2/员餐","CS",3,270,810,"Staff Dining"]
["2023年","8月份","L0000023826","EDR-Salt Tidmans Fine No Iodine\\盐-员餐\\500g","PK",40,2,80,"Staff Dining"]
["2023年","8月份","L0000074480","Dry Goods Frozen\\EDR AnJing Rice Ball\\安井汤圆500g-员餐\\BAG","BAG",30,7.88,236.4,"Staff Dining"]
["2023年","8月份","L0000087613","EDR\\Star anise\\八角-员餐","KG",2,110.4,220.8,"Staff Dining"]
["2023年","8月份","L0000087450","EDR\\Red star erguotou\\红星二锅头-员餐","BTL",5,17,85,"Staff Dining"]
["2023年","8月份","L0000170466","Canteen Food Rice Tomato Vermicelli\\员餐红薯粉丝kg","KG",5,9,45,"Staff Dining"]
["2023年","8月份","L0000281469","Jinbiao soya sauce海天金标生抽/1.9L/瓶 -员餐","EA",12,19.45,233.4,"Staff Dining"]
["2023年","8月份","L0000668676","EDR/Green Bean\\绿豆-员工/KG","KG",15,19.2,288,"Staff Dining"]
["2023年","8月份","L0000103475","Within the progenitor of lipid box of tofu\\祖名内脂盒豆腐\\410/bx","BX",4,1.6,6.4,"Kitchen-Specialty Kitchen?Smoki Moto?"]
["2023年","8月份","L0000024532","Chili Red/红尖椒/Kg","KG",1,16,16,"Kitchen-Specialty Kitchen?Smoki Moto?"]
["2023年","8月份","L0000019273","Ping mushroom\\平菇","KG",1,15,15,"Kitchen-Specialty Kitchen?Smoki Moto?"]
["2023年","8月份","L0000019228","Mao Bean Seed\\毛豆仁","KG",0.5,20,10,"Kitchen-Specialty Kitchen?Smoki Moto?"]
["2023年","8月份","L0000051422","Spinach/菠菜/Kg","KG",3,13,39,"Kitchen-Specialty Kitchen?Smoki Moto?"]
["2023年","8月份","L0000033103","Vegetable Fresh Carrot\\胡萝卜","KG",2,5,10,"Kitchen-Specialty Kitchen?Smoki Moto?"]
["2023年","8月份","L0000024548","Fresh Shiitake Mushrooms/鲜香菇/Kg","KG",2,19,38,"Kitchen-Specialty Kitchen?Smoki Moto?"]
["2023年","8月份","L0000024572","Radish\\樱桃小萝卜","KG",0.5,13,6.5,"Kitchen-Specialty Kitchen?Smoki Moto?"]
["2023年","8月份","L0000024414","Chili Green Hang Jiao\\绿杭椒","KG",1,15.6,15.6,"Kitchen-Specialty Kitchen?Smoki Moto?"]
["2023年","8月份","L0000019330","Turnip White\\白萝卜","KG",8,3.6,28.8,"Kitchen-Specialty Kitchen?Smoki Moto?"]
["2023年","8月份","L0000019265","Onion White Peeled\\去皮白洋葱","KG",4,7,28,"Kitchen-Specialty Kitchen?Smoki Moto?"]
["2023年","8月份","L0000019119","Chilli Green\\青尖椒","KG",1,10,10,"Kitchen-Specialty Kitchen?Smoki Moto?"]
["2023年","8月份","L0000033137","Vegetable Fresh Crowndaisy Chrysanthemum\\茼蒿 去头 尾到茎长\\20cm","KG",0.5,12,6,"Kitchen-Specialty Kitchen?Smoki Moto?"]
["2023年","8月份","L0000034347","Herbs Fresh Blueberries\\蓝莓\\125 gr/bx","EA",2,9.5,19,"Kitchen-Specialty Kitchen?Smoki Moto?"]
["2023年","8月份","L0000970199","Produce蔬菜水果\\green lemon lenves\\泰国小青柠檬","KG",0.5,24,12,"Kitchen-Specialty Kitchen?Smoki Moto?"]
["2023年","8月份","L0000018881","Local Giant Grape\\国产巨峰葡萄","KG",2,20,40,"Kitchen-Specialty Kitchen?Smoki Moto?"]
["2023年","8月份","L0000018960","Local Seedless Watermelon\\本地无籽西瓜","KG",6,4.2,25.2,"Kitchen-Specialty Kitchen?Smoki Moto?"]
["2023年","8月份","L0000090740","Crown Sydney\\皇冠梨\\KG","KG",6,10,60,"Kitchen-Specialty Kitchen?Smoki Moto?"]
["2023年","8月份","L0000303484","Seafood\\YEN FOOD ABALONE LIVE 8PC\\鲜活鲍鱼（8头）\\KG","KG",2,156,312,"Kitchen-Specialty Kitchen?Smoki Moto?"]
["2023年","8月份","L0000304198","Fish Fresh\\Fresh Huanghua Fish\\大黄花鱼 300-400g","KG",8,56,448,"Kitchen-Specialty Kitchen?Smoki Moto?"]
["2023年","8月份","L0002508608","Fish Frozen Seaurchin\\马粪海胆150-170G","EA",6,40,240,"Kitchen-Specialty Kitchen?Smoki Moto?"]
["2023年","8月份","L0000019192","Rosemary Fresh\\鲜迷迭香","KG",0.2,86,17.2,"Kitchen-Pastry"]
["2023年","8月份","L0001647201","The sun rose\\阳光玫瑰\\小果/KG","KG",2,30,60,"Kitchen-Pastry"]
["2023年","8月份","L0000034347","Herbs Fresh Blueberries\\蓝莓\\125 gr/bx","EA",10,9.5,95,"Kitchen-Pastry"]
["2023年","8月份","L0001724166","Da Da Strong frozen Durian Cake\\大佬强速冻榴莲酥\\8.64kg （40g*216只）/CS","CS",1,291,291,"Kitchen-Pastry"]
["2023年","8月份","L0002247040","Furlum Vanilla raisin Roll\\芙尔伦香草味葡萄干卷35g*140个/箱","CS",1,410,410,"Kitchen-Pastry"]
["2023年","8月份","L0002247034","Furlum Mini French croissant\\芙尔伦迷你法式羊角30g*140个/箱","CS",2,286,572,"Kitchen-Pastry"]
["2023年","8月份","L0002239559","Crunchy Beaded chocolate\\埃琳茉脆脆珠巧克力500g/包（黑，白，草莓）","BAG",2,80,160,"Kitchen-Pastry"]
["2023年","8月份","L0002247044","Furlum chocolate roll\\芙尔伦巧克力卷45g*112个/箱","CS",1,410,410,"Kitchen-Pastry"]
["2023年","8月份","L0001531098","St.meccaro Chocolate\\圣美卡罗优醇巧克力\\1kg\\包","BAG",10,36.28,362.8,"Kitchen-Pastry"]
["2023年","8月份","L0001531101","Florimont cream\\稀奶油\\法仕睿\\1L/盒","BX",12,43,516,"Kitchen-Pastry"]
["2023年","8月份","L0002239533","Pineapple mesh crisp\\芙尔伦凤梨网格酥35g*140个/箱","CS",1,371.68,371.68,"Kitchen-Pastry"]
["2023年","8月份","L0000033103","Vegetable Fresh Carrot\\胡萝卜","KG",5,5,25,"Kitchen-Western Kitchen?Yancheng Kitchen?"]
["2023年","8月份","L0000400651","Vegetable Fresh/红叶生菜","KG",2,33,66,"Kitchen-Western Kitchen?Yancheng Kitchen?"]
["2023年","8月份","L0000019253","Needle Mushroom\\金针菇","KG",5,10,50,"Kitchen-Western Kitchen?Yancheng Kitchen?"]
["2023年","8月份","L0000051424","Veg You Mai\\油麦菜","KG",5,9,45,"Kitchen-Western Kitchen?Yancheng Kitchen?"]
["2023年","8月份","L0000033111","Vegetable Fresh Cabbage Shanghai\\上海青 只留菜心部分","KG",3,8,24,"Kitchen-Western Kitchen?Yancheng Kitchen?"]
["2023年","8月份","L0000024526","Potato Baby\\土豆","KG",6,6,36,"Kitchen-Western Kitchen?Yancheng Kitchen?"]
["2023年","8月份","L0000024488","Onion Spring\\小葱","KG",1,12,12,"Kitchen-Western Kitchen?Yancheng Kitchen?"]
["2023年","8月份","L0000024487","Onion Red\\红洋葱","KG",4,4,16,"Kitchen-Western Kitchen?Yancheng Kitchen?"]
["2023年","8月份","L0000024482","Cucumber\\黄瓜","KG",2,6,12,"Kitchen-Western Kitchen?Yancheng Kitchen?"]
["2023年","8月份","L0000019219","Local Lettuce\\本地生菜","KG",3,9,27,"Kitchen-Western Kitchen?Yancheng Kitchen?"]
["2023年","8月份","L0000024481","Coriander\\香菜","KG",1,17,17,"Kitchen-Western Kitchen?Yancheng Kitchen?"]
["2023年","8月份","L0000024567","Chinese Yam\\铁棍山药","KG",4,19,76,"Kitchen-Western Kitchen?Yancheng Kitchen?"]
["2023年","8月份","L0001525509","Guilin Rice noodles/桂林米粉","KG",5,10,50,"Kitchen-Western Kitchen?Yancheng Kitchen?"]
["2023年","8月份","L0000105415","Vegetable Fresh\\Egg Noodle\\鸡蛋面","KG",8,10,80,"Kitchen-Western Kitchen?Yancheng Kitchen?"]
["2023年","8月份","L0000087048","Cabbage Chinese Long\\大白菜","KG",5,5,25,"Kitchen-Western Kitchen?Yancheng Kitchen?"]
["2023年","8月份","L0000019091","Bottle Gourd\\葫芦瓜","KG",4,10,40,"Kitchen-Western Kitchen?Yancheng Kitchen?"]
["2023年","8月份","L0000019330","Turnip White\\白萝卜","KG",5,3.6,18,"Kitchen-Western Kitchen?Yancheng Kitchen?"]
["2023年","8月份","L0000024443","Hand Tooled Noodle\\手工面","KG",5,8,40,"Kitchen-Western Kitchen?Yancheng Kitchen?"]
["2023年","8月份","L0000024486","Greens Choisum Canton\\广东菜心","KG",2,14,28,"Kitchen-Western Kitchen?Yancheng Kitchen?"]
["2023年","8月份","L0000033136","Vegetable Fresh Cauliflower\\花菜","KG",4,8.8,35.2,"Kitchen-Western Kitchen?Yancheng Kitchen?"]
["2023年","8月份","L0000034896","Vegetable Fresh Abalone Mushrooms \\杏鲍菇","KG",5,14,70,"Kitchen-Western Kitchen?Yancheng Kitchen?"]
["2023年","8月份","L0002531856","Donkey meat\\驴肉","KG",3,158,474,"Kitchen-Western Kitchen?Yancheng Kitchen?"]
["2023年","8月份","L0000023536","Frozen Pork\\冻猪手","KG",7,50,350,"Kitchen-Western Kitchen?Yancheng Kitchen?"]
["2023年","8月份","L0000033254","Pork Local Bone\\猪筒骨","KG",12,38,456,"Kitchen-Western Kitchen?Yancheng Kitchen?"]
["2023年","8月份","L0000445634","JT-eggs\\鸡蛋-\\KG","KG",40,14,560,"Kitchen-Western Kitchen?Yancheng Kitchen?"]
["2023年","8月份","L0000018880","Fuji Apple\\富士苹果","KG",18,12,216,"Kitchen-Western Kitchen?Yancheng Kitchen?"]
["2023年","8月份","L0000022265","Local Grape\\本地葡萄","KG",1,14,14,"Kitchen-Western Kitchen?Yancheng Kitchen?"]
["2023年","8月份","L0000162206","Fruit Fresh Hami Melon\\哈密瓜\\kg","KG",25,4.8,120,"Kitchen-Western Kitchen?Yancheng Kitchen?"]
["2023年","8月份","L0000033170","Fruit Fresh Nectarine\\油桃","KG",20,12,240,"Kitchen-Western Kitchen?Yancheng Kitchen?"]
["2023年","8月份","L0000018960","Local Seedless Watermelon\\本地无籽西瓜","KG",48,4.2,201.6,"Kitchen-Western Kitchen?Yancheng Kitchen?"]
["2023年","8月份","L0000018896","Honey Pear\\蜜梨","KG",8.7,16,139.2,"Kitchen-Western Kitchen?Yancheng Kitchen?"]
["2023年","8月份","L0000018872","Date Winter\\冬枣","KG",2,30,60,"Kitchen-Western Kitchen?Yancheng Kitchen?"]
["2023年","8月份","L0000033182","Fruit Fresh Coconut\\青椰子(去壳)","EA",99,9.5,940.5,"Kitchen-Western Kitchen?Yancheng Kitchen?"]
["2023年","8月份","L0000449351","Honey melon Fresh 香瓜（玉菇瓜）","KG",30,6.4,192,"Kitchen-Western Kitchen?Yancheng Kitchen?"]
["2023年","8月份","L0001863788","Pineapple pulp\\菠萝密果肉","KG",3,34,102,"Kitchen-Western Kitchen?Yancheng Kitchen?"]
["2023年","8月份","L0000524458","Millennium tomato\\千禧小番茄","KG",3,12,36,"Kitchen-Western Kitchen?Yancheng Kitchen?"]
["2023年","8月份","L0000051509","Banana Import\\进口香蕉","KG",15,9.6,144,"Kitchen-Western Kitchen?Yancheng Kitchen?"]
["2023年","8月份","L0001618186","Swimming crab\\梭子蟹\\每只130g-150g/KG","KG",9,80,720,"Kitchen-Western Kitchen?Yancheng Kitchen?"]
["2023年","8月份","L0001618186","Swimming crab\\梭子蟹\\每只130g-150g/KG","KG",16,80,1280,"Kitchen-Western Kitchen?Yancheng Kitchen?"]
["2023年","8月份","L0002331836","chilled salmon fillet\\集采冰鲜三文鱼柳","KG",8.2,152,1246.4,"Kitchen-Western Kitchen?Yancheng Kitchen?"]
["2023年","8月份","L0001791624","Red crab\\冻红花蟹200-300G\\出成75%/KG","KG",4.8,95,456,"Kitchen-Western Kitchen?Yancheng Kitchen?"]
["2023年","8月份","L0001514960","Seafood\\Small pomfret\\冰冻小鲳鱼100g-120g/条","KG",5,42,210,"Kitchen-Western Kitchen?Yancheng Kitchen?"]
["2023年","8月份","L0000164202","Frozen small yellow croaker washed\\冰冻小黄鱼洗净","KG",5,50,250,"Kitchen-Western Kitchen?Yancheng Kitchen?"]
["2023年","8月份","L0000038698","Shellfish Fresh Big Size Clam \\大文蛤","KG",5,35,175,"Kitchen-Western Kitchen?Yancheng Kitchen?"]
["2023年","8月份","L0001935036","Lamb 12 ribs lamb chops\\小绵羊12肋羊排","KG",9.9,88.07,871.89,"Kitchen-Western Kitchen?Yancheng Kitchen?"]
["2023年","8月份","L0000019714","LuoShi Prawn\\罗氏虾\\35pcs","KG",10,70,700,"Kitchen-Western Kitchen?Yancheng Kitchen?"]
["2023年","8月份","L0001934991","June yellow crab\\六月黄螃蟹100g-125g","KG",10,110,1100,"Kitchen-Western Kitchen?Yancheng Kitchen?"]
["2023年","8月份","L0001934991","June yellow crab\\六月黄螃蟹100g-125g","KG",5,110,550,"Kitchen-Western Kitchen?Yancheng Kitchen?"]
["2023年","8月份","L0000976229","Green Lobster Live\\小青龙虾 鲜活200-250g","KG",32.8,400,13120,"Kitchen-Western Kitchen?Yancheng Kitchen?"]
["2023年","8月份","L0000019714","LuoShi Prawn\\罗氏虾\\35pcs","KG",20,70,1400,"Kitchen-Western Kitchen?Yancheng Kitchen?"]
["2023年","8月份","L0000033394","Fish Fresh Bull Fog牛蛙活(大)","KG",5,35,175,"Kitchen-Western Kitchen?Yancheng Kitchen?"]
["2023年","8月份","L0000033359","Shellfish Fresh Jiwei\\基围虾 小\\50pcs","KG",5,65,325,"Kitchen-Western Kitchen?Yancheng Kitchen?"]
["2023年","8月份","L0000332703","White tuna fish fille\\冻白金枪鱼","KG",3,65,195,"Kitchen-Western Kitchen?Yancheng Kitchen?"]
["2023年","8月份","L0001650097","墨鱼仔425g/BAG","BAG",4,38,152,"Kitchen-Western Kitchen?Yancheng Kitchen?"]
["2023年","8月份","L0000024523","Sweet Bean\\甜蜜豆","KG",1,36,36,"Kitchen-Chinese Kitchen?Man Ho?"]
["2023年","8月份","L0000019154","French Bean\\四季豆中厨要加工好","KG",1,19,19,"Kitchen-Chinese Kitchen?Man Ho?"]
["2023年","8月份","L0000051422","Spinach/菠菜/Kg","KG",2,13,26,"Kitchen-Chinese Kitchen?Man Ho?"]
["2023年","8月份","L0000051422","Spinach/菠菜/Kg","KG",2,13,26,"Kitchen-Chinese Kitchen?Man Ho?"]
["2023年","8月份","L0000024552","Cuke\\日本小黄瓜","KG",2,14,28,"Kitchen-Chinese Kitchen?Man Ho?"]
["2023年","8月份","L0000087071","Vegetable Fresh\\Celtuce peeled\\去皮莴笋","KG",1,15,15,"Kitchen-Chinese Kitchen?Man Ho?"]
["2023年","8月份","L0000074276","Vegetable Fresh\\local fine Long eggplant \\本地细长茄","KG",2,15,30,"Kitchen-Chinese Kitchen?Man Ho?"]
["2023年","8月份","L0000019219","Local Lettuce\\本地生菜","KG",2,9,18,"Kitchen-Chinese Kitchen?Man Ho?"]
["2023年","8月份","L0000019325","Tomato Larage Local\\大番茄","KG",1,8,8,"Kitchen-Chinese Kitchen?Man Ho?"]
["2023年","8月份","L0000024421","Veg Chinese Yam\\山药","KG",2,15,30,"Kitchen-Chinese Kitchen?Man Ho?"]
["2023年","8月份","L0000024488","Onion Spring\\小葱","KG",2,12,24,"Kitchen-Chinese Kitchen?Man Ho?"]
["2023年","8月份","L0000019102","Cabbage White Small\\小白菜","KG",2,16,32,"Kitchen-Chinese Kitchen?Man Ho?"]
["2023年","8月份","L0000019201","Kale Chao Zhou\\潮州芥兰","KG",3,23,69,"Kitchen-Chinese Kitchen?Man Ho?"]
["2023年","8月份","L0001334080","Stripe radish\\条纹萝卜","KG",1,36,36,"Kitchen-Chinese Kitchen?Man Ho?"]
["2023年","8月份","L0000984058","Food Produce\\Boletus\\鲜牛肝菌\\KG","KG",0.5,268,134,"Kitchen-Chinese Kitchen?Man Ho?"]
["2023年","8月份","L0000935932","Vegetable Fresh/cucumber/玉女瓜/KG","KG",2,30,60,"Kitchen-Chinese Kitchen?Man Ho?"]
["2023年","8月份","L0000281463","Endive苦菊 kg","KG",1,16,16,"Kitchen-Chinese Kitchen?Man Ho?"]
["2023年","8月份","L0000277941","Herbs Fresh Toona Sinensis Seedlings\\香椿苗\\30g/盒\\盒","BX",2,15,30,"Kitchen-Chinese Kitchen?Man Ho?"]
["2023年","8月份","L0000188808","Pancake roast duck\\烤鸭饼","KG",0.2,16,3.2,"Kitchen-Chinese Kitchen?Man Ho?"]
["2023年","8月份","L0000162726","Vegetable Fresh Cucumber Flower\\黄瓜花","KG",1,74,74,"Kitchen-Chinese Kitchen?Man Ho?"]
["2023年","8月份","L0000122723","Alkaline noodle碱面条","KG",5,8,40,"Kitchen-Chinese Kitchen?Man Ho?"]
["2023年","8月份","L0000162678","Vegetable Fresh Yellow Cherry Tomato\\黄樱桃番茄","KG",2,26,52,"Kitchen-Chinese Kitchen?Man Ho?"]
["2023年","8月份","L0000037702","Vegetable Fresh Mini Chinese Watermelon \\迷你冬瓜","EA",8,18,144,"Kitchen-Chinese Kitchen?Man Ho?"]
["2023年","8月份","L0000037211","Vegetable Fresh Brussel Sprouts For Local \\本地孢子甘蓝","KG",1,37,37,"Kitchen-Chinese Kitchen?Man Ho?"]
["2023年","8月份","L0000033137","Vegetable Fresh Crowndaisy Chrysanthemum\\茼蒿 去头 尾到茎长\\20cm","KG",2,12,24,"Kitchen-Chinese Kitchen?Man Ho?"]
["2023年","8月份","L0000033131","Vegetable Fresh Local Celery\\芹菜(本地)","KG",0.5,10,5,"Kitchen-Chinese Kitchen?Man Ho?"]
["2023年","8月份","L0000033129","Vegetable Fresh Marrow\\西葫芦蔬菜","KG",2,6,12,"Kitchen-Chinese Kitchen?Man Ho?"]
["2023年","8月份","L0000024567","Chinese Yam\\铁棍山药","KG",2,19,38,"Kitchen-Chinese Kitchen?Man Ho?"]
["2023年","8月份","L0000024550","Onion\\去皮干葱头","KG",1,17.8,17.8,"Kitchen-Chinese Kitchen?Man Ho?"]
["2023年","8月份","L0000024486","Greens Choisum Canton\\广东菜心","KG",3,14,42,"Kitchen-Chinese Kitchen?Man Ho?"]
["2023年","8月份","L0000024473","Broccoli Green\\去根西兰花","KG",2,16,32,"Kitchen-Chinese Kitchen?Man Ho?"]
["2023年","8月份","L0000024468","Asparagus Green\\芦笋绿","KG",1,30,30,"Kitchen-Chinese Kitchen?Man Ho?"]
["2023年","8月份","L0000019258","Onion Red Peeled\\去皮红洋葱","KG",2,7,14,"Kitchen-Chinese Kitchen?Man Ho?"]
["2023年","8月份","L0000019104","Baby Carrot Fingerling \\手指胡萝卜","KG",0.5,22,11,"Kitchen-Chinese Kitchen?Man Ho?"]
["2023年","8月份","L0000496902","Pork Rib\\精排骨\\KG","KG",2,62,124,"Kitchen-Chinese Kitchen?Man Ho?"]
["2023年","8月份","L0001689834","Duck Blood\\鸭血\\300g/盒","BX",3,2.5,7.5,"Kitchen-Chinese Kitchen?Man Ho?"]
["2023年","8月份","L0000051546","Fresh Chicken Feet\\鲜鸡脚","KG",4,46,184,"Kitchen-Chinese Kitchen?Man Ho?"]
["2023年","8月份","L0000018625","Pork Belly Trimmed With Skin\\带皮中方五花肉五层楼","KG",4,48,192,"Kitchen-Chinese Kitchen?Man Ho?"]
["2023年","8月份","L0000018658","Chicken Old\\老鸡2kg","KG",2,40,80,"Kitchen-Chinese Kitchen?Man Ho?"]
["2023年","8月份","L0000060583","Pork Local Streaky\\精选五花肉","KG",4,48,192,"Kitchen-Chinese Kitchen?Man Ho?"]
["2023年","8月份","L0000023648","Meat Pork Lean Leg\\猪赤肉","KG",2,43,86,"Kitchen-Chinese Kitchen?Man Ho?"]
["2023年","8月份","L0000023666","Pork Bones W Meat\\猪龙骨","KG",3,38,114,"Kitchen-Chinese Kitchen?Man Ho?"]
["2023年","8月份","L0001709053","Local quality hens (cleaned)\\本地优母鸡（净膛）","KG",12,39,468,"Kitchen-Chinese Kitchen?Man Ho?"]
["2023年","8月份","L0000023723","Duck\\白条鸭","KG",10,24.8,248,"Kitchen-Chinese Kitchen?Man Ho?"]
["2023年","8月份","L0000188805","Roast duck\\烤鸭胚\\2.2-2.4kg/只","KG",8,32,256,"Kitchen-Chinese Kitchen?Man Ho?"]
["2023年","8月份","L0001135154","Cherry ducks\\樱桃鸭\\1.5-2.0KG","KG",4,22.8,91.2,"Kitchen-Chinese Kitchen?Man Ho?"]
["2023年","8月份","L0000033189","Fruit Fresh Navel Orange\\脐橙","KG",5,10,50,"Kitchen-Chinese Kitchen?Man Ho?"]
["2023年","8月份","L0000018960","Local Seedless Watermelon\\本地无籽西瓜","KG",10,4.2,42,"Kitchen-Chinese Kitchen?Man Ho?"]
["2023年","8月份","L0000970199","Produce蔬菜水果\\green lemon lenves\\泰国小青柠檬","KG",1,24,24,"Kitchen-Chinese Kitchen?Man Ho?"]
["2023年","8月份","L0000018960","Local Seedless Watermelon\\本地无籽西瓜","KG",15,4.2,63,"Kitchen-Chinese Kitchen?Man Ho?"]
["2023年","8月份","L0000162206","Fruit Fresh Hami Melon\\哈密瓜\\kg","KG",7,4.8,33.6,"Kitchen-Chinese Kitchen?Man Ho?"]
["2023年","8月份","L0000034156","Fruit Fresh Kiwi Gold\\猕猴桃(金果)","KG",1,58,58,"Kitchen-Chinese Kitchen?Man Ho?"]
["2023年","8月份","L0000524458","Millennium tomato\\千禧小番茄","KG",2,12,24,"Kitchen-Chinese Kitchen?Man Ho?"]
["2023年","8月份","L0001647196","The sun rose\\阳光玫瑰\\大果/KG","KG",1,36,36,"Kitchen-Chinese Kitchen?Man Ho?"]
["2023年","8月份","L0000018873","Dragon Fruit Redmeat\\红肉火龙果","KG",3,11,33,"Kitchen-Chinese Kitchen?Man Ho?"]
["2023年","8月份","L0000019663","Dalian Abalone\\大连鲜鲍鱼\\9-10pcs","KG",6.2,127,787.4,"Kitchen-Chinese Kitchen?Man Ho?"]
["2023年","8月份","L0000033321","Shellfish Frozen Scallop Aust\\澳带","KG",1,150,150,"Kitchen-Chinese Kitchen?Man Ho?"]
["2023年","8月份","L0000164202","Frozen small yellow croaker washed\\冰冻小黄鱼洗净","KG",3,50,150,"Kitchen-Chinese Kitchen?Man Ho?"]
["2023年","8月份","L0000033307","Fish Fresh Libster Locak\\鲫鱼","KG",3,18,54,"Kitchen-Chinese Kitchen?Man Ho?"]
["2023年","8月份","L0001624673","Shrimp and smooth\\虾胶虾滑395G/包","BAG",3,60,180,"Kitchen-Chinese Kitchen?Man Ho?"]
["2023年","8月份","L0000019714","LuoShi Prawn\\罗氏虾\\35pcs","KG",1,80,80,"Kitchen-Chinese Kitchen?Man Ho?"]
["2023年","8月份","L0001748976","Raw frozen black tiger prawns\\3头生冻黑虎虾\\6只/盒","BX",6,145,870,"Kitchen-Chinese Kitchen?Man Ho?"]
["2023年","8月份","L0000304193","Fish Fresh\\Fresh Squid\\鲜大鱿鱼 150g-250g","KG",2,85,170,"Kitchen-Chinese Kitchen?Man Ho?"]
["2023年","8月份","L0000269881","Shellfish Fresh/Dalian abalone 大连活鲍鱼/(5-6头)*KG","KG",3,195,585,"Kitchen-Chinese Kitchen?Man Ho?"]
["2023年","8月份","L0000017819","LeeKumKee Garlic Chilli Sauce\\李锦记蒜蓉辣椒酱\\368g","BTL",6,19.7961,118.78,"Kitchen-Chinese Kitchen?Man Ho?"]
["2023年","8月份","L0000024538","Ginger Pork\\姜肉","KG",2,24,48,"Kitchen-Banquet Kitchen"]
["2023年","8月份","L0000103452","Cherry tomatoes (yellow)\\圣女果(黄）/kg","KG",1,24,24,"Kitchen-Banquet Kitchen"]
["2023年","8月份","L0000019174","Garlic Peeled\\蒜肉","KG",2,12,24,"Kitchen-Banquet Kitchen"]
["2023年","8月份","L0000019343","White Jade Mushroom\\白玉菇","KG",1,16,16,"Kitchen-Banquet Kitchen"]
["2023年","8月份","L0000024482","Cucumber\\黄瓜","KG",10,6,60,"Kitchen-Banquet Kitchen"]
["2023年","8月份","L0000024488","Onion Spring\\小葱","KG",3,12,36,"Kitchen-Banquet Kitchen"]
["2023年","8月份","L0000024499","Parsley\\荷兰芹","KG",0.5,25,12.5,"Kitchen-Banquet Kitchen"]
["2023年","8月份","L0000019080","Bean Sprout\\黄豆芽","KG",1.8,4,7.2,"Kitchen-Banquet Kitchen"]
["2023年","8月份","L0001624721","Iron yam\\加工净铁棍山药/KG","KG",1,27,27,"Kitchen-Banquet Kitchen"]
["2023年","8月份","L0000281463","Endive苦菊 kg","KG",0.5,16,8,"Kitchen-Banquet Kitchen"]
["2023年","8月份","L0000122723","Alkaline noodle碱面条","KG",3,8,24,"Kitchen-Banquet Kitchen"]
["2023年","8月份","L0000087072","Vegetable Fresh\\Leek\\青大蒜","KG",1,8,8,"Kitchen-Banquet Kitchen"]
["2023年","8月份","L0000033107","Vegetable Fresh Baby Vegetable\\娃娃菜","EA",4,6,24,"Kitchen-Banquet Kitchen"]
["2023年","8月份","L0000024486","Greens Choisum Canton\\广东菜心","KG",12,14,168,"Kitchen-Banquet Kitchen"]
["2023年","8月份","L0000024473","Broccoli Green\\去根西兰花","KG",6,16,96,"Kitchen-Banquet Kitchen"]
["2023年","8月份","L0000019258","Onion Red Peeled\\去皮红洋葱","KG",2.5,7,17.5,"Kitchen-Banquet Kitchen"]
["2023年","8月份","L0000023306","Frz Chicken Rack\\鸡骨架","KG",28,8,224,"Kitchen-Banquet Kitchen"]
["2023年","8月份","L0000023672","Pork\\去皮五花肉","KG",6,36,216,"Kitchen-Banquet Kitchen"]
["2023年","8月份","L0000033254","Pork Local Bone\\猪筒骨","KG",15,38,570,"Kitchen-Banquet Kitchen"]
["2023年","8月份","L0002161290","Bovine anterior tendon/牛前键","KG",15,98,1470,"Kitchen-Banquet Kitchen"]
["2023年","8月份","L0000023648","Meat Pork Lean Leg\\猪赤肉","KG",1.5,43,64.5,"Kitchen-Banquet Kitchen"]
["2023年","8月份","L0000023723","Duck\\白条鸭","KG",32.5,24.8,806,"Kitchen-Banquet Kitchen"]
["2023年","8月份","L0001611527","Pork tendon/猪蹄筋","KG",3,148,444,"Kitchen-Banquet Kitchen"]
["2023年","8月份","L0000033253","Pork Local Pigskin\\猪皮","KG",7.5,12,90,"Kitchen-Banquet Kitchen"]
["2023年","8月份","L0000976204","Egg Quail\\鹌鹑蛋 去皮","KG",4,26,104,"Kitchen-Banquet Kitchen"]
["2023年","8月份","L0000024447","Egg Preserved\\皮蛋","EA",120,2.3,276,"Kitchen-Banquet Kitchen"]
["2023年","8月份","L0000018960","Local Seedless Watermelon\\本地无籽西瓜","KG",35,4.2,147,"Kitchen-Banquet Kitchen"]
["2023年","8月份","L0000162206","Fruit Fresh Hami Melon\\哈密瓜\\kg","KG",18.5,4.8,88.8,"Kitchen-Banquet Kitchen"]
["2023年","8月份","L0000970199","Produce蔬菜水果\\green lemon lenves\\泰国小青柠檬","KG",1,24,24,"Kitchen-Banquet Kitchen"]
["2023年","8月份","L0000018874","Dragon Fruit\\白肉火龙果","KG",3,8.4,25.2,"Kitchen-Banquet Kitchen"]
["2023年","8月份","L0000449351","Honey melon Fresh 香瓜（玉菇瓜）","KG",7,6.4,44.8,"Kitchen-Banquet Kitchen"]
["2023年","8月份","L0000524458","Millennium tomato\\千禧小番茄","KG",1,12,12,"Kitchen-Banquet Kitchen"]
["2023年","8月份","L0001551661","Gaoyou Minjiang River Shrimp / 200g / bag/高邮免将河虾仁/200g/包","BAG",10,26,260,"Kitchen-Banquet Kitchen"]
["2023年","8月份","L0001076364","Food Dry Goods Rice / Grain / Cereal/Xiaohuozi Cheese Rice cake小伙子芝士年糕 500g/EA(南瓜、紫苏、原味、蛋黄、草莓)口味下单备注","EA",10,14.5,145,"Kitchen-Banquet Kitchen"]
["2023年","8月份","L0002331916","Wangmingyuan Passion Mango\\旺茗园百香芒果300g/包","BAG",20,16,320,"Kitchen-Banquet Kitchen"]
["2023年","8月份","L0000033993","Fish Processed Frozen Fish Osaki Crab Stick\\大崎蟹柳\\454g/pk","EA",6,16,96,"Kitchen-Banquet Kitchen"]
["2023年","8月份","L0000034710","Shellfish Frozen Shrimp\\青虾仁\\31-40","KG",2.5,96,240,"Kitchen-Banquet Kitchen"]
["2023年","8月份","L0001094064","Seafood\\he squid flower\\鱿鱼花","PK",10,15,150,"Kitchen-Banquet Kitchen"]
["2023年","8月份","L0001760477","Scallop\\鲜芝贝免浆鲜贝250g/盒","BX",0,23,0,"Kitchen-Banquet Kitchen"]
["2023年","8月份","L0001748969","Prawns\\15头大明虾/KG","KG",30,85,2550,"Kitchen-Banquet Kitchen"]
["2023年","8月份","L0001665028","Pearl lion head\\珍珠狮子头530g/包","BAG",21,19.42,407.82,"Kitchen-Banquet Kitchen"]
["2023年","8月份","L0001551696","听tonese coconut cake / 400g / 包\\广式椰香糕/400g/包","BAG",20,12.0194,240.39,"Kitchen-Banquet Kitchen"]
["2023年","8月份","L0001549164","San Quan Dumpings\\三全小笼包\\1kg\\包","BAG",4,28,112,"Kitchen-Banquet Kitchen"]
["2023年","8月份","L0000460051","FOOD DRY GOODS / GROCERY\\Pointed Bamboo Shoots\\扁尖\\KG","KG",1,44.6408,44.64,"Kitchen-Banquet Kitchen"]
["2023年","8月份","L0000017203","McCormick Pepper White Corn\\味好美白胡椒整粒\\567g","CAN",1,155,155,"Kitchen-Banquet Kitchen"]
["2023年","8月份","L0000024203","Dry Vermicelli Longkou Chinese Kitcken\\龙口粉丝\\180G","BAG",18,4.8,86.4,"Kitchen-Banquet Kitchen"]
["2023年","8月份","L0001689720","Sheng Fu abalone roll\\胜福鲍鱼卷\\200g/袋","BAG",19,7.77,147.63,"Kitchen-Banquet Kitchen"]
["2023年","8月份","L0001562563","Vegetable grains/三色杂菜/1KG/BAG","BAG",2,7.2,14.4,"Kitchen-Banquet Kitchen"]
["2023年","8月份","L0000087568","Dry goods others\\Chilli TANGTANGXIANG\\坛坛香剁椒 2.3kg","BRL",2,28,56,"Kitchen-Banquet Kitchen"]
["2023年","8月份","L0001549758","Aoshi\\snowflake denim grain\\奥仕\\雪花牛仔粒\\280g/包","BAG",12,27,324,"Kitchen-Banquet Kitchen"]
["2023年","8月份","L0001760483","Yurun crystal meat\\雨润水晶肴肉/KG","KG",5,98,490,"Kitchen-Banquet Kitchen"]
["2023年","8月份","L0000087533","Noodles EDR-Udon Noodles\\美国厨师乌冬面","BAG",10,3.6,36,"Kitchen-Banquet Kitchen"]
["2023年","8月份","L0000033052","Sugar / Salt Vineger White Shanghai\\上海白醋","EA",12,4,48,"Kitchen-Banquet Kitchen"]
["2023年","8月份","L0000022379","Delmonte Canned Fruit\\地们热带杂果罐头\\850G","TIN",2,22.2718,44.54,"Kitchen-Banquet Kitchen"]
["2023年","8月份","L0002162919","Li ghost garlic bone\\李鬼蒜香骨500g/包","BAG",15,38.5,577.5,"Kitchen-Banquet Kitchen"]
["2023年","8月份","L0000017252","Delmonte Pinapple Sliced\\地扪菠萝片\\836g","CAN",2,18,36,"Kitchen-Banquet Kitchen"]
["2023年","8月份","L0000017970","Red Date Pitted\\无核红枣","KG",10,21.5,215,"Kitchen-Banquet Kitchen"]
["2023年","8月份","L0000020728","Great Wall Red Wine\\长城干红厨房用\\750ml","BTL",0,37.2233,0,"Kitchen-Specialty Kitchen?Smoki Moto?"]
["2023年","8月份","L0001820011","EDR\\Rapeseed oil\\（员餐）菜籽油（散称）/10L/桶","BTL",2,170,340,"Staff Dining"]
["2023年","8月份","L0000391127","员餐/EDR\\DryFood\\Tofu\\板豆腐","EA",3,20,60,"Staff Dining"]
["2023年","8月份","L0000019394","EDR-Kelp Shred\\海带丝-员餐","KG",12,10,120,"Staff Dining"]
["2023年","8月份","L0000019402","EDR-Cherry Tomato\\樱桃番茄-员餐","KG",5,14,70,"Staff Dining"]
["2023年","8月份","L0000278406","EDR- green chili\\绿杭椒—员餐","KG",8,15.8,126.4,"Staff Dining"]
["2023年","8月份","L0000023979","EDR-Spinach\\菠菜-员餐","KG",6,12.8,76.8,"Staff Dining"]
["2023年","8月份","L0000019403","EDR-Tomato\\番茄-员餐","KG",10,7,70,"Staff Dining"]
["2023年","8月份","L0000023931","EDR-Shallot\\小葱-员餐","KG",2,10,20,"Staff Dining"]
["2023年","8月份","L0000023941","EDR-Lettuce\\生菜-员餐","KG",15,8.8,132,"Staff Dining"]
["2023年","8月份","L0000023953","EDR-Celery Local\\本地芹菜-员餐","KG",5,9,45,"Staff Dining"]
["2023年","8月份","L0000019391","EDR-Garlic Peeled\\大蒜去衣-员餐","KG",4,11,44,"Staff Dining"]
["2023年","8月份","L0000019392","EDR-Ginger Peeled\\生姜去皮-员餐","KG",1,23,23,"Staff Dining"]
["2023年","8月份","L0000189103","EDR-Vegetable Fresh Abalone Mushrooms \\杏鲍菇(员工）","KG",5,12,60,"Staff Dining"]
["2023年","8月份","L0000060716","EDR-Sweet Potato Baby\\小红薯-员餐","KG",12,8.6,103.2,"Staff Dining"]
["2023年","8月份","L0000060706","EDR-Coriander\\香菜-员餐","KG",2,15,30,"Staff Dining"]
["2023年","8月份","L0000023981","EDR-Cucumber\\黄瓜-员餐","KG",10,6,60,"Staff Dining"]
["2023年","8月份","L0000024039","EDR-Pork Stuffing\\猪肉末-员餐","KG",12,38,456,"Staff Dining"]
["2023年","8月份","L0000087034","EDR\\Duck gizzard\\鸭胗-员餐","KG",15,38,570,"Staff Dining"]
["2023年","8月份","L0002070773","Chicken leg meat\\鸡上腿肉-员餐","KG",25,20,500,"Staff Dining"]
["2023年","8月份","L0000087059","EDR\\Egg\\鸡蛋-员餐","KG",30,14,420,"Staff Dining"]
["2023年","8月份","L0000305898","EDR\\Deep Fried You Tiao\\思念油条\\450G\\BAG\\(员工)","CS",15,12.5,187.5,"Staff Dining"]
["2023年","8月份","L0000052652","EDR-Heinz Ketchup\\亨氏番茄酱-员餐\\3000g","TIN",2,45,90,"Staff Dining"]
["2023年","8月份","L0000074481","Dry Goods Frozen\\EDR AnJing Pork Dumpling\\安井水饺500g-员餐\\BAG","BAG",40,10,400,"Staff Dining"]
["2023年","8月份","L0000087474","EDR\\Weiwei soybean milk powder\\维维豆奶粉-员餐","BAG",18,22,396,"Staff Dining"]
["2023年","8月份","L0000033097","Vegetable Fresh Radicchio White\\卷心菜(白)\\DIA14cm","KG",2,5,10,"Kitchen-Specialty Kitchen?Smoki Moto?"]
["2023年","8月份","L0001717855","Pork belly with native pig\\本地精品土猪五花肉\\三层\\四方\\肉厚/KG","KG",4.2,68,285.6,"Kitchen-Specialty Kitchen?Smoki Moto?"]
["2023年","8月份","L0000034347","Herbs Fresh Blueberries\\蓝莓\\125 gr/bx","EA",2,9.5,19,"Kitchen-Specialty Kitchen?Smoki Moto?"]
["2023年","8月份","L0000401403","Seafood\\Japanese Ebi For Buffet\\日式甜虾刺身用\\1Kg/Bx","KG",1,275,275,"Kitchen-Specialty Kitchen?Smoki Moto?"]
["2023年","8月份","L0002334200","Wagyu Beef upper brain eye meat A\\和牛上脑眼肉A","KG",3,650,1950,"Kitchen-Specialty Kitchen?Smoki Moto?"]
["2023年","8月份","L0000898184","dry cold noodle\\韩国海农园干冷面\\500g/Bag","BAG",10,11,110,"Kitchen-Specialty Kitchen?Smoki Moto?"]
["2023年","8月份","L0000929786","tuna in tine\\韩国淡味金枪鱼罐头\\150g/bag\\包","BAG",10,16.5,165,"Kitchen-Specialty Kitchen?Smoki Moto?"]
["2023年","8月份","L0000898212","chilli sauce\\韩国清净园辣椒酱\\14kg/pail","EA",1,240,240,"Kitchen-Specialty Kitchen?Smoki Moto?"]
["2023年","8月份","L0001107927","Dry Canned Food\\Crab roe paste\\蟹黄酱\\110g/btl","BTL",2,15.49,30.98,"Kitchen-Pastry"]
["2023年","8月份","L0001191218","Delicious mango topping\\味好美芒果顶料","BTL",2,39.823,79.65,"Kitchen-Pastry"]
["2023年","8月份","L0002247053","Okun Good Jubilee Croissant\\奥昆好禧坊牛角包(流沙蛋黄味30g*72/箱）","CS",1,190,190,"Kitchen-Pastry"]
["2023年","8月份","L0001554421","Baked doggies\\焙乐道吉士粉\\5kg","KG",1,210,210,"Kitchen-Pastry"]
["2023年","8月份","L0001531064","Tuna oil/10L*2/non transgenic/金龙鱼油/10L*2/非转基因","CS",5,270,1350,"Kitchen-Western Kitchen?Yancheng Kitchen?"]
["2023年","8月份","L0001525463","Mengniu pure milk / 1L 6 boxes / box/蒙牛纯牛奶/1L 6盒/箱","CS",15,47.34,710.1,"Kitchen-Western Kitchen?Yancheng Kitchen?"]
["2023年","8月份","L0001525472","Marvels skim milk / 1L/妙维思 脱脂牛奶/1L","EA",12,11.5,138,"Kitchen-Western Kitchen?Yancheng Kitchen?"]
["2023年","8月份","L0000024461","Bean Curd Fried\\油豆腐","KG",0.5,12,6,"Kitchen-Western Kitchen?Yancheng Kitchen?"]
["2023年","8月份","L0000024543","Firm Tofu\\老豆腐","EA",10,2.5,25,"Kitchen-Western Kitchen?Yancheng Kitchen?"]
["2023年","8月份","L0000534756","Staff Canteen Bean Curd\\薄千张\\KG","KG",1,14,14,"Kitchen-Western Kitchen?Yancheng Kitchen?"]
["2023年","8月份","L0000019084","Local Bell Pepper Red\\本地红圆椒","KG",1,25,25,"Kitchen-Western Kitchen?Yancheng Kitchen?"]
["2023年","8月份","L0000019085","Local Bell Pepper Yellow\\本地黄圆椒","KG",1,29,29,"Kitchen-Western Kitchen?Yancheng Kitchen?"]
["2023年","8月份","L0000024548","Fresh Shiitake Mushrooms/鲜香菇/Kg","KG",1,19,19,"Kitchen-Western Kitchen?Yancheng Kitchen?"]
["2023年","8月份","L0000051422","Spinach/菠菜/Kg","KG",3,13,39,"Kitchen-Western Kitchen?Yancheng Kitchen?"]
["2023年","8月份","L0000051424","Veg You Mai\\油麦菜","KG",3,9,27,"Kitchen-Western Kitchen?Yancheng Kitchen?"]
["2023年","8月份","L0000033111","Vegetable Fresh Cabbage Shanghai\\上海青 只留菜心部分","KG",3,8,24,"Kitchen-Western Kitchen?Yancheng Kitchen?"]
["2023年","8月份","L0000033106","Vegetable Fresh Corn Stick\\鲜玉米棒","KG",8,9,72,"Kitchen-Western Kitchen?Yancheng Kitchen?"]
["2023年","8月份","L0000024532","Chili Red/红尖椒/Kg","KG",2,16,32,"Kitchen-Western Kitchen?Yancheng Kitchen?"]
["2023年","8月份","L0000024488","Onion Spring\\小葱","KG",2,12,24,"Kitchen-Western Kitchen?Yancheng Kitchen?"]
["2023年","8月份","L0000024487","Onion Red\\红洋葱","KG",5,4,20,"Kitchen-Western Kitchen?Yancheng Kitchen?"]
["2023年","8月份","L0000019164","Fresh Peanut\\生花生","KG",4,11,44,"Kitchen-Western Kitchen?Yancheng Kitchen?"]
["2023年","8月份","L0000024481","Coriander\\香菜","KG",2,17,34,"Kitchen-Western Kitchen?Yancheng Kitchen?"]
["2023年","8月份","L0000105415","Vegetable Fresh\\Egg Noodle\\鸡蛋面","KG",8,10,80,"Kitchen-Western Kitchen?Yancheng Kitchen?"]
["2023年","8月份","L0000024443","Hand Tooled Noodle\\手工面","KG",6,8,48,"Kitchen-Western Kitchen?Yancheng Kitchen?"]
["2023年","8月份","L0000033110","Vegetable Fresh Cabbage Red\\紫包菜","KG",3,7,21,"Kitchen-Western Kitchen?Yancheng Kitchen?"]
["2023年","8月份","L0000033097","Vegetable Fresh Radicchio White\\卷心菜(白)\\DIA14cm","KG",3,5,15,"Kitchen-Western Kitchen?Yancheng Kitchen?"]
["2023年","8月份","L0000024464","Steamed Bean Curd Roll\\素鸡","KG",5,16,80,"Kitchen-Western Kitchen?Yancheng Kitchen?"]
["2023年","8月份","L0000024463","Rice Cake Stripped\\手指年糕","BAG",10,8,80,"Kitchen-Western Kitchen?Yancheng Kitchen?"]
["2023年","8月份","L0000087048","Cabbage Chinese Long\\大白菜","KG",10,5,50,"Kitchen-Western Kitchen?Yancheng Kitchen?"]
["2023年","8月份","L0000019224","Lotus Root Peeled\\莲藕洗净","KG",2,14,28,"Kitchen-Western Kitchen?Yancheng Kitchen?"]
["2023年","8月份","L0000019119","Chilli Green\\青尖椒","KG",2,10,20,"Kitchen-Western Kitchen?Yancheng Kitchen?"]
["2023年","8月份","L0000019083","Local Bell Pepper Green\\本地青圆椒","KG",1,14,14,"Kitchen-Western Kitchen?Yancheng Kitchen?"]
["2023年","8月份","L0000418693","Dianxin Dianxin 本地小馄饨皮1kg","KG",1,7,7,"Kitchen-Western Kitchen?Yancheng Kitchen?"]
["2023年","8月份","L0001525509","Guilin Rice noodles/桂林米粉","KG",3,10,30,"Kitchen-Western Kitchen?Yancheng Kitchen?"]
["2023年","8月份","L0000480182","Chicken skewer/骨肉相连串/1KG/包","EA",10,28,280,"Kitchen-Western Kitchen?Yancheng Kitchen?"]
["2023年","8月份","L0002105596","The roast duck/烤鸭约4-5斤/只","EA",2,65,130,"Kitchen-Western Kitchen?Yancheng Kitchen?"]
["2023年","8月份","L0002531856","Donkey meat\\驴肉","KG",3,158,474,"Kitchen-Western Kitchen?Yancheng Kitchen?"]
["2023年","8月份","L0000039719","Pork Local Frozen Pork Ribs \\冻猪肋排骨","KG",10,65,650,"Kitchen-Western Kitchen?Yancheng Kitchen?"]
["2023年","8月份","L0000018611","German Salt Trotter Fore \\德国咸猪手","KG",10,47,470,"Kitchen-Western Kitchen?Yancheng Kitchen?"]
["2023年","8月份","L0000023646","Pork with skin\\带皮五花肉","KG",5,36,180,"Kitchen-Western Kitchen?Yancheng Kitchen?"]
["2023年","8月份","L0000033208","Chicken Black\\乌鸡","KG",3,35,105,"Kitchen-Western Kitchen?Yancheng Kitchen?"]
["2023年","8月份","L0000023310","Frz San Huang Chicken\\冻三黄鸡\\1.5-2Kg\\只","KG",5,24.8,124,"Kitchen-Western Kitchen?Yancheng Kitchen?"]
["2023年","8月份","L0000023644","Pork Stuffing\\猪肉末","KG",5,36,180,"Kitchen-Western Kitchen?Yancheng Kitchen?"]
["2023年","8月份","L0000023695","Meat Beef Mince\\牛肉碎","KG",5,94,470,"Kitchen-Western Kitchen?Yancheng Kitchen?"]
["2023年","8月份","L0000023723","Duck\\白条鸭","KG",5,24.8,124,"Kitchen-Western Kitchen?Yancheng Kitchen?"]
["2023年","8月份","L0000323930","imported bovine anterior tendon meat/进口牛前腱肉\\kg","KG",2,98,196,"Kitchen-Western Kitchen?Yancheng Kitchen?"]
["2023年","8月份","L0000794917","beef fillet/免浆牛柳/KG","KG",2,96,192,"Kitchen-Western Kitchen?Yancheng Kitchen?"]
["2023年","8月份","L0000947630","Mutton string/羊肉串/30串","BAG",10,28,280,"Kitchen-Western Kitchen?Yancheng Kitchen?"]
["2023年","8月份","L0000445634","JT-eggs\\鸡蛋-\\KG","KG",30,14,420,"Kitchen-Western Kitchen?Yancheng Kitchen?"]
["2023年","8月份","L0000018896","Honey Pear\\蜜梨","KG",8.7,16,139.2,"Kitchen-Western Kitchen?Yancheng Kitchen?"]
["2023年","8月份","L0000018960","Local Seedless Watermelon\\本地无籽西瓜","KG",50,4.2,210,"Kitchen-Western Kitchen?Yancheng Kitchen?"]
["2023年","8月份","L0000033170","Fruit Fresh Nectarine\\油桃","KG",30,12,360,"Kitchen-Western Kitchen?Yancheng Kitchen?"]
["2023年","8月份","L0000162206","Fruit Fresh Hami Melon\\哈密瓜\\kg","KG",27,4.8,129.6,"Kitchen-Western Kitchen?Yancheng Kitchen?"]
["2023年","8月份","L0000037213","Fruit Fresh Small Mango \\小台芒","KG",2,11,22,"Kitchen-Western Kitchen?Yancheng Kitchen?"]
["2023年","8月份","L0000018880","Fuji Apple\\富士苹果","KG",30,12,360,"Kitchen-Western Kitchen?Yancheng Kitchen?"]
["2023年","8月份","L0000018874","Dragon Fruit\\白肉火龙果","KG",15,8.4,126,"Kitchen-Western Kitchen?Yancheng Kitchen?"]
["2023年","8月份","L0000051509","Banana Import\\进口香蕉","KG",13.8,9.6,132.48,"Kitchen-Western Kitchen?Yancheng Kitchen?"]
["2023年","8月份","L0000033182","Fruit Fresh Coconut\\青椰子(去壳)","EA",99,9.5,940.5,"Kitchen-Western Kitchen?Yancheng Kitchen?"]
["2023年","8月份","L0001863788","Pineapple pulp\\菠萝密果肉","KG",3,34,102,"Kitchen-Western Kitchen?Yancheng Kitchen?"]
["2023年","8月份","L0000449351","Honey melon Fresh 香瓜（玉菇瓜）","KG",30,6.4,192,"Kitchen-Western Kitchen?Yancheng Kitchen?"]
["2023年","8月份","L0000033180","Fruit Fresh Lemon\\柠檬","KG",2,12.6,25.2,"Kitchen-Western Kitchen?Yancheng Kitchen?"]
["2023年","8月份","L0002331836","chilled salmon fillet\\集采冰鲜三文鱼柳","KG",8.6,152,1307.2,"Kitchen-Western Kitchen?Yancheng Kitchen?"]
["2023年","8月份","L0000038698","Shellfish Fresh Big Size Clam \\大文蛤","KG",3.7,35,129.5,"Kitchen-Western Kitchen?Yancheng Kitchen?"]
["2023年","8月份","L0000075129","Clam 无沙花蛤","KG",1,20,20,"Kitchen-Western Kitchen?Yancheng Kitchen?"]
["2023年","8月份","L0000075915","Shellfish Fresh Clam \\白蛤（无沙）","KG",1,20,20,"Kitchen-Western Kitchen?Yancheng Kitchen?"]
["2023年","8月份","L0001618186","Swimming crab\\梭子蟹\\每只130g-150g/KG","KG",8,80,640,"Kitchen-Western Kitchen?Yancheng Kitchen?"]
["2023年","8月份","L0001791624","Red crab\\冻红花蟹200-300G\\出成75%/KG","KG",5,95,475,"Kitchen-Western Kitchen?Yancheng Kitchen?"]
["2023年","8月份","L0000019714","LuoShi Prawn\\罗氏虾\\35pcs","KG",6,70,420,"Kitchen-Western Kitchen?Yancheng Kitchen?"]
["2023年","8月份","L0000019718","Razor Clam\\蛏子","KG",1,35,35,"Kitchen-Western Kitchen?Yancheng Kitchen?"]
["2023年","8月份","L0000033359","Shellfish Fresh Jiwei\\基围虾 小\\50pcs","KG",4,65,260,"Kitchen-Western Kitchen?Yancheng Kitchen?"]
["2023年","8月份","L0000033394","Fish Fresh Bull Fog牛蛙活(大)","KG",5,35,175,"Kitchen-Western Kitchen?Yancheng Kitchen?"]
["2023年","8月份","L0000075815","Shellfish Frozen Flounder Fillet \\龙利鱼柳 （袋装1*2.5kg）","BAG",8,68,544,"Kitchen-Western Kitchen?Yancheng Kitchen?"]
["2023年","8月份","L0000582282","Frozen small dragon\\冻小青龙200-300g\\kg","KG",30,220,6600,"Kitchen-Western Kitchen?Yancheng Kitchen?"]
["2023年","8月份","L0001934991","June yellow crab\\六月黄螃蟹100g-125g","KG",5,110,550,"Kitchen-Western Kitchen?Yancheng Kitchen?"]
["2023年","8月份","L0002082527","DS ox willow\\DS牛柳/Kg","KG",10,88,880,"Kitchen-Western Kitchen?Yancheng Kitchen?"]
["2023年","8月份","L0000075541","Sausage & Hams\\Sausage Lyoner With Mushroom\\蘑菇里昂那肠\\3kg\\pc","KG",2.5,69,172.5,"Kitchen-Western Kitchen?Yancheng Kitchen?"]
["2023年","8月份","L0000152556","Dried/Canned Foods-白泡菜-韩国泡菜-White Pickle","KG",10,20,200,"Kitchen-Western Kitchen?Yancheng Kitchen?"]
["2023年","8月份","L0000186977","White toast\\切片白吐司\\ 1KG","BAG",2,20.5,41,"Kitchen-Western Kitchen?Yancheng Kitchen?"]
["2023年","8月份","L0000302093","Fried squid rings亚洲渔港鱿鱼圈 600g*9/盒","EA",0,40,0,"Kitchen-Western Kitchen?Yancheng Kitchen?"]
["2023年","8月份","L0001072847","FOOD\\洋琪芥末章鱼500g","EA",0,46,0,"Kitchen-Western Kitchen?Yancheng Kitchen?"]
["2023年","8月份","L0001522598","Juice Chilled Juice Apple Juice\\橙宝苹果汁\\BTL\\2L","BTL",24,12.5,300,"Kitchen-Western Kitchen?Yancheng Kitchen?"]
["2023年","8月份","L0001522601","Juice Chilled Juice orangeJuice\\橙宝橙汁\\BTL\\2L","BTL",36,12.5,450,"Kitchen-Western Kitchen?Yancheng Kitchen?"]
["2023年","8月份","L0001522602","Juice Chilled Juice Grape juice\\橙宝葡萄汁\\BTL 2L","BTL",24,12.5,300,"Kitchen-Western Kitchen?Yancheng Kitchen?"]
["2023年","8月份","L0001522603","Juice Chilled Juice Grapefruit juice\\橙宝西柚汁\\BTL 2L","BTL",24,12.5,300,"Kitchen-Western Kitchen?Yancheng Kitchen?"]
["2023年","8月份","L0001526369","Frise Bacon 2kg/福瑞斯五花培根(生制)2KG","BAG",10,99,990,"Kitchen-Western Kitchen?Yancheng Kitchen?"]
["2023年","8月份","L0001526370","Forrest chicken breakfast sausage 2kg/福瑞斯鸡肉早餐肠2KG","BAG",6,84,504,"Kitchen-Western Kitchen?Yancheng Kitchen?"]
["2023年","8月份","L0001526372","Forrest pork breakfast sausage 2kg/福瑞斯猪肉早餐肠2KG","BAG",6,90,540,"Kitchen-Western Kitchen?Yancheng Kitchen?"]
["2023年","8月份","L0001526373","Forrest beef breakfast sausage 2kg/福瑞斯牛肉早餐肠2KG","BAG",6,92,552,"Kitchen-Western Kitchen?Yancheng Kitchen?"]
["2023年","8月份","L0001574038","Wanzheng Group Food Channel Shrimp Dumpling 25g\\万正团膳渠道虾饺\\25g*40个/袋","BAG",2,61,122,"Kitchen-Western Kitchen?Yancheng Kitchen?"]
["2023年","8月份","L0001574053","Tyson Beijing Original Chicken Nuggets\\泰森北京原味鸡块\\2.5kg/袋","BAG",3,45,135,"Kitchen-Western Kitchen?Yancheng Kitchen?"]
["2023年","8月份","L0001574064","Aunt Su's spring rolls with shredded pork and shepherd's purse\\苏阿姨荠菜肉丝春卷\\1kg/袋","BAG",9,34,306,"Kitchen-Western Kitchen?Yancheng Kitchen?"]
["2023年","8月份","L0001760461","Spicy crisp melon\\香辣脆瓜4.5KG/件","EA",1,50,50,"Kitchen-Western Kitchen?Yancheng Kitchen?"]
["2023年","8月份","L0001760466","Mixed vegetables\\八宝菜4.5KG/件","EA",1,50,50,"Kitchen-Western Kitchen?Yancheng Kitchen?"]
["2023年","8月份","L0001760468","Hot and sour radish strips\\酸辣萝卜条4.5KG/件","EA",1,50,50,"Kitchen-Western Kitchen?Yancheng Kitchen?"]
["2023年","8月份","L0001760471","Pickled cowpea\\酸豆角4.5KG/件","EA",1,50,50,"Kitchen-Western Kitchen?Yancheng Kitchen?"]
["2023年","8月份","L0001765938","Mccain\\麦肯小圆薯饼1.5KG/袋","BAG",5,30,150,"Kitchen-Western Kitchen?Yancheng Kitchen?"]
["2023年","8月份","L0001791638","Frozen French fries\\麦肯1/2英寸波浪切冷冻薯条2kg/包","BAG",4,29,116,"Kitchen-Western Kitchen?Yancheng Kitchen?"]
["2023年","8月份","L0002309632","Cong Chef Grandma dishes\\聪厨外婆菜258g/包","BAG",10,5.2,52,"Kitchen-Western Kitchen?Yancheng Kitchen?"]
["2023年","8月份","L0001551750","Wufeng glutinous rice Shaomai / 320G/五丰糯米烧麦/320G","BAG",4.4,11.95,52.58,"Kitchen-Western Kitchen?Yancheng Kitchen?"]
["2023年","8月份","L0000032523","Dry Canned Food Del Monte Whole Kernel Corn\\地门玉米粒\\420g/tin","EA",6,7,42,"Kitchen-Western Kitchen?Yancheng Kitchen?"]
["2023年","8月份","L0001574062","Sunnon chicken and onion rings\\圣农鸡肉洋葱圈\\800g/袋","BAG",8,16.37,130.96,"Kitchen-Western Kitchen?Yancheng Kitchen?"]
["2023年","8月份","L0001551750","Wufeng glutinous rice Shaomai / 320G/五丰糯米烧麦/320G","BAG",10,11.95,119.5,"Kitchen-Western Kitchen?Yancheng Kitchen?"]
["2023年","8月份","L0000548408","Other Meats\\Im one hundred times the royal mozzarella cheese\\百倍德皇家马苏里拉芝士肠\\kg","KG",4,78.76,315.04,"Kitchen-Western Kitchen?Yancheng Kitchen?"]
["2023年","8月份","L0000032384","Cheese Kraft Powder\\卡夫芝士粉\\85g/bx","EA",2,20.8,41.6,"Kitchen-Western Kitchen?Yancheng Kitchen?"]
["2023年","8月份","L0000024262","Cheese Mozzarella Block\\马苏里拉芝士\\10Kg","BX",1,518,518,"Kitchen-Western Kitchen?Yancheng Kitchen?"]
["2023年","8月份","L0000016846","Nestle Milk Powder\\雀巢奶粉袋装\\500g","PK",10,38,380,"Kitchen-Western Kitchen?Yancheng Kitchen?"]
["2023年","8月份","L0000530511","Food Dry Goods Dry Goods Others\\Hash Bown\\蓝威斯顿薯角2.23KG/包","BAG",3,48,144,"Kitchen-Western Kitchen?Yancheng Kitchen?"]
["2023年","8月份","L0000296830","Vinegar\\丘比日式油醋汁1.5L\\瓶","BTL",1,49.56,49.56,"Kitchen-Western Kitchen?Yancheng Kitchen?"]
["2023年","8月份","L0000258460","Dry Goods Others\\preserved vegetable\\乌江牌榨菜\\70G","BAG",20,2.3,46,"Kitchen-Western Kitchen?Yancheng Kitchen?"]
["2023年","8月份","L0000254191","Dry Goods/Dry Seafood/Undaria/洋琪中华裙带菜/1000G/Each","EA",1,22,22,"Kitchen-Western Kitchen?Yancheng Kitchen?"]
["2023年","8月份","L0000061821","Yurun Sandwich ham 1.9kg/pc 雨润三文治火腿","EA",1,37.6106,37.61,"Kitchen-Western Kitchen?Yancheng Kitchen?"]
["2023年","8月份","L0000032579","Herbs / Spices Mccormick Ground Turmeric\\味好美姜黄粉\\453g/btl","EA",1,60.18,60.18,"Kitchen-Western Kitchen?Yancheng Kitchen?"]
["2023年","8月份","L0001998349","Lobster sauce sparerib/方正豆豉排骨1kg\\包","BAG",2,88,176,"Kitchen-Western Kitchen?Yancheng Kitchen?"]
["2023年","8月份","L0001760467","Shredded mustard in red oil\\红油榨菜丝4.5KG/件","EA",1,46.5,46.5,"Kitchen-Western Kitchen?Yancheng Kitchen?"]
["2023年","8月份","L0001760451","Sea cabbage\\海白菜4.5KG/件","EA",1,48.5,48.5,"Kitchen-Western Kitchen?Yancheng Kitchen?"]
["2023年","8月份","L0000032714","Rice / Grain / Cereal Kelloggs Corn Flakes\\家乐氏玉米片\\340g/bx","EA",1,25.8,25.8,"Kitchen-Western Kitchen?Yancheng Kitchen?"]
["2023年","8月份","L0000032718","Rice / Grain / Cereal Kelloggs Raisin Square\\家乐氏提子麦维\\285g/bx","EA",2,27.2,54.4,"Kitchen-Western Kitchen?Yancheng Kitchen?"]
["2023年","8月份","L0000034521","Sauce Flour Bread Crumb\\百利面包糠\\1kg/bag","EA",1,17.0097,17.01,"Kitchen-Western Kitchen?Yancheng Kitchen?"]
["2023年","8月份","L0000052168","Sauce Knorr Powder Chicken\\家乐鸡精\\900G","TIN",5,26,130,"Kitchen-Western Kitchen?Yancheng Kitchen?"]
["2023年","8月份","L0000060953","Japanese large root\\日式大根","EA",3,9.8932,29.68,"Kitchen-Western Kitchen?Yancheng Kitchen?"]
["2023年","8月份","L0000077387","Vegetable\\Lotus Root Zone\\泡椒藕带\\400G","BAG",10,10,100,"Kitchen-Western Kitchen?Yancheng Kitchen?"]
["2023年","8月份","L0000087184","Dry Goods Others \\Wasabi powder\\忠字芥末粉 1kg","BAG",1,53.2039,53.2,"Kitchen-Western Kitchen?Yancheng Kitchen?"]
["2023年","8月份","L0000087191","Dry Goods Others \\Sour Cucumber KUHNE\\冠利酸黄瓜670g","BTL",2,30,60,"Kitchen-Western Kitchen?Yancheng Kitchen?"]
["2023年","8月份","L0000032479","Sauce Laoganma Paste\\老干妈\\280g/btl","EA",5,9.81,49.05,"Kitchen-Western Kitchen?Yancheng Kitchen?"]
["2023年","8月份","L0000032452","Sauce Heinz Tomato Ketchup\\亨式番茄沙司\\3kg/tin","EA",1,59,59,"Kitchen-Western Kitchen?Yancheng Kitchen?"]
["2023年","8月份","L0000024199","Dry Bean Heinz Baked\\亨氏焗豆\\420G","TIN",6,9.8932,59.36,"Kitchen-Western Kitchen?Yancheng Kitchen?"]
["2023年","8月份","L0000017878","Hellmann's Mayonnaise\\好乐门蛋黄酱\\3KG/BRL","BRL",3,95,285,"Kitchen-Western Kitchen?Yancheng Kitchen?"]
["2023年","8月份","L0000017870","Tabasco Red 60Ml\\美国辣椒仔辣汁\\60ml","BTL",5,17,85,"Kitchen-Western Kitchen?Yancheng Kitchen?"]
["2023年","8月份","L0000017848","Maggie Sauce \\美极鲜酱油\\100ml","BTL",10,12,120,"Kitchen-Western Kitchen?Yancheng Kitchen?"]
["2023年","8月份","L0000017627","ZhenJiang Black Chinese Vinegar\\镇江陈醋\\420ml","BTL",6,7.5437,45.26,"Kitchen-Western Kitchen?Yancheng Kitchen?"]
["2023年","8月份","L0000017452","Kellogg's Rice Crispy\\家乐氏卜卜米\\200g","PK",1,24.8,24.8,"Kitchen-Western Kitchen?Yancheng Kitchen?"]
["2023年","8月份","L0000017362","GaoDa Coconut Milk Kos\\金牌高达椰浆\\400g","CAN",6,11,66,"Kitchen-Western Kitchen?Yancheng Kitchen?"]
["2023年","8月份","L0000017274","Baili Red Kidney Bean\\百利红腰豆\\432g","CAN",6,6.9,41.4,"Kitchen-Western Kitchen?Yancheng Kitchen?"]
["2023年","8月份","L0000017254","Italy Tomato Skinless\\火山牌去皮番茄\\2.55kg","CAN",2,32.5,65,"Kitchen-Western Kitchen?Yancheng Kitchen?"]
["2023年","8月份","L0002309641","Golden Arowana Instant Tofu Pollen\\金龙鱼速食豆腐花粉260g*30袋/箱","CS",1,390,390,"Kitchen-Western Kitchen?Yancheng Kitchen?"]
["2023年","8月份","L0001821836","Fried bread stick\\思念油条800g/包","BAG",10,15,150,"Kitchen-Western Kitchen?Yancheng Kitchen?"]
["2023年","8月份","L0001689744","Twin Tower Dragon mouth fans\\双塔龙口粉丝\\500g/包","BAG",5,13.5,67.5,"Kitchen-Western Kitchen?Yancheng Kitchen?"]
["2023年","8月份","L0001665032","Anjing osmanthus cake\\安井桂花糕300g/包","BAG",8,9.71,77.68,"Kitchen-Western Kitchen?Yancheng Kitchen?"]
["2023年","8月份","L0001574065","Asian fishing port milan prawn cake\\亚洲渔港米兰虾饼\\300g/袋","BAG",2,10,20,"Kitchen-Western Kitchen?Yancheng Kitchen?"]
["2023年","8月份","L0001574060","Sister Kitchen Salt Crispy Chicken (Rice Chicken)\\姐妹厨房盐酥鸡（鸡米花）\\2.5kg/袋","BAG",3,70,210,"Kitchen-Western Kitchen?Yancheng Kitchen?"]
["2023年","8月份","L0000024233","Sauce Chicken Thai\\泰国鸡酱\\890G","BTL",4,18.5631,74.25,"Kitchen-Western Kitchen?Yancheng Kitchen?"]
["2023年","8月份","L0001389850","kale Borecole 蓬盛橄榄菜 450g/bot [Bot]","BTL",4,12.3689,49.48,"Kitchen-Western Kitchen?Yancheng Kitchen?"]
["2023年","8月份","L0001031462","Nuomiou\\糯米藕","KG",5,24,120,"Kitchen-Western Kitchen?Yancheng Kitchen?"]
["2023年","8月份","L0000730862","Instant Noodle\\韩国辛拉面\\120g/包","PK",50,5.34,267,"Kitchen-Western Kitchen?Yancheng Kitchen?"]
["2023年","8月份","L0000087644","Dry goods others\\Sauce Haitian Soybean Light Sauce\\海天金标生抽 1.9L","EA",6,19.8,118.8,"Kitchen-Western Kitchen?Yancheng Kitchen?"]
["2023年","8月份","L0000163757","The chobe Fried sesame sauce culture\\丘比煎培芝麻汁1.5L/瓶","BTL",2,60,120,"Kitchen-Western Kitchen?Yancheng Kitchen?"]
["2023年","8月份","L0000666762","Dry Goods\\Spices Sauce Ketchup\\番茄沙司(地们)\\340g","BTL",10,7.068,70.68,"Kitchen-Western Kitchen?Yancheng Kitchen?"]
["2023年","8月份","L0001531064","Tuna oil/10L*2/non transgenic/金龙鱼油/10L*2/非转基因","CS",2,270,540,"Kitchen-Chinese Kitchen?Man Ho?"]
["2023年","8月份","L0001525463","Mengniu pure milk / 1L 6 boxes / box/蒙牛纯牛奶/1L 6盒/箱","CS",1,47.34,47.34,"Kitchen-Chinese Kitchen?Man Ho?"]
["2023年","8月份","L0001514998","Xiaomo tofu\\小磨豆腐","KG",2,7.4,14.8,"Kitchen-Chinese Kitchen?Man Ho?"]
["2023年","8月份","L0000103475","Within the progenitor of lipid box of tofu\\祖名内脂盒豆腐\\410/bx","BX",5,1.6,8,"Kitchen-Chinese Kitchen?Man Ho?"]
["2023年","8月份","L0000033085","Vegetable Fresh Local Pepper Yellow\\本地黄椒","KG",1,30,30,"Kitchen-Chinese Kitchen?Man Ho?"]
["2023年","8月份","L0000024481","Coriander\\香菜","KG",0.5,17,8.5,"Kitchen-Chinese Kitchen?Man Ho?"]
["2023年","8月份","L0000033084","Vegetable Fresh Local Pepper Red\\本地红椒 直身","KG",0.8,15,12,"Kitchen-Chinese Kitchen?Man Ho?"]
["2023年","8月份","L0000024431","Veg. Angled Luffa Gd\\广东丝瓜","KG",2,18,36,"Kitchen-Chinese Kitchen?Man Ho?"]
["2023年","8月份","L0000019208","Leeks\\京葱","KG",2,8,16,"Kitchen-Chinese Kitchen?Man Ho?"]
["2023年","8月份","L0000019174","Garlic Peeled\\蒜肉","KG",2.7,12,32.4,"Kitchen-Chinese Kitchen?Man Ho?"]
["2023年","8月份","L0000019178","Ginger Peeled Blue\\生姜去皮","KG",2,23,46,"Kitchen-Chinese Kitchen?Man Ho?"]
["2023年","8月份","L0000363373","Corn\\水果玉米","KG",1.5,10,15,"Kitchen-Chinese Kitchen?Man Ho?"]
["2023年","8月份","L0000024523","Sweet Bean\\甜蜜豆","KG",1,36,36,"Kitchen-Chinese Kitchen?Man Ho?"]
["2023年","8月份","L0000033151","Vegetable Fresh Wild Rice Stem\\茭白","KG",2,16,32,"Kitchen-Chinese Kitchen?Man Ho?"]
["2023年","8月份","L0000024564","Basil/九层塔/Kg","KG",0.2,70,14,"Kitchen-Chinese Kitchen?Man Ho?"]
["2023年","8月份","L0000163638","Vegetable Fresh Fresh Termitomyces Albuminosus\\新鲜鸡枞菌","KG",1,68,68,"Kitchen-Chinese Kitchen?Man Ho?"]
["2023年","8月份","L0000017690","Rice Noodle\\河粉","KG",3,9,27,"Kitchen-Chinese Kitchen?Man Ho?"]
["2023年","8月份","L0000935932","Vegetable Fresh/cucumber/玉女瓜/KG","KG",2,30,60,"Kitchen-Chinese Kitchen?Man Ho?"]
["2023年","8月份","L0000033107","Vegetable Fresh Baby Vegetable\\娃娃菜","EA",3,6,18,"Kitchen-Chinese Kitchen?Man Ho?"]
["2023年","8月份","L0000024524","Bean Sprout\\去根黄豆芽","KG",1,12,12,"Kitchen-Chinese Kitchen?Man Ho?"]
["2023年","8月份","L0000024486","Greens Choisum Canton\\广东菜心","KG",3,14,42,"Kitchen-Chinese Kitchen?Man Ho?"]
["2023年","8月份","L0000024414","Chili Green Hang Jiao\\绿杭椒","KG",1,15.6,15.6,"Kitchen-Chinese Kitchen?Man Ho?"]
["2023年","8月份","L0000019109","Celery Process\\加工西芹","KG",2,16,32,"Kitchen-Chinese Kitchen?Man Ho?"]
["2023年","8月份","L0001624690","lily\\净鲜百合80g（盒装）/BX","BX",3,12,36,"Kitchen-Chinese Kitchen?Man Ho?"]
["2023年","8月份","L0000018658","Chicken Old\\老鸡2kg","KG",5.2,40,208,"Kitchen-Chinese Kitchen?Man Ho?"]
["2023年","8月份","L0000018625","Pork Belly Trimmed With Skin\\带皮中方五花肉五层楼","KG",4,48,192,"Kitchen-Chinese Kitchen?Man Ho?"]
["2023年","8月份","L0000280398","Pork Frozen Meat \\绿进松板肉\\400g包","BAG",6,26,156,"Kitchen-Chinese Kitchen?Man Ho?"]
["2023年","8月份","L0001709053","Local quality hens (cleaned)\\本地优母鸡（净膛）","KG",6,39,234,"Kitchen-Chinese Kitchen?Man Ho?"]
["2023年","8月份","L0001551637","San roJe French foie gras / 1000g / bag/圣罗捷法国鹅肝/1000g/包","KG",1,400,400,"Kitchen-Chinese Kitchen?Man Ho?"]
["2023年","8月份","L0000018509","Veal Ossobuco Ekro Veh008 88Wine\\小牛腱","KG",5,140,700,"Kitchen-Chinese Kitchen?Man Ho?"]
["2023年","8月份","L0000445634","JT-eggs\\鸡蛋-\\KG","KG",5,14,70,"Kitchen-Chinese Kitchen?Man Ho?"]
["2023年","8月份","L0000018960","Local Seedless Watermelon\\本地无籽西瓜","KG",10,4.2,42,"Kitchen-Chinese Kitchen?Man Ho?"]
["2023年","8月份","L0000033189","Fruit Fresh Navel Orange\\脐橙","KG",10,10,100,"Kitchen-Chinese Kitchen?Man Ho?"]
["2023年","8月份","L0000162206","Fruit Fresh Hami Melon\\哈密瓜\\kg","KG",7,4.8,33.6,"Kitchen-Chinese Kitchen?Man Ho?"]
["2023年","8月份","L0000018872","Date Winter\\冬枣","KG",2,30,60,"Kitchen-Chinese Kitchen?Man Ho?"]
["2023年","8月份","L0000034156","Fruit Fresh Kiwi Gold\\猕猴桃(金果)","KG",1,58,58,"Kitchen-Chinese Kitchen?Man Ho?"]
["2023年","8月份","L0001647196","The sun rose\\阳光玫瑰\\大果/KG","KG",1,36,36,"Kitchen-Chinese Kitchen?Man Ho?"]
["2023年","8月份","L0000018873","Dragon Fruit Redmeat\\红肉火龙果","KG",4,11,44,"Kitchen-Chinese Kitchen?Man Ho?"]
["2023年","8月份","L0000018953","Pomegranate\\石榴","KG",1,36,36,"Kitchen-Chinese Kitchen?Man Ho?"]
["2023年","8月份","L0000033307","Fish Fresh Libster Locak\\鲫鱼","KG",2,18,36,"Kitchen-Chinese Kitchen?Man Ho?"]
["2023年","8月份","L0000489996","Poultry Meat Beef Local\\Beef 绿进牛肋骨","KG",5.3,118,625.4,"Kitchen-Chinese Kitchen?Man Ho?"]
["2023年","8月份","L0000032613","Herbs / Spices Bamboo Shoots Fungus\\竹笙","KG",0.5,226.57,113.29,"Kitchen-Chinese Kitchen?Man Ho?"]
["2023年","8月份","L0001580523","IFRUIT yellow peach puree\\黄桃果茸\\爱弗特\\1kg/盒","BX",2,86,172,"Kitchen-Chinese Kitchen?Man Ho?"]
["2023年","8月份","L0000022354","Sago\\皇冠小西米\\100g","BAG",5,1.7699,8.85,"Kitchen-Chinese Kitchen?Man Ho?"]
["2023年","8月份","L0000018212","Powder Gelatine Robertson\\罗拔臣鱼胶粉\\500g","PK",1,61.95,61.95,"Kitchen-Chinese Kitchen?Man Ho?"]
["2023年","8月份","L0001551726","Shanghai Dingfeng fragrant bittern / 500ml / bottle/上海鼎丰香糟卤/500ml/瓶","BTL",2,4.4248,8.85,"Kitchen-Chinese Kitchen?Man Ho?"]
["2023年","8月份","L0001551711","Chencun Jianshui / 4kg / barrel/陈村枧水/4kg/桶","BRL",1,15.93,15.93,"Kitchen-Chinese Kitchen?Man Ho?"]
["2023年","8月份","L0000024244","Paste Lee Kum Kee Soybean Chili\\豆瓣酱李锦记\\397G","BTL",3,19.0265,57.08,"Kitchen-Chinese Kitchen?Man Ho?"]
["2023年","8月份","L0000036961","Sauce Black Truffle Pate La Rustichella \\乐琪雅黑松露酱\\280g/btl","EA",1,298,298,"Kitchen-Chinese Kitchen?Man Ho?"]
["2023年","8月份","L0000123369","Chili Powder\\本地辣椒面（粗）","KG",0.5,37.1942,18.6,"Kitchen-Chinese Kitchen?Man Ho?"]
["2023年","8月份","L0000024203","Dry Vermicelli Longkou Chinese Kitcken\\龙口粉丝\\180G","BAG",5,4.8,24,"Kitchen-Chinese Kitchen?Man Ho?"]
["2023年","8月份","L0000017945","Knorr Chicken Powder\\家乐鸡粉\\2kg","CAN",1,86,86,"Kitchen-Chinese Kitchen?Man Ho?"]
["2023年","8月份","L0000017864","HaiTian Soya Sauce \\海天银标生抽王\\1.9L","BTL",1,19.1748,19.17,"Kitchen-Chinese Kitchen?Man Ho?"]
["2023年","8月份","L0000017823","HaiTian Mushroom Soy Sauce Dark\\海天草菇老抽\\1.9L","BTL",1,26,26,"Kitchen-Chinese Kitchen?Man Ho?"]
["2023年","8月份","L0000017628","HengShun Vinegar\\恒顺香醋\\500ml","BTL",6,7,42,"Kitchen-Chinese Kitchen?Man Ho?"]
["2023年","8月份","L0000017362","GaoDa Coconut Milk Kos\\金牌高达椰浆\\400g","CAN",2,11,22,"Kitchen-Chinese Kitchen?Man Ho?"]
["2023年","8月份","L0000017121","JiuZhi Preserved Plum\\九制话梅\\35g","PK",2,5.18,10.36,"Kitchen-Chinese Kitchen?Man Ho?"]
["2023年","8月份","L0000016809","Cream President whipping cream\\总统牌 淡奶油\\1l/BTL","BTL",2,43,86,"Kitchen-Chinese Kitchen?Man Ho?"]
["2023年","8月份","L0000186900","Sushi nori\\寿司海苔\\50张/包","BAG",1,53,53,"Kitchen-Chinese Kitchen?Man Ho?"]
["2023年","8月份","L0000103452","Cherry tomatoes (yellow)\\圣女果(黄）/kg","KG",2.5,24,60,"Kitchen-Banquet Kitchen"]
["2023年","8月份","L0000019070","Baby Kale\\芥兰苗\\L 12cm","KG",0.5,24,12,"Kitchen-Banquet Kitchen"]
["2023年","8月份","L0000037950","Fruit Fresh Gumbo \\秋葵","KG",2,24,48,"Kitchen-Banquet Kitchen"]
["2023年","8月份","L0000034896","Vegetable Fresh Abalone Mushrooms \\杏鲍菇","KG",2,14,28,"Kitchen-Banquet Kitchen"]
["2023年","8月份","L0000024523","Sweet Bean\\甜蜜豆","KG",5,36,180,"Kitchen-Banquet Kitchen"]
["2023年","8月份","L0001624690","lily\\净鲜百合80g（盒装）/BX","BX",10,12,120,"Kitchen-Banquet Kitchen"]
["2023年","8月份","L0000019219","Local Lettuce\\本地生菜","KG",1,9,9,"Kitchen-Banquet Kitchen"]
["2023年","8月份","L0000033084","Vegetable Fresh Local Pepper Red\\本地红椒 直身","KG",0.5,15,7.5,"Kitchen-Banquet Kitchen"]
["2023年","8月份","L0000019208","Leeks\\京葱","KG",2,8,16,"Kitchen-Banquet Kitchen"]
["2023年","8月份","L0000023672","Pork\\去皮五花肉","KG",2,36,72,"Kitchen-Banquet Kitchen"]
["2023年","8月份","L0000018611","German Salt Trotter Fore \\德国咸猪手","KG",21.25,47,998.75,"Kitchen-Banquet Kitchen"]
["2023年","8月份","L0000018658","Chicken Old\\老鸡2kg","KG",20,40,800,"Kitchen-Banquet Kitchen"]
["2023年","8月份","L0000018705","Local Duck Old \\本地老鸭1-1.25kg","KG",11,86,946,"Kitchen-Banquet Kitchen"]
["2023年","8月份","L0000023723","Duck\\白条鸭","KG",2.5,24.8,62,"Kitchen-Banquet Kitchen"]
["2023年","8月份","L0001135154","Cherry ducks\\樱桃鸭\\1.5-2.0KG","KG",3,22.8,68.4,"Kitchen-Banquet Kitchen"]
["2023年","8月份","L0000970199","Produce蔬菜水果\\green lemon lenves\\泰国小青柠檬","KG",1,24,24,"Kitchen-Banquet Kitchen"]
["2023年","8月份","L0001370393","Yasui cuttlefish ball\\安井墨鱼丸\\2.5kg/袋","BAG",2,58,116,"Kitchen-Banquet Kitchen"]
["2023年","8月份","L0000254191","Dry Goods/Dry Seafood/Undaria/洋琪中华裙带菜/1000G/Each","EA",15,22,330,"Kitchen-Banquet Kitchen"]
["2023年","8月份","L0002162919","Li ghost garlic bone\\李鬼蒜香骨500g/包","BAG",15,38.5,577.5,"Kitchen-Banquet Kitchen"]
["2023年","8月份","L0001760477","Scallop\\鲜芝贝免浆鲜贝250g/盒","BX",15,23,345,"Kitchen-Banquet Kitchen"]
["2023年","8月份","L0000304193","Fish Fresh\\Fresh Squid\\鲜大鱿鱼 150g-250g","KG",3,85,255,"Kitchen-Banquet Kitchen"]
["2023年","8月份","L0000019438","Marble Goby Fish\\笋壳鱼养殖\\0.6-0.9kg","KG",3.6,130,468,"Kitchen-Banquet Kitchen"]
["2023年","8月份","L0000022337","Swimming Crab\\梭子蟹(长脐)\\0.2-0.3kg","KG",9,140,1260,"Kitchen-Banquet Kitchen"]
["2023年","8月份","L0000019700","Live Boston Lobster\\活波士顿龙虾\\500-650g","KG",10.8,270,2916,"Kitchen-Banquet Kitchen"]
["2023年","8月份","L0000022323","Mandarin Fish\\桂鱼\\0.65-0.9kg","KG",10.8,150,1620,"Kitchen-Banquet Kitchen"]
["2023年","8月份","L0000019700","Live Boston Lobster\\活波士顿龙虾\\500-650g","KG",3,270,810,"Kitchen-Banquet Kitchen"]
["2023年","8月份","L0000019686","Hard Shell Crab\\肉蟹\\250g-350g","KG",3,155,465,"Kitchen-Banquet Kitchen"]
["2023年","8月份","L0000303484","Seafood\\YEN FOOD ABALONE LIVE 8PC\\鲜活鲍鱼（8头）\\KG","KG",4,156,624,"Kitchen-Banquet Kitchen"]
["2023年","8月份","L0001523361","ERD/Mengniu fresh milk / 180ml * 12/员餐/蒙牛鲜牛奶/180ml*12","CS",9,29,261,"Staff Dining"]
["2023年","8月份","L0001523350","ERD/Mengniu yogurt / original / 100g * 8/员餐/蒙牛酸奶/原味/100g*8","PNL",24,8,192,"Staff Dining"]
["2023年","8月份","L0000582884","Tofu fruit 豆腐果-员餐\\kg","KG",8,12,96,"Staff Dining"]
["2023年","8月份","L0000391127","员餐/EDR\\DryFood\\Tofu\\板豆腐","EA",2,20,40,"Staff Dining"]
["2023年","8月份","L0000019366","EDR-Luffa\\丝瓜-员餐","KG",5,13,65,"Staff Dining"]
["2023年","8月份","L0000023943","EDR-White Cabbage\\包心菜-员餐","KG",12,5,60,"Staff Dining"]
["2023年","8月份","L0001523383","ERD/Venetian knot/员餐/百叶结","KG",6,14,84,"Staff Dining"]
["2023年","8月份","L0000023937","EDR-Green Vegetable\\青菜-员餐","KG",25,6,150,"Staff Dining"]
["2023年","8月份","L0000023927","EDR-Potato Big\\大土豆-员餐","KG",25,6,150,"Staff Dining"]
["2023年","8月份","L0000019402","EDR-Cherry Tomato\\樱桃番茄-员餐","KG",20,14,280,"Staff Dining"]
["2023年","8月份","L0000019386","EDR-Chinese Cabbage\\大白菜-员餐","KG",30,5,150,"Staff Dining"]
["2023年","8月份","L0000019382","EDR-Broccoli Green\\西兰花-员餐","KG",12,16,192,"Staff Dining"]
["2023年","8月份","L0000019376","EDR-Asparagus Lettuce Peeled\\莴笋去皮-员餐","KG",16,16,256,"Staff Dining"]
["2023年","8月份","L0000019373","EDR-White Turnip\\白萝卜-员餐","KG",15,5,75,"Staff Dining"]
["2023年","8月份","L0000060716","EDR-Sweet Potato Baby\\小红薯-员餐","KG",12,8.6,103.2,"Staff Dining"]
["2023年","8月份","L0000060706","EDR-Coriander\\香菜-员餐","KG",2,15,30,"Staff Dining"]
["2023年","8月份","L0000023981","EDR-Cucumber\\黄瓜-员餐","KG",15,6,90,"Staff Dining"]
["2023年","8月份","L0000023973","EDR-Green Soy Bean Seed\\毛豆肉-员餐","KG",10,20,200,"Staff Dining"]
["2023年","8月份","L0000019392","EDR-Ginger Peeled\\生姜去皮-员餐","KG",2,23,46,"Staff Dining"]
["2023年","8月份","L0000019391","EDR-Garlic Peeled\\大蒜去衣-员餐","KG",4,11,44,"Staff Dining"]
["2023年","8月份","L0001523375","ERD/Lettuce/员餐/油麦菜","KG",14,9,126,"Staff Dining"]
["2023年","8月份","L0001523363","ERD/Local green pepper/员餐/本地青椒","KG",15,7.8,117,"Staff Dining"]
["2023年","8月份","L0000023979","EDR-Spinach\\菠菜-员餐","KG",12,12.8,153.6,"Staff Dining"]
["2023年","8月份","L0000023989","EDR- Squash\\西葫芦-员餐","KG",15,7,105,"Staff Dining"]
["2023年","8月份","L0000035387","Vegetable Fresh EDR-Winter Melon\\冬瓜去皮切块-员餐","KG",8,8,64,"Staff Dining"]
["2023年","8月份","L0000035387","Vegetable Fresh EDR-Winter Melon\\冬瓜去皮切块-员餐","KG",25,8,200,"Staff Dining"]
["2023年","8月份","L0000019412","EDR-Eggplant\\茄子-员餐","KG",16,8.8,140.8,"Staff Dining"]
["2023年","8月份","L0000023931","EDR-Shallot\\小葱-员餐","KG",5,10,50,"Staff Dining"]
["2023年","8月份","L0000023953","EDR-Celery Local\\本地芹菜-员餐","KG",5,9,45,"Staff Dining"]
["2023年","8月份","L0000278406","EDR- green chili\\绿杭椒—员餐","KG",15,15.8,237,"Staff Dining"]
["2023年","8月份","L0000035398","Vegetable Fresh EDR-Corn\\玉米棒切节-员餐","KG",25,9.8,245,"Staff Dining"]
["2023年","8月份","L0000035391","Vegetable Fresh EDR-Pumpkin\\南瓜去皮切块去籽-员餐","KG",8,7,56,"Staff Dining"]
["2023年","8月份","L0000024023","EDR-Pork\\里脊肉-员餐","KG",16,42,672,"Staff Dining"]
["2023年","8月份","L0000087014","EDR\\Chicken breast\\鸡胸肉-员餐","KG",5,24,120,"Staff Dining"]
["2023年","8月份","L0000024023","EDR-Pork\\里脊肉-员餐","KG",6,42,252,"Staff Dining"]
["2023年","8月份","L0000024023","EDR-Pork\\里脊肉-员餐","KG",16,42,672,"Staff Dining"]
["2023年","8月份","L0000024023","EDR-Pork\\里脊肉-员餐","KG",12,42,504,"Staff Dining"]
["2023年","8月份","L0000024035","EDR-Pork Belly\\五花肉-员餐","KG",12,36,432,"Staff Dining"]
["2023年","8月份","L0002070773","Chicken leg meat\\鸡上腿肉-员餐","KG",26,20,520,"Staff Dining"]
["2023年","8月份","L0000024035","EDR-Pork Belly\\五花肉-员餐","KG",12,36,432,"Staff Dining"]
["2023年","8月份","L0000087059","EDR\\Egg\\鸡蛋-员餐","KG",60,14,840,"Staff Dining"]
["2023年","8月份","L0000018988","EDR-HaiNan Banana\\海南香蕉-员餐","KG",40,6.2,248,"Staff Dining"]
["2023年","8月份","L0000023883","EDR-Water Melon/Seedless 无籽西瓜-员餐","KG",85,4.2,357,"Staff Dining"]
["2023年","8月份","L0000087469","EDR\\Groundnut kernels\\花生米-员餐","KG",5,19.2,96,"Staff Dining"]
["2023年","8月份","L0000019208","Leeks\\京葱","KG",3,8,24,"Kitchen-Specialty Kitchen?Smoki Moto?"]
["2023年","8月份","L0000024482","Cucumber\\黄瓜","KG",1.5,6,9,"Kitchen-Specialty Kitchen?Smoki Moto?"]
["2023年","8月份","L0000024488","Onion Spring\\小葱","KG",0.5,12,6,"Kitchen-Specialty Kitchen?Smoki Moto?"]
["2023年","8月份","L0000305117","Vegetable Fresh\\Japan‘s big leaf \\日本大叶 20g/盒","BAG",2,10,20,"Kitchen-Specialty Kitchen?Smoki Moto?"]
["2023年","8月份","L0000904803","Vegetable\\Fresh Mushroom \\鲜口蘑\\kg","KG",1.5,20,30,"Kitchen-Specialty Kitchen?Smoki Moto?"]
["2023年","8月份","L0000033129","Vegetable Fresh Marrow\\西葫芦蔬菜","KG",2,6,12,"Kitchen-Specialty Kitchen?Smoki Moto?"]
["2023年","8月份","L0000024455","Oak Leaf Green\\绿橡叶生菜","KG",3,24,72,"Kitchen-Specialty Kitchen?Smoki Moto?"]
["2023年","8月份","L0000019104","Baby Carrot Fingerling \\手指胡萝卜","KG",1,22,22,"Kitchen-Specialty Kitchen?Smoki Moto?"]
["2023年","8月份","L0000024426","Veg Pumpkin Bracket Shape\\南瓜 本地","KG",8,6.5,52,"Kitchen-Specialty Kitchen?Smoki Moto?"]
["2023年","8月份","L0000033103","Vegetable Fresh Carrot\\胡萝卜","KG",2,5,10,"Kitchen-Specialty Kitchen?Smoki Moto?"]
["2023年","8月份","L0000400651","Vegetable Fresh/红叶生菜","KG",0.5,33,16.5,"Kitchen-Specialty Kitchen?Smoki Moto?"]
["2023年","8月份","L0000445634","JT-eggs\\鸡蛋-\\KG","KG",3,14,42,"Kitchen-Specialty Kitchen?Smoki Moto?"]
["2023年","8月份","L0000976204","Egg Quail\\鹌鹑蛋 去皮","KG",1,26,26,"Kitchen-Specialty Kitchen?Smoki Moto?"]
["2023年","8月份","L0000018880","Fuji Apple\\富士苹果","KG",3,12,36,"Kitchen-Specialty Kitchen?Smoki Moto?"]
["2023年","8月份","L0000018873","Dragon Fruit Redmeat\\红肉火龙果","KG",3,11,33,"Kitchen-Specialty Kitchen?Smoki Moto?"]
["2023年","8月份","L0000018856","Avocados\\牛油果","KG",0.5,50,25,"Kitchen-Specialty Kitchen?Smoki Moto?"]
["2023年","8月份","L0000162206","Fruit Fresh Hami Melon\\哈密瓜\\kg","KG",6,4.8,28.8,"Kitchen-Specialty Kitchen?Smoki Moto?"]
["2023年","8月份","L0000033189","Fruit Fresh Navel Orange\\脐橙","KG",3,10,30,"Kitchen-Specialty Kitchen?Smoki Moto?"]
["2023年","8月份","L0000428192","Seafood\\River Eel\\河鳗\\650 900g(活)","KG",2.2,76,167.2,"Kitchen-Specialty Kitchen?Smoki Moto?"]
["2023年","8月份","L0000400969","Dry Goods Others\\Bamboo Leave\\日本小粽叶","BAG",1,15,15,"Kitchen-Specialty Kitchen?Smoki Moto?"]
["2023年","8月份","L0002334200","Wagyu Beef upper brain eye meat A\\和牛上脑眼肉A","KG",0.3,650,195,"Kitchen-Specialty Kitchen?Smoki Moto?"]
["2023年","8月份","L0000398627","Food Dry Goods Others/Korea Qingjinyuan Seaweed清净园橄榄油传统海苔/4.5g*9pack","BAG",1,32,32,"Kitchen-Specialty Kitchen?Smoki Moto?"]
["2023年","8月份","L0002317867","Chando Korean jjajang noodles\\灿道韩式炸酱面条1KG/包","BAG",3,22.3,66.9,"Kitchen-Specialty Kitchen?Smoki Moto?"]
["2023年","8月份","L0001748972","Ark\\北极贝\\刺身级\\M-51-60\\出成85%\\1KG/盒","BX",1,300,300,"Kitchen-Specialty Kitchen?Smoki Moto?"]
["2023年","8月份","L0000927098","Fish Fresh Live Octopus\\活八爪鱼\\KG","KG",2,105,210,"Kitchen-Specialty Kitchen?Smoki Moto?"]
["2023年","8月份","L0000303484","Seafood\\YEN FOOD ABALONE LIVE 8PC\\鲜活鲍鱼（8头）\\KG","KG",1,156,156,"Kitchen-Specialty Kitchen?Smoki Moto?"]
["2023年","8月份","L0000582282","Frozen small dragon\\冻小青龙200-300g\\kg","KG",2,220,440,"Kitchen-Specialty Kitchen?Smoki Moto?"]
["2023年","8月份","L0000074273","Duck / Goose\\Local goose\\ 本地鹅","KG",14.7,43,632.1,"Kitchen-Banquet Kitchen"]
["2023年","8月份","L0000018705","Local Duck Old \\本地老鸭1-1.25kg","KG",1,86,86,"Kitchen-Banquet Kitchen"]
["2023年","8月份","L0000087533","Noodles EDR-Udon Noodles\\美国厨师乌冬面","BAG",20,3.6,72,"Kitchen-Banquet Kitchen"]
["2023年","8月份","L0000074290","Fish Fresh\\cooked Eel silk \\熟鳝丝","KG",0.5,105,52.5,"Kitchen-Banquet Kitchen"]
["2023年","8月份","L0000430064","Pearl grouper\\珍珠斑\\0.7-0.8kg","KG",0.6,69,41.4,"Kitchen-Banquet Kitchen"]
["2023年","8月份","L0000430064","Pearl grouper\\珍珠斑\\0.7-0.8kg","KG",3,69,207,"Kitchen-Banquet Kitchen"]
["2023年","8月份","L0000074290","Fish Fresh\\cooked Eel silk \\熟鳝丝","KG",3,105,315,"Kitchen-Banquet Kitchen"]
["2023年","8月份","L0000019663","Dalian Abalone\\大连鲜鲍鱼\\9-10pcs","KG",9,127,1143,"Kitchen-Banquet Kitchen"]
["2023年","8月份","L0001522601","Juice Chilled Juice orangeJuice\\橙宝橙汁\\BTL\\2L","BTL",120,12.5,1500,"Kitchen-Banquet Kitchen"]
["2023年","8月份","L0001514997","Shuoji blinds\\硕集百叶","KG",2,14,28,"Kitchen-Chinese Kitchen?Man Ho?"]
["2023年","8月份","L0000033084","Vegetable Fresh Local Pepper Red\\本地红椒 直身","KG",1,15,15,"Kitchen-Chinese Kitchen?Man Ho?"]
["2023年","8月份","L0000024488","Onion Spring\\小葱","KG",1.5,12,18,"Kitchen-Chinese Kitchen?Man Ho?"]
["2023年","8月份","L0000019343","White Jade Mushroom\\白玉菇","KG",1.5,16,24,"Kitchen-Chinese Kitchen?Man Ho?"]
["2023年","8月份","L0000019219","Local Lettuce\\本地生菜","KG",3,9,27,"Kitchen-Chinese Kitchen?Man Ho?"]
["2023年","8月份","L0000019174","Garlic Peeled\\蒜肉","KG",4,12,48,"Kitchen-Chinese Kitchen?Man Ho?"]
["2023年","8月份","L0000019103","Cabbage Xiao Tang\\小唐菜","KG",2,13,26,"Kitchen-Chinese Kitchen?Man Ho?"]
["2023年","8月份","L0000019102","Cabbage White Small\\小白菜","KG",3,16,48,"Kitchen-Chinese Kitchen?Man Ho?"]
["2023年","8月份","L0000051434","Japanese Red Pumpkin\\日本红皮南瓜","KG",10,11,110,"Kitchen-Chinese Kitchen?Man Ho?"]
["2023年","8月份","L0000051434","Japanese Red Pumpkin\\日本红皮南瓜","KG",2,11,22,"Kitchen-Chinese Kitchen?Man Ho?"]
["2023年","8月份","L0000019085","Local Bell Pepper Yellow\\本地黄圆椒","KG",1,29,29,"Kitchen-Chinese Kitchen?Man Ho?"]
["2023年","8月份","L0000019154","French Bean\\四季豆中厨要加工好","KG",1.5,19,28.5,"Kitchen-Chinese Kitchen?Man Ho?"]
["2023年","8月份","L0000033083","Vegetable Fresh Local Pepper Green\\本地青椒","KG",0.5,6,3,"Kitchen-Chinese Kitchen?Man Ho?"]
["2023年","8月份","L0000163638","Vegetable Fresh Fresh Termitomyces Albuminosus\\新鲜鸡枞菌","KG",1,68,68,"Kitchen-Chinese Kitchen?Man Ho?"]
["2023年","8月份","L0000033103","Vegetable Fresh Carrot\\胡萝卜","KG",2,5,10,"Kitchen-Chinese Kitchen?Man Ho?"]
["2023年","8月份","L0000033151","Vegetable Fresh Wild Rice Stem\\茭白","KG",2,16,32,"Kitchen-Chinese Kitchen?Man Ho?"]
["2023年","8月份","L0000051422","Spinach/菠菜/Kg","KG",2,13,26,"Kitchen-Chinese Kitchen?Man Ho?"]
["2023年","8月份","L0000051424","Veg You Mai\\油麦菜","KG",2,9,18,"Kitchen-Chinese Kitchen?Man Ho?"]
["2023年","8月份","L0000033103","Vegetable Fresh Carrot\\胡萝卜","KG",2,5,10,"Kitchen-Chinese Kitchen?Man Ho?"]
["2023年","8月份","L0000287774","火红苗/食用","BX",2,15,30,"Kitchen-Chinese Kitchen?Man Ho?"]
["2023年","8月份","L0000889637","Vegetable Fresh/Parsley miao/香菜苗/30g*盒/盒","BX",1,12,12,"Kitchen-Chinese Kitchen?Man Ho?"]
["2023年","8月份","L0000935932","Vegetable Fresh/cucumber/玉女瓜/KG","KG",2,30,60,"Kitchen-Chinese Kitchen?Man Ho?"]
["2023年","8月份","L0001334080","Stripe radish\\条纹萝卜","KG",0.5,36,18,"Kitchen-Chinese Kitchen?Man Ho?"]
["2023年","8月份","L0000017690","Rice Noodle\\河粉","KG",3,9,27,"Kitchen-Chinese Kitchen?Man Ho?"]
["2023年","8月份","L0000019104","Baby Carrot Fingerling \\手指胡萝卜","KG",0.5,22,11,"Kitchen-Chinese Kitchen?Man Ho?"]
["2023年","8月份","L0000019163","Fresh Mint Leave\\薄荷叶","KG",1,22,22,"Kitchen-Chinese Kitchen?Man Ho?"]
["2023年","8月份","L0000019226","Lotus Seed Pitted Fresh\\鲜莲子去芯\\85g","EA",2,16,32,"Kitchen-Chinese Kitchen?Man Ho?"]
["2023年","8月份","L0000019226","Lotus Seed Pitted Fresh\\鲜莲子去芯\\85g","EA",4,16,64,"Kitchen-Chinese Kitchen?Man Ho?"]
["2023年","8月份","L0000019256","Okra Green\\秋葵","KG",1,26,26,"Kitchen-Chinese Kitchen?Man Ho?"]
["2023年","8月份","L0000019258","Onion Red Peeled\\去皮红洋葱","KG",2,7,14,"Kitchen-Chinese Kitchen?Man Ho?"]
["2023年","8月份","L0000019319","Taro\\香芋","KG",2,16,32,"Kitchen-Chinese Kitchen?Man Ho?"]
["2023年","8月份","L0000019319","Taro\\香芋","KG",2,16,32,"Kitchen-Chinese Kitchen?Man Ho?"]
["2023年","8月份","L0000019330","Turnip White\\白萝卜","KG",2,3.6,7.2,"Kitchen-Chinese Kitchen?Man Ho?"]
["2023年","8月份","L0000024468","Asparagus Green\\芦笋绿","KG",2,30,60,"Kitchen-Chinese Kitchen?Man Ho?"]
["2023年","8月份","L0000024473","Broccoli Green\\去根西兰花","KG",3,16,48,"Kitchen-Chinese Kitchen?Man Ho?"]
["2023年","8月份","L0000024550","Onion\\去皮干葱头","KG",1.5,17.8,26.7,"Kitchen-Chinese Kitchen?Man Ho?"]
["2023年","8月份","L0000033107","Vegetable Fresh Baby Vegetable\\娃娃菜","EA",5,6,30,"Kitchen-Chinese Kitchen?Man Ho?"]
["2023年","8月份","L0000033116","Vegetable Fresh Bean Sprout Big\\银芽 去头去尾","KG",0.5,12,6,"Kitchen-Chinese Kitchen?Man Ho?"]
["2023年","8月份","L0000033129","Vegetable Fresh Marrow\\西葫芦蔬菜","KG",2,6,12,"Kitchen-Chinese Kitchen?Man Ho?"]
["2023年","8月份","L0000034896","Vegetable Fresh Abalone Mushrooms \\杏鲍菇","KG",2.5,14,35,"Kitchen-Chinese Kitchen?Man Ho?"]
["2023年","8月份","L0000037834","Vegetable Fresh Vegetable Chufa Peeled\\马蹄(去皮)","KG",1,30,30,"Kitchen-Chinese Kitchen?Man Ho?"]
["2023年","8月份","L0000122723","Alkaline noodle碱面条","KG",5,8,40,"Kitchen-Chinese Kitchen?Man Ho?"]
["2023年","8月份","L0000281463","Endive苦菊 kg","KG",1,16,16,"Kitchen-Chinese Kitchen?Man Ho?"]
["2023年","8月份","L0000018625","Pork Belly Trimmed With Skin\\带皮中方五花肉五层楼","KG",4,48,192,"Kitchen-Chinese Kitchen?Man Ho?"]
["2023年","8月份","L0000018658","Chicken Old\\老鸡2kg","KG",3,40,120,"Kitchen-Chinese Kitchen?Man Ho?"]
["2023年","8月份","L0000023648","Meat Pork Lean Leg\\猪赤肉","KG",2,43,86,"Kitchen-Chinese Kitchen?Man Ho?"]
["2023年","8月份","L0000023666","Pork Bones W Meat\\猪龙骨","KG",2,38,76,"Kitchen-Chinese Kitchen?Man Ho?"]
["2023年","8月份","L0000023687","Meat Fat\\猪板油","KG",5,23,115,"Kitchen-Chinese Kitchen?Man Ho?"]
["2023年","8月份","L0000051546","Fresh Chicken Feet\\鲜鸡脚","KG",3,46,138,"Kitchen-Chinese Kitchen?Man Ho?"]
["2023年","8月份","L0001709059","Peeled pork square\\去皮五花四方肉\\精修肉厚","KG",4,48,192,"Kitchen-Chinese Kitchen?Man Ho?"]
["2023年","8月份","L0000496902","Pork Rib\\精排骨\\KG","KG",2,62,124,"Kitchen-Chinese Kitchen?Man Ho?"]
["2023年","8月份","L0000280398","Pork Frozen Meat \\绿进松板肉\\400g包","BAG",4,26,104,"Kitchen-Chinese Kitchen?Man Ho?"]
["2023年","8月份","L0001135154","Cherry ducks\\樱桃鸭\\1.5-2.0KG","KG",4,22.8,91.2,"Kitchen-Chinese Kitchen?Man Ho?"]
["2023年","8月份","L0001709053","Local quality hens (cleaned)\\本地优母鸡（净膛）","KG",12,39,468,"Kitchen-Chinese Kitchen?Man Ho?"]
["2023年","8月份","L0000976204","Egg Quail\\鹌鹑蛋 去皮","KG",0.5,26,13,"Kitchen-Chinese Kitchen?Man Ho?"]
["2023年","8月份","L0000034156","Fruit Fresh Kiwi Gold\\猕猴桃(金果)","KG",1,58,58,"Kitchen-Chinese Kitchen?Man Ho?"]
["2023年","8月份","L0000018873","Dragon Fruit Redmeat\\红肉火龙果","KG",3,11,33,"Kitchen-Chinese Kitchen?Man Ho?"]
["2023年","8月份","L0001647196","The sun rose\\阳光玫瑰\\大果/KG","KG",2,36,72,"Kitchen-Chinese Kitchen?Man Ho?"]
["2023年","8月份","L0000018960","Local Seedless Watermelon\\本地无籽西瓜","KG",15,4.2,63,"Kitchen-Chinese Kitchen?Man Ho?"]
["2023年","8月份","L0000018936","Papaya Hawaii\\国产夏威夷木瓜","KG",1.5,12,18,"Kitchen-Chinese Kitchen?Man Ho?"]
["2023年","8月份","L0000074934","Fruit Fresh Green Orange\\小青桔","KG",1,24,24,"Kitchen-Chinese Kitchen?Man Ho?"]
["2023年","8月份","L0000123419","Fish Fresh Jelly Red Head\\大红海蜇头","KG",3,57,171,"Kitchen-Chinese Kitchen?Man Ho?"]
["2023年","8月份","L0000164202","Frozen small yellow croaker washed\\冰冻小黄鱼洗净","KG",3,50,150,"Kitchen-Chinese Kitchen?Man Ho?"]
["2023年","8月份","L0000163602","Eggs Alted Vitellus\\咸蛋黄\\10个/盒","BX",5,13,65,"Kitchen-Chinese Kitchen?Man Ho?"]
["2023年","8月份","L0001760483","Yurun crystal meat\\雨润水晶肴肉/KG","KG",1,98,98,"Kitchen-Chinese Kitchen?Man Ho?"]
["2023年","8月份","L0001956062","Boneless Angus rib scapulae\\去骨安格斯牛肩胛小排","KG",5.7,220.1835,1255.05,"Kitchen-Chinese Kitchen?Man Ho?"]
["2023年","8月份","L0002508628","Australian pure blood wagyu Snowflake beef core\\澳洲纯血和牛雪花牛霖肉芯","KG",6.7,87.16,583.97,"Kitchen-Chinese Kitchen?Man Ho?"]
["2023年","8月份","L0000019472","Fresh Squid Large\\大鲜鱿\\200-250g","KG",2,90,180,"Kitchen-Chinese Kitchen?Man Ho?"]
["2023年","8月份","L0000020877","River Prawn\\河虾","KG",1,250,250,"Kitchen-Chinese Kitchen?Man Ho?"]
["2023年","8月份","L0001748976","Raw frozen black tiger prawns\\3头生冻黑虎虾\\6只/盒","BX",6,145,870,"Kitchen-Chinese Kitchen?Man Ho?"]
["2023年","8月份","L0000033289","Fish Fresh Grass Carp\\草鱼","KG",2,24,48,"Kitchen-Chinese Kitchen?Man Ho?"]
["2023年","8月份","L0001624673","Shrimp and smooth\\虾胶虾滑395G/包","BAG",2,60,120,"Kitchen-Chinese Kitchen?Man Ho?"]
["2023年","8月份","L0000019714","LuoShi Prawn\\罗氏虾\\35pcs","KG",1,70,70,"Kitchen-Chinese Kitchen?Man Ho?"]
["2023年","8月份","L0000019545","Frozen Saury Processed\\冻秋刀鱼杀好","KG",2,40,80,"Kitchen-Chinese Kitchen?Man Ho?"]
["2023年","8月份","L0000017362","GaoDa Coconut Milk Kos\\金牌高达椰浆\\400g","CAN",10,11,110,"Kitchen-Pastry"]
["2023年","8月份","L0000267293","Anchor Butter\\安佳大黄油\\25kg/箱","EA",1,1460,1460,"Kitchen-Pastry"]
["2023年","8月份","L0001531098","St.meccaro Chocolate\\圣美卡罗优醇巧克力\\1kg\\包","BAG",10,36.28,362.8,"Kitchen-Pastry"]
["2023年","8月份","L0001554391","Color candy bean\\彩色水果糖豆\\（菠萝味、草莓味、荔枝味、蓝莓味、苹果味、桔子味）2.5kg/袋","BAG",0,40,0,"Kitchen-Pastry"]
["2023年","8月份","L0001525494","Mengniu yogurt / 100g original/蒙牛酸奶/100g 原味","PNL",12,7.08,84.96,"Kitchen-Western Kitchen?Yancheng Kitchen?"]
["2023年","8月份","L0001525491","Mengniu yogurt / 100g yellow peach/蒙牛酸奶/100g 黄桃","PNL",12,10.17,122.04,"Kitchen-Western Kitchen?Yancheng Kitchen?"]
["2023年","8月份","L0001525489","Mengniu yogurt / 100g strawberry/蒙牛酸奶/100g 草莓","PNL",12,10.17,122.04,"Kitchen-Western Kitchen?Yancheng Kitchen?"]
["2023年","8月份","L0000019085","Local Bell Pepper Yellow\\本地黄圆椒","KG",1,29,29,"Kitchen-Western Kitchen?Yancheng Kitchen?"]
["2023年","8月份","L0000019084","Local Bell Pepper Red\\本地红圆椒","KG",1,25,25,"Kitchen-Western Kitchen?Yancheng Kitchen?"]
["2023年","8月份","L0000400651","Vegetable Fresh/红叶生菜","KG",1,33,33,"Kitchen-Western Kitchen?Yancheng Kitchen?"]
["2023年","8月份","L0000103461","The old pumpkin\\老南瓜/kg","KG",6,6,36,"Kitchen-Western Kitchen?Yancheng Kitchen?"]
["2023年","8月份","L0000051424","Veg You Mai\\油麦菜","KG",5,9,45,"Kitchen-Western Kitchen?Yancheng Kitchen?"]
["2023年","8月份","L0000019178","Ginger Peeled Blue\\生姜去皮","KG",2,23,46,"Kitchen-Western Kitchen?Yancheng Kitchen?"]
["2023年","8月份","L0000033114","Vegetable Fresh Potato Sweet\\红薯","KG",8,5.5,44,"Kitchen-Western Kitchen?Yancheng Kitchen?"]
["2023年","8月份","L0000033103","Vegetable Fresh Carrot\\胡萝卜","KG",6,5,30,"Kitchen-Western Kitchen?Yancheng Kitchen?"]
["2023年","8月份","L0000024552","Cuke\\日本小黄瓜","KG",2,14,28,"Kitchen-Western Kitchen?Yancheng Kitchen?"]
["2023年","8月份","L0000019253","Needle Mushroom\\金针菇","KG",5,10,50,"Kitchen-Western Kitchen?Yancheng Kitchen?"]
["2023年","8月份","L0000051422","Spinach/菠菜/Kg","KG",3,13,39,"Kitchen-Western Kitchen?Yancheng Kitchen?"]
["2023年","8月份","L0000019219","Local Lettuce\\本地生菜","KG",10,9,90,"Kitchen-Western Kitchen?Yancheng Kitchen?"]
["2023年","8月份","L0000019325","Tomato Larage Local\\大番茄","KG",6,8,48,"Kitchen-Western Kitchen?Yancheng Kitchen?"]
["2023年","8月份","L0000033111","Vegetable Fresh Cabbage Shanghai\\上海青 只留菜心部分","KG",8,8,64,"Kitchen-Western Kitchen?Yancheng Kitchen?"]
["2023年","8月份","L0000037399","Seafood Flavor Mushroom/海鲜菇/Kg","KG",5,16,80,"Kitchen-Western Kitchen?Yancheng Kitchen?"]
["2023年","8月份","L0000087071","Vegetable Fresh\\Celtuce peeled\\去皮莴笋","KG",3,15,45,"Kitchen-Western Kitchen?Yancheng Kitchen?"]
["2023年","8月份","L0000033106","Vegetable Fresh Corn Stick\\鲜玉米棒","KG",8,9,72,"Kitchen-Western Kitchen?Yancheng Kitchen?"]
["2023年","8月份","L0000024532","Chili Red/红尖椒/Kg","KG",2,16,32,"Kitchen-Western Kitchen?Yancheng Kitchen?"]
["2023年","8月份","L0000024526","Potato Baby\\土豆","KG",8,6,48,"Kitchen-Western Kitchen?Yancheng Kitchen?"]
["2023年","8月份","L0000024488","Onion Spring\\小葱","KG",3,12,36,"Kitchen-Western Kitchen?Yancheng Kitchen?"]
["2023年","8月份","L0000024487","Onion Red\\红洋葱","KG",8,4,32,"Kitchen-Western Kitchen?Yancheng Kitchen?"]
["2023年","8月份","L0000019174","Garlic Peeled\\蒜肉","KG",4,12,48,"Kitchen-Western Kitchen?Yancheng Kitchen?"]
["2023年","8月份","L0000024481","Coriander\\香菜","KG",3,17,51,"Kitchen-Western Kitchen?Yancheng Kitchen?"]
["2023年","8月份","L0000024482","Cucumber\\黄瓜","KG",2,6,12,"Kitchen-Western Kitchen?Yancheng Kitchen?"]
["2023年","8月份","L0000019091","Bottle Gourd\\葫芦瓜","KG",4,10,40,"Kitchen-Western Kitchen?Yancheng Kitchen?"]
["2023年","8月份","L0001525509","Guilin Rice noodles/桂林米粉","KG",5,10,50,"Kitchen-Western Kitchen?Yancheng Kitchen?"]
["2023年","8月份","L0000418693","Dianxin Dianxin 本地小馄饨皮1kg","KG",2,7,14,"Kitchen-Western Kitchen?Yancheng Kitchen?"]
["2023年","8月份","L0000281463","Endive苦菊 kg","KG",1,16,16,"Kitchen-Western Kitchen?Yancheng Kitchen?"]
["2023年","8月份","L0000105415","Vegetable Fresh\\Egg Noodle\\鸡蛋面","KG",12,10,120,"Kitchen-Western Kitchen?Yancheng Kitchen?"]
["2023年","8月份","L0000087048","Cabbage Chinese Long\\大白菜","KG",5,5,25,"Kitchen-Western Kitchen?Yancheng Kitchen?"]
["2023年","8月份","L0000040060","Vegetable Fresh Local Romaine \\本地罗马生菜","KG",2,32,64,"Kitchen-Western Kitchen?Yancheng Kitchen?"]
["2023年","8月份","L0000033145","Vegetable Fresh Garlic Sprout\\蒜苔 去尾 去头","KG",6,16,96,"Kitchen-Western Kitchen?Yancheng Kitchen?"]
["2023年","8月份","L0000033131","Vegetable Fresh Local Celery\\芹菜(本地)","KG",4,10,40,"Kitchen-Western Kitchen?Yancheng Kitchen?"]
["2023年","8月份","L0000033122","Vegetable Fresh Bean Snow\\荷兰豆 去头去尾","KG",3,32,96,"Kitchen-Western Kitchen?Yancheng Kitchen?"]
["2023年","8月份","L0000033120","Vegetable Fresh Bean Green Long\\长豆角","KG",5,9.8,49,"Kitchen-Western Kitchen?Yancheng Kitchen?"]
["2023年","8月份","L0000033097","Vegetable Fresh Radicchio White\\卷心菜(白)\\DIA14cm","KG",5,5,25,"Kitchen-Western Kitchen?Yancheng Kitchen?"]
["2023年","8月份","L0000024567","Chinese Yam\\铁棍山药","KG",4,19,76,"Kitchen-Western Kitchen?Yancheng Kitchen?"]
["2023年","8月份","L0000024544","Smoked Bean Curd\\香干","KG",0.5,13,6.5,"Kitchen-Western Kitchen?Yancheng Kitchen?"]
["2023年","8月份","L0000024443","Hand Tooled Noodle\\手工面","KG",10,8,80,"Kitchen-Western Kitchen?Yancheng Kitchen?"]
["2023年","8月份","L0000019224","Lotus Root Peeled\\莲藕洗净","KG",5,14,70,"Kitchen-Western Kitchen?Yancheng Kitchen?"]
["2023年","8月份","L0000019119","Chilli Green\\青尖椒","KG",2,10,20,"Kitchen-Western Kitchen?Yancheng Kitchen?"]
["2023年","8月份","L0000019118","Chili Mini Red\\红指天椒","KG",0.5,22,11,"Kitchen-Western Kitchen?Yancheng Kitchen?"]
["2023年","8月份","L0000019083","Local Bell Pepper Green\\本地青圆椒","KG",1,14,14,"Kitchen-Western Kitchen?Yancheng Kitchen?"]
["2023年","8月份","L0000023681","Pork Meat\\肉片","KG",3,38,114,"Kitchen-Western Kitchen?Yancheng Kitchen?"]
["2023年","8月份","L0002105596","The roast duck/烤鸭约4-5斤/只","EA",2,65,130,"Kitchen-Western Kitchen?Yancheng Kitchen?"]
["2023年","8月份","L0000039719","Pork Local Frozen Pork Ribs \\冻猪肋排骨","KG",5,65,325,"Kitchen-Western Kitchen?Yancheng Kitchen?"]
["2023年","8月份","L0000018536","Lamb Lamb Leg Without Bone\\无骨羊腿","KG",3,120,360,"Kitchen-Western Kitchen?Yancheng Kitchen?"]
["2023年","8月份","L0000023723","Duck\\白条鸭","KG",5,24.8,124,"Kitchen-Western Kitchen?Yancheng Kitchen?"]
["2023年","8月份","L0000323930","imported bovine anterior tendon meat/进口牛前腱肉\\kg","KG",1,98,98,"Kitchen-Western Kitchen?Yancheng Kitchen?"]
["2023年","8月份","L0000445634","JT-eggs\\鸡蛋-\\KG","KG",60,14,840,"Kitchen-Western Kitchen?Yancheng Kitchen?"]
["2023年","8月份","L0000022265","Local Grape\\本地葡萄","KG",2,14,28,"Kitchen-Western Kitchen?Yancheng Kitchen?"]
["2023年","8月份","L0000018880","Fuji Apple\\富士苹果","KG",20,12,240,"Kitchen-Western Kitchen?Yancheng Kitchen?"]
["2023年","8月份","L0000033180","Fruit Fresh Lemon\\柠檬","KG",2,12.6,25.2,"Kitchen-Western Kitchen?Yancheng Kitchen?"]
["2023年","8月份","L0000033182","Fruit Fresh Coconut\\青椰子(去壳)","EA",54,9.5,513,"Kitchen-Western Kitchen?Yancheng Kitchen?"]
["2023年","8月份","L0000051509","Banana Import\\进口香蕉","KG",20,9.6,192,"Kitchen-Western Kitchen?Yancheng Kitchen?"]
["2023年","8月份","L0000449351","Honey melon Fresh 香瓜（玉菇瓜）","KG",45,6.4,288,"Kitchen-Western Kitchen?Yancheng Kitchen?"]
["2023年","8月份","L0000524458","Millennium tomato\\千禧小番茄","KG",3,12,36,"Kitchen-Western Kitchen?Yancheng Kitchen?"]
["2023年","8月份","L0001863788","Pineapple pulp\\菠萝密果肉","KG",4,34,136,"Kitchen-Western Kitchen?Yancheng Kitchen?"]
["2023年","8月份","L0000018908","Thai Lime\\泰国青柠檬","KG",1,27,27,"Kitchen-Western Kitchen?Yancheng Kitchen?"]
["2023年","8月份","L0000018872","Date Winter\\冬枣","KG",2,30,60,"Kitchen-Western Kitchen?Yancheng Kitchen?"]
["2023年","8月份","L0000018896","Honey Pear\\蜜梨","KG",13,16,208,"Kitchen-Western Kitchen?Yancheng Kitchen?"]
["2023年","8月份","L0000162206","Fruit Fresh Hami Melon\\哈密瓜\\kg","KG",45,4.8,216,"Kitchen-Western Kitchen?Yancheng Kitchen?"]
["2023年","8月份","L0000033170","Fruit Fresh Nectarine\\油桃","KG",25,12,300,"Kitchen-Western Kitchen?Yancheng Kitchen?"]
["2023年","8月份","L0000018960","Local Seedless Watermelon\\本地无籽西瓜","KG",90,4.2,378,"Kitchen-Western Kitchen?Yancheng Kitchen?"]
["2023年","8月份","L0001618186","Swimming crab\\梭子蟹\\每只130g-150g/KG","KG",14,80,1120,"Kitchen-Western Kitchen?Yancheng Kitchen?"]
["2023年","8月份","L0001791624","Red crab\\冻红花蟹200-300G\\出成75%/KG","KG",5,95,475,"Kitchen-Western Kitchen?Yancheng Kitchen?"]
["2023年","8月份","L0000038698","Shellfish Fresh Big Size Clam \\大文蛤","KG",8,35,280,"Kitchen-Western Kitchen?Yancheng Kitchen?"]
["2023年","8月份","L0000075129","Clam 无沙花蛤","KG",1.5,20,30,"Kitchen-Western Kitchen?Yancheng Kitchen?"]
["2023年","8月份","L0000075915","Shellfish Fresh Clam \\白蛤（无沙）","KG",1.5,20,30,"Kitchen-Western Kitchen?Yancheng Kitchen?"]
["2023年","8月份","L0001748972","Ark\\北极贝\\刺身级\\M-51-60\\出成85%\\1KG/盒","BX",1,300,300,"Kitchen-Western Kitchen?Yancheng Kitchen?"]
["2023年","8月份","L0001525514","Frozen oysters / the price is about 3.5-4 yuan/冰冻生蚝/需要价格在3.5-4元左右一个","CS",3,255,765,"Kitchen-Western Kitchen?Yancheng Kitchen?"]
["2023年","8月份","L0001551656","Emerald snail/翡翠螺","KG",4,65,260,"Kitchen-Western Kitchen?Yancheng Kitchen?"]
["2023年","8月份","L0000033394","Fish Fresh Bull Fog牛蛙活(大)","KG",5,35,175,"Kitchen-Western Kitchen?Yancheng Kitchen?"]
["2023年","8月份","L0001934991","June yellow crab\\六月黄螃蟹100g-125g","KG",10,110,1100,"Kitchen-Western Kitchen?Yancheng Kitchen?"]
["2023年","8月份","L0000033359","Shellfish Fresh Jiwei\\基围虾 小\\50pcs","KG",8,65,520,"Kitchen-Western Kitchen?Yancheng Kitchen?"]
["2023年","8月份","L0000019714","LuoShi Prawn\\罗氏虾\\35pcs","KG",10,70,700,"Kitchen-Western Kitchen?Yancheng Kitchen?"]
["2023年","8月份","L0000019718","Razor Clam\\蛏子","KG",1.5,35,52.5,"Kitchen-Western Kitchen?Yancheng Kitchen?"]
["2023年","8月份","L0002495180","Argentine beef fillet\\阿根廷牛柳","KG",5.8,135,783,"Kitchen-Western Kitchen?Yancheng Kitchen?"]
["2023年","8月份","L0001791638","Frozen French fries\\麦肯1/2英寸波浪切冷冻薯条2kg/包","BAG",4.3,29,124.7,"Kitchen-Western Kitchen?Yancheng Kitchen?"]
["2023年","8月份","L0001525543","Acqua Panna \\普娜\\750ml/BTL","BTL",24,10,240,"Outlet-Man Ho"]
["2023年","8月份","L0000189103","EDR-Vegetable Fresh Abalone Mushrooms \\杏鲍菇(员工）","KG",5,12,60,"Staff Dining"]
["2023年","8月份","L0000019391","EDR-Garlic Peeled\\大蒜去衣-员餐","KG",4,11,44,"Staff Dining"]
["2023年","8月份","L0000023981","EDR-Cucumber\\黄瓜-员餐","KG",15,6,90,"Staff Dining"]
["2023年","8月份","L0000035388","Vegetable Fresh EDR-Carrot\\胡萝卜去皮切块-员餐","KG",5,5,25,"Staff Dining"]
["2023年","8月份","L0000023943","EDR-White Cabbage\\包心菜-员餐","KG",30,5,150,"Staff Dining"]
["2023年","8月份","L0000023937","EDR-Green Vegetable\\青菜-员餐","KG",10,6,60,"Staff Dining"]
["2023年","8月份","L0000019402","EDR-Cherry Tomato\\樱桃番茄-员餐","KG",5,14,70,"Staff Dining"]
["2023年","8月份","L0000023967","EDR-Onion\\洋葱-员餐","KG",5,4,20,"Staff Dining"]
["2023年","8月份","L0001527363","Yellow pancake/黄烧饼","EA",35,2.5,87.5,"Staff Dining"]
["2023年","8月份","L0000035391","Vegetable Fresh EDR-Pumpkin\\南瓜去皮切块去籽-员餐","KG",19,7,133,"Staff Dining"]
["2023年","8月份","L0001523375","ERD/Lettuce/员餐/油麦菜","KG",15,9,135,"Staff Dining"]
["2023年","8月份","L0000052658","EDR-Hand Tooled Noodle\\手工面-员餐","KG",10,7.8,78,"Staff Dining"]
["2023年","8月份","L0000019403","EDR-Tomato\\番茄-员餐","KG",30,7,210,"Staff Dining"]
["2023年","8月份","L0000023941","EDR-Lettuce\\生菜-员餐","KG",15,8.8,132,"Staff Dining"]
["2023年","8月份","L0000035398","Vegetable Fresh EDR-Corn\\玉米棒切节-员餐","KG",12,9.8,117.6,"Staff Dining"]
["2023年","8月份","L0000024023","EDR-Pork\\里脊肉-员餐","KG",5,42,210,"Staff Dining"]
["2023年","8月份","L0000086994","EDR\\Pork belly(with skin)\\五花肉片（不带皮）-员餐","KG",15,40,600,"Staff Dining"]
["2023年","8月份","L0001523421","ERD/Minced chicken/员餐/免浆鸡丁","KG",12,32,384,"Staff Dining"]
["2023年","8月份","L0000023883","EDR-Water Melon/Seedless 无籽西瓜-员餐","KG",80,4.2,336,"Staff Dining"]
["2023年","8月份","L0001523319","Staff meal / meinianda syrup / 1 * 20L orange flavor/员餐/美年达糖浆/1*20L 橙味","CS",2,282.92,565.84,"Staff Dining"]
["2023年","8月份","L0001523313","Staff meal / Qixi syrup / 1 * 20L/员餐/七喜糖浆/1*20L","CS",2,282.92,565.84,"Staff Dining"]
["2023年","8月份","L0001523310","Staff meal / Pepsi syrup / 1 * 20L/员餐/百事糖浆/1*20L","CS",1,282.92,282.92,"Staff Dining"]
["2023年","8月份","L0001553624","ERD/Blend oil/非转基因调和油/金龙鱼/10L*2/员餐","CS",1,270,270,"Staff Dining"]
["2023年","8月份","L0000024055","EDR-Corn Starch Powder\\风车生粉-员餐\\25Kg","PK",1,415,415,"Staff Dining"]
["2023年","8月份","L0000024128","EDR-Millet\\小米-员餐","KG",5,10.5,52.5,"Staff Dining"]
["2023年","8月份","L0000170111","EDR AnJing Steamed Buns\\安井牛奶刀切馒头1kg-员餐\\BAG","BAG",5,15,75,"Staff Dining"]
["2023年","8月份","L0000541679","EDR\\Staff Canteen\\Essence Sauce\\海天草菇老抽\\1.9L\\（员工）","BTL",6,22.72,136.32,"Staff Dining"]
["2023年","8月份","L0000087466","EDR\\Taobihua old dopted mother\\陶华碧老干妈-员餐","BTL",10,9.5,95,"Staff Dining"]
["2023年","8月份","L0000087480","EDR\\Paprika(dunst sheet)\\辣椒粉（中粗）-员餐","KG",3,31.2,93.6,"Staff Dining"]
["2023年","8月份","L0000280739","EDR\\\\员工郫县豆瓣酱1000G/BTL","BTL",8,14.25,114,"Staff Dining"]
["2023年","8月份","L0001011287","Sauce EDR-Knorr Chicken\\家乐鸡精900G/BAG\\员餐","BAG",5,25,125,"Staff Dining"]
["2023年","8月份","L0000668676","EDR/Green Bean\\绿豆-员工/KG","KG",10,19.2,192,"Staff Dining"]
["2023年","8月份","L0000639004","EDR\\Knorr Black Pepper Juice\\家乐黑椒汁-员餐\\2.3kg/桶","BTL",1,55,55,"Staff Dining"]
["2023年","8月份","L0000024098","EDR-Msg Shuangqiao\\双桥味精-员餐\\500g","BAG",10,12,120,"Staff Dining"]
["2023年","8月份","L0001050384","Yellow rice wine 黄酒\\400ml\\bag","BAG",20,2.06,41.2,"Staff Dining"]
["2023年","8月份","L0001624749","EDR-spicy fresh powder\\王守义麻辣鲜粉\\102g/袋-员餐","BAG",10,5,50,"Staff Dining"]
["2023年","8月份","L0002047799","Large pieces of fermented bean curd\\王致和大块腐乳340g/瓶-员餐","BTL",10,9,90,"Staff Dining"]
["2023年","8月份","L0001730273","Wuchang rice\\亿亩粮田\\五常大米\\5KG/包","BAG",2,100,200,"Kitchen-Specialty Kitchen?Smoki Moto?"]
["2023年","8月份","L0000024543","Firm Tofu\\老豆腐","EA",4,2.5,10,"Kitchen-Specialty Kitchen?Smoki Moto?"]
["2023年","8月份","L0000103475","Within the progenitor of lipid box of tofu\\祖名内脂盒豆腐\\410/bx","BX",4,1.6,6.4,"Kitchen-Specialty Kitchen?Smoki Moto?"]
["2023年","8月份","L0000019174","Garlic Peeled\\蒜肉","KG",2,12,24,"Kitchen-Specialty Kitchen?Smoki Moto?"]
["2023年","8月份","L0000024532","Chili Red/红尖椒/Kg","KG",1,16,16,"Kitchen-Specialty Kitchen?Smoki Moto?"]
["2023年","8月份","L0000019119","Chilli Green\\青尖椒","KG",1,10,10,"Kitchen-Specialty Kitchen?Smoki Moto?"]
["2023年","8月份","L0000019330","Turnip White\\白萝卜","KG",8,3.6,28.8,"Kitchen-Specialty Kitchen?Smoki Moto?"]
["2023年","8月份","L0000024555","Norika\\法香","KG",0.5,21,10.5,"Kitchen-Specialty Kitchen?Smoki Moto?"]
["2023年","8月份","L0000305117","Vegetable Fresh\\Japan‘s big leaf \\日本大叶 20g/盒","BAG",2,10,20,"Kitchen-Specialty Kitchen?Smoki Moto?"]
["2023年","8月份","L0000019265","Onion White Peeled\\去皮白洋葱","KG",4,7,28,"Kitchen-Specialty Kitchen?Smoki Moto?"]
["2023年","8月份","L0000445634","JT-eggs\\鸡蛋-\\KG","KG",3,14,42,"Kitchen-Specialty Kitchen?Smoki Moto?"]
["2023年","8月份","L0000162206","Fruit Fresh Hami Melon\\哈密瓜\\kg","KG",6,4.8,28.8,"Kitchen-Specialty Kitchen?Smoki Moto?"]
["2023年","8月份","L0000970199","Produce蔬菜水果\\green lemon lenves\\泰国小青柠檬","KG",0.5,24,12,"Kitchen-Specialty Kitchen?Smoki Moto?"]
["2023年","8月份","L0000033189","Fruit Fresh Navel Orange\\脐橙","KG",3,10,30,"Kitchen-Specialty Kitchen?Smoki Moto?"]
["2023年","8月份","L0000033180","Fruit Fresh Lemon\\柠檬","KG",2,12.6,25.2,"Kitchen-Specialty Kitchen?Smoki Moto?"]
["2023年","8月份","L0000034347","Herbs Fresh Blueberries\\蓝莓\\125 gr/bx","EA",2,9.5,19,"Kitchen-Specialty Kitchen?Smoki Moto?"]
["2023年","8月份","L0000018880","Fuji Apple\\富士苹果","KG",5,12,60,"Kitchen-Specialty Kitchen?Smoki Moto?"]
["2023年","8月份","L0000090740","Crown Sydney\\皇冠梨\\KG","KG",7,10,70,"Kitchen-Specialty Kitchen?Smoki Moto?"]
["2023年","8月份","L0002246833","Dragon Chinese pork belly\\龙大中方五花肉","KG",5.5,60.55,333.03,"Kitchen-Specialty Kitchen?Smoki Moto?"]
["2023年","8月份","L0000970304","Seafood海鲜\\Smoked Salmon Fillet(Sliced)\\烟熏三文鱼柳(切片)\\KG","KG",1,110,110,"Kitchen-Specialty Kitchen?Smoki Moto?"]
["2023年","8月份","L0000303484","Seafood\\YEN FOOD ABALONE LIVE 8PC\\鲜活鲍鱼（8头）\\KG","KG",0.5,156,78,"Kitchen-Specialty Kitchen?Smoki Moto?"]
["2023年","8月份","L0000667611","Dry Goods\\Bean Black Japanese\\黑豆日本\\800g","BAG",2,22,44,"Kitchen-Specialty Kitchen?Smoki Moto?"]
["2023年","8月份","L0001730292","Kumgang Spicy Cabbage\\金刚山辣白菜(20包起订)400g/包","BAG",20,12,240,"Kitchen-Specialty Kitchen?Smoki Moto?"]
["2023年","8月份","L0002367458","White Elephant Korean Turkey Noodles\\白象韩式火鸡面119g*5/包","BAG",1,19,19,"Kitchen-Specialty Kitchen?Smoki Moto?"]
["2023年","8月份","L0002047873","Sushi nori\\清净园寿司海苔20g/包","BAG",2,18.5,37,"Kitchen-Specialty Kitchen?Smoki Moto?"]
["2023年","8月份","L0000254191","Dry Goods/Dry Seafood/Undaria/洋琪中华裙带菜/1000G/Each","EA",2,22,44,"Kitchen-Specialty Kitchen?Smoki Moto?"]
["2023年","8月份","L0000024121","Sharajum Sweet\\甜丘比酱丘比香甜沙拉酱\\1Kg","PK",1,40,40,"Kitchen-Specialty Kitchen?Smoki Moto?"]
["2023年","8月份","L0000024426","Veg Pumpkin Bracket Shape\\南瓜 本地","KG",5,6.5,32.5,"Kitchen-Pastry"]
["2023年","8月份","L0000018953","Pomegranate\\石榴","KG",2,36,72,"Kitchen-Pastry"]
["2023年","8月份","L0000018916","Mango Gold\\金皇芒果","KG",3,19,57,"Kitchen-Pastry"]
["2023年","8月份","L0001647201","The sun rose\\阳光玫瑰\\小果/KG","KG",1,30,30,"Kitchen-Pastry"]
["2023年","8月份","L0002247053","Okun Good Jubilee Croissant\\奥昆好禧坊牛角包(流沙蛋黄味30g*72/箱）","CS",1,190,190,"Kitchen-Pastry"]
["2023年","8月份","L0001525463","Mengniu pure milk / 1L 6 boxes / box/蒙牛纯牛奶/1L 6盒/箱","CS",6,47.34,284.04,"Kitchen-Western Kitchen?Yancheng Kitchen?"]
["2023年","8月份","L0001525489","Mengniu yogurt / 100g strawberry/蒙牛酸奶/100g 草莓","PNL",24,10.17,244.08,"Kitchen-Western Kitchen?Yancheng Kitchen?"]
["2023年","8月份","L0001525491","Mengniu yogurt / 100g yellow peach/蒙牛酸奶/100g 黄桃","PNL",24,10.17,244.08,"Kitchen-Western Kitchen?Yancheng Kitchen?"]
["2023年","8月份","L0001525494","Mengniu yogurt / 100g original/蒙牛酸奶/100g 原味","PNL",24,7.08,169.92,"Kitchen-Western Kitchen?Yancheng Kitchen?"]
["2023年","8月份","L0000017522","Green Bean\\绿豆","KG",0.5,12,6,"Kitchen-Western Kitchen?Yancheng Kitchen?"]
["2023年","8月份","L0001515005","Local fried soybean oil (excellent)\\本地小炸豆油（优）","KG",5,20,100,"Kitchen-Western Kitchen?Yancheng Kitchen?"]
["2023年","8月份","L0000462547","Rice\\江苏大米\\25KG\\BAG","EA",1,120,120,"Kitchen-Western Kitchen?Yancheng Kitchen?"]
["2023年","8月份","L0001525494","Mengniu yogurt / 100g original/蒙牛酸奶/100g 原味","PNL",1,7.08,7.08,"Kitchen-Western Kitchen?Yancheng Kitchen?"]
["2023年","8月份","L0000024543","Firm Tofu\\老豆腐","EA",7,2.5,17.5,"Kitchen-Western Kitchen?Yancheng Kitchen?"]
["2023年","8月份","L0000019084","Local Bell Pepper Red\\本地红圆椒","KG",0.5,25,12.5,"Kitchen-Western Kitchen?Yancheng Kitchen?"]
["2023年","8月份","L0000019086","Bitter Melon\\苦瓜","KG",3,11,33,"Kitchen-Western Kitchen?Yancheng Kitchen?"]
["2023年","8月份","L0000024552","Cuke\\日本小黄瓜","KG",2,14,28,"Kitchen-Western Kitchen?Yancheng Kitchen?"]
["2023年","8月份","L0000363373","Corn\\水果玉米","KG",6,10,60,"Kitchen-Western Kitchen?Yancheng Kitchen?"]
["2023年","8月份","L0000033103","Vegetable Fresh Carrot\\胡萝卜","KG",5,5,25,"Kitchen-Western Kitchen?Yancheng Kitchen?"]
["2023年","8月份","L0000400651","Vegetable Fresh/红叶生菜","KG",1.5,33,49.5,"Kitchen-Western Kitchen?Yancheng Kitchen?"]
["2023年","8月份","L0000024482","Cucumber\\黄瓜","KG",2,6,12,"Kitchen-Western Kitchen?Yancheng Kitchen?"]
["2023年","8月份","L0000024487","Onion Red\\红洋葱","KG",3,4,12,"Kitchen-Western Kitchen?Yancheng Kitchen?"]
["2023年","8月份","L0000087071","Vegetable Fresh\\Celtuce peeled\\去皮莴笋","KG",3,15,45,"Kitchen-Western Kitchen?Yancheng Kitchen?"]
["2023年","8月份","L0000037950","Fruit Fresh Gumbo \\秋葵","KG",1,24,24,"Kitchen-Western Kitchen?Yancheng Kitchen?"]
["2023年","8月份","L0000019325","Tomato Larage Local\\大番茄","KG",3,8,24,"Kitchen-Western Kitchen?Yancheng Kitchen?"]
["2023年","8月份","L0000033111","Vegetable Fresh Cabbage Shanghai\\上海青 只留菜心部分","KG",3,8,24,"Kitchen-Western Kitchen?Yancheng Kitchen?"]
["2023年","8月份","L0000024526","Potato Baby\\土豆","KG",4,6,24,"Kitchen-Western Kitchen?Yancheng Kitchen?"]
["2023年","8月份","L0000019276","Potato Finger long\\手指薯仔","KG",5,14,70,"Kitchen-Western Kitchen?Yancheng Kitchen?"]
["2023年","8月份","L0000019083","Local Bell Pepper Green\\本地青圆椒","KG",1,14,14,"Kitchen-Western Kitchen?Yancheng Kitchen?"]
["2023年","8月份","L0000024473","Broccoli Green\\去根西兰花","KG",3,16,48,"Kitchen-Western Kitchen?Yancheng Kitchen?"]
["2023年","8月份","L0000024567","Chinese Yam\\铁棍山药","KG",3,19,57,"Kitchen-Western Kitchen?Yancheng Kitchen?"]
["2023年","8月份","L0000033097","Vegetable Fresh Radicchio White\\卷心菜(白)\\DIA14cm","KG",5,5,25,"Kitchen-Western Kitchen?Yancheng Kitchen?"]
["2023年","8月份","L0000033128","Vegetable Fresh Pumpkin Butternut\\南瓜长 直身\\L30cm","KG",4,6,24,"Kitchen-Western Kitchen?Yancheng Kitchen?"]
["2023年","8月份","L0000033136","Vegetable Fresh Cauliflower\\花菜","KG",3,8.8,26.4,"Kitchen-Western Kitchen?Yancheng Kitchen?"]
["2023年","8月份","L0000034896","Vegetable Fresh Abalone Mushrooms \\杏鲍菇","KG",2.5,14,35,"Kitchen-Western Kitchen?Yancheng Kitchen?"]
["2023年","8月份","L0000090688","Wonton Skin Small\\本地小云吞皮\\KG","KG",1,7,7,"Kitchen-Western Kitchen?Yancheng Kitchen?"]
["2023年","8月份","L0000019113","Chayote\\佛手瓜","KG",2,8,16,"Kitchen-Western Kitchen?Yancheng Kitchen?"]
["2023年","8月份","L0000019104","Baby Carrot Fingerling \\手指胡萝卜","KG",1,22,22,"Kitchen-Western Kitchen?Yancheng Kitchen?"]
["2023年","8月份","L0000019091","Bottle Gourd\\葫芦瓜","KG",3,10,30,"Kitchen-Western Kitchen?Yancheng Kitchen?"]
["2023年","8月份","L0000523903","Assorted vegetable\\什锦蔬菜粒1KG/包","BAG",3,22,66,"Kitchen-Western Kitchen?Yancheng Kitchen?"]
["2023年","8月份","L0000281463","Endive苦菊 kg","KG",1.5,16,24,"Kitchen-Western Kitchen?Yancheng Kitchen?"]
["2023年","8月份","L0000024443","Hand Tooled Noodle\\手工面","KG",3,8,24,"Kitchen-Western Kitchen?Yancheng Kitchen?"]
["2023年","8月份","L0000935930","Pork Local\\Six Pork Heads\\六合猪头肉\\KG","KG",2,78,156,"Kitchen-Western Kitchen?Yancheng Kitchen?"]
["2023年","8月份","L0000033269","Duck / Goose Neck\\鸭脖","KG",1,28,28,"Kitchen-Western Kitchen?Yancheng Kitchen?"]
["2023年","8月份","L0000023662","Pork Cut Mei Rou\\猪梅肉","KG",4,49,196,"Kitchen-Western Kitchen?Yancheng Kitchen?"]
["2023年","8月份","L0000023646","Pork with skin\\带皮五花肉","KG",6,36,216,"Kitchen-Western Kitchen?Yancheng Kitchen?"]
["2023年","8月份","L0000018611","German Salt Trotter Fore \\德国咸猪手","KG",5,47,235,"Kitchen-Western Kitchen?Yancheng Kitchen?"]
["2023年","8月份","L0001791620","Raw salted duck embryo\\生盐水鸭胚/KG","KG",3,29.8,89.4,"Kitchen-Western Kitchen?Yancheng Kitchen?"]
["2023年","8月份","L0000023644","Pork Stuffing\\猪肉末","KG",3,36,108,"Kitchen-Western Kitchen?Yancheng Kitchen?"]
["2023年","8月份","L0000033226","Duck / Goose Gizzard\\鸭肫(珍)","KG",1,29,29,"Kitchen-Western Kitchen?Yancheng Kitchen?"]
["2023年","8月份","L0000018536","Lamb Lamb Leg Without Bone\\无骨羊腿","KG",2,120,240,"Kitchen-Western Kitchen?Yancheng Kitchen?"]
["2023年","8月份","L0000023310","Frz San Huang Chicken\\冻三黄鸡\\1.5-2Kg\\只","KG",3,24.8,74.4,"Kitchen-Western Kitchen?Yancheng Kitchen?"]
["2023年","8月份","L0000445634","JT-eggs\\鸡蛋-\\KG","KG",30,14,420,"Kitchen-Western Kitchen?Yancheng Kitchen?"]
["2023年","8月份","L0000018880","Fuji Apple\\富士苹果","KG",20,12,240,"Kitchen-Western Kitchen?Yancheng Kitchen?"]
["2023年","8月份","L0000087087","Fruit Fresh\\Passion fruit百香果","KG",0.2,40,8,"Kitchen-Western Kitchen?Yancheng Kitchen?"]
["2023年","8月份","L0000033189","Fruit Fresh Navel Orange\\脐橙","KG",4,10,40,"Kitchen-Western Kitchen?Yancheng Kitchen?"]
["2023年","8月份","L0000033170","Fruit Fresh Nectarine\\油桃","KG",15,12,180,"Kitchen-Western Kitchen?Yancheng Kitchen?"]
["2023年","8月份","L0000018896","Honey Pear\\蜜梨","KG",10,16,160,"Kitchen-Western Kitchen?Yancheng Kitchen?"]
["2023年","8月份","L0000018960","Local Seedless Watermelon\\本地无籽西瓜","KG",40,4.2,168,"Kitchen-Western Kitchen?Yancheng Kitchen?"]
["2023年","8月份","L0000162206","Fruit Fresh Hami Melon\\哈密瓜\\kg","KG",20,4.8,96,"Kitchen-Western Kitchen?Yancheng Kitchen?"]
["2023年","8月份","L0000524458","Millennium tomato\\千禧小番茄","KG",1,12,12,"Kitchen-Western Kitchen?Yancheng Kitchen?"]
["2023年","8月份","L0000034347","Herbs Fresh Blueberries\\蓝莓\\125 gr/bx","EA",1,9.5,9.5,"Kitchen-Western Kitchen?Yancheng Kitchen?"]
["2023年","8月份","L0000051509","Banana Import\\进口香蕉","KG",20,9.6,192,"Kitchen-Western Kitchen?Yancheng Kitchen?"]
["2023年","8月份","L0000449351","Honey melon Fresh 香瓜（玉菇瓜）","KG",30,6.4,192,"Kitchen-Western Kitchen?Yancheng Kitchen?"]
["2023年","8月份","L0000018874","Dragon Fruit\\白肉火龙果","KG",15,8.4,126,"Kitchen-Western Kitchen?Yancheng Kitchen?"]
["2023年","8月份","L0002331836","chilled salmon fillet\\集采冰鲜三文鱼柳","KG",8.4,152,1276.8,"Kitchen-Western Kitchen?Yancheng Kitchen?"]
["2023年","8月份","L0002331836","chilled salmon fillet\\集采冰鲜三文鱼柳","KG",7.9,152,1200.8,"Kitchen-Western Kitchen?Yancheng Kitchen?"]
["2023年","8月份","L0000513899","osmerus mordax red seed\\龙泽西鳞鱼籽(红)\\900g","BAG",2,72,144,"Kitchen-Western Kitchen?Yancheng Kitchen?"]
["2023年","8月份","L0002232900","Lamb leg with bone\\LAMB带骨羔羊腿","KG",4,78,312,"Kitchen-Western Kitchen?Yancheng Kitchen?"]
["2023年","8月份","L0000162206","Fruit Fresh Hami Melon\\哈密瓜\\kg","KG",40,4.8,192,"Kitchen-Western Kitchen?Yancheng Kitchen?"]
["2023年","8月份","L0000018960","Local Seedless Watermelon\\本地无籽西瓜","KG",18.8,4.2,78.96,"Kitchen-Western Kitchen?Yancheng Kitchen?"]
["2023年","8月份","L0000018896","Honey Pear\\蜜梨","KG",8.75,16,140,"Kitchen-Western Kitchen?Yancheng Kitchen?"]
["2023年","8月份","L0000033170","Fruit Fresh Nectarine\\油桃","KG",30.5,12,366,"Kitchen-Western Kitchen?Yancheng Kitchen?"]
["2023年","8月份","L0000051509","Banana Import\\进口香蕉","KG",27,9.6,259.2,"Kitchen-Western Kitchen?Yancheng Kitchen?"]
["2023年","8月份","L0000018874","Dragon Fruit\\白肉火龙果","KG",20,8.4,168,"Kitchen-Western Kitchen?Yancheng Kitchen?"]
["2023年","8月份","L0000018880","Fuji Apple\\富士苹果","KG",15,12,180,"Kitchen-Western Kitchen?Yancheng Kitchen?"]
["2023年","8月份","L0000803788","Dry Goods Others\\Olive oil extra virgin\\安提卡特级初榨橄榄油\\1L\\BTL","BTL",1,60,60,"Kitchen-Western Kitchen?Yancheng Kitchen?"]
["2023年","8月份","L0001748972","Ark\\北极贝\\刺身级\\M-51-60\\出成85%\\1KG/盒","BX",1,300,300,"Kitchen-Western Kitchen?Yancheng Kitchen?"]
["2023年","8月份","L0001650097","墨鱼仔425g/BAG","BAG",2,38,76,"Kitchen-Western Kitchen?Yancheng Kitchen?"]
["2023年","8月份","L0002266289","Abalone whelk \\鲍螺肉","KG",2,72,144,"Kitchen-Western Kitchen?Yancheng Kitchen?"]
["2023年","8月份","L0000332703","White tuna fish fille\\冻白金枪鱼","KG",1,65,65,"Kitchen-Western Kitchen?Yancheng Kitchen?"]
["2023年","8月份","L0000040926","Misc Seafood Fish Fish Skin \\袋装鱼皮\\150g/pk","EA",5,10,50,"Kitchen-Western Kitchen?Yancheng Kitchen?"]
["2023年","8月份","L0000016807","Nestle Whipping Cream\\雀巢淡奶油\\1L","BTL",1,42,42,"Kitchen-Western Kitchen?Yancheng Kitchen?"]
["2023年","8月份","L0000186977","White toast\\切片白吐司\\ 1KG","BAG",1,20.5,20.5,"Kitchen-Western Kitchen?Yancheng Kitchen?"]
["2023年","8月份","L0001526369","Frise Bacon 2kg/福瑞斯五花培根(生制)2KG","BAG",1,99,99,"Kitchen-Western Kitchen?Yancheng Kitchen?"]
["2023年","8月份","L0000291606","Chili Sauce\\户户韩国辣酱\\500g/bot","BTL",1,17.2566,17.26,"Kitchen-Western Kitchen?Yancheng Kitchen?"]
["2023年","8月份","L0000296830","Vinegar\\丘比日式油醋汁1.5L\\瓶","BTL",1,49.56,49.56,"Kitchen-Western Kitchen?Yancheng Kitchen?"]
["2023年","8月份","L0000306601","Maggi beef powder/美极牛肉粉/500g/罐","EA",1,37.6106,37.61,"Kitchen-Western Kitchen?Yancheng Kitchen?"]
["2023年","8月份","L0000530511","Food Dry Goods Dry Goods Others\\Hash Bown\\蓝威斯顿薯角2.23KG/包","BAG",1,48,48,"Kitchen-Western Kitchen?Yancheng Kitchen?"]
["2023年","8月份","L0000666596","Dry Goods\\Donna Vera Penne73#\\维拉两头尖意大利面\\450g","BAG",2,9.29,18.58,"Kitchen-Western Kitchen?Yancheng Kitchen?"]
["2023年","8月份","L0001551750","Wufeng glutinous rice Shaomai / 320G/五丰糯米烧麦/320G","BAG",8,11.95,95.6,"Kitchen-Western Kitchen?Yancheng Kitchen?"]
["2023年","8月份","L0001574062","Sunnon chicken and onion rings\\圣农鸡肉洋葱圈\\800g/袋","BAG",6,16.37,98.22,"Kitchen-Western Kitchen?Yancheng Kitchen?"]
["2023年","8月份","L0001923733","Tianche sweet bean sauce\\天车甜面酱\\500g/瓶","BTL",2,9.5,19,"Kitchen-Western Kitchen?Yancheng Kitchen?"]
["2023年","8月份","L0001998375","Purple potato bags/安井开心紫薯包800g\\包","BAG",3,15,45,"Kitchen-Western Kitchen?Yancheng Kitchen?"]
["2023年","8月份","L0002429037","Steak Wellington\\惠灵顿牛排330g/包","BAG",5,57.52,287.6,"Kitchen-Western Kitchen?Yancheng Kitchen?"]
["2023年","8月份","L0000024195","Ean Red Kidney In Tin\\红腰豆\\423G","TIN",6,5.4867,32.92,"Kitchen-Western Kitchen?Yancheng Kitchen?"]
["2023年","8月份","L0000017195","McCormick Montreal Steak Seasoning\\味好美蒙特利尔牛排调料\\737g","CAN",1,104.4248,104.42,"Kitchen-Western Kitchen?Yancheng Kitchen?"]
["2023年","8月份","L0000016846","Nestle Milk Powder\\雀巢奶粉袋装\\500g","PK",5,38,190,"Kitchen-Western Kitchen?Yancheng Kitchen?"]
["2023年","8月份","L0000060929","Sugar Rock Candy\\单晶冰糖","KG",4,11.06,44.24,"Kitchen-Western Kitchen?Yancheng Kitchen?"]
["2023年","8月份","L0000032523","Dry Canned Food Del Monte Whole Kernel Corn\\地门玉米粒\\420g/tin","EA",6,7,42,"Kitchen-Western Kitchen?Yancheng Kitchen?"]
["2023年","8月份","L0000032384","Cheese Kraft Powder\\卡夫芝士粉\\85g/bx","EA",1,20.8,20.8,"Kitchen-Western Kitchen?Yancheng Kitchen?"]
["2023年","8月份","L0000032413","Chinese Supreme Products Distiller'S Yeast\\红曲米","KG",1,12.5,12.5,"Kitchen-Western Kitchen?Yancheng Kitchen?"]
["2023年","8月份","L0000017243","Kuhne Beetroot\\冠利红菜头\\330g","CAN",1,18.5631,18.56,"Kitchen-Western Kitchen?Yancheng Kitchen?"]
["2023年","8月份","L0000634837","Food Dry Goods Sugar / Salt/ Maldon Sea\\英国海盐\\250g","EA",1,38.9709,38.97,"Kitchen-Western Kitchen?Yancheng Kitchen?"]
["2023年","8月份","L0000075967","Sugar / Salt Soft Sugar \\绵白糖1*500g","PK",1,9.8932,9.89,"Kitchen-Western Kitchen?Yancheng Kitchen?"]
["2023年","8月份","L0000017617","Italy Balsamic\\意大利黑醋\\500ml","BTL",1,30,30,"Kitchen-Western Kitchen?Yancheng Kitchen?"]
["2023年","8月份","L0000017100","Mandarin Orange Peel Dried\\陈皮","KG",1,28,28,"Kitchen-Western Kitchen?Yancheng Kitchen?"]
["2023年","8月份","L0000017162","McCormick Black Pepper Powder\\味好美细黑胡椒粉\\425g","CAN",1,90,90,"Kitchen-Western Kitchen?Yancheng Kitchen?"]
["2023年","8月份","L0000017202","McCormick Pepper Salt\\味好美椒盐\\840g","CAN",1,55,55,"Kitchen-Western Kitchen?Yancheng Kitchen?"]
["2023年","8月份","L0000017204","McCormick Pepper White Powder\\味好美白胡椒粉\\510g","CAN",1,135,135,"Kitchen-Western Kitchen?Yancheng Kitchen?"]
["2023年","8月份","L0000017227","McCormick Turkich Spice Seasoning\\味好美土耳其风味调料\\600g","CAN",1,70,70,"Kitchen-Western Kitchen?Yancheng Kitchen?"]
["2023年","8月份","L0000017306","Wujiang Preserved Szechuan Pickle\\ 乌江榨菜\\150g","PK",10,5,50,"Kitchen-Western Kitchen?Yancheng Kitchen?"]
["2023年","8月份","L0000017327","Kuhne Gherkins Pickled\\冠利酸青瓜\\670g","CAN",2,29,58,"Kitchen-Western Kitchen?Yancheng Kitchen?"]
["2023年","8月份","L0000017429","Kellogg's All Bran\\家乐氏全麦维\\350g","PK",1,24.5,24.5,"Kitchen-Western Kitchen?Yancheng Kitchen?"]
["2023年","8月份","L0000017452","Kellogg's Rice Crispy\\家乐氏卜卜米\\200g","PK",1,24.8,24.8,"Kitchen-Western Kitchen?Yancheng Kitchen?"]
["2023年","8月份","L0000017516","Black Sesame Seed\\黑芝麻","KG",0.5,32.1748,16.09,"Kitchen-Western Kitchen?Yancheng Kitchen?"]
["2023年","8月份","L0000017792","Wasabi\\日本青芥辣劲霸芥辣\\43g","BTL",30,7.5437,226.31,"Kitchen-Western Kitchen?Yancheng Kitchen?"]
["2023年","8月份","L0000017864","HaiTian Soya Sauce \\海天银标生抽王\\1.9L","BTL",4,19.1748,76.7,"Kitchen-Western Kitchen?Yancheng Kitchen?"]
["2023年","8月份","L0000017970","Red Date Pitted\\无核红枣","KG",0.5,21.5,10.75,"Kitchen-Western Kitchen?Yancheng Kitchen?"]
["2023年","8月份","L0000018158","Guyuelongshan high-grade Shaoxing Wine\\花雕酒古越龙山\\500ml","BTL",4,9.8932,39.57,"Kitchen-Western Kitchen?Yancheng Kitchen?"]
["2023年","8月份","L0000032447","Sauce Leekumkee Hoisin\\李锦记海鲜酱\\240g/btl","EA",3,22,66,"Kitchen-Western Kitchen?Yancheng Kitchen?"]
["2023年","8月份","L0000032479","Sauce Laoganma Paste\\老干妈\\280g/btl","EA",3,9.81,29.43,"Kitchen-Western Kitchen?Yancheng Kitchen?"]
["2023年","8月份","L0000032718","Rice / Grain / Cereal Kelloggs Raisin Square\\家乐氏提子麦维\\285g/bx","EA",2,27.2,54.4,"Kitchen-Western Kitchen?Yancheng Kitchen?"]
["2023年","8月份","L0000033052","Sugar / Salt Vineger White Shanghai\\上海白醋","EA",2,4,8,"Kitchen-Western Kitchen?Yancheng Kitchen?"]
["2023年","8月份","L0000034816","Dry Seafood Dry Small Shrimp \\虾皮","KG",1,60,60,"Kitchen-Western Kitchen?Yancheng Kitchen?"]
["2023年","8月份","L0000075495","Spices Cumin Powder 孜然粉1*400g 味好美","BTL",1,68.1456,68.15,"Kitchen-Western Kitchen?Yancheng Kitchen?"]
["2023年","8月份","L0000087435","Dry Goods Others\\fresh spicy sauce KNORR\\家乐辣鲜露","BTL",1,21.0291,21.03,"Kitchen-Western Kitchen?Yancheng Kitchen?"]
["2023年","8月份","L0000087641","Dry goods others\\Veg Proc Mashed Potato Trio\\土豆粉(三花) 2.4Kg","TIN",1,78,78,"Kitchen-Western Kitchen?Yancheng Kitchen?"]
["2023年","8月份","L0000163757","The chobe Fried sesame sauce culture\\丘比煎培芝麻汁1.5L/瓶","BTL",1,60,60,"Kitchen-Western Kitchen?Yancheng Kitchen?"]
["2023年","8月份","L0000254291","Dry Goods/Zao Lu/老大同香糟卤/640Ml","EA",4,6.1262,24.5,"Kitchen-Western Kitchen?Yancheng Kitchen?"]
["2023年","8月份","L0000428437","Frozen Snack\\Ann Pumpkin Pie\\安井南瓜饼\\320g\\袋","BAG",5,8.6602,43.3,"Kitchen-Western Kitchen?Yancheng Kitchen?"]
["2023年","8月份","L0000730862","Instant Noodle\\韩国辛拉面\\120g/包","PK",20,5.34,106.8,"Kitchen-Western Kitchen?Yancheng Kitchen?"]
["2023年","8月份","L0000782642","Nuts - Beans/Jiu Zhi Plum/九制话梅/85g/包","PK",2,5.1845,10.37,"Kitchen-Western Kitchen?Yancheng Kitchen?"]
["2023年","8月份","L0001102758","Food\\欧萨墨汁意大利面500克","EA",1,21.3398,21.34,"Kitchen-Western Kitchen?Yancheng Kitchen?"]
["2023年","8月份","L0001526349","California plum 500g/\\加州西梅500g/","BAG",1,14.08,14.08,"Kitchen-Western Kitchen?Yancheng Kitchen?"]
["2023年","8月份","L0001658552","Three quick kitchen vegetable bag\\三全快厨素菜包1500g/包","BAG",1,27,27,"Kitchen-Western Kitchen?Yancheng Kitchen?"]
["2023年","8月份","L0001689744","Twin Tower Dragon mouth fans\\双塔龙口粉丝\\500g/包","BAG",2,13.5,27,"Kitchen-Western Kitchen?Yancheng Kitchen?"]
["2023年","8月份","L0001760428","Bittern\\家乐浓缩卤水汁1.05KG/瓶","BTL",1,52,52,"Kitchen-Western Kitchen?Yancheng Kitchen?"]
["2023年","8月份","L0001760436","Millet cake\\小米糕280g/包","BAG",4,8,32,"Kitchen-Western Kitchen?Yancheng Kitchen?"]
["2023年","8月份","L0001821836","Fried bread stick\\思念油条800g/包","BAG",5,15,75,"Kitchen-Western Kitchen?Yancheng Kitchen?"]
["2023年","8月份","L0001865199","Condiments for soup sauce家乐\\金酸汤酱调味料\\1KG/袋","BAG",1,38,38,"Kitchen-Western Kitchen?Yancheng Kitchen?"]
["2023年","8月份","L0001998361","Green spray volume/安井葱油花卷1KG\\包","BAG",3,18,54,"Kitchen-Western Kitchen?Yancheng Kitchen?"]
["2023年","8月份","L0001998372","Purple potato volume/安井紫薯卷800g\\包","BAG",3,15,45,"Kitchen-Western Kitchen?Yancheng Kitchen?"]
["2023年","8月份","L0000074407","Dry Goods Others\\Dry Red pepper segment \\干红辣椒段","KG",1,37.1942,37.19,"Kitchen-Western Kitchen?Yancheng Kitchen?"]
["2023年","8月份","L0001531064","Tuna oil/10L*2/non transgenic/金龙鱼油/10L*2/非转基因","CS",1,270,270,"Kitchen-Chinese Kitchen?Man Ho?"]
["2023年","8月份","L0000429077","Cereals and Oils\\Golden wheel king Thai rice\\金轮王泰国香米\\25kg\\bag","BAG",1,220,220,"Kitchen-Chinese Kitchen?Man Ho?"]
["2023年","8月份","L0000017531","Dried Red Bean\\红豆","KG",2.5,17,42.5,"Kitchen-Chinese Kitchen?Man Ho?"]
["2023年","8月份","L0000017523","White Kidney Bean/白芸豆/Kg","KG",1,26,26,"Kitchen-Chinese Kitchen?Man Ho?"]
["2023年","8月份","L0000033083","Vegetable Fresh Local Pepper Green\\本地青椒","KG",1,6,6,"Kitchen-Chinese Kitchen?Man Ho?"]
["2023年","8月份","L0000163638","Vegetable Fresh Fresh Termitomyces Albuminosus\\新鲜鸡枞菌","KG",1,68,68,"Kitchen-Chinese Kitchen?Man Ho?"]
["2023年","8月份","L0000033151","Vegetable Fresh Wild Rice Stem\\茭白","KG",2,16,32,"Kitchen-Chinese Kitchen?Man Ho?"]
["2023年","8月份","L0000051422","Spinach/菠菜/Kg","KG",1.5,13,19.5,"Kitchen-Chinese Kitchen?Man Ho?"]
["2023年","8月份","L0000103452","Cherry tomatoes (yellow)\\圣女果(黄）/kg","KG",2,24,48,"Kitchen-Chinese Kitchen?Man Ho?"]
["2023年","8月份","L0000163638","Vegetable Fresh Fresh Termitomyces Albuminosus\\新鲜鸡枞菌","KG",1,68,68,"Kitchen-Chinese Kitchen?Man Ho?"]
["2023年","8月份","L0000024523","Sweet Bean\\甜蜜豆","KG",1,36,36,"Kitchen-Chinese Kitchen?Man Ho?"]
["2023年","8月份","L0000087071","Vegetable Fresh\\Celtuce peeled\\去皮莴笋","KG",1,15,15,"Kitchen-Chinese Kitchen?Man Ho?"]
["2023年","8月份","L0000033091","Vegetable Fresh Mushroom Button\\白蘑菇","KG",0.5,19,9.5,"Kitchen-Chinese Kitchen?Man Ho?"]
["2023年","8月份","L0000024431","Veg. Angled Luffa Gd\\广东丝瓜","KG",2.5,18,45,"Kitchen-Chinese Kitchen?Man Ho?"]
["2023年","8月份","L0000024421","Veg Chinese Yam\\山药","KG",2,15,30,"Kitchen-Chinese Kitchen?Man Ho?"]
["2023年","8月份","L0000019343","White Jade Mushroom\\白玉菇","KG",1,16,16,"Kitchen-Chinese Kitchen?Man Ho?"]
["2023年","8月份","L0000019102","Cabbage White Small\\小白菜","KG",1.5,16,24,"Kitchen-Chinese Kitchen?Man Ho?"]
["2023年","8月份","L0000019103","Cabbage Xiao Tang\\小唐菜","KG",3,13,39,"Kitchen-Chinese Kitchen?Man Ho?"]
["2023年","8月份","L0000019325","Tomato Larage Local\\大番茄","KG",1,8,8,"Kitchen-Chinese Kitchen?Man Ho?"]
["2023年","8月份","L0000019174","Garlic Peeled\\蒜肉","KG",2.7,12,32.4,"Kitchen-Chinese Kitchen?Man Ho?"]
["2023年","8月份","L0000024561","Gingkonut\\鲜白果","KG",0.5,27.8,13.9,"Kitchen-Chinese Kitchen?Man Ho?"]
["2023年","8月份","L0000024550","Onion\\去皮干葱头","KG",1,17.8,17.8,"Kitchen-Chinese Kitchen?Man Ho?"]
["2023年","8月份","L0000024524","Bean Sprout\\去根黄豆芽","KG",1,12,12,"Kitchen-Chinese Kitchen?Man Ho?"]
["2023年","8月份","L0000024473","Broccoli Green\\去根西兰花","KG",2,16,32,"Kitchen-Chinese Kitchen?Man Ho?"]
["2023年","8月份","L0000019258","Onion Red Peeled\\去皮红洋葱","KG",2,7,14,"Kitchen-Chinese Kitchen?Man Ho?"]
["2023年","8月份","L0000019256","Okra Green\\秋葵","KG",1,26,26,"Kitchen-Chinese Kitchen?Man Ho?"]
["2023年","8月份","L0000019161","Fresh Matsutake Mushrooml.M Size\\新鲜松茸","KG",0.25,60,15,"Kitchen-Chinese Kitchen?Man Ho?"]
["2023年","8月份","L0000017690","Rice Noodle\\河粉","KG",3,9,27,"Kitchen-Chinese Kitchen?Man Ho?"]
["2023年","8月份","L0000033116","Vegetable Fresh Bean Sprout Big\\银芽 去头去尾","KG",0.5,12,6,"Kitchen-Chinese Kitchen?Man Ho?"]
["2023年","8月份","L0000033115","Vegetable Fresh Chive Shoots\\韭黄","KG",0.5,18,9,"Kitchen-Chinese Kitchen?Man Ho?"]
["2023年","8月份","L0001334080","Stripe radish\\条纹萝卜","KG",0.5,36,18,"Kitchen-Chinese Kitchen?Man Ho?"]
["2023年","8月份","L0000984058","Food Produce\\Boletus\\鲜牛肝菌\\KG","KG",0.5,268,134,"Kitchen-Chinese Kitchen?Man Ho?"]
["2023年","8月份","L0000935932","Vegetable Fresh/cucumber/玉女瓜/KG","KG",2,30,60,"Kitchen-Chinese Kitchen?Man Ho?"]
["2023年","8月份","L0000433072","XiuQiu Mushroom\\绣球菌\\KG","KG",1,95,95,"Kitchen-Chinese Kitchen?Man Ho?"]
["2023年","8月份","L0000277941","Herbs Fresh Toona Sinensis Seedlings\\香椿苗\\30g/盒\\盒","BX",2,15,30,"Kitchen-Chinese Kitchen?Man Ho?"]
["2023年","8月份","L0000152477","Vegetable Fresh-粉葛（精选）","KG",2,30,60,"Kitchen-Chinese Kitchen?Man Ho?"]
["2023年","8月份","L0000087072","Vegetable Fresh\\Leek\\青大蒜","KG",0.5,8,4,"Kitchen-Chinese Kitchen?Man Ho?"]
["2023年","8月份","L0000076626","Sun Chrysanthemum Petals\\太阳菊花瓣\\20g\\盒","BX",2,20,40,"Kitchen-Chinese Kitchen?Man Ho?"]
["2023年","8月份","L0000033137","Vegetable Fresh Crowndaisy Chrysanthemum\\茼蒿 去头 尾到茎长\\20cm","KG",2,12,24,"Kitchen-Chinese Kitchen?Man Ho?"]
["2023年","8月份","L0000033122","Vegetable Fresh Bean Snow\\荷兰豆 去头去尾","KG",1,32,32,"Kitchen-Chinese Kitchen?Man Ho?"]
["2023年","8月份","L0000037211","Vegetable Fresh Brussel Sprouts For Local \\本地孢子甘蓝","KG",1,37,37,"Kitchen-Chinese Kitchen?Man Ho?"]
["2023年","8月份","L0000034896","Vegetable Fresh Abalone Mushrooms \\杏鲍菇","KG",2.5,14,35,"Kitchen-Chinese Kitchen?Man Ho?"]
["2023年","8月份","L0000023419","Beef Tenderloin Local\\本地牛柳","KG",1.2,144,172.8,"Kitchen-Chinese Kitchen?Man Ho?"]
["2023年","8月份","L0000023648","Meat Pork Lean Leg\\猪赤肉","KG",2,43,86,"Kitchen-Chinese Kitchen?Man Ho?"]
["2023年","8月份","L0000023666","Pork Bones W Meat\\猪龙骨","KG",2,38,76,"Kitchen-Chinese Kitchen?Man Ho?"]
["2023年","8月份","L0000051546","Fresh Chicken Feet\\鲜鸡脚","KG",2,46,92,"Kitchen-Chinese Kitchen?Man Ho?"]
["2023年","8月份","L0000280398","Pork Frozen Meat \\绿进松板肉\\400g包","BAG",6,26,156,"Kitchen-Chinese Kitchen?Man Ho?"]
["2023年","8月份","L0000496902","Pork Rib\\精排骨\\KG","KG",3,62,186,"Kitchen-Chinese Kitchen?Man Ho?"]
["2023年","8月份","L0001709064","Pork square with skin\\带皮五花四方肉\\精修肉厚","KG",4,48,192,"Kitchen-Chinese Kitchen?Man Ho?"]
["2023年","8月份","L0000018658","Chicken Old\\老鸡2kg","KG",4,40,160,"Kitchen-Chinese Kitchen?Man Ho?"]
["2023年","8月份","L0001709053","Local quality hens (cleaned)\\本地优母鸡（净膛）","KG",6,39,234,"Kitchen-Chinese Kitchen?Man Ho?"]
["2023年","8月份","L0000033271","Pork Local Fresh Tripe\\新鲜猪肚","KG",3,72,216,"Kitchen-Chinese Kitchen?Man Ho?"]
["2023年","8月份","L0001709053","Local quality hens (cleaned)\\本地优母鸡（净膛）","KG",2.4,39,93.6,"Kitchen-Chinese Kitchen?Man Ho?"]
["2023年","8月份","L0000500585","Food Dairy Eggs\\Pigeon Egg\\鸽蛋","EA",10,4.5,45,"Kitchen-Chinese Kitchen?Man Ho?"]
["2023年","8月份","L0000018960","Local Seedless Watermelon\\本地无籽西瓜","KG",8,4.2,33.6,"Kitchen-Chinese Kitchen?Man Ho?"]
["2023年","8月份","L0000074934","Fruit Fresh Green Orange\\小青桔","KG",0.5,24,12,"Kitchen-Chinese Kitchen?Man Ho?"]
["2023年","8月份","L0000162206","Fruit Fresh Hami Melon\\哈密瓜\\kg","KG",7,4.8,33.6,"Kitchen-Chinese Kitchen?Man Ho?"]
["2023年","8月份","L0000018872","Date Winter\\冬枣","KG",2,30,60,"Kitchen-Chinese Kitchen?Man Ho?"]
["2023年","8月份","L0000033184","Fruit Fresh Dajin Mango\\大金芒果","KG",2,18,36,"Kitchen-Chinese Kitchen?Man Ho?"]
["2023年","8月份","L0000018873","Dragon Fruit Redmeat\\红肉火龙果","KG",3,11,33,"Kitchen-Chinese Kitchen?Man Ho?"]
["2023年","8月份","L0000018856","Avocados\\牛油果","KG",0.5,50,25,"Kitchen-Chinese Kitchen?Man Ho?"]
["2023年","8月份","L0001647196","The sun rose\\阳光玫瑰\\大果/KG","KG",2,36,72,"Kitchen-Chinese Kitchen?Man Ho?"]
["2023年","8月份","L0000524458","Millennium tomato\\千禧小番茄","KG",2,12,24,"Kitchen-Chinese Kitchen?Man Ho?"]
["2023年","8月份","L0000034156","Fruit Fresh Kiwi Gold\\猕猴桃(金果)","KG",1,58,58,"Kitchen-Chinese Kitchen?Man Ho?"]
["2023年","8月份","L0000087087","Fruit Fresh\\Passion fruit百香果","KG",0.5,40,20,"Kitchen-Chinese Kitchen?Man Ho?"]
["2023年","8月份","L0000033307","Fish Fresh Libster Locak\\鲫鱼","KG",3.6,18,64.8,"Kitchen-Chinese Kitchen?Man Ho?"]
["2023年","8月份","L0000019472","Fresh Squid Large\\大鲜鱿\\200-250g","KG",2,90,180,"Kitchen-Chinese Kitchen?Man Ho?"]
["2023年","8月份","L0000020877","River Prawn\\河虾","KG",1,250,250,"Kitchen-Chinese Kitchen?Man Ho?"]
["2023年","8月份","L0000020877","River Prawn\\河虾","KG",1.5,250,375,"Kitchen-Chinese Kitchen?Man Ho?"]
["2023年","8月份","L0000022289","Conch\\海螺","KG",0.84,100,84,"Kitchen-Chinese Kitchen?Man Ho?"]
["2023年","8月份","L0000033289","Fish Fresh Grass Carp\\草鱼","KG",8.3,24,199.2,"Kitchen-Chinese Kitchen?Man Ho?"]
["2023年","8月份","L0000051516","Local DaChen Yellow Fish\\本地大陈黄鱼\\0.65-0.75KG","KG",1.6,55,88,"Kitchen-Chinese Kitchen?Man Ho?"]
["2023年","8月份","L0000075815","Shellfish Frozen Flounder Fillet \\龙利鱼柳 （袋装1*2.5kg）","BAG",1,68,68,"Kitchen-Chinese Kitchen?Man Ho?"]
["2023年","8月份","L0000075815","Shellfish Frozen Flounder Fillet \\龙利鱼柳 （袋装1*2.5kg）","BAG",2,68,136,"Kitchen-Chinese Kitchen?Man Ho?"]
["2023年","8月份","L0000303484","Seafood\\YEN FOOD ABALONE LIVE 8PC\\鲜活鲍鱼（8头）\\KG","KG",1.22,156,190.32,"Kitchen-Chinese Kitchen?Man Ho?"]
["2023年","8月份","L0001551669","Prawn prawn/竹节大明虾8头","KG",5,115,575,"Kitchen-Chinese Kitchen?Man Ho?"]
["2023年","8月份","L0001934991","June yellow crab\\六月黄螃蟹100g-125g","KG",1.5,110,165,"Kitchen-Chinese Kitchen?Man Ho?"]
["2023年","8月份","L0000022324","Weever\\鲈鱼\\0.6-0.75kg","KG",0.96,50,48,"Kitchen-Chinese Kitchen?Man Ho?"]
["2023年","8月份","L0000019718","Razor Clam\\蛏子","KG",0.85,35,29.75,"Kitchen-Chinese Kitchen?Man Ho?"]
["2023年","8月份","L0000019714","LuoShi Prawn\\罗氏虾\\35pcs","KG",1,70,70,"Kitchen-Chinese Kitchen?Man Ho?"]
["2023年","8月份","L0000019545","Frozen Saury Processed\\冻秋刀鱼杀好","KG",1,40,40,"Kitchen-Chinese Kitchen?Man Ho?"]
["2023年","8月份","L0000022336","Fish Head\\天目湖大鱼头\\1.25-1.5kg","KG",5.4,45,243,"Kitchen-Chinese Kitchen?Man Ho?"]
["2023年","8月份","L0000019733","Sha Shrimp\\沙虾\\30-40pcs","KG",0.86,66,56.76,"Kitchen-Chinese Kitchen?Man Ho?"]
["2023年","8月份","L0000022323","Mandarin Fish\\桂鱼\\0.65-0.9kg","KG",0.51,150,76.5,"Kitchen-Chinese Kitchen?Man Ho?"]
["2023年","8月份","L0000022324","Weever\\鲈鱼\\0.6-0.75kg","KG",1.06,50,53,"Kitchen-Chinese Kitchen?Man Ho?"]
["2023年","8月份","L0000303484","Seafood\\YEN FOOD ABALONE LIVE 8PC\\鲜活鲍鱼（8头）\\KG","KG",0.61,156,95.16,"Kitchen-Chinese Kitchen?Man Ho?"]
["2023年","8月份","L0000303484","Seafood\\YEN FOOD ABALONE LIVE 8PC\\鲜活鲍鱼（8头）\\KG","KG",1.1,156,171.6,"Kitchen-Chinese Kitchen?Man Ho?"]
["2023年","8月份","L0000022324","Weever\\鲈鱼\\0.6-0.75kg","KG",2.16,50,108,"Kitchen-Chinese Kitchen?Man Ho?"]
["2023年","8月份","L0000022323","Mandarin Fish\\桂鱼\\0.65-0.9kg","KG",1.2,150,180,"Kitchen-Chinese Kitchen?Man Ho?"]
["2023年","8月份","L0000019733","Sha Shrimp\\沙虾\\30-40pcs","KG",0.9,66,59.4,"Kitchen-Chinese Kitchen?Man Ho?"]
["2023年","8月份","L0000019718","Razor Clam\\蛏子","KG",1.07,35,37.45,"Kitchen-Chinese Kitchen?Man Ho?"]
["2023年","8月份","L0000019700","Live Boston Lobster\\活波士顿龙虾\\500-650g","KG",1.57,270,423.9,"Kitchen-Chinese Kitchen?Man Ho?"]
["2023年","8月份","L0000019429","Grouper Green Live\\青斑\\0.8-1kg","KG",1.3,140,182,"Kitchen-Chinese Kitchen?Man Ho?"]
["2023年","8月份","L0000019733","Sha Shrimp\\沙虾\\30-40pcs","KG",0.6,66,39.6,"Kitchen-Chinese Kitchen?Man Ho?"]
["2023年","8月份","L0000022323","Mandarin Fish\\桂鱼\\0.65-0.9kg","KG",1.16,150,174,"Kitchen-Chinese Kitchen?Man Ho?"]
["2023年","8月份","L0000022324","Weever\\鲈鱼\\0.6-0.75kg","KG",2.66,50,133,"Kitchen-Chinese Kitchen?Man Ho?"]
["2023年","8月份","L0000022336","Fish Head\\天目湖大鱼头\\1.25-1.5kg","KG",1.87,45,84.15,"Kitchen-Chinese Kitchen?Man Ho?"]
["2023年","8月份","L0000303484","Seafood\\YEN FOOD ABALONE LIVE 8PC\\鲜活鲍鱼（8头）\\KG","KG",1.07,156,166.92,"Kitchen-Chinese Kitchen?Man Ho?"]
["2023年","8月份","L0000019700","Live Boston Lobster\\活波士顿龙虾\\500-650g","KG",0.63,270,170.1,"Kitchen-Chinese Kitchen?Man Ho?"]
["2023年","8月份","L0000019429","Grouper Green Live\\青斑\\0.8-1kg","KG",1.42,140,198.8,"Kitchen-Chinese Kitchen?Man Ho?"]
["2023年","8月份","L0001097798","Japanese pine leaf crab活日本松叶蟹1-1.5kg/只","KG",0.94,300,282,"Kitchen-Chinese Kitchen?Man Ho?"]
["2023年","8月份","L0000019429","Grouper Green Live\\青斑\\0.8-1kg","KG",0.55,140,77,"Kitchen-Chinese Kitchen?Man Ho?"]
["2023年","8月份","L0000019700","Live Boston Lobster\\活波士顿龙虾\\500-650g","KG",0.55,270,148.5,"Kitchen-Chinese Kitchen?Man Ho?"]
["2023年","8月份","L0000019733","Sha Shrimp\\沙虾\\30-40pcs","KG",0.95,66,62.7,"Kitchen-Chinese Kitchen?Man Ho?"]
["2023年","8月份","L0000022323","Mandarin Fish\\桂鱼\\0.65-0.9kg","KG",1.23,150,184.5,"Kitchen-Chinese Kitchen?Man Ho?"]
["2023年","8月份","L0000303484","Seafood\\YEN FOOD ABALONE LIVE 8PC\\鲜活鲍鱼（8头）\\KG","KG",0.54,156,84.24,"Kitchen-Chinese Kitchen?Man Ho?"]
["2023年","8月份","L0000022324","Weever\\鲈鱼\\0.6-0.75kg","KG",2.05,50,102.5,"Kitchen-Chinese Kitchen?Man Ho?"]
["2023年","8月份","L0000022323","Mandarin Fish\\桂鱼\\0.65-0.9kg","KG",0.59,150,88.5,"Kitchen-Chinese Kitchen?Man Ho?"]
["2023年","8月份","L0000022324","Weever\\鲈鱼\\0.6-0.75kg","KG",1.05,50,52.5,"Kitchen-Chinese Kitchen?Man Ho?"]
["2023年","8月份","L0000303484","Seafood\\YEN FOOD ABALONE LIVE 8PC\\鲜活鲍鱼（8头）\\KG","KG",0.23,156,35.88,"Kitchen-Chinese Kitchen?Man Ho?"]
["2023年","8月份","L0000019429","Grouper Green Live\\青斑\\0.8-1kg","KG",0.73,140,102.2,"Kitchen-Chinese Kitchen?Man Ho?"]
["2023年","8月份","L0000019700","Live Boston Lobster\\活波士顿龙虾\\500-650g","KG",0.72,270,194.4,"Kitchen-Chinese Kitchen?Man Ho?"]
["2023年","8月份","L0000019700","Live Boston Lobster\\活波士顿龙虾\\500-650g","KG",0.78,270,210.6,"Kitchen-Chinese Kitchen?Man Ho?"]
["2023年","8月份","L0000022323","Mandarin Fish\\桂鱼\\0.65-0.9kg","KG",1.93,150,289.5,"Kitchen-Chinese Kitchen?Man Ho?"]
["2023年","8月份","L0000022324","Weever\\鲈鱼\\0.6-0.75kg","KG",1.66,50,83,"Kitchen-Chinese Kitchen?Man Ho?"]
["2023年","8月份","L0000019718","Razor Clam\\蛏子","KG",1.59,35,55.65,"Kitchen-Chinese Kitchen?Man Ho?"]
["2023年","8月份","L0000303484","Seafood\\YEN FOOD ABALONE LIVE 8PC\\鲜活鲍鱼（8头）\\KG","KG",0.36,156,56.16,"Kitchen-Chinese Kitchen?Man Ho?"]
["2023年","8月份","L0000019429","Grouper Green Live\\青斑\\0.8-1kg","KG",0.6,140,84,"Kitchen-Chinese Kitchen?Man Ho?"]
["2023年","8月份","L0000019733","Sha Shrimp\\沙虾\\30-40pcs","KG",0.4,66,26.4,"Kitchen-Chinese Kitchen?Man Ho?"]
["2023年","8月份","L0000022323","Mandarin Fish\\桂鱼\\0.65-0.9kg","KG",0.6,150,90,"Kitchen-Chinese Kitchen?Man Ho?"]
["2023年","8月份","L0000022324","Weever\\鲈鱼\\0.6-0.75kg","KG",1.07,50,53.5,"Kitchen-Chinese Kitchen?Man Ho?"]
["2023年","8月份","L0000976229","Green Lobster Live\\小青龙虾 鲜活200-250g","KG",1,400,400,"Kitchen-Chinese Kitchen?Man Ho?"]
["2023年","8月份","L0000303484","Seafood\\YEN FOOD ABALONE LIVE 8PC\\鲜活鲍鱼（8头）\\KG","KG",0.45,156,70.2,"Kitchen-Chinese Kitchen?Man Ho?"]
["2023年","8月份","L0000022324","Weever\\鲈鱼\\0.6-0.75kg","KG",1.59,50,79.5,"Kitchen-Chinese Kitchen?Man Ho?"]
["2023年","8月份","L0000022336","Fish Head\\天目湖大鱼头\\1.25-1.5kg","KG",1.72,45,77.4,"Kitchen-Chinese Kitchen?Man Ho?"]
["2023年","8月份","L0000303484","Seafood\\YEN FOOD ABALONE LIVE 8PC\\鲜活鲍鱼（8头）\\KG","KG",0.51,156,79.56,"Kitchen-Chinese Kitchen?Man Ho?"]
["2023年","8月份","L0000019733","Sha Shrimp\\沙虾\\30-40pcs","KG",0.5,66,33,"Kitchen-Chinese Kitchen?Man Ho?"]
["2023年","8月份","L0000019718","Razor Clam\\蛏子","KG",0.72,35,25.2,"Kitchen-Chinese Kitchen?Man Ho?"]
["2023年","8月份","L0000019429","Grouper Green Live\\青斑\\0.8-1kg","KG",0.61,140,85.4,"Kitchen-Chinese Kitchen?Man Ho?"]
["2023年","8月份","L0000022302","Turbo Fish\\多宝鱼\\0.6kg","KG",0.5,90,45,"Kitchen-Chinese Kitchen?Man Ho?"]
["2023年","8月份","L0000019733","Sha Shrimp\\沙虾\\30-40pcs","KG",0.5,66,33,"Kitchen-Chinese Kitchen?Man Ho?"]
["2023年","8月份","L0000223304","Bass\\鲈鱼\\0.4-0.5kg","KG",4.1,50,205,"Kitchen-Chinese Kitchen?Man Ho?"]
["2023年","8月份","L0000019718","Razor Clam\\蛏子","KG",0.5,35,17.5,"Kitchen-Chinese Kitchen?Man Ho?"]
["2023年","8月份","L0000019733","Sha Shrimp\\沙虾\\30-40pcs","KG",0.37,66,24.42,"Kitchen-Chinese Kitchen?Man Ho?"]
["2023年","8月份","L0000022302","Turbo Fish\\多宝鱼\\0.6kg","KG",0.6,90,54,"Kitchen-Chinese Kitchen?Man Ho?"]
["2023年","8月份","L0000022323","Mandarin Fish\\桂鱼\\0.65-0.9kg","KG",1.21,150,181.5,"Kitchen-Chinese Kitchen?Man Ho?"]
["2023年","8月份","L0000223304","Bass\\鲈鱼\\0.4-0.5kg","KG",4.39,50,219.5,"Kitchen-Chinese Kitchen?Man Ho?"]
["2023年","8月份","L0000019429","Grouper Green Live\\青斑\\0.8-1kg","KG",3.93,140,550.2,"Kitchen-Chinese Kitchen?Man Ho?"]
["2023年","8月份","L0000915352","Seafood\\Royal Mussel\\贵妃蚌（150g-200g）\\KG","KG",1.46,100,146,"Kitchen-Chinese Kitchen?Man Ho?"]
["2023年","8月份","L0000019718","Razor Clam\\蛏子","KG",0.84,35,29.4,"Kitchen-Chinese Kitchen?Man Ho?"]
["2023年","8月份","L0000019700","Live Boston Lobster\\活波士顿龙虾\\500-650g","KG",3.3,270,891,"Kitchen-Chinese Kitchen?Man Ho?"]
["2023年","8月份","L0000303484","Seafood\\YEN FOOD ABALONE LIVE 8PC\\鲜活鲍鱼（8头）\\KG","KG",2.2,156,343.2,"Kitchen-Chinese Kitchen?Man Ho?"]
["2023年","8月份","L0001097798","Japanese pine leaf crab活日本松叶蟹1-1.5kg/只","KG",3.67,300,1101,"Kitchen-Chinese Kitchen?Man Ho?"]
["2023年","8月份","L0000303484","Seafood\\YEN FOOD ABALONE LIVE 8PC\\鲜活鲍鱼（8头）\\KG","KG",1.34,156,209.04,"Kitchen-Chinese Kitchen?Man Ho?"]
["2023年","8月份","L0000022336","Fish Head\\天目湖大鱼头\\1.25-1.5kg","KG",1.55,45,69.75,"Kitchen-Chinese Kitchen?Man Ho?"]
["2023年","8月份","L0000022324","Weever\\鲈鱼\\0.6-0.75kg","KG",2.75,50,137.5,"Kitchen-Chinese Kitchen?Man Ho?"]
["2023年","8月份","L0000022323","Mandarin Fish\\桂鱼\\0.65-0.9kg","KG",2.02,150,303,"Kitchen-Chinese Kitchen?Man Ho?"]
["2023年","8月份","L0000019733","Sha Shrimp\\沙虾\\30-40pcs","KG",0.5,66,33,"Kitchen-Chinese Kitchen?Man Ho?"]
["2023年","8月份","L0000019718","Razor Clam\\蛏子","KG",0.77,35,26.95,"Kitchen-Chinese Kitchen?Man Ho?"]
["2023年","8月份","L0000019700","Live Boston Lobster\\活波士顿龙虾\\500-650g","KG",1.46,270,394.2,"Kitchen-Chinese Kitchen?Man Ho?"]
["2023年","8月份","L0000019429","Grouper Green Live\\青斑\\0.8-1kg","KG",1.84,140,257.6,"Kitchen-Chinese Kitchen?Man Ho?"]
["2023年","8月份","L0000022323","Mandarin Fish\\桂鱼\\0.65-0.9kg","KG",0.61,150,91.5,"Kitchen-Chinese Kitchen?Man Ho?"]
["2023年","8月份","L0000223304","Bass\\鲈鱼\\0.4-0.5kg","KG",2.08,50,104,"Kitchen-Chinese Kitchen?Man Ho?"]
["2023年","8月份","L0000269881","Shellfish Fresh/Dalian abalone 大连活鲍鱼/(5-6头)*KG","KG",1.34,195,261.3,"Kitchen-Chinese Kitchen?Man Ho?"]
["2023年","8月份","L0000019733","Sha Shrimp\\沙虾\\30-40pcs","KG",0.5,66,33,"Kitchen-Chinese Kitchen?Man Ho?"]
["2023年","8月份","L0000019429","Grouper Green Live\\青斑\\0.8-1kg","KG",0.64,140,89.6,"Kitchen-Chinese Kitchen?Man Ho?"]
["2023年","8月份","L0000915352","Seafood\\Royal Mussel\\贵妃蚌（150g-200g）\\KG","KG",2.26,100,226,"Kitchen-Chinese Kitchen?Man Ho?"]
["2023年","8月份","L0001097798","Japanese pine leaf crab活日本松叶蟹1-1.5kg/只","KG",0.83,300,249,"Kitchen-Chinese Kitchen?Man Ho?"]
["2023年","8月份","L0000303484","Seafood\\YEN FOOD ABALONE LIVE 8PC\\鲜活鲍鱼（8头）\\KG","KG",1.2,156,187.2,"Kitchen-Chinese Kitchen?Man Ho?"]
["2023年","8月份","L0000269881","Shellfish Fresh/Dalian abalone 大连活鲍鱼/(5-6头)*KG","KG",1,195,195,"Kitchen-Chinese Kitchen?Man Ho?"]
["2023年","8月份","L0000019429","Grouper Green Live\\青斑\\0.8-1kg","KG",2,140,280,"Kitchen-Chinese Kitchen?Man Ho?"]
["2023年","8月份","L0000019718","Razor Clam\\蛏子","KG",0.58,35,20.3,"Kitchen-Chinese Kitchen?Man Ho?"]
["2023年","8月份","L0000019733","Sha Shrimp\\沙虾\\30-40pcs","KG",0.25,66,16.5,"Kitchen-Chinese Kitchen?Man Ho?"]
["2023年","8月份","L0000189068","Live Boston Lobster\\波士顿龙虾（活）\\750-900g","KG",0.86,310,266.6,"Kitchen-Chinese Kitchen?Man Ho?"]
["2023年","8月份","L0000022324","Weever\\鲈鱼\\0.6-0.75kg","KG",2.2,50,110,"Kitchen-Chinese Kitchen?Man Ho?"]
["2023年","8月份","L0000019699","Australia Live Lobster\\澳洲龙虾\\700-800g","KG",0.94,1080,1015.2,"Kitchen-Chinese Kitchen?Man Ho?"]
["2023年","8月份","L0000022289","Conch\\海螺","KG",0.33,100,33,"Kitchen-Chinese Kitchen?Man Ho?"]
["2023年","8月份","L0000022289","Conch\\海螺","KG",0.52,100,52,"Kitchen-Chinese Kitchen?Man Ho?"]
["2023年","8月份","L0000022289","Conch\\海螺","KG",0.81,100,81,"Kitchen-Chinese Kitchen?Man Ho?"]
["2023年","8月份","L0000022289","Conch\\海螺","KG",1.2,100,120,"Kitchen-Chinese Kitchen?Man Ho?"]
["2023年","8月份","L0001748976","Raw frozen black tiger prawns\\3头生冻黑虎虾\\6只/盒","BX",4,145,580,"Kitchen-Chinese Kitchen?Man Ho?"]
["2023年","8月份","L0000889637","Vegetable Fresh/Parsley miao/香菜苗/30g*盒/盒","BX",0,12,0,"Kitchen-Chinese Kitchen?Man Ho?"]
["2023年","8月份","L0000122723","Alkaline noodle碱面条","KG",3,8,24,"Kitchen-Chinese Kitchen?Man Ho?"]
["2023年","8月份","L0001334080","Stripe radish\\条纹萝卜","KG",0.5,36,18,"Kitchen-Chinese Kitchen?Man Ho?"]
["2023年","8月份","L0000024486","Greens Choisum Canton\\广东菜心","KG",3,14,42,"Kitchen-Chinese Kitchen?Man Ho?"]
["2023年","8月份","L0000024431","Veg. Angled Luffa Gd\\广东丝瓜","KG",0,18,0,"Kitchen-Chinese Kitchen?Man Ho?"]
["2023年","8月份","L0000019208","Leeks\\京葱","KG",3,8,24,"Kitchen-Chinese Kitchen?Man Ho?"]
["2023年","8月份","L0000019102","Cabbage White Small\\小白菜","KG",2,16,32,"Kitchen-Chinese Kitchen?Man Ho?"]
["2023年","8月份","L0000051422","Spinach/菠菜/Kg","KG",2,13,26,"Kitchen-Chinese Kitchen?Man Ho?"]
["2023年","8月份","L0000019178","Ginger Peeled Blue\\生姜去皮","KG",2,23,46,"Kitchen-Chinese Kitchen?Man Ho?"]
["2023年","8月份","L0000018625","Pork Belly Trimmed With Skin\\带皮中方五花肉五层楼","KG",4,48,192,"Kitchen-Chinese Kitchen?Man Ho?"]
["2023年","8月份","L0000051546","Fresh Chicken Feet\\鲜鸡脚","KG",3,46,138,"Kitchen-Chinese Kitchen?Man Ho?"]
["2023年","8月份","L0000060583","Pork Local Streaky\\精选五花肉","KG",4,48,192,"Kitchen-Chinese Kitchen?Man Ho?"]
["2023年","8月份","L0000060583","Pork Local Streaky\\精选五花肉","KG",3,48,144,"Kitchen-Chinese Kitchen?Man Ho?"]
["2023年","8月份","L0000036942","Pork Local Fresh Shank \\鲜猪手","KG",2.9,54,156.6,"Kitchen-Chinese Kitchen?Man Ho?"]
["2023年","8月份","L0000018536","Lamb Lamb Leg Without Bone\\无骨羊腿","KG",2.5,120,300,"Kitchen-Chinese Kitchen?Man Ho?"]
["2023年","8月份","L0000023723","Duck\\白条鸭","KG",10,24.8,248,"Kitchen-Chinese Kitchen?Man Ho?"]
["2023年","8月份","L0001709053","Local quality hens (cleaned)\\本地优母鸡（净膛）","KG",12,39,468,"Kitchen-Chinese Kitchen?Man Ho?"]
["2023年","8月份","L0000445634","JT-eggs\\鸡蛋-\\KG","KG",3,14,42,"Kitchen-Chinese Kitchen?Man Ho?"]
["2023年","8月份","L0000251117","FOOD BAKERY\\Spring roll skin Nangxiang \\南翔春卷皮\\200g/bag","EA",1,4.42,4.42,"Kitchen-Chinese Kitchen?Man Ho?"]
["2023年","8月份","L0000024302","Milk Condensed Evaporated\\三花淡奶\\410Ml","TIN",3,11.5,34.5,"Kitchen-Chinese Kitchen?Man Ho?"]
["2023年","8月份","L0000017528","Sliced Flacked Almond\\杏仁片","KG",1.5,72,108,"Kitchen-Chinese Kitchen?Man Ho?"]
["2023年","8月份","L0001580523","IFRUIT yellow peach puree\\黄桃果茸\\爱弗特\\1kg/盒","BX",1,86,86,"Kitchen-Chinese Kitchen?Man Ho?"]
["2023年","8月份","L0000016810","Elle Et Vire Whipping Cream\\铁塔牌淡奶油\\1L","BTL",2,45.5,91,"Kitchen-Chinese Kitchen?Man Ho?"]
["2023年","8月份","L0000017362","GaoDa Coconut Milk Kos\\金牌高达椰浆\\400g","CAN",2,11,22,"Kitchen-Chinese Kitchen?Man Ho?"]
["2023年","8月份","L0000017362","GaoDa Coconut Milk Kos\\金牌高达椰浆\\400g","CAN",5,11,55,"Kitchen-Chinese Kitchen?Man Ho?"]
["2023年","8月份","L0000020727","Gau Kwong Cooking Wine\\九江酒\\610ml","BTL",1,18.5631,18.56,"Kitchen-Chinese Kitchen?Man Ho?"]
["2023年","8月份","L0000034663","Sauce Donggu Sauce\\东古一品鲜\\500ml","EA",4,12.3689,49.48,"Kitchen-Chinese Kitchen?Man Ho?"]
["2023年","8月份","L0000052221","Flour\\BaiHe Mix Sticky Rice Flour\\白鹤澄面\\400G","BAG",3,6.1262,18.38,"Kitchen-Chinese Kitchen?Man Ho?"]
["2023年","8月份","L0001549724","Anjing dumilings/安井蛋饺/165g/包","BAG",8,3.78,30.24,"Kitchen-Chinese Kitchen?Man Ho?"]
["2023年","8月份","L0000400078","Dry Goods\\A FinePeanut Butter\\顶好花生酱瓶\\405g/Btl","BTL",2,9.45,18.9,"Kitchen-Chinese Kitchen?Man Ho?"]
["2023年","8月份","L0000400969","Dry Goods Others\\Bamboo Leave\\日本小粽叶","BAG",3,15,45,"Kitchen-Chinese Kitchen?Man Ho?"]
["2023年","8月份","L0000435128","Chinese Seasoning\\Sliced ginger with dried sand\\干沙姜片","KG",0.5,100,50,"Kitchen-Chinese Kitchen?Man Ho?"]
["2023年","8月份","L0001349145","Jam / Honey Pure\\蜂蜜冠生园\\500g/btl","BTL",1,35,35,"Kitchen-Chinese Kitchen?Man Ho?"]
["2023年","8月份","L0000017171","Cinnamon Stick\\桂皮","KG",1,37.1942,37.19,"Kitchen-Chinese Kitchen?Man Ho?"]
["2023年","8月份","L0000163602","Eggs Alted Vitellus\\咸蛋黄\\10个/盒","BX",5,13,65,"Kitchen-Chinese Kitchen?Man Ho?"]
["2023年","8月份","L0000022324","Weever\\鲈鱼\\0.6-0.75kg","KG",4.39,50,219.5,"Kitchen-Chinese Kitchen?Man Ho?"]
["2023年","8月份","L0000019700","Live Boston Lobster\\活波士顿龙虾\\500-650g","KG",1.44,270,388.8,"Kitchen-Chinese Kitchen?Man Ho?"]
["2023年","8月份","L0000019429","Grouper Green Live\\青斑\\0.8-1kg","KG",1.96,140,274.4,"Kitchen-Chinese Kitchen?Man Ho?"]
["2023年","8月份","L0000303484","Seafood\\YEN FOOD ABALONE LIVE 8PC\\鲜活鲍鱼（8头）\\KG","KG",1.04,156,162.24,"Kitchen-Chinese Kitchen?Man Ho?"]
["2023年","8月份","L0000019564","Fish Head With Neck\\带枕大鱼头","KG",1.8,45,81,"Kitchen-Chinese Kitchen?Man Ho?"]
["2023年","8月份","L0000022323","Mandarin Fish\\桂鱼\\0.65-0.9kg","KG",0.89,150,133.5,"Kitchen-Chinese Kitchen?Man Ho?"]
["2023年","8月份","L0000303484","Seafood\\YEN FOOD ABALONE LIVE 8PC\\鲜活鲍鱼（8头）\\KG","KG",0.89,156,138.84,"Kitchen-Chinese Kitchen?Man Ho?"]
["2023年","8月份","L0000019429","Grouper Green Live\\青斑\\0.8-1kg","KG",0.68,140,95.2,"Kitchen-Chinese Kitchen?Man Ho?"]
["2023年","8月份","L0000022324","Weever\\鲈鱼\\0.6-0.75kg","KG",0.99,50,49.5,"Kitchen-Chinese Kitchen?Man Ho?"]
["2023年","8月份","L0000022323","Mandarin Fish\\桂鱼\\0.65-0.9kg","KG",0.57,150,85.5,"Kitchen-Chinese Kitchen?Man Ho?"]
["2023年","8月份","L0000019733","Sha Shrimp\\沙虾\\30-40pcs","KG",0.35,66,23.1,"Kitchen-Chinese Kitchen?Man Ho?"]
["2023年","8月份","L0000303484","Seafood\\YEN FOOD ABALONE LIVE 8PC\\鲜活鲍鱼（8头）\\KG","KG",1.09,156,170.04,"Kitchen-Chinese Kitchen?Man Ho?"]
["2023年","8月份","L0000022324","Weever\\鲈鱼\\0.6-0.75kg","KG",1.06,50,53,"Kitchen-Chinese Kitchen?Man Ho?"]
["2023年","8月份","L0000022323","Mandarin Fish\\桂鱼\\0.65-0.9kg","KG",0.6,150,90,"Kitchen-Chinese Kitchen?Man Ho?"]
["2023年","8月份","L0000019733","Sha Shrimp\\沙虾\\30-40pcs","KG",1.11,66,73.26,"Kitchen-Chinese Kitchen?Man Ho?"]
["2023年","8月份","L0000019429","Grouper Green Live\\青斑\\0.8-1kg","KG",0.66,140,92.4,"Kitchen-Chinese Kitchen?Man Ho?"]
["2023年","8月份","L0000019686","Hard Shell Crab\\肉蟹\\250g-350g","KG",0.73,155,113.15,"Kitchen-Chinese Kitchen?Man Ho?"]
["2023年","8月份","L0000019718","Razor Clam\\蛏子","KG",0.38,35,13.3,"Kitchen-Chinese Kitchen?Man Ho?"]
["2023年","8月份","L0001523020","Soda Water \\屈臣氏苏打水\\330ml/CAN","CAN",48,3.19,153.12,"Outlet-Banquet"]
["2023年","8月份","L0001525537","Coconut Milk \\椰树牌椰汁\\245ml/CAN","CAN",24,3.54,84.96,"Outlet-Man Ho"]
["2023年","8月份","L0000131903","Pepsi Max\\百事极度\\330ml\\CAN","BTL",192,1.824,350.21,"Outlet-Yancheng Kitchen"]
["2023年","8月份","L0000131858","Pepsi \\百事可乐\\330ml\\can","BTL",48,1.612,77.38,"Outlet-Man Ho"]
["2023年","8月份","L0000131859","7up\\七喜\\330ml\\can","BTL",24,1.612,38.69,"Outlet-Man Ho"]
["2023年","8月份","L0000131903","Pepsi Max\\百事极度\\330ml\\CAN","BTL",24,1.824,43.78,"Outlet-Man Ho"]
["2023年","8月份","L0000034302","Softdrink Mirinda\\美年达\\330ml","BTL",24,1.612,38.69,"Outlet-Man Ho"]
["2023年","8月份","L0002047861","Swire Golden Coffee with sugar buns\\太古金黄咖啡调糖包5g*454/包","BAG",5,79,395,"Outlet-Yancheng Kitchen"]
["2023年","8月份","L0001998323","Grace mouth sugar/怡口糖1g(1000包）\\盒","BX",5,168,840,"Outlet-Yancheng Kitchen"]
["2023年","8月份","L0002126490","Italian house/意式豪浓/金米兰/1号咖啡豆/1000g/袋/10袋/箱/整箱起订","BAG",40,115.04,4601.6,"Outlet-Yancheng Kitchen"]
["2023年","8月份","L0000019377","EDR-Hotbed Chives\\韭黄-员餐","KG",15,18,270,"Staff Dining"]
["2023年","8月份","L0000060716","EDR-Sweet Potato Baby\\小红薯-员餐","KG",12,8.6,103.2,"Staff Dining"]
["2023年","8月份","L0000023981","EDR-Cucumber\\黄瓜-员餐","KG",5,6,30,"Staff Dining"]
["2023年","8月份","L0000019402","EDR-Cherry Tomato\\樱桃番茄-员餐","KG",5,14,70,"Staff Dining"]
["2023年","8月份","L0000019382","EDR-Broccoli Green\\西兰花-员餐","KG",15,16,240,"Staff Dining"]
["2023年","8月份","L0000023927","EDR-Potato Big\\大土豆-员餐","KG",12,6,72,"Staff Dining"]
["2023年","8月份","L0000023997","EDR-Dried Pieces Of Bean Curd\\千张-员餐","KG",8,14,112,"Staff Dining"]
["2023年","8月份","L0001523363","ERD/Local green pepper/员餐/本地青椒","KG",15,7.8,117,"Staff Dining"]
["2023年","8月份","L0000019403","EDR-Tomato\\番茄-员餐","KG",6,7,42,"Staff Dining"]
["2023年","8月份","L0000278406","EDR- green chili\\绿杭椒—员餐","KG",6,15.8,94.8,"Staff Dining"]
["2023年","8月份","L0000023953","EDR-Celery Local\\本地芹菜-员餐","KG",3,9,27,"Staff Dining"]
["2023年","8月份","L0000035391","Vegetable Fresh EDR-Pumpkin\\南瓜去皮切块去籽-员餐","KG",5,7,35,"Staff Dining"]
["2023年","8月份","L0000190149","EDR-Shiitake Mushrooms\\鲜香菇（员工餐厅）","KG",5,15.8,79,"Staff Dining"]
["2023年","8月份","L0000023941","EDR-Lettuce\\生菜-员餐","KG",10.6,8.8,93.28,"Staff Dining"]
["2023年","8月份","L0000024023","EDR-Pork\\里脊肉-员餐","KG",8,42,336,"Staff Dining"]
["2023年","8月份","L0000024039","EDR-Pork Stuffing\\猪肉末-员餐","KG",2,38,76,"Staff Dining"]
["2023年","8月份","L0000034103","EDR-Sanhuang Chicken\\三黄鸡加工成块 去头和内脏-员餐","KG",20,26.8,536,"Staff Dining"]
["2023年","8月份","L0000087034","EDR\\Duck gizzard\\鸭胗-员餐","KG",15,38,570,"Staff Dining"]
["2023年","8月份","L0000087059","EDR\\Egg\\鸡蛋-员餐","KG",45,14,630,"Staff Dining"]
["2023年","8月份","L0000018988","EDR-HaiNan Banana\\海南香蕉-员餐","KG",40,6.2,248,"Staff Dining"]
["2023年","8月份","L0000034718","Fish Fresh EDR-Grass Carp\\草鱼 净 -员餐","KG",26,22,572,"Staff Dining"]
["2023年","8月份","L0001988041","Ikea Northeast Rice/宜客东北大米25KG\\包（员餐）","PK",20,117,2340,"Staff Dining"]
["2023年","8月份","L0000024526","Potato Baby\\土豆","KG",4,6,24,"Kitchen-Specialty Kitchen?Smoki Moto?"]
["2023年","8月份","L0000024548","Fresh Shiitake Mushrooms/鲜香菇/Kg","KG",1,19,19,"Kitchen-Specialty Kitchen?Smoki Moto?"]
["2023年","8月份","L0000019253","Needle Mushroom\\金针菇","KG",0.5,10,5,"Kitchen-Specialty Kitchen?Smoki Moto?"]
["2023年","8月份","L0000281463","Endive苦菊 kg","KG",0.5,16,8,"Kitchen-Specialty Kitchen?Smoki Moto?"]
["2023年","8月份","L0000019216","Lettuce Iceburg\\西生菜","KG",2,17,34,"Kitchen-Specialty Kitchen?Smoki Moto?"]
["2023年","8月份","L0000024455","Oak Leaf Green\\绿橡叶生菜","KG",3,24,72,"Kitchen-Specialty Kitchen?Smoki Moto?"]
["2023年","8月份","L0000018873","Dragon Fruit Redmeat\\红肉火龙果","KG",3,11,33,"Kitchen-Specialty Kitchen?Smoki Moto?"]
["2023年","8月份","L0002531884","Domestic green extract\\国产青提","KG",1.5,16,24,"Kitchen-Specialty Kitchen?Smoki Moto?"]
["2023年","8月份","L0000052144","Sauce Japanese Mustard Cream\\日式芥末膏\\43g","PKG",10,7.54,75.4,"Kitchen-Specialty Kitchen?Smoki Moto?"]
["2023年","8月份","L0001369576","Dry Goods Others Dry Ice\\干冰4KG/桶（厨房用）","BRL",1,100,100,"Kitchen-Specialty Kitchen?Smoki Moto?"]
["2023年","8月份","L0001719766","Crushed sesame nori\\芝麻海苔碎\\炒海苔\\海洋海苔\\125g/包","BAG",4,19,76,"Kitchen-Specialty Kitchen?Smoki Moto?"]
["2023年","8月份","L0000019253","Needle Mushroom\\金针菇","KG",1,10,10,"Kitchen-Chinese Kitchen?Man Ho?"]
["2023年","8月份","L0000418693","Dianxin Dianxin 本地小馄饨皮1kg","KG",0.5,7,3.5,"Kitchen-Chinese Kitchen?Man Ho?"]
["2023年","8月份","L0000024470","Bamboo Shoot Whinter\\冬笋","KG",1,22,22,"Kitchen-Chinese Kitchen?Man Ho?"]
["2023年","8月份","L0000019210","Lemon Leaf\\柠檬叶","KG",0.3,18,5.4,"Kitchen-Chinese Kitchen?Man Ho?"]
["2023年","8月份","L0000018960","Local Seedless Watermelon\\本地无籽西瓜","KG",8.5,4.2,35.7,"Kitchen-Chinese Kitchen?Man Ho?"]
["2023年","8月份","L0000051516","Local DaChen Yellow Fish\\本地大陈黄鱼\\0.65-0.75KG","KG",0.5,55,27.5,"Kitchen-Chinese Kitchen?Man Ho?"]
["2023年","8月份","L0000024538","Ginger Pork\\姜肉","KG",1,24,24,"Kitchen-Banquet Kitchen"]
["2023年","8月份","L0000019208","Leeks\\京葱","KG",3,8,24,"Kitchen-Banquet Kitchen"]
["2023年","8月份","L0000019174","Garlic Peeled\\蒜肉","KG",4,12,48,"Kitchen-Banquet Kitchen"]
["2023年","8月份","L0000024488","Onion Spring\\小葱","KG",1,12,12,"Kitchen-Banquet Kitchen"]
["2023年","8月份","L0000122723","Alkaline noodle碱面条","KG",2.5,8,20,"Kitchen-Banquet Kitchen"]
["2023年","8月份","L0000033107","Vegetable Fresh Baby Vegetable\\娃娃菜","EA",3,6,18,"Kitchen-Banquet Kitchen"]
["2023年","8月份","L0000087072","Vegetable Fresh\\Leek\\青大蒜","KG",0.25,8,2,"Kitchen-Banquet Kitchen"]
["2023年","8月份","L0000018658","Chicken Old\\老鸡2kg","KG",4,40,160,"Kitchen-Banquet Kitchen"]
["2023年","8月份","L0001553618","Hand grasping fan bone/手抓扇子骨/约0.85kg","KG",5,40,200,"Kitchen-Banquet Kitchen"]
["2023年","8月份","L0000034098","Pork Local Minced Meat\\肉末\\3分肥肉7分瘦肉","KG",0.6,38,22.8,"Kitchen-Banquet Kitchen"]
["2023年","8月份","L0000023723","Duck\\白条鸭","KG",5,24.8,124,"Kitchen-Banquet Kitchen"]
["2023年","8月份","L0000018657","Chicken Fat\\鸡油","KG",15,17,255,"Kitchen-Banquet Kitchen"]
["2023年","8月份","L0000976204","Egg Quail\\鹌鹑蛋 去皮","KG",0.6,26,15.6,"Kitchen-Banquet Kitchen"]
["2023年","8月份","L0000019663","Dalian Abalone\\大连鲜鲍鱼\\9-10pcs","KG",0.5,127,63.5,"Kitchen-Banquet Kitchen"]
["2023年","8月份","L0000017820","LaMeiZi Chili Sauce \\辣妹子辣椒酱\\920g","BTL",5,24.7476,123.74,"Kitchen-Banquet Kitchen"]
["2023年","8月份","L0000087644","Dry goods others\\Sauce Haitian Soybean Light Sauce\\海天金标生抽 1.9L","EA",6,19.8,118.8,"Kitchen-Banquet Kitchen"]
["2023年","8月份","L0000024234","Soy Sauce Longpai\\美极酱油\\800Ml","BTL",1,46,46,"Kitchen-Banquet Kitchen"]
["2023年","8月份","L0001802507","Sugar\\白砂糖\\明阳\\中小颗粒25kg/袋","BAG",1,245,245,"Kitchen-Banquet Kitchen"]
["2023年","8月份","L0000019686","Hard Shell Crab\\肉蟹\\250g-350g","KG",2,155,310,"Kitchen-Banquet Kitchen"]
["2023年","8月份","L0000022324","Weever\\鲈鱼\\0.6-0.75kg","KG",2.4,50,120,"Kitchen-Banquet Kitchen"]
["2023年","8月份","L0000022323","Mandarin Fish\\桂鱼\\0.65-0.9kg","KG",0.62,150,93,"Kitchen-Banquet Kitchen"]
["2023年","8月份","L0000303484","Seafood\\YEN FOOD ABALONE LIVE 8PC\\鲜活鲍鱼（8头）\\KG","KG",0.65,156,101.4,"Kitchen-Banquet Kitchen"]
["2023年","8月份","L0000022337","Swimming Crab\\梭子蟹(长脐)\\0.2-0.3kg","KG",0.62,140,86.8,"Kitchen-Banquet Kitchen"]
["2023年","8月份","L0000019700","Live Boston Lobster\\活波士顿龙虾\\500-650g","KG",1.32,270,356.4,"Kitchen-Banquet Kitchen"]
["2023年","8月份","L0000019325","Tomato Larage Local\\大番茄","KG",0.5,8,4,"Kitchen-Western Kitchen?Yancheng Kitchen?"]
["2023年","8月份","L0000019174","Garlic Peeled\\蒜肉","KG",0,12,0,"Kitchen-Western Kitchen?Yancheng Kitchen?"]
["2023年","8月份","L0000019208","Leeks\\京葱","KG",0.5,8,4,"Kitchen-Western Kitchen?Yancheng Kitchen?"]
["2023年","8月份","L0000024552","Cuke\\日本小黄瓜","KG",0.3,14,4.2,"Kitchen-Western Kitchen?Yancheng Kitchen?"]
["2023年","8月份","L0000024441","Beetroot\\红菜头","KG",0.5,45,22.5,"Kitchen-Western Kitchen?Yancheng Kitchen?"]
["2023年","8月份","L0000024426","Veg Pumpkin Bracket Shape\\南瓜 本地","KG",0,6.5,0,"Kitchen-Western Kitchen?Yancheng Kitchen?"]
["2023年","8月份","L0000019085","Local Bell Pepper Yellow\\本地黄圆椒","KG",0.5,29,14.5,"Kitchen-Western Kitchen?Yancheng Kitchen?"]
["2023年","8月份","L0000019084","Local Bell Pepper Red\\本地红圆椒","KG",0.5,25,12.5,"Kitchen-Western Kitchen?Yancheng Kitchen?"]
["2023年","8月份","L0001624719","Green asparagus\\加工净绿芦笋/KG","KG",0.3,48,14.4,"Kitchen-Western Kitchen?Yancheng Kitchen?"]
["2023年","8月份","L0000435220","Vegetable\\Edible flower pansy\\食用花三色堇","BX",1,10,10,"Kitchen-Western Kitchen?Yancheng Kitchen?"]
["2023年","8月份","L0000267445","Tarragon\\龙蒿","KG",0,58,0,"Kitchen-Western Kitchen?Yancheng Kitchen?"]
["2023年","8月份","L0000024550","Onion\\去皮干葱头","KG",0.1,17.8,1.78,"Kitchen-Western Kitchen?Yancheng Kitchen?"]
["2023年","8月份","L0000467840","Red line acid film (edible flower)\\红线酸膜（食用花）-30G\\BX","BX",1,12,12,"Kitchen-Western Kitchen?Yancheng Kitchen?"]
["2023年","8月份","L0000019195","Thyme Fresh Bundle\\鲜百里香","KG",0.1,72,7.2,"Kitchen-Western Kitchen?Yancheng Kitchen?"]
["2023年","8月份","L0000019265","Onion White Peeled\\去皮白洋葱","KG",0.5,7,3.5,"Kitchen-Western Kitchen?Yancheng Kitchen?"]
["2023年","8月份","L0000024513","Basil Thailand\\泰国罗勒","KG",0.1,120,12,"Kitchen-Western Kitchen?Yancheng Kitchen?"]
["2023年","8月份","L0000019258","Onion Red Peeled\\去皮红洋葱","KG",0.3,7,2.1,"Kitchen-Western Kitchen?Yancheng Kitchen?"]
["2023年","8月份","L0000024415","Roman String Of Tomato\\小罗马串番茄(有枝)","KG",0.5,25,12.5,"Kitchen-Western Kitchen?Yancheng Kitchen?"]
["2023年","8月份","L0000024548","Fresh Shiitake Mushrooms/鲜香菇/Kg","KG",2,19,38,"Kitchen-Western Kitchen?Yancheng Kitchen?"]
["2023年","8月份","L0000051424","Veg You Mai\\油麦菜","KG",4,9,36,"Kitchen-Western Kitchen?Yancheng Kitchen?"]
["2023年","8月份","L0000363373","Corn\\水果玉米","KG",6,10,60,"Kitchen-Western Kitchen?Yancheng Kitchen?"]
["2023年","8月份","L0000024481","Coriander\\香菜","KG",1,17,17,"Kitchen-Western Kitchen?Yancheng Kitchen?"]
["2023年","8月份","L0000024482","Cucumber\\黄瓜","KG",2,6,12,"Kitchen-Western Kitchen?Yancheng Kitchen?"]
["2023年","8月份","L0000024487","Onion Red\\红洋葱","KG",5,4,20,"Kitchen-Western Kitchen?Yancheng Kitchen?"]
["2023年","8月份","L0000024526","Potato Baby\\土豆","KG",6,6,36,"Kitchen-Western Kitchen?Yancheng Kitchen?"]
["2023年","8月份","L0000024488","Onion Spring\\小葱","KG",1,12,12,"Kitchen-Western Kitchen?Yancheng Kitchen?"]
["2023年","8月份","L0000105415","Vegetable Fresh\\Egg Noodle\\鸡蛋面","KG",3,10,30,"Kitchen-Western Kitchen?Yancheng Kitchen?"]
["2023年","8月份","L0000090688","Wonton Skin Small\\本地小云吞皮\\KG","KG",1,7,7,"Kitchen-Western Kitchen?Yancheng Kitchen?"]
["2023年","8月份","L0000234980","Local Nian Gao\\本地年糕","KG",3,10,30,"Kitchen-Western Kitchen?Yancheng Kitchen?"]
["2023年","8月份","L0000034896","Vegetable Fresh Abalone Mushrooms \\杏鲍菇","KG",5,14,70,"Kitchen-Western Kitchen?Yancheng Kitchen?"]
["2023年","8月份","L0000087048","Cabbage Chinese Long\\大白菜","KG",6,5,30,"Kitchen-Western Kitchen?Yancheng Kitchen?"]
["2023年","8月份","L0000033145","Vegetable Fresh Garlic Sprout\\蒜苔 去尾 去头","KG",3,16,48,"Kitchen-Western Kitchen?Yancheng Kitchen?"]
["2023年","8月份","L0000024520","Peanut Fresh Local\\新鲜花生","KG",3,12,36,"Kitchen-Western Kitchen?Yancheng Kitchen?"]
["2023年","8月份","L0000019091","Bottle Gourd\\葫芦瓜","KG",4,10,40,"Kitchen-Western Kitchen?Yancheng Kitchen?"]
["2023年","8月份","L0000019083","Local Bell Pepper Green\\本地青圆椒","KG",1,14,14,"Kitchen-Western Kitchen?Yancheng Kitchen?"]
["2023年","8月份","L0000023536","Frozen Pork\\冻猪手","KG",5,50,250,"Kitchen-Western Kitchen?Yancheng Kitchen?"]
["2023年","8月份","L0000023681","Pork Meat\\肉片","KG",2,38,76,"Kitchen-Western Kitchen?Yancheng Kitchen?"]
["2023年","8月份","L0000033208","Chicken Black\\乌鸡","KG",2,35,70,"Kitchen-Western Kitchen?Yancheng Kitchen?"]
["2023年","8月份","L0000033254","Pork Local Bone\\猪筒骨","KG",8,38,304,"Kitchen-Western Kitchen?Yancheng Kitchen?"]
["2023年","8月份","L0000023306","Frz Chicken Rack\\鸡骨架","KG",7,8,56,"Kitchen-Western Kitchen?Yancheng Kitchen?"]
["2023年","8月份","L0001551637","San roJe French foie gras / 1000g / bag/圣罗捷法国鹅肝/1000g/包","KG",0.8,400,320,"Kitchen-Western Kitchen?Yancheng Kitchen?"]
["2023年","8月份","L0000122700","Frozen Chicken feet\\冻鸡爪","KG",3,45,135,"Kitchen-Western Kitchen?Yancheng Kitchen?"]
["2023年","8月份","L0000445634","JT-eggs\\鸡蛋-\\KG","KG",38,14,532,"Kitchen-Western Kitchen?Yancheng Kitchen?"]
["2023年","8月份","L0000037213","Fruit Fresh Small Mango \\小台芒","KG",2,11,22,"Kitchen-Western Kitchen?Yancheng Kitchen?"]
["2023年","8月份","L0000018880","Fuji Apple\\富士苹果","KG",30,12,360,"Kitchen-Western Kitchen?Yancheng Kitchen?"]
["2023年","8月份","L0000162206","Fruit Fresh Hami Melon\\哈密瓜\\kg","KG",30,4.8,144,"Kitchen-Western Kitchen?Yancheng Kitchen?"]
["2023年","8月份","L0000036710","Fruit Fresh Grape Red Local \\国产红提","KG",1,18,18,"Kitchen-Western Kitchen?Yancheng Kitchen?"]
["2023年","8月份","L0000033170","Fruit Fresh Nectarine\\油桃","KG",22.5,12,270,"Kitchen-Western Kitchen?Yancheng Kitchen?"]
["2023年","8月份","L0000018960","Local Seedless Watermelon\\本地无籽西瓜","KG",50,4.2,210,"Kitchen-Western Kitchen?Yancheng Kitchen?"]
["2023年","8月份","L0000018872","Date Winter\\冬枣","KG",1.5,30,45,"Kitchen-Western Kitchen?Yancheng Kitchen?"]
["2023年","8月份","L0000018896","Honey Pear\\蜜梨","KG",6.5,16,104,"Kitchen-Western Kitchen?Yancheng Kitchen?"]
["2023年","8月份","L0000033180","Fruit Fresh Lemon\\柠檬","KG",2,12.6,25.2,"Kitchen-Western Kitchen?Yancheng Kitchen?"]
["2023年","8月份","L0000033182","Fruit Fresh Coconut\\青椰子(去壳)","EA",54,9.5,513,"Kitchen-Western Kitchen?Yancheng Kitchen?"]
["2023年","8月份","L0000051509","Banana Import\\进口香蕉","KG",20,9.6,192,"Kitchen-Western Kitchen?Yancheng Kitchen?"]
["2023年","8月份","L0000087091","Fruit Fresh\\ Orange Taizhou Huangyan\\黄岩蜜桔","KG",5,18,90,"Kitchen-Western Kitchen?Yancheng Kitchen?"]
["2023年","8月份","L0000449351","Honey melon Fresh 香瓜（玉菇瓜）","KG",20,6.4,128,"Kitchen-Western Kitchen?Yancheng Kitchen?"]
["2023年","8月份","L0001647201","The sun rose\\阳光玫瑰\\小果/KG","KG",1,30,30,"Kitchen-Western Kitchen?Yancheng Kitchen?"]
["2023年","8月份","L0001863788","Pineapple pulp\\菠萝密果肉","KG",1.5,34,51,"Kitchen-Western Kitchen?Yancheng Kitchen?"]
["2023年","8月份","L0001978472","集采 Frozen Seafood Mussel Half KONO/青口贝 新西兰 半壳 兰维乐 M码|31-45只/kg (原装进口，不拆袋，含原汁)","KG",10,51,510,"Kitchen-Western Kitchen?Yancheng Kitchen?"]
["2023年","8月份","L0001978472","集采 Frozen Seafood Mussel Half KONO/青口贝 新西兰 半壳 兰维乐 M码|31-45只/kg (原装进口，不拆袋，含原汁)","KG",15,51,765,"Kitchen-Western Kitchen?Yancheng Kitchen?"]
["2023年","8月份","L0001978494","集采 Frozen Seafood Scallop/帆立贝柱（扇贝肉）中国S码 21-25PC/磅 净重收货","KG",0,155,0,"Kitchen-Western Kitchen?Yancheng Kitchen?"]
["2023年","8月份","L0000033312","Fish Fresh Sea Bass\\海鲈鱼","KG",3,58,174,"Kitchen-Western Kitchen?Yancheng Kitchen?"]
["2023年","8月份","L0001618186","Swimming crab\\梭子蟹\\每只130g-150g/KG","KG",6,80,480,"Kitchen-Western Kitchen?Yancheng Kitchen?"]
["2023年","8月份","L0001514960","Seafood\\Small pomfret\\冰冻小鲳鱼100g-120g/条","KG",2,42,84,"Kitchen-Western Kitchen?Yancheng Kitchen?"]
["2023年","8月份","L0000164202","Frozen small yellow croaker washed\\冰冻小黄鱼洗净","KG",2,50,100,"Kitchen-Western Kitchen?Yancheng Kitchen?"]
["2023年","8月份","L0000019741","White Clam\\白贝","KG",1,20,20,"Kitchen-Western Kitchen?Yancheng Kitchen?"]
["2023年","8月份","L0000038698","Shellfish Fresh Big Size Clam \\大文蛤","KG",3,35,105,"Kitchen-Western Kitchen?Yancheng Kitchen?"]
["2023年","8月份","L0000075129","Clam 无沙花蛤","KG",1,20,20,"Kitchen-Western Kitchen?Yancheng Kitchen?"]
["2023年","8月份","L0000019718","Razor Clam\\蛏子","KG",1,35,35,"Kitchen-Western Kitchen?Yancheng Kitchen?"]
["2023年","8月份","L0000033359","Shellfish Fresh Jiwei\\基围虾 小\\50pcs","KG",5,65,325,"Kitchen-Western Kitchen?Yancheng Kitchen?"]
["2023年","8月份","L0000019714","LuoShi Prawn\\罗氏虾\\35pcs","KG",6,70,420,"Kitchen-Western Kitchen?Yancheng Kitchen?"]
["2023年","8月份","L0000033394","Fish Fresh Bull Fog牛蛙活(大)","KG",5,35,175,"Kitchen-Western Kitchen?Yancheng Kitchen?"]
["2023年","8月份","L0001765938","Mccain\\麦肯小圆薯饼1.5KG/袋","BAG",4,30,120,"Kitchen-Western Kitchen?Yancheng Kitchen?"]
["2023年","8月份","L0001765938","Mccain\\麦肯小圆薯饼1.5KG/袋","BAG",2,30,60,"Kitchen-Western Kitchen?Yancheng Kitchen?"]
["2023年","8月份","L0001591988","Sesame balls\\千味央厨芝麻球\\260g/BAG","BAG",5,3.54,17.7,"Kitchen-Western Kitchen?Yancheng Kitchen?"]
["2023年","8月份","L0001719766","Crushed sesame nori\\芝麻海苔碎\\炒海苔\\海洋海苔\\125g/包","BAG",1,19,19,"Kitchen-Western Kitchen?Yancheng Kitchen?"]
["2023年","8月份","L0001574064","Aunt Su's spring rolls with shredded pork and shepherd's purse\\苏阿姨荠菜肉丝春卷\\1kg/袋","BAG",5,34,170,"Kitchen-Western Kitchen?Yancheng Kitchen?"]
["2023年","8月份","L0001574053","Tyson Beijing Original Chicken Nuggets\\泰森北京原味鸡块\\2.5kg/袋","BAG",4,45,180,"Kitchen-Western Kitchen?Yancheng Kitchen?"]
["2023年","8月份","L0001526373","Forrest beef breakfast sausage 2kg/福瑞斯牛肉早餐肠2KG","BAG",3,92,276,"Kitchen-Western Kitchen?Yancheng Kitchen?"]
["2023年","8月份","L0001526372","Forrest pork breakfast sausage 2kg/福瑞斯猪肉早餐肠2KG","BAG",3,90,270,"Kitchen-Western Kitchen?Yancheng Kitchen?"]
["2023年","8月份","L0001526369","Frise Bacon 2kg/福瑞斯五花培根(生制)2KG","BAG",6,99,594,"Kitchen-Western Kitchen?Yancheng Kitchen?"]
["2023年","8月份","L0001522603","Juice Chilled Juice Grapefruit juice\\橙宝西柚汁\\BTL 2L","BTL",12,12.5,150,"Kitchen-Western Kitchen?Yancheng Kitchen?"]
["2023年","8月份","L0001522602","Juice Chilled Juice Grape juice\\橙宝葡萄汁\\BTL 2L","BTL",12,12.5,150,"Kitchen-Western Kitchen?Yancheng Kitchen?"]
["2023年","8月份","L0001522601","Juice Chilled Juice orangeJuice\\橙宝橙汁\\BTL\\2L","BTL",12,12.5,150,"Kitchen-Western Kitchen?Yancheng Kitchen?"]
["2023年","8月份","L0001522598","Juice Chilled Juice Apple Juice\\橙宝苹果汁\\BTL\\2L","BTL",12,12.5,150,"Kitchen-Western Kitchen?Yancheng Kitchen?"]
["2023年","8月份","L0000571072","Riscossa Pasta 4#\\丽歌意大利面直面\\3kg/bag","BAG",1,29.5,29.5,"Kitchen-Western Kitchen?Yancheng Kitchen?"]
["2023年","8月份","L0000152556","Dried/Canned Foods-白泡菜-韩国泡菜-White Pickle","KG",5,20,100,"Kitchen-Western Kitchen?Yancheng Kitchen?"]
["2023年","8月份","L0000075543","Sausage & Hams\\Sausage Lyoner With Pepper\\胡椒里昂那肠\\3kg\\pc","KG",2.5,45,112.5,"Kitchen-Western Kitchen?Yancheng Kitchen?"]
["2023年","8月份","L0000075540","Sausage & Hams\\Sausage Chicken Lyoner\\鸡肉里昂那肠\\3kgpc","KG",2.5,45,112.5,"Kitchen-Western Kitchen?Yancheng Kitchen?"]
["2023年","8月份","L0000016848","Nestle Skimmed Milk\\雀巢脱脂奶\\1L","BTL",0,11,0,"Kitchen-Western Kitchen?Yancheng Kitchen?"]
["2023年","8月份","L0002106637","Flour macaroon\\多口味马卡龙\\芙尔伦\\40粒/盒","BX",1,180,180,"Kitchen-Pastry"]
["2023年","8月份","L0001389741","Ice Cream strawberry 草莓冰淇淋 6L/盒 杜佰瑞 [盒]","BX",1,336.3,336.3,"Kitchen-Pastry"]
["2023年","8月份","L0001993704","Movenpick mint chocolate\\薄荷巧克力冰淇淋\\莫凡彼\\2.4L*2/盒","CS",1,460.18,460.18,"Kitchen-Pastry"]
["2023年","8月份","L0002239546","Horn cake\\佳佳禾号角酥50g*168个/箱","CS",1,436,436,"Kitchen-Pastry"]
["2023年","8月份","L0002397512","Red bean popping boba\\红豆味爆爆珠\\广禧\\900g/瓶","CAN",2,27,54,"Kitchen-Pastry"]
["2023年","8月份","L0000017528","Sliced Flacked Almond\\杏仁片","KG",1.65,72,118.8,"Kitchen-Pastry"]
["2023年","8月份","L0000419112","Toast\\白吐司\\1000G\\条","EA",5,21,105,"Kitchen-Pastry"]
["2023年","8月份","L0001343860","FOOD Ice Cream Chocolate T’oBeray 杜佰瑞巧克力冰淇淋 杜佰瑞巧克力冰淇淋6L/BOX","BX",1,336.3,336.3,"Kitchen-Pastry"]
["2023年","8月份","L0001343862","FOOD Ice Cream Green Tea T’oBeray 杜佰瑞抹茶冰淇淋 杜佰瑞抹茶冰淇淋6L/BOX","BX",1,336.3,336.3,"Kitchen-Pastry"]
["2023年","8月份","L0001389737","Ice Cream rum and raisin 朗姆酒葡萄干冰淇淋 6L/盒 杜佰瑞 [盒]","BX",1,336.3,336.3,"Kitchen-Pastry"]
["2023年","8月份","L0002397506","Water chestnut popping boba\\粉色马蹄爆爆珠\\广禧\\850g/瓶","CAN",2,27,54,"Kitchen-Pastry"]
["2023年","8月份","L0002247044","Furlum chocolate roll\\芙尔伦巧克力卷45g*112个/箱","CS",2,410,820,"Kitchen-Pastry"]
["2023年","8月份","L0001993648","Movenpick vanilla dream\\香草梦幻冰淇淋\\莫凡彼\\5L/盒","BX",1,429.2,429.2,"Kitchen-Pastry"]
["2023年","8月份","L0001802479","Kewpie strawberry jam\\草莓果酱\\丘比\\170g/瓶","BTL",12,8.5,102,"Kitchen-Pastry"]
["2023年","8月份","L0001766197","Ice cream cone\\24度冰淇淋原味蛋筒\\400个/箱","CS",1,223,223,"Kitchen-Pastry"]
["2023年","8月份","L0001735731","Flour sacher \\沙架蛋糕\\芙尔伦\\600克/盒","BX",9,59,531,"Kitchen-Pastry"]
["2023年","8月份","L0000582282","Frozen small dragon\\冻小青龙200-300g\\kg","KG",35,220,7700,"Kitchen-Western Kitchen?Yancheng Kitchen?"]